{"text_format":"3","workbook":"xlsx","n_sheets":1,"sheets":["Rocken et al Suppl Table 4"],"read":"whole","date_system":"1900"}

{"sheet":"Rocken et al Suppl Table 4","index":0,"n_rows":16538,"n_cols":33,"rows_kept":2250,"cut":true,"bounds":{"rows_first":1000,"rows_last":250,"rows_between":1000,"halvings":1}}
["sample","gene","variant_class","chr","pos","ref","alt","amino_acid_change","AF","DP","VD","status","COSMIC","COSMICN","ICGC","ICGCN","CADD","het","SSF","ls","rs","COSMIC_FILTER","CANCER_CENSUS","hgvs","ID","domain","driver","gene_role","HCD","GDP","SNPEFF_HIGH","SIFT_POYLY_MUT","isDriver"]
["G13406","KIAA0754","frameshift",1,39879036,"G","GC","p.E901Rfs*190",0.0833,24,2,"known","COSM4612877",3,"NA",0,23,"het",0.22531,"ACCTCCCCAGCTGCTGCAGT","CCCCCCCCAGAGGAGCCCAC",0,0,"chr1:g.39879036_39879037insC",26443,null,"predicted passenger",null,"FALSE",30,"TRUE",0,"TRUE"]
["G13408","KIAA0754","frameshift",1,39879036,"G","GC","p.E901Rfs*190",0.032258064516129,32,1,"known","COSM4612877",3,"NA",0,23,"het",0.05055,"ACCTCCCCAGCTGCTGCAGT","CCCCCCCCAGAGGAGCCCAC",0,0,"chr1:g.39879036_39879037insC",13796,null,"predicted passenger",null,"FALSE",30,"TRUE",0,"TRUE"]
["G13409","KIAA0754","frameshift",1,39879036,"G","GC","p.E901Rfs*190",0.025,41,1,"known","COSM4612877",3,"NA",0,23,"het",0.05055,"ACCTCCCCAGCTGCTGCAGT","CCCCCCCCAGAGGAGCCCAC",0,0,"chr1:g.39879036_39879037insC",13796,null,"predicted passenger",null,"FALSE",30,"TRUE",0,"TRUE"]
["G13406","BRINP2","missense",1,177250251,"C","T","p.R647W",0.4408,152,67,"known","COSM380783",2,"MU51499832",1,32,"het",0,"AGACAGTTCATGTTTACCTA","GGAGCCGAATCAAGTCCCTG",0,0,"chr1:g.177250251C>T",26470,null,"predicted passenger",null,"FALSE",212,"FALSE",3,"FALSE"]
["G13407","BRINP2","missense",1,177250251,"C","T","p.R647W",0.3767,215,81,"known","COSM380783",2,"MU51499832",1,32,"het",0,"AGACAGTTCATGTTTACCTA","GGAGCCGAATCAAGTCCCTG",0,0,"chr1:g.177250251C>T",26968,null,"predicted passenger",null,"FALSE",212,"FALSE",3,"FALSE"]
["G13408","BRINP2","missense",1,177250251,"C","T","p.R647W",0.0287,244,7,"known","COSM380783",2,"MU51499832",1,32,"het",0.06934,"AGACAGTTCATGTTTACCTA","GGAGCCGAATCAAGTCCCTG",0,0,"chr1:g.177250251C>T",27461,null,"predicted passenger",null,"FALSE",212,"FALSE",3,"FALSE"]
["G13406","CCDC142","missense",2,74709712,"G","A","p.P85S",0.6,55,33,"known","COSM3695610",1,"MU75385",1,24.6,"het",0,"GAGACGCTGCAGCGCGGGAG","GATCGGGCCGCCACCTGCGG",0,0,"chr2:g.74709712G>A",26486,null,"predicted passenger",null,"FALSE",58,"FALSE",0,"FALSE"]
["G13407","CCDC142","missense",2,74709712,"G","A","p.P85S",0.4746,59,28,"known","COSM3695610",1,"MU75385",1,24.6,"het",0,"GAGACGCTGCAGCGCGGGAG","GATCGGGCCGCCACCTGCGG",0,0,"chr2:g.74709712G>A",26990,null,"predicted passenger",null,"FALSE",58,"FALSE",0,"FALSE"]
["G13408","CCDC142","missense",2,74709712,"G","A","p.P85S",0.1039,77,8,"known","COSM3695610",1,"MU75385",1,24.6,"het",0.0101,"GAGACGCTGCAGCGCGGGAG","GATCGGGCCGCCACCTGCGG",0,0,"chr2:g.74709712G>A",27488,null,"predicted passenger",null,"FALSE",58,"FALSE",0,"FALSE"]
["G13406","ANKRD36C","missense",2,96517905,"A","T","p.C1730S",0.037,189,7,"known","NA",0,"MU4557285",2,0.103,"het",0.48056,"GCCTTCCATCTCCTTAGTAC","TCTTATAGTAGCTGTAAGTT",0,0,"chr2:g.96517905A>T",26487,null,"predicted passenger",null,"FALSE",202,"FALSE",0,"FALSE"]
["G13407","ANKRD36C","missense",2,96517905,"A","T","p.C1730S",0.0448,223,10,"known","NA",0,"MU4557285",2,0.103,"het",0.31706,"GCCTTCCATCTCCTTAGTAC","TCTTATAGTAGCTGTAAGTT",0,0,"chr2:g.96517905A>T",26992,null,"predicted passenger",null,"FALSE",202,"FALSE",0,"FALSE"]
["G13408","ANKRD36C","missense",2,96517905,"A","T","p.C1730S",0.0364,247,9,"known","NA",0,"MU4557285",2,0.103,"het",0.48335,"GCCTTCCATCTCCTTAGTAC","TCTTATAGTAGCTGTAAGTT",0,0,"chr2:g.96517905A>T",27489,null,"predicted passenger",null,"FALSE",202,"FALSE",0,"FALSE"]
["G13409","ANKRD36C","missense",2,96517905,"A","T","p.C1730S",0.0553,253,14,"known","NA",0,"MU4557285",2,0.103,"het",0.15716,"GCCTTCCATCTCCTTAGTAC","TCTTATAGTAGCTGTAAGTT",0,0,"chr2:g.96517905A>T",27972,null,"predicted passenger",null,"FALSE",202,"FALSE",0,"FALSE"]
["G13406","LRP1B","missense",2,141680654,"C","T","p.V1067I",0.1905,105,20,"known","COSM3117510",1,"MU56489532",1,11.22,"het",0,"ACAGCGCCACAAATCAGGAA","GCAATTACCATCAGGGTGGC",0,1,"chr2:g.141680654C>T",26496,"Ldl_recept_a","predicted passenger","LoF","FALSE",112,"FALSE",0,"FALSE"]
["G13407","LRP1B","missense",2,141680654,"C","T","p.V1067I",0.113,115,13,"known","COSM3117510",1,"MU56489532",1,11.22,"het",2.9E-4,"ACAGCGCCACAAATCAGGAA","GCAATTACCATCAGGGTGGC",0,1,"chr2:g.141680654C>T",27004,"Ldl_recept_a","predicted passenger","LoF","FALSE",112,"FALSE",0,"FALSE"]
["G13408","LRP1B","missense",2,141680654,"C","T","p.V1067I",0.0667,120,8,"known","COSM3117510",1,"MU56489532",1,11.22,"het",0.00847,"ACAGCGCCACAAATCAGGAA","GCAATTACCATCAGGGTGGC",0,1,"chr2:g.141680654C>T",27496,"Ldl_recept_a","predicted passenger","LoF","FALSE",112,"FALSE",0,"FALSE"]
["G13406","CPS1","missense",2,211512767,"G","T","p.A1114S",0.1589,151,24,"known","COSM1405149",1,"MU96759",1,28.2,"het",0,"TGGCTCAGGCACCTTGGAAA","CTGTTAATACTTTGGTAAGG",0,0,"chr2:g.211512767G>T",26507,"CPSase_L_D2","predicted passenger",null,"FALSE",151,"FALSE",1,"FALSE"]
["G13407","CPS1","missense",2,211512767,"G","T","p.A1114S",0.1752,137,24,"known","COSM1405149",1,"MU96759",1,28.2,"het",0,"TGGCTCAGGCACCTTGGAAA","CTGTTAATACTTTGGTAAGG",0,0,"chr2:g.211512767G>T",27017,"CPSase_L_D2","predicted passenger",null,"FALSE",151,"FALSE",1,"FALSE"]
["G13406","FAM218A","missense",4,165878332,"G","A","p.R53H",0.4388,139,61,"known","COSM207638",1,"NA",0,19.86,"het",0,"TTATACGCTGACCGGCGGCC","CCATGGCAGTGTCTCTTTGC",1,0,"chr4:g.165878332G>A",26561,null,"predicted passenger",null,"FALSE",142,"FALSE",0,"FALSE"]
["G13407","FAM218A","missense",4,165878332,"G","A","p.R53H",0.3525,139,49,"known","COSM207638",1,"NA",0,19.86,"het",0,"TTATACGCTGACCGGCGGCC","CCATGGCAGTGTCTCTTTGC",1,0,"chr4:g.165878332G>A",27063,null,"predicted passenger",null,"FALSE",142,"FALSE",0,"FALSE"]
["G13408","FAM218A","missense",4,165878332,"G","A","p.R53H",0.1005,189,19,"known","COSM207638",1,"NA",0,19.86,"het",3e-05,"TTATACGCTGACCGGCGGCC","CCATGGCAGTGTCTCTTTGC",1,0,"chr4:g.165878332G>A",27570,null,"predicted passenger",null,"FALSE",142,"FALSE",0,"FALSE"]
["G13409","FAM218A","missense",4,165878332,"G","A","p.R53H",0.0149,202,3,"known","COSM207638",1,"NA",0,19.86,"het",0.21991,"TTATACGCTGACCGGCGGCC","CCATGGCAGTGTCTCTTTGC",1,0,"chr4:g.165878332G>A",28051,null,"predicted passenger",null,"FALSE",142,"FALSE",0,"FALSE"]
["G13406","UGT3A1","nonsense",5,35966015,"C","A","p.E106*",0.069,29,2,"known","COSM4868827",1,"MU1903390",1,24.8,"het",0.2147,"CTTTACAAGGGCTTCAGATT","TTTTCTGTAATAAAGAAAAT",0,0,"chr5:g.35966015C>A",26568,"UDPGT","predicted passenger",null,"FALSE",33,"TRUE",1,"FALSE"]
["G13406","PCDHGA2","missense",5,140719242,"C","T","p.A235V",0.0721,111,8,"known","COSM1062973",2,"MU1861092",2,1.243,"het",0.00257,"CTGCGTGAAGGTCCTGGATG","GAACGACAATGCGCCTGTTT",0,0,"chr5:g.140719242C>T",26584,null,"predicted passenger",null,"FALSE",146,"FALSE",1,"FALSE"]
["G13406","PRRC2A","frameshift",6,31597456,"A","AC","p.P699Afs*22",0.0588,34,2,"known","COSM4718137",3,"NA",0,28.7,"het",0.22575,"GTGCCAGCTCCACAGGCTCC","CCCCCGCCCCCCAAGGCCCT",0,0,"chr6:g.31597456_31597457insC",26596,null,"predicted passenger",null,"FALSE",39,"TRUE",0,"TRUE"]
["G13407","PRRC2A","frameshift",6,31597456,"A","AC","p.P699Afs*22",0.0976,41,4,"known","COSM4718137",3,"NA",0,28.7,"het",0.071,"GTGCCAGCTCCACAGGCTCC","CCCCCGCCCCCCAAGGCCCT",0,0,"chr6:g.31597456_31597457insC",27090,null,"predicted passenger",null,"FALSE",39,"TRUE",0,"TRUE"]
["G13409","PRRC2A","frameshift",6,31597456,"A","AC","p.P699Afs*22",0.0192307692307692,53,1,"known","COSM4718137",3,"NA",0,28.7,"het",0.13636,"GTGCCAGCTCCACAGGCTCC","CCCCCGCCCCCCAAGGCCCT",0,0,"chr6:g.31597456_31597457insC",3430,null,"predicted passenger",null,"FALSE",39,"TRUE",0,"TRUE"]
["G13406","CLEC2L","missense",7,139221052,"G","A","p.A75T",0.1209,91,11,"known","COSM4639564",1,"NA",0,24,"het",0.0004,"GCCTCCTGCTGGGTGCCATC","CGGTCCTTCTGTTCGCCATC",1,0,"chr7:g.139221052G>A",26631,null,"predicted passenger",null,"FALSE",116,"FALSE",0,"FALSE"]
["G13406","TCAF2","missense",7,143421687,"C","T","p.A801V",0.2767,159,44,"known","NA",0,"MU47188559",1,19.05,"het",0,"CAGGGCTCAGGCCCACGAGG","TCTGAGCCCTCCAGAGCGAG",1,0,"chr7:g.143421687C>T",26632,"Peptidase_M60","predicted passenger",null,"FALSE",209,"FALSE",0,"FALSE"]
["G13407","TCAF2","missense",7,143421687,"C","T","p.A801V",0.2083,192,40,"known","NA",0,"MU47188559",1,19.05,"het",0,"CAGGGCTCAGGCCCACGAGG","TCTGAGCCCTCCAGAGCGAG",1,0,"chr7:g.143421687C>T",27141,"Peptidase_M60","predicted passenger",null,"FALSE",209,"FALSE",0,"FALSE"]
["G13408","TCAF2","missense",7,143421687,"C","T","p.A801V",0.08,175,14,"known","NA",0,"MU47188559",1,19.05,"het",1.48E-3,"CAGGGCTCAGGCCCACGAGG","TCTGAGCCCTCCAGAGCGAG",1,0,"chr7:g.143421687C>T",27652,"Peptidase_M60","predicted passenger",null,"FALSE",209,"FALSE",0,"FALSE"]
["G13409","TCAF2","missense",7,143421687,"C","T","p.A801V",0.00775193798449612,260,2,"known","NA",0,"MU47188559",1,19.05,"het",0,"CAGGGCTCAGGCCCACGAGG","TCTGAGCCCTCCAGAGCGAG",1,0,"chr7:g.143421687C>T",26632,"Peptidase_M60","predicted passenger",null,"FALSE",209,"FALSE",0,"FALSE"]
["G13406","MPDZ","missense",9,13205963,"C","A","p.V476F",0.069,29,2,"known","COSM3779725",1,"MU5086158",1,14.77,"het",0.15884,"CAAATCTGCATCTTTTGTGA","GTCTTCCCTTGACATGAGCT",0,0,"chr9:g.13205963C>A",26657,null,"predicted passenger",null,"FALSE",45,"FALSE",0,"FALSE"]
["G13406","TMEM72","missense",10,45430544,"C","T","p.L264F",0.1538,39,6,"known","COSM5370644",1,"NA",0,0.022,"het",0.01376,"TTCCCCCTCCCCAGGCCCCA","TCTTCCTGTCATCTCTTACA",1,0,"chr10:g.45430544C>T",26670,null,"predicted passenger",null,"FALSE",40,"FALSE",0,"FALSE"]
["G13407","TMEM72","missense",10,45430544,"C","T","p.L264F",0.1892,37,7,"known","COSM5370644",1,"NA",0,0.022,"het",0.00519,"TTCCCCCTCCCCAGGCCCCA","TCTTCCTGTCATCTCTTACA",1,0,"chr10:g.45430544C>T",27193,null,"predicted passenger",null,"FALSE",40,"FALSE",0,"FALSE"]
["G13408","TMEM72","missense",10,45430544,"C","T","p.L264F",0.08,50,4,"known","COSM5370644",1,"NA",0,0.022,"het",0.09876,"TTCCCCCTCCCCAGGCCCCA","TCTTCCTGTCATCTCTTACA",1,0,"chr10:g.45430544C>T",27698,null,"predicted passenger",null,"FALSE",40,"FALSE",0,"FALSE"]
["G13406","EBF3","missense",10,131666090,"C","G","p.D281H",0.1479,142,21,"known","COSM363629",1,"NA",0,27.1,"het",0,"GAATACAACTTGCAGCCCGT","AAAGAAGTTGTCGCCAATTA",1,0,"chr10:g.131666090C>G",26685,"TIG","predicted passenger",null,"FALSE",154,"FALSE",2,"FALSE"]
["G13407","EBF3","missense",10,131666090,"C","G","p.D281H",0.1438,160,23,"known","COSM363629",1,"NA",0,27.1,"het",0,"GAATACAACTTGCAGCCCGT","AAAGAAGTTGTCGCCAATTA",1,0,"chr10:g.131666090C>G",27208,"TIG","predicted passenger",null,"FALSE",154,"FALSE",2,"FALSE"]
["G13406","NLRP6","missense",11,281613,"G","A","p.E627K",0.0441,68,3,"known","COSM6727203",1,"NA",0,32,"het",0.13687,"AGTTGCTGTACTGCCTGTAC","AGACGCAGGAGGACGCGTTT",1,0,"chr11:g.281613G>A",26686,null,"predicted passenger",null,"FALSE",63,"FALSE",2,"FALSE"]
["G13407","NLRP6","missense",11,281613,"G","A","p.E627K",0.125,72,9,"known","COSM6727203",1,"NA",0,32,"het",0.00272,"AGTTGCTGTACTGCCTGTAC","AGACGCAGGAGGACGCGTTT",1,0,"chr11:g.281613G>A",27210,null,"predicted passenger",null,"FALSE",63,"FALSE",2,"FALSE"]
["G13406","BAD","missense",11,64037689,"A","G","p.S167P",0.05,60,3,"known","NA",0,"MU4958406",1,27.2,"het",0.11883,"GTGGAGCGAAGGTCACTGGG","GGGGGCGGAGCTTCCCCTGC",1,0,"chr11:g.64037689A>G",26698,"Bcl-2_BAD","predicted passenger",null,"FALSE",70,"FALSE",1,"FALSE"]
["G13406","FREM2","missense",13,39450206,"A","G","p.T2777A",0.212,217,46,"known","COSM6666859",1,"NA",0,24.7,"het",0,"CAGCTGATCATCCAGGCCTG","CATTTTCCCTCCGCCTCATA",1,0,"chr13:g.39450206A>G",26761,null,"predicted passenger",null,"FALSE",298,"FALSE",1,"FALSE"]
["G13407","FREM2","missense",13,39450206,"A","G","p.T2777A",0.1835,267,49,"known","COSM6666859",1,"NA",0,24.7,"het",0,"CAGCTGATCATCCAGGCCTG","CATTTTCCCTCCGCCTCATA",1,0,"chr13:g.39450206A>G",27269,null,"predicted passenger",null,"FALSE",298,"FALSE",1,"FALSE"]
["G13406","PPP2R3C","frameshift",14,35585934,"C","CT","p.S23Kfs*2",0.0633,79,5,"known","COSM1721324",3,"NA",0,32,"het",0.06501,"CATCTTTTAATTCTTGTTCA","TTTTTTTTTCTGGTAACAAA",0,0,"chr14:g.35585934_35585935insT",26771,null,"predicted passenger",null,"FALSE",61,"TRUE",0,"TRUE"]
["G13409","PPP2R3C","frameshift",14,35585934,"C","CT","p.S23Kfs*2",0.026,77,2,"known","COSM1721324",3,"NA",0,32,"het",0.16873,"CATCTTTTAATTCTTGTTCA","TTTTTTTTTCTGGTAACAAA",0,0,"chr14:g.35585934_35585935insT",1972,null,"predicted passenger",null,"FALSE",61,"TRUE",0,"TRUE"]
["G13407","PPP2R3C","frameshift",14,35585934,"C","CT","p.S23Kfs*2",0.0138888888888889,73,1,"known","COSM1721324",3,"NA",0,32,"het",0.16873,"CATCTTTTAATTCTTGTTCA","TTTTTTTTTCTGGTAACAAA",0,0,"chr14:g.35585934_35585935insT",1972,null,"predicted passenger",null,"FALSE",61,"TRUE",0,"TRUE"]
["G13406","MAP3K9","missense",14,71275716,"G","A","p.T58M",0.0714,42,3,"known","COSM6400594",1,"NA",0,28,"het",0.12963,"CCTCGTACTCGAACACGGCC","TCCAGTAGGGCAGCGGCGCG",1,0,"chr14:g.71275716G>A",26777,null,"predicted passenger",null,"FALSE",40,"FALSE",1,"FALSE"]
["G13406","SGSM2","missense",17,2264970,"G","A","p.R58H",0.2424,165,40,"known","COSM3421347",1,"MU1785624",1,34,"het",0,"CTTGCATCAGCTGAGACGCC","TGCCGCTGGCTTCCTGCGCA",0,0,"chr17:g.2264970G>A",26811,"RUN","predicted passenger",null,"FALSE",192,"FALSE",2,"FALSE"]
["G13407","SGSM2","missense",17,2264970,"G","A","p.R58H",0.2,185,37,"known","COSM3421347",1,"MU1785624",1,34,"het",0,"CTTGCATCAGCTGAGACGCC","TGCCGCTGGCTTCCTGCGCA",0,0,"chr17:g.2264970G>A",27316,"RUN","predicted passenger",null,"FALSE",192,"FALSE",2,"FALSE"]
["G13408","SGSM2","missense",17,2264970,"G","A","p.R58H",0.0417,192,8,"known","COSM3421347",1,"MU1785624",1,34,"het",0.00924,"CTTGCATCAGCTGAGACGCC","TGCCGCTGGCTTCCTGCGCA",0,0,"chr17:g.2264970G>A",27814,"RUN","predicted passenger",null,"FALSE",192,"FALSE",2,"FALSE"]
["G13406","TP53","missense",17,7578406,"C","T","p.R175H",0.5026,195,98,"known","COSM10648",1253,"MU7870",22,25.1,"het",0,"AGCGCTCATGGTGGGGGCAG","GCCTCACAACCTCCGTCATG",0,1,"chr17:g.7578406C>T",26813,"P53","known in: CANCER;CANCER-PR","LoF","TRUE",198,"TRUE",3,"TRUE"]
["G13407","TP53","missense",17,7578406,"C","T","p.R175H",0.5756,205,118,"known","COSM10648",1253,"MU7870",22,25.1,"het",0,"AGCGCTCATGGTGGGGGCAG","GCCTCACAACCTCCGTCATG",0,1,"chr17:g.7578406C>T",27320,"P53","known in: CANCER;CANCER-PR","LoF","TRUE",198,"TRUE",3,"TRUE"]
["G13408","TP53","missense",17,7578406,"C","T","p.R175H",0.1355,214,29,"known","COSM10648",1253,"MU7870",22,25.1,"het",0,"AGCGCTCATGGTGGGGGCAG","GCCTCACAACCTCCGTCATG",0,1,"chr17:g.7578406C>T",27817,"P53","known in: CANCER;CANCER-PR","LoF","TRUE",198,"TRUE",3,"TRUE"]
["G13409","TP53","missense",17,7578406,"C","T","p.R175H",0.0103448275862069,293,3,"known","COSM10648",1253,"MU7870",22,25.1,"het",0.18498,"AGCGCTCATGGTGGGGGCAG","GCCTCACAACCTCCGTCATG",0,1,"chr17:g.7578406C>T",25526,"P53","known in: CANCER;CANCER-PR","LoF","TRUE",198,"TRUE",3,"TRUE"]
["G13406","SMAD4","missense",18,48593405,"G","C","p.G386R",0.2734,128,35,"known","COSM14249",2,"NA",0,28.7,"het",0,"TAAGGTTGCACATAGGCAAA","GTGTGCAGTTGGAATGTAAA",0,1,"chr18:g.48593405G>C",26842,"MH2","predicted driver: tier 1","LoF","FALSE",220,"TRUE",3,"TRUE"]
["G13407","SMAD4","missense",18,48593405,"G","C","p.G386R",0.2465,142,35,"known","COSM14249",2,"NA",0,28.7,"het",0,"TAAGGTTGCACATAGGCAAA","GTGTGCAGTTGGAATGTAAA",0,1,"chr18:g.48593405G>C",27346,"MH2","predicted driver: tier 1","LoF","FALSE",220,"TRUE",3,"TRUE"]
["G13406","PRR22","missense",19,5783393,"C","T","p.A289T",0.1429,70,10,"known","COSM5458792",1,"MU45891237",1,28.1,"het",0.00045,"GCAGTCGAAGAGCTTCATGG","GTCCTCCAGCAGAACCTTGT",0,0,"chr19:g.5783393C>T",26847,null,"predicted passenger",null,"FALSE",98,"FALSE",2,"FALSE"]
["G13407","PRR22","missense",19,5783393,"C","T","p.A289T",0.2596,104,27,"known","COSM5458792",1,"MU45891237",1,28.1,"het",0,"GCAGTCGAAGAGCTTCATGG","GTCCTCCAGCAGAACCTTGT",0,0,"chr19:g.5783393C>T",27350,null,"predicted passenger",null,"FALSE",98,"FALSE",2,"FALSE"]
["G13408","PRR22","missense",19,5783393,"C","T","p.A289T",0.0794,126,10,"known","COSM5458792",1,"MU45891237",1,28.1,"het",0.00775,"GCAGTCGAAGAGCTTCATGG","GTCCTCCAGCAGAACCTTGT",0,0,"chr19:g.5783393C>T",27850,null,"predicted passenger",null,"FALSE",98,"FALSE",2,"FALSE"]
["G13406","SPRED3","missense",19,38886454,"G","A","p.R301H",0.05,40,2,"known","COSM5638958",1,"NA",0,33,"het",0.20376,"AGCGCGCTGCGTGCATTGCC","CGCGCTCTTCCGTCGCAGAG",1,0,"chr19:g.38886454G>A",26857,"Sprouty","predicted passenger",null,"FALSE",48,"FALSE",1,"FALSE"]
["G13406","CD93","missense",20,23066316,"C","T","p.G172R",0.1609,87,14,"known","COSM419029",2,"MU4913342",2,23.3,"het",0.00277,"GAAGCCCTCAATGTTACTTC","GGGGGAGCCTGGGCTCCCAC",0,0,"chr20:g.23066316C>T",26888,null,"predicted passenger",null,"FALSE",42,"FALSE",0,"FALSE"]
["G13407","CD93","missense",20,23066316,"C","T","p.G172R",0.1359,103,14,"known","COSM419029",2,"MU4913342",2,23.3,"het",0.00631,"GAAGCCCTCAATGTTACTTC","GGGGGAGCCTGGGCTCCCAC",0,0,"chr20:g.23066316C>T",27382,null,"predicted passenger",null,"FALSE",42,"FALSE",0,"FALSE"]
["G13406","SYCP2","nonsense",20,58441641,"G","A","p.R1377*",0.1897,116,22,"known","COSM4731101",2,"NA",0,36,"het",0.00084,"ATAACTCAACATTTTATGTC","GATCTGAAAAATACTCATTT",0,0,"chr20:g.58441641G>A",26902,null,"predicted passenger",null,"FALSE",73,"TRUE",1,"FALSE"]
["G13407","SYCP2","nonsense",20,58441641,"G","A","p.R1377*",0.1475,122,18,"known","COSM4731101",2,"NA",0,36,"het",0.00673,"ATAACTCAACATTTTATGTC","GATCTGAAAAATACTCATTT",0,0,"chr20:g.58441641G>A",27391,null,"predicted passenger",null,"FALSE",73,"TRUE",1,"FALSE"]
["G13408","SYCP2","nonsense",20,58441641,"G","A","p.R1377*",0.0328,122,4,"known","COSM4731101",2,"NA",0,36,"het",0.00084,"ATAACTCAACATTTTATGTC","GATCTGAAAAATACTCATTT",0,0,"chr20:g.58441641G>A",26902,null,"predicted passenger",null,"FALSE",73,"TRUE",1,"FALSE"]
["G13406","IGLL5","missense",22,23230393,"G","A","p.A54T",0.0631,111,7,"known","COSM5949104",1,"NA",0,11.3,"het",0.00624,"GCGGGGACCCAGACCCTGGA","CCTCAGTTGGAAGCAGCCGA",1,0,"chr22:g.23230393G>A",26916,null,"predicted passenger",null,"FALSE",132,"FALSE",0,"FALSE"]
["G13406","ANOS1","missense","X",8538671,"C","T","p.V311I",0.4176,91,38,"known","COSM5794930",1,"MU66373448",1,8.301,"het",0,"GAGATCCCAAACTATAGTGA","GGTCACACTCCCATCACTGT",0,0,"chrX:g.8538671C>T",26927,"fn3","predicted passenger",null,"FALSE",118,"FALSE",0,"FALSE"]
["G13407","ANOS1","missense","X",8538671,"C","T","p.V311I",0.4118,102,42,"known","COSM5794930",1,"MU66373448",1,8.301,"het",0,"GAGATCCCAAACTATAGTGA","GGTCACACTCCCATCACTGT",0,0,"chrX:g.8538671C>T",27409,"fn3","predicted passenger",null,"FALSE",118,"FALSE",0,"FALSE"]
["G13408","ANOS1","missense","X",8538671,"C","T","p.V311I",0.1497,147,22,"known","COSM5794930",1,"MU66373448",1,8.301,"het",0,"GAGATCCCAAACTATAGTGA","GGTCACACTCCCATCACTGT",0,0,"chrX:g.8538671C>T",27908,"fn3","predicted passenger",null,"FALSE",118,"FALSE",0,"FALSE"]
["G13407","RYR2","missense",1,237754007,"C","A","p.S1292Y",0.0968,31,3,"known","COSM5827782",1,"MU114585",1,23,"het",0.13827,"CACTCAGAAGTCTTTTGGTT","TCAGAACAGCAACACTGATA",0,0,"chr1:g.237754007C>A",26977,null,"predicted passenger",null,"FALSE",29,"FALSE",0,"FALSE"]
["G13407","CNTNAP5","missense",2,125671723,"G","A","p.R1260Q",0.2095,105,22,"known","COSM6631977",1,"NA",0,33,"het",0,"TATCATCGGCATCATGACCC","GTTCCTCTACCAGCACAAGC",1,0,"chr2:g.125671723G>A",26997,null,"predicted passenger",null,"FALSE",109,"FALSE",0,"FALSE"]
["G13408","CNTNAP5","missense",2,125671723,"G","A","p.R1260Q",0.056,125,7,"known","COSM6631977",1,"NA",0,33,"het",0,"TATCATCGGCATCATGACCC","GTTCCTCTACCAGCACAAGC",1,0,"chr2:g.125671723G>A",26997,null,"predicted passenger",null,"FALSE",109,"FALSE",0,"FALSE"]
["G13406","CNTNAP5","missense",2,125671723,"G","A","p.R1260Q",0.195652173913043,110,18,"known","COSM6631977",1,"NA",0,33,"het",0,"TATCATCGGCATCATGACCC","GTTCCTCTACCAGCACAAGC",1,0,"chr2:g.125671723G>A",26997,null,"predicted passenger",null,"FALSE",109,"FALSE",0,"FALSE"]
["G13407","HIST1H1C","missense",6,26056629,"C","A","p.A10S",0.0625,48,3,"known","COSM3948873",1,"MU11221505",1,23.6,"het",0.14723,"CTCCGCAGGAGGCGCGGCAG","GGGAGCGGCAGGAGCAGTCT",0,1,"chr6:g.26056629C>A",27088,null,"predicted passenger",null,"FALSE",42,"FALSE",0,"FALSE"]
["G13407","STEAP1","missense",7,89791240,"A","G","p.K204E",0.1429,21,3,"known","NA",0,"MU40993417",1,23.9,"het",0.11341,"TCTGGTAGGTCCAACAAAAT","AAGAAGATGCCTGGATTGAG",1,0,"chr7:g.89791240A>G",27127,"Ferric_reduct","predicted passenger",null,"FALSE",40,"FALSE",0,"FALSE"]
["G13408","STEAP1","missense",7,89791240,"A","G","p.K204E",0.0513,39,2,"known","NA",0,"MU40993417",1,23.9,"het",0.11341,"TCTGGTAGGTCCAACAAAAT","AAGAAGATGCCTGGATTGAG",1,0,"chr7:g.89791240A>G",27127,"Ferric_reduct","predicted passenger",null,"FALSE",40,"FALSE",0,"FALSE"]
["G13407","LMOD2","missense",7,123303069,"C","A","p.Q477K",0.0909,99,9,"known","COSM5438011",1,"MU41751872",1,7.863,"het",0.14627,"AACGGGCATTACAAAATGGA","AAAAAAAGAAAAAAGGGAAA",0,0,"chr7:g.123303069C>A",27135,null,"predicted passenger",null,"FALSE",94,"FALSE",1,"FALSE"]
["G13406","LMOD2","missense",7,123303069,"C","A","p.Q477K",0.0513,117,6,"known","COSM5438011",1,"MU41751872",1,7.863,"het",0.15048,"AACGGGCATTACAAAATGGA","AAAAAAAGAAAAAAGGGAAA",0,0,"chr7:g.123303069C>A",11468,null,"predicted passenger",null,"FALSE",94,"FALSE",1,"FALSE"]
["G13408","LMOD2","missense",7,123303069,"C","A","p.Q477K",0.0368,136,5,"known","COSM5438011",1,"MU41751872",1,7.863,"het",0.15048,"AACGGGCATTACAAAATGGA","AAAAAAAGAAAAAAGGGAAA",0,0,"chr7:g.123303069C>A",11468,null,"predicted passenger",null,"FALSE",94,"FALSE",1,"FALSE"]
["G13409","LMOD2","missense",7,123303069,"C","A","p.Q477K",0.0625,128,8,"known","COSM5438011",1,"MU41751872",1,7.863,"het",0.15048,"AACGGGCATTACAAAATGGA","AAAAAAAGAAAAAAGGGAAA",0,0,"chr7:g.123303069C>A",11468,null,"predicted passenger",null,"FALSE",94,"FALSE",1,"FALSE"]
["G13407","AGAP6","frameshift",10,51748528,"A","AC","p.Q19Pfs*10",0.0909,121,11,"known","COSM4602916",7,"NA",0,22.6,"het",0.14969,"TAGCGTCAGCCTCGAGTTTG","CCAGCAGCAGGGGTCGGTGT",0,0,"chr10:g.51748528_51748529insC",27197,null,"predicted passenger",null,"FALSE",89,"TRUE",0,"TRUE"]
["G13408","AGAP6","frameshift",10,51748528,"A","AC","p.Q19Pfs*10",0.1376,109,15,"known","COSM4602916",7,"NA",0,22.6,"het",0.02423,"TAGCGTCAGCCTCGAGTTTG","CCAGCAGCAGGGGTCGGTGT",0,0,"chr10:g.51748528_51748529insC",27701,null,"predicted passenger",null,"FALSE",89,"TRUE",0,"TRUE"]
["G13409","AGAP6","frameshift",10,51748528,"A","AC","p.Q19Pfs*10",0.1364,110,15,"known","COSM4602916",7,"NA",0,22.6,"het",0.02538,"TAGCGTCAGCCTCGAGTTTG","CCAGCAGCAGGGGTCGGTGT",0,0,"chr10:g.51748528_51748529insC",28155,null,"predicted passenger",null,"FALSE",89,"TRUE",0,"TRUE"]
["G13406","AGAP6","frameshift",10,51748528,"A","AC","p.Q19Pfs*10",0.0714,84,6,"known","COSM4602916",7,"NA",0,22.6,"het",0.14969,"TAGCGTCAGCCTCGAGTTTG","CCAGCAGCAGGGGTCGGTGT",0,0,"chr10:g.51748528_51748529insC",27197,null,"predicted passenger",null,"FALSE",89,"TRUE",0,"TRUE"]
["G13407","BBOX1","missense",11,27148882,"G","A","p.R349Q",0.0688,247,17,"known","COSM687632",1,"MU1314097",1,35,"het",3e-05,"CTGGCGCTTACTTCATGGCC","ACGTAGCTATGAAGCAGGAA",0,0,"chr11:g.27148882G>A",27219,"TauD","predicted passenger",null,"FALSE",226,"TRUE",3,"FALSE"]
["G13407","CEP295","missense",11,93428778,"G","A","p.R550K",0.0629,175,11,"known","NA",0,"MU4552569",1,22.6,"het",0.00193,"TCAGCTGGAAGAAGAAAAAA","AAAAAAAACTCAACCGACTG",1,0,"chr11:g.93428778G>A",27235,null,"predicted passenger",null,"FALSE",151,"FALSE",0,"FALSE"]
["G13408","CEP295","missense",11,93428778,"G","A","p.R550K",0.0197,152,3,"known","NA",0,"MU4552569",1,22.6,"het",0.15517,"TCAGCTGGAAGAAGAAAAAA","AAAAAAAACTCAACCGACTG",1,0,"chr11:g.93428778G>A",27731,null,"predicted passenger",null,"FALSE",151,"FALSE",0,"FALSE"]
["G13406","CEP295","missense",11,93428778,"G","A","p.R550K",0.0273972602739726,150,4,"known","NA",0,"MU4552569",1,22.6,"het",0.00193,"TCAGCTGGAAGAAGAAAAAA","AAAAAAAACTCAACCGACTG",1,0,"chr11:g.93428778G>A",27235,null,"predicted passenger",null,"FALSE",151,"FALSE",0,"FALSE"]
["G13409","CEP295","missense",11,93428778,"G","A","p.R550K",0.0566037735849057,168,9,"known","NA",0,"MU4552569",1,22.6,"het",0.00193,"TCAGCTGGAAGAAGAAAAAA","AAAAAAAACTCAACCGACTG",1,0,"chr11:g.93428778G>A",27235,null,"predicted passenger",null,"FALSE",151,"FALSE",0,"FALSE"]
["G13407","ALOX15","nonsense",17,4535210,"G","A","p.Q595*",0.0517,58,3,"known","COSM4948886",1,"MU94562",1,41,"het",0.20928,"GGGCTGGCGTCTGCCCAGCT","CCAAGTGATGGACATCTGGA",0,0,"chr17:g.4535210G>A",27318,"Lipoxygenase","predicted passenger",null,"FALSE",44,"TRUE",1,"FALSE"]
["G13407","ABCA5","missense",17,67299038,"C","A","p.A314S",0.0824,85,7,"known","COSM6418960",1,"NA",0,23.9,"het",0.0176,"AAGAGGTGTCAGCATTAAAG","AAAAAATACCTATAAAATAC",1,0,"chr17:g.67299038C>A",27334,"ABC2_membrane_3","predicted passenger",null,"FALSE",70,"FALSE",0,"FALSE"]
["G13408","ABCA5","missense",17,67299038,"C","A","p.A314S",0.0313,96,3,"known","COSM6418960",1,"NA",0,23.9,"het",0.0176,"AAGAGGTGTCAGCATTAAAG","AAAAAATACCTATAAAATAC",1,0,"chr17:g.67299038C>A",27334,"ABC2_membrane_3","predicted passenger",null,"FALSE",70,"FALSE",0,"FALSE"]
["G13406","ABCA5","missense",17,67299038,"C","A","p.A314S",0.0481927710843374,87,4,"known","COSM6418960",1,"NA",0,23.9,"het",0.0176,"AAGAGGTGTCAGCATTAAAG","AAAAAATACCTATAAAATAC",1,0,"chr17:g.67299038C>A",27334,"ABC2_membrane_3","predicted passenger",null,"FALSE",70,"FALSE",0,"FALSE"]
["G13407","BHLHE23","missense",20,61637757,"G","A","p.R108C",0.0542,166,9,"known","COSM5033249",1,"MU36603277",1,34,"het",0.01152,"GTGCATGCGCCGCCGCTCGC","CGCGTTGATGCTGAGCCGCA",0,0,"chr20:g.61637757G>A",27395,"HLH","predicted passenger",null,"FALSE",113,"FALSE",3,"FALSE"]
["G13407","CLIC6","missense",21,36042478,"T","A","p.V264D",0.1667,12,2,"known","NA",0,"MU1778358",1,2E-3,"het",0.1746,"GGACGGCGTAGAAGCGGGGG","CCCGGCGGGGGACAGCGTAG",1,0,"chr21:g.36042478T>A",27399,null,"predicted passenger",null,"FALSE",16,"FALSE",0,"FALSE"]
["G13406","CLIC6","missense",21,36042478,"T","A","p.V264D",0.3333,9,3,"known","NA",0,"MU1778358",1,2E-3,"het",0.03479,"GGACGGCGTAGAAGCGGGGG","CCCGGCGGGGGACAGCGTAG",1,0,"chr21:g.36042478T>A",13112,null,"predicted passenger",null,"FALSE",16,"FALSE",0,"FALSE"]
["G13408","OXCT2","missense",1,40235796,"C","T","p.A378T",0.069,29,2,"known","NA",0,"MU28861621",1,10.5,"het",0.49512,"GGCGAAGGAGTCGTCGCTGG","GAAGAAGCAGCCCCCGGGAA",1,0,"chr1:g.40235796C>T",27433,"CoA_trans","predicted passenger",null,"FALSE",12,"FALSE",0,"FALSE"]
["G13408","U2SURP","missense",3,142738832,"G","A","p.E198K",0.0763,118,9,"known","COSM6410588",1,"NA",0,24,"het",0.21791,"CACTTAAAAAAGGAGAGAAA","AAAAGAAAAAAAGCAATTTG",1,0,"chr3:g.142738832G>A",27540,null,"predicted passenger",null,"FALSE",112,"FALSE",1,"FALSE"]
["G13406","U2SURP","missense",3,142738832,"G","A","p.E198K",0.0810810810810811,120,9,"known","COSM6410588",1,"NA",0,24,"het",0.23646,"CACTTAAAAAAGGAGAGAAA","AAAAGAAAAAAAGCAATTTG",1,0,"chr3:g.142738832G>A",19506,null,"predicted passenger",null,"FALSE",112,"FALSE",1,"FALSE"]
["G13409","U2SURP","missense",3,142738832,"G","A","p.E198K",0.0298507462686567,138,4,"known","COSM6410588",1,"NA",0,24,"het",0.23646,"CACTTAAAAAAGGAGAGAAA","AAAAGAAAAAAAGCAATTTG",1,0,"chr3:g.142738832G>A",19506,null,"predicted passenger",null,"FALSE",112,"FALSE",1,"FALSE"]
["G13408","TENM3","missense",4,183694625,"C","A","p.D1631E",0.0571,35,2,"known","COSM3946218",1,"MU11210913",1,12.52,"het",0.29514,"TTAATGCCTCTTGTATTTAG","TATGACAGTGAAGGTCGTCT",0,0,"chr4:g.183694625C>A",27572,null,"predicted passenger",null,"FALSE",29,"FALSE",0,"FALSE"]
["G13408","FANCG","missense",9,35075002,"G","A","p.R520C",0.0644,295,19,"known","COSM487413",2,"MU625575",1,34,"het",8e-05,"GGCTACCCATTCCAGTCCAC","ACTAATTAGGGCGGCTGCCC",0,1,"chr9:g.35075002G>A",27673,null,"predicted driver: tier 1","LoF","FALSE",213,"FALSE",2,"TRUE"]
["G13408","BARX2","missense",11,129321073,"C","T","p.R206C",0.0909,110,10,"known","COSM3445268",2,"MU4356206",1,35,"het",0.00731,"CACCCACAAAACCCAAAGGT","GCCCCAAGAAGAACTCCATC",0,0,"chr11:g.129321073C>T",27736,null,"predicted passenger",null,"FALSE",71,"FALSE",2,"FALSE"]
["G13408","ATP2A1","frameshift",16,28913639,"G","GC","p.R822Pfs*39",0.0588,102,6,"known","COSM1377201",9,"MU57415",2,36,"het",0.14436,"AGACCTGGACATCATGGACC","CCCCCCCCGGAGCCCCAAGG",0,0,"chr16:g.28913639_28913640insC",27804,"Cation_ATPase_C","predicted passenger",null,"FALSE",74,"TRUE",0,"TRUE"]
["G13406","ATP2A1","frameshift",16,28913639,"G","GC","p.R822Pfs*39",0.0161290322580645,63,1,"known","COSM1377201",9,"MU57415",2,36,"het",7e-05,"AGACCTGGACATCATGGACC","CCCCCCCCGGAGCCCCAAGG",0,0,"chr16:g.28913639_28913640insC",1448,"Cation_ATPase_C","predicted passenger",null,"FALSE",74,"TRUE",0,"TRUE"]
["G13408","KLHL34","missense","X",21675213,"C","T","p.V232I",0.0571,35,2,"known","COSM1119179",2,"MU1914057",2,0.011,"het",0.35995,"CGAGTACACGCGCCGCAGTA","GTCGGCGGGAACCAGGCCAA",0,0,"chrX:g.21675213C>T",27909,"BACK","predicted passenger",null,"FALSE",24,"FALSE",0,"FALSE"]
["G13408","ARMCX4","missense","X",100749005,"A","G","p.E1810G",0.1667,36,6,"known","COSN26547903",3,"NA",0,14.24,"het",0.06719,"GGGCTCCTGTGTAGGGGCTG","GGCTGGGGCTGGGGCTGAGG",0,0,"chrX:g.100749005A>G",27917,null,"predicted passenger",null,"FALSE",19,"FALSE",0,"FALSE"]
["G13406","ARMCX4","missense","X",100749005,"A","G","p.E1810G",0.153846153846154,30,4,"known","COSN26547903",3,"NA",0,14.24,"het",0.06719,"GGGCTCCTGTGTAGGGGCTG","GGCTGGGGCTGGGGCTGAGG",0,0,"chrX:g.100749005A>G",27917,null,"predicted passenger",null,"FALSE",19,"FALSE",0,"FALSE"]
["G13407","ARMCX4","missense","X",100749005,"A","G","p.E1810G",0.108108108108108,41,4,"known","COSN26547903",3,"NA",0,14.24,"het",0.06719,"GGGCTCCTGTGTAGGGGCTG","GGCTGGGGCTGGGGCTGAGG",0,0,"chrX:g.100749005A>G",27917,null,"predicted passenger",null,"FALSE",19,"FALSE",0,"FALSE"]
["G13409","STAG2","nonsense","X",123217296,"G","T","p.E984*",0.0513,39,2,"known","COSM4171995",2,"NA",0,46,"het",0.29819,"GCATAGAATTTGCTTTTAAA","AGCCTAATCCGCAAGGGGAG",0,1,"chrX:g.123217296G>T",28379,null,"predicted driver: tier 1","LoF","FALSE",32,"TRUE",1,"TRUE"]
["G13406","DFFA","missense",1,10523665,"C","T","p.A152T",0.1111,18,2,"unknown","NA",0,"NA",0,18.42,"het",0.35172,"AGCCAGGTCTGAGCAGGGAG","GTCAACAAGCATCTAACAAA",0,0,"chr1:g.10523665C>T",40924,"DFF-C","predicted passenger",null,"FALSE",13,"FALSE",0,"FALSE"]
["G13406","HNRNPR","missense",1,23650080,"C","T","p.G215E",0.3333,72,24,"unknown","NA",0,"NA",0,15.18,"het",0,"CTTCCTGTGCAGCTTCCTTT","CACAGAAGGTGATAAATGCA",0,0,"chr1:g.23650080C>T",40925,"RRM_1","predicted passenger",null,"FALSE",64,"FALSE",1,"FALSE"]
["G13407","HNRNPR","missense",1,23650080,"C","T","p.G215E",0.4533,75,34,"unknown","NA",0,"NA",0,15.18,"het",0,"CTTCCTGTGCAGCTTCCTTT","CACAGAAGGTGATAAATGCA",0,0,"chr1:g.23650080C>T",41025,"RRM_1","predicted passenger",null,"FALSE",64,"FALSE",1,"FALSE"]
["G13408","HNRNPR","missense",1,23650080,"C","T","p.G215E",0.0632,95,6,"unknown","NA",0,"NA",0,15.18,"het",0,"CTTCCTGTGCAGCTTCCTTT","CACAGAAGGTGATAAATGCA",0,0,"chr1:g.23650080C>T",40925,"RRM_1","predicted passenger",null,"FALSE",64,"FALSE",1,"FALSE"]
["G13406","SPRR1A","missense",1,152957753,"C","T","p.P16L",0.4143,70,29,"unknown","NA",0,"NA",0,0.067,"het",0,"TTGCACCCCACCCCCTCAGC","TCAGCAGCAGCAGGTGAAAC",0,0,"chr1:g.152957753C>T",40927,null,"predicted passenger",null,"FALSE",74,"FALSE",0,"FALSE"]
["G13407","SPRR1A","missense",1,152957753,"C","T","p.P16L",0.4167,84,35,"unknown","NA",0,"NA",0,0.067,"het",0,"TTGCACCCCACCCCCTCAGC","TCAGCAGCAGCAGGTGAAAC",0,0,"chr1:g.152957753C>T",41031,null,"predicted passenger",null,"FALSE",74,"FALSE",0,"FALSE"]
["G13408","SPRR1A","missense",1,152957753,"C","T","p.P16L",0.1039,77,8,"unknown","NA",0,"NA",0,0.067,"het",0.00423,"TTGCACCCCACCCCCTCAGC","TCAGCAGCAGCAGGTGAAAC",0,0,"chr1:g.152957753C>T",41119,null,"predicted passenger",null,"FALSE",74,"FALSE",0,"FALSE"]
["G13406","KLHL12","missense",1,202878161,"C","T","p.G270E",0.5413,109,59,"unknown","NA",0,"NA",0,23.5,"het",0,"GGCGAGCCCTTGTCCTGGGT","CCTGCATCTGACTCCGAAGT",0,0,"chr1:g.202878161C>T",40928,null,"predicted passenger",null,"FALSE",106,"FALSE",1,"FALSE"]
["G13407","KLHL12","missense",1,202878161,"C","T","p.G270E",0.5323,124,66,"unknown","NA",0,"NA",0,23.5,"het",0,"GGCGAGCCCTTGTCCTGGGT","CCTGCATCTGACTCCGAAGT",0,0,"chr1:g.202878161C>T",41032,null,"predicted passenger",null,"FALSE",106,"FALSE",1,"FALSE"]
["G13408","KLHL12","missense",1,202878161,"C","T","p.G270E",0.0756,119,9,"unknown","NA",0,"NA",0,23.5,"het",0,"GGCGAGCCCTTGTCCTGGGT","CCTGCATCTGACTCCGAAGT",0,0,"chr1:g.202878161C>T",40928,null,"predicted passenger",null,"FALSE",106,"FALSE",1,"FALSE"]
["G13406","FMN2","frameshift",1,240255563,"GGA","G","p.G54Rfs*86",0.1045,67,7,"unknown","NA",0,"NA",0,27.4,"het",0.1066,"TAGGCAAGCACGGCAAGGGG","GGGGGCGGCGGCGGCGGCGG",0,0,"chr1:g.240255564_240255565del",40930,null,"predicted passenger",null,"FALSE",72,"FALSE",0,"FALSE"]
["G13407","FMN2","frameshift",1,240255563,"GGA","G","p.G54Rfs*86",0.1379,58,8,"unknown","NA",0,"NA",0,27.4,"het",0.03956,"TAGGCAAGCACGGCAAGGGG","GGGGGCGGCGGCGGCGGCGG",0,0,"chr1:g.240255564_240255565del",41033,null,"predicted passenger",null,"FALSE",72,"FALSE",0,"FALSE"]
["G13408","FMN2","frameshift",1,240255563,"GGA","G","p.G54Rfs*86",0.0238,84,2,"unknown","NA",0,"NA",0,27.4,"het",0.1066,"TAGGCAAGCACGGCAAGGGG","GGGGGCGGCGGCGGCGGCGG",0,0,"chr1:g.240255564_240255565del",40930,null,"predicted passenger",null,"FALSE",72,"FALSE",0,"FALSE"]
["G13409","FMN2","frameshift",1,240255563,"GGA","G","p.G54Rfs*86",0.0841,107,9,"unknown","NA",0,"NA",0,27.4,"het",0.1066,"TAGGCAAGCACGGCAAGGGG","GGGGGCGGCGGCGGCGGCGG",0,0,"chr1:g.240255564_240255565del",40930,null,"predicted passenger",null,"FALSE",72,"FALSE",0,"FALSE"]
["G13406","GALNT14","missense",2,31155027,"C","A","p.S322I",0.1111,27,3,"unknown","NA",0,"NA",0,27.2,"het",0.10552,"TGCAGGGGACGATCTCTAGG","TGCCCCCGCACATCCACACT",0,0,"chr2:g.31155027C>A",40931,"Glyco_transf_7C","predicted passenger",null,"FALSE",31,"FALSE",1,"FALSE"]
["G13406","COBLL1","missense",2,165578721,"G","A","p.S287L",0.0539,167,9,"unknown","NA",0,"NA",0,29.8,"het",0.00195,"GCCTCTTCTTGGGTGCATCC","ACGGCAGGGTGTTGGAAATA",0,0,"chr2:g.165578721G>A",40932,null,"predicted passenger",null,"FALSE",205,"FALSE",2,"FALSE"]
["G13406","ITGAV","missense",2,187506268,"G","A","p.G371D",0.5145,138,71,"unknown","NA",0,"NA",0,32,"het",0,"TGAGGTCTTTGCACGGTTTG","CAGTGCCATAGCTCCTTTGG",0,1,"chr2:g.187506268G>A",40933,null,"predicted passenger","LoF","FALSE",190,"FALSE",3,"TRUE"]
["G13407","ITGAV","missense",2,187506268,"G","A","p.G371D",0.519,158,82,"unknown","NA",0,"NA",0,32,"het",0,"TGAGGTCTTTGCACGGTTTG","CAGTGCCATAGCTCCTTTGG",0,1,"chr2:g.187506268G>A",41035,null,"predicted passenger","LoF","FALSE",190,"FALSE",3,"TRUE"]
["G13408","ITGAV","missense",2,187506268,"G","A","p.G371D",0.1104,163,18,"unknown","NA",0,"NA",0,32,"het",3e-05,"TGAGGTCTTTGCACGGTTTG","CAGTGCCATAGCTCCTTTGG",0,1,"chr2:g.187506268G>A",41126,null,"predicted passenger","LoF","FALSE",190,"FALSE",3,"TRUE"]
["G13406","RFTN2","missense",2,198511219,"C","A","p.R104L",0.1053,19,2,"unknown","NA",0,"NA",0,34,"het",0.16522,"GTGCTTACCTTAATTTCAAG","GCAATAGCACCACTCTGTAT",0,0,"chr2:g.198511219C>A",40934,"Raftlin","predicted passenger",null,"FALSE",27,"FALSE",0,"FALSE"]
["G13406","DNER","missense",2,230377562,"C","T","p.A362T",0.1961,102,20,"unknown","NA",0,"NA",0,26,"het",0,"ATTTGCATCAATACAGCTCG","GTTGTTTTGGCAAGGTTTCC",0,0,"chr2:g.230377562C>T",40935,"EGF","predicted passenger","LoF","FALSE",136,"FALSE",0,"FALSE"]
["G13407","DNER","missense",2,230377562,"C","T","p.A362T",0.1912,136,26,"unknown","NA",0,"NA",0,26,"het",0,"ATTTGCATCAATACAGCTCG","GTTGTTTTGGCAAGGTTTCC",0,0,"chr2:g.230377562C>T",41036,"EGF","predicted passenger","LoF","FALSE",136,"FALSE",0,"FALSE"]
["G13406","PPP1R7","missense",2,242105759,"G","A","p.R241Q",0.1549,71,11,"unknown","NA",0,"NA",0,34,"het",0.00045,"CTCCCTCTTGCAGAGCAACC","GCTGACCAAGATCGAGGGTC",0,0,"chr2:g.242105759G>A",40936,"LRR_4","predicted passenger",null,"FALSE",81,"FALSE",3,"FALSE"]
["G13407","PPP1R7","missense",2,242105759,"G","A","p.R241Q",0.1573,89,14,"unknown","NA",0,"NA",0,34,"het",0.00024,"CTCCCTCTTGCAGAGCAACC","GCTGACCAAGATCGAGGGTC",0,0,"chr2:g.242105759G>A",41037,"LRR_4","predicted passenger",null,"FALSE",81,"FALSE",3,"FALSE"]
["G13408","PPP1R7","missense",2,242105759,"G","A","p.R241Q",0.0333,90,3,"unknown","NA",0,"NA",0,34,"het",0.00045,"CTCCCTCTTGCAGAGCAACC","GCTGACCAAGATCGAGGGTC",0,0,"chr2:g.242105759G>A",40936,"LRR_4","predicted passenger",null,"FALSE",81,"FALSE",3,"FALSE"]
["G13406","MLH1","missense",3,37090434,"A","C","p.S677R",0.1579,152,24,"unknown","NA",0,"NA",0,26.9,"het",0,"AGGAATGTTTTGAAAGCCTC","GTAAAGAATGCGCTATGTTC",0,1,"chr3:g.37090434A>C",40937,null,"predicted driver: tier 1","LoF","FALSE",191,"FALSE",2,"TRUE"]
["G13407","MLH1","missense",3,37090434,"A","C","p.S677R",0.2406,187,45,"unknown","NA",0,"NA",0,26.9,"het",0,"AGGAATGTTTTGAAAGCCTC","GTAAAGAATGCGCTATGTTC",0,1,"chr3:g.37090434A>C",41038,null,"predicted driver: tier 1","LoF","FALSE",191,"FALSE",2,"TRUE"]
["G13408","MLH1","missense",3,37090434,"A","C","p.S677R",0.0155,193,3,"unknown","NA",0,"NA",0,26.9,"het",0,"AGGAATGTTTTGAAAGCCTC","GTAAAGAATGCGCTATGTTC",0,1,"chr3:g.37090434A>C",40937,null,"predicted driver: tier 1","LoF","FALSE",191,"FALSE",2,"TRUE"]
["G13406","TMPRSS11D","missense",4,68698941,"C","A","p.A225S",0.125,16,2,"unknown","NA",0,"NA",0,32,"het",0.15385,"CCTTCTGAAGCAGTGAGCTG","TGTCAGGATCCACATGTTAT",0,0,"chr4:g.68698941C>A",40940,"Trypsin","predicted passenger",null,"FALSE",28,"FALSE",2,"FALSE"]
["G13406","CDKL2","nonsense",4,76532412,"C","T","p.W166*",0.4286,42,18,"unknown","NA",0,"NA",0,38,"het",0,"ATAGTTCTGGAGCTCTGTAC","ATCGGGTTGCCACATAATCA",0,0,"chr4:g.76532412C>T",40941,"Pkinase","predicted passenger",null,"FALSE",47,"TRUE",1,"FALSE"]
["G13407","CDKL2","nonsense",4,76532412,"C","T","p.W166*",0.4773,44,21,"unknown","NA",0,"NA",0,38,"het",0,"ATAGTTCTGGAGCTCTGTAC","ATCGGGTTGCCACATAATCA",0,0,"chr4:g.76532412C>T",41044,"Pkinase","predicted passenger",null,"FALSE",47,"TRUE",1,"FALSE"]
["G13408","CDKL2","nonsense",4,76532412,"C","T","p.W166*",0.1552,58,9,"unknown","NA",0,"NA",0,38,"het",0.00615,"ATAGTTCTGGAGCTCTGTAC","ATCGGGTTGCCACATAATCA",0,0,"chr4:g.76532412C>T",41130,"Pkinase","predicted passenger",null,"FALSE",47,"TRUE",1,"FALSE"]
["G13409","CDKL2","nonsense",4,76532412,"C","T","p.W166*",0.0417,48,2,"unknown","NA",0,"NA",0,38,"het",0,"ATAGTTCTGGAGCTCTGTAC","ATCGGGTTGCCACATAATCA",0,0,"chr4:g.76532412C>T",40941,"Pkinase","predicted passenger",null,"FALSE",47,"TRUE",1,"FALSE"]
["G13406","SMARCA5","missense",4,144474281,"C","T","p.R1035C",0.4521,73,33,"unknown","NA",0,"NA",0,33,"het",0,"TCTGTTTGTAGACACAGAAA","GTAAAATGGATGGCGCACCT",0,0,"chr4:g.144474281C>T",40942,null,"predicted passenger",null,"FALSE",111,"FALSE",1,"FALSE"]
["G13407","SMARCA5","missense",4,144474281,"C","T","p.R1035C",0.4818,110,53,"unknown","NA",0,"NA",0,33,"het",0,"TCTGTTTGTAGACACAGAAA","GTAAAATGGATGGCGCACCT",0,0,"chr4:g.144474281C>T",41047,null,"predicted passenger",null,"FALSE",111,"FALSE",1,"FALSE"]
["G13408","SMARCA5","missense",4,144474281,"C","T","p.R1035C",0.123,122,15,"unknown","NA",0,"NA",0,33,"het",0.00084,"TCTGTTTGTAGACACAGAAA","GTAAAATGGATGGCGCACCT",0,0,"chr4:g.144474281C>T",41131,null,"predicted passenger",null,"FALSE",111,"FALSE",1,"FALSE"]
["G13406","ASB5","missense",4,177142344,"G","A","p.S211L",0.2879,66,19,"unknown","NA",0,"NA",0,22.2,"het",0,"AGATGCAATGGAATTGCTGT","ACATACAAGCTACATAGAGA",0,0,"chr4:g.177142344G>A",40943,"Ank_2","predicted passenger",null,"FALSE",82,"FALSE",0,"FALSE"]
["G13407","ASB5","missense",4,177142344,"G","A","p.S211L",0.1972,71,14,"unknown","NA",0,"NA",0,22.2,"het",3e-05,"AGATGCAATGGAATTGCTGT","ACATACAAGCTACATAGAGA",0,0,"chr4:g.177142344G>A",41048,"Ank_2","predicted passenger",null,"FALSE",82,"FALSE",0,"FALSE"]
["G13408","ASB5","missense",4,177142344,"G","A","p.S211L",0.0659340659340659,97,6,"unknown","NA",0,"NA",0,22.2,"het",0,"AGATGCAATGGAATTGCTGT","ACATACAAGCTACATAGAGA",0,0,"chr4:g.177142344G>A",40943,"Ank_2","predicted passenger",null,"FALSE",82,"FALSE",0,"FALSE"]
["G13409","ASB5","missense",4,177142344,"G","A","p.S211L",0.0192307692307692,106,2,"unknown","NA",0,"NA",0,22.2,"het",0,"AGATGCAATGGAATTGCTGT","ACATACAAGCTACATAGAGA",0,0,"chr4:g.177142344G>A",40943,"Ank_2","predicted passenger",null,"FALSE",82,"FALSE",0,"FALSE"]
["G13406","SLC9A3","missense",5,491908,"C","A","p.G164C",0.1333,15,2,"unknown","NA",0,"NA",0,26.6,"het",0.17647,"GAGCCCACTGAGGAAGACGC","GTAGAGGGACAGCCCGGTGG",0,0,"chr5:g.491908C>A",40944,"Na_H_Exchanger","predicted passenger",null,"FALSE",20,"FALSE",1,"FALSE"]
["G13406","ADAMTS12","missense",5,33614462,"T","G","p.N803T",0.2143,84,18,"unknown","NA",0,"NA",0,29.8,"het",2e-05,"ACTCATACTTGATGCCAGGG","TAGTCACCTGGAATAGAAGC",0,0,"chr5:g.33614462T>G",40945,"ADAM_spacer1","predicted passenger",null,"FALSE",89,"FALSE",2,"FALSE"]
["G13407","ADAMTS12","missense",5,33614462,"T","G","p.N803T",0.2308,91,21,"unknown","NA",0,"NA",0,29.8,"het",1e-05,"ACTCATACTTGATGCCAGGG","TAGTCACCTGGAATAGAAGC",0,0,"chr5:g.33614462T>G",41051,"ADAM_spacer1","predicted passenger",null,"FALSE",89,"FALSE",2,"FALSE"]
["G13408","ADAMTS12","missense",5,33614462,"T","G","p.N803T",0.0696,115,8,"unknown","NA",0,"NA",0,29.8,"het",2e-05,"ACTCATACTTGATGCCAGGG","TAGTCACCTGGAATAGAAGC",0,0,"chr5:g.33614462T>G",40945,"ADAM_spacer1","predicted passenger",null,"FALSE",89,"FALSE",2,"FALSE"]
["G13406","PLK2","missense",5,57750817,"C","T","p.R596Q",0.1163,86,10,"unknown","NA",0,"NA",0,22.6,"het",0.0003,"GGAGGTAGAGCCGAGGTCTT","GAATATCAGTAACACTAGGC",0,0,"chr5:g.57750817C>T",40946,null,"predicted passenger","LoF","FALSE",133,"FALSE",0,"FALSE"]
["G13406","IQGAP2","missense",5,75996957,"G","C","p.R1475T",0.0756,119,9,"unknown","NA",0,"NA",0,24.9,"het",1.49E-3,"AGAACCCAAAGGGGCGAAGA","AGCGAAGCCAGTGAAGTACA",0,0,"chr5:g.75996957G>C",40947,"RasGAP_C","predicted passenger",null,"FALSE",136,"FALSE",0,"FALSE"]
["G13406","IQGAP2","missense",5,75996968,"G","C","p.V1479L",0.0826,121,10,"unknown","NA",0,"NA",0,3.302,"het",9.5E-4,"GGGCGAAGAGAGCGAAGCCA","TGAAGTACACTGCAGCAAAG",0,0,"chr5:g.75996968G>C",40948,"RasGAP_C","predicted passenger",null,"FALSE",131,"TRUE",0,"FALSE"]
["G13406","WWC1","nonsense",5,167868823,"C","G","p.S806*",0.2568,74,19,"unknown","NA",0,"NA",0,38,"het",0,"GGGAGTCATGGCCCCTGCCT","AGGGCCTGCCAGCACGGTGA",0,0,"chr5:g.167868823C>G",40952,null,"predicted passenger",null,"FALSE",71,"TRUE",1,"FALSE"]
["G13407","WWC1","nonsense",5,167868823,"C","G","p.S806*",0.253,83,21,"unknown","NA",0,"NA",0,38,"het",0,"GGGAGTCATGGCCCCTGCCT","AGGGCCTGCCAGCACGGTGA",0,0,"chr5:g.167868823C>G",40952,null,"predicted passenger",null,"FALSE",71,"TRUE",1,"FALSE"]
["G13406","HIST1H2AD","missense",6,26199390,"C","G","p.V28L",0.2695,167,45,"unknown","NA",0,"NA",0,18.34,"het",0,"CAAGCGGTGTACGCGGCCCA","AGGGAACTGGAGTCCGGCCC",0,0,"chr6:g.26199390C>G",40953,"Histone","predicted passenger",null,"FALSE",171,"FALSE",2,"FALSE"]
["G13407","HIST1H2AD","missense",6,26199390,"C","G","p.V28L",0.2662,154,41,"unknown","NA",0,"NA",0,18.34,"het",0,"CAAGCGGTGTACGCGGCCCA","AGGGAACTGGAGTCCGGCCC",0,0,"chr6:g.26199390C>G",41055,"Histone","predicted passenger",null,"FALSE",171,"FALSE",2,"FALSE"]
["G13408","HIST1H2AD","missense",6,26199390,"C","G","p.V28L",0.045,200,9,"unknown","NA",0,"NA",0,18.34,"het",0.0057,"CAAGCGGTGTACGCGGCCCA","AGGGAACTGGAGTCCGGCCC",0,0,"chr6:g.26199390C>G",41133,"Histone","predicted passenger",null,"FALSE",171,"FALSE",2,"FALSE"]
["G13406","POU3F2","missense",6,99283151,"A","T","p.Q134H",0.2649,151,40,"unknown","NA",0,"NA",0,0.042,"het",0,"CATCAGCAGCAGCAACAGCA","CAGCAGCAGCAACAGCAGCA",0,0,"chr6:g.99283151A>T",40954,null,"predicted passenger",null,"FALSE",152,"FALSE",0,"FALSE"]
["G13408","POU3F2","missense",6,99283151,"A","T","p.Q134H",0.2256,164,37,"unknown","NA",0,"NA",0,0.042,"het",0,"CATCAGCAGCAGCAACAGCA","CAGCAGCAGCAACAGCAGCA",0,0,"chr6:g.99283151A>T",41137,null,"predicted passenger",null,"FALSE",152,"FALSE",0,"FALSE"]
["G13407","POU3F2","missense",6,99283151,"A","T","p.Q134H",0.0406976744186047,179,7,"unknown","NA",0,"NA",0,0.042,"het",0,"CATCAGCAGCAGCAACAGCA","CAGCAGCAGCAACAGCAGCA",0,0,"chr6:g.99283151A>T",40954,null,"predicted passenger",null,"FALSE",152,"FALSE",0,"FALSE"]
["G13409","POU3F2","missense",6,99283151,"A","T","p.Q134H",0.0842696629213483,193,15,"unknown","NA",0,"NA",0,0.042,"het",0,"CATCAGCAGCAGCAACAGCA","CAGCAGCAGCAACAGCAGCA",0,0,"chr6:g.99283151A>T",40954,null,"predicted passenger",null,"FALSE",152,"FALSE",0,"FALSE"]
["G13406","DGKB","missense",7,14622748,"C","T","p.R484H",0.1167,60,7,"unknown","NA",0,"NA",0,24.4,"het",0.01,"CTCTGAAGTCAGGAACATCA","GGAAAAAGTTTAACCTGAAA",0,0,"chr7:g.14622748C>T",40956,"DAGK_cat","predicted passenger",null,"FALSE",54,"FALSE",0,"FALSE"]
["G13407","DGKB","missense",7,14622748,"C","T","p.R484H",0.301587301587302,82,19,"unknown","NA",0,"NA",0,24.4,"het",0.01,"CTCTGAAGTCAGGAACATCA","GGAAAAAGTTTAACCTGAAA",0,0,"chr7:g.14622748C>T",40956,"DAGK_cat","predicted passenger",null,"FALSE",54,"FALSE",0,"FALSE"]
["G13406","SGCE","missense",7,94285329,"C","T","p.A28T",0.1269,134,17,"unknown","NA",0,"NA",0,22.7,"het",1e-05,"CAAGAATGTGCCAGTGGTCG","GGGGCTCATCCTGCGTGTCC",0,0,"chr7:g.94285329C>T",40957,null,"predicted passenger",null,"FALSE",142,"FALSE",0,"FALSE"]
["G13407","SGCE","missense",7,94285329,"C","T","p.A28T",0.1329,143,19,"unknown","NA",0,"NA",0,22.7,"het",0,"CAAGAATGTGCCAGTGGTCG","GGGGCTCATCCTGCGTGTCC",0,0,"chr7:g.94285329C>T",41056,null,"predicted passenger",null,"FALSE",142,"FALSE",0,"FALSE"]
["G13408","SGCE","missense",7,94285329,"C","T","p.A28T",0.0819,171,14,"unknown","NA",0,"NA",0,22.7,"het",0.00038,"CAAGAATGTGCCAGTGGTCG","GGGGCTCATCCTGCGTGTCC",0,0,"chr7:g.94285329C>T",41139,null,"predicted passenger",null,"FALSE",142,"FALSE",0,"FALSE"]
["G13406","TRRAP","frameshift",7,98507845,"CACCTCCA","C","p.P508Rfs*10",0.1818,33,6,"unknown","NA",0,"NA",0,25.9,"het",0.02458,"CCCAGCCCCTGTCCCTGCCC","CCCCCGCCCCCACCCCCACC",0,1,"chr7:g.98507846_98507852del",40958,null,"predicted driver: tier 2","ambiguous","FALSE",29,"TRUE",0,"TRUE"]
["G13409","TRRAP","frameshift",7,98507845,"CACCTCCA","C","p.P508Rfs*10",0.0364,55,2,"unknown","NA",0,"NA",0,25.9,"het",0.00041,"CCCAGCCCCTGTCCCTGCCC","CCCCCGCCCCCACCCCCACC",0,1,"chr7:g.98507846_98507852del",31633,null,"predicted driver: tier 2","ambiguous","FALSE",29,"TRUE",0,"TRUE"]
["G13407","TRRAP","frameshift",7,98507845,"CACCTCCA","C","p.P508Rfs*10",0.226617826617827,36,6.57142857142857,"unknown","NA",0,"NA",0,25.9,"het",0.00041,"CCCAGCCCCTGTCCCTGCCC","CCCCCGCCCCCACCCCCACC",0,1,"chr7:g.98507846_98507852del",31633,null,"predicted driver: tier 2","ambiguous","FALSE",29,"TRUE",0,"TRUE"]
["G13408","TRRAP","frameshift",7,98507845,"CACCTCCA","C","p.P508Rfs*10",0.0239806500681364,48,1.125,"unknown","NA",0,"NA",0,25.9,"het",0.00041,"CCCAGCCCCTGTCCCTGCCC","CCCCCGCCCCCACCCCCACC",0,1,"chr7:g.98507846_98507852del",31633,null,"predicted driver: tier 2","ambiguous","FALSE",29,"TRUE",0,"TRUE"]
["G13406","LRRN3","missense",7,110763539,"C","A","p.N237K",0.3,160,48,"unknown","NA",0,"NA",0,11.46,"het",0,"GCCTTGGTTGGACTGGAAAA","TTAGAAAGCATCTCTTTTTA",0,0,"chr7:g.110763539C>A",40959,"LRR_8","predicted passenger",null,"FALSE",167,"FALSE",1,"FALSE"]
["G13407","LRRN3","missense",7,110763539,"C","A","p.N237K",0.1775,169,30,"unknown","NA",0,"NA",0,11.46,"het",0,"GCCTTGGTTGGACTGGAAAA","TTAGAAAGCATCTCTTTTTA",0,0,"chr7:g.110763539C>A",41057,"LRR_8","predicted passenger",null,"FALSE",167,"FALSE",1,"FALSE"]
["G13408","LRRN3","missense",7,110763539,"C","A","p.N237K",0.045,200,9,"unknown","NA",0,"NA",0,11.46,"het",0.00476,"GCCTTGGTTGGACTGGAAAA","TTAGAAAGCATCTCTTTTTA",0,0,"chr7:g.110763539C>A",41140,"LRR_8","predicted passenger",null,"FALSE",167,"FALSE",1,"FALSE"]
["G13406","WDR86","missense",7,151079038,"G","A","p.R298W",0.2685,108,29,"unknown","NA",0,"NA",0,34,"het",0,"AGACTGCGCGTCGAAGGCCC","GGCGCAAGCGTCCCCGCTGC",0,0,"chr7:g.151079038G>A",40960,"WD40","predicted passenger",null,"FALSE",118,"FALSE",1,"FALSE"]
["G13408","WDR86","missense",7,151079038,"G","A","p.R298W",0.0588,102,6,"unknown","NA",0,"NA",0,34,"het",0,"AGACTGCGCGTCGAAGGCCC","GGCGCAAGCGTCCCCGCTGC",0,0,"chr7:g.151079038G>A",40960,"WD40","predicted passenger",null,"FALSE",118,"FALSE",1,"FALSE"]
["G13407","WDR86","missense",7,151079038,"G","A","p.R298W",0.214953271028037,130,23,"unknown","NA",0,"NA",0,34,"het",0,"AGACTGCGCGTCGAAGGCCC","GGCGCAAGCGTCCCCGCTGC",0,0,"chr7:g.151079038G>A",40960,"WD40","predicted passenger",null,"FALSE",118,"FALSE",1,"FALSE"]
["G13409","WDR86","missense",7,151079038,"G","A","p.R298W",0.0125786163522013,161,2,"unknown","NA",0,"NA",0,34,"het",0,"AGACTGCGCGTCGAAGGCCC","GGCGCAAGCGTCCCCGCTGC",0,0,"chr7:g.151079038G>A",40960,"WD40","predicted passenger",null,"FALSE",118,"FALSE",1,"FALSE"]
["G13406","TMEM70","nonsense",8,74891054,"G","T","p.G92*",0.1784,241,43,"unknown","NA",0,"NA",0,38,"het",0,"CATCTGACAAATCAGAAGAT","GAAGGCTAATTTATACTGGC",0,0,"chr8:g.74891054G>T",40963,null,"predicted passenger",null,"FALSE",173,"TRUE",1,"FALSE"]
["G13407","TMEM70","nonsense",8,74891054,"G","T","p.G92*",0.1894,322,61,"unknown","NA",0,"NA",0,38,"het",0,"CATCTGACAAATCAGAAGAT","GAAGGCTAATTTATACTGGC",0,0,"chr8:g.74891054G>T",41058,null,"predicted passenger",null,"FALSE",173,"TRUE",1,"FALSE"]
["G13408","TMEM70","nonsense",8,74891054,"G","T","p.G92*",0.0325,277,9,"unknown","NA",0,"NA",0,38,"het",0,"CATCTGACAAATCAGAAGAT","GAAGGCTAATTTATACTGGC",0,0,"chr8:g.74891054G>T",40963,null,"predicted passenger",null,"FALSE",173,"TRUE",1,"FALSE"]
["G13406","TSPYL5","missense",8,98289328,"G","A","p.P249S",0.1676,179,30,"unknown","NA",0,"NA",0,24.6,"het",0,"TGCTTGCCCCCAGAAGCCCG","GATATTTTGGATGAGGTGGT",0,0,"chr8:g.98289328G>A",40964,"NAP","predicted passenger",null,"FALSE",125,"FALSE",1,"FALSE"]
["G13407","TSPYL5","missense",8,98289328,"G","A","p.P249S",0.2291,227,52,"unknown","NA",0,"NA",0,24.6,"het",0,"TGCTTGCCCCCAGAAGCCCG","GATATTTTGGATGAGGTGGT",0,0,"chr8:g.98289328G>A",41059,"NAP","predicted passenger",null,"FALSE",125,"FALSE",1,"FALSE"]
["G13408","TSPYL5","missense",8,98289328,"G","A","p.P249S",0.0404,198,8,"unknown","NA",0,"NA",0,24.6,"het",0,"TGCTTGCCCCCAGAAGCCCG","GATATTTTGGATGAGGTGGT",0,0,"chr8:g.98289328G>A",40964,"NAP","predicted passenger",null,"FALSE",125,"FALSE",1,"FALSE"]
["G13406","MYC","missense",8,128753006,"T","G","p.F389L",0.1043,115,12,"unknown","NA",0,"NA",0,25,"het",0.01271,"AACGAGCTAAAACGGAGCTT","TTTGCCCTGCGTGACCAGAT",0,1,"chr8:g.128753006T>G",40966,"HLH","predicted driver: tier 1","Act","FALSE",48,"FALSE",2,"TRUE"]
["G13407","MYC","missense",8,128753006,"T","G","p.F389L",0.168,125,21,"unknown","NA",0,"NA",0,25,"het",0.00065,"AACGAGCTAAAACGGAGCTT","TTTGCCCTGCGTGACCAGAT",0,1,"chr8:g.128753006T>G",41060,"HLH","predicted driver: tier 1","Act","FALSE",48,"FALSE",2,"TRUE"]
["G13406","KCNQ3","frameshift",8,133144489,"GTCTGGCTACATATGGTTCATTC","G",".",0.5311,322,171,"unknown","NA",0,"NA",0,35,"het",0,"TTCGATTTCTGATGTGGATG","CTAAGAAGAAGCGAACACTT",0,0,"chr8:g.133144490_133144511del",40967,null,"predicted passenger",null,"FALSE",189,"FALSE",0,"FALSE"]
["G13407","KCNQ3","frameshift",8,133144489,"GTCTGGCTACATATGGTTCATTC","G",".",0.4476,391,175,"unknown","NA",0,"NA",0,35,"het",0,"TTCGATTTCTGATGTGGATG","CTAAGAAGAAGCGAACACTT",0,0,"chr8:g.133144490_133144511del",41061,null,"predicted passenger",null,"FALSE",189,"FALSE",0,"FALSE"]
["G13408","KCNQ3","frameshift",8,133144489,"GTCTGGCTACATATGGTTCATTC","G",".",0.1786,280,50,"unknown","NA",0,"NA",0,35,"het",0,"TTCGATTTCTGATGTGGATG","CTAAGAAGAAGCGAACACTT",0,0,"chr8:g.133144490_133144511del",41143,null,"predicted passenger",null,"FALSE",189,"FALSE",0,"FALSE"]
["G13409","KCNQ3","frameshift",8,133144489,"GTCTGGCTACATATGGTTCATTC","G",".",0.0111,270,3,"unknown","NA",0,"NA",0,35,"het",0,"TTCGATTTCTGATGTGGATG","CTAAGAAGAAGCGAACACTT",0,0,"chr8:g.133144490_133144511del",40967,null,"predicted passenger",null,"FALSE",189,"FALSE",0,"FALSE"]
["G13406","FAM135B","missense",8,139163470,"G","A","p.T1083M",0.4675,77,36,"unknown","NA",0,"NA",0,5.776,"het",0,"CACTGACTTCCTCATCCAAC","TGCTGGAATGGGTAGAAACA",0,1,"chr8:g.139163470G>A",40968,null,"predicted passenger",null,"FALSE",52,"FALSE",0,"FALSE"]
["G13407","FAM135B","missense",8,139163470,"G","A","p.T1083M",0.4179,67,28,"unknown","NA",0,"NA",0,5.776,"het",0,"CACTGACTTCCTCATCCAAC","TGCTGGAATGGGTAGAAACA",0,1,"chr8:g.139163470G>A",41063,null,"predicted passenger",null,"FALSE",52,"FALSE",0,"FALSE"]
["G13408","FAM135B","missense",8,139163470,"G","A","p.T1083M",0.320754716981132,70,17,"unknown","NA",0,"NA",0,5.776,"het",0,"CACTGACTTCCTCATCCAAC","TGCTGGAATGGGTAGAAACA",0,1,"chr8:g.139163470G>A",40968,null,"predicted passenger",null,"FALSE",52,"FALSE",0,"FALSE"]
["G13406","BNC2","missense",9,16419268,"C","T","p.E1007K",0.5,96,48,"unknown","NA",0,"NA",0,24.2,"het",0,"GCCAGGGAGGGCAGGGGCCT","GGCCTTGTGTGCCGACTCCC",0,0,"chr9:g.16419268C>T",40969,null,"predicted passenger","LoF","FALSE",124,"FALSE",0,"FALSE"]
["G13407","BNC2","missense",9,16419268,"C","T","p.E1007K",0.3871,124,48,"unknown","NA",0,"NA",0,24.2,"het",0,"GCCAGGGAGGGCAGGGGCCT","GGCCTTGTGTGCCGACTCCC",0,0,"chr9:g.16419268C>T",41065,null,"predicted passenger","LoF","FALSE",124,"FALSE",0,"FALSE"]
["G13408","BNC2","missense",9,16419268,"C","T","p.E1007K",0.097,134,13,"unknown","NA",0,"NA",0,24.2,"het",0.00016,"GCCAGGGAGGGCAGGGGCCT","GGCCTTGTGTGCCGACTCCC",0,0,"chr9:g.16419268C>T",41144,null,"predicted passenger","LoF","FALSE",124,"FALSE",0,"FALSE"]
["G13409","BNC2","missense",9,16419268,"C","T","p.E1007K",0.0129,155,2,"unknown","NA",0,"NA",0,24.2,"het",0,"GCCAGGGAGGGCAGGGGCCT","GGCCTTGTGTGCCGACTCCC",0,0,"chr9:g.16419268C>T",40969,null,"predicted passenger","LoF","FALSE",124,"FALSE",0,"FALSE"]
["G13406","NTRK2","missense",9,87482197,"G","A","p.S495N",0.219,137,30,"unknown","NA",0,"NA",0,24.5,"het",0,"CAATGATGATGACTCTGCCA","CCCACTCCATCACATCTCCA",0,0,"chr9:g.87482197G>A",40970,null,"predicted passenger","Act","FALSE",221,"FALSE",2,"FALSE"]
["G13407","NTRK2","missense",9,87482197,"G","A","p.S495N",0.2414,203,49,"unknown","NA",0,"NA",0,24.5,"het",0,"CAATGATGATGACTCTGCCA","CCCACTCCATCACATCTCCA",0,0,"chr9:g.87482197G>A",41066,null,"predicted passenger","Act","FALSE",221,"FALSE",2,"FALSE"]
["G13408","NTRK2","missense",9,87482197,"G","A","p.S495N",0.00803212851405622,251,2,"unknown","NA",0,"NA",0,24.5,"het",0,"CAATGATGATGACTCTGCCA","CCCACTCCATCACATCTCCA",0,0,"chr9:g.87482197G>A",40970,null,"predicted passenger","Act","FALSE",221,"FALSE",2,"FALSE"]
["G13406","FAM13C","missense",10,61112056,"T","G","p.S100R",0.2923,130,38,"unknown","NA",0,"NA",0,24.8,"het",0,"TTCTCCGTGGCTCCTCCCGC","CTCCGCTTTGAAGATGGACT",0,0,"chr10:g.61112056T>G",40971,null,"predicted passenger",null,"FALSE",133,"FALSE",0,"FALSE"]
["G13407","FAM13C","missense",10,61112056,"T","G","p.S100R",0.3077,156,48,"unknown","NA",0,"NA",0,24.8,"het",0,"TTCTCCGTGGCTCCTCCCGC","CTCCGCTTTGAAGATGGACT",0,0,"chr10:g.61112056T>G",41069,null,"predicted passenger",null,"FALSE",133,"FALSE",0,"FALSE"]
["G13408","FAM13C","missense",10,61112056,"T","G","p.S100R",0.0988,172,17,"unknown","NA",0,"NA",0,24.8,"het",0.00016,"TTCTCCGTGGCTCCTCCCGC","CTCCGCTTTGAAGATGGACT",0,0,"chr10:g.61112056T>G",41149,null,"predicted passenger",null,"FALSE",133,"FALSE",0,"FALSE"]
["G13406","CD6","nonsense",11,60776256,"C","A","p.C240*",0.1667,12,2,"unknown","NA",0,"NA",0,34,"het",0.18803,"GAAGCTTACCTGTGGGACTG","CCGGGGCTGCCAGGACAGCA",0,0,"chr11:g.60776256C>A",40972,"SRCR","predicted passenger",null,"FALSE",17,"TRUE",1,"FALSE"]
["G13406","RIN1","missense",11,66103607,"C","A","p.D37Y",0.1111,18,2,"unknown","NA",0,"NA",0,26.1,"het",0.25714,"GCCGCTGGCATTGGGCACGT","ATACAGTGGGTCCTGGGCTG",0,0,"chr11:g.66103607C>A",40973,null,"predicted passenger",null,"FALSE",19,"FALSE",3,"FALSE"]
["G13406","PAAF1","missense",11,73610198,"G","A","p.C97Y",0.0926,54,5,"unknown","NA",0,"NA",0,24.1,"het",0.02253,"TCTCTTTGAACAGATAACAT","CCTGGACATTTCCAGCAGAG",0,0,"chr11:g.73610198G>A",40974,"WD40","predicted passenger",null,"FALSE",65,"FALSE",2,"FALSE"]
["G13406","TENM4","missense",11,78387231,"C","T","p.R1821Q",0.4865,37,18,"unknown","NA",0,"NA",0,24.4,"het",0,"CAAAGACAGTGACCTGGCCC","GAGCCTGCTCTTTGCGCTGG",0,0,"chr11:g.78387231C>T",40975,null,"predicted passenger",null,"FALSE",47,"FALSE",1,"FALSE"]
["G13407","TENM4","missense",11,78387231,"C","T","p.R1821Q",0.4286,56,24,"unknown","NA",0,"NA",0,24.4,"het",0,"CAAAGACAGTGACCTGGCCC","GAGCCTGCTCTTTGCGCTGG",0,0,"chr11:g.78387231C>T",41072,null,"predicted passenger",null,"FALSE",47,"FALSE",1,"FALSE"]
["G13408","TENM4","missense",11,78387231,"C","T","p.R1821Q",0.1846,65,12,"unknown","NA",0,"NA",0,24.4,"het",0.00162,"CAAAGACAGTGACCTGGCCC","GAGCCTGCTCTTTGCGCTGG",0,0,"chr11:g.78387231C>T",41153,null,"predicted passenger",null,"FALSE",47,"FALSE",1,"FALSE"]
["G13406","NCAPD3","missense",11,134048770,"C","T","p.R874H",0.1419,148,21,"unknown","NA",0,"NA",0,35,"het",1e-05,"ACTGAATCAGAAGGAAGATG","GCTTCTCCACCCTGGCTGGA",0,0,"chr11:g.134048770C>T",40976,null,"predicted passenger",null,"FALSE",121,"FALSE",3,"FALSE"]
["G13407","NCAPD3","missense",11,134048770,"C","T","p.R874H",0.2057,141,29,"unknown","NA",0,"NA",0,35,"het",0,"ACTGAATCAGAAGGAAGATG","GCTTCTCCACCCTGGCTGGA",0,0,"chr11:g.134048770C>T",41073,null,"predicted passenger",null,"FALSE",121,"FALSE",3,"FALSE"]
["G13409","NCAPD3","missense",11,134048770,"C","T","p.R874H",0.0123,162,2,"unknown","NA",0,"NA",0,35,"het",1e-05,"ACTGAATCAGAAGGAAGATG","GCTTCTCCACCCTGGCTGGA",0,0,"chr11:g.134048770C>T",40976,null,"predicted passenger",null,"FALSE",121,"FALSE",3,"FALSE"]
["G13406","FGFR1OP2","missense",12,27110625,"C","A","p.S115R",0.0602,133,8,"unknown","NA",0,"NA",0,25.5,"het",0.02588,"TTTAGATTGCTAATGGCTAG","AAAAAAGATGATCCGGGTAT",0,0,"chr12:g.27110625C>A",40977,"DUF837","predicted passenger",null,"FALSE",149,"FALSE",1,"FALSE"]
["G13407","FGFR1OP2","missense",12,27110625,"C","A","p.S115R",0.02,160,3,"unknown","NA",0,"NA",0,25.5,"het",0.02588,"TTTAGATTGCTAATGGCTAG","AAAAAAGATGATCCGGGTAT",0,0,"chr12:g.27110625C>A",40977,"DUF837","predicted passenger",null,"FALSE",149,"FALSE",1,"FALSE"]
["G13408","FGFR1OP2","missense",12,27110625,"C","A","p.S115R",0.0357142857142857,186,6,"unknown","NA",0,"NA",0,25.5,"het",0.02588,"TTTAGATTGCTAATGGCTAG","AAAAAAGATGATCCGGGTAT",0,0,"chr12:g.27110625C>A",40977,"DUF837","predicted passenger",null,"FALSE",149,"FALSE",1,"FALSE"]
["G13409","FGFR1OP2","missense",12,27110625,"C","A","p.S115R",0.023121387283237,178,4,"unknown","NA",0,"NA",0,25.5,"het",0.02588,"TTTAGATTGCTAATGGCTAG","AAAAAAGATGATCCGGGTAT",0,0,"chr12:g.27110625C>A",40977,"DUF837","predicted passenger",null,"FALSE",149,"FALSE",1,"FALSE"]
["G13406","NELL2","missense",12,44917199,"C","T","p.G675R",0.1339,239,32,"unknown","NA",0,"NA",0,29.6,"het",0,"AGGACATCGACAATCATATC","GCCATCCAAATTGAAGCAAA",0,0,"chr12:g.44917199C>T",40978,null,"predicted passenger",null,"FALSE",284,"FALSE",3,"FALSE"]
["G13407","NELL2","missense",12,44917199,"C","T","p.G675R",0.2295,244,56,"unknown","NA",0,"NA",0,29.6,"het",0,"AGGACATCGACAATCATATC","GCCATCCAAATTGAAGCAAA",0,0,"chr12:g.44917199C>T",41074,null,"predicted passenger",null,"FALSE",284,"FALSE",3,"FALSE"]
["G13408","NELL2","missense",12,44917199,"C","T","p.G675R",0.0594405594405594,303,17,"unknown","NA",0,"NA",0,29.6,"het",0,"AGGACATCGACAATCATATC","GCCATCCAAATTGAAGCAAA",0,0,"chr12:g.44917199C>T",40978,null,"predicted passenger",null,"FALSE",284,"FALSE",3,"FALSE"]
["G13409","NELL2","missense",12,44917199,"C","T","p.G675R",0.00586510263929619,343,2,"unknown","NA",0,"NA",0,29.6,"het",0,"AGGACATCGACAATCATATC","GCCATCCAAATTGAAGCAAA",0,0,"chr12:g.44917199C>T",40978,null,"predicted passenger",null,"FALSE",284,"FALSE",3,"FALSE"]
["G13406","CYP27B1","missense",12,58158944,"C","A","p.V214L",0.1902,163,31,"unknown","NA",0,"NA",0,26.1,"het",0,"GGTCTCCGTGTCGGGTGGCA","TTGAGCCTCCAGGCAGCCCA",0,0,"chr12:g.58158944C>A",40979,"p450","predicted passenger",null,"FALSE",178,"FALSE",1,"FALSE"]
["G13407","CYP27B1","missense",12,58158944,"C","A","p.V214L",0.1813,171,31,"unknown","NA",0,"NA",0,26.1,"het",0,"GGTCTCCGTGTCGGGTGGCA","TTGAGCCTCCAGGCAGCCCA",0,0,"chr12:g.58158944C>A",41076,"p450","predicted passenger",null,"FALSE",178,"FALSE",1,"FALSE"]
["G13408","CYP27B1","missense",12,58158944,"C","A","p.V214L",0.0435,207,9,"unknown","NA",0,"NA",0,26.1,"het",0.00535,"GGTCTCCGTGTCGGGTGGCA","TTGAGCCTCCAGGCAGCCCA",0,0,"chr12:g.58158944C>A",41157,"p450","predicted passenger",null,"FALSE",178,"FALSE",1,"FALSE"]
["G13406","C12orf65","missense",12,123738340,"C","T","p.P40L",0.1544,149,23,"unknown","NA",0,"NA",0,0.094,"het",0,"CCCAGGAATAGCTGTCACTC","GGTCCAGATGGCAGGCAAGA",0,0,"chr12:g.123738340C>T",40980,null,"predicted passenger",null,"FALSE",159,"FALSE",0,"FALSE"]
["G13407","C12orf65","missense",12,123738340,"C","T","p.P40L",0.0633,158,10,"unknown","NA",0,"NA",0,0.094,"het",0,"CCCAGGAATAGCTGTCACTC","GGTCCAGATGGCAGGCAAGA",0,0,"chr12:g.123738340C>T",40980,null,"predicted passenger",null,"FALSE",159,"FALSE",0,"FALSE"]
["G13408","C12orf65","missense",12,123738340,"C","T","p.P40L",0.0238,210,5,"unknown","NA",0,"NA",0,0.094,"het",0,"CCCAGGAATAGCTGTCACTC","GGTCCAGATGGCAGGCAAGA",0,0,"chr12:g.123738340C>T",40980,null,"predicted passenger",null,"FALSE",159,"FALSE",0,"FALSE"]
["G13406","SLITRK5","missense",13,88329610,"G","A","p.G656E",0.1754,114,20,"unknown","NA",0,"NA",0,5.25,"het",0,"CGCGAGCTTGGGCGCAGGCG","AGGGGCGTCGTCGGTGCCCT",0,0,"chr13:g.88329610G>A",40981,null,"predicted passenger",null,"FALSE",101,"FALSE",0,"FALSE"]
["G13407","SLITRK5","missense",13,88329610,"G","A","p.G656E",0.1651,109,18,"unknown","NA",0,"NA",0,5.25,"het",0,"CGCGAGCTTGGGCGCAGGCG","AGGGGCGTCGTCGGTGCCCT",0,0,"chr13:g.88329610G>A",41080,null,"predicted passenger",null,"FALSE",101,"FALSE",0,"FALSE"]
["G13408","SLITRK5","missense",13,88329610,"G","A","p.G656E",0.0853,129,11,"unknown","NA",0,"NA",0,5.25,"het",0,"CGCGAGCTTGGGCGCAGGCG","AGGGGCGTCGTCGGTGCCCT",0,0,"chr13:g.88329610G>A",40981,null,"predicted passenger",null,"FALSE",101,"FALSE",0,"FALSE"]
["G13406","RNASE2","missense",14,21424237,"A","C","p.S103R",0.2134,239,51,"unknown","NA",0,"NA",0,2E-3,"het",0,"AAAATTGTCACCACAGTGGA","GCCAGGTGCCTTTAATCCAC",0,0,"chr14:g.21424237A>C",40982,"RnaseA","predicted passenger",null,"FALSE",317,"FALSE",0,"FALSE"]
["G13407","RNASE2","missense",14,21424237,"A","C","p.S103R",0.2259,301,68,"unknown","NA",0,"NA",0,2E-3,"het",0,"AAAATTGTCACCACAGTGGA","GCCAGGTGCCTTTAATCCAC",0,0,"chr14:g.21424237A>C",41081,"RnaseA","predicted passenger",null,"FALSE",317,"FALSE",0,"FALSE"]
["G13408","RNASE2","missense",14,21424237,"A","C","p.S103R",0.0859,326,28,"unknown","NA",0,"NA",0,2E-3,"het",0,"AAAATTGTCACCACAGTGGA","GCCAGGTGCCTTTAATCCAC",0,0,"chr14:g.21424237A>C",40982,"RnaseA","predicted passenger",null,"FALSE",317,"FALSE",0,"FALSE"]
["G13406","HOMEZ","missense",14,23745092,"C","A","p.A449S",0.1176,17,2,"unknown","NA",0,"NA",0,13.7,"het",0.22857,"CGGCAGAGGTGGTGTCTCAG","CCTTTCGTTCAAGGAGCGGG",0,0,"chr14:g.23745092C>A",40983,null,"predicted passenger",null,"FALSE",19,"FALSE",0,"FALSE"]
["G13406","RALGAPA1",".",14,36218032,"T","TA",".",0.125,16,2,"unknown","NA",0,"NA",0,9.248,"het",0.12685,"CTAAACTAGCAGCTGCTCTC","AAAATACAAAAAAAAAAAAA",0,0,"chr14:g.36218032_36218033insA",40984,null,"predicted passenger",null,"FALSE",29,"FALSE",0,"FALSE"]
["G13409","RALGAPA1",".",14,36218032,"T","TA",".",0.0645,31,2,"unknown","NA",0,"NA",0,9.248,"het",0.12685,"CTAAACTAGCAGCTGCTCTC","AAAATACAAAAAAAAAAAAA",0,0,"chr14:g.36218032_36218033insA",40984,null,"predicted passenger",null,"FALSE",29,"FALSE",0,"FALSE"]
["G13406","FANCM","missense",14,45645288,"G","C","p.V1111L",0.2542,177,45,"unknown","NA",0,"NA",0,0.058,"het",0,"GAAGCCCTGCACAGAATTTA","TTGGAGAGAACAATCATGAT",0,0,"chr14:g.45645288G>C",40985,null,"predicted passenger","LoF","FALSE",225,"FALSE",0,"FALSE"]
["G13407","FANCM","missense",14,45645288,"G","C","p.V1111L",0.1536,267,41,"unknown","NA",0,"NA",0,0.058,"het",0,"GAAGCCCTGCACAGAATTTA","TTGGAGAGAACAATCATGAT",0,0,"chr14:g.45645288G>C",41082,null,"predicted passenger","LoF","FALSE",225,"FALSE",0,"FALSE"]
["G13408","FANCM","missense",14,45645288,"G","C","p.V1111L",0.072,250,18,"unknown","NA",0,"NA",0,0.058,"het",2e-05,"GAAGCCCTGCACAGAATTTA","TTGGAGAGAACAATCATGAT",0,0,"chr14:g.45645288G>C",41159,null,"predicted passenger","LoF","FALSE",225,"FALSE",0,"FALSE"]
["G13406","NPAP1","missense",15,24921496,"A","C","p.K161T",0.6154,13,8,"unknown","NA",0,"NA",0,1E-3,"het",0.00119,"AGAAGGGCCCAGAAGAGTGA","GAAGGATGAGGATCCGGTGC",0,0,"chr15:g.24921496A>C",40986,"POM121","predicted passenger",null,"FALSE",14,"FALSE",0,"FALSE"]
["G13407","NPAP1","missense",15,24921496,"A","C","p.K161T",0.2727,22,6,"unknown","NA",0,"NA",0,1E-3,"het",0.05548,"AGAAGGGCCCAGAAGAGTGA","GAAGGATGAGGATCCGGTGC",0,0,"chr15:g.24921496A>C",41085,"POM121","predicted passenger",null,"FALSE",14,"FALSE",0,"FALSE"]
["G13408","NPAP1","missense",15,24921496,"A","C","p.K161T",0.2632,19,5,"unknown","NA",0,"NA",0,1E-3,"het",0.06844,"AGAAGGGCCCAGAAGAGTGA","GAAGGATGAGGATCCGGTGC",0,0,"chr15:g.24921496A>C",41160,"POM121","predicted passenger",null,"FALSE",14,"FALSE",0,"FALSE"]
["G13406","GOLGA8M","missense",15,28947701,"G","T","p.H493N",0.199,201,40,"unknown","NA",0,"NA",0,4.914,"het",0,"TGGTTCTGATAAAAGGTGAT","GATTTTCCTGCGGGAGGACG",0,0,"chr15:g.28947701G>T",40987,"GOLGA2L5","predicted passenger",null,"FALSE",225,"FALSE",0,"FALSE"]
["G13407","GOLGA8M","missense",15,28947701,"G","T","p.H493N",0.2348,247,58,"unknown","NA",0,"NA",0,4.914,"het",0,"TGGTTCTGATAAAAGGTGAT","GATTTTCCTGCGGGAGGACG",0,0,"chr15:g.28947701G>T",41086,"GOLGA2L5","predicted passenger",null,"FALSE",225,"FALSE",0,"FALSE"]
["G13408","GOLGA8M","missense",15,28947701,"G","T","p.H493N",0.1133,256,29,"unknown","NA",0,"NA",0,4.914,"het",0,"TGGTTCTGATAAAAGGTGAT","GATTTTCCTGCGGGAGGACG",0,0,"chr15:g.28947701G>T",41162,"GOLGA2L5","predicted passenger",null,"FALSE",225,"FALSE",0,"FALSE"]
["G13406","USP8","missense",15,50751259,"G","A","p.R133Q",0.4545,187,85,"unknown","NA",0,"NA",0,18.73,"het",0,"CAGGCAGGAGGAAGCACAGC","GCTACAACAAAAAAGGCAGG",0,1,"chr15:g.50751259G>A",40989,null,"predicted passenger",null,"FALSE",168,"FALSE",0,"FALSE"]
["G13407","USP8","missense",15,50751259,"G","A","p.R133Q",0.4713,174,82,"unknown","NA",0,"NA",0,18.73,"het",0,"CAGGCAGGAGGAAGCACAGC","GCTACAACAAAAAAGGCAGG",0,1,"chr15:g.50751259G>A",41088,null,"predicted passenger",null,"FALSE",168,"FALSE",0,"FALSE"]
["G13408","USP8","missense",15,50751259,"G","A","p.R133Q",0.1364,198,27,"unknown","NA",0,"NA",0,18.73,"het",8e-05,"CAGGCAGGAGGAAGCACAGC","GCTACAACAAAAAAGGCAGG",0,1,"chr15:g.50751259G>A",41163,null,"predicted passenger",null,"FALSE",168,"FALSE",0,"FALSE"]
["G13409","USP8","missense",15,50751259,"G","A","p.R133Q",0.0141,213,3,"unknown","NA",0,"NA",0,18.73,"het",0,"CAGGCAGGAGGAAGCACAGC","GCTACAACAAAAAAGGCAGG",0,1,"chr15:g.50751259G>A",40989,null,"predicted passenger",null,"FALSE",168,"FALSE",0,"FALSE"]
["G13406","ADAMTS18","missense",16,77465503,"C","T","p.V62I",0.1582,158,25,"unknown","NA",0,"NA",0,18.6,"het",0,"TTCTACTGGCGTGACAAAGA","GTAATCTGCAATGGGAAAAG",0,0,"chr16:g.77465503C>T",40990,"Pep_M12B_propep","predicted passenger","LoF","FALSE",149,"FALSE",0,"FALSE"]
["G13407","ADAMTS18","missense",16,77465503,"C","T","p.V62I",0.2772,184,51,"unknown","NA",0,"NA",0,18.6,"het",0,"TTCTACTGGCGTGACAAAGA","GTAATCTGCAATGGGAAAAG",0,0,"chr16:g.77465503C>T",41089,"Pep_M12B_propep","predicted passenger","LoF","FALSE",149,"FALSE",0,"FALSE"]
["G13408","ADAMTS18","missense",16,77465503,"C","T","p.V62I",0.06,200,12,"unknown","NA",0,"NA",0,18.6,"het",0.00179,"TTCTACTGGCGTGACAAAGA","GTAATCTGCAATGGGAAAAG",0,0,"chr16:g.77465503C>T",41166,"Pep_M12B_propep","predicted passenger","LoF","FALSE",149,"FALSE",0,"FALSE"]
["G13406","HSDL1","missense",16,84163824,"C","T","p.V145I",0.0441,136,6,"unknown","NA",0,"NA",0,0.004,"het",0.0085,"GTTATTTACCAAGATGCCAA","GTCTTTGTCCTTCAGGGCTT",0,0,"chr16:g.84163824C>T",40991,"adh_short","predicted passenger",null,"FALSE",178,"FALSE",0,"FALSE"]
["G13408","HSDL1","missense",16,84163824,"C","T","p.V145I",0.0621,177,11,"unknown","NA",0,"NA",0,0.004,"het",0.00067,"GTTATTTACCAAGATGCCAA","GTCTTTGTCCTTCAGGGCTT",0,0,"chr16:g.84163824C>T",41167,"adh_short","predicted passenger",null,"FALSE",178,"FALSE",0,"FALSE"]
["G13407","HSDL1","missense",16,84163824,"C","T","p.V145I",0.0226,177,4,"unknown","NA",0,"NA",0,0.004,"het",0.0085,"GTTATTTACCAAGATGCCAA","GTCTTTGTCCTTCAGGGCTT",0,0,"chr16:g.84163824C>T",40991,"adh_short","predicted passenger",null,"FALSE",178,"FALSE",0,"FALSE"]
["G13406","VPS9D1","missense",16,89777197,"G","A","p.T352M",0.1707,41,7,"unknown","NA",0,"NA",0,2.495,"het",0.00851,"GGCCGGGTTGGAGTGGGGGC","TGGGGGGACTGTCCTGGGGC",0,0,"chr16:g.89777197G>A",40992,null,"predicted passenger",null,"FALSE",37,"FALSE",0,"FALSE"]
["G13407","VPS9D1","missense",16,89777197,"G","A","p.T352M",0.2444,45,11,"unknown","NA",0,"NA",0,2.495,"het",0.00072,"GGCCGGGTTGGAGTGGGGGC","TGGGGGGACTGTCCTGGGGC",0,0,"chr16:g.89777197G>A",41091,null,"predicted passenger",null,"FALSE",37,"FALSE",0,"FALSE"]
["G13406","FXR2","missense",17,7495876,"G","A","p.R591C",0.2446,139,34,"unknown","NA",0,"NA",0,29.8,"het",0,"CCGATTACCACGGTTACGGC","GCGGCGGCTGCGATTACGAC",0,0,"chr17:g.7495876G>A",40993,null,"predicted passenger",null,"FALSE",171,"FALSE",2,"FALSE"]
["G13407","FXR2","missense",17,7495876,"G","A","p.R591C",0.2756,156,43,"unknown","NA",0,"NA",0,29.8,"het",0,"CCGATTACCACGGTTACGGC","GCGGCGGCTGCGATTACGAC",0,0,"chr17:g.7495876G>A",41092,null,"predicted passenger",null,"FALSE",171,"FALSE",2,"FALSE"]
["G13406","KRT20","missense",17,39041194,"C","A","p.A82S",0.2977,131,39,"unknown","NA",0,"NA",0,29.1,"het",0,"CACCTTTTCTAGGTAGCTCG","TAGACGGTCATTTAGGTTCT",0,0,"chr17:g.39041194C>A",40994,"Filament","predicted passenger",null,"FALSE",139,"FALSE",2,"FALSE"]
["G13407","KRT20","missense",17,39041194,"C","A","p.A82S",0.1973,147,29,"unknown","NA",0,"NA",0,29.1,"het",0,"CACCTTTTCTAGGTAGCTCG","TAGACGGTCATTTAGGTTCT",0,0,"chr17:g.39041194C>A",41094,"Filament","predicted passenger",null,"FALSE",139,"FALSE",2,"FALSE"]
["G13408","KRT20","missense",17,39041194,"C","A","p.A82S",0.06,150,9,"unknown","NA",0,"NA",0,29.1,"het",0.00422,"CACCTTTTCTAGGTAGCTCG","TAGACGGTCATTTAGGTTCT",0,0,"chr17:g.39041194C>A",41169,"Filament","predicted passenger",null,"FALSE",139,"FALSE",2,"FALSE"]
["G13406","KRTAP2-4","missense",17,39221973,"C","T","p.R42H",0.4762,21,10,"unknown","NA",0,"NA",0,28.4,"het",0.00069,"GGGGCACGCAGGTCACGGGG","GGCACACGGTGGTCTGGCAG",0,0,"chr17:g.39221973C>T",40995,"Keratin_B2","predicted passenger",null,"FALSE",25,"FALSE",1,"FALSE"]
["G13407","KRTAP2-4","missense",17,39221973,"C","T","p.R42H",0.3125,32,10,"unknown","NA",0,"NA",0,28.4,"het",0.00944,"GGGGCACGCAGGTCACGGGG","GGCACACGGTGGTCTGGCAG",0,0,"chr17:g.39221973C>T",41095,"Keratin_B2","predicted passenger",null,"FALSE",25,"FALSE",1,"FALSE"]
["G13408","KRTAP2-4","missense",17,39221973,"C","T","p.R42H",0.1163,43,5,"unknown","NA",0,"NA",0,28.4,"het",0.00069,"GGGGCACGCAGGTCACGGGG","GGCACACGGTGGTCTGGCAG",0,0,"chr17:g.39221973C>T",40995,"Keratin_B2","predicted passenger",null,"FALSE",25,"FALSE",1,"FALSE"]
["G13406","CRHR1","missense",17,43861938,"G","A","p.V10I",0.22,100,22,"unknown","NA",0,"NA",0,13.01,"het",0,"GGCACCCGCAGCTCCGTCTC","TCAAGGTAACAGCCCGCCGG",0,0,"chr17:g.43861938G>A",40997,null,"predicted passenger",null,"FALSE",121,"FALSE",0,"FALSE"]
["G13407","CRHR1","missense",17,43861938,"G","A","p.V10I",0.2927,123,36,"unknown","NA",0,"NA",0,13.01,"het",0,"GGCACCCGCAGCTCCGTCTC","TCAAGGTAACAGCCCGCCGG",0,0,"chr17:g.43861938G>A",41096,null,"predicted passenger",null,"FALSE",121,"FALSE",0,"FALSE"]
["G13408","CRHR1","missense",17,43861938,"G","A","p.V10I",0.094,117,11,"unknown","NA",0,"NA",0,13.01,"het",0.00099,"GGCACCCGCAGCTCCGTCTC","TCAAGGTAACAGCCCGCCGG",0,0,"chr17:g.43861938G>A",41170,null,"predicted passenger",null,"FALSE",121,"FALSE",0,"FALSE"]
["G13406","KCNH6","missense",17,61613037,"C","A","p.T370N",0.1053,19,2,"unknown","NA",0,"NA",0,25.9,"het",0.18937,"CCTACCCCTCCAGACCACAA","CCTGATTGGGCTATTGAAGA",0,0,"chr17:g.61613037C>A",40998,"Ion_trans","predicted passenger",null,"FALSE",25,"FALSE",2,"FALSE"]
["G13406","CCDC57",".",17,80136349,"C","A",".",0.1333,15,2,"unknown","NA",0,"NA",0,22.9,"het",0.18717,"GAGCCGACTGGGTACTCTCA","CTGTGCCCCTGGTCTGGGGA",0,0,"chr17:g.80136349C>A",40999,null,"predicted passenger",null,"FALSE",20,"TRUE",1,"FALSE"]
["G13406","ASXL3","frameshift",18,31325884,"TCCCCCTCCACCCTTGGCTTTGCCCCCGCCT","CC","p.P2024P",0.092,87,8,"unknown","NA",0,"NA",0,34,"het",0.00287,"CCGCCGCCACCGCCTCCCCC","CCCCCCCCACCACCTCCGCT",0,0,"chr18:g.31325884_31325885delinsCC",41000,null,"predicted passenger",null,"FALSE",58,"FALSE",0,"FALSE"]
["G13407","ASXL3","frameshift",18,31325884,"TCCCCCTCCACCCTTGGCTTTGCCCCCGCCT","CC","p.P2024P",0.135998329399035,76,9,"unknown","NA",0,"NA",0,34,"het",0.00287,"CCGCCGCCACCGCCTCCCCC","CCCCCCCCACCACCTCCGCT",0,0,"chr18:g.31325884_31325885delinsCC",41000,null,"predicted passenger",null,"FALSE",58,"FALSE",0,"FALSE"]
["G13408","ASXL3","frameshift",18,31325884,"TCCCCCTCCACCCTTGGCTTTGCCCCCGCCT","CC","p.P2024P",0.0777191356245955,88,6.07692307692308,"unknown","NA",0,"NA",0,34,"het",0.00287,"CCGCCGCCACCGCCTCCCCC","CCCCCCCCACCACCTCCGCT",0,0,"chr18:g.31325884_31325885delinsCC",41000,null,"predicted passenger",null,"FALSE",58,"FALSE",0,"FALSE"]
["G13409","ASXL3","frameshift",18,31325884,"TCCCCCTCCACCCTTGGCTTTGCCCCCGCCT","CC","p.P2024P",0.0382089307435827,86,3.0625,"unknown","NA",0,"NA",0,34,"het",0.00287,"CCGCCGCCACCGCCTCCCCC","CCCCCCCCACCACCTCCGCT",0,0,"chr18:g.31325884_31325885delinsCC",41000,null,"predicted passenger",null,"FALSE",58,"FALSE",0,"FALSE"]
["G13406","ABHD17A","frameshift",19,1877578,"CG","C","p.S263Cfs*46",0.055,109,6,"unknown","NA",0,"NA",0,35,"het",0.01416,"CGCATGCCCGAGGTGAGCGG","AGTGCAGCACCACCGCGGCA",0,0,"chr19:g.1877579_1877579del",41002,"Abhydrolase_5","predicted passenger",null,"FALSE",126,"FALSE",0,"FALSE"]
["G13407","ABHD17A","frameshift",19,1877578,"CG","C","p.S263Cfs*46",0.032,129,4,"unknown","NA",0,"NA",0,35,"het",0.01416,"CGCATGCCCGAGGTGAGCGG","AGTGCAGCACCACCGCGGCA",0,0,"chr19:g.1877579_1877579del",41002,"Abhydrolase_5","predicted passenger",null,"FALSE",126,"FALSE",0,"FALSE"]
["G13408","ABHD17A","frameshift",19,1877578,"CG","C","p.S263Cfs*46",0.0201342281879195,152,3,"unknown","NA",0,"NA",0,35,"het",0.01416,"CGCATGCCCGAGGTGAGCGG","AGTGCAGCACCACCGCGGCA",0,0,"chr19:g.1877579_1877579del",41002,"Abhydrolase_5","predicted passenger",null,"FALSE",126,"FALSE",0,"FALSE"]
["G13409","ABHD17A","frameshift",19,1877578,"CG","C","p.S263Cfs*46",0.0169491525423729,180,3,"unknown","NA",0,"NA",0,35,"het",0.01416,"CGCATGCCCGAGGTGAGCGG","AGTGCAGCACCACCGCGGCA",0,0,"chr19:g.1877579_1877579del",41002,"Abhydrolase_5","predicted passenger",null,"FALSE",126,"FALSE",0,"FALSE"]
["G13406","RANBP3","missense",19,5928050,"C","T","p.A248T",0.2093,86,18,"unknown","NA",0,"NA",0,0.213,"het",0,"GGGGTCTTTTTTCTCACAGG","TTCCTCTTCAGAGGCATTGC",0,0,"chr19:g.5928050C>T",41003,null,"predicted passenger",null,"FALSE",96,"FALSE",0,"FALSE"]
["G13407","RANBP3","missense",19,5928050,"C","T","p.A248T",0.1683,101,17,"unknown","NA",0,"NA",0,0.213,"het",2e-05,"GGGGTCTTTTTTCTCACAGG","TTCCTCTTCAGAGGCATTGC",0,0,"chr19:g.5928050C>T",41098,null,"predicted passenger",null,"FALSE",96,"FALSE",0,"FALSE"]
["G13408","RANBP3","missense",19,5928050,"C","T","p.A248T",0.0254,118,3,"unknown","NA",0,"NA",0,0.213,"het",0,"GGGGTCTTTTTTCTCACAGG","TTCCTCTTCAGAGGCATTGC",0,0,"chr19:g.5928050C>T",41003,null,"predicted passenger",null,"FALSE",96,"FALSE",0,"FALSE"]
["G13406","SYDE1","missense",19,15224404,"C","A","p.A613E",0.1071,28,3,"unknown","NA",0,"NA",0,2.987,"het",0.08662,"CCGACAATCTCCAGATGTCG","GCCTTACTTGCGACCCAAAC",0,0,"chr19:g.15224404C>A",41004,null,"predicted passenger",null,"FALSE",34,"FALSE",0,"FALSE"]
["G13406","HAUS8","missense",19,17160705,"C","A","p.R404L",0.1111,18,2,"unknown","NA",0,"NA",0,9.431,"het",0.25714,"ATGACAAGTCCCTCCCTGAA","GAGAGAGAGAGGGCGGGACT",0,0,"chr19:g.17160705C>A",41005,null,"predicted passenger",null,"FALSE",17,"FALSE",0,"FALSE"]
["G13406","ZNF91","missense",19,23557529,"G","A","p.S23F",0.2432,111,27,"unknown","NA",0,"NA",0,23.1,"het",0,"GACATTGCCACTCCTCCGGA","AGAATTCTATGGCCACATCC",0,0,"chr19:g.23557529G>A",41006,"KRAB","predicted passenger",null,"FALSE",152,"FALSE",1,"FALSE"]
["G13407","ZNF91","missense",19,23557529,"G","A","p.S23F",0.2324,142,33,"unknown","NA",0,"NA",0,23.1,"het",0,"GACATTGCCACTCCTCCGGA","AGAATTCTATGGCCACATCC",0,0,"chr19:g.23557529G>A",41099,"KRAB","predicted passenger",null,"FALSE",152,"FALSE",1,"FALSE"]
["G13408","ZNF91","missense",19,23557529,"G","A","p.S23F",0.0493,142,7,"unknown","NA",0,"NA",0,23.1,"het",0.01009,"GACATTGCCACTCCTCCGGA","AGAATTCTATGGCCACATCC",0,0,"chr19:g.23557529G>A",41172,"KRAB","predicted passenger",null,"FALSE",152,"FALSE",1,"FALSE"]
["G13406","SERTAD3","missense",19,40947888,"G","A","p.L34F",0.1,20,2,"unknown","NA",0,"NA",0,23.2,"het",0.4086,"TTTGTCTAGGGAGATGCGGA","CAGGGCTTGCTGGTAGCTCT",0,0,"chr19:g.40947888G>A",41008,"SERTA","predicted passenger",null,"FALSE",12,"FALSE",0,"FALSE"]
["G13406","ATF5","frameshift",19,50435763,"T","CC","p.L88Pfs*10",0.0702,114,8,"unknown","NA",0,"NA",0,25.2,"het",0.00344,"TCCCTTACCCCCCGGCACCC","CCCCCAACCTTCCCCAACCC",0,0,"chr19:g.50435763delinsCC",41009,null,"predicted passenger",null,"FALSE",129,"FALSE",0,"FALSE"]
["G13409","ATF5","frameshift",19,50435763,"T","CC","p.L88Pfs*10",0.0292,137,4,"unknown","NA",0,"NA",0,25.2,"het",0.00042,"TCCCTTACCCCCCGGCACCC","CCCCCAACCTTCCCCAACCC",0,0,"chr19:g.50435763delinsCC",31956,null,"predicted passenger",null,"FALSE",129,"FALSE",0,"FALSE"]
["G13406","ZNF615","missense",19,52497023,"C","T","p.G436S",0.1622,74,12,"unknown","NA",0,"NA",0,22.6,"het",1E-4,"TGGGCTCTTCAAAGCGAAGC","CTTTCCACACTCATTGCATT",0,0,"chr19:g.52497023C>T",41010,"zf-H2C2_2","predicted passenger",null,"FALSE",79,"FALSE",0,"FALSE"]
["G13407","ZNF615","missense",19,52497023,"C","T","p.G436S",0.1818,110,20,"unknown","NA",0,"NA",0,22.6,"het",1e-05,"TGGGCTCTTCAAAGCGAAGC","CTTTCCACACTCATTGCATT",0,0,"chr19:g.52497023C>T",41101,"zf-H2C2_2","predicted passenger",null,"FALSE",79,"FALSE",0,"FALSE"]
["G13406","ZNF415","missense",19,53612460,"T","G","p.S280R",0.2917,72,21,"unknown","NA",0,"NA",0,11.59,"het",0,"GCATGAGTTGCGACTGAAAC","TCTGTCACATTCATTACATT",0,0,"chr19:g.53612460T>G",41011,"zf-H2C2_2","predicted passenger",null,"FALSE",75,"FALSE",0,"FALSE"]
["G13407","ZNF415","missense",19,53612460,"T","G","p.S280R",0.2,115,23,"unknown","NA",0,"NA",0,11.59,"het",0,"GCATGAGTTGCGACTGAAAC","TCTGTCACATTCATTACATT",0,0,"chr19:g.53612460T>G",41102,"zf-H2C2_2","predicted passenger",null,"FALSE",75,"FALSE",0,"FALSE"]
["G13408","ZNF415","missense",19,53612460,"T","G","p.S280R",0.0625,96,6,"unknown","NA",0,"NA",0,11.59,"het",0,"GCATGAGTTGCGACTGAAAC","TCTGTCACATTCATTACATT",0,0,"chr19:g.53612460T>G",41011,"zf-H2C2_2","predicted passenger",null,"FALSE",75,"FALSE",0,"FALSE"]
["G13406","LZTS3","missense",20,3145350,"C","T","p.R591Q",0.3468,222,77,"unknown","NA",0,"NA",0,27.2,"het",0,"AGCTGGCACCCTGGCGCTCC","GGGCCCGCCGCTCAGCCGCC",0,0,"chr20:g.3145350C>T",41014,"Fez1","predicted passenger",null,"FALSE",165,"FALSE",2,"FALSE"]
["G13407","LZTS3","missense",20,3145350,"C","T","p.R591Q",0.3917,240,94,"unknown","NA",0,"NA",0,27.2,"het",0,"AGCTGGCACCCTGGCGCTCC","GGGCCCGCCGCTCAGCCGCC",0,0,"chr20:g.3145350C>T",41104,"Fez1","predicted passenger",null,"FALSE",165,"FALSE",2,"FALSE"]
["G13408","LZTS3","missense",20,3145350,"C","T","p.R591Q",0.1222,221,27,"unknown","NA",0,"NA",0,27.2,"het",0,"AGCTGGCACCCTGGCGCTCC","GGGCCCGCCGCTCAGCCGCC",0,0,"chr20:g.3145350C>T",41177,"Fez1","predicted passenger",null,"FALSE",165,"FALSE",2,"FALSE"]
["G13406","ADRA1D","missense",20,4202594,"C","T","p.R432H",0.1325,166,22,"unknown","NA",0,"NA",0,24.8,"het",1e-05,"GCCAGTGGTGGCCGTAGACA","GCCAGAGAGGGCGGCGGCGC",0,0,"chr20:g.4202594C>T",41015,null,"predicted passenger",null,"FALSE",118,"FALSE",0,"FALSE"]
["G13407","ADRA1D","missense",20,4202594,"C","T","p.R432H",0.1413,184,26,"unknown","NA",0,"NA",0,24.8,"het",0,"GCCAGTGGTGGCCGTAGACA","GCCAGAGAGGGCGGCGGCGC",0,0,"chr20:g.4202594C>T",41105,null,"predicted passenger",null,"FALSE",118,"FALSE",0,"FALSE"]
["G13406","CHD6","missense",20,40112102,"T","G","p.D772A",0.1527,131,20,"unknown","NA",0,"NA",0,25.7,"het",1e-05,"TCATGGCCTGCAGCTGAAAG","CAGGGGCATCAGGGCTGTGG",0,0,"chr20:g.40112102T>G",41016,null,"predicted driver: tier 1","Act","FALSE",105,"FALSE",2,"TRUE"]
["G13407","CHD6","missense",20,40112102,"T","G","p.D772A",0.1875,144,27,"unknown","NA",0,"NA",0,25.7,"het",0,"TCATGGCCTGCAGCTGAAAG","CAGGGGCATCAGGGCTGTGG",0,0,"chr20:g.40112102T>G",41107,null,"predicted driver: tier 1","Act","FALSE",105,"FALSE",2,"TRUE"]
["G13408","CHD6","missense",20,40112102,"T","G","p.D772A",0.0417,144,6,"unknown","NA",0,"NA",0,25.7,"het",0.04586,"TCATGGCCTGCAGCTGAAAG","CAGGGGCATCAGGGCTGTGG",0,0,"chr20:g.40112102T>G",41179,null,"predicted driver: tier 1","Act","FALSE",105,"FALSE",2,"TRUE"]
["G13406","SLC2A10","missense",20,45353896,"G","A","p.R74K",0.2734,139,38,"unknown","NA",0,"NA",0,25.6,"het",0,"CCTCATTGACTGCTATGGCA","GAAGCAAGCCATCCTCGGGA",0,0,"chr20:g.45353896G>A",41017,"Sugar_tr","predicted passenger",null,"FALSE",98,"FALSE",1,"FALSE"]
["G13407","SLC2A10","missense",20,45353896,"G","A","p.R74K",0.3514,185,65,"unknown","NA",0,"NA",0,25.6,"het",0,"CCTCATTGACTGCTATGGCA","GAAGCAAGCCATCCTCGGGA",0,0,"chr20:g.45353896G>A",41108,"Sugar_tr","predicted passenger",null,"FALSE",98,"FALSE",1,"FALSE"]
["G13408","SLC2A10","missense",20,45353896,"G","A","p.R74K",0.1161,155,18,"unknown","NA",0,"NA",0,25.6,"het",0.00103,"CCTCATTGACTGCTATGGCA","GAAGCAAGCCATCCTCGGGA",0,0,"chr20:g.45353896G>A",41180,"Sugar_tr","predicted passenger",null,"FALSE",98,"FALSE",1,"FALSE"]
["G13406","TMPRSS2","missense",21,42851138,"C","G","p.S252T",0.3846,91,35,"unknown","NA",0,"NA",0,19.55,"het",0,"AGATATCGACATTGCCGGCA","TTGTGTTCAGTTTCATAAAG",0,1,"chr21:g.42851138C>G",41019,"SRCR_2","predicted passenger","Act","FALSE",126,"FALSE",0,"FALSE"]
["G13407","TMPRSS2","missense",21,42851138,"C","G","p.S252T",0.2967,91,27,"unknown","NA",0,"NA",0,19.55,"het",0,"AGATATCGACATTGCCGGCA","TTGTGTTCAGTTTCATAAAG",0,1,"chr21:g.42851138C>G",41110,"SRCR_2","predicted passenger","Act","FALSE",126,"FALSE",0,"FALSE"]
["G13408","TMPRSS2","missense",21,42851138,"C","G","p.S252T",0.0968,124,12,"unknown","NA",0,"NA",0,19.55,"het",0.00038,"AGATATCGACATTGCCGGCA","TTGTGTTCAGTTTCATAAAG",0,1,"chr21:g.42851138C>G",41183,"SRCR_2","predicted passenger","Act","FALSE",126,"FALSE",0,"FALSE"]
["G13406","IGLL5","missense",22,23230414,"T","C","p.S61P",0.0755,106,8,"unknown","NA",0,"NA",0,0.217,"het",5.47E-3,"CCTCAGTTGGAAGCAGCCGA","CCAGCCTGCGGAGCCTGTGG",0,0,"chr22:g.23230414T>C",41020,null,"predicted passenger",null,"FALSE",109,"FALSE",0,"FALSE"]
["G13406","PRPS2","missense","X",12837640,"C","A","p.A185E",0.1,20,2,"unknown","NA",0,"NA",0,25.4,"het",0.25641,"TGCCAGGGTTACATCAATTG","AGACAGGTTGAATGTGGAAT",0,0,"chrX:g.12837640C>A",41021,null,"predicted passenger",null,"FALSE",20,"FALSE",2,"FALSE"]
["G13406","MAGEB4","missense","X",30260514,"G","A","p.D88N",0.1077,65,7,"unknown","NA",0,"NA",0,0.061,"het",0.00503,"ATAAAGGCGACGAGAGCCAA","ATGAGGAAAATGCAAGTTCC",0,0,"chrX:g.30260514G>A",41022,"MAGE_N","predicted passenger",null,"FALSE",73,"FALSE",0,"FALSE"]
["G13406","CFAP47","missense","X",35966531,"C","G","p.F206L",0.1875,64,12,"unknown","NA",0,"NA",0,12.55,"het",0.00053,"ATGGTTATTAAAGTAGATTT","TGTGCAGACCAGCCAAGAAT",0,0,"chrX:g.35966531C>G",41023,null,"predicted passenger",null,"FALSE",60,"FALSE",0,"FALSE"]
["G13407","CFAP47","missense","X",35966531,"C","G","p.F206L",0.3382,68,23,"unknown","NA",0,"NA",0,12.55,"het",0,"ATGGTTATTAAAGTAGATTT","TGTGCAGACCAGCCAAGAAT",0,0,"chrX:g.35966531C>G",41112,null,"predicted passenger",null,"FALSE",60,"FALSE",0,"FALSE"]
["G13408","CFAP47","missense","X",35966531,"C","G","p.F206L",0.1127,71,8,"unknown","NA",0,"NA",0,12.55,"het",0.01105,"ATGGTTATTAAAGTAGATTT","TGTGCAGACCAGCCAAGAAT",0,0,"chrX:g.35966531C>G",41185,null,"predicted passenger",null,"FALSE",60,"FALSE",0,"FALSE"]
["G13406","STARD8","missense","X",67943586,"G","A","p.R973Q",0.7097,93,66,"unknown","NA",0,"NA",0,18.47,"het",0,"CTGGGATGAGGATCTGCTGC","GGCCCAGGTGCTGGAAGCCC",0,0,"chrX:g.67943586G>A",41024,"START","predicted passenger",null,"FALSE",88,"FALSE",0,"FALSE"]
["G13407","STARD8","missense","X",67943586,"G","A","p.R973Q",0.7207,111,80,"unknown","NA",0,"NA",0,18.47,"het",0,"CTGGGATGAGGATCTGCTGC","GGCCCAGGTGCTGGAAGCCC",0,0,"chrX:g.67943586G>A",41113,"START","predicted passenger",null,"FALSE",88,"FALSE",0,"FALSE"]
["G13408","STARD8","missense","X",67943586,"G","A","p.R973Q",0.2437,119,29,"unknown","NA",0,"NA",0,18.47,"het",0,"CTGGGATGAGGATCTGCTGC","GGCCCAGGTGCTGGAAGCCC",0,0,"chrX:g.67943586G>A",41186,"START","predicted passenger",null,"FALSE",88,"FALSE",0,"FALSE"]
["G13409","STARD8","missense","X",67943586,"G","A","p.R973Q",0.0166666666666667,122,2,"unknown","NA",0,"NA",0,18.47,"het",0,"CTGGGATGAGGATCTGCTGC","GGCCCAGGTGCTGGAAGCCC",0,0,"chrX:g.67943586G>A",41024,"START","predicted passenger",null,"FALSE",88,"FALSE",0,"FALSE"]
["G13407","MAST2","missense",1,46493403,"C","A","p.N640K",0.1304,23,3,"unknown","NA",0,"NA",0,28,"het",0.10239,"TTATTTCTTCGTTCTTCCAG","CTCCTAATTACATCCATGGG",0,0,"chr1:g.46493403C>A",41027,"Pkinase","predicted passenger",null,"FALSE",26,"FALSE",3,"FALSE"]
["G13407","ARHGAP31","missense",3,119133198,"G","C","p.D808H",0.0558,233,13,"unknown","NA",0,"NA",0,7.586,"het",0.00028,"AGGGCGGCCCGGAAAGAGAA","ACTCATCCAGGAAATTGAGG",0,0,"chr3:g.119133198G>C",41040,null,"predicted passenger",null,"FALSE",222,"FALSE",1,"FALSE"]
["G13406","ARHGAP31","missense",3,119133198,"G","C","p.D808H",0.0112,178,2,"unknown","NA",0,"NA",0,7.586,"het",0.00028,"AGGGCGGCCCGGAAAGAGAA","ACTCATCCAGGAAATTGAGG",0,0,"chr3:g.119133198G>C",41040,null,"predicted passenger",null,"FALSE",222,"FALSE",1,"FALSE"]
["G13407","ADAMTS3","missense",4,73161383,"C","A","p.C904F",0.0625,64,4,"unknown","NA",0,"NA",0,34,"het",0.04393,"ATGCTTACAGTGGATGTGTA","ACTCTTGAATATTGCACATT",0,0,"chr4:g.73161383C>A",41042,"TSP_1","predicted passenger",null,"FALSE",78,"FALSE",3,"FALSE"]
["G13407","TLX3","missense",5,170736490,"G","A","p.A41T",0.069,58,4,"unknown","NA",0,"NA",0,17.35,"het",0.04673,"CCCCGCGGGGCCCCGACGGC","CCAGCTACCTGGGAGGGCCC",0,1,"chr5:g.170736490G>A",41053,null,"predicted passenger","Act","FALSE",67,"FALSE",0,"FALSE"]
["G13407","KHDRBS3","missense",8,136594201,"C","T","p.T231I",0.1903,247,47,"unknown","NA",0,"NA",0,15.68,"het",0,"TCCCAGAGGAGTCCTGTCCA","CCGAGGGCCAGTGAGTCGGG",0,0,"chr8:g.136594201C>T",41062,null,"predicted passenger",null,"FALSE",169,"FALSE",0,"FALSE"]
["G13406","KHDRBS3","missense",8,136594201,"C","T","p.T231I",0.0978,184,18,"unknown","NA",0,"NA",0,15.68,"het",0,"TCCCAGAGGAGTCCTGTCCA","CCGAGGGCCAGTGAGTCGGG",0,0,"chr8:g.136594201C>T",41062,null,"predicted passenger",null,"FALSE",169,"FALSE",0,"FALSE"]
["G13408","KHDRBS3","missense",8,136594201,"C","T","p.T231I",0.0197,152,3,"unknown","NA",0,"NA",0,15.68,"het",0,"TCCCAGAGGAGTCCTGTCCA","CCGAGGGCCAGTGAGTCGGG",0,0,"chr8:g.136594201C>T",41062,null,"predicted passenger",null,"FALSE",169,"FALSE",0,"FALSE"]
["G13407","PPP1R26","missense",9,138379094,"C","A","p.A913E",0.1053,19,2,"unknown","NA",0,"NA",0,0.484,"het",0.18937,"AGGCACAGAGAGCGCAGGAG","ACAGGGCACAGCTGGTCTGT",0,0,"chr9:g.138379094C>A",41067,null,"predicted passenger",null,"FALSE",26,"FALSE",0,"FALSE"]
["G13407","SFMBT2","nonsense",10,7214114,"C","A","p.E720*",0.1111,18,2,"unknown","NA",0,"NA",0,39,"het",0.22973,"GGCGTCAGCGTCCTCCTCTT","ACTTTCCTGGGAAGGAGGAA",0,0,"chr10:g.7214114C>A",41068,null,"predicted passenger",null,"FALSE",19,"TRUE",1,"FALSE"]
["G13407","TRIM66","frameshift",11,8662088,"GAT","G","p.H464Pfs*25",0.1059,85,9,"unknown","NA",0,"NA",0,21.3,"het",0.00724,"AGGGGGAAGGGGAGGTGGGG","GGGGGAGGGGTGGTGGTGGA",0,0,"chr11:g.8662089_8662090del",41070,null,"predicted passenger",null,"FALSE",65,"TRUE",0,"FALSE"]
["G13408","TRIM66","frameshift",11,8662088,"GAT","G","p.H464Pfs*25",0.05,100,5,"unknown","NA",0,"NA",0,21.3,"het",0.00724,"AGGGGGAAGGGGAGGTGGGG","GGGGGAGGGGTGGTGGTGGA",0,0,"chr11:g.8662089_8662090del",41070,null,"predicted passenger",null,"FALSE",65,"TRUE",0,"FALSE"]
["G13406","TRIM66","frameshift",11,8662088,"GAT","G","p.H464Pfs*25",0.0384207737148914,73,2.66666666666667,"unknown","NA",0,"NA",0,21.3,"het",0.00724,"AGGGGGAAGGGGAGGTGGGG","GGGGGAGGGGTGGTGGTGGA",0,0,"chr11:g.8662089_8662090del",41070,null,"predicted passenger",null,"FALSE",65,"TRUE",0,"FALSE"]
["G13409","TRIM66","frameshift",11,8662088,"GAT","G","p.H464Pfs*25",0.0112359550561798,90,1,"unknown","NA",0,"NA",0,21.3,"het",0.00724,"AGGGGGAAGGGGAGGTGGGG","GGGGGAGGGGTGGTGGTGGA",0,0,"chr11:g.8662089_8662090del",41070,null,"predicted passenger",null,"FALSE",65,"TRUE",0,"FALSE"]
["G13407","HELB","missense",12,66704151,"G","T","p.K481N",0.0517,271,14,"unknown","NA",0,"NA",0,29.6,"het",1.1E-4,"GGGAAAGGTGGATGTGGGAA","ACCACAATCGTTAGCCGTCT",0,0,"chr12:g.66704151G>T",41077,"AAA_30","predicted passenger",null,"FALSE",259,"FALSE",2,"FALSE"]
["G13406","HELB","missense",12,66704151,"G","T","p.K481N",0.0136,220,3,"unknown","NA",0,"NA",0,29.6,"het",1.1E-4,"GGGAAAGGTGGATGTGGGAA","ACCACAATCGTTAGCCGTCT",0,0,"chr12:g.66704151G>T",41077,"AAA_30","predicted passenger",null,"FALSE",259,"FALSE",2,"FALSE"]
["G13407","SLC15A4","missense",12,129308209,"A","T","p.W94R",0.0652,92,6,"unknown","NA",0,"NA",0,25.6,"het",0.02018,"CAGCCGCGCGTCGGCCAGCC","GCCTCCGAACGGCGAGCCCA",0,0,"chr12:g.129308209A>T",41079,null,"predicted passenger",null,"FALSE",92,"FALSE",2,"FALSE"]
["G13407","TUBGCP5","missense",15,22835946,"C","A","p.H59Q",0.0615,130,8,"unknown","NA",0,"NA",0,14.35,"het",0.01648,"TTCTTGGATGTCAACAGCCA","AAAATAGAAAAAACAATCGA",0,0,"chr15:g.22835946C>A",41084,null,"predicted passenger",null,"FALSE",156,"FALSE",0,"FALSE"]
["G13406","TUBGCP5","missense",15,22835946,"C","A","p.H59Q",0.0610687022900763,139,8,"unknown","NA",0,"NA",0,14.35,"het",0.01648,"TTCTTGGATGTCAACAGCCA","AAAATAGAAAAAACAATCGA",0,0,"chr15:g.22835946C>A",41084,null,"predicted passenger",null,"FALSE",156,"FALSE",0,"FALSE"]
["G13408","TUBGCP5","missense",15,22835946,"C","A","p.H59Q",0.0240384615384615,213,5,"unknown","NA",0,"NA",0,14.35,"het",0.01648,"TTCTTGGATGTCAACAGCCA","AAAATAGAAAAAACAATCGA",0,0,"chr15:g.22835946C>A",41084,null,"predicted passenger",null,"FALSE",156,"FALSE",0,"FALSE"]
["G13409","TUBGCP5","missense",15,22835946,"C","A","p.H59Q",0.0454545454545455,184,8,"unknown","NA",0,"NA",0,14.35,"het",0.01648,"TTCTTGGATGTCAACAGCCA","AAAATAGAAAAAACAATCGA",0,0,"chr15:g.22835946C>A",41084,null,"predicted passenger",null,"FALSE",156,"FALSE",0,"FALSE"]
["G13407","RPAP1","missense",15,41816325,"C","A","p.A735S",0.1,20,2,"unknown","NA",0,"NA",0,22.8,"het",0.19192,"AGCAGGGGTACTGCCGGCTG","CAGGGTTAGCTGGGTGAGGA",0,0,"chr15:g.41816325C>A",41087,null,"predicted passenger",null,"FALSE",31,"FALSE",0,"FALSE"]
["G13407","ARHGEF15","missense",17,8216243,"C","A","p.A202D",0.1053,19,2,"unknown","NA",0,"NA",0,23.6,"het",0.28739,"CTACCTGTCTCCCACAGATG","TGGCCTGGCCTGCCCTCCCT",0,0,"chr17:g.8216243C>A",41093,null,"predicted passenger",null,"FALSE",17,"FALSE",1,"FALSE"]
["G13407","SCAF1","frameshift",19,50154209,"CTGCCCCCTCCTCTGCATCCTCCTCCCCTTCCCCTTCTCCCTCATCTTCCTCCCCTT","C","p.A189Pfs*22",0.1132,53,6,"unknown","NA",0,"NA",0,32,"het",0.04883,"CGGGGGCCCTGCCCCACCCC","CCCCTCCCCCACCCCCACCG",0,0,"chr19:g.50154210_50154265del",41100,null,"predicted passenger",null,"FALSE",25,"FALSE",0,"FALSE"]
["G13408","SCAF1","frameshift",19,50154209,"CTGCCCCCTCCTCTGCATCCTCCTCCCCTTCCCCTTCTCCCTCATCTTCCTCCCCTT","C","p.A189Pfs*22",0.0377,53,2,"unknown","NA",0,"NA",0,32,"het",0.01066,"CGGGGGCCCTGCCCCACCCC","CCCCTCCCCCACCCCCACCG",0,0,"chr19:g.50154210_50154265del",28905,null,"predicted passenger",null,"FALSE",25,"FALSE",0,"FALSE"]
["G13406","SCAF1","frameshift",19,50154209,"CTGCCCCCTCCTCTGCATCCTCCTCCCCTTCCCCTTCTCCCTCATCTTCCTCCCCTT","C","p.A189Pfs*22",0.302536609982127,44,9.94642857142857,"unknown","NA",0,"NA",0,32,"het",0.01066,"CGGGGGCCCTGCCCCACCCC","CCCCTCCCCCACCCCCACCG",0,0,"chr19:g.50154210_50154265del",28905,null,"predicted passenger",null,"FALSE",25,"FALSE",0,"FALSE"]
["G13409","SCAF1","frameshift",19,50154209,"CTGCCCCCTCCTCTGCATCCTCCTCCCCTTCCCCTTCTCCCTCATCTTCCTCCCCTT","C","p.A189Pfs*22",0.0397676620861055,54,2,"unknown","NA",0,"NA",0,32,"het",0.01066,"CGGGGGCCCTGCCCCACCCC","CCCCTCCCCCACCCCCACCG",0,0,"chr19:g.50154210_50154265del",28905,null,"predicted passenger",null,"FALSE",25,"FALSE",0,"FALSE"]
["G13407","CACNG8","missense",19,54485712,"G","A","p.G296D",0.1722,151,26,"unknown","NA",0,"NA",0,12.6,"het",0,"GTCTCCCGGCGGCCCCGGGG","CCCGGGCTTTGCCTCCACGG",0,0,"chr19:g.54485712G>A",41103,null,"predicted passenger",null,"FALSE",157,"FALSE",0,"FALSE"]
["G13406","CACNG8","missense",19,54485712,"G","A","p.G296D",0.1221,213,26,"unknown","NA",0,"NA",0,12.6,"het",0,"GTCTCCCGGCGGCCCCGGGG","CCCGGGCTTTGCCTCCACGG",0,0,"chr19:g.54485712G>A",41103,null,"predicted passenger",null,"FALSE",157,"FALSE",0,"FALSE"]
["G13408","CACNG8","missense",19,54485712,"G","A","p.G296D",0.0293,205,6,"unknown","NA",0,"NA",0,12.6,"het",0,"GTCTCCCGGCGGCCCCGGGG","CCCGGGCTTTGCCTCCACGG",0,0,"chr19:g.54485712G>A",41103,null,"predicted passenger",null,"FALSE",157,"FALSE",0,"FALSE"]
["G13409","CACNG8","missense",19,54485712,"G","A","p.G296D",0.00934579439252336,218,2,"unknown","NA",0,"NA",0,12.6,"het",0,"GTCTCCCGGCGGCCCCGGGG","CCCGGGCTTTGCCTCCACGG",0,0,"chr19:g.54485712G>A",41103,null,"predicted passenger",null,"FALSE",157,"FALSE",0,"FALSE"]
["G13407","OTOR","missense",20,16729518,"T","C","p.I41T",0.1429,56,8,"unknown","NA",0,"NA",0,25.3,"het",0.00648,"TTTTTTTCTTCCAGATACTA","TTCTCTGGCTAGTGCTCAAG",0,0,"chr20:g.16729518T>C",41106,null,"predicted passenger",null,"FALSE",47,"FALSE",1,"FALSE"]
["G13406","OTOR","missense",20,16729518,"T","C","p.I41T",0.0893,56,5,"unknown","NA",0,"NA",0,25.3,"het",0.00648,"TTTTTTTCTTCCAGATACTA","TTCTCTGGCTAGTGCTCAAG",0,0,"chr20:g.16729518T>C",41106,null,"predicted passenger",null,"FALSE",47,"FALSE",1,"FALSE"]
["G13407","PREX1","missense",20,47253168,"C","T","p.A1334T",0.1509,159,24,"unknown","NA",0,"NA",0,28.3,"het",1e-05,"CTTGGAGAAGGTGCACACGG","GGCCACCAGGGCCTGGCAGA",0,0,"chr20:g.47253168C>T",41109,null,"predicted passenger",null,"FALSE",100,"FALSE",2,"FALSE"]
["G13408","PREX1","missense",20,47253168,"C","T","p.A1334T",0.0846,130,11,"unknown","NA",0,"NA",0,28.3,"het",0.0022,"CTTGGAGAAGGTGCACACGG","GGCCACCAGGGCCTGGCAGA",0,0,"chr20:g.47253168C>T",41181,null,"predicted passenger",null,"FALSE",100,"FALSE",2,"FALSE"]
["G13406","PREX1","missense",20,47253168,"C","T","p.A1334T",0.178217821782178,119,18,"unknown","NA",0,"NA",0,28.3,"het",1e-05,"CTTGGAGAAGGTGCACACGG","GGCCACCAGGGCCTGGCAGA",0,0,"chr20:g.47253168C>T",41109,null,"predicted passenger",null,"FALSE",100,"FALSE",2,"FALSE"]
["G13407","CACNA1I","missense",22,39996615,"G","A","p.G147R",0.2679,112,30,"unknown","NA",0,"NA",0,23.7,"het",0,"TTGGCAAGAAGTGCTACCTC","GGGACACATGGAACCGCCTG",0,0,"chr22:g.39996615G>A",41111,"Ion_trans","predicted passenger",null,"FALSE",122,"FALSE",2,"FALSE"]
["G13408","CACNA1I","missense",22,39996615,"G","A","p.G147R",0.0714,126,9,"unknown","NA",0,"NA",0,23.7,"het",0,"TTGGCAAGAAGTGCTACCTC","GGGACACATGGAACCGCCTG",0,0,"chr22:g.39996615G>A",41111,"Ion_trans","predicted passenger",null,"FALSE",122,"FALSE",2,"FALSE"]
["G13406","CACNA1I","missense",22,39996615,"G","A","p.G147R",0.215909090909091,107,19,"unknown","NA",0,"NA",0,23.7,"het",0,"TTGGCAAGAAGTGCTACCTC","GGGACACATGGAACCGCCTG",0,0,"chr22:g.39996615G>A",41111,"Ion_trans","predicted passenger",null,"FALSE",122,"FALSE",2,"FALSE"]
["G13407","PCDH11X","missense","X",91518129,"A","T","p.K1044I",0.1009,109,11,"unknown","NA",0,"NA",0,19.6,"het",0.00622,"TCAGCGGAAATCTGAAGGGA","AGTGGCAGGAAAGGTAAGAC",0,0,"chrX:g.91518129A>T",41114,null,"predicted passenger",null,"FALSE",70,"FALSE",2,"FALSE"]
["G13407","KDM5D",".","Y",21869633,"C","A",".",0.0811,37,3,"unknown","NA",0,"NA",0,19.68,"het",0.04805,"CCTTCCTTGAAGGCCACAAT","TGCCATATCCAGAAGAGGGG",0,0,"chrY:g.21869633C>A",41115,null,"predicted passenger",null,"FALSE",67,"TRUE",0,"FALSE"]
["G13408","UBR4","missense",1,19403243,"C","T","p.D5160N",0.08,175,14,"unknown","NA",0,"NA",0,35,"het",2.9E-4,"TTGACACTAACCGGCCACAT","GAGGAACTCTGAGAAGGTCT",0,0,"chr1:g.19403243C>T",41116,"E3_UbLigase_R4","predicted passenger",null,"FALSE",155,"FALSE",2,"FALSE"]
["G13408","TMEM200B","missense",1,29448336,"G","A","p.T2M",0.1538,13,2,"unknown","NA",0,"NA",0,26,"het",0.3083,"ATTCTTCGGGGCTCCCGGCC","TCATCTCGCCGTCGTCTGGG",0,0,"chr1:g.29448336G>A",41117,null,"predicted passenger",null,"FALSE",15,"FALSE",1,"FALSE"]
["G13408","SCYL3","missense",1,169847899,"T","C","p.D76G",0.0714,98,7,"unknown","NA",0,"NA",0,16.2,"het",0.01772,"CAGTGACAAGATGAATGCCA","CCGCTTCCACAGTACAAGAT",0,0,"chr1:g.169847899T>C",41120,"Pkinase","predicted passenger",null,"FALSE",88,"FALSE",0,"FALSE"]
["G13408","LMOD1","frameshift",1,201868524,"A","GG","p.A542Gfs*35",0.0902,133,12,"unknown","NA",0,"NA",0,31,"het",0.03744,"ATGATAAGGGGTGGAGCCAA","GGGGGAGGGGGTGGTGGGGC",0,0,"chr1:g.201868524delinsGG",41122,null,"predicted passenger",null,"FALSE",98,"FALSE",0,"FALSE"]
["G13406","LMOD1","frameshift",1,201868524,"A","GG","p.A542Gfs*35",0,102,0,"unknown","NA",0,"NA",0,31,"het",0.02076,"ATAAGGGGTGGAGCCAAGGG","GGGGGAGGGGGTGGTGGGGC",0,0,"chr1:g.201868524delinsGG",30319,null,"predicted passenger",null,"FALSE",98,"FALSE",0,"FALSE"]
["G13407","LMOD1","frameshift",1,201868524,"A","GG","p.A542Gfs*35",0,121,0,"unknown","NA",0,"NA",0,31,"het",0.02076,"ATAAGGGGTGGAGCCAAGGG","GGGGGAGGGGGTGGTGGGGC",0,0,"chr1:g.201868524delinsGG",30319,null,"predicted passenger",null,"FALSE",98,"FALSE",0,"FALSE"]
["G13409","LMOD1","frameshift",1,201868524,"A","GG","p.A542Gfs*35",0.0429,163,7,"unknown","NA",0,"NA",0,31,"het",0.02076,"ATAAGGGGTGGAGCCAAGGG","GGGGGAGGGGGTGGTGGGGC",0,0,"chr1:g.201868524delinsGG",30319,null,"predicted passenger",null,"FALSE",98,"FALSE",0,"FALSE"]
["G13408","CNNM3","nonsense",2,97482917,"C","A","p.Y301*",0.125,16,2,"unknown","NA",0,"NA",0,35,"het",0.22727,"CGCGGCGGCGGCGACCCCTA","AGCGATCTCAGCAAGGGCGT",0,0,"chr2:g.97482917C>A",41124,null,"predicted passenger",null,"FALSE",17,"TRUE",1,"FALSE"]
["G13408","GPR148","missense",2,131487564,"C","A","p.F280L",0.1176,17,2,"unknown","NA",0,"NA",0,23.5,"het",0.31264,"GTGAGCACAGGGGTGGTGTT","TCCCTGGACATGGTGCTGAC",0,0,"chr2:g.131487564C>A",41125,null,"predicted passenger",null,"FALSE",13,"FALSE",0,"FALSE"]
["G13408","STAB1","missense",3,52548411,"C","A","p.L1193M",0.1176,17,2,"unknown","NA",0,"NA",0,26.9,"het",0.31264,"CAGTGCGGCACCATGTGGTC","TGGGGGAGGCCCTCTCCATG",0,0,"chr3:g.52548411C>A",41128,"Fasciclin","predicted passenger",null,"FALSE",17,"FALSE",1,"FALSE"]
["G13408","SLC44A4","missense",6,31833330,"C","A","p.C544F",0.1429,14,2,"unknown","NA",0,"NA",0,33,"het",0.24074,"ATTTTTCCAGACACCAGAGG","AGCACTTGAAACAGCACATG",0,0,"chr6:g.31833330C>A",41134,"Choline_transpo","predicted passenger",null,"FALSE",14,"FALSE",1,"FALSE"]
["G13408","OPN5","missense",6,47763246,"C","T","p.H235Y",0.0526,95,5,"unknown","NA",0,"NA",0,25.7,"het",0.0368,"CCTCTTCCAAAGAAGTAGCT","ATTTCGACAGTCGGATCCAT",0,0,"chr6:g.47763246C>T",41136,"7tm_1","predicted passenger",null,"FALSE",89,"FALSE",0,"FALSE"]
["G13407","OPN5","missense",6,47763246,"C","T","p.H235Y",0.0208,96,2,"unknown","NA",0,"NA",0,25.7,"het",0.0368,"CCTCTTCCAAAGAAGTAGCT","ATTTCGACAGTCGGATCCAT",0,0,"chr6:g.47763246C>T",41136,"7tm_1","predicted passenger",null,"FALSE",89,"FALSE",0,"FALSE"]
["G13408","RBM33","frameshift",7,155532524,"AGCACCAG","C","p.Q618Pfs*30",0.0822,73,6,"unknown","NA",0,"NA",0,33,"het",0.03456,"CCCGCACCAGCCCCCGCCCC","CCCCCACCCCAGCACCCACC",0,0,"chr7:g.155532524_155532531delinsC",41142,null,"predicted passenger",null,"FALSE",59,"FALSE",0,"FALSE"]
["G13408","SEMA4G","frameshift",10,102743659,"CAGCCCCACCA","C","p.A769Pfs*11",0.1563,32,5,"unknown","NA",0,"NA",0,34,"het",0.05789,"CATCCCTGGGGAGGGAGCCC","CCCCCACCGCCCCCACCGCC",0,0,"chr10:g.102743660_102743669del",41150,null,"predicted passenger",null,"FALSE",24,"FALSE",0,"FALSE"]
["G13407","SEMA4G","frameshift",10,102743659,"CAGCCCCACCA","C","p.A769Pfs*11",0.117180170520186,32,3.09090909090909,"unknown","NA",0,"NA",0,34,"het",0.05789,"CATCCCTGGGGAGGGAGCCC","CCCCCACCGCCCCCACCGCC",0,0,"chr10:g.102743660_102743669del",41150,null,"predicted passenger",null,"FALSE",24,"FALSE",0,"FALSE"]
["G13409","SEMA4G","frameshift",10,102743659,"CAGCCCCACCA","C","p.A769Pfs*11",0.0909090909090909,24,2,"unknown","NA",0,"NA",0,34,"het",0.05789,"CATCCCTGGGGAGGGAGCCC","CCCCCACCGCCCCCACCGCC",0,0,"chr10:g.102743660_102743669del",41150,null,"predicted passenger",null,"FALSE",24,"FALSE",0,"FALSE"]
["G13408","RBM20","missense",10,112595711,"C","T","p.P1220L",0.1333,30,4,"unknown","NA",0,"NA",0,27.4,"het",0.07461,"AGAGGACAGCGGAATCGTGC","ACGCTTCGAAAGGAAAAAGC",0,0,"chr10:g.112595711C>T",41151,null,"predicted passenger",null,"FALSE",27,"FALSE",1,"FALSE"]
["G13408","ITGA5","missense",12,54812825,"G","A","p.S53L",0.0769,78,6,"unknown","NA",0,"NA",0,23.5,"het",0.02405,"AGAAGGAGCCCGGGGGCCCC","AGAGTACTGCTGGGGCCTCC",0,0,"chr12:g.54812825G>A",41156,null,"predicted passenger","LoF","FALSE",65,"FALSE",0,"FALSE"]
["G13408","GABRB3","missense",15,26793270,"A","T","p.H364Q",0.0718,209,15,"unknown","NA",0,"NA",0,2E-3,"het",0.00015,"GATGTCAACAGAATATTTCC","TGAGCATCCACCTAATTGGA",0,0,"chr15:g.26793270A>T",41161,"Neur_chan_memb","predicted passenger",null,"FALSE",182,"FALSE",0,"FALSE"]
["G13408","CHD3","missense",17,7794000,"G","A","p.E168K",0.0755,106,8,"unknown","NA",0,"NA",0,16.92,"het",0.00526,"AACGAAGAAGGAAGCACCGA","AAAAAAAGGAGAAGAAGACA",0,1,"chr17:g.7794000G>A",41168,null,"predicted passenger","LoF","FALSE",116,"FALSE",0,"FALSE"]
["G13406","CHD3","missense",17,7794000,"G","A","p.E168K",0.0324675324675325,159,5,"unknown","NA",0,"NA",0,16.92,"het",0.00526,"AACGAAGAAGGAAGCACCGA","AAAAAAAGGAGAAGAAGACA",0,1,"chr17:g.7794000G>A",41168,null,"predicted passenger","LoF","FALSE",116,"FALSE",0,"FALSE"]
["G13407","CHD3","missense",17,7794000,"G","A","p.E168K",0.029126213592233,122,3,"unknown","NA",0,"NA",0,16.92,"het",0.00526,"AACGAAGAAGGAAGCACCGA","AAAAAAAGGAGAAGAAGACA",0,1,"chr17:g.7794000G>A",41168,null,"predicted passenger","LoF","FALSE",116,"FALSE",0,"FALSE"]
["G13409","CHD3","missense",17,7794000,"G","A","p.E168K",0.033112582781457,156,5,"unknown","NA",0,"NA",0,16.92,"het",0.00526,"AACGAAGAAGGAAGCACCGA","AAAAAAAGGAGAAGAAGACA",0,1,"chr17:g.7794000G>A",41168,null,"predicted passenger","LoF","FALSE",116,"FALSE",0,"FALSE"]
["G13408","SMAD4","missense",18,48575083,"G","A","p.V93M",0.0817,208,17,"unknown","NA",0,"NA",0,28.4,"het",3e-05,"GTCGGAAAGGATTTCCTCAT","TGATCTATGCCCGTCTCTGG",0,1,"chr18:g.48575083G>A",41171,"MH1","predicted driver: tier 1","LoF","FALSE",191,"FALSE",3,"TRUE"]
["G13408","KCNJ14","missense",19,48965021,"C","A","p.L14M",0.1176,17,2,"unknown","NA",0,"NA",0,15.77,"het",0.33498,"TACGCCGCCTCAGCGGCGCC","TGGATTCGGGAGACAGCCGG",0,0,"chr19:g.48965021C>A",41174,null,"predicted passenger",null,"FALSE",12,"FALSE",0,"FALSE"]
["G13408","ZNF776","missense",19,58265036,"C","T","p.L180F",0.0625,160,10,"unknown","NA",0,"NA",0,7.879,"het",0.00552,"TTTTGTCCAGCTTGAGATTA","TCCAACAAGAGGACATTCAC",0,0,"chr19:g.58265036C>T",41176,null,"predicted passenger",null,"FALSE",106,"FALSE",0,"FALSE"]
["G13408","CLIC6","missense",21,36042311,"C","A","p.D208E",0.1818,11,2,"unknown","NA",0,"NA",0,1.843,"het",0.2381,"GCGGAGGGCCCGCTGGGGGA","AACATACAAGCCGAGGGCCC",0,0,"chr21:g.36042311C>A",41182,null,"predicted passenger",null,"FALSE",11,"FALSE",0,"FALSE"]
["G13408","CRELD2","missense",22,50312503,"C","A","p.T29K",0.1,20,2,"unknown","NA",0,"NA",0,23.6,"het",0.35985,"GGAGGCCGCCAAGAAGCCGA","GCCCTGCCACCGGTGCCGGG",0,0,"chr22:g.50312503C>A",41184,null,"predicted passenger",null,"FALSE",14,"FALSE",0,"FALSE"]
["G13409","NOTCH2","frameshift",1,120484330,"AG","A","p.S934Pfs*17",0.0744,215,16,"unknown","NA",0,"NA",0,33,"het",0.0002,"ACCCGGAAGGCAGAGGCAGG","AAAGTATTCACTCCATCCAT",0,1,"chr1:g.120484331_120484331del",41188,"EGF","predicted driver: tier 2","ambiguous","FALSE",163,"FALSE",0,"TRUE"]
["G13409","NOL10","missense",2,10798012,"T","A","p.L254F",0.1,30,3,"unknown","NA",0,"NA",0,26.1,"het",0.20714,"TCAGATCGAAGGTCATATAA","AAAACCTGAAAAAAAATTAT",0,0,"chr2:g.10798012T>A",41189,null,"predicted passenger",null,"FALSE",20,"FALSE",1,"FALSE"]
["G13407","NOL10","missense",2,10798012,"T","A","p.L254F",0.0714285714285714,30,2,"unknown","NA",0,"NA",0,26.1,"het",0.20714,"TCAGATCGAAGGTCATATAA","AAAACCTGAAAAAAAATTAT",0,0,"chr2:g.10798012T>A",41189,null,"predicted passenger",null,"FALSE",20,"FALSE",1,"FALSE"]
["G13409","CACNA1D","missense",3,53779691,"G","A","p.G1036D",0.1066,197,21,"unknown","NA",0,"NA",0,31,"het",0,"CGTGGCCATCCGGACCATCG","CAACATCATGATCGTCACCA",0,1,"chr3:g.53779691G>A",41191,"Ion_trans","predicted passenger",null,"FALSE",163,"FALSE",1,"FALSE"]
["G13409","ADH6","missense",4,100131373,"T","A","p.S145C",0.0521,326,17,"unknown","NA",0,"NA",0,26.1,"het",7e-05,"TGTGTATTCACAGAAGGTGC","GGTATTACCAAAGTGATATA",0,0,"chr4:g.100131373T>A",41192,"ADH_N","predicted passenger",null,"FALSE",269,"FALSE",3,"FALSE"]
["G13409","TNFAIP8",".",5,118728509,"AG","TT",".",0.2,15,3,"unknown","NA",0,"NA",0,24,"het",0.32567,"TCCTCTCTTTTTTTTTTTTT","TGGCCACAGATGTCTTTAAT",0,0,"chr5:g.118728509_118728510delinsTT",41193,null,"predicted passenger",null,"FALSE",14,"FALSE",0,"FALSE"]
["G13409","PPP1R26","missense",9,138379119,"C","A","p.S921R",0.1071,28,3,"unknown","NA",0,"NA",0,4.86,"het",0.14824,"GGCACAGCTGGTCTGTTCAG","CAGGGCGGGAAGGGGCTCCC",0,0,"chr9:g.138379119C>A",41202,null,"predicted passenger",null,"FALSE",25,"FALSE",0,"FALSE"]
["G13409","CEP290","missense",12,88502943,"C","T","p.E795K",0.0513,117,6,"unknown","NA",0,"NA",0,26.2,"het",0.0207,"TAAATTCTTTAACTTTTTTT","TTTATTTTCTAGTTCCTGAA",0,0,"chr12:g.88502943C>T",41203,null,"predicted driver: tier 1","LoF","FALSE",113,"FALSE",1,"TRUE"]
["G13406","CEP290","missense",12,88502943,"C","T","p.E795K",0.0272727272727273,114,3,"unknown","NA",0,"NA",0,26.2,"het",0.0207,"TAAATTCTTTAACTTTTTTT","TTTATTTTCTAGTTCCTGAA",0,0,"chr12:g.88502943C>T",41203,null,"predicted driver: tier 1","LoF","FALSE",113,"FALSE",1,"TRUE"]
["G13407","CEP290","missense",12,88502943,"C","T","p.E795K",0.0294117647058824,105,3,"unknown","NA",0,"NA",0,26.2,"het",0.0207,"TAAATTCTTTAACTTTTTTT","TTTATTTTCTAGTTCCTGAA",0,0,"chr12:g.88502943C>T",41203,null,"predicted driver: tier 1","LoF","FALSE",113,"FALSE",1,"TRUE"]
["G13408","CEP290","missense",12,88502943,"C","T","p.E795K",0.0223880597014925,137,3,"unknown","NA",0,"NA",0,26.2,"het",0.0207,"TAAATTCTTTAACTTTTTTT","TTTATTTTCTAGTTCCTGAA",0,0,"chr12:g.88502943C>T",41203,null,"predicted driver: tier 1","LoF","FALSE",113,"FALSE",1,"TRUE"]
["G13409","WDR89","missense",14,64065513,"C","T","p.R383K",0.15,40,6,"unknown","NA",0,"NA",0,0.34,"het",0.07667,"ATTATCACTGCTTTTTCCTT","TTTTATAAGAATCATTACTA",0,0,"chr14:g.64065513C>T",41204,null,"predicted passenger",null,"FALSE",20,"FALSE",0,"FALSE"]
["G13407","WDR89","missense",14,64065513,"C","T","p.R383K",0.08,25,2,"unknown","NA",0,"NA",0,0.34,"het",0.07667,"ATTATCACTGCTTTTTCCTT","TTTTATAAGAATCATTACTA",0,0,"chr14:g.64065513C>T",41204,null,"predicted passenger",null,"FALSE",20,"FALSE",0,"FALSE"]
["G13409","IRF2BPL","frameshift",14,77493832,"CGGCGGCGGCGGCGGCCGCCGCTGCTGCCGCCGCCGCCGCCGCTTCCTTAGCCGACAGGGCCACTGTCTTGACCCCGACG","C","p.V76Rfs*50",0.1304,23,3,"unknown","NA",0,"NA",0,28.5,"het",0.22793,"CTGTTGCTGTTGCTGTTGCG","GGCGGCGGCGGCCCGGGGGA",0,0,"chr14:g.77493833_77493911del",41206,null,"predicted passenger",null,"FALSE",12,"TRUE",0,"FALSE"]
["G13406","IRF2BPL","frameshift",14,77493832,"CGGCGGCGGCGGCGGCCGCCGCTGCTGCCGCCGCCGCCGCCGCTTCCTTAGCCGACAGGGCCACTGTCTTGACCCCGACG","C","p.V76Rfs*50",0.149864898091077,27,3.05,"unknown","NA",0,"NA",0,28.5,"het",0.06786,"CTGTTGCTGTTGCTGTTGCG","GGCGGCGGCGGCCCGGGGGA",0,0,"chr14:g.77493833_77493911del",30383,null,"predicted passenger",null,"FALSE",12,"TRUE",0,"FALSE"]
["G13407","IRF2BPL","frameshift",14,77493832,"CGGCGGCGGCGGCGGCCGCCGCTGCTGCCGCCGCCGCCGCCGCTTCCTTAGCCGACAGGGCCACTGTCTTGACCCCGACG","C","p.V76Rfs*50",0.192260074081593,32,4,"unknown","NA",0,"NA",0,28.5,"het",0.06786,"CTGTTGCTGTTGCTGTTGCG","GGCGGCGGCGGCCCGGGGGA",0,0,"chr14:g.77493833_77493911del",30383,null,"predicted passenger",null,"FALSE",12,"TRUE",0,"FALSE"]
["G13408","IRF2BPL","frameshift",14,77493832,"CGGCGGCGGCGGCGGCCGCCGCTGCTGCCGCCGCCGCCGCCGCTTCCTTAGCCGACAGGGCCACTGTCTTGACCCCGACG","C","p.V76Rfs*50",0.280069340134972,48,9.05,"unknown","NA",0,"NA",0,28.5,"het",0.06786,"CTGTTGCTGTTGCTGTTGCG","GGCGGCGGCGGCCCGGGGGA",0,0,"chr14:g.77493833_77493911del",30383,null,"predicted passenger",null,"FALSE",12,"TRUE",0,"FALSE"]
["G13409","SMARCD2","missense",17,61919971,"C","A","p.A22S",0.1429,14,2,"unknown","NA",0,"NA",0,11.95,"het",0.24074,"CGGCGCTCCCAGGGCCGCAG","CACGGCGCCGCCGCCAGGGC",0,0,"chr17:g.61919971C>A",41212,null,"predicted passenger",null,"FALSE",16,"FALSE",0,"FALSE"]
["G13409","ZC3H4","frameshift",19,47575779,"CGGGGGC","GG","p.P544P",0.1522,46,7,"unknown","NA",0,"NA",0,29.9,"het",0.12269,"GGTGGGGGAGGGGGAGGGGG","GGGGGGCCACCCTGCATGGG",0,0,"chr19:g.47575779_47575780delinsGG",41215,null,"predicted passenger",null,"FALSE",16,"FALSE",0,"FALSE"]
["G13409","ZC3H4","frameshift",19,47575780,"GGGGGC","G","p.P543Afs*19",0.1042,48,5,"unknown","NA",0,"NA",0,35,"het",0.24361,"GTGGGGGAGGGGGAGGGGGC","GGGGGGCCACCCTGCATGGG",0,0,"chr19:g.47575781_47575785del",41216,null,"predicted passenger",null,"FALSE",16,"FALSE",0,"FALSE"]
["G13409","NOL4L","missense",20,31035566,"T","G","p.T382P",0.2121,33,7,"unknown","NA",0,"NA",0,13.16,"het",0.01842,"GGTGCTGGAGGGGGTGGGCG","GGGGGTGGTGGAGGTGGTAG",0,0,"chr20:g.31035566T>G",41218,null,"predicted passenger",null,"FALSE",25,"FALSE",0,"FALSE"]
["G13406","NOL4L","missense",20,31035566,"T","G","p.T382P",0.241379310344828,36,7,"unknown","NA",0,"NA",0,13.16,"het",0.01842,"GGTGCTGGAGGGGGTGGGCG","GGGGGTGGTGGAGGTGGTAG",0,0,"chr20:g.31035566T>G",41218,null,"predicted passenger",null,"FALSE",25,"FALSE",0,"FALSE"]
["G13407","NOL4L","missense",20,31035566,"T","G","p.T382P",0.15625,38,5,"unknown","NA",0,"NA",0,13.16,"het",0.01842,"GGTGCTGGAGGGGGTGGGCG","GGGGGTGGTGGAGGTGGTAG",0,0,"chr20:g.31035566T>G",41218,null,"predicted passenger",null,"FALSE",25,"FALSE",0,"FALSE"]
["G13408","NOL4L","missense",20,31035566,"T","G","p.T382P",0.147058823529412,39,5,"unknown","NA",0,"NA",0,13.16,"het",0.01842,"GGTGCTGGAGGGGGTGGGCG","GGGGGTGGTGGAGGTGGTAG",0,0,"chr20:g.31035566T>G",41218,null,"predicted passenger",null,"FALSE",25,"FALSE",0,"FALSE"]
["G13401","USP48","missense",1,22078013,"G","A","p.S254L",0.1238,105,13,"known","COSM904157",2,"MU137030",2,24.3,"het",0.00739,"TGAATACCTTCAAAAATTCC","AGATACAATCTGTTAACTGT",0,0,"chr1:g.22078013G>A",24223,"UCH","predicted passenger",null,"FALSE",99,"FALSE",0,"FALSE"]
["G13402","USP48","missense",1,22078013,"G","A","p.S254L",0.4091,88,36,"known","COSM904157",2,"MU137030",2,24.3,"het",0,"TGAATACCTTCAAAAATTCC","AGATACAATCTGTTAACTGT",0,0,"chr1:g.22078013G>A",24967,"UCH","predicted passenger",null,"FALSE",99,"FALSE",0,"FALSE"]
["G13404","USP48","missense",1,22078013,"G","A","p.S254L",0.5,94,47,"known","COSM904157",2,"MU137030",2,24.3,"het",0,"TGAATACCTTCAAAAATTCC","AGATACAATCTGTTAACTGT",0,0,"chr1:g.22078013G>A",25821,"UCH","predicted passenger",null,"FALSE",99,"FALSE",0,"FALSE"]
["G13401","KDM5B","missense",1,202698198,"C","T","p.R1534H",0.0575,87,5,"known","COSM1211770",2,"MU28641599",1,23.3,"het",0.01888,"GTGCGTCCTTCACAGTACAG","GCACACAGATGTAGTCTTCT",0,0,"chr1:g.202698198C>T",24268,"PHD","predicted passenger",null,"FALSE",122,"FALSE",0,"FALSE"]
["G13401","GRM7","frameshift",3,7621012,"AT","A","p.F809Lfs*21",0.1875,16,3,"known","COSM4337560",11,"MU106551",3,28.2,"het",0.07207,"TATGGCTTGCCTTCATTCCA","TTTTTTTGGCACCGCTCAAT",0,0,"chr3:g.7621013_7621013del",24344,"7tm_3","predicted passenger",null,"FALSE",21,"FALSE",0,"FALSE"]
["G13404","GRM7","frameshift",3,7621012,"AT","A","p.F809Lfs*21",0.0625,17,1,"known","COSM4337560",11,"MU106551",3,28.2,"het",0.07207,"TATGGCTTGCCTTCATTCCA","TTTTTTTGGCACCGCTCAAT",0,0,"chr3:g.7621013_7621013del",24344,"7tm_3","predicted passenger",null,"FALSE",21,"FALSE",0,"FALSE"]
["G13401","PPEF2",".",4,76805914,"C","A",".",0.0714,28,2,"known","COSM1221640",1,"NA",0,23.7,"het",0.20656,"TCTGGCGACGGGAGGCCATT","TTTTCAACAAGGAGACCAGT",1,0,"chr4:g.76805914C>A",24403,null,"predicted passenger",null,"FALSE",33,"TRUE",1,"FALSE"]
["G13401","ELOVL5","missense",6,53139987,"G","A","p.R160C",0.0696,115,8,"known","COSM4680830",3,"NA",0,27.3,"het",0.00043,"GATCTGGTGGTTGTTCTTGC","CAGGATGAAGAAGAAAGTGT",0,0,"chr6:g.53139987G>A",24470,"ELO","predicted passenger",null,"FALSE",216,"FALSE",3,"TRUE"]
["G13401","AK9","missense",6,109906342,"C","T","p.E700K",0.0909,121,11,"known","NA",0,"MU846939",3,26,"het",0.00118,"TTACCTTGCTTCTTCTTCTT","TTTTTTTTTCTTTTGTAGTT",0,0,"chr6:g.109906342C>T",24480,null,"predicted passenger",null,"FALSE",102,"FALSE",1,"FALSE"]
["G13402","AK9","missense",6,109906342,"C","T","p.E700K",0.132530120481928,95,11,"known","NA",0,"MU846939",3,26,"het",0.00118,"TTACCTTGCTTCTTCTTCTT","TTTTTTTTTCTTTTGTAGTT",0,0,"chr6:g.109906342C>T",24480,null,"predicted passenger",null,"FALSE",102,"FALSE",1,"FALSE"]
["G13404","AK9","missense",6,109906342,"C","T","p.E700K",0.166666666666667,80,11,"known","NA",0,"MU846939",3,26,"het",0.00118,"TTACCTTGCTTCTTCTTCTT","TTTTTTTTTCTTTTGTAGTT",0,0,"chr6:g.109906342C>T",24480,null,"predicted passenger",null,"FALSE",102,"FALSE",1,"FALSE"]
["G13401","AIMP2","missense",7,6057478,"G","A","p.A126T",0.05,40,2,"known","COSM3881950",1,"MU6279007",1,27.6,"het",0.16079,"TGAAAGACATCGTGATCAAC","CAAACCCGGCCTCCCCTCCC",0,0,"chr7:g.6057478G>A",24494,null,"predicted passenger",null,"FALSE",69,"FALSE",1,"FALSE"]
["G13401","NECAB1","missense",8,91929840,"C","A","p.Q160K",0.0517,58,3,"known","COSM3902002",1,"MU6388970",1,31,"het",0.17447,"CCATGGAAACTACTGAGGAG","AAACCCGTCAAGAAAGGCAA",0,0,"chr8:g.91929840C>A",24542,null,"predicted passenger",null,"FALSE",49,"FALSE",2,"FALSE"]
["G13401","AKAP2","missense",9,112899835,"G","A","p.A671T",0.1068,103,11,"known","NA",0,"MU13605566",1,27.5,"het",0.00018,"AGGATGGAGAATTTACGAGC","CCCGGGCTGTCCTCACTGTG",1,0,"chr9:g.112899835G>A",24575,null,"predicted passenger",null,"FALSE",190,"FALSE",1,"FALSE"]
["G13402","AKAP2","missense",9,112899835,"G","A","p.A671T",0.3974,151,60,"known","NA",0,"MU13605566",1,27.5,"het",0,"AGGATGGAGAATTTACGAGC","CCCGGGCTGTCCTCACTGTG",1,0,"chr9:g.112899835G>A",25329,null,"predicted passenger",null,"FALSE",190,"FALSE",1,"FALSE"]
["G13404","AKAP2","missense",9,112899835,"G","A","p.A671T",0.3582,134,48,"known","NA",0,"MU13605566",1,27.5,"het",0,"AGGATGGAGAATTTACGAGC","CCCGGGCTGTCCTCACTGTG",1,0,"chr9:g.112899835G>A",26110,null,"predicted passenger",null,"FALSE",190,"FALSE",1,"FALSE"]
["G13401","SH3PXD2A","missense",10,105362636,"C","T","p.R752H",0.0519,77,4,"known","COSM1225581",2,"NA",0,32,"het",0.04126,"GGCCTGTGGGTCTCAGCTGG","GCCGTAAAGTGCTGATGTCC",0,0,"chr10:g.105362636C>T",24611,null,"predicted passenger",null,"FALSE",93,"FALSE",2,"FALSE"]
["G13401","FAM111B","frameshift",11,58892376,"C","CA","p.A273Sfs*9",0.0581,86,5,"known","COSM4612856",3,"NA",0,17.71,"het",0.1328,"AGTCTTAGAAATGGACATTT","AAAAAAAAAAGCATTACAAC",0,0,"chr11:g.58892376_58892377insA",24636,null,"predicted passenger",null,"FALSE",81,"TRUE",0,"FALSE"]
["G13402","FAM111B","frameshift",11,58892376,"C","CA","p.A273Sfs*9",0.0465,86,4,"known","COSM4612856",3,"NA",0,17.71,"het",0.22006,"AGTCTTAGAAATGGACATTT","AAAAAAAAAAGCATTACAAC",0,0,"chr11:g.58892376_58892377insA",25379,null,"predicted passenger",null,"FALSE",81,"TRUE",0,"FALSE"]
["G13404","FAM111B","frameshift",11,58892376,"C","CA","p.A273Sfs*9",0.0357,84,3,"known","COSM4612856",3,"NA",0,17.71,"het",0.189,"AGTCTTAGAAATGGACATTT","AAAAAAAAAAGCATTACAAC",0,0,"chr11:g.58892376_58892377insA",7023,null,"predicted passenger",null,"FALSE",81,"TRUE",0,"FALSE"]
["G13401","SCGB1D1","missense",11,61960895,"C","T",".",0.0685,146,10,"known","COSM1704135",1,"NA",0,19.25,"het",0.0007,"AAATAGCAGAGAAATGTGAT","GCTGAGATGTAAAAAGTTTT",1,0,"chr11:g.61960895C>T",24642,null,"predicted passenger",null,"FALSE",177,"FALSE",0,"FALSE"]
["G13402","SCGB1D1","missense",11,61960895,"C","T",".",0.4872,117,57,"known","COSM1704135",1,"NA",0,19.25,"het",0,"AAATAGCAGAGAAATGTGAT","GCTGAGATGTAAAAAGTTTT",1,0,"chr11:g.61960895C>T",25383,null,"predicted passenger",null,"FALSE",177,"FALSE",0,"FALSE"]
["G13404","SCGB1D1","missense",11,61960895,"C","T",".",0.4711,121,57,"known","COSM1704135",1,"NA",0,19.25,"het",0,"AAATAGCAGAGAAATGTGAT","GCTGAGATGTAAAAAGTTTT",1,0,"chr11:g.61960895C>T",26167,null,"predicted passenger",null,"FALSE",177,"FALSE",0,"FALSE"]
["G13401","FUT4","missense",11,94277903,"G","A","p.D202N",0.0552,163,9,"known","COSM5433002",1,"MU40746258",1,5.861,"het",0.0017,"GGGAGCCCTTCGGGGGGCGC","ATAGCGCCCCGAGGCCGCCC",0,0,"chr11:g.94277903G>A",24653,"Glyco_transf_10","predicted passenger",null,"FALSE",173,"FALSE",0,"FALSE"]
["G13402","FUT4","missense",11,94277903,"G","A","p.D202N",0.5478,157,86,"known","COSM5433002",1,"MU40746258",1,5.861,"het",0,"GGGAGCCCTTCGGGGGGCGC","ATAGCGCCCCGAGGCCGCCC",0,0,"chr11:g.94277903G>A",25395,"Glyco_transf_10","predicted passenger",null,"FALSE",173,"FALSE",0,"FALSE"]
["G13404","FUT4","missense",11,94277903,"G","A","p.D202N",0.5659,129,73,"known","COSM5433002",1,"MU40746258",1,5.861,"het",0,"GGGAGCCCTTCGGGGGGCGC","ATAGCGCCCCGAGGCCGCCC",0,0,"chr11:g.94277903G>A",26178,"Glyco_transf_10","predicted passenger",null,"FALSE",173,"FALSE",0,"FALSE"]
["G13401","NXPE1","missense",11,114392979,"C","T","p.R310H",0.1103,136,15,"known","COSM1206379",1,"NA",0,22.8,"het",1e-05,"TTTGAACACCGATGGCCCTG","GAATAAAAATGTCAATGGGA",1,0,"chr11:g.114392979C>T",24661,"PC-Esterase","predicted passenger",null,"FALSE",151,"FALSE",0,"FALSE"]
["G13401","CACNA2D4","missense",12,1953630,"C","T","p.R803H",0.0991,111,11,"known","NA",0,"MU43239482",1,34,"het",3.1E-4,"CAGGATGCTCTGAGGCCTGG","GGTACCACAGCGGGAAGCGG",1,0,"chr12:g.1953630C>T",24669,null,"predicted passenger",null,"FALSE",144,"FALSE",1,"FALSE"]
["G13402","CACNA2D4","missense",12,1953630,"C","T","p.R803H",0.3615,130,47,"known","NA",0,"MU43239482",1,34,"het",0,"CAGGATGCTCTGAGGCCTGG","GGTACCACAGCGGGAAGCGG",1,0,"chr12:g.1953630C>T",25404,null,"predicted passenger",null,"FALSE",144,"FALSE",1,"FALSE"]
["G13404","CACNA2D4","missense",12,1953630,"C","T","p.R803H",0.4655,116,54,"known","NA",0,"MU43239482",1,34,"het",0,"CAGGATGCTCTGAGGCCTGG","GGTACCACAGCGGGAAGCGG",1,0,"chr12:g.1953630C>T",26186,null,"predicted passenger",null,"FALSE",144,"FALSE",1,"FALSE"]
["G13401","FAM90A1","frameshift",12,8377418,"CG","C","p.R4Vfs*12",0.0221,181,4,"known","COSM5166623",2,"NA",0,9.447,"het",0.51882,"CCCCAGGTTTGGGGTCACGA","TGCCATCATCTTCGTCTCCT",0,0,"chr12:g.8377419_8377419del",24671,null,"predicted passenger",null,"FALSE",257,"FALSE",0,"FALSE"]
["G13404","FAM90A1","frameshift",12,8377418,"CG","C","p.R4Vfs*12",0.041,195,8,"known","COSM5166623",2,"NA",0,9.447,"het",0.13215,"CCCCAGGTTTGGGGTCACGA","TGCCATCATCTTCGTCTCCT",0,0,"chr12:g.8377419_8377419del",26191,null,"predicted passenger",null,"FALSE",257,"FALSE",0,"FALSE"]
["G13402","FAM90A1","frameshift",12,8377418,"CG","C","p.R4Vfs*12",0.0271,221,6,"known","COSM5166623",2,"NA",0,9.447,"het",0.0526,"CCCCAGGTTTGGGGTCACGA","TGCCATCATCTTCGTCTCCT",0,0,"chr12:g.8377419_8377419del",893,null,"predicted passenger",null,"FALSE",257,"FALSE",0,"FALSE"]
["G13401","C1QTNF9B","missense",13,24465562,"T","C","p.S290G",0.0741,54,4,"known","NA",0,"MU3894638",1,4.114,"het",0.26944,"CTTCAGCTGCAGGACAATGC","GCCAGAGGCCTGGTCCTCAG",1,0,"chr13:g.24465562T>C",24709,"C1q","predicted passenger",null,"FALSE",66,"FALSE",0,"FALSE"]
["G13404","C1QTNF9B","missense",13,24465562,"T","C","p.S290G",0.0323,62,2,"known","NA",0,"MU3894638",1,4.114,"het",0.0762,"CTTCAGCTGCAGGACAATGC","GCCAGAGGCCTGGTCCTCAG",1,0,"chr13:g.24465562T>C",3559,"C1q","predicted passenger",null,"FALSE",66,"FALSE",0,"FALSE"]
["G13401","PDX1","missense",13,28498834,"G","A",".",0.0959,73,7,"known","COSM6852464",1,"NA",0,29.2,"het",0.00554,"TCGGCGGCCGCAGGAACCAC","ATGAGAGGCAGGAGCTGCTC",1,0,"chr13:g.28498834G>A",24712,null,"predicted passenger","LoF","FALSE",87,"FALSE",1,"FALSE"]
["G13402","PDX1","missense",13,28498834,"G","A",".",0.2597,77,20,"known","COSM6852464",1,"NA",0,29.2,"het",0,"TCGGCGGCCGCAGGAACCAC","ATGAGAGGCAGGAGCTGCTC",1,0,"chr13:g.28498834G>A",25435,null,"predicted passenger","LoF","FALSE",87,"FALSE",1,"FALSE"]
["G13404","PDX1","missense",13,28498834,"G","A",".",0.3333,72,24,"known","COSM6852464",1,"NA",0,29.2,"het",0,"TCGGCGGCCGCAGGAACCAC","ATGAGAGGCAGGAGCTGCTC",1,0,"chr13:g.28498834G>A",26218,null,"predicted passenger","LoF","FALSE",87,"FALSE",1,"FALSE"]
["G13401","AK7","missense",14,96924441,"G","A","p.D417N",0.0972,72,7,"known","COSM3499601",2,"MU4388778",1,10.61,"het",0.01064,"AGGCGATTGTTGCCCCTAAC","ATGTAGGGGAAGGAGAAGAA",0,0,"chr14:g.96924441G>A",24747,"AAA_17","predicted passenger",null,"FALSE",69,"FALSE",0,"FALSE"]
["G13402","AK7","missense",14,96924441,"G","A","p.D417N",0.2967,91,27,"known","COSM3499601",2,"MU4388778",1,10.61,"het",0,"AGGCGATTGTTGCCCCTAAC","ATGTAGGGGAAGGAGAAGAA",0,0,"chr14:g.96924441G>A",25471,"AAA_17","predicted passenger",null,"FALSE",69,"FALSE",0,"FALSE"]
["G13404","AK7","missense",14,96924441,"G","A","p.D417N",0.36,75,27,"known","COSM3499601",2,"MU4388778",1,10.61,"het",0,"AGGCGATTGTTGCCCCTAAC","ATGTAGGGGAAGGAGAAGAA",0,0,"chr14:g.96924441G>A",26258,"AAA_17","predicted passenger",null,"FALSE",69,"FALSE",0,"FALSE"]
["G13401","GOLGA6L2","missense",15,23685022,"A","G","p.V867A",0.0721,111,8,"known","NA",0,"MU826029",1,0.555,"het",0.19343,"TCGCATCTCCTCCTGCCCCC","CATCTTCTCCTCCTGCCCCC",1,0,"chr15:g.23685022A>G",24750,null,"predicted passenger",null,"FALSE",147,"FALSE",0,"FALSE"]
["G13402","GOLGA6L2","missense",15,23685022,"A","G","p.V867A",0.0168067226890756,127,2,"known","NA",0,"MU826029",1,0.555,"het",0.63761,"TCGCATCTCCTCCTGCCCCC","CATCTTCTCCTCCTGCCCCC",1,0,"chr15:g.23685022A>G",24032,null,"predicted passenger",null,"FALSE",147,"FALSE",0,"FALSE"]
["G13404","GOLGA6L2","missense",15,23685022,"A","G","p.V867A",0.021978021978022,97,2,"known","NA",0,"MU826029",1,0.555,"het",0.63761,"TCGCATCTCCTCCTGCCCCC","CATCTTCTCCTCCTGCCCCC",1,0,"chr15:g.23685022A>G",24032,null,"predicted passenger",null,"FALSE",147,"FALSE",0,"FALSE"]
["G13401","SLTM","frameshift",15,59182524,"TTC","T","p.R678Nfs*14",0.0636,110,7,"known","COSM434088",5,"MU28353",3,35,"het",0.03268,"TTCCAAGCGTTCGCGTTCCA","TCTCTCTCTCTAGTTTTTGC",0,0,"chr15:g.59182525_59182526del",24760,null,"predicted passenger",null,"FALSE",134,"TRUE",0,"TRUE"]
["G13402","SLTM","frameshift",15,59182524,"TTC","T","p.R678Nfs*14",0.0212765957446809,144,3,"known","COSM434088",5,"MU28353",3,35,"het",0.11377,"TTCCAAGCGTTCGCGTTCCA","TCTCTCTCTCTAGTTTTTGC",0,0,"chr15:g.59182525_59182526del",957,null,"predicted passenger",null,"FALSE",134,"TRUE",0,"TRUE"]
["G13404","SLTM","frameshift",15,59182524,"TTC","T","p.R678Nfs*14",0.00904995904995905,112,1,"known","COSM434088",5,"MU28353",3,35,"het",0.11377,"TTCCAAGCGTTCGCGTTCCA","TCTCTCTCTCTAGTTTTTGC",0,0,"chr15:g.59182525_59182526del",957,null,"predicted passenger",null,"FALSE",134,"TRUE",0,"TRUE"]
["G13401","SLTM","frameshift",15,59182563,"GCT","G","p.E665Afs*5",0.05,140,7,"known","COSM963362",4,"MU1825267",4,34,"het",0.01158,"TTGCCTTTCAATTTCTAGGC","CTCTCTCTCTCTGTAAGCGT",0,0,"chr15:g.59182564_59182565del",24761,null,"predicted passenger",null,"FALSE",145,"TRUE",0,"TRUE"]
["G13402","SLTM","frameshift",15,59182563,"GCT","G","p.E665Afs*5",0.0217,138,3,"known","COSM963362",4,"MU1825267",4,34,"het",0.14799,"TTGCCTTTCAATTTCTAGGC","CTCTCTCTCTCTGTAAGCGT",0,0,"chr15:g.59182564_59182565del",25483,null,"predicted passenger",null,"FALSE",145,"TRUE",0,"TRUE"]
["G13404","SLTM","frameshift",15,59182563,"GCT","G","p.E665Afs*5",0.0367,109,4,"known","COSM963362",4,"MU1825267",4,34,"het",0.04813,"TTGCCTTTCAATTTCTAGGC","CTCTCTCTCTCTGTAAGCGT",0,0,"chr15:g.59182564_59182565del",26270,null,"predicted passenger",null,"FALSE",145,"TRUE",0,"TRUE"]
["G13401","SNX33","missense",15,75941985,"G","A","p.R181H",0.0645,31,2,"known","COSM1227080",1,"NA",0,29.8,"het",0.21678,"GCGAGGCAGTGTGGTGGGCC","TAACCTCAACCGTTTCTCAT",1,0,"chr15:g.75941985G>A",24772,null,"predicted passenger",null,"FALSE",38,"FALSE",2,"FALSE"]
["G13401","ABCC1","missense",16,16208628,"G","A","p.A1029T",0.1176,17,2,"known","COSM702671",2,"MU1324949",1,4.79,"het",0.17436,"TCCGAGTGTCTGCAGGGATC","CCGTGTTTGGCTACTCCATG",0,0,"chr16:g.16208628G>A",24785,"ABC_membrane","predicted passenger",null,"FALSE",24,"FALSE",0,"FALSE"]
["G13401","TP53","nonsense",17,7578437,"G","A","p.Q165*",0.1013,158,16,"known","COSM1172489",50,"MU1678672",4,35,"het",2e-05,"CTCCGTCATGTGCTGTGACT","CTTGTAGATGGCCATGGCGC",0,1,"chr17:g.7578437G>A",24811,"P53","known in: CANCER-PR","LoF","FALSE",224,"TRUE",1,"TRUE"]
["G13402","TP53","nonsense",17,7578437,"G","A","p.Q165*",0.4779,136,65,"known","COSM1172489",50,"MU1678672",4,35,"het",0,"CTCCGTCATGTGCTGTGACT","CTTGTAGATGGCCATGGCGC",0,1,"chr17:g.7578437G>A",25527,"P53","known in: CANCER-PR","LoF","FALSE",224,"TRUE",1,"TRUE"]
["G13404","TP53","nonsense",17,7578437,"G","A","p.Q165*",0.5143,140,72,"known","COSM1172489",50,"MU1678672",4,35,"het",0,"CTCCGTCATGTGCTGTGACT","CTTGTAGATGGCCATGGCGC",0,1,"chr17:g.7578437G>A",26313,"P53","known in: CANCER-PR","LoF","FALSE",224,"TRUE",1,"TRUE"]
["G13401","FZD2","missense",17,42635787,"C","T","p.A244V",0.087,23,2,"known","COSM979988",1,"MU1844934",1,29.8,"het",0.16429,"ACAGGAGGAGACGCGTTTCG","GCGCCTCTGGATCCTCACCT",0,0,"chr17:g.42635787C>T",24839,"Frizzled","predicted passenger",null,"FALSE",39,"FALSE",0,"FALSE"]
["G13401","ANKRD24","missense",19,4217787,"C","A","p.A877E",0.0645,31,2,"known","COSM5676510",1,"NA",0,7.541,"het",0.41223,"GGCCGCGGAACTGGGCCGGG","ACGGGACGCCGCTGAGGCCC",1,0,"chr19:g.4217787C>A",24869,null,"predicted passenger",null,"FALSE",20,"FALSE",0,"FALSE"]
["G13401","ZNF257","missense",19,22271876,"C","T","p.R442W",0.1158,95,11,"known","COSM710734",2,"MU1334088",1,10.19,"het",1.1E-4,"AGTGTGGCAAAGCCTTTAAC","GGTCTTCATACCTTATTCGA",0,0,"chr19:g.22271876C>T",24876,null,"predicted passenger",null,"FALSE",124,"FALSE",0,"FALSE"]
["G13402","ZNF257","missense",19,22271876,"C","T","p.R442W",0.3333,72,24,"known","COSM710734",2,"MU1334088",1,10.19,"het",0,"AGTGTGGCAAAGCCTTTAAC","GGTCTTCATACCTTATTCGA",0,0,"chr19:g.22271876C>T",25586,null,"predicted passenger",null,"FALSE",124,"FALSE",0,"FALSE"]
["G13404","ZNF257","missense",19,22271876,"C","T","p.R442W",0.3571,98,35,"known","COSM710734",2,"MU1334088",1,10.19,"het",0,"AGTGTGGCAAAGCCTTTAAC","GGTCTTCATACCTTATTCGA",0,0,"chr19:g.22271876C>T",26366,null,"predicted passenger",null,"FALSE",124,"FALSE",0,"FALSE"]
["G13401","ZIK1","missense",19,58099931,"G","A","p.A33T",0.1111,36,4,"known","COSM1002341",2,"MU1814420",2,24.1,"het",0.12943,"GTGTGACCTTTGAGGACATC","CCATTTACTTCTCACAGGAC",0,0,"chr19:g.58099931G>A",24899,"KRAB","predicted passenger",null,"FALSE",31,"FALSE",1,"FALSE"]
["G13402","ZIK1","missense",19,58099931,"G","A","p.A33T",0.2727,22,6,"known","COSM1002341",2,"MU1814420",2,24.1,"het",0.00916,"GTGTGACCTTTGAGGACATC","CCATTTACTTCTCACAGGAC",0,0,"chr19:g.58099931G>A",25616,"KRAB","predicted passenger",null,"FALSE",31,"FALSE",1,"FALSE"]
["G13404","ZIK1","missense",19,58099931,"G","A","p.A33T",0.2083,48,10,"known","COSM1002341",2,"MU1814420",2,24.1,"het",0.01417,"GTGTGACCTTTGAGGACATC","CCATTTACTTCTCACAGGAC",0,0,"chr19:g.58099931G>A",26385,"KRAB","predicted passenger",null,"FALSE",31,"FALSE",1,"FALSE"]
["G13401","ZNF814","missense",19,58385580,"G","A","p.A393V",0.1989,176,35,"known","COSM6309840",3,"NA",0,2.888,"het",0,"TCTGATGATTACTGAAGCTA","CATATTTGCTAAACGATTTC",0,0,"chr19:g.58385580G>A",24902,null,"predicted passenger","Act","FALSE",111,"FALSE",0,"FALSE"]
["G13402","ZNF814","missense",19,58385580,"G","A","p.A393V",0.024,128,3,"known","COSM6309840",3,"NA",0,2.888,"het",0.3622,"TCTGATGATTACTGAAGCTA","CATATTTGCTAAACGATTTC",0,0,"chr19:g.58385580G>A",19951,null,"predicted passenger","Act","FALSE",111,"FALSE",0,"FALSE"]
["G13401","KRTAP26-1","missense",21,31692048,"G","T","p.F102L",0.0682,88,6,"known","COSM282328",1,"NA",0,10.45,"het",0.00898,"GGAAGGCAGGAACTGGAGAA","AAAGAAGCAGGAAGAAAACT",1,0,"chr21:g.31692048G>T",24923,"PMG","predicted passenger",null,"FALSE",114,"FALSE",0,"FALSE"]
["G13402","CEP85","missense",1,26582321,"C","A","p.L290M",0.0541,37,2,"known","COSM4884540",1,"MU28498678",1,23.5,"het",0.30122,"TCAGCACTTGTCGGCAGCAG","TGGAATTGATTCGTTTACAG",0,0,"chr1:g.26582321C>A",24971,null,"predicted passenger",null,"FALSE",30,"FALSE",1,"FALSE"]
["G13402","IPP","frameshift",1,46184896,"AAC","A","p.C388Lfs*14",0.0606,99,6,"known","COSM4692857",7,"MU1684625",2,35,"het",0.01319,"CAAAGCATAGATAGCCCCAT","ACACACACACTCCTAAGCCG",0,0,"chr1:g.46184897_46184898del",24981,"Kelch_1","predicted passenger",null,"FALSE",120,"TRUE",0,"TRUE"]
["G13404","IPP","frameshift",1,46184896,"AAC","A","p.C388Lfs*14",0.0224,134,3,"known","COSM4692857",7,"MU1684625",2,35,"het",0.18127,"CAAAGCATAGATAGCCCCAT","ACACACACACTCCTAAGCCG",0,0,"chr1:g.46184897_46184898del",25831,"Kelch_1","predicted passenger",null,"FALSE",120,"TRUE",0,"TRUE"]
["G13401","IPP","frameshift",1,46184896,"AAC","A","p.C388Lfs*14",7.63403263403263E-3,132,1,"known","COSM4692857",7,"MU1684625",2,35,"het",0.19346,"CAAAGCATAGATAGCCCCAT","ACACACACACTCCTAAGCCG",0,0,"chr1:g.46184897_46184898del",11,"Kelch_1","predicted passenger",null,"FALSE",120,"TRUE",0,"TRUE"]
["G13402","DNAJC6","missense",1,65871572,"C","A","p.S692R",0.0625,32,2,"known","COSM6392024",1,"NA",0,26.8,"het",0.21142,"GGTAGTTCTTCCTTTGCCAG","AAACCCACCACACCAACTGG",1,0,"chr1:g.65871572C>A",24989,null,"predicted passenger",null,"FALSE",37,"FALSE",1,"FALSE"]
["G13402","ZRANB2","missense",1,71535040,"C","T","p.R230H",0.2054,112,23,"known","COSM1234797",1,"NA",0,23.3,"het",0,"AACTGGAAGAACTTCTTGAA","GGGACCTGGAACAACATGGA",1,0,"chr1:g.71535040C>T",24990,null,"predicted passenger",null,"FALSE",152,"FALSE",0,"FALSE"]
["G13404","ZRANB2","missense",1,71535040,"C","T","p.R230H",0.1933,119,23,"known","COSM1234797",1,"NA",0,23.3,"het",0,"AACTGGAAGAACTTCTTGAA","GGGACCTGGAACAACATGGA",1,0,"chr1:g.71535040C>T",25838,null,"predicted passenger",null,"FALSE",152,"FALSE",0,"FALSE"]
["G13401","ZRANB2","missense",1,71535040,"C","T","p.R230H",0.0155,129,2,"known","COSM1234797",1,"NA",0,23.3,"het",0,"AACTGGAAGAACTTCTTGAA","GGGACCTGGAACAACATGGA",1,0,"chr1:g.71535040C>T",24990,null,"predicted passenger",null,"FALSE",152,"FALSE",0,"FALSE"]
["G13402","SNX7","missense",1,99156638,"G","A","p.R124H",0.0813,123,10,"known","COSM6874985",1,"NA",0,25.5,"het",1.08E-3,"TTACTTTCTTCAGACATCTC","TGGGGAATTTGACTCCAGTG",1,0,"chr1:g.99156638G>A",24997,"PX","predicted passenger",null,"FALSE",118,"FALSE",3,"FALSE"]
["G13404","SNX7","missense",1,99156638,"G","A","p.R124H",0.154545454545455,127,17,"known","COSM6874985",1,"NA",0,25.5,"het",1.08E-3,"TTACTTTCTTCAGACATCTC","TGGGGAATTTGACTCCAGTG",1,0,"chr1:g.99156638G>A",24997,"PX","predicted passenger",null,"FALSE",118,"FALSE",3,"FALSE"]
["G13402","FMN2","missense",1,240371195,"C","T","p.A1028V",0.4286,14,6,"known","COSM3930694",2,"MU4603506",2,9.669,"het",3.31E-3,"TCCACCCCCTCTACCCGGAG","GGGCATACCCCCTCCGCCCC",0,0,"chr1:g.240371195C>T",25032,"Drf_FH1","predicted passenger",null,"FALSE",22,"FALSE",0,"FALSE"]
["G13402","ADGRL3","missense",4,62453154,"C","A","p.Q89K",0.05,60,3,"known","COSM4698508",2,"NA",0,23.2,"het",0.05847,"ATGCCTATAAGATTATGTCT","AAAGGTATGATACTTCTAAT",0,0,"chr4:g.62453154C>A",25139,"Gal_Lectin","predicted passenger",null,"FALSE",94,"FALSE",0,"FALSE"]
["G13402","OPRM1","missense",6,154360866,"G","A","p.G156S",0.5046,109,55,"known","COSM4709561",1,"NA",0,21.8,"het",0,"ACAGCCTGTGCCCTCCGACC","GCAGTCCCTCCATGATCACG",1,0,"chr6:g.154360866G>A",25225,null,"predicted passenger",null,"FALSE",154,"FALSE",1,"FALSE"]
["G13404","OPRM1","missense",6,154360866,"G","A","p.G156S",0.5567,97,54,"known","COSM4709561",1,"NA",0,21.8,"het",0,"ACAGCCTGTGCCCTCCGACC","GCAGTCCCTCCATGATCACG",1,0,"chr6:g.154360866G>A",26047,null,"predicted passenger",null,"FALSE",154,"FALSE",1,"FALSE"]
["G13401","OPRM1","missense",6,154360866,"G","A","p.G156S",0.0238,84,2,"known","COSM4709561",1,"NA",0,21.8,"het",0,"ACAGCCTGTGCCCTCCGACC","GCAGTCCCTCCATGATCACG",1,0,"chr6:g.154360866G>A",25225,null,"predicted passenger",null,"FALSE",154,"FALSE",1,"FALSE"]
["G13402","HOXA5","missense",7,27182686,"G","A","p.R181C",0.087,23,2,"known","COSM6681613",1,"NA",0,31,"het",0.10476,"ATGACTTATGTGCAGCTTGC","CATCCAGGGGTAGATCTGGG",1,0,"chr7:g.27182686G>A",25236,null,"predicted passenger",null,"FALSE",47,"FALSE",3,"FALSE"]
["G13402","ZNF716","missense",7,57522280,"C","A","p.L52M",0.1289,194,25,"known","COSM3431699",1,"MU1779291",1,23.5,"het",1e-05,"TGTTAGAGAACTACAGAAAC","TGGTCTCCCTGGGTGAGGAA",0,0,"chr7:g.57522280C>A",25242,"KRAB","predicted passenger",null,"FALSE",119,"FALSE",1,"FALSE"]
["G13404","ZNF716","missense",7,57522280,"C","A","p.L52M",0.0581,241,14,"known","COSM3431699",1,"MU1779291",1,23.5,"het",1e-05,"TGTTAGAGAACTACAGAAAC","TGGTCTCCCTGGGTGAGGAA",0,0,"chr7:g.57522280C>A",25242,"KRAB","predicted passenger",null,"FALSE",119,"FALSE",1,"FALSE"]
["G13402","GIMAP4","missense",7,150270136,"C","A","p.F326L",0.0588,34,2,"known","COSM1449186",1,"MU142014",1,20.5,"het",0.18681,"TTTATTTTGTTACGTCTGTT","GCGGAAGATTAAACTTAATG",0,0,"chr7:g.150270136C>A",25269,null,"predicted passenger",null,"FALSE",44,"FALSE",0,"FALSE"]
["G13402","CDKN2A","nonsense",9,21971120,"G","A","p.R80*",0.5,174,87,"known","COSM99935",174,"MU1120685",14,38,"het",0,"GGCAGCGTCGTGCACGGGTC","GGTGAGAGTGGCGGGGTCGG",0,1,"chr9:g.21971120G>A",25314,"Ank_2","known in: CM","LoF","FALSE",254,"TRUE",1,"TRUE"]
["G13404","CDKN2A","nonsense",9,21971120,"G","A","p.R80*",0.5385,169,91,"known","COSM99935",174,"MU1120685",14,38,"het",0,"GGCAGCGTCGTGCACGGGTC","GGTGAGAGTGGCGGGGTCGG",0,1,"chr9:g.21971120G>A",26100,"Ank_2","known in: CM","LoF","FALSE",254,"TRUE",1,"TRUE"]
["G13401","CDKN2A","nonsense",9,21971120,"G","A","p.R80*",0.0978,184,18,"known","COSM99935",174,"MU1120685",14,38,"het",0,"GGCAGCGTCGTGCACGGGTC","GGTGAGAGTGGCGGGGTCGG",0,1,"chr9:g.21971120G>A",25314,"Ank_2","known in: CM","LoF","FALSE",254,"TRUE",1,"TRUE"]
["G13402","EXD3","missense",9,140243980,"G","A","p.R500W",0.3171,41,13,"known","COSM3089231",1,"NA",0,23.9,"het",0.00435,"GGCTGGCACGCTCGCCACCC","CATCTGCTAAGACAGTGCCC",1,0,"chr9:g.140243980G>A",25343,"DNA_pol_A_exo1","predicted passenger",null,"FALSE",18,"FALSE",1,"FALSE"]
["G13404","EXD3","missense",9,140243980,"G","A","p.R500W",0.2143,28,6,"known","COSM3089231",1,"NA",0,23.9,"het",0.04022,"GGCTGGCACGCTCGCCACCC","CATCTGCTAAGACAGTGCCC",1,0,"chr9:g.140243980G>A",26123,"DNA_pol_A_exo1","predicted passenger",null,"FALSE",18,"FALSE",1,"FALSE"]
["G13402","DIP2C","frameshift",10,412273,"GCA","G","p.A737Sfs*19",0.0226,133,3,"known","COSM427535",4,"NA",0,35,"het",0.10939,"AGGACGTGCCCGTCGCAACT","CACACACACAGCTCCCCGAT",0,0,"chr10:g.412274_412275del",25345,"AMP-binding","predicted passenger",null,"FALSE",181,"TRUE",0,"TRUE"]
["G13404","DIP2C","frameshift",10,412273,"GCA","G","p.A737Sfs*19",0.0102040816326531,198,2,"known","COSM427535",4,"NA",0,35,"het",0.19044,"AGGACGTGCCCGTCGCAACT","CACACACACAGCTCCCCGAT",0,0,"chr10:g.412274_412275del",6999,"AMP-binding","predicted passenger",null,"FALSE",181,"TRUE",0,"TRUE"]
["G13402","TYR","missense",11,88911732,"C","A","p.A204E",0.058,69,4,"known","COSM5549050",1,"NA",0,29.5,"het",0.03738,"CATTGATTTTGCCCATGAAG","ACCAGCTTTTCTGCCTTGGC",1,0,"chr11:g.88911732C>A",25392,"Tyrosinase","predicted passenger",null,"FALSE",87,"FALSE",2,"FALSE"]
["G13402","LINGO1","missense",15,77907381,"G","A","p.R290C",0.4811,106,51,"known","COSM701762",2,"MU1350378",1,25.4,"het",0,"GTAGGAGAGGTTGAGGAAGC","GAGATAGACTAGGTGGCGGA",0,0,"chr15:g.77907381G>A",25486,"LRR_1","predicted passenger",null,"FALSE",209,"FALSE",1,"FALSE"]
["G13404","LINGO1","missense",15,77907381,"G","A","p.R290C",0.4528,106,48,"known","COSM701762",2,"MU1350378",1,25.4,"het",0,"GTAGGAGAGGTTGAGGAAGC","GAGATAGACTAGGTGGCGGA",0,0,"chr15:g.77907381G>A",26278,"LRR_1","predicted passenger",null,"FALSE",209,"FALSE",1,"FALSE"]
["G13401","LINGO1","missense",15,77907381,"G","A","p.R290C",0.0921,152,14,"known","COSM701762",2,"MU1350378",1,25.4,"het",0,"GTAGGAGAGGTTGAGGAAGC","GAGATAGACTAGGTGGCGGA",0,0,"chr15:g.77907381G>A",25486,"LRR_1","predicted passenger",null,"FALSE",209,"FALSE",1,"FALSE"]
["G13402","CEP131","missense",17,79171919,"C","A","p.S489I",0.0541,37,2,"known","COSM4884088",1,"MU28536995",1,21.7,"het",0.24658,"CGCACACCGTGGTCACCTCG","TGGCCCAGGCGTATCTGCCC",0,0,"chr17:g.79171919C>A",25554,null,"predicted passenger",null,"FALSE",39,"FALSE",1,"FALSE"]
["G13402","SMAD4","missense",18,48604797,"T","G","p.L540R",0.5405,74,40,"known","COSM14165",9,"MU17452557",1,26.8,"het",0,"CCAGCTCCTAGACGAAGTAC","TCATACCATGCCGATTGCAG",0,1,"chr18:g.48604797T>G",25562,null,"predicted driver: tier 1","LoF","FALSE",96,"FALSE",2,"TRUE"]
["G13404","SMAD4","missense",18,48604797,"T","G","p.L540R",0.3881,67,26,"known","COSM14165",9,"MU17452557",1,26.8,"het",0,"CCAGCTCCTAGACGAAGTAC","TCATACCATGCCGATTGCAG",0,1,"chr18:g.48604797T>G",26351,null,"predicted driver: tier 1","LoF","FALSE",96,"FALSE",2,"TRUE"]
["G13402","SIGLEC12","missense",19,51995064,"G","A","p.P540L",0.2105,19,4,"known","COSM2925893",3,"MU25322243",1,0.118,"het",0.07244,"GTGGGGGGCTGTCATCTGCC","GGGATTCAATCAGGGGTCCC",0,0,"chr19:g.51995064G>A",25600,null,"predicted passenger",null,"FALSE",29,"FALSE",0,"FALSE"]
["G13404","SIGLEC12","missense",19,51995064,"G","A","p.P540L",0.4118,17,7,"known","COSM2925893",3,"MU25322243",1,0.118,"het",0.07244,"GTGGGGGGCTGTCATCTGCC","GGGATTCAATCAGGGGTCCC",0,0,"chr19:g.51995064G>A",25600,null,"predicted passenger",null,"FALSE",29,"FALSE",0,"FALSE"]
["G13402","TTLL1","missense",22,43464424,"C","A","p.K165N",0.0571,35,2,"known","COSM4737297",2,"NA",0,18.05,"het",0.20877,"GCCCACACTTACGAAGATGT","TTGCTGTCCCGGGACCACTT",0,0,"chr22:g.43464424C>A",25660,"TTL","predicted passenger",null,"FALSE",41,"FALSE",0,"FALSE"]
["G13401","ARV1","frameshift",1,231131566,"CA","C","p.K173Sfs*8",0.0276,181,5,"known","COSM1340032",31,"MU3741199",3,19.95,"het",0.00023,"GGTAGAACGGCCCATGACGG","AAAAAAAAGCCCAACTTCAT",0,0,"chr1:g.231131567_231131567del",13859,"Arv1","predicted passenger",null,"FALSE",175,"FALSE",0,"FALSE"]
["G13402","ARV1","frameshift",1,231131566,"CA","C","p.K173Sfs*8",0.0478,209,10,"known","COSM1340032",31,"MU3741199",3,19.95,"het",0.00023,"GGTAGAACGGCCCATGACGG","AAAAAAAAGCCCAACTTCAT",0,0,"chr1:g.231131567_231131567del",13859,"Arv1","predicted passenger",null,"FALSE",175,"FALSE",0,"FALSE"]
["G13404","ARV1","frameshift",1,231131566,"CA","C","p.K173Sfs*8",0.0324,185,6,"known","COSM1340032",31,"MU3741199",3,19.95,"het",0.00023,"GGTAGAACGGCCCATGACGG","AAAAAAAAGCCCAACTTCAT",0,0,"chr1:g.231131567_231131567del",13859,"Arv1","predicted passenger",null,"FALSE",175,"FALSE",0,"FALSE"]
["G13402","WBP1","frameshift",2,74687542,"G","GC","p.H185Sfs*5",0.0151,199,3,"known","COSM1409570",5,"MU840066",3,24.9,"het",0.01973,"GTGTTTCCTCCCACCAGAGT","CCCCCCCTCATCAGGAGGGT",0,0,"chr2:g.74687542_74687543insC",25690,null,"predicted passenger",null,"FALSE",244,"TRUE",0,"TRUE"]
["G13404","WBP1","frameshift",2,74687542,"G","GC","p.H185Sfs*5",0.0103,194,2,"known","COSM1409570",5,"MU840066",3,24.9,"het",0.01973,"GTGTTTCCTCCCACCAGAGT","CCCCCCCTCATCAGGAGGGT",0,0,"chr2:g.74687542_74687543insC",25690,null,"predicted passenger",null,"FALSE",244,"TRUE",0,"TRUE"]
["G13401","WBP1","frameshift",2,74687542,"G","GC","p.H185Sfs*5",0.005,201,1,"known","COSM1409570",5,"MU840066",3,24.9,"het",0.01973,"GTGTTTCCTCCCACCAGAGT","CCCCCCCTCATCAGGAGGGT",0,0,"chr2:g.74687542_74687543insC",25690,null,"predicted passenger",null,"FALSE",244,"TRUE",0,"TRUE"]
["G13401","FSIP2","missense",2,186673134,"C","A","p.S6456R",0.0324324324324324,191,6,"known","COSM6424549",1,"NA",0,6.127,"het",0.04054,"AGGTTGCCAAGTTCCTCAAG","AAAGATGAAAAAAACTTATC",1,0,"chr2:g.186673134C>A",25694,null,"predicted passenger",null,"FALSE",190,"FALSE",0,"FALSE"]
["G13404","FSIP2","missense",2,186673134,"C","A","p.S6456R",0.012987012987013,160,2,"known","COSM6424549",1,"NA",0,6.127,"het",0.04054,"AGGTTGCCAAGTTCCTCAAG","AAAGATGAAAAAAACTTATC",1,0,"chr2:g.186673134C>A",25694,null,"predicted passenger",null,"FALSE",190,"FALSE",0,"FALSE"]
["G13401","DNAH7","frameshift",2,196788373,"AT","A","p.N1257Ifs*11",0.0219,183,4,"known","COSM1404193",8,"NA",0,15.39,"het",0.00862,"AAGTCAGAGTCATCGCTAAT","TTTTTTTTACAAGTGATGAG",0,0,"chr2:g.196788374_196788374del",25695,null,"predicted passenger",null,"FALSE",227,"FALSE",0,"FALSE"]
["G13402","DNAH7","frameshift",2,196788373,"AT","A","p.N1257Ifs*11",0,169,0,"known","COSM1404193",8,"NA",0,15.39,"het",0.00862,"AAGTCAGAGTCATCGCTAAT","TTTTTTTTACAAGTGATGAG",0,0,"chr2:g.196788374_196788374del",25695,null,"predicted passenger",null,"FALSE",227,"FALSE",0,"FALSE"]
["G13404","DNAH7","frameshift",2,196788373,"AT","A","p.N1257Ifs*11",0.04,175,7,"known","COSM1404193",8,"NA",0,15.39,"het",0.00862,"AAGTCAGAGTCATCGCTAAT","TTTTTTTTACAAGTGATGAG",0,0,"chr2:g.196788374_196788374del",25695,null,"predicted passenger",null,"FALSE",227,"FALSE",0,"FALSE"]
["G13404","XIRP1","frameshift",3,39228954,"GTGTC","G","p.R660Tfs*20",0,113,0,"known","COSM1163739",4,"NA",0,33,"het",0.20064,"AGAGGCTCGGTCTCAAAGAC","TGTCTGTCTGTCTTTCCCCA",0,0,"chr3:g.39228955_39228958del",19488,null,"predicted passenger",null,"FALSE",197,"TRUE",0,"TRUE"]
["G13401","XIRP1","frameshift",3,39228954,"GTGTC","G","p.R660Tfs*20",0.00694578429480996,145,1,"known","COSM1163739",4,"NA",0,33,"het",0.20064,"AGAGGCTCGGTCTCAAAGAC","TGTCTGTCTGTCTTTCCCCA",0,0,"chr3:g.39228955_39228958del",19488,null,"predicted passenger",null,"FALSE",197,"TRUE",0,"TRUE"]
["G13402","XIRP1","frameshift",3,39228954,"GTGTC","G","p.R660Tfs*20",0.00821448968621918,123,1,"known","COSM1163739",4,"NA",0,33,"het",0.20064,"AGAGGCTCGGTCTCAAAGAC","TGTCTGTCTGTCTTTCCCCA",0,0,"chr3:g.39228955_39228958del",19488,null,"predicted passenger",null,"FALSE",197,"TRUE",0,"TRUE"]
["G13401","ATP11B","nonsense",3,182553917,"C","A","p.S137*",0.015,133,2,"known","COSM6607119",1,"NA",0,37,"het",0.22892,"TGGCCTTGTAAAAACTAGAT","AAAAAACATTCGGGTATGCA",1,0,"chr3:g.182553917C>A",1217,"E1-E2_ATPase","predicted passenger",null,"FALSE",133,"TRUE",1,"FALSE"]
["G13404","ATP11B","nonsense",3,182553917,"C","A","p.S137*",0,117,0,"known","COSM6607119",1,"NA",0,37,"het",0.22892,"TGGCCTTGTAAAAACTAGAT","AAAAAACATTCGGGTATGCA",1,0,"chr3:g.182553917C>A",1217,"E1-E2_ATPase","predicted passenger",null,"FALSE",133,"TRUE",1,"FALSE"]
["G13401","GABRG1","frameshift",4,46060357,"CA","C","p.F264Lfs*3",0.0204,98,2,"known","COSM293638",13,"NA",0,34,"het",0.01875,"TCCCATTCTTCTGCTCAGGT","AAAAAAATTGTCATGATAAC",0,0,"chr4:g.46060358_46060358del",25705,"Neur_chan_LBD","predicted passenger",null,"FALSE",110,"FALSE",0,"FALSE"]
["G13402","GABRG1","frameshift",4,46060357,"CA","C","p.F264Lfs*3",0.0396,101,4,"known","COSM293638",13,"NA",0,34,"het",0.01875,"TCCCATTCTTCTGCTCAGGT","AAAAAAATTGTCATGATAAC",0,0,"chr4:g.46060358_46060358del",25705,"Neur_chan_LBD","predicted passenger",null,"FALSE",110,"FALSE",0,"FALSE"]
["G13404","GABRG1","frameshift",4,46060357,"CA","C","p.F264Lfs*3",0.0183092608326253,110,2,"known","COSM293638",13,"NA",0,34,"het",0.01875,"TCCCATTCTTCTGCTCAGGT","AAAAAAATTGTCATGATAAC",0,0,"chr4:g.46060358_46060358del",25705,"Neur_chan_LBD","predicted passenger",null,"FALSE",110,"FALSE",0,"FALSE"]
["G13401","CLOCK","nonsense",4,56336953,"TA","T","p.L123*fs*1",0.0229,131,3,"known","COSM252979",37,"MU604915",6,29.4,"het",0.00201,"CTTCCATCTGTCATGATTGC","AAAAAAAACCATCAAGAGCC",0,0,"chr4:g.56336954_56336954del",16839,"PAS","predicted driver: tier 1","LoF","FALSE",157,"FALSE",0,"TRUE"]
["G13404","CLOCK","nonsense",4,56336953,"TA","T","p.L123*fs*1",0,122,0,"known","COSM252979",37,"MU604915",6,29.4,"het",0.00201,"CTTCCATCTGTCATGATTGC","AAAAAAAACCATCAAGAGCC",0,0,"chr4:g.56336954_56336954del",16839,"PAS","predicted driver: tier 1","LoF","FALSE",157,"FALSE",0,"TRUE"]
["G13402","CLOCK","nonsense",4,56336953,"TA","T","p.L123*fs*1",0.00719424460431655,140,1,"known","COSM252979",37,"MU604915",6,29.4,"het",0.00201,"CTTCCATCTGTCATGATTGC","AAAAAAAACCATCAAGAGCC",0,0,"chr4:g.56336954_56336954del",16839,"PAS","predicted driver: tier 1","LoF","FALSE",157,"FALSE",0,"TRUE"]
["G13401","MAPK14","missense",6,36040747,"C","A","p.L135I",0.01875,163,3,"known","COSM275989",1,"NA",0,34,"het",0.00509,"AGTTCCTTATCTACCAAATT","TCCGAGGTCTAAAGGTACAG",1,0,"chr6:g.36040747C>A",25715,"Pkinase","predicted passenger",null,"FALSE",162,"FALSE",3,"FALSE"]
["G13401","MCHR2","frameshift",6,100382357,"GA","G","p.F208Sfs*5",0.00840336134453781,120,1,"known","COSM4611466",21,"MU60778",3,26.1,"het",1.33E-3,"ACCAAAATCAAGGGTAGAGG","AAAAAAAAGTTGTTATCGTC",0,0,"chr6:g.100382358_100382358del",14144,"7tm_1","predicted passenger",null,"FALSE",156,"FALSE",0,"FALSE"]
["G13402","MCHR2","frameshift",6,100382357,"GA","G","p.F208Sfs*5",0.00833333333333333,121,1,"known","COSM4611466",21,"MU60778",3,26.1,"het",1.33E-3,"ACCAAAATCAAGGGTAGAGG","AAAAAAAAGTTGTTATCGTC",0,0,"chr6:g.100382358_100382358del",14144,"7tm_1","predicted passenger",null,"FALSE",156,"FALSE",0,"FALSE"]
["G13404","MCHR2","frameshift",6,100382357,"GA","G","p.F208Sfs*5",0.00833333333333333,121,1,"known","COSM4611466",21,"MU60778",3,26.1,"het",1.33E-3,"ACCAAAATCAAGGGTAGAGG","AAAAAAAAGTTGTTATCGTC",0,0,"chr6:g.100382358_100382358del",14144,"7tm_1","predicted passenger",null,"FALSE",156,"FALSE",0,"FALSE"]
["G13401","AK9","frameshift",6,109906340,"TTC","T","p.E700Rfs*33",0.00806451612903226,125,1,"known","COSM1439684",1,"MU43359678",1,35,"het",0.00459,"TTTTACCTTGCTTCTTCTTC","TTTTTTTTTCTTTTGTAGTT",0,0,"chr6:g.109906341_109906342del",25718,null,"predicted passenger",null,"FALSE",101,"TRUE",0,"FALSE"]
["G13402","AK9","frameshift",6,109906340,"TTC","T","p.E700Rfs*33",0.0106954930221917,94,1,"known","COSM1439684",1,"MU43359678",1,35,"het",0.00459,"TTTTACCTTGCTTCTTCTTC","TTTTTTTTTCTTTTGTAGTT",0,0,"chr6:g.109906341_109906342del",25718,null,"predicted passenger",null,"FALSE",101,"TRUE",0,"FALSE"]
["G13404","AK9","frameshift",6,109906340,"TTC","T","p.E700Rfs*33",0.0256410256410256,80,2,"known","COSM1439684",1,"MU43359678",1,35,"het",0.00459,"TTTTACCTTGCTTCTTCTTC","TTTTTTTTTCTTTTGTAGTT",0,0,"chr6:g.109906341_109906342del",25718,null,"predicted passenger",null,"FALSE",101,"TRUE",0,"FALSE"]
["G13404","NFKB2","frameshift",10,104159412,"ACG","A","p.L473Afs*32",0.025,80,2,"known","COSM6034764",1,"MU5943857",1,35,"het",0.03854,"CGACTACGGCGTCACCGCGG","CGCGCGCGCTGCTGGCGGGA",0,1,"chr10:g.104159413_104159414del",25743,null,"predicted passenger","ambiguous","FALSE",72,"TRUE",0,"TRUE"]
["G13401","STK33","missense",11,8496277,"C","T","p.R59K",0.162393162393162,136,19,"known","COSM3454056",3,"MU4436779",1,2.337,"het",0.00443,"TGATATTTTTTTCTTTTTTT","TCTCCAGTGAAATTAAAGAT",0,0,"chr11:g.8496277C>T",25745,null,"predicted passenger",null,"FALSE",152,"FALSE",0,"FALSE"]
["G13402","STK33","missense",11,8496277,"C","T","p.R59K",0.137931034482759,132,16,"known","COSM3454056",3,"MU4436779",1,2.337,"het",0.00443,"TGATATTTTTTTCTTTTTTT","TCTCCAGTGAAATTAAAGAT",0,0,"chr11:g.8496277C>T",25745,null,"predicted passenger",null,"FALSE",152,"FALSE",0,"FALSE"]
["G13404","STK33","missense",11,8496277,"C","T","p.R59K",0.125,117,13,"known","COSM3454056",3,"MU4436779",1,2.337,"het",0.00443,"TGATATTTTTTTCTTTTTTT","TCTCCAGTGAAATTAAAGAT",0,0,"chr11:g.8496277C>T",25745,null,"predicted passenger",null,"FALSE",152,"FALSE",0,"FALSE"]
["G13401","FAM186A","missense",12,50746672,"A","G","p.F1315L",0.0470588235294118,89,4,"known","COSM4806569",10,"MU31248075",2,0.025,"het",0.06551,"CTGCGCCTGCTGAGGGGTGA","AGGGATCCCCAGAGCCTGTG",0,0,"chr12:g.50746672A>G",25753,null,"predicted passenger",null,"FALSE",75,"FALSE",0,"FALSE"]
["G13402","FAM186A","missense",12,50746672,"A","G","p.F1315L",0.0357142857142857,87,3,"known","COSM4806569",10,"MU31248075",2,0.025,"het",0.06551,"CTGCGCCTGCTGAGGGGTGA","AGGGATCCCCAGAGCCTGTG",0,0,"chr12:g.50746672A>G",25753,null,"predicted passenger",null,"FALSE",75,"FALSE",0,"FALSE"]
["G13404","FAM186A","missense",12,50746672,"A","G","p.F1315L",0.0631578947368421,101,6,"known","COSM4806569",10,"MU31248075",2,0.025,"het",0.06551,"CTGCGCCTGCTGAGGGGTGA","AGGGATCCCCAGAGCCTGTG",0,0,"chr12:g.50746672A>G",25753,null,"predicted passenger",null,"FALSE",75,"FALSE",0,"FALSE"]
["G13401","MBD6","frameshift",12,57921731,"T","TG","p.A783Sfs*10",0.0351,57,2,"known","COSM1363349",5,"MU143535",2,27.4,"het",0.18365,"TTGGGGCTGCAGCTCCTCCC","GGGGGGGGAGCTCCTCCACC",0,0,"chr12:g.57921731_57921732insG",326,null,"predicted passenger","LoF","FALSE",90,"TRUE",0,"TRUE"]
["G13402","MBD6","frameshift",12,57921731,"T","TG","p.A783Sfs*10",0,62,0,"known","COSM1363349",5,"MU143535",2,27.4,"het",0.18365,"TTGGGGCTGCAGCTCCTCCC","GGGGGGGGAGCTCCTCCACC",0,0,"chr12:g.57921731_57921732insG",326,null,"predicted passenger","LoF","FALSE",90,"TRUE",0,"TRUE"]
["G13404","MBD6","frameshift",12,57921731,"T","TG","p.A783Sfs*10",0,61,0,"known","COSM1363349",5,"MU143535",2,27.4,"het",0.18365,"TTGGGGCTGCAGCTCCTCCC","GGGGGGGGAGCTCCTCCACC",0,0,"chr12:g.57921731_57921732insG",326,null,"predicted passenger","LoF","FALSE",90,"TRUE",0,"TRUE"]
["G13401","NOMO2","missense",16,18532182,"A","T","p.N726K",0.022,363,8,"known","NA",0,"MU50963444",1,0.006,"het",0.09959,"ATTCTTTCTTCACCTTCCTC","TTGCCGTTTTTCTCCCTCTC",1,0,"chr16:g.18532182A>T",6331,null,"predicted passenger",null,"FALSE",522,"FALSE",0,"FALSE"]
["G13402","NOMO2","missense",16,18532182,"A","T","p.N726K",0.0487106017191977,366,17,"known","NA",0,"MU50963444",1,0.006,"het",0.09959,"ATTCTTTCTTCACCTTCCTC","TTGCCGTTTTTCTCCCTCTC",1,0,"chr16:g.18532182A>T",6331,null,"predicted passenger",null,"FALSE",522,"FALSE",0,"FALSE"]
["G13404","NOMO2","missense",16,18532182,"A","T","p.N726K",0.0599369085173502,337,19,"known","NA",0,"MU50963444",1,0.006,"het",0.09959,"ATTCTTTCTTCACCTTCCTC","TTGCCGTTTTTCTCCCTCTC",1,0,"chr16:g.18532182A>T",6331,null,"predicted passenger",null,"FALSE",522,"FALSE",0,"FALSE"]
["G13404","GSE1","frameshift",16,85682289,"A","AC","p.V123Rfs*17",0.027,74,2,"known","COSM1380255",11,"MU81682",3,34,"het",0.04027,"GGGGCCACAGCGTGCCCAGC","CCCCCCCCGTGGTGACCATC",0,0,"chr16:g.85682289_85682290insC",25779,"DUF3736","predicted passenger","LoF","FALSE",162,"TRUE",0,"TRUE"]
["G13401","KRTAP4-2","missense",17,39334070,"T","C","p.Y116C",0.0121951219512195,168,2,"known","COSM5458059",6,"MU43236473",1,0.003,"het",0.46138,"ACACACAGCAGCTGGGGCGG","AGCAGGTGGTCCTGCAGCAG",0,0,"chr17:g.39334070T>C",2563,null,"predicted passenger",null,"FALSE",198,"FALSE",0,"FALSE"]
["G13402","KRTAP4-2","missense",17,39334070,"T","C","p.Y116C",0.0466666666666667,157,7,"known","COSM5458059",6,"MU43236473",1,0.003,"het",0.46138,"ACACACAGCAGCTGGGGCGG","AGCAGGTGGTCCTGCAGCAG",0,0,"chr17:g.39334070T>C",2563,null,"predicted passenger",null,"FALSE",198,"FALSE",0,"FALSE"]
["G13402","DDX42","missense",17,61886234,"G","A","p.V360I",0.0119047619047619,170,2,"known","COSM5853218",1,"NA",0,26.2,"het",0.24889,"ATAATCTTCGATCAGTGGCC","TATATGGAGGAGGGAGTATG",1,0,"chr17:g.61886234G>A",18052,"DEAD","predicted passenger",null,"FALSE",184,"FALSE",1,"FALSE"]
["G13401","BPTF","frameshift",17,65899950,"CA","C","p.E867Rfs*16",0.0196,153,3,"known","COSM4747396",4,"MU3781427",2,24.4,"het",0.043,"AGAGAAGAAAAGGAGAAAGT","AAAAAAAAGAGAAGAAACAG",0,0,"chr17:g.65899951_65899951del",25788,null,"predicted passenger","Act","FALSE",108,"FALSE",0,"FALSE"]
["G13402","BPTF","frameshift",17,65899950,"CA","C","p.E867Rfs*16",0.0343,175,6,"known","COSM4747396",4,"MU3781427",2,24.4,"het",0.043,"AGAGAAGAAAAGGAGAAAGT","AAAAAAAAGAGAAGAAACAG",0,0,"chr17:g.65899951_65899951del",25788,null,"predicted passenger","Act","FALSE",108,"FALSE",0,"FALSE"]
["G13404","BPTF","frameshift",17,65899950,"CA","C","p.E867Rfs*16",0.0229,175,4,"known","COSM4747396",4,"MU3781427",2,24.4,"het",0.043,"AGAGAAGAAAAGGAGAAAGT","AAAAAAAAGAGAAGAAACAG",0,0,"chr17:g.65899951_65899951del",25788,null,"predicted passenger","Act","FALSE",108,"FALSE",0,"FALSE"]
["G13404","ASXL3","frameshift",18,31325914,"TC","T","p.P2037Hfs*43",0.0222222222222222,46,1,"known","COSM4612381",2,"NA",0,24.6,"het",0.00774,"CCCTTGGCTTTGCCCCCGCC","CCCCCCCACCACCTCCGCTA",0,0,"chr18:g.31325915_31325915del",25792,null,"predicted passenger",null,"FALSE",73,"FALSE",0,"FALSE"]
["G13404","ZNF729","missense",19,22497408,"G","A","p.V397I",0.0266666666666667,231,6,"known","COSM6235692",5,"NA",0,1E-3,"het",0.02056,"AACTTACTGTACATAAGGTA","TTCATACTGGAGAGAAACCC",0,0,"chr19:g.22497408G>A",25797,"zf-H2C2_2","predicted passenger",null,"FALSE",218,"FALSE",0,"FALSE"]
["G13402","SYCP2","frameshift",20,58467046,"A","AT","p.M788Nfs*23",0.0149,134,2,"known","COSM5076672",1,"MU54709277",2,25.9,"het",0.0787,"AAACACATTGAAAGCTCACC","TTTTTTTTTGTTTCGAATCC",0,0,"chr20:g.58467046_58467047insT",4647,null,"predicted passenger",null,"FALSE",129,"TRUE",0,"FALSE"]
["G13404","SYCP2","frameshift",20,58467046,"A","AT","p.M788Nfs*23",0.041,122,5,"known","COSM5076672",1,"MU54709277",2,25.9,"het",0.0787,"AAACACATTGAAAGCTCACC","TTTTTTTTTGTTTCGAATCC",0,0,"chr20:g.58467046_58467047insT",4647,null,"predicted passenger",null,"FALSE",129,"TRUE",0,"FALSE"]
["G13401","SYCP2","frameshift",20,58467046,"A","AT","p.M788Nfs*23",0.00826446280991736,122,1,"known","COSM5076672",1,"MU54709277",2,25.9,"het",0.0787,"AAACACATTGAAAGCTCACC","TTTTTTTTTGTTTCGAATCC",0,0,"chr20:g.58467046_58467047insT",4647,null,"predicted passenger",null,"FALSE",129,"TRUE",0,"FALSE"]
["G13402","TRIOBP","frameshift",22,38130772,"T","TG","p.T1480Hfs*22",0.00847457627118644,119,1,"known","COSM4736311",4,"NA",0,27.3,"het",0.02545,"CCAAAGCCCCGGAGGGAGCA","GGGGGGGCACTTCCAGGGAG",0,0,"chr22:g.38130772_38130773insG",25807,null,"predicted passenger",null,"FALSE",115,"TRUE",0,"TRUE"]
["G13402","ARMCX4","missense","X",100749019,"G","A","p.A1815T",0.0833333333333333,26,2,"known","COSN26648607",3,"NA",0,11.25,"het",0.07535,"GGGCTGAGGCTGGGGCTGGG","CTGAGGCTGGGGCTGGGGCT",0,0,"chrX:g.100749019G>A",25812,null,"predicted passenger",null,"FALSE",31,"FALSE",0,"FALSE"]
["G13404","ARMCX4","missense","X",100749019,"G","A","p.A1815T",0.125,18,2,"known","COSN26648607",3,"NA",0,11.25,"het",0.07535,"GGGCTGAGGCTGGGGCTGGG","CTGAGGCTGGGGCTGGGGCT",0,0,"chrX:g.100749019G>A",25812,null,"predicted passenger",null,"FALSE",31,"FALSE",0,"FALSE"]
["G13404","DOCK3","missense",3,51308262,"C","A","p.S791Y",0.05,40,2,"known","COSM1204356",3,"NA",0,25,"het",0.15446,"GCAGGCTGCACTCCTCAATT","TTTCCCAACCATCTTTGATG",0,0,"chr3:g.51308262C>A",25927,null,"predicted passenger",null,"FALSE",61,"FALSE",0,"FALSE"]
["G13404","PRRC2A","frameshift",6,31597456,"A","AC","p.P699Afs*22",0.0698,43,3,"known","COSM4718137",3,"NA",0,28.7,"het",0.08916,"GTGCCAGCTCCACAGGCTCC","CCCCCGCCCCCCAAGGCCCT",0,0,"chr6:g.31597456_31597457insC",26020,null,"predicted passenger",null,"FALSE",52,"TRUE",0,"TRUE"]
["G13404","ZNF292","frameshift",6,87969483,"G","GA","p.S2049Kfs*3",0.0566,106,6,"known","COSM5002327",1,"MU3640823",1,35,"het",0.08058,"TCCCAGAAAAACAACTTGTA","AAAAAAAAAGTCCTGACAAA",0,0,"chr6:g.87969483_87969484insA",26035,null,"predicted driver: tier 1","LoF","FALSE",145,"TRUE",0,"TRUE"]
["G13401","ZNF292","frameshift",6,87969483,"G","GA","p.S2049Kfs*3",0.00645161290322581,156,1,"known","COSM5002327",1,"MU3640823",1,35,"het",0.22525,"TCCCAGAAAAACAACTTGTA","AAAAAAAAAGTCCTGACAAA",0,0,"chr6:g.87969483_87969484insA",8878,null,"predicted driver: tier 1","LoF","FALSE",145,"TRUE",0,"TRUE"]
["G13402","ZNF292","frameshift",6,87969483,"G","GA","p.S2049Kfs*3",0.00840336134453781,120,1,"known","COSM5002327",1,"MU3640823",1,35,"het",0.22525,"TCCCAGAAAAACAACTTGTA","AAAAAAAAAGTCCTGACAAA",0,0,"chr6:g.87969483_87969484insA",8878,null,"predicted driver: tier 1","LoF","FALSE",145,"TRUE",0,"TRUE"]
["G13404","FBXL3","frameshift",13,77581682,"T","TA","p.L295Ffs*3",0.0721,111,8,"known","COSM308658",2,"NA",0,33,"het",0.02474,"GGGTCAAATTCTTCTTCATA","AAAAAAAAATACATCACTAA",0,0,"chr13:g.77581682_77581683insA",26229,null,"predicted passenger",null,"FALSE",118,"FALSE",0,"FALSE"]
["G13401","FBXL3","frameshift",13,77581682,"T","TA","p.L295Ffs*3",0.0377358490566038,110,4,"known","COSM308658",2,"NA",0,33,"het",0.19584,"GGGTCAAATTCTTCTTCATA","AAAAAAAAATACATCACTAA",0,0,"chr13:g.77581682_77581683insA",8464,null,"predicted passenger",null,"FALSE",118,"FALSE",0,"FALSE"]
["G13404","PPP2R3C","frameshift",14,35585934,"C","CT","p.S23Kfs*2",0.0625,80,5,"known","COSM1721324",3,"NA",0,32,"het",0.16996,"CATCTTTTAATTCTTGTTCA","TTTTTTTTTCTGGTAACAAA",0,0,"chr14:g.35585934_35585935insT",26240,null,"predicted passenger",null,"FALSE",69,"TRUE",0,"TRUE"]
["G13402","PPP2R3C","frameshift",14,35585934,"C","CT","p.S23Kfs*2",0.0408,98,4,"known","COSM1721324",3,"NA",0,32,"het",0.16873,"CATCTTTTAATTCTTGTTCA","TTTTTTTTTCTGGTAACAAA",0,0,"chr14:g.35585934_35585935insT",1972,null,"predicted passenger",null,"FALSE",69,"TRUE",0,"TRUE"]
["G13404","ATP10A",".",15,25925456,"C","A",".",0.05,40,2,"known","COSM1183988",1,"NA",0,26.9,"het",0.20376,"GTTATCCAGTTGAGCCAGGT","TGAGGGGGAATGAGAAAGAA",1,0,"chr15:g.25925456C>A",26262,null,"predicted passenger",null,"FALSE",48,"TRUE",1,"FALSE"]
["G13404","DSCAM","missense",21,42080523,"C","A","p.R73L",0.0769,26,2,"known","COSM6094620",1,"NA",0,34,"het",0.24525,"TGCCGTTGGGGTGGACGTGG","GGATCCCGGGGACATCGTAG",1,0,"chr21:g.42080523C>A",26408,"Ig_2","predicted passenger",null,"FALSE",61,"FALSE",1,"FALSE"]
["G13404","TCF20","missense",22,42564729,"C","A","p.C1938F",0.0513,39,2,"known","COSM4885042",1,"MU28515004",1,24.1,"het",0.15275,"TCTGCAAGGGGGGGAGAGGG","ACGGAAGGGGAGGCTGACAC",0,0,"chr22:g.42564729C>A",26414,null,"predicted passenger",null,"FALSE",62,"FALSE",1,"FALSE"]
["G13404","GUCY2F","missense","X",108718538,"G","A","p.R210W",0.0677,133,9,"known","COSM6050190",1,"NA",0,32,"het",1.39E-3,"TACAGGTAAGCCGTGGCTCC","AAGAGCACTTGCGACTCGAT",1,0,"chrX:g.108718538G>A",26435,"ANF_receptor","predicted passenger",null,"FALSE",149,"FALSE",1,"FALSE"]
["G13401","FOXJ3","nonsense",1,42657370,"C","A","p.E319*",0.125,16,2,"unknown","NA",0,"NA",0,39,"het",0.15385,"GTGGGACTGCTGGGAAGATT","AGAAGGGATGTTCATCAAAC",0,0,"chr1:g.42657370C>A",38792,null,"predicted passenger",null,"FALSE",25,"TRUE",1,"FALSE"]
["G13401","SPTA1","missense",1,158612223,"T","A","p.D1572V",0.0791,278,22,"unknown","NA",0,"NA",0,23.5,"het",0,"TCATGGCCTCTTCATTGCCA","CACAAGCGCTACACTCAATC",0,1,"chr1:g.158612223T>A",38798,null,"predicted passenger",null,"FALSE",284,"FALSE",1,"FALSE"]
["G13402","SPTA1","missense",1,158612223,"T","A","p.D1572V",0.2375,261,62,"unknown","NA",0,"NA",0,23.5,"het",0,"TCATGGCCTCTTCATTGCCA","CACAAGCGCTACACTCAATC",0,1,"chr1:g.158612223T>A",38953,null,"predicted passenger",null,"FALSE",284,"FALSE",1,"FALSE"]
["G13404","SPTA1","missense",1,158612223,"T","A","p.D1572V",0.247,251,62,"unknown","NA",0,"NA",0,23.5,"het",0,"TCATGGCCTCTTCATTGCCA","CACAAGCGCTACACTCAATC",0,1,"chr1:g.158612223T>A",40738,null,"predicted passenger",null,"FALSE",284,"FALSE",1,"FALSE"]
["G13401","CACNA1S","missense",1,201016338,"C","T","p.A1525T",0.0862,232,20,"unknown","NA",0,"NA",0,34,"het",0,"CTCCTGGATGAGGAATGTGG","GTAGAACTTCCCCACTGTCA",0,0,"chr1:g.201016338C>T",38800,"Ca_chan_IQ","predicted passenger",null,"FALSE",352,"FALSE",1,"FALSE"]
["G13402","CACNA1S","missense",1,201016338,"C","T","p.A1525T",0.382,267,102,"unknown","NA",0,"NA",0,34,"het",0,"CTCCTGGATGAGGAATGTGG","GTAGAACTTCCCCACTGTCA",0,0,"chr1:g.201016338C>T",38957,"Ca_chan_IQ","predicted passenger",null,"FALSE",352,"FALSE",1,"FALSE"]
["G13404","CACNA1S","missense",1,201016338,"C","T","p.A1525T",0.3797,266,101,"unknown","NA",0,"NA",0,34,"het",0,"CTCCTGGATGAGGAATGTGG","GTAGAACTTCCCCACTGTCA",0,0,"chr1:g.201016338C>T",40743,"Ca_chan_IQ","predicted passenger",null,"FALSE",352,"FALSE",1,"FALSE"]
["G13401","IBA57","missense",1,228362650,"C","A","p.T200N",0.1429,14,2,"unknown","NA",0,"NA",0,20.5,"het",0.17235,"CATGGGGTGGCGGCTCCTCA","CCAGGATGAAGGCCCAGCCC",0,0,"chr1:g.228362650C>A",38802,"GCV_T","predicted passenger",null,"FALSE",20,"FALSE",0,"FALSE"]
["G13401","MYCN","missense",2,16086002,"G","A","p.R393H",0.1423,260,37,"unknown","NA",0,"NA",0,33,"het",0,"CAACATCCTGGAGCGCCAGC","CCGCAACGACCTTCGGTCCA",0,1,"chr2:g.16086002G>A",38803,"HLH","predicted driver: tier 1","Act","FALSE",307,"FALSE",3,"TRUE"]
["G13402","MYCN","missense",2,16086002,"G","A","p.R393H",0.3636,341,124,"unknown","NA",0,"NA",0,33,"het",0,"CAACATCCTGGAGCGCCAGC","CCGCAACGACCTTCGGTCCA",0,1,"chr2:g.16086002G>A",38960,"HLH","predicted driver: tier 1","Act","FALSE",307,"FALSE",3,"TRUE"]
["G13404","MYCN","missense",2,16086002,"G","A","p.R393H",0.1919,271,52,"unknown","NA",0,"NA",0,33,"het",0,"CAACATCCTGGAGCGCCAGC","CCGCAACGACCTTCGGTCCA",0,1,"chr2:g.16086002G>A",40747,"HLH","predicted driver: tier 1","Act","FALSE",307,"FALSE",3,"TRUE"]
["G13401","RBKS","frameshift",2,28004505,"C","CT","p.D316Rfs*19",0.1538,65,10,"unknown","NA",0,"NA",0,35,"het",0.00582,"AAACAGAGTAAGCGGAAGGT","TTTTTTGTAAGGGTAAGATG",0,0,"chr2:g.28004505_28004506insT",38805,null,"predicted passenger",null,"FALSE",64,"TRUE",0,"FALSE"]
["G13404","RBKS","frameshift",2,28004505,"C","CT","p.D316Rfs*19",0.1639,61,10,"unknown","NA",0,"NA",0,35,"het",0.00422,"AAACAGAGTAAGCGGAAGGT","TTTTTTGTAAGGGTAAGATG",0,0,"chr2:g.28004505_28004506insT",40750,null,"predicted passenger",null,"FALSE",64,"TRUE",0,"FALSE"]
["G13402","RBKS","frameshift",2,28004505,"C","CT","p.D316Rfs*19",0.238095238095238,78,15,"unknown","NA",0,"NA",0,35,"het",0.00582,"AAACAGAGTAAGCGGAAGGT","TTTTTTGTAAGGGTAAGATG",0,0,"chr2:g.28004505_28004506insT",38805,null,"predicted passenger",null,"FALSE",64,"TRUE",0,"FALSE"]
["G13401","DNAH6","frameshift",2,84822896,"G","GA","p.M953Nfs*10",0.1,40,4,"unknown","NA",0,"NA",0,35,"het",0.04304,"CCCAGCTCAAATACAAGGTG","AAAAAATGAAAGAAAAGGTA",0,0,"chr2:g.84822896_84822897insA",38810,"DHC_N2","predicted passenger",null,"FALSE",48,"FALSE",0,"FALSE"]
["G13402","DNAH6","frameshift",2,84822896,"G","GA","p.M953Nfs*10",0.3016,63,19,"unknown","NA",0,"NA",0,35,"het",1e-05,"CCCAGCTCAAATACAAGGTG","AAAAAATGAAAGAAAAGGTA",0,0,"chr2:g.84822896_84822897insA",38971,"DHC_N2","predicted passenger",null,"FALSE",48,"FALSE",0,"FALSE"]
["G13404","DNAH6","frameshift",2,84822896,"G","GA","p.M953Nfs*10",0.2759,29,8,"unknown","NA",0,"NA",0,35,"het",0.00025,"CCCAGCTCAAATACAAGGTG","AAAAAATGAAAGAAAAGGTA",0,0,"chr2:g.84822896_84822897insA",40754,"DHC_N2","predicted passenger",null,"FALSE",48,"FALSE",0,"FALSE"]
["G13401","CNNM3","missense",2,97482547,"G","A","p.R178H",0.1429,14,2,"unknown","NA",0,"NA",0,24,"het",0.28,"GAGCGGCTCGGAGGCGGAGC","TGCGGCGGCGCGGCGTTTGG",0,0,"chr2:g.97482547G>A",38811,"DUF21","predicted passenger",null,"FALSE",18,"FALSE",1,"FALSE"]
["G13401","SLC11A1","missense",2,219257720,"G","T","p.R394L",0.1757,74,13,"unknown","NA",0,"NA",0,25.1,"het",4e-05,"CCAGGGCTTCCTGAGGCTGC","GTGGTCACGCTTCGCCCGTG",0,0,"chr2:g.219257720G>T",38814,"Nramp","predicted passenger",null,"FALSE",109,"FALSE",0,"FALSE"]
["G13402","SLC11A1","missense",2,219257720,"G","T","p.R394L",0.425,120,51,"unknown","NA",0,"NA",0,25.1,"het",0,"CCAGGGCTTCCTGAGGCTGC","GTGGTCACGCTTCGCCCGTG",0,0,"chr2:g.219257720G>T",38975,"Nramp","predicted passenger",null,"FALSE",109,"FALSE",0,"FALSE"]
["G13404","SLC11A1","missense",2,219257720,"G","T","p.R394L",0.1981,106,21,"unknown","NA",0,"NA",0,25.1,"het",0,"CCAGGGCTTCCTGAGGCTGC","GTGGTCACGCTTCGCCCGTG",0,0,"chr2:g.219257720G>T",40758,"Nramp","predicted passenger",null,"FALSE",109,"FALSE",0,"FALSE"]
["G13401","DGKD","missense",2,234345007,"G","A","p.A247T",0.11,100,11,"unknown","NA",0,"NA",0,34,"het",6e-05,"AAGGAAACCTACCTGTGAGC","CCAAGTGCACTGTGTGCGAC",0,0,"chr2:g.234345007G>A",38815,"C1_1","predicted passenger",null,"FALSE",174,"FALSE",3,"FALSE"]
["G13402","DGKD","missense",2,234345007,"G","A","p.A247T",0.2458,118,29,"unknown","NA",0,"NA",0,34,"het",0,"AAGGAAACCTACCTGTGAGC","CCAAGTGCACTGTGTGCGAC",0,0,"chr2:g.234345007G>A",38976,"C1_1","predicted passenger",null,"FALSE",174,"FALSE",3,"FALSE"]
["G13404","DGKD","missense",2,234345007,"G","A","p.A247T",0.1463,123,18,"unknown","NA",0,"NA",0,34,"het",0,"AAGGAAACCTACCTGTGAGC","CCAAGTGCACTGTGTGCGAC",0,0,"chr2:g.234345007G>A",40760,"C1_1","predicted passenger",null,"FALSE",174,"FALSE",3,"FALSE"]
["G13401","PP2D1","frameshift",3,20042615,"TCCAA","T","p.N331Kfs*22",0.125,24,3,"unknown","NA",0,"NA",0,24,"het",0.05352,"ATCATGGGTATTTTTTCTTT","TTCTTATGAGCATAAGGACT",0,0,"chr3:g.20042616_20042619del",38817,null,"predicted passenger",null,"FALSE",42,"TRUE",0,"FALSE"]
["G13401","SENP7","missense",3,101136558,"C","G","p.D121H",0.0943,212,20,"unknown","NA",0,"NA",0,24.3,"het",0,"GGCATCACATAAATTAGCAT","GTTTCTAGGTAGGGTCTTTC",0,0,"chr3:g.101136558C>G",38819,null,"predicted passenger",null,"FALSE",269,"FALSE",2,"FALSE"]
["G13402","SENP7","missense",3,101136558,"C","G","p.D121H",0.1724,232,40,"unknown","NA",0,"NA",0,24.3,"het",0,"GGCATCACATAAATTAGCAT","GTTTCTAGGTAGGGTCTTTC",0,0,"chr3:g.101136558C>G",38985,null,"predicted passenger",null,"FALSE",269,"FALSE",2,"FALSE"]
["G13404","SENP7","missense",3,101136558,"C","G","p.D121H",0.1823,192,35,"unknown","NA",0,"NA",0,24.3,"het",0,"GGCATCACATAAATTAGCAT","GTTTCTAGGTAGGGTCTTTC",0,0,"chr3:g.101136558C>G",40765,null,"predicted passenger",null,"FALSE",269,"FALSE",2,"FALSE"]
["G13401","ATP13A5",".",3,193007849,"C","A",".",0.1,20,2,"unknown","NA",0,"NA",0,26.3,"het",0.28529,"GTAGGCATGAGTTGAACTCA","TGAAAGACAAATACATTTTT",0,0,"chr3:g.193007849C>A",38821,null,"predicted passenger",null,"FALSE",17,"TRUE",1,"FALSE"]
["G13401","JAKMIP1","missense",4,6037706,"C","A","p.Q768H",0.0847,118,10,"unknown","NA",0,"NA",0,23.5,"het",0.00178,"TCGCGGCTCTGCCTGAGGAT","TGCCTGCGCACCTTTTCCAC",0,0,"chr4:g.6037706C>A",38822,null,"predicted passenger",null,"FALSE",241,"FALSE",0,"FALSE"]
["G13402","JAKMIP1","missense",4,6037706,"C","A","p.Q768H",0.3497,143,50,"unknown","NA",0,"NA",0,23.5,"het",0,"TCGCGGCTCTGCCTGAGGAT","TGCCTGCGCACCTTTTCCAC",0,0,"chr4:g.6037706C>A",38991,null,"predicted passenger",null,"FALSE",241,"FALSE",0,"FALSE"]
["G13404","JAKMIP1","missense",4,6037706,"C","A","p.Q768H",0.3418,158,54,"unknown","NA",0,"NA",0,23.5,"het",0,"TCGCGGCTCTGCCTGAGGAT","TGCCTGCGCACCTTTTCCAC",0,0,"chr4:g.6037706C>A",40774,null,"predicted passenger",null,"FALSE",241,"FALSE",0,"FALSE"]
["G13401","DRD5","missense",4,9784686,"G","A","p.V345I",0.116,181,21,"unknown","NA",0,"NA",0,25.2,"het",0,"AGACCACCTTCGACGTCTTC","TCTGGTTCGGCTGGGCTAAC",0,0,"chr4:g.9784686G>A",38823,"7tm_1","predicted passenger",null,"FALSE",267,"FALSE",0,"FALSE"]
["G13402","DRD5","missense",4,9784686,"G","A","p.V345I",0.383,188,72,"unknown","NA",0,"NA",0,25.2,"het",0,"AGACCACCTTCGACGTCTTC","TCTGGTTCGGCTGGGCTAAC",0,0,"chr4:g.9784686G>A",38992,"7tm_1","predicted passenger",null,"FALSE",267,"FALSE",0,"FALSE"]
["G13404","DRD5","missense",4,9784686,"G","A","p.V345I",0.4686,175,82,"unknown","NA",0,"NA",0,25.2,"het",0,"AGACCACCTTCGACGTCTTC","TCTGGTTCGGCTGGGCTAAC",0,0,"chr4:g.9784686G>A",40775,"7tm_1","predicted passenger",null,"FALSE",267,"FALSE",0,"FALSE"]
["G13401","KCTD8","nonsense",4,44177235,"C","A","p.E332*",0.1111,18,2,"unknown","NA",0,"NA",0,39,"het",0.16173,"ATGTTTCCTATCTTCATGTT","TTGTTTAGGTGATACTATTT",0,0,"chr4:g.44177235C>A",38824,null,"predicted passenger",null,"FALSE",26,"TRUE",1,"FALSE"]
["G13401","TMEM165","missense",4,56283243,"G","T","p.L146F",0.1923,26,5,"unknown","NA",0,"NA",0,18.42,"het",0.03842,"GTTGTATTTTTTCCAGTTTT","TTTGGCTATGCCACCACAGT",0,0,"chr4:g.56283243G>T",38825,"UPF0016","predicted passenger",null,"FALSE",23,"FALSE",1,"FALSE"]
["G13402","TMEM165","missense",4,56283243,"G","T","p.L146F",0.125,18,2,"unknown","NA",0,"NA",0,18.42,"het",0.03842,"GTTGTATTTTTTCCAGTTTT","TTTGGCTATGCCACCACAGT",0,0,"chr4:g.56283243G>T",38825,"UPF0016","predicted passenger",null,"FALSE",23,"FALSE",1,"FALSE"]
["G13401","IBSP","nonsense",4,88733050,"C","A","p.Y314*",0.1429,14,2,"unknown","NA",0,"NA",0,37,"het",0.13664,"TATGATGGTCAGAATTACTA","CACCACCAGTGAAGCTCCAG",0,0,"chr4:g.88733050C>A",38826,"BSP_II","predicted passenger",null,"FALSE",23,"TRUE",0,"FALSE"]
["G13401","ETFDH",".",4,159618709,"AG","TT",".",0.0818,110,9,"unknown","NA",0,"NA",0,26.3,"het",0.00301,"TGTTTGCTTTTTTTTTTTTT","TTATGGGTTATTGATGAAAA",0,0,"chr4:g.159618709_159618710delinsTT",38828,null,"predicted passenger",null,"FALSE",105,"FALSE",0,"FALSE"]
["G13401","AGA","missense",4,178358607,"T","C","p.I192V",0.032,281,9,"unknown","NA",0,"NA",0,2E-3,"het",0.0099,"TGTTTCTTTATGGATAGGAA","ATCCTGCTTTAAGATACCAG",0,0,"chr4:g.178358607T>C",38829,"Asparaginase_2","predicted passenger",null,"FALSE",296,"FALSE",0,"FALSE"]
["G13402","AGA","missense",4,178358607,"T","C","p.I192V",0.5746,228,131,"unknown","NA",0,"NA",0,2E-3,"het",0,"TGTTTCTTTATGGATAGGAA","ATCCTGCTTTAAGATACCAG",0,0,"chr4:g.178358607T>C",39001,"Asparaginase_2","predicted passenger",null,"FALSE",296,"FALSE",0,"FALSE"]
["G13404","AGA","missense",4,178358607,"T","C","p.I192V",0.5301,266,141,"unknown","NA",0,"NA",0,2E-3,"het",0,"TGTTTCTTTATGGATAGGAA","ATCCTGCTTTAAGATACCAG",0,0,"chr4:g.178358607T>C",40782,"Asparaginase_2","predicted passenger",null,"FALSE",296,"FALSE",0,"FALSE"]
["G13401","PLCXD3","missense",5,41382112,"G","T","p.Q210K",0.033,182,6,"unknown","NA",0,"NA",0,10.67,"het",0.01575,"CCAGGGTGCTGGCATCATCT","CCCAGGCCAGAGAAAGGGCA",0,0,"chr5:g.41382112G>T",38832,null,"predicted passenger",null,"FALSE",184,"FALSE",1,"FALSE"]
["G13402","PLCXD3","missense",5,41382112,"G","T","p.Q210K",0.2661,218,58,"unknown","NA",0,"NA",0,10.67,"het",0,"CCAGGGTGCTGGCATCATCT","CCCAGGCCAGAGAAAGGGCA",0,0,"chr5:g.41382112G>T",39005,null,"predicted passenger",null,"FALSE",184,"FALSE",1,"FALSE"]
["G13404","PLCXD3","missense",5,41382112,"G","T","p.Q210K",0.2784,176,49,"unknown","NA",0,"NA",0,10.67,"het",0,"CCAGGGTGCTGGCATCATCT","CCCAGGCCAGAGAAAGGGCA",0,0,"chr5:g.41382112G>T",40786,null,"predicted passenger",null,"FALSE",184,"FALSE",1,"FALSE"]
["G13401","PDE4D","missense",5,58286665,"C","T","p.R418Q",0.1,160,16,"unknown","NA",0,"NA",0,31,"het",0.00137,"GCATGATAACAGTCAAGGGC","GGTTACCAGACAACTCTGCT",0,0,"chr5:g.58286665C>T",38834,null,"predicted passenger",null,"FALSE",154,"TRUE",1,"FALSE"]
["G13402","PDE4D","missense",5,58286665,"C","T","p.R418Q",0.5241,166,87,"unknown","NA",0,"NA",0,31,"het",0,"GCATGATAACAGTCAAGGGC","GGTTACCAGACAACTCTGCT",0,0,"chr5:g.58286665C>T",39007,null,"predicted passenger",null,"FALSE",154,"TRUE",1,"FALSE"]
["G13404","PDE4D","missense",5,58286665,"C","T","p.R418Q",0.471,155,73,"unknown","NA",0,"NA",0,31,"het",0,"GCATGATAACAGTCAAGGGC","GGTTACCAGACAACTCTGCT",0,0,"chr5:g.58286665C>T",40788,null,"predicted passenger",null,"FALSE",154,"TRUE",1,"FALSE"]
["G13401","SLCO4C1","missense",5,101576439,"A","G","p.M620T",0.1154,130,15,"unknown","NA",0,"NA",0,17.52,"het",1e-05,"TACCTAATAATCGAAGGACC","TAAATTGTATTCCCAAGGCT",0,0,"chr5:g.101576439A>G",38835,"OATP","predicted passenger",null,"FALSE",158,"FALSE",0,"FALSE"]
["G13402","SLCO4C1","missense",5,101576439,"A","G","p.M620T",0.6216,148,92,"unknown","NA",0,"NA",0,17.52,"het",0,"TACCTAATAATCGAAGGACC","TAAATTGTATTCCCAAGGCT",0,0,"chr5:g.101576439A>G",39010,"OATP","predicted passenger",null,"FALSE",158,"FALSE",0,"FALSE"]
["G13404","SLCO4C1","missense",5,101576439,"A","G","p.M620T",0.6127,142,87,"unknown","NA",0,"NA",0,17.52,"het",0,"TACCTAATAATCGAAGGACC","TAAATTGTATTCCCAAGGCT",0,0,"chr5:g.101576439A>G",40791,"OATP","predicted passenger",null,"FALSE",158,"FALSE",0,"FALSE"]
["G13401","FBN2","missense",5,127713530,"G","C","p.N588K",0.1809,282,51,"unknown","NA",0,"NA",0,17.89,"het",0,"TCTGTGTTCACGCATCGACC","TTTTTACAAAGAACCCCATT",0,0,"chr5:g.127713530G>C",38836,"EGF_CA","predicted passenger",null,"FALSE",335,"FALSE",1,"FALSE"]
["G13402","FBN2","missense",5,127713530,"G","C","p.N588K",0.6075,321,195,"unknown","NA",0,"NA",0,17.89,"het",0,"TCTGTGTTCACGCATCGACC","TTTTTACAAAGAACCCCATT",0,0,"chr5:g.127713530G>C",39012,"EGF_CA","predicted passenger",null,"FALSE",335,"FALSE",1,"FALSE"]
["G13404","FBN2","missense",5,127713530,"G","C","p.N588K",0.6342,298,189,"unknown","NA",0,"NA",0,17.89,"het",0,"TCTGTGTTCACGCATCGACC","TTTTTACAAAGAACCCCATT",0,0,"chr5:g.127713530G>C",40793,"EGF_CA","predicted passenger",null,"FALSE",335,"FALSE",1,"FALSE"]
["G13401","KIAA1024L","missense",5,129100750,"C","A","p.F189L",0.1538,13,2,"unknown","NA",0,"NA",0,11.06,"het",0.14773,"GTGACTATCATTACTTTTTT","ACCTGAGGAAACTGCAACAA",0,0,"chr5:g.129100750C>A",38837,null,"predicted passenger",null,"FALSE",20,"FALSE",0,"FALSE"]
["G13401","P4HA2","missense",5,131530685,"G","A","p.R491W",0.0505,99,5,"unknown","NA",0,"NA",0,34,"het",0.01826,"GTAGTCACCTTCCCCGCTCC","CAAGAGGTTGTACCAGAACA",0,0,"chr5:g.131530685G>A",38838,"2OG-FeII_Oxy","predicted passenger",null,"FALSE",151,"FALSE",0,"FALSE"]
["G13401","SHROOM1","missense",5,132158786,"C","T","p.R754Q",0.1163,43,5,"unknown","NA",0,"NA",0,25.6,"het",0.07846,"CCTTGGCGTCCTCCTCCTGC","GCTGCAGGAGCCGGAGTCGC",0,0,"chr5:g.132158786C>T",38839,"ASD2","predicted passenger",null,"FALSE",49,"FALSE",0,"FALSE"]
["G13402","SHROOM1","missense",5,132158786,"C","T","p.R754Q",0.3704,81,30,"unknown","NA",0,"NA",0,25.6,"het",0,"CCTTGGCGTCCTCCTCCTGC","GCTGCAGGAGCCGGAGTCGC",0,0,"chr5:g.132158786C>T",39013,"ASD2","predicted passenger",null,"FALSE",49,"FALSE",0,"FALSE"]
["G13404","SHROOM1","missense",5,132158786,"C","T","p.R754Q",0.3,79,18,"unknown","NA",0,"NA",0,25.6,"het",0.07846,"CCTTGGCGTCCTCCTCCTGC","GCTGCAGGAGCCGGAGTCGC",0,0,"chr5:g.132158786C>T",38839,"ASD2","predicted passenger",null,"FALSE",49,"FALSE",0,"FALSE"]
["G13401","TEAD3","missense",6,35443216,"C","T","p.R364H",0.0811,74,6,"unknown","NA",0,"NA",0,34,"het",0.00543,"TGTACTCGCACATGGGCGAG","GGTGGATACGGTACACAAAG",0,0,"chr6:g.35443216C>T",38841,"TEA","predicted passenger",null,"FALSE",107,"FALSE",2,"FALSE"]
["G13401","PHF3","missense",6,64394096,"C","A","p.T158K",0.0652,92,6,"unknown","NA",0,"NA",0,24,"het",0.02283,"TGCAGCACCATTAAGTAACA","AAAAAAAGCATCTGGGAAGA",0,0,"chr6:g.64394096C>A",38842,null,"predicted passenger",null,"FALSE",134,"FALSE",1,"FALSE"]
["G13401","MCM9",".",6,119252904,"CT","AA",".",0.2258,31,7,"unknown","NA",0,"NA",0,20.4,"het",0.01924,"TTCATCTTGAATCTAGGTAA","AAAGAAAAAAAAAAGGATCA",0,0,"chr6:g.119252904_119252905delinsAA",38845,null,"predicted passenger",null,"FALSE",46,"FALSE",0,"FALSE"]
["G13402","MCM9",".",6,119252904,"CT","AA",".",0.1282,39,5,"unknown","NA",0,"NA",0,20.4,"het",0.23657,"TTCATCTTGAATCTAGGTAA","AAAGAAAAAAAAAAGGATCA",0,0,"chr6:g.119252904_119252905delinsAA",28782,null,"predicted passenger",null,"FALSE",46,"FALSE",0,"FALSE"]
["G13401","LAMA2","missense",6,129204442,"G","A","p.G18R",0.1089,202,22,"unknown","NA",0,"NA",0,17.68,"het",0,"TGCTGCTCTCCGGAGGCCTC","GGGGCGTACAGGCGCAGCGG",0,0,"chr6:g.129204442G>A",38846,null,"predicted passenger","LoF","FALSE",253,"FALSE",1,"FALSE"]
["G13402","LAMA2","missense",6,129204442,"G","A","p.G18R",0.5217,161,84,"unknown","NA",0,"NA",0,17.68,"het",0,"TGCTGCTCTCCGGAGGCCTC","GGGGCGTACAGGCGCAGCGG",0,0,"chr6:g.129204442G>A",39024,null,"predicted passenger","LoF","FALSE",253,"FALSE",1,"FALSE"]
["G13404","LAMA2","missense",6,129204442,"G","A","p.G18R",0.531,145,77,"unknown","NA",0,"NA",0,17.68,"het",0,"TGCTGCTCTCCGGAGGCCTC","GGGGCGTACAGGCGCAGCGG",0,0,"chr6:g.129204442G>A",40807,null,"predicted passenger","LoF","FALSE",253,"FALSE",1,"FALSE"]
["G13401","ARID1B","missense",6,157488179,"G","A","p.G962D",0.1129,62,7,"unknown","NA",0,"NA",0,26.2,"het",1.39E-3,"TTTCTCTTCCTGTAGGCAAG","CAGTTTCCCCGGCATGAACC",0,1,"chr6:g.157488179G>A",38847,null,"predicted driver: tier 1","LoF","FALSE",98,"FALSE",2,"TRUE"]
["G13401","ZNF716","missense",7,57529280,"G","T","p.K371N",0.087,138,12,"unknown","NA",0,"NA",0,23.6,"het",5e-05,"TCAACTCTAAATACTCATAA","AGGATTCATACTGGAGAGAA",0,0,"chr7:g.57529280G>T",38849,"zf-H2C2_2","predicted passenger",null,"FALSE",186,"FALSE",0,"FALSE"]
["G13402","ZNF716","missense",7,57529280,"G","T","p.K371N",0.2329,219,51,"unknown","NA",0,"NA",0,23.6,"het",0,"TCAACTCTAAATACTCATAA","AGGATTCATACTGGAGAGAA",0,0,"chr7:g.57529280G>T",39028,"zf-H2C2_2","predicted passenger",null,"FALSE",186,"FALSE",0,"FALSE"]
["G13404","ZNF716","missense",7,57529280,"G","T","p.K371N",0.1736,265,46,"unknown","NA",0,"NA",0,23.6,"het",0,"TCAACTCTAAATACTCATAA","AGGATTCATACTGGAGAGAA",0,0,"chr7:g.57529280G>T",40808,"zf-H2C2_2","predicted passenger",null,"FALSE",186,"FALSE",0,"FALSE"]
["G13401","RELN","missense",7,103126755,"A","G","p.I3291T",0.1518,336,51,"unknown","NA",0,"NA",0,22.5,"het",0,"GCTGCCCACAGCCACTTCCT","TGACTCCACCTTGAATGGTC",0,0,"chr7:g.103126755A>G",38851,null,"predicted passenger",null,"FALSE",361,"FALSE",0,"FALSE"]
["G13402","RELN","missense",7,103126755,"A","G","p.I3291T",0.4516,279,126,"unknown","NA",0,"NA",0,22.5,"het",0,"GCTGCCCACAGCCACTTCCT","TGACTCCACCTTGAATGGTC",0,0,"chr7:g.103126755A>G",39031,null,"predicted passenger",null,"FALSE",361,"FALSE",0,"FALSE"]
["G13404","RELN","missense",7,103126755,"A","G","p.I3291T",0.5263,266,140,"unknown","NA",0,"NA",0,22.5,"het",0,"GCTGCCCACAGCCACTTCCT","TGACTCCACCTTGAATGGTC",0,0,"chr7:g.103126755A>G",40810,null,"predicted passenger",null,"FALSE",361,"FALSE",0,"FALSE"]
["G13401","PURG","nonsense",8,30889548,"G","A","p.R251*",0.0511,176,9,"unknown","NA",0,"NA",0,37,"het",0.01417,"GTCATCGTCTCCACCTCTTC","TTCTTCTATGTCTCCTTCGC",0,0,"chr8:g.30889548G>A",38856,"PurA","predicted passenger",null,"FALSE",161,"TRUE",1,"FALSE"]
["G13402","PURG","nonsense",8,30889548,"G","A","p.R251*",0.3372,172,58,"unknown","NA",0,"NA",0,37,"het",0,"GTCATCGTCTCCACCTCTTC","TTCTTCTATGTCTCCTTCGC",0,0,"chr8:g.30889548G>A",39035,"PurA","predicted passenger",null,"FALSE",161,"TRUE",1,"FALSE"]
["G13404","PURG","nonsense",8,30889548,"G","A","p.R251*",0.4296,142,61,"unknown","NA",0,"NA",0,37,"het",0,"GTCATCGTCTCCACCTCTTC","TTCTTCTATGTCTCCTTCGC",0,0,"chr8:g.30889548G>A",40813,"PurA","predicted passenger",null,"FALSE",161,"TRUE",1,"FALSE"]
["G13401","ANK1","missense",8,41530065,"T","C","p.I1676V",0.0352,199,7,"unknown","NA",0,"NA",0,0.967,"het",6.43E-3,"CTCCTGTTCAAGCAAATCGA","AAGGCCATTTGTGGCATCTG",0,1,"chr8:g.41530065T>C",38858,null,"predicted passenger",null,"FALSE",241,"FALSE",0,"FALSE"]
["G13402","ANK1","missense",8,41530065,"T","C","p.I1676V",0.3348,230,77,"unknown","NA",0,"NA",0,0.967,"het",0,"CTCCTGTTCAAGCAAATCGA","AAGGCCATTTGTGGCATCTG",0,1,"chr8:g.41530065T>C",39036,null,"predicted passenger",null,"FALSE",241,"FALSE",0,"FALSE"]
["G13404","ANK1","missense",8,41530065,"T","C","p.I1676V",0.2619,252,66,"unknown","NA",0,"NA",0,0.967,"het",0,"CTCCTGTTCAAGCAAATCGA","AAGGCCATTTGTGGCATCTG",0,1,"chr8:g.41530065T>C",40814,null,"predicted passenger",null,"FALSE",241,"FALSE",0,"FALSE"]
["G13401","ANXA1","missense",9,75773681,"C","T","p.S46L",0.0269,186,5,"unknown","NA",0,"NA",0,22.3,"het",0.01451,"TCCTACCTTCAATCCATCCT","GGATGTCGCTGCCTTGCATA",0,0,"chr9:g.75773681C>T",38862,null,"predicted passenger","LoF","FALSE",290,"FALSE",0,"FALSE"]
["G13402","ANXA1","missense",9,75773681,"C","T","p.S46L",0.3919,222,87,"unknown","NA",0,"NA",0,22.3,"het",0,"TCCTACCTTCAATCCATCCT","GGATGTCGCTGCCTTGCATA",0,0,"chr9:g.75773681C>T",39042,null,"predicted passenger","LoF","FALSE",290,"FALSE",0,"FALSE"]
["G13404","ANXA1","missense",9,75773681,"C","T","p.S46L",0.3203,231,74,"unknown","NA",0,"NA",0,22.3,"het",0,"TCCTACCTTCAATCCATCCT","GGATGTCGCTGCCTTGCATA",0,0,"chr9:g.75773681C>T",40819,null,"predicted passenger","LoF","FALSE",290,"FALSE",0,"FALSE"]
["G13401","CEL","missense",9,135946591,"G","A","p.A571T",0.3048,105,32,"unknown","NA",0,"NA",0,2.536,"het",0,"CCCCCACAGGGGACTCCGAG","CCACTCCCGTGCCCCCCACG",0,0,"chr9:g.135946591G>A",38865,null,"predicted passenger",null,"FALSE",146,"FALSE",0,"FALSE"]
["G13401","CEL","missense",9,135946594,"A","G","p.T572A",0.25,96,24,"unknown","NA",0,"NA",0,1E-3,"het",0,"CCACAGGGGACTCCGAGGCC","CTCCCGTGCCCCCCACGGGT",0,0,"chr9:g.135946594A>G",38866,null,"predicted passenger",null,"FALSE",136,"FALSE",0,"FALSE"]
["G13401","RNF208","missense",9,140115305,"C","A","p.Q120H",0.1,20,2,"unknown","NA",0,"NA",0,23,"het",0.21041,"GGGCCAGGCCGAATCACGTA","TGATTCACAATGACCTCATC",0,0,"chr9:g.140115305C>A",38867,null,"predicted passenger",null,"FALSE",25,"FALSE",2,"FALSE"]
["G13401","NSMF","frameshift",9,140352067,"GC","A","p.R140Lfs*118",0.0645,62,4,"unknown","NA",0,"NA",0,32,"het",0.03639,"CGGCTGCCACCAGGGCTGGC","GCAGGGGCTGGCTGTGATGG",0,0,"chr9:g.140352067_140352068delinsA",38868,null,"predicted passenger",null,"FALSE",80,"FALSE",0,"FALSE"]
["G13402","NSMF","frameshift",9,140352067,"GC","A","p.R140Lfs*118",0.4022,92,37,"unknown","NA",0,"NA",0,32,"het",0,"CGGCTGCCACCAGGGCTGGC","GCAGGGGCTGGCTGTGATGG",0,0,"chr9:g.140352067_140352068delinsA",39046,null,"predicted passenger",null,"FALSE",80,"FALSE",0,"FALSE"]
["G13404","NSMF","frameshift",9,140352067,"GC","A","p.R140Lfs*118",0.3026,76,23,"unknown","NA",0,"NA",0,32,"het",0,"CGGCTGCCACCAGGGCTGGC","GCAGGGGCTGGCTGTGATGG",0,0,"chr9:g.140352067_140352068delinsA",40822,null,"predicted passenger",null,"FALSE",80,"FALSE",0,"FALSE"]
["G13401","CDC123","missense",10,12252300,"T","G","p.D72E",0.1026,117,12,"unknown","NA",0,"NA",0,14.18,"het",1.2E-4,"TTCATGCAGTGGTCTGATGA","GAGAACACAGCCACGCTTAC",0,0,"chr10:g.12252300T>G",38869,"D123","predicted passenger",null,"FALSE",142,"FALSE",0,"FALSE"]
["G13402","CDC123","missense",10,12252300,"T","G","p.D72E",0.3421,114,39,"unknown","NA",0,"NA",0,14.18,"het",0,"TTCATGCAGTGGTCTGATGA","GAGAACACAGCCACGCTTAC",0,0,"chr10:g.12252300T>G",39048,"D123","predicted passenger",null,"FALSE",142,"FALSE",0,"FALSE"]
["G13404","CDC123","missense",10,12252300,"T","G","p.D72E",0.3675,117,43,"unknown","NA",0,"NA",0,14.18,"het",0,"TTCATGCAGTGGTCTGATGA","GAGAACACAGCCACGCTTAC",0,0,"chr10:g.12252300T>G",40823,"D123","predicted passenger",null,"FALSE",142,"FALSE",0,"FALSE"]
["G13401","CCDC3","missense",10,12940423,"C","T","p.R269Q",0.1154,52,6,"unknown","NA",0,"NA",0,18.16,"het",0.00951,"GCCCCCAGGCCCGTTACCCC","GCAGGTAGGGGGGGCGCACG",0,0,"chr10:g.12940423C>T",38870,null,"predicted passenger",null,"FALSE",59,"FALSE",0,"FALSE"]
["G13402","CCDC3","missense",10,12940423,"C","T","p.R269Q",0.493,71,35,"unknown","NA",0,"NA",0,18.16,"het",0,"GCCCCCAGGCCCGTTACCCC","GCAGGTAGGGGGGGCGCACG",0,0,"chr10:g.12940423C>T",39049,null,"predicted passenger",null,"FALSE",59,"FALSE",0,"FALSE"]
["G13404","CCDC3","missense",10,12940423,"C","T","p.R269Q",0.3036,56,17,"unknown","NA",0,"NA",0,18.16,"het",0,"GCCCCCAGGCCCGTTACCCC","GCAGGTAGGGGGGGCGCACG",0,0,"chr10:g.12940423C>T",40824,null,"predicted passenger",null,"FALSE",59,"FALSE",0,"FALSE"]
["G13401","DNMBP","frameshift",10,101654719,"TAGAG","T","p.L1046Tfs*11",0.04,125,5,"unknown","NA",0,"NA",0,35,"het",0.03686,"TCACCCGGATGTGCTGGAGG","AGACAGGTCTCGGATAAAAG",0,0,"chr10:g.101654720_101654723del",38872,"BAR","predicted passenger",null,"FALSE",120,"FALSE",0,"FALSE"]
["G13402","DNMBP","frameshift",10,101654719,"TAGAG","T","p.L1046Tfs*11",0.4476,143,64,"unknown","NA",0,"NA",0,35,"het",0,"TCACCCGGATGTGCTGGAGG","AGACAGGTCTCGGATAAAAG",0,0,"chr10:g.101654720_101654723del",39052,"BAR","predicted passenger",null,"FALSE",120,"FALSE",0,"FALSE"]
["G13404","DNMBP","frameshift",10,101654719,"TAGAG","T","p.L1046Tfs*11",0.4662,133,62,"unknown","NA",0,"NA",0,35,"het",0,"TCACCCGGATGTGCTGGAGG","AGACAGGTCTCGGATAAAAG",0,0,"chr10:g.101654720_101654723del",40833,"BAR","predicted passenger",null,"FALSE",120,"FALSE",0,"FALSE"]
["G13401","SEMA4G","missense",10,102739994,"G","T","p.R415L",0.0592,169,10,"unknown","NA",0,"NA",0,22.6,"het",3.5E-4,"TCGGCCCGTTGTGCCCACAC","TGGACGGCCCCTGCTGCTCA",0,0,"chr10:g.102739994G>T",38873,"Sema","predicted passenger",null,"FALSE",244,"FALSE",1,"FALSE"]
["G13401","EDRF1","nonsense",10,127442314,"C","T","p.R1149*",0.0595,269,16,"unknown","NA",0,"NA",0,35,"het",0.00015,"ATGCTTCTCCTAGTCTCAAT","GAGAAGAAGTGATGAAACTC",0,0,"chr10:g.127442314C>T",38876,null,"predicted passenger",null,"FALSE",276,"TRUE",1,"FALSE"]
["G13402","EDRF1","nonsense",10,127442314,"C","T","p.R1149*",0.1822,269,49,"unknown","NA",0,"NA",0,35,"het",0,"ATGCTTCTCCTAGTCTCAAT","GAGAAGAAGTGATGAAACTC",0,0,"chr10:g.127442314C>T",39055,null,"predicted passenger",null,"FALSE",276,"TRUE",1,"FALSE"]
["G13404","EDRF1","nonsense",10,127442314,"C","T","p.R1149*",0.2093,258,54,"unknown","NA",0,"NA",0,35,"het",0,"ATGCTTCTCCTAGTCTCAAT","GAGAAGAAGTGATGAAACTC",0,0,"chr10:g.127442314C>T",40836,null,"predicted passenger",null,"FALSE",276,"TRUE",1,"FALSE"]
["G13401","ZP1","missense",11,60638562,"C","T","p.T320M",0.0678,59,4,"unknown","NA",0,"NA",0,23,"het",0.02246,"CTGCTCCCCAACACAGCACA","GGAAGCTTTCGTGGTCTTCT",0,0,"chr11:g.60638562C>T",38880,"Zona_pellucida","predicted passenger",null,"FALSE",107,"FALSE",1,"FALSE"]
["G13401","CASP1","nonsense",11,104901170,"C","A","p.E172*",0.0629,143,9,"unknown","NA",0,"NA",0,35,"het",0.00057,"TCTAGGAATACTGTCAAATT","TTCATTGCAGATAATGAGAG",0,0,"chr11:g.104901170C>A",38883,"Peptidase_C14","predicted driver: tier 1","LoF","FALSE",196,"TRUE",1,"TRUE"]
["G13401","SORL1","nonsense",11,121437677,"C","A","p.C1026*",0.0556,72,4,"unknown","NA",0,"NA",0,38,"het",0.04013,"GCCTGTGTGCCCAGGCCATG","AGCCTGCTGTGCCTGCCCAA",0,0,"chr11:g.121437677C>A",38885,null,"predicted passenger",null,"FALSE",104,"TRUE",1,"FALSE"]
["G13401","IQSEC3","frameshift",12,284097,"G","GC","p.P1152Afs*101",0.0707,99,7,"unknown","NA",0,"NA",0,35,"het",0.00431,"GTCACCCACCAGCCTCCGCT","CCCCCGCCCCCACCCCCCTA",0,0,"chr12:g.284097_284098insC",38886,null,"predicted passenger",null,"FALSE",147,"TRUE",0,"FALSE"]
["G13402","IQSEC3","frameshift",12,284097,"G","GC","p.P1152Afs*101",0.236024844720497,199,38,"unknown","NA",0,"NA",0,35,"het",0.00431,"GTCACCCACCAGCCTCCGCT","CCCCCGCCCCCACCCCCCTA",0,0,"chr12:g.284097_284098insC",38886,null,"predicted passenger",null,"FALSE",147,"TRUE",0,"FALSE"]
["G13401","MFAP5","missense",12,8807054,"C","A","p.A66S",0.1163,129,15,"unknown","NA",0,"NA",0,0.76,"het",1e-05,"CAAGTCATCTGTGGAAGGTG","AATATCAGCCAAAACAGCCA",0,0,"chr12:g.8807054C>A",38888,"MAGP","predicted passenger","Act","FALSE",165,"FALSE",0,"FALSE"]
["G13402","MFAP5","missense",12,8807054,"C","A","p.A66S",0.2466,146,36,"unknown","NA",0,"NA",0,0.76,"het",0,"CAAGTCATCTGTGGAAGGTG","AATATCAGCCAAAACAGCCA",0,0,"chr12:g.8807054C>A",39063,"MAGP","predicted passenger","Act","FALSE",165,"FALSE",0,"FALSE"]
["G13404","MFAP5","missense",12,8807054,"C","A","p.A66S",0.1268,142,18,"unknown","NA",0,"NA",0,0.76,"het",0,"CAAGTCATCTGTGGAAGGTG","AATATCAGCCAAAACAGCCA",0,0,"chr12:g.8807054C>A",40846,"MAGP","predicted passenger","Act","FALSE",165,"FALSE",0,"FALSE"]
["G13401","MUC19",".",12,40835672,"AG","TT",".",0.14,50,7,"unknown","NA",0,"NA",0,23.8,"het",0.00383,"CTCTCTCATTTTTTCCTTTT","TACCTGCATTAAAGGGTCTT",0,0,"chr12:g.40835672_40835673delinsTT",38889,null,"predicted passenger",null,"FALSE",58,"FALSE",0,"FALSE"]
["G13404","MUC19",".",12,40835672,"AG","TT",".",0.0732,41,3,"unknown","NA",0,"NA",0,23.8,"het",0.00383,"CTCTCTCATTTTTTCCTTTT","TACCTGCATTAAAGGGTCTT",0,0,"chr12:g.40835672_40835673delinsTT",38889,null,"predicted passenger",null,"FALSE",58,"FALSE",0,"FALSE"]
["G13401","ERBB3","missense",12,56490935,"C","G","p.S794C",0.0298,235,7,"unknown","NA",0,"NA",0,22.7,"het",0.02548,"TCAATATTTGCCTCTGGGTT","TCTGCTGGATCATGTGAGAC",0,1,"chr12:g.56490935C>G",38891,"Pkinase_Tyr","predicted passenger","Act","FALSE",293,"FALSE",2,"TRUE"]
["G13402","ERBB3","missense",12,56490935,"C","G","p.S794C",0.371,283,105,"unknown","NA",0,"NA",0,22.7,"het",0,"TCAATATTTGCCTCTGGGTT","TCTGCTGGATCATGTGAGAC",0,1,"chr12:g.56490935C>G",39067,"Pkinase_Tyr","predicted passenger","Act","FALSE",293,"FALSE",2,"TRUE"]
["G13404","ERBB3","missense",12,56490935,"C","G","p.S794C",0.4246,252,107,"unknown","NA",0,"NA",0,22.7,"het",0,"TCAATATTTGCCTCTGGGTT","TCTGCTGGATCATGTGAGAC",0,1,"chr12:g.56490935C>G",40850,"Pkinase_Tyr","predicted passenger","Act","FALSE",293,"FALSE",2,"TRUE"]
["G13401","NUP107","missense",12,69096517,"G","A","p.D228N",0.0844,225,19,"unknown","NA",0,"NA",0,26.1,"het",3e-05,"TTGTCTTATTTTTCCCCAGA","ACAGAATACAGTCTGCATTA",0,0,"chr12:g.69096517G>A",38893,"Nup84_Nup100","predicted driver: tier 1","Act","FALSE",172,"FALSE",2,"TRUE"]
["G13402","NUP107","missense",12,69096517,"G","A","p.D228N",0.4151,212,88,"unknown","NA",0,"NA",0,26.1,"het",0,"TTGTCTTATTTTTCCCCAGA","ACAGAATACAGTCTGCATTA",0,0,"chr12:g.69096517G>A",39070,"Nup84_Nup100","predicted driver: tier 1","Act","FALSE",172,"FALSE",2,"TRUE"]
["G13404","NUP107","missense",12,69096517,"G","A","p.D228N",0.3871,186,72,"unknown","NA",0,"NA",0,26.1,"het",0,"TTGTCTTATTTTTCCCCAGA","ACAGAATACAGTCTGCATTA",0,0,"chr12:g.69096517G>A",40853,"Nup84_Nup100","predicted driver: tier 1","Act","FALSE",172,"FALSE",2,"TRUE"]
["G13401","SBNO1","missense",12,123806166,"A","G","p.Y747H",0.0674,267,18,"unknown","NA",0,"NA",0,14.92,"het",0.00047,"CATGTTTTTAGAGCTCTCAT","GTCACTTTCTTCATTATCAG",0,0,"chr12:g.123806166A>G",38896,null,"predicted passenger",null,"FALSE",212,"FALSE",0,"FALSE"]
["G13402","SBNO1","missense",12,123806166,"A","G","p.Y747H",0.2378,286,68,"unknown","NA",0,"NA",0,14.92,"het",0,"CATGTTTTTAGAGCTCTCAT","GTCACTTTCTTCATTATCAG",0,0,"chr12:g.123806166A>G",39074,null,"predicted passenger",null,"FALSE",212,"FALSE",0,"FALSE"]
["G13404","SBNO1","missense",12,123806166,"A","G","p.Y747H",0.206,233,48,"unknown","NA",0,"NA",0,14.92,"het",0,"CATGTTTTTAGAGCTCTCAT","GTCACTTTCTTCATTATCAG",0,0,"chr12:g.123806166A>G",40858,null,"predicted passenger",null,"FALSE",212,"FALSE",0,"FALSE"]
["G13401","FREM2","missense",13,39424182,"G","T","p.K2129N",0.0583,206,12,"unknown","NA",0,"NA",0,24.1,"het",6.2E-4,"TTTGTTTTTGCAGTGCCTAA","ATGCAATTCAAAGAACGAAT",0,0,"chr13:g.39424182G>T",38897,"Calx-beta","predicted passenger",null,"FALSE",253,"FALSE",0,"FALSE"]
["G13402","FREM2","missense",13,39424182,"G","T","p.K2129N",0.2877,219,63,"unknown","NA",0,"NA",0,24.1,"het",0,"TTTGTTTTTGCAGTGCCTAA","ATGCAATTCAAAGAACGAAT",0,0,"chr13:g.39424182G>T",39075,"Calx-beta","predicted passenger",null,"FALSE",253,"FALSE",0,"FALSE"]
["G13404","FREM2","missense",13,39424182,"G","T","p.K2129N",0.3421,228,78,"unknown","NA",0,"NA",0,24.1,"het",0,"TTTGTTTTTGCAGTGCCTAA","ATGCAATTCAAAGAACGAAT",0,0,"chr13:g.39424182G>T",40860,"Calx-beta","predicted passenger",null,"FALSE",253,"FALSE",0,"FALSE"]
["G13401","SPTB","nonsense",14,65266594,"G","T","p.S312*",0.0808,198,16,"unknown","NA",0,"NA",0,39,"het",0,"CGATCCAGGTGAGCAGGTCC","AGGCTAGCCCGCTGTACTTT",0,0,"chr14:g.65266594G>T",38899,"Spectrin","predicted passenger",null,"FALSE",264,"TRUE",1,"FALSE"]
["G13402","SPTB","nonsense",14,65266594,"G","T","p.S312*",0.351,208,73,"unknown","NA",0,"NA",0,39,"het",0,"CGATCCAGGTGAGCAGGTCC","AGGCTAGCCCGCTGTACTTT",0,0,"chr14:g.65266594G>T",39082,"Spectrin","predicted passenger",null,"FALSE",264,"TRUE",1,"FALSE"]
["G13404","SPTB","nonsense",14,65266594,"G","T","p.S312*",0.3234,201,65,"unknown","NA",0,"NA",0,39,"het",0,"CGATCCAGGTGAGCAGGTCC","AGGCTAGCCCGCTGTACTTT",0,0,"chr14:g.65266594G>T",40866,"Spectrin","predicted passenger",null,"FALSE",264,"TRUE",1,"FALSE"]
["G13401","RYR3","missense",15,34021102,"G","T","p.D2360Y",0.0685,73,5,"unknown","NA",0,"NA",0,32,"het",0.03352,"TGGCGGCCAATTTCTGCCCT","ACCACAAGGCACCTATGGTG",0,0,"chr15:g.34021102G>T",38901,null,"predicted passenger",null,"FALSE",73,"FALSE",2,"FALSE"]
["G13402","RYR3","missense",15,34021102,"G","T","p.D2360Y",0.1392,79,11,"unknown","NA",0,"NA",0,32,"het",0.00071,"TGGCGGCCAATTTCTGCCCT","ACCACAAGGCACCTATGGTG",0,0,"chr15:g.34021102G>T",39087,null,"predicted passenger",null,"FALSE",73,"FALSE",2,"FALSE"]
["G13404","RYR3","missense",15,34021102,"G","T","p.D2360Y",0.0274,73,2,"unknown","NA",0,"NA",0,32,"het",0.03352,"TGGCGGCCAATTTCTGCCCT","ACCACAAGGCACCTATGGTG",0,0,"chr15:g.34021102G>T",38901,null,"predicted passenger",null,"FALSE",73,"FALSE",2,"FALSE"]
["G13401","UNC13C","missense",15,54307445,"G","T","p.R782L",0.0733,191,14,"unknown","NA",0,"NA",0,29.1,"het",0.0003,"ACCCAAATCATGGCATAGTC","ATTAAGCATTGACCTTTCTG",0,0,"chr15:g.54307445G>T",38905,null,"predicted passenger",null,"FALSE",275,"FALSE",2,"FALSE"]
["G13402","UNC13C","missense",15,54307445,"G","T","p.R782L",0.4106,207,85,"unknown","NA",0,"NA",0,29.1,"het",0,"ACCCAAATCATGGCATAGTC","ATTAAGCATTGACCTTTCTG",0,0,"chr15:g.54307445G>T",39091,null,"predicted passenger",null,"FALSE",275,"FALSE",2,"FALSE"]
["G13404","UNC13C","missense",15,54307445,"G","T","p.R782L",0.4469,179,80,"unknown","NA",0,"NA",0,29.1,"het",0,"ACCCAAATCATGGCATAGTC","ATTAAGCATTGACCTTTCTG",0,0,"chr15:g.54307445G>T",40870,null,"predicted passenger",null,"FALSE",275,"FALSE",2,"FALSE"]
["G13401","AGBL1","missense",15,86702241,"C","A","p.R112S",0.1811,127,23,"unknown","NA",0,"NA",0,14.83,"het",0,"TTACTCCTTACACCCGAAAG","GCACCCAAGCAATCAGGTAC",0,0,"chr15:g.86702241C>A",38906,null,"predicted passenger",null,"FALSE",146,"FALSE",0,"FALSE"]
["G13402","AGBL1","missense",15,86702241,"C","A","p.R112S",0.3982,113,45,"unknown","NA",0,"NA",0,14.83,"het",0,"TTACTCCTTACACCCGAAAG","GCACCCAAGCAATCAGGTAC",0,0,"chr15:g.86702241C>A",39096,null,"predicted passenger",null,"FALSE",146,"FALSE",0,"FALSE"]
["G13404","AGBL1","missense",15,86702241,"C","A","p.R112S",0.4286,91,39,"unknown","NA",0,"NA",0,14.83,"het",0,"TTACTCCTTACACCCGAAAG","GCACCCAAGCAATCAGGTAC",0,0,"chr15:g.86702241C>A",40871,null,"predicted passenger",null,"FALSE",146,"FALSE",0,"FALSE"]
["G13401","VWA3A","missense",16,22162025,"A","C","p.S1047R",0.1299,77,10,"unknown","NA",0,"NA",0,14.41,"het",0.02766,"CGTTCTTTCAGAAAGCTTTC","GTTTCCATGATCTGGAAGGA",0,0,"chr16:g.22162025A>C",38907,"VWA_3","predicted passenger",null,"FALSE",53,"FALSE",0,"FALSE"]
["G13402","VWA3A","missense",16,22162025,"A","C","p.S1047R",0.459,61,28,"unknown","NA",0,"NA",0,14.41,"het",0,"CGTTCTTTCAGAAAGCTTTC","GTTTCCATGATCTGGAAGGA",0,0,"chr16:g.22162025A>C",39100,"VWA_3","predicted passenger",null,"FALSE",53,"FALSE",0,"FALSE"]
["G13404","VWA3A","missense",16,22162025,"A","C","p.S1047R",0.5636,55,31,"unknown","NA",0,"NA",0,14.41,"het",0,"CGTTCTTTCAGAAAGCTTTC","GTTTCCATGATCTGGAAGGA",0,0,"chr16:g.22162025A>C",40873,"VWA_3","predicted passenger",null,"FALSE",53,"FALSE",0,"FALSE"]
["G13401","KIF1C","nonsense",17,4925397,"C","A","p.S674*",0.1053,19,2,"unknown","NA",0,"NA",0,39,"het",0.21923,"CTGGCCCCAGTATGCAGACT","GGACAGCGGGGATGACTCTG",0,0,"chr17:g.4925397C>A",38912,null,"predicted passenger",null,"FALSE",21,"TRUE",1,"FALSE"]
["G13401","DERL2","missense",17,5383896,"C","A","p.G112C",0.125,24,3,"unknown","NA",0,"NA",0,25.5,"het",0.13333,"AACTAAGCTCACAAACAGAC","AAAAAGCTAGCAGATGGCAT",0,0,"chr17:g.5383896C>A",38913,"DER1","predicted passenger",null,"FALSE",22,"FALSE",2,"FALSE"]
["G13401","TAOK1","missense",17,27825346,"A","T","p.H337L",0.0849,106,9,"unknown","NA",0,"NA",0,15.59,"het",0.00255,"TTTCTCTTAGGAACAAGATC","TGGTGTTGGCCGGACAGGAA",0,0,"chr17:g.27825346A>T",38915,null,"predicted passenger","ambiguous","FALSE",99,"FALSE",0,"FALSE"]
["G13402","TAOK1","missense",17,27825346,"A","T","p.H337L",0.3833,120,46,"unknown","NA",0,"NA",0,15.59,"het",0,"TTTCTCTTAGGAACAAGATC","TGGTGTTGGCCGGACAGGAA",0,0,"chr17:g.27825346A>T",39104,null,"predicted passenger","ambiguous","FALSE",99,"FALSE",0,"FALSE"]
["G13404","TAOK1","missense",17,27825346,"A","T","p.H337L",0.2772,101,28,"unknown","NA",0,"NA",0,15.59,"het",0,"TTTCTCTTAGGAACAAGATC","TGGTGTTGGCCGGACAGGAA",0,0,"chr17:g.27825346A>T",40882,null,"predicted passenger","ambiguous","FALSE",99,"FALSE",0,"FALSE"]
["G13401","STAT5B","missense",17,40376843,"C","T","p.R110H",0.1397,136,19,"unknown","NA",0,"NA",0,26.7,"het",0,"GTTCATTGTACAATATATGG","GGATGCAGCGGACCAGCTCC",0,1,"chr17:g.40376843C>T",38916,"STAT_int","predicted driver: tier 1","ambiguous","FALSE",188,"FALSE",1,"TRUE"]
["G13402","STAT5B","missense",17,40376843,"C","T","p.R110H",0.3486,175,61,"unknown","NA",0,"NA",0,26.7,"het",0,"GTTCATTGTACAATATATGG","GGATGCAGCGGACCAGCTCC",0,1,"chr17:g.40376843C>T",39106,"STAT_int","predicted driver: tier 1","ambiguous","FALSE",188,"FALSE",1,"TRUE"]
["G13404","STAT5B","missense",17,40376843,"C","T","p.R110H",0.4128,172,71,"unknown","NA",0,"NA",0,26.7,"het",0,"GTTCATTGTACAATATATGG","GGATGCAGCGGACCAGCTCC",0,1,"chr17:g.40376843C>T",40887,"STAT_int","predicted driver: tier 1","ambiguous","FALSE",188,"FALSE",1,"TRUE"]
["G13401","RNF43","nonsense",17,56434940,"G","A","p.Q733*",0.1753,97,17,"unknown","NA",0,"NA",0,34,"het",1e-05,"TGGATGTGGTTCCAGGGGCT","GCGAGGAGTCAGGCACAACC",0,1,"chr17:g.56434940G>A",38918,null,"predicted driver: tier 1","LoF","FALSE",168,"TRUE",1,"TRUE"]
["G13402","RNF43","nonsense",17,56434940,"G","A","p.Q733*",0.5821,67,39,"unknown","NA",0,"NA",0,34,"het",0,"TGGATGTGGTTCCAGGGGCT","GCGAGGAGTCAGGCACAACC",0,1,"chr17:g.56434940G>A",39109,null,"predicted driver: tier 1","LoF","FALSE",168,"TRUE",1,"TRUE"]
["G13404","RNF43","nonsense",17,56434940,"G","A","p.Q733*",0.5513,78,43,"unknown","NA",0,"NA",0,34,"het",0,"TGGATGTGGTTCCAGGGGCT","GCGAGGAGTCAGGCACAACC",0,1,"chr17:g.56434940G>A",40890,null,"predicted driver: tier 1","LoF","FALSE",168,"TRUE",1,"TRUE"]
["G13401","SMAD4","missense",18,48593492,"G","C","p.D415H",0.0677,192,13,"unknown","NA",0,"NA",0,31,"het",6e-05,"TTGTACAGAGTTACTACTTA","ACAGAGAAGCTGGGCGTGCA",0,1,"chr18:g.48593492G>C",38922,"MH2","predicted driver: tier 1","LoF","FALSE",228,"FALSE",3,"TRUE"]
["G13401","CHERP","missense",19,16630065,"C","T","p.V886M",0.0636,110,7,"unknown","NA",0,"NA",0,26.8,"het",0.04253,"GTCATCCAGAGCCACGCCCA","GCCTTTATACTGGTCCCACT",0,0,"chr19:g.16630065C>T",38923,"G-patch","predicted passenger",null,"FALSE",110,"FALSE",3,"FALSE"]
["G13402","CHERP","missense",19,16630065,"C","T","p.V886M",0.3868,106,41,"unknown","NA",0,"NA",0,26.8,"het",0,"GTCATCCAGAGCCACGCCCA","GCCTTTATACTGGTCCCACT",0,0,"chr19:g.16630065C>T",39120,"G-patch","predicted passenger",null,"FALSE",110,"FALSE",3,"FALSE"]
["G13404","CHERP","missense",19,16630065,"C","T","p.V886M",0.2636,110,29,"unknown","NA",0,"NA",0,26.8,"het",0,"GTCATCCAGAGCCACGCCCA","GCCTTTATACTGGTCCCACT",0,0,"chr19:g.16630065C>T",40898,"G-patch","predicted passenger",null,"FALSE",110,"FALSE",3,"FALSE"]
["G13401","B3GNT3","missense",19,17918780,"G","C","p.R55P",0.1786,56,10,"unknown","NA",0,"NA",0,0.029,"het",3.1E-4,"CTGGCCCACTCCACCCACCC","CCCAGCCCCGGCCCCGTGCC",0,0,"chr19:g.17918780G>C",38925,null,"predicted passenger",null,"FALSE",75,"FALSE",0,"FALSE"]
["G13402","B3GNT3","missense",19,17918780,"G","C","p.R55P",0.22,71,11,"unknown","NA",0,"NA",0,0.029,"het",3.1E-4,"CTGGCCCACTCCACCCACCC","CCCAGCCCCGGCCCCGTGCC",0,0,"chr19:g.17918780G>C",38925,null,"predicted passenger",null,"FALSE",75,"FALSE",0,"FALSE"]
["G13404","B3GNT3","missense",19,17918780,"G","C","p.R55P",0.0454545454545455,79,3,"unknown","NA",0,"NA",0,0.029,"het",3.1E-4,"CTGGCCCACTCCACCCACCC","CCCAGCCCCGGCCCCGTGCC",0,0,"chr19:g.17918780G>C",38925,null,"predicted passenger",null,"FALSE",75,"FALSE",0,"FALSE"]
["G13401","KMT2B","frameshift",19,36212117,"CAGCCCCTCCACCTCCCCCGG","C","p.A624Pfs*45",0.1818,77,14,"unknown","NA",0,"NA",0,27.1,"het",6e-05,"GGAGCTGCCCCCTCCTCCCC","CCCCCTCCCCACCCCCTGCT",0,1,"chr19:g.36212118_36212137del",38927,null,"predicted passenger",null,"FALSE",82,"FALSE",0,"FALSE"]
["G13402","KMT2B","frameshift",19,36212117,"CAGCCCCTCCACCTCCCCCGG","C","p.A624Pfs*45",0.1067,75,8,"unknown","NA",0,"NA",0,27.1,"het",6.28E-3,"GGAGCTGCCCCCTCCTCCCC","CCCCCTCCCCACCCCCTGCT",0,1,"chr19:g.36212118_36212137del",39122,null,"predicted passenger",null,"FALSE",82,"FALSE",0,"FALSE"]
["G13404","KMT2B","frameshift",19,36212117,"CAGCCCCTCCACCTCCCCCGG","C","p.A624Pfs*45",0.1685,89,15,"unknown","NA",0,"NA",0,27.1,"het",8e-05,"GGAGCTGCCCCCTCCTCCCC","CCCCCTCCCCACCCCCTGCT",0,1,"chr19:g.36212118_36212137del",40899,null,"predicted passenger",null,"FALSE",82,"FALSE",0,"FALSE"]
["G13401","SLC8A2","missense",19,47951289,"C","T","p.V514I",0.0714,140,10,"unknown","NA",0,"NA",0,23.3,"het",0.00103,"GTCGTCGTCCAGGATGGTGA","GGTGGCCAGCAGCGGCGCCA",0,0,"chr19:g.47951289C>T",38928,"Calx-beta","predicted passenger",null,"FALSE",139,"FALSE",2,"FALSE"]
["G13402","SLC8A2","missense",19,47951289,"C","T","p.V514I",0.3816,152,58,"unknown","NA",0,"NA",0,23.3,"het",0,"GTCGTCGTCCAGGATGGTGA","GGTGGCCAGCAGCGGCGCCA",0,0,"chr19:g.47951289C>T",39126,"Calx-beta","predicted passenger",null,"FALSE",139,"FALSE",2,"FALSE"]
["G13404","SLC8A2","missense",19,47951289,"C","T","p.V514I",0.4318,132,57,"unknown","NA",0,"NA",0,23.3,"het",0,"GTCGTCGTCCAGGATGGTGA","GGTGGCCAGCAGCGGCGCCA",0,0,"chr19:g.47951289C>T",40904,"Calx-beta","predicted passenger",null,"FALSE",139,"FALSE",2,"FALSE"]
["G13401","BICRA","missense",19,48197721,"A","C","p.H878P",0.1124,89,10,"unknown","NA",0,"NA",0,16.34,"het",0.00056,"ACCGCTGCCCCCAGCCCCCC","CCTCCCTCCATCCTCCACCT",0,0,"chr19:g.48197721A>C",38929,null,"predicted passenger","LoF","FALSE",109,"FALSE",0,"FALSE"]
["G13402","BICRA","missense",19,48197721,"A","C","p.H878P",0.0943,106,10,"unknown","NA",0,"NA",0,16.34,"het",1.42E-3,"ACCGCTGCCCCCAGCCCCCC","CCTCCCTCCATCCTCCACCT",0,0,"chr19:g.48197721A>C",39128,null,"predicted passenger","LoF","FALSE",109,"FALSE",0,"FALSE"]
["G13404","BICRA","missense",19,48197721,"A","C","p.H878P",0.123595505617978,100,11,"unknown","NA",0,"NA",0,16.34,"het",0.00056,"ACCGCTGCCCCCAGCCCCCC","CCTCCCTCCATCCTCCACCT",0,0,"chr19:g.48197721A>C",38929,null,"predicted passenger","LoF","FALSE",109,"FALSE",0,"FALSE"]
["G13401","NOP53","missense",19,48248932,"G","C","p.R39P",0.0403,124,5,"unknown","NA",0,"NA",0,27.3,"het",0.04686,"AGCGCTGAGGCGGCGGCGGC","AGGCCCAAGAAATAAGAAGC",0,0,"chr19:g.48248932G>C",38930,null,"predicted passenger","LoF","FALSE",108,"FALSE",1,"FALSE"]
["G13402","NOP53","missense",19,48248932,"G","C","p.R39P",0.1429,112,16,"unknown","NA",0,"NA",0,27.3,"het",2e-05,"AGCGCTGAGGCGGCGGCGGC","AGGCCCAAGAAATAAGAAGC",0,0,"chr19:g.48248932G>C",39129,null,"predicted passenger","LoF","FALSE",108,"FALSE",1,"FALSE"]
["G13404","NOP53","missense",19,48248932,"G","C","p.R39P",0.298701298701299,100,23,"unknown","NA",0,"NA",0,27.3,"het",0.04686,"AGCGCTGAGGCGGCGGCGGC","AGGCCCAAGAAATAAGAAGC",0,0,"chr19:g.48248932G>C",38930,null,"predicted passenger","LoF","FALSE",108,"FALSE",1,"FALSE"]
["G13401","KLK8","missense",19,51503500,"C","A","p.R127L",0.1111,18,2,"unknown","NA",0,"NA",0,25.8,"het",0.12,"GTAGGCTGTGGTCTCCCAGG","GTACTGTGTATTTCCTGTAA",0,0,"chr19:g.51503500C>A",38931,"Trypsin","predicted passenger",null,"FALSE",34,"FALSE",1,"FALSE"]
["G13401","SOX18","missense",20,62680249,"C","T","p.R142H",0.0605,347,21,"unknown","NA",0,"NA",0,33,"het",6e-05,"GGTCGCGCAAGTGCTGCACG","GCAGCCGTTCGGCTTCCTCC",0,0,"chr20:g.62680249C>T",38934,"HMG_box","predicted passenger",null,"FALSE",288,"FALSE",3,"FALSE"]
["G13402","SOX18","missense",20,62680249,"C","T","p.R142H",0.2709,347,94,"unknown","NA",0,"NA",0,33,"het",0,"GGTCGCGCAAGTGCTGCACG","GCAGCCGTTCGGCTTCCTCC",0,0,"chr20:g.62680249C>T",39135,"HMG_box","predicted passenger",null,"FALSE",288,"FALSE",3,"FALSE"]
["G13404","SOX18","missense",20,62680249,"C","T","p.R142H",0.2292,288,66,"unknown","NA",0,"NA",0,33,"het",0,"GGTCGCGCAAGTGCTGCACG","GCAGCCGTTCGGCTTCCTCC",0,0,"chr20:g.62680249C>T",40911,"HMG_box","predicted passenger",null,"FALSE",288,"FALSE",3,"FALSE"]
["G13401","ARVCF","missense",22,19967764,"C","A","p.A300S",0.1176,17,2,"unknown","NA",0,"NA",0,9.261,"het",0.17436,"ATCTGCTGTGTCCTCGTAGG","CCTGCACAGGCAAGTGGGGC",0,0,"chr22:g.19967764C>A",38938,null,"predicted passenger",null,"FALSE",23,"FALSE",0,"FALSE"]
["G13401","PLXNB2","missense",22,50722617,"A","G","p.L736P",0.1416,113,16,"unknown","NA",0,"NA",0,25,"het",3e-05,"TGACGTAGAGGTGCAGGGGC","GCGTCTCGTTGGCATCGTGG",0,1,"chr22:g.50722617A>G",38939,null,"predicted driver: tier 1","Act","FALSE",164,"FALSE",1,"TRUE"]
["G13402","PLXNB2","missense",22,50722617,"A","G","p.L736P",0.5238,126,66,"unknown","NA",0,"NA",0,25,"het",0,"TGACGTAGAGGTGCAGGGGC","GCGTCTCGTTGGCATCGTGG",0,1,"chr22:g.50722617A>G",39138,null,"predicted driver: tier 1","Act","FALSE",164,"FALSE",1,"TRUE"]
["G13404","PLXNB2","missense",22,50722617,"A","G","p.L736P",0.4818,110,53,"unknown","NA",0,"NA",0,25,"het",0,"TGACGTAGAGGTGCAGGGGC","GCGTCTCGTTGGCATCGTGG",0,1,"chr22:g.50722617A>G",40916,null,"predicted driver: tier 1","Act","FALSE",164,"FALSE",1,"TRUE"]
["G13401","PPP2R3B","missense","X",308034,"C","T","p.V218I",0.036,139,5,"unknown","NA",0,"NA",0,4.933,"het",0.03068,"GGGGCTCATGAGCAGATGGA","GAACTTGGCCGCGTCGTCGT",0,0,"chrX:g.308034C>T",38940,null,"predicted passenger",null,"FALSE",169,"FALSE",0,"FALSE"]
["G13402","PPP2R3B","missense","X",308034,"C","T","p.V218I",0.5252,139,73,"unknown","NA",0,"NA",0,4.933,"het",0,"GGGGCTCATGAGCAGATGGA","GAACTTGGCCGCGTCGTCGT",0,0,"chrX:g.308034C>T",39139,null,"predicted passenger",null,"FALSE",169,"FALSE",0,"FALSE"]
["G13404","PPP2R3B","missense","X",308034,"C","T","p.V218I",0.5546,119,66,"unknown","NA",0,"NA",0,4.933,"het",0,"GGGGCTCATGAGCAGATGGA","GAACTTGGCCGCGTCGTCGT",0,0,"chrX:g.308034C>T",40917,null,"predicted passenger",null,"FALSE",169,"FALSE",0,"FALSE"]
["G13401","MXRA5","missense","X",3229361,"C","T","p.G2295S",0.1322,121,16,"unknown","NA",0,"NA",0,24.4,"het",0.00046,"ATAGCGCTTGGTGCGTCCAC","GCTGTCATCCGACTGCATGA",0,0,"chrX:g.3229361C>T",38941,"I-set","predicted passenger",null,"FALSE",129,"FALSE",1,"FALSE"]
["G13402","MXRA5","missense","X",3229361,"C","T","p.G2295S",0.6567,134,88,"unknown","NA",0,"NA",0,24.4,"het",0,"ATAGCGCTTGGTGCGTCCAC","GCTGTCATCCGACTGCATGA",0,0,"chrX:g.3229361C>T",39140,"I-set","predicted passenger",null,"FALSE",129,"FALSE",1,"FALSE"]
["G13404","MXRA5","missense","X",3229361,"C","T","p.G2295S",0.7273,99,72,"unknown","NA",0,"NA",0,24.4,"het",0,"ATAGCGCTTGGTGCGTCCAC","GCTGTCATCCGACTGCATGA",0,0,"chrX:g.3229361C>T",40918,"I-set","predicted passenger",null,"FALSE",129,"FALSE",1,"FALSE"]
["G13401","FAM47B","missense","X",34962010,"G","T","p.E354D",0.0645,124,8,"unknown","NA",0,"NA",0,1E-3,"het",0.03736,"GTGCTGAAACTGGATTCTGA","AAGAAGCTGGAAGACGCACG",0,0,"chrX:g.34962010G>T",38942,"FAM47","predicted passenger",null,"FALSE",141,"FALSE",0,"FALSE"]
["G13402","FAM47B","missense","X",34962010,"G","T","p.E354D",0.6364,143,91,"unknown","NA",0,"NA",0,1E-3,"het",0,"GTGCTGAAACTGGATTCTGA","AAGAAGCTGGAAGACGCACG",0,0,"chrX:g.34962010G>T",39141,"FAM47","predicted passenger",null,"FALSE",141,"FALSE",0,"FALSE"]
["G13404","FAM47B","missense","X",34962010,"G","T","p.E354D",0.6239,117,73,"unknown","NA",0,"NA",0,1E-3,"het",0,"GTGCTGAAACTGGATTCTGA","AAGAAGCTGGAAGACGCACG",0,0,"chrX:g.34962010G>T",40919,"FAM47","predicted passenger",null,"FALSE",141,"FALSE",0,"FALSE"]
["G13401","GPR50","nonsense","X",150349130,"G","T","p.E359*",0.1915,94,18,"unknown","NA",0,"NA",0,35,"het",0,"CCCATGCCTGTCCTGCTGTG","AGGAAACCCCGATGAATGTC",0,0,"chrX:g.150349130G>T",38943,null,"predicted passenger",null,"FALSE",121,"TRUE",1,"FALSE"]
["G13402","GPR50","nonsense","X",150349130,"G","T","p.E359*",0.6718,131,88,"unknown","NA",0,"NA",0,35,"het",0,"CCCATGCCTGTCCTGCTGTG","AGGAAACCCCGATGAATGTC",0,0,"chrX:g.150349130G>T",39144,null,"predicted passenger",null,"FALSE",121,"TRUE",1,"FALSE"]
["G13404","GPR50","nonsense","X",150349130,"G","T","p.E359*",0.6286,105,66,"unknown","NA",0,"NA",0,35,"het",0,"CCCATGCCTGTCCTGCTGTG","AGGAAACCCCGATGAATGTC",0,0,"chrX:g.150349130G>T",40922,null,"predicted passenger",null,"FALSE",121,"TRUE",1,"FALSE"]
["G13401","ATP2B3","missense","X",152818661,"G","T","p.E664D",0.1667,72,12,"unknown","NA",0,"NA",0,21.1,"het",0.00028,"GAGCCCGACTGGGACAACGA","AATGAGGTCGTGGGTGACCT",0,1,"chrX:g.152818661G>T",38944,"Hydrolase","predicted passenger",null,"FALSE",78,"FALSE",0,"FALSE"]
["G13402","ATP2B3","missense","X",152818661,"G","T","p.E664D",0.5977,87,52,"unknown","NA",0,"NA",0,21.1,"het",0,"GAGCCCGACTGGGACAACGA","AATGAGGTCGTGGGTGACCT",0,1,"chrX:g.152818661G>T",39145,"Hydrolase","predicted passenger",null,"FALSE",78,"FALSE",0,"FALSE"]
["G13404","ATP2B3","missense","X",152818661,"G","T","p.E664D",0.7237,76,55,"unknown","NA",0,"NA",0,21.1,"het",0,"GAGCCCGACTGGGACAACGA","AATGAGGTCGTGGGTGACCT",0,1,"chrX:g.152818661G>T",40923,"Hydrolase","predicted passenger",null,"FALSE",78,"FALSE",0,"FALSE"]
["G13402","UBXN11","missense",1,26608885,"C","A","p.G490C",0.2381,63,15,"unknown","NA",0,"NA",0,14.92,"het",4e-05,"ACCGGGACTGGGGCCGGGAC","GGGACCGGGACAGGGACCAG",0,0,"chr1:g.26608885C>A",38946,null,"predicted passenger",null,"FALSE",74,"FALSE",0,"FALSE"]
["G13404","UBXN11","missense",1,26608885,"C","A","p.G490C",0.24,50,12,"unknown","NA",0,"NA",0,14.92,"het",7e-05,"ACCGGGACTGGGGCCGGGAC","GGGACCGGGACAGGGACCAG",0,0,"chr1:g.26608885C>A",40731,null,"predicted passenger",null,"FALSE",74,"FALSE",0,"FALSE"]
["G13401","UBXN11","missense",1,26608885,"C","A","p.G490C",0.0385,52,2,"unknown","NA",0,"NA",0,14.92,"het",4e-05,"ACCGGGACTGGGGCCGGGAC","GGGACCGGGACAGGGACCAG",0,0,"chr1:g.26608885C>A",38946,null,"predicted passenger",null,"FALSE",74,"FALSE",0,"FALSE"]
["G13402","PRKAA2","missense",1,57169651,"G","C","p.E266Q",0.1852,54,10,"unknown","NA",0,"NA",0,23.9,"het",2.7E-4,"GTGTTTTTCCTAGAGAGCAT","AATGGTTTAAACAAGATTTG",0,0,"chr1:g.57169651G>C",38947,"Pkinase","predicted passenger",null,"FALSE",63,"FALSE",1,"FALSE"]
["G13404","PRKAA2","missense",1,57169651,"G","C","p.E266Q",0.1525,59,9,"unknown","NA",0,"NA",0,23.9,"het",0.00103,"GTGTTTTTCCTAGAGAGCAT","AATGGTTTAAACAAGATTTG",0,0,"chr1:g.57169651G>C",40732,"Pkinase","predicted passenger",null,"FALSE",63,"FALSE",1,"FALSE"]
["G13402","KCND3","missense",1,112524659,"G","T","p.D230E",0.354,161,57,"unknown","NA",0,"NA",0,15.34,"het",0,"AAGATCATGACGCACGCCGT","TCCAGGCAGAAGAAGGCCAC",0,0,"chr1:g.112524659G>T",38950,"Ion_trans","predicted passenger","Act","FALSE",234,"FALSE",1,"FALSE"]
["G13404","KCND3","missense",1,112524659,"G","T","p.D230E",0.4072,167,68,"unknown","NA",0,"NA",0,15.34,"het",0,"AAGATCATGACGCACGCCGT","TCCAGGCAGAAGAAGGCCAC",0,0,"chr1:g.112524659G>T",40734,"Ion_trans","predicted passenger","Act","FALSE",234,"FALSE",1,"FALSE"]
["G13401","KCND3","missense",1,112524659,"G","T","p.D230E",0.132352941176471,154,18,"unknown","NA",0,"NA",0,15.34,"het",0,"AAGATCATGACGCACGCCGT","TCCAGGCAGAAGAAGGCCAC",0,0,"chr1:g.112524659G>T",38950,"Ion_trans","predicted passenger","Act","FALSE",234,"FALSE",1,"FALSE"]
["G13402","DAP3","missense",1,155679573,"G","C",".",0.1818,88,16,"unknown","NA",0,"NA",0,0.055,"het",4e-05,"TTTTGTAACAGTGCAAGGAT","ATGCTGAAAGGAATAACAAG",0,0,"chr1:g.155679573G>C",38951,null,"predicted passenger",null,"FALSE",86,"TRUE",0,"FALSE"]
["G13404","DAP3","missense",1,155679573,"G","C",".",0.1209,91,11,"unknown","NA",0,"NA",0,0.055,"het",1.24E-3,"TTTTGTAACAGTGCAAGGAT","ATGCTGAAAGGAATAACAAG",0,0,"chr1:g.155679573G>C",40737,null,"predicted passenger",null,"FALSE",86,"TRUE",0,"FALSE"]
["G13401","DAP3","missense",1,155679573,"G","C",".",0.021505376344086,95,2,"unknown","NA",0,"NA",0,0.055,"het",4e-05,"TTTTGTAACAGTGCAAGGAT","ATGCTGAAAGGAATAACAAG",0,0,"chr1:g.155679573G>C",38951,null,"predicted passenger",null,"FALSE",86,"TRUE",0,"FALSE"]
["G13402","SPTA1","nonsense",1,158614995,"G","A","p.Q1393*",0.1763,278,49,"unknown","NA",0,"NA",0,44,"het",0,"TACCTGCAACTCCAGGCACT","GTCTAGGATCTTCTTGCGTT",0,1,"chr1:g.158614995G>A",38954,null,"predicted passenger",null,"FALSE",308,"TRUE",1,"TRUE"]
["G13404","SPTA1","nonsense",1,158614995,"G","A","p.Q1393*",0.2077,284,59,"unknown","NA",0,"NA",0,44,"het",0,"TACCTGCAACTCCAGGCACT","GTCTAGGATCTTCTTGCGTT",0,1,"chr1:g.158614995G>A",40739,null,"predicted passenger",null,"FALSE",308,"TRUE",1,"TRUE"]
["G13401","SPTA1","nonsense",1,158614995,"G","A","p.Q1393*",0.0336,268,9,"unknown","NA",0,"NA",0,44,"het",0,"TACCTGCAACTCCAGGCACT","GTCTAGGATCTTCTTGCGTT",0,1,"chr1:g.158614995G>A",38954,null,"predicted passenger",null,"FALSE",308,"TRUE",1,"TRUE"]
["G13402","FMO4","missense",1,171292278,"T","C","p.Y90H",0.3593,231,83,"unknown","NA",0,"NA",0,26.3,"het",0,"ACCATGAAAAATTTTGGGAC","ATCTCCAAGAATTTGCTGAG",0,0,"chr1:g.171292278T>C",38955,"FMO-like","predicted passenger",null,"FALSE",242,"FALSE",1,"FALSE"]
["G13404","FMO4","missense",1,171292278,"T","C","p.Y90H",0.327,211,69,"unknown","NA",0,"NA",0,26.3,"het",0,"ACCATGAAAAATTTTGGGAC","ATCTCCAAGAATTTGCTGAG",0,0,"chr1:g.171292278T>C",40740,"FMO-like","predicted passenger",null,"FALSE",242,"FALSE",1,"FALSE"]
["G13401","FMO4","missense",1,171292278,"T","C","p.Y90H",0.111650485436893,229,23,"unknown","NA",0,"NA",0,26.3,"het",0,"ACCATGAAAAATTTTGGGAC","ATCTCCAAGAATTTGCTGAG",0,0,"chr1:g.171292278T>C",38955,"FMO-like","predicted passenger",null,"FALSE",242,"FALSE",1,"FALSE"]
["G13402","MYT1L","missense",2,1946829,"C","T","p.E144K",0.3256,86,28,"unknown","NA",0,"NA",0,14.94,"het",0,"CTCCACATCTTCTCCATCCT","GTCATCGTCCTCATCCTCCT",0,0,"chr2:g.1946829C>T",38958,null,"predicted passenger",null,"FALSE",122,"FALSE",0,"FALSE"]
["G13404","MYT1L","missense",2,1946829,"C","T","p.E144K",0.1519,79,12,"unknown","NA",0,"NA",0,14.94,"het",1e-05,"CTCCACATCTTCTCCATCCT","GTCATCGTCCTCATCCTCCT",0,0,"chr2:g.1946829C>T",40745,null,"predicted passenger",null,"FALSE",122,"FALSE",0,"FALSE"]
["G13401","MYT1L","missense",2,1946829,"C","T","p.E144K",0.0308,65,2,"unknown","NA",0,"NA",0,14.94,"het",0,"CTCCACATCTTCTCCATCCT","GTCATCGTCCTCATCCTCCT",0,0,"chr2:g.1946829C>T",38958,null,"predicted passenger",null,"FALSE",122,"FALSE",0,"FALSE"]
["G13402","TRIB2","missense",2,12880457,"G","A","p.R190Q",0.2963,81,24,"unknown","NA",0,"NA",0,23.3,"het",0,"CCTCCTTTCTTGCAGGACTC","GGTCAAGCTGGAAAGCCTGG",0,0,"chr2:g.12880457G>A",38959,"Pkinase","predicted passenger",null,"FALSE",73,"FALSE",0,"FALSE"]
["G13404","TRIB2","missense",2,12880457,"G","A","p.R190Q",0.2281,57,13,"unknown","NA",0,"NA",0,23.3,"het",1e-05,"CCTCCTTTCTTGCAGGACTC","GGTCAAGCTGGAAAGCCTGG",0,0,"chr2:g.12880457G>A",40746,"Pkinase","predicted passenger",null,"FALSE",73,"FALSE",0,"FALSE"]
["G13401","TRIB2","missense",2,12880457,"G","A","p.R190Q",0.0702,57,4,"unknown","NA",0,"NA",0,23.3,"het",0,"CCTCCTTTCTTGCAGGACTC","GGTCAAGCTGGAAAGCCTGG",0,0,"chr2:g.12880457G>A",38959,"Pkinase","predicted passenger",null,"FALSE",73,"FALSE",0,"FALSE"]
["G13402","PFN4","missense",2,24338479,"C","G","p.D122H",0.2519,131,33,"unknown","NA",0,"NA",0,27.9,"het",0,"TCCTTTTTTTCTTAGGTAGT","TCCTGAAAGCAAACACAGCA",0,0,"chr2:g.24338479C>G",38961,"Profilin","predicted passenger",null,"FALSE",108,"FALSE",0,"FALSE"]
["G13404","PFN4","missense",2,24338479,"C","G","p.D122H",0.375,152,57,"unknown","NA",0,"NA",0,27.9,"het",0,"TCCTTTTTTTCTTAGGTAGT","TCCTGAAAGCAAACACAGCA",0,0,"chr2:g.24338479C>G",40748,"Profilin","predicted passenger",null,"FALSE",108,"FALSE",0,"FALSE"]
["G13401","PFN4","missense",2,24338479,"C","G","p.D122H",0.0294,136,4,"unknown","NA",0,"NA",0,27.9,"het",0,"TCCTTTTTTTCTTAGGTAGT","TCCTGAAAGCAAACACAGCA",0,0,"chr2:g.24338479C>G",38961,"Profilin","predicted passenger",null,"FALSE",108,"FALSE",0,"FALSE"]
["G13402","C2orf16","missense",2,27804279,"C","T","p.H1614Y",0.2679,112,30,"unknown","NA",0,"NA",0,4.694,"het",0,"GCAGTCCGTCTCAGAGAAAT","ACTGCAGTCCCCCCGAGAGG",0,0,"chr2:g.27804279C>T",38962,null,"predicted passenger",null,"FALSE",142,"FALSE",0,"FALSE"]
["G13404","C2orf16","missense",2,27804279,"C","T","p.H1614Y",0.3853,109,42,"unknown","NA",0,"NA",0,4.694,"het",0,"GCAGTCCGTCTCAGAGAAAT","ACTGCAGTCCCCCCGAGAGG",0,0,"chr2:g.27804279C>T",40749,null,"predicted passenger",null,"FALSE",142,"FALSE",0,"FALSE"]
["G13401","C2orf16","missense",2,27804279,"C","T","p.H1614Y",0.0177,113,2,"unknown","NA",0,"NA",0,4.694,"het",0,"GCAGTCCGTCTCAGAGAAAT","ACTGCAGTCCCCCCGAGAGG",0,0,"chr2:g.27804279C>T",38962,null,"predicted passenger",null,"FALSE",142,"FALSE",0,"FALSE"]
["G13402","TRMT61B","missense",2,29073223,"C","G","p.R454T",0.3073,218,67,"unknown","NA",0,"NA",0,24,"het",0,"CAGGTTGCCAGTGTACTGGT","TAGCAACATAGGGAAATGAT",0,0,"chr2:g.29073223C>G",38963,"GCD14","predicted passenger",null,"FALSE",203,"FALSE",2,"FALSE"]
["G13404","TRMT61B","missense",2,29073223,"C","G","p.R454T",0.4184,196,82,"unknown","NA",0,"NA",0,24,"het",0,"CAGGTTGCCAGTGTACTGGT","TAGCAACATAGGGAAATGAT",0,0,"chr2:g.29073223C>G",40751,"GCD14","predicted passenger",null,"FALSE",203,"FALSE",2,"FALSE"]
["G13401","TRMT61B","missense",2,29073223,"C","G","p.R454T",0.0133333333333333,229,3,"unknown","NA",0,"NA",0,24,"het",0,"CAGGTTGCCAGTGTACTGGT","TAGCAACATAGGGAAATGAT",0,0,"chr2:g.29073223C>G",38963,"GCD14","predicted passenger",null,"FALSE",203,"FALSE",2,"FALSE"]
["G13402","PNPT1","missense",2,55900077,"G","A","p.P273S",0.2797,118,33,"unknown","NA",0,"NA",0,20.5,"het",0,"AGGGGTAAATAACTTCTGAG","TGTCCTCTTGGTAACACCAG",0,0,"chr2:g.55900077G>A",38966,null,"predicted passenger",null,"FALSE",88,"FALSE",0,"FALSE"]
["G13404","PNPT1","missense",2,55900077,"G","A","p.P273S",0.4524,126,57,"unknown","NA",0,"NA",0,20.5,"het",0,"AGGGGTAAATAACTTCTGAG","TGTCCTCTTGGTAACACCAG",0,0,"chr2:g.55900077G>A",40752,null,"predicted passenger",null,"FALSE",88,"FALSE",0,"FALSE"]
["G13401","PNPT1","missense",2,55900077,"G","A","p.P273S",0.0187,107,2,"unknown","NA",0,"NA",0,20.5,"het",0,"AGGGGTAAATAACTTCTGAG","TGTCCTCTTGGTAACACCAG",0,0,"chr2:g.55900077G>A",38966,null,"predicted passenger",null,"FALSE",88,"FALSE",0,"FALSE"]
["G13402","APLF","missense",2,68772404,"G","C","p.D416H",0.2632,76,20,"unknown","NA",0,"NA",0,23.4,"het",0,"TCGTGGGCCAAGATGAGACT","ATGACCGGCCTGAATGTCCC",0,0,"chr2:g.68772404G>C",38968,null,"predicted passenger",null,"FALSE",90,"FALSE",0,"FALSE"]
["G13404","APLF","missense",2,68772404,"G","C","p.D416H",0.3623,69,25,"unknown","NA",0,"NA",0,23.4,"het",0,"TCGTGGGCCAAGATGAGACT","ATGACCGGCCTGAATGTCCC",0,0,"chr2:g.68772404G>C",40753,null,"predicted passenger",null,"FALSE",90,"FALSE",0,"FALSE"]
["G13401","APLF","missense",2,68772404,"G","C","p.D416H",0.04,75,3,"unknown","NA",0,"NA",0,23.4,"het",0,"TCGTGGGCCAAGATGAGACT","ATGACCGGCCTGAATGTCCC",0,0,"chr2:g.68772404G>C",38968,null,"predicted passenger",null,"FALSE",90,"FALSE",0,"FALSE"]
["G13402","DNAH6","missense",2,84771598,"C","A","p.Q302K",0.0946,74,7,"unknown","NA",0,"NA",0,17.27,"het",0.0412,"CTGGATGTCAAAAATCTCTA","AAAAAAATTTGTTCATTGTT",0,0,"chr2:g.84771598C>A",38970,null,"predicted passenger",null,"FALSE",99,"FALSE",0,"FALSE"]
["G13401","DNAH6","missense",2,84771598,"C","A","p.Q302K",0.0266666666666667,89,2,"unknown","NA",0,"NA",0,17.27,"het",0.04727,"CTGGATGTCAAAAATCTCTA","AAAAAAATTTGTTCATTGTT",0,0,"chr2:g.84771598C>A",31607,null,"predicted passenger",null,"FALSE",99,"FALSE",0,"FALSE"]
["G13404","DNAH6","missense",2,84771598,"C","A","p.Q302K",0.0447761194029851,70,3,"unknown","NA",0,"NA",0,17.27,"het",0.04727,"CTGGATGTCAAAAATCTCTA","AAAAAAATTTGTTCATTGTT",0,0,"chr2:g.84771598C>A",31607,null,"predicted passenger",null,"FALSE",99,"FALSE",0,"FALSE"]
["G13402","KCTD18","nonsense",2,201354849,"C","A","p.E419*",0.1111,18,2,"unknown","NA",0,"NA",0,37,"het",0.44086,"TCCCTTGTTCTTCCCGTTCT","AGTCCGCACTCCCAAGGCAC",0,0,"chr2:g.201354849C>A",38973,null,"predicted passenger",null,"FALSE",21,"TRUE",0,"FALSE"]
["G13402","ASB18","missense",2,237172946,"C","T","p.D15N",0.2041,147,30,"unknown","NA",0,"NA",0,24.2,"het",0,"CTTTAATCTCTTCACTAAAT","TGAGTTGAGTGGGTAGTCGG",0,0,"chr2:g.237172946C>T",38977,null,"predicted passenger",null,"FALSE",168,"FALSE",0,"FALSE"]
["G13404","ASB18","missense",2,237172946,"C","T","p.D15N",0.3958,144,57,"unknown","NA",0,"NA",0,24.2,"het",0,"CTTTAATCTCTTCACTAAAT","TGAGTTGAGTGGGTAGTCGG",0,0,"chr2:g.237172946C>T",40761,null,"predicted passenger",null,"FALSE",168,"FALSE",0,"FALSE"]
["G13401","ASB18","missense",2,237172946,"C","T","p.D15N",0.0282,142,4,"unknown","NA",0,"NA",0,24.2,"het",0,"CTTTAATCTCTTCACTAAAT","TGAGTTGAGTGGGTAGTCGG",0,0,"chr2:g.237172946C>T",38977,null,"predicted passenger",null,"FALSE",168,"FALSE",0,"FALSE"]
["G13402","CYP8B1","missense",3,42916354,"C","A","p.A319S",0.1111,18,2,"unknown","NA",0,"NA",0,0.042,"het",0.1249,"CTGCTTGGTCTCCAGCCTGG","CTCACCCAGGACCTGGGTAG",0,0,"chr3:g.42916354C>A",38981,"p450","predicted passenger",null,"FALSE",32,"FALSE",0,"FALSE"]
["G13402","TOPAZ1","missense",3,44285791,"C","T","p.S598L",0.0509,216,11,"unknown","NA",0,"NA",0,9.254,"het",1.42E-3,"GGATGATAAAAAGATAAAAT","AGAGGAACTGAGCAGAAGAG",0,0,"chr3:g.44285791C>T",38982,null,"predicted passenger",null,"FALSE",260,"FALSE",0,"FALSE"]
["G13402","XCR1","missense",3,46062784,"C","T","p.R219Q",0.5424,118,64,"unknown","NA",0,"NA",0,21.2,"het",0,"GCTTGACCGTGCGGTGGCGC","GCTTGGAGCGTGAGCGGAAC",0,0,"chr3:g.46062784C>T",38983,"7tm_1","predicted passenger",null,"FALSE",194,"FALSE",0,"FALSE"]
["G13404","XCR1","missense",3,46062784,"C","T","p.R219Q",0.4444,90,40,"unknown","NA",0,"NA",0,21.2,"het",0,"GCTTGACCGTGCGGTGGCGC","GCTTGGAGCGTGAGCGGAAC",0,0,"chr3:g.46062784C>T",40762,"7tm_1","predicted passenger",null,"FALSE",194,"FALSE",0,"FALSE"]
["G13401","XCR1","missense",3,46062784,"C","T","p.R219Q",0.0949,137,13,"unknown","NA",0,"NA",0,21.2,"het",0,"GCTTGACCGTGCGGTGGCGC","GCTTGGAGCGTGAGCGGAAC",0,0,"chr3:g.46062784C>T",38983,"7tm_1","predicted passenger",null,"FALSE",194,"FALSE",0,"FALSE"]
["G13402","ABI3BP","missense",3,100470405,"T","C","p.I1035V",0.125,56,7,"unknown","NA",0,"NA",0,14.01,"het",0.00497,"AGAAAACATACCTTCTTTGA","TGGTAACTGGTCAGAAGTGA",0,0,"chr3:g.100470405T>C",38984,null,"predicted passenger",null,"FALSE",64,"FALSE",0,"FALSE"]
["G13402","ASTE1","missense",3,130743542,"G","C","p.F203L",0.2174,46,10,"unknown","NA",0,"NA",0,10.4,"het",1E-4,"ATATTGCTGAAGTGATGGCA","AATGCATCAAGGGAAAAGCA",0,0,"chr3:g.130743542G>C",38986,"XPG_I_2","predicted passenger",null,"FALSE",63,"FALSE",0,"FALSE"]
["G13404","ASTE1","missense",3,130743542,"G","C","p.F203L",0.2051,39,8,"unknown","NA",0,"NA",0,10.4,"het",0.00028,"ATATTGCTGAAGTGATGGCA","AATGCATCAAGGGAAAAGCA",0,0,"chr3:g.130743542G>C",40766,"XPG_I_2","predicted passenger",null,"FALSE",63,"FALSE",0,"FALSE"]
["G13401","ASTE1","missense",3,130743542,"G","C","p.F203L",0.0714,42,3,"unknown","NA",0,"NA",0,10.4,"het",1E-4,"ATATTGCTGAAGTGATGGCA","AATGCATCAAGGGAAAAGCA",0,0,"chr3:g.130743542G>C",38986,"XPG_I_2","predicted passenger",null,"FALSE",63,"FALSE",0,"FALSE"]
["G13402","CLRN1","missense",3,150659428,"C","A","p.G125V",0.4066,241,98,"unknown","NA",0,"NA",0,31,"het",0,"GCAGAGTTTCAAAAGGTTTT","CAAAAGCATTGTACATGAAG",0,0,"chr3:g.150659428C>A",38988,null,"predicted passenger",null,"FALSE",279,"FALSE",3,"FALSE"]
["G13404","CLRN1","missense",3,150659428,"C","A","p.G125V",0.4113,231,95,"unknown","NA",0,"NA",0,31,"het",0,"GCAGAGTTTCAAAAGGTTTT","CAAAAGCATTGTACATGAAG",0,0,"chr3:g.150659428C>A",40769,null,"predicted passenger",null,"FALSE",279,"FALSE",3,"FALSE"]
["G13401","CLRN1","missense",3,150659428,"C","A","p.G125V",0.0841,214,18,"unknown","NA",0,"NA",0,31,"het",0,"GCAGAGTTTCAAAAGGTTTT","CAAAAGCATTGTACATGAAG",0,0,"chr3:g.150659428C>A",38988,null,"predicted passenger",null,"FALSE",279,"FALSE",3,"FALSE"]
["G13402","SHOX2","frameshift",3,157823583,"A","ACCTCCTCCGCCTCCTTCCGCCGCCTCCTCCTCCGCCG","p.V78Gfs*52",0.0559,161,9,"unknown","NA",0,"NA",0,28.4,"het",0.00128,"CCTGCTCCTCCTCCTCCTAC","CCTCCTCCGCCTCCTCCGCC",0,0,"chr3:g.157823583_157823584insCCTCCTCCGCCTCCTTCCGCCGCCTCCTCCTCCGCCG",38989,null,"predicted passenger",null,"FALSE",136,"FALSE",0,"FALSE"]
["G13402","MLF1","missense",3,158317946,"C","A","p.F215L",0.4205,88,37,"unknown","NA",0,"NA",0,25.3,"het",0,"GAAGAGGTCAACCAGGAGTT","ATCAATATGAATGAAAGTAA",0,1,"chr3:g.158317946C>A",38990,"Mlf1IP","predicted passenger","Act","FALSE",48,"FALSE",2,"TRUE"]
["G13404","MLF1","missense",3,158317946,"C","A","p.F215L",0.4342,76,33,"unknown","NA",0,"NA",0,25.3,"het",0,"GAAGAGGTCAACCAGGAGTT","ATCAATATGAATGAAAGTAA",0,1,"chr3:g.158317946C>A",40770,"Mlf1IP","predicted passenger","Act","FALSE",48,"FALSE",2,"TRUE"]
["G13401","MLF1","missense",3,158317946,"C","A","p.F215L",0.0263157894736842,78,2,"unknown","NA",0,"NA",0,25.3,"het",0,"GAAGAGGTCAACCAGGAGTT","ATCAATATGAATGAAAGTAA",0,1,"chr3:g.158317946C>A",38990,"Mlf1IP","predicted passenger","Act","FALSE",48,"FALSE",2,"TRUE"]
["G13402","SEL1L3","missense",4,25849330,"G","C","p.Q107E",0.2057,209,43,"unknown","NA",0,"NA",0,11.48,"het",0,"CAAATTGACAACACAAGGCT","AGAGCATAAATACTCAACCG",0,0,"chr4:g.25849330G>C",38993,null,"predicted passenger",null,"FALSE",216,"FALSE",1,"FALSE"]
["G13404","SEL1L3","missense",4,25849330,"G","C","p.Q107E",0.1692,195,33,"unknown","NA",0,"NA",0,11.48,"het",0,"CAAATTGACAACACAAGGCT","AGAGCATAAATACTCAACCG",0,0,"chr4:g.25849330G>C",40776,null,"predicted passenger",null,"FALSE",216,"FALSE",1,"FALSE"]
["G13401","SEL1L3","missense",4,25849330,"G","C","p.Q107E",0.00956937799043062,211,2,"unknown","NA",0,"NA",0,11.48,"het",0,"CAAATTGACAACACAAGGCT","AGAGCATAAATACTCAACCG",0,0,"chr4:g.25849330G>C",38993,null,"predicted passenger",null,"FALSE",216,"FALSE",1,"FALSE"]
["G13402","ARAP2","missense",4,36212016,"G","C","p.Q495E",0.1648,91,15,"unknown","NA",0,"NA",0,23.6,"het",3e-05,"ATGCATACGTACATACCCTT","AGGAGAGAGTTTATCCAGCC",0,0,"chr4:g.36212016G>C",38995,"PH","predicted passenger",null,"FALSE",85,"FALSE",2,"FALSE"]
["G13402","LIMCH1","missense",4,41694384,"G","A","p.C1070Y",0.1935,93,18,"unknown","NA",0,"NA",0,26.4,"het",0,"TCTCCTGAACTGTAATGATT","CTACATGCGATCCAGAAGTA",0,0,"chr4:g.41694384G>A",38996,"LIM","predicted passenger","LoF","FALSE",131,"FALSE",3,"FALSE"]
["G13404","LIMCH1","missense",4,41694384,"G","A","p.C1070Y",0.1531,98,15,"unknown","NA",0,"NA",0,26.4,"het",1e-05,"TCTCCTGAACTGTAATGATT","CTACATGCGATCCAGAAGTA",0,0,"chr4:g.41694384G>A",40777,"LIM","predicted passenger","LoF","FALSE",131,"FALSE",3,"FALSE"]
["G13402","CTNND2","missense",5,11385077,"C","T","p.A293T",0.1416,113,16,"unknown","NA",0,"NA",0,22,"het",0,"CGAGGAGCCGCGCGGCGCGG","GTAGGTGGCGCCCTCGGGGG",0,1,"chr5:g.11385077C>T",39002,null,"predicted passenger",null,"FALSE",142,"FALSE",1,"FALSE"]
["G13404","CTNND2","missense",5,11385077,"C","T","p.A293T",0.1603,131,21,"unknown","NA",0,"NA",0,22,"het",0,"CGAGGAGCCGCGCGGCGCGG","GTAGGTGGCGCCCTCGGGGG",0,1,"chr5:g.11385077C>T",40783,null,"predicted passenger",null,"FALSE",142,"FALSE",1,"FALSE"]
["G13402","MYO10","missense",5,16701413,"C","G","p.E1031Q",0.0792,101,8,"unknown","NA",0,"NA",0,23.6,"het",0.00948,"GTTCATGTATGGGTCCTCCT","TGAAGAGTCATCGCTGGTCC",0,0,"chr5:g.16701413C>G",39003,null,"predicted passenger",null,"FALSE",91,"FALSE",2,"FALSE"]
["G13404","MYO10","missense",5,16701413,"C","G","p.E1031Q",0.0841,107,9,"unknown","NA",0,"NA",0,23.6,"het",0.00657,"GTTCATGTATGGGTCCTCCT","TGAAGAGTCATCGCTGGTCC",0,0,"chr5:g.16701413C>G",40784,null,"predicted passenger",null,"FALSE",91,"FALSE",2,"FALSE"]
["G13402","MYO10","missense",5,16701686,"C","G","p.E940Q",0.1519,270,41,"unknown","NA",0,"NA",0,21.2,"het",0,"ATTGAGGGACTCGAGGAACT","CTGGGCCGCCCTGCACGCTT",0,0,"chr5:g.16701686C>G",39004,null,"predicted passenger",null,"FALSE",246,"FALSE",0,"FALSE"]
["G13404","MYO10","missense",5,16701686,"C","G","p.E940Q",0.1412,262,37,"unknown","NA",0,"NA",0,21.2,"het",0,"ATTGAGGGACTCGAGGAACT","CTGGGCCGCCCTGCACGCTT",0,0,"chr5:g.16701686C>G",40785,null,"predicted passenger",null,"FALSE",246,"FALSE",0,"FALSE"]
["G13401","MYO10","missense",5,16701686,"C","G","p.E940Q",0.0191,262,5,"unknown","NA",0,"NA",0,21.2,"het",0,"ATTGAGGGACTCGAGGAACT","CTGGGCCGCCCTGCACGCTT",0,0,"chr5:g.16701686C>G",39004,null,"predicted passenger",null,"FALSE",246,"FALSE",0,"FALSE"]
["G13402","NNT",".",5,43656176,"G","A",".",0.1273,110,14,"unknown","NA",0,"NA",0,27.9,"het",3.3E-4,"TGCCTATGGAAAATTGCAGG","TAAGTGATTCAGCATAACAT",0,0,"chr5:g.43656176G>A",39006,null,"predicted passenger",null,"FALSE",110,"TRUE",1,"FALSE"]
["G13404","NNT",".",5,43656176,"G","A",".",0.1043,115,12,"unknown","NA",0,"NA",0,27.9,"het",0.0017,"TGCCTATGGAAAATTGCAGG","TAAGTGATTCAGCATAACAT",0,0,"chr5:g.43656176G>A",40787,null,"predicted passenger",null,"FALSE",110,"TRUE",1,"FALSE"]
["G13401","NNT",".",5,43656176,"G","A",".",0.0545,110,6,"unknown","NA",0,"NA",0,27.9,"het",3.3E-4,"TGCCTATGGAAAATTGCAGG","TAAGTGATTCAGCATAACAT",0,0,"chr5:g.43656176G>A",39006,null,"predicted passenger",null,"FALSE",110,"TRUE",1,"FALSE"]
["G13402","TBCA","frameshift",5,77004158,"TTTTC","T","p.E22Kfs*2",0.4569,197,90,"unknown","NA",0,"NA",0,35,"het",0,"CCTCTTTTTCATACATCACT","TTTGACCAACCTATAAAAAA",0,0,"chr5:g.77004159_77004162del",39008,"TBCA","predicted passenger",null,"FALSE",116,"FALSE",0,"FALSE"]
["G13404","TBCA","frameshift",5,77004158,"TTTTC","T","p.E22Kfs*2",0.5538,195,108,"unknown","NA",0,"NA",0,35,"het",0,"CCTCTTTTTCATACATCACT","TTTGACCAACCTATAAAAAA",0,0,"chr5:g.77004159_77004162del",40789,"TBCA","predicted passenger",null,"FALSE",116,"FALSE",0,"FALSE"]
["G13401","TBCA","frameshift",5,77004158,"TTTTC","T","p.E22Kfs*2",0.0844,154,13,"unknown","NA",0,"NA",0,35,"het",0,"CCTCTTTTTCATACATCACT","TTTGACCAACCTATAAAAAA",0,0,"chr5:g.77004159_77004162del",39008,"TBCA","predicted passenger",null,"FALSE",116,"FALSE",0,"FALSE"]
["G13402","LNPEP","missense",5,96328758,"C","T","p.H391Y",0.3377,151,51,"unknown","NA",0,"NA",0,12.88,"het",0,"CAGAAAAGATTGGTCAAGTT","ATTATGCCTTGGAAACAACT",0,0,"chr5:g.96328758C>T",39009,"Peptidase_M1","predicted passenger","ambiguous","FALSE",166,"FALSE",0,"FALSE"]
["G13404","LNPEP","missense",5,96328758,"C","T","p.H391Y",0.2638,163,43,"unknown","NA",0,"NA",0,12.88,"het",0,"CAGAAAAGATTGGTCAAGTT","ATTATGCCTTGGAAACAACT",0,0,"chr5:g.96328758C>T",40790,"Peptidase_M1","predicted passenger","ambiguous","FALSE",166,"FALSE",0,"FALSE"]
["G13401","LNPEP","missense",5,96328758,"C","T","p.H391Y",0.0214,140,3,"unknown","NA",0,"NA",0,12.88,"het",0,"CAGAAAAGATTGGTCAAGTT","ATTATGCCTTGGAAACAACT",0,0,"chr5:g.96328758C>T",39009,"Peptidase_M1","predicted passenger","ambiguous","FALSE",166,"FALSE",0,"FALSE"]
["G13402","KDM3B","missense",5,137727525,"C","T","p.P735L",0.5778,135,78,"unknown","NA",0,"NA",0,16.15,"het",0,"CACCAGCAGCCTCACTCAGC","CATTGAGATGCCAACTCTCT",0,0,"chr5:g.137727525C>T",39014,null,"predicted passenger","LoF","FALSE",143,"FALSE",1,"FALSE"]
["G13404","KDM3B","missense",5,137727525,"C","T","p.P735L",0.6466,133,86,"unknown","NA",0,"NA",0,16.15,"het",0,"CACCAGCAGCCTCACTCAGC","CATTGAGATGCCAACTCTCT",0,0,"chr5:g.137727525C>T",40794,null,"predicted passenger","LoF","FALSE",143,"FALSE",1,"FALSE"]
["G13401","KDM3B","missense",5,137727525,"C","T","p.P735L",0.0991,111,11,"unknown","NA",0,"NA",0,16.15,"het",0,"CACCAGCAGCCTCACTCAGC","CATTGAGATGCCAACTCTCT",0,0,"chr5:g.137727525C>T",39014,null,"predicted passenger","LoF","FALSE",143,"FALSE",1,"FALSE"]
["G13402","STK10","missense",5,171554400,"C","G","p.G116A",0.4483,116,52,"unknown","NA",0,"NA",0,24.7,"het",0,"GCATGATGGCGTCCACGGCT","CCCCTGGACAGAACTCAATC",0,0,"chr5:g.171554400C>G",39015,"Pkinase","predicted passenger",null,"FALSE",110,"TRUE",2,"FALSE"]
["G13404","STK10","missense",5,171554400,"C","G","p.G116A",0.2828,145,41,"unknown","NA",0,"NA",0,24.7,"het",0,"GCATGATGGCGTCCACGGCT","CCCCTGGACAGAACTCAATC",0,0,"chr5:g.171554400C>G",40797,"Pkinase","predicted passenger",null,"FALSE",110,"TRUE",2,"FALSE"]
["G13402","TRIM7","missense",5,180631770,"C","T","p.G114E",0.3826,115,44,"unknown","NA",0,"NA",0,11.12,"het",0,"CCGCCTGAGACCCGTGCTCT","CCGGGGCAGCCGCGGGCAGG",0,0,"chr5:g.180631770C>T",39016,null,"predicted passenger",null,"FALSE",95,"FALSE",0,"FALSE"]
["G13404","TRIM7","missense",5,180631770,"C","T","p.G114E",0.2989,87,26,"unknown","NA",0,"NA",0,11.12,"het",0,"CCGCCTGAGACCCGTGCTCT","CCGGGGCAGCCGCGGGCAGG",0,0,"chr5:g.180631770C>T",40798,null,"predicted passenger",null,"FALSE",95,"FALSE",0,"FALSE"]
["G13401","TRIM7","missense",5,180631770,"C","T","p.G114E",0.0566,106,6,"unknown","NA",0,"NA",0,11.12,"het",0,"CCGCCTGAGACCCGTGCTCT","CCGGGGCAGCCGCGGGCAGG",0,0,"chr5:g.180631770C>T",39016,null,"predicted passenger",null,"FALSE",95,"FALSE",0,"FALSE"]
["G13402","PHF3","missense",6,64423203,"C","A","p.Q1907K",0.0606,66,4,"unknown","NA",0,"NA",0,23.7,"het",0.00833,"CTTGGGGTAGGCAAGACCAA","AGCAACTGGATAGGCCATTT",0,0,"chr6:g.64423203C>A",39018,null,"predicted passenger",null,"FALSE",150,"FALSE",0,"FALSE"]
["G13402","SYNCRIP","missense",6,86325003,"C","T","p.R448H",0.4821,56,27,"unknown","NA",0,"NA",0,22,"het",0,"CATAACCACCTCTACCTCCA","GCCCTCGACCTCTTGTTGGA",0,0,"chr6:g.86325003C>T",39020,null,"predicted passenger","ambiguous","FALSE",86,"FALSE",0,"FALSE"]
["G13404","SYNCRIP","missense",6,86325003,"C","T","p.R448H",0.4828,58,28,"unknown","NA",0,"NA",0,22,"het",0,"CATAACCACCTCTACCTCCA","GCCCTCGACCTCTTGTTGGA",0,0,"chr6:g.86325003C>T",40805,null,"predicted passenger","ambiguous","FALSE",86,"FALSE",0,"FALSE"]
["G13402","DNAAF5","missense",7,766685,"C","A","p.P110T",0.1538,13,2,"unknown","NA",0,"NA",0,24.1,"het",0.20635,"GCCTGCGCCGCGCCGCGCGG","CCCGCGATGCCCTGCCGCGC",0,0,"chr7:g.766685C>A",39025,null,"predicted passenger",null,"FALSE",16,"FALSE",2,"FALSE"]
["G13402","FAM200A","missense",7,99145586,"C","G","p.D149H",0.15,280,42,"unknown","NA",0,"NA",0,25.4,"het",0,"TGTGGGACAACTTGCAATAT","AGTGCTCTCATCGAGTTGGA",0,0,"chr7:g.99145586C>G",39030,"DUF4371","predicted passenger",null,"FALSE",193,"FALSE",2,"FALSE"]
["G13404","FAM200A","missense",7,99145586,"C","G","p.D149H",0.0915,295,27,"unknown","NA",0,"NA",0,25.4,"het",2e-05,"TGTGGGACAACTTGCAATAT","AGTGCTCTCATCGAGTTGGA",0,0,"chr7:g.99145586C>G",40809,"DUF4371","predicted passenger",null,"FALSE",193,"FALSE",2,"FALSE"]
["G13401","FAM200A","missense",7,99145586,"C","G","p.D149H",0.0149,202,3,"unknown","NA",0,"NA",0,25.4,"het",0,"TGTGGGACAACTTGCAATAT","AGTGCTCTCATCGAGTTGGA",0,0,"chr7:g.99145586C>G",39030,"DUF4371","predicted passenger",null,"FALSE",193,"FALSE",2,"FALSE"]
["G13402","ATXN7L1","missense",7,105279986,"C","G","p.G298A",0.3158,95,30,"unknown","NA",0,"NA",0,26.2,"het",0,"TTGTCTCGGGATCCAATACT","CACAGTGTTTATTTGGGTCA",0,0,"chr7:g.105279986C>G",39032,"SCA7","predicted passenger",null,"FALSE",137,"FALSE",3,"FALSE"]
["G13404","ATXN7L1","missense",7,105279986,"C","G","p.G298A",0.4884,86,42,"unknown","NA",0,"NA",0,26.2,"het",0,"TTGTCTCGGGATCCAATACT","CACAGTGTTTATTTGGGTCA",0,0,"chr7:g.105279986C>G",40811,"SCA7","predicted passenger",null,"FALSE",137,"FALSE",3,"FALSE"]
["G13401","ATXN7L1","missense",7,105279986,"C","G","p.G298A",0.0484,124,6,"unknown","NA",0,"NA",0,26.2,"het",0,"TTGTCTCGGGATCCAATACT","CACAGTGTTTATTTGGGTCA",0,0,"chr7:g.105279986C>G",39032,"SCA7","predicted passenger",null,"FALSE",137,"FALSE",3,"FALSE"]
["G13402","VPS13B","missense",8,100286549,"C","T","p.A880V",0.3288,295,97,"unknown","NA",0,"NA",0,23.2,"het",0,"GGGATCAATAAAAATTTGTG","CAAAGCCCCAGGTATGTGCA",0,0,"chr8:g.100286549C>T",39037,null,"predicted passenger",null,"FALSE",330,"FALSE",1,"FALSE"]
["G13404","VPS13B","missense",8,100286549,"C","T","p.A880V",0.1848,276,51,"unknown","NA",0,"NA",0,23.2,"het",0,"GGGATCAATAAAAATTTGTG","CAAAGCCCCAGGTATGTGCA",0,0,"chr8:g.100286549C>T",40815,null,"predicted passenger",null,"FALSE",330,"FALSE",1,"FALSE"]
["G13401","VPS13B","missense",8,100286549,"C","T","p.A880V",0.0455,242,11,"unknown","NA",0,"NA",0,23.2,"het",0,"GGGATCAATAAAAATTTGTG","CAAAGCCCCAGGTATGTGCA",0,0,"chr8:g.100286549C>T",39037,null,"predicted passenger",null,"FALSE",330,"FALSE",1,"FALSE"]
["G13402","KCNQ3","missense",8,133492734,"C","T","p.G16S",0.2593,27,7,"unknown","NA",0,"NA",0,25.1,"het",0.03696,"GCCTCCGCCGCCCCCGTCGC","GCCGCCGCCAGCCGCCCCCG",0,0,"chr8:g.133492734C>T",39038,null,"predicted passenger",null,"FALSE",27,"FALSE",0,"FALSE"]
["G13404","KCNQ3","missense",8,133492734,"C","T","p.G16S",0.4167,12,5,"unknown","NA",0,"NA",0,25.1,"het",0.01023,"GCCTCCGCCGCCCCCGTCGC","GCCGCCGCCAGCCGCCCCCG",0,0,"chr8:g.133492734C>T",40816,null,"predicted passenger",null,"FALSE",27,"FALSE",0,"FALSE"]
["G13402","SMARCA2","missense",9,2110415,"C","G","p.Q1152E",0.1,50,5,"unknown","NA",0,"NA",0,23.6,"het",0.01814,"ACAGCGACTGGAATCCTCAT","AGGTCTGCATGTCCCACTCA",0,0,"chr9:g.2110415C>G",39039,"Helicase_C","predicted passenger","LoF","FALSE",59,"FALSE",3,"FALSE"]
["G13402","RECK","missense",9,36120706,"C","A","p.D837E",0.0714,112,8,"unknown","NA",0,"NA",0,23.3,"het",0.00078,"ATGTTAAGAGTTTTATTTGA","AAAGAAAAACTGGATACTAT",0,0,"chr9:g.36120706C>A",39041,null,"predicted passenger","LoF","FALSE",178,"FALSE",0,"FALSE"]
["G13401","RECK","missense",9,36120706,"C","A","p.D837E",0.0136986301369863,148,2,"unknown","NA",0,"NA",0,23.3,"het",0.00078,"ATGTTAAGAGTTTTATTTGA","AAAGAAAAACTGGATACTAT",0,0,"chr9:g.36120706C>A",39041,null,"predicted passenger","LoF","FALSE",178,"FALSE",0,"FALSE"]
["G13402","DLG5","missense",10,79581180,"G","A","p.S1021F",0.1871,139,26,"unknown","NA",0,"NA",0,27.8,"het",0,"GCCTGTGCTGGAACTTAATG","AGTCGCTCCTTCTGGGAGGT",0,0,"chr10:g.79581180G>A",39050,null,"predicted passenger",null,"FALSE",148,"FALSE",3,"FALSE"]
["G13404","DLG5","missense",10,79581180,"G","A","p.S1021F",0.1885,122,23,"unknown","NA",0,"NA",0,27.8,"het",0,"GCCTGTGCTGGAACTTAATG","AGTCGCTCCTTCTGGGAGGT",0,0,"chr10:g.79581180G>A",40829,null,"predicted passenger",null,"FALSE",148,"FALSE",3,"FALSE"]
["G13401","DLG5","missense",10,79581180,"G","A","p.S1021F",0.0355,141,5,"unknown","NA",0,"NA",0,27.8,"het",0,"GCCTGTGCTGGAACTTAATG","AGTCGCTCCTTCTGGGAGGT",0,0,"chr10:g.79581180G>A",39050,null,"predicted passenger",null,"FALSE",148,"FALSE",3,"FALSE"]
["G13402","TRIM21","missense",11,4406576,"T","A","p.N456I",0.5,86,43,"unknown","NA",0,"NA",0,23.1,"het",0,"AGAGGGTTAGAGGGGCTGTG","TTTTTCCTCCATCATTGAAA",0,0,"chr11:g.4406576T>A",39056,null,"predicted passenger",null,"FALSE",118,"FALSE",1,"FALSE"]
["G13404","TRIM21","missense",11,4406576,"T","A","p.N456I",0.5244,82,43,"unknown","NA",0,"NA",0,23.1,"het",0,"AGAGGGTTAGAGGGGCTGTG","TTTTTCCTCCATCATTGAAA",0,0,"chr11:g.4406576T>A",40838,null,"predicted passenger",null,"FALSE",118,"FALSE",1,"FALSE"]
["G13401","TRIM21","missense",11,4406576,"T","A","p.N456I",0.0787,89,7,"unknown","NA",0,"NA",0,23.1,"het",0,"AGAGGGTTAGAGGGGCTGTG","TTTTTCCTCCATCATTGAAA",0,0,"chr11:g.4406576T>A",39056,null,"predicted passenger",null,"FALSE",118,"FALSE",1,"FALSE"]
["G13402","OR52E2","missense",11,5080769,"C","T","p.G30D",0.2344,64,15,"unknown","NA",0,"NA",0,24.3,"het",0,"ACACAGCACAGAAGGGAAAG","CGATCCAGATGTGAAGTGTT",0,0,"chr11:g.5080769C>T",39057,null,"predicted passenger",null,"FALSE",100,"FALSE",0,"FALSE"]
["G13404","OR52E2","missense",11,5080769,"C","T","p.G30D",0.1607,56,9,"unknown","NA",0,"NA",0,24.3,"het",0.00014,"ACACAGCACAGAAGGGAAAG","CGATCCAGATGTGAAGTGTT",0,0,"chr11:g.5080769C>T",40839,null,"predicted passenger",null,"FALSE",100,"FALSE",0,"FALSE"]
["G13402","ST5","missense",11,8751513,"G","A","p.R442C",0.2778,36,10,"unknown","NA",0,"NA",0,29.6,"het",3e-05,"TTACCTGCTCTGGGACTTGC","GTGACCACGCATGTCCTTCT",0,0,"chr11:g.8751513G>A",39058,null,"predicted passenger","LoF","FALSE",58,"FALSE",1,"FALSE"]
["G13404","ST5","missense",11,8751513,"G","A","p.R442C",0.2857,49,14,"unknown","NA",0,"NA",0,29.6,"het",1e-05,"TTACCTGCTCTGGGACTTGC","GTGACCACGCATGTCCTTCT",0,0,"chr11:g.8751513G>A",40840,null,"predicted passenger","LoF","FALSE",58,"FALSE",1,"FALSE"]
["G13402","GUCY1A2","missense",11,106888628,"C","T","p.A52T",0.4762,21,10,"unknown","NA",0,"NA",0,6.565,"het",0.00013,"GGCGGCGGCAGCGGCAGCTG","GGCCGGGCTGGGCTCCAGCG",0,0,"chr11:g.106888628C>T",39061,null,"predicted passenger",null,"FALSE",33,"FALSE",0,"FALSE"]
["G13404","GUCY1A2","missense",11,106888628,"C","T","p.A52T",0.2381,21,5,"unknown","NA",0,"NA",0,6.565,"het",0.0281,"GGCGGCGGCAGCGGCAGCTG","GGCCGGGCTGGGCTCCAGCG",0,0,"chr11:g.106888628C>T",40842,null,"predicted passenger",null,"FALSE",33,"FALSE",0,"FALSE"]
["G13401","GUCY1A2","missense",11,106888628,"C","T","p.A52T",0.0833,24,2,"unknown","NA",0,"NA",0,6.565,"het",0.00013,"GGCGGCGGCAGCGGCAGCTG","GGCCGGGCTGGGCTCCAGCG",0,0,"chr11:g.106888628C>T",39061,null,"predicted passenger",null,"FALSE",33,"FALSE",0,"FALSE"]
["G13402","SIDT2","missense",11,117063046,"C","T","p.T650M",0.5783,83,48,"unknown","NA",0,"NA",0,26.2,"het",0,"CGCCACCCTGCTCCTCAGCA","GCAGCTCTATTACATGGGCC",0,0,"chr11:g.117063046C>T",39062,"SID-1_RNA_chan","predicted passenger",null,"FALSE",134,"FALSE",1,"FALSE"]
["G13404","SIDT2","missense",11,117063046,"C","T","p.T650M",0.5625,80,45,"unknown","NA",0,"NA",0,26.2,"het",0,"CGCCACCCTGCTCCTCAGCA","GCAGCTCTATTACATGGGCC",0,0,"chr11:g.117063046C>T",40844,"SID-1_RNA_chan","predicted passenger",null,"FALSE",134,"FALSE",1,"FALSE"]
["G13401","SIDT2","missense",11,117063046,"C","T","p.T650M",0.0349,86,3,"unknown","NA",0,"NA",0,26.2,"het",0,"CGCCACCCTGCTCCTCAGCA","GCAGCTCTATTACATGGGCC",0,0,"chr11:g.117063046C>T",39062,"SID-1_RNA_chan","predicted passenger",null,"FALSE",134,"FALSE",1,"FALSE"]
["G13402","SCAF11","missense",12,46322234,"G","C","p.P417R",0.4876,201,98,"unknown","NA",0,"NA",0,24.1,"het",0,"GGTGCTCTTTTTCTAACACA","GTGATGTGTCAGATTCTGCT",0,0,"chr12:g.46322234G>C",39065,null,"predicted passenger",null,"FALSE",181,"FALSE",0,"FALSE"]
["G13404","SCAF11","missense",12,46322234,"G","C","p.P417R",0.4103,156,64,"unknown","NA",0,"NA",0,24.1,"het",0,"GGTGCTCTTTTTCTAACACA","GTGATGTGTCAGATTCTGCT",0,0,"chr12:g.46322234G>C",40848,null,"predicted passenger",null,"FALSE",181,"FALSE",0,"FALSE"]
["G13401","SCAF11","missense",12,46322234,"G","C","p.P417R",0.0864,162,14,"unknown","NA",0,"NA",0,24.1,"het",0,"GGTGCTCTTTTTCTAACACA","GTGATGTGTCAGATTCTGCT",0,0,"chr12:g.46322234G>C",39065,null,"predicted passenger",null,"FALSE",181,"FALSE",0,"FALSE"]
["G13402","KRT85","missense",12,52757857,"C","T","p.E261K",0.1963,219,43,"unknown","NA",0,"NA",0,26.2,"het",0,"CAGTTGCCCCCTTACCTCTT","ATAGAGGCGCCTCAGGAAGC",0,0,"chr12:g.52757857C>T",39066,"Filament","predicted passenger",null,"FALSE",266,"FALSE",0,"FALSE"]
["G13404","KRT85","missense",12,52757857,"C","T","p.E261K",0.1697,218,37,"unknown","NA",0,"NA",0,26.2,"het",0,"CAGTTGCCCCCTTACCTCTT","ATAGAGGCGCCTCAGGAAGC",0,0,"chr12:g.52757857C>T",40849,"Filament","predicted passenger",null,"FALSE",266,"FALSE",0,"FALSE"]
["G13401","KRT85","missense",12,52757857,"C","T","p.E261K",0.011,181,2,"unknown","NA",0,"NA",0,26.2,"het",0,"CAGTTGCCCCCTTACCTCTT","ATAGAGGCGCCTCAGGAAGC",0,0,"chr12:g.52757857C>T",39066,"Filament","predicted passenger",null,"FALSE",266,"FALSE",0,"FALSE"]
["G13402","TMBIM4","nonsense",12,66531931,"C","A","p.E176*",0.0761,92,7,"unknown","NA",0,"NA",0,36,"het",0.00668,"TAAGACCAACTCCATTATCT","ACTATAAAAAAAAAACTATA",0,0,"chr12:g.66531931C>A",39069,"Bax1-I","predicted passenger",null,"FALSE",101,"TRUE",1,"FALSE"]
["G13401","TMBIM4","nonsense",12,66531931,"C","A","p.E176*",0.0526315789473684,85,4,"unknown","NA",0,"NA",0,36,"het",0.00668,"TAAGACCAACTCCATTATCT","ACTATAAAAAAAAAACTATA",0,0,"chr12:g.66531931C>A",39069,"Bax1-I","predicted passenger",null,"FALSE",101,"TRUE",1,"FALSE"]
["G13402","SLC8B1","missense",12,113753180,"G","C","p.I365M",0.25,88,22,"unknown","NA",0,"NA",0,23.1,"het",0,"AGGACCACAACCAGGGGGCT","ATAACCAGATGCAGACAGTT",0,0,"chr12:g.113753180G>C",39071,null,"predicted passenger",null,"FALSE",101,"FALSE",0,"FALSE"]
["G13404","SLC8B1","missense",12,113753180,"G","C","p.I365M",0.1233,73,9,"unknown","NA",0,"NA",0,23.1,"het",0.00072,"AGGACCACAACCAGGGGGCT","ATAACCAGATGCAGACAGTT",0,0,"chr12:g.113753180G>C",40855,null,"predicted passenger",null,"FALSE",101,"FALSE",0,"FALSE"]
["G13402","SRRM4","missense",12,119594329,"G","A","p.R521Q",0.2797,143,40,"unknown","NA",0,"NA",0,28.9,"het",0,"ACGCCCCATCCCCTACTATC","GCCCAGCCCCTCCTCATCCG",0,0,"chr12:g.119594329G>A",39072,"SRRM_C","predicted passenger",null,"FALSE",129,"FALSE",2,"FALSE"]
["G13404","SRRM4","missense",12,119594329,"G","A","p.R521Q",0.25,96,24,"unknown","NA",0,"NA",0,28.9,"het",0,"ACGCCCCATCCCCTACTATC","GCCCAGCCCCTCCTCATCCG",0,0,"chr12:g.119594329G>A",40856,"SRRM_C","predicted passenger",null,"FALSE",129,"FALSE",2,"FALSE"]
["G13401","SRRM4","missense",12,119594329,"G","A","p.R521Q",0.0561,107,6,"unknown","NA",0,"NA",0,28.9,"het",0,"ACGCCCCATCCCCTACTATC","GCCCAGCCCCTCCTCATCCG",0,0,"chr12:g.119594329G>A",39072,"SRRM_C","predicted passenger",null,"FALSE",129,"FALSE",2,"FALSE"]
["G13402","LRRC43","missense",12,122672290,"C","G","p.L189V",0.246,126,31,"unknown","NA",0,"NA",0,26.3,"het",0,"AGATCAGCAGCATGGAGTGT","TGTGTGCCCACCCACCCGCC",0,0,"chr12:g.122672290C>G",39073,null,"predicted passenger",null,"FALSE",151,"FALSE",2,"FALSE"]
["G13404","LRRC43","missense",12,122672290,"C","G","p.L189V",0.2667,135,36,"unknown","NA",0,"NA",0,26.3,"het",0,"AGATCAGCAGCATGGAGTGT","TGTGTGCCCACCCACCCGCC",0,0,"chr12:g.122672290C>G",40857,null,"predicted passenger",null,"FALSE",151,"FALSE",2,"FALSE"]
["G13401","LRRC43","missense",12,122672290,"C","G","p.L189V",0.0146,137,2,"unknown","NA",0,"NA",0,26.3,"het",0,"AGATCAGCAGCATGGAGTGT","TGTGTGCCCACCCACCCGCC",0,0,"chr12:g.122672290C>G",39073,null,"predicted passenger",null,"FALSE",151,"FALSE",2,"FALSE"]
["G13402","TDRD3","missense",13,61034670,"A","C","p.I117L",0.322,59,19,"unknown","NA",0,"NA",0,16.93,"het",0,"AATTTAGTTATATGTCAAAA","TAAGGTGATTGGCACTTTAT",0,0,"chr13:g.61034670A>C",39076,null,"predicted passenger",null,"FALSE",53,"FALSE",1,"FALSE"]
["G13404","TDRD3","missense",13,61034670,"A","C","p.I117L",0.3793,87,33,"unknown","NA",0,"NA",0,16.93,"het",0,"AATTTAGTTATATGTCAAAA","TAAGGTGATTGGCACTTTAT",0,0,"chr13:g.61034670A>C",40861,null,"predicted passenger",null,"FALSE",53,"FALSE",1,"FALSE"]
["G13401","TDRD3","missense",13,61034670,"A","C","p.I117L",0.0345,58,2,"unknown","NA",0,"NA",0,16.93,"het",0,"AATTTAGTTATATGTCAAAA","TAAGGTGATTGGCACTTTAT",0,0,"chr13:g.61034670A>C",39076,null,"predicted passenger",null,"FALSE",53,"FALSE",1,"FALSE"]
["G13402","PCDH20","missense",13,61989195,"G","A","p.R33C",0.3158,57,18,"unknown","NA",0,"NA",0,22.8,"het",0,"GCTGGTGCTGCTCCTGGGAC","ATGTAGACGCCCCATATCCA",0,0,"chr13:g.61989195G>A",39077,null,"predicted passenger",null,"FALSE",89,"FALSE",0,"FALSE"]
["G13404","PCDH20","missense",13,61989195,"G","A","p.R33C",0.3519,54,19,"unknown","NA",0,"NA",0,22.8,"het",0,"GCTGGTGCTGCTCCTGGGAC","ATGTAGACGCCCCATATCCA",0,0,"chr13:g.61989195G>A",40862,null,"predicted passenger",null,"FALSE",89,"FALSE",0,"FALSE"]
["G13401","PCDH20","missense",13,61989195,"G","A","p.R33C",0.0536,56,3,"unknown","NA",0,"NA",0,22.8,"het",0,"GCTGGTGCTGCTCCTGGGAC","ATGTAGACGCCCCATATCCA",0,0,"chr13:g.61989195G>A",39077,null,"predicted passenger",null,"FALSE",89,"FALSE",0,"FALSE"]
["G13402","MYCBP2","missense",13,77755878,"A","C","p.H1633Q",0.2097,124,26,"unknown","NA",0,"NA",0,23.3,"het",0,"GCCACCAAAAGGGGAAAACG","TGAACTAGTGTTGAGTCGTT",0,0,"chr13:g.77755878A>C",39078,null,"predicted passenger",null,"FALSE",119,"FALSE",0,"FALSE"]
["G13404","MYCBP2","missense",13,77755878,"A","C","p.H1633Q",0.1752,137,24,"unknown","NA",0,"NA",0,23.3,"het",0,"GCCACCAAAAGGGGAAAACG","TGAACTAGTGTTGAGTCGTT",0,0,"chr13:g.77755878A>C",40863,null,"predicted passenger",null,"FALSE",119,"FALSE",0,"FALSE"]
["G13402","PCNX4","missense",14,60585079,"C","A","p.F537L",0.0533,75,4,"unknown","NA",0,"NA",0,13.81,"het",0.02874,"CGTGATCGTTTGATTCAGTT","ATCTCTAAATTGCAGTTTGC",0,0,"chr14:g.60585079C>A",39080,null,"predicted passenger",null,"FALSE",106,"FALSE",0,"FALSE"]
["G13402","ELMSAN1","missense",14,74203744,"C","T","p.R569H",0.2364,55,13,"unknown","NA",0,"NA",0,35,"het",1E-4,"GGATTCGGGTGGACCGCCTG","GGGTGACGATGACTGATGGC",0,0,"chr14:g.74203744C>T",39083,null,"predicted passenger",null,"FALSE",50,"FALSE",3,"FALSE"]
["G13404","ELMSAN1","missense",14,74203744,"C","T","p.R569H",0.2203,59,13,"unknown","NA",0,"NA",0,35,"het",0.00017,"GGATTCGGGTGGACCGCCTG","GGGTGACGATGACTGATGGC",0,0,"chr14:g.74203744C>T",40868,null,"predicted passenger",null,"FALSE",50,"FALSE",3,"FALSE"]
["G13401","ELMSAN1","missense",14,74203744,"C","T","p.R569H",0.0545,55,3,"unknown","NA",0,"NA",0,35,"het",1E-4,"GGATTCGGGTGGACCGCCTG","GGGTGACGATGACTGATGGC",0,0,"chr14:g.74203744C>T",39083,null,"predicted passenger",null,"FALSE",50,"FALSE",3,"FALSE"]
["G13402","ANGEL1","missense",14,77273115,"G","A","p.R342C",0.3134,67,21,"unknown","NA",0,"NA",0,31,"het",0,"AGGGCTAGCACAGAGCAGGC","GAATCTGGTAGGCTTGTAGC",0,0,"chr14:g.77273115G>A",39085,"Exo_endo_phos","predicted passenger",null,"FALSE",100,"FALSE",0,"FALSE"]
["G13404","ANGEL1","missense",14,77273115,"G","A","p.R342C",0.2759,58,16,"unknown","NA",0,"NA",0,31,"het",0,"AGGGCTAGCACAGAGCAGGC","GAATCTGGTAGGCTTGTAGC",0,0,"chr14:g.77273115G>A",40869,"Exo_endo_phos","predicted passenger",null,"FALSE",100,"FALSE",0,"FALSE"]
["G13402","SPATA7","missense",14,88892994,"G","A","p.R264K",0.0702,171,12,"unknown","NA",0,"NA",0,29.4,"het",0.03688,"CTATTATACACCTGCCAAAA","AAAAAAGGATTTTACAGATC",0,0,"chr14:g.88892994G>A",39086,"HSD3","predicted passenger",null,"FALSE",174,"FALSE",1,"FALSE"]
["G13401","SPATA7","missense",14,88892994,"G","A","p.R264K",0.050314465408805,168,8,"unknown","NA",0,"NA",0,29.4,"het",0.03688,"CTATTATACACCTGCCAAAA","AAAAAAGGATTTTACAGATC",0,0,"chr14:g.88892994G>A",39086,"HSD3","predicted passenger",null,"FALSE",174,"FALSE",1,"FALSE"]
["G13402","LPCAT4","frameshift",15,34659253,"C","CG","p.G17Rfs*12",0.1311,61,8,"unknown","NA",0,"NA",0,22.1,"het",0.00286,"GTTGGGGGATGCTGGGGGTC","GGGGGTGGGATCTAGGGGGG",0,0,"chr15:g.34659253_34659254insG",39088,null,"predicted passenger",null,"FALSE",69,"TRUE",0,"FALSE"]
["G13401","LPCAT4","frameshift",15,34659253,"C","CG","p.G17Rfs*12",0.0175438596491228,58,1,"unknown","NA",0,"NA",0,22.1,"het",0.0199,"GTTGGGGGATGCTGGGGGTC","GGGGGTGGGATCTAGGGGGG",0,0,"chr15:g.34659253_34659254insG",30739,null,"predicted passenger",null,"FALSE",69,"TRUE",0,"FALSE"]
["G13402","BAHD1","missense",15,40750733,"C","A","p.Q24K",0.1111,36,4,"unknown","NA",0,"NA",0,22,"het",0.04591,"CTGGCCGCCGAGAGCCCCTG","AGATGGAAGACAGCAACATG",0,0,"chr15:g.40750733C>A",39089,null,"predicted passenger",null,"FALSE",45,"FALSE",0,"FALSE"]
["G13402","GOLGA6B","missense",15,72955020,"G","C","p.K425N",0.1053,19,2,"unknown","NA",0,"NA",0,14.4,"het",0.11515,"AAGGAGGAGAGGCTACAAAA","CAGGAGGAGAGGCTCGCGCT",0,0,"chr15:g.72955020G>C",39093,null,"predicted passenger",null,"FALSE",36,"FALSE",0,"FALSE"]
["G13401","GOLGA6B","missense",15,72955020,"G","C","p.K425N",0.0741,27,2,"unknown","NA",0,"NA",0,14.4,"het",0.11515,"AAGGAGGAGAGGCTACAAAA","CAGGAGGAGAGGCTCGCGCT",0,0,"chr15:g.72955020G>C",39093,null,"predicted passenger",null,"FALSE",36,"FALSE",0,"FALSE"]
["G13402","ADAMTS7","missense",15,79057024,"G","A","p.A1431V",0.1111,18,2,"unknown","NA",0,"NA",0,15.56,"het",0.07834,"AGCGCACCGGCCTCCAGACC","CACCCAGGCCACAGGTGGTA",0,0,"chr15:g.79057024G>A",39094,"TSP_1","predicted passenger",null,"FALSE",45,"FALSE",0,"FALSE"]
["G13402","ADAMTS17","missense",15,100871113,"C","A","p.Q199H",0.0714,56,4,"unknown","NA",0,"NA",0,5.862,"het",0.03182,"CCTGTTAGAACCTTGCAGAG","TGCTCAGGTCTCTGGGCCTC",0,0,"chr15:g.100871113C>A",39097,null,"predicted passenger",null,"FALSE",126,"FALSE",0,"FALSE"]
["G13402","TBL3","missense",16,2024666,"C","A","p.T122N",0.0732,41,3,"unknown","NA",0,"NA",0,24.9,"het",0.04553,"GGCCTTCGACCCCACCTCCA","TCTGCTAGCCACAGGTAGGG",0,0,"chr16:g.2024666C>A",39098,"WD40","predicted passenger",null,"FALSE",76,"FALSE",2,"FALSE"]
["G13402","ABAT","missense",16,8870315,"A","G","p.K413E",0.5064,235,119,"unknown","NA",0,"NA",0,16.24,"het",0,"ATAATGCAGCCCATGCCGGG","AGGCCCTGCTCACAGGACTG",0,0,"chr16:g.8870315A>G",39099,"Aminotran_3","predicted passenger",null,"FALSE",299,"FALSE",0,"FALSE"]
["G13404","ABAT","missense",16,8870315,"A","G","p.K413E",0.5498,231,127,"unknown","NA",0,"NA",0,16.24,"het",0,"ATAATGCAGCCCATGCCGGG","AGGCCCTGCTCACAGGACTG",0,0,"chr16:g.8870315A>G",40872,"Aminotran_3","predicted passenger",null,"FALSE",299,"FALSE",0,"FALSE"]
["G13401","ABAT","missense",16,8870315,"A","G","p.K413E",0.0891,258,23,"unknown","NA",0,"NA",0,16.24,"het",0,"ATAATGCAGCCCATGCCGGG","AGGCCCTGCTCACAGGACTG",0,0,"chr16:g.8870315A>G",39099,"Aminotran_3","predicted passenger",null,"FALSE",299,"FALSE",0,"FALSE"]
["G13402","NPIPB15","missense",16,74425688,"C","G","p.Q348E",0.0776,876,68,"unknown","NA",0,"NA",0,10.4,"het",0,"AGACTCCTCCCTTAGCTACT","AGGAGGCCGAGGCGGAAAAA",0,0,"chr16:g.74425688C>G",39102,null,"predicted passenger",null,"FALSE",832,"FALSE",0,"FALSE"]
["G13404","NPIPB15","missense",16,74425688,"C","G","p.Q348E",0.0989,910,90,"unknown","NA",0,"NA",0,10.4,"het",0,"AGACTCCTCCCTTAGCTACT","AGGAGGCCGAGGCGGAAAAA",0,0,"chr16:g.74425688C>G",40876,null,"predicted passenger",null,"FALSE",832,"FALSE",0,"FALSE"]
["G13401","NPIPB15","missense",16,74425688,"C","G","p.Q348E",3.57142857142857E-3,845,3,"unknown","NA",0,"NA",0,10.4,"het",0,"AGACTCCTCCCTTAGCTACT","AGGAGGCCGAGGCGGAAAAA",0,0,"chr16:g.74425688C>G",39102,null,"predicted passenger",null,"FALSE",832,"FALSE",0,"FALSE"]
["G13402","NOS2","missense",17,26096006,"G","T","p.F677L",0.3684,38,14,"unknown","NA",0,"NA",0,31,"het",0.0002,"TCTGGCTGGGAACTGACCTT","AAGGTTTGCACGGCCCAGCT",0,0,"chr17:g.26096006G>T",39103,null,"predicted passenger",null,"FALSE",26,"FALSE",1,"FALSE"]
["G13404","NOS2","missense",17,26096006,"G","T","p.F677L",0.2333,30,7,"unknown","NA",0,"NA",0,31,"het",0.00878,"TCTGGCTGGGAACTGACCTT","AAGGTTTGCACGGCCCAGCT",0,0,"chr17:g.26096006G>T",40881,null,"predicted passenger",null,"FALSE",26,"FALSE",1,"FALSE"]
["G13402","KRTAP4-8","missense",17,39254191,"C","T","p.C49Y",0.3925,186,73,"unknown","NA",0,"NA",0,20.8,"het",0,"GGCAGCACTGGGGTCTGCAG","AGCAGGACACACTGTAGCTG",0,0,"chr17:g.39254191C>T",39105,"Keratin_B2_2","predicted passenger",null,"FALSE",206,"FALSE",0,"FALSE"]
["G13404","KRTAP4-8","missense",17,39254191,"C","T","p.C49Y",0.4731,167,79,"unknown","NA",0,"NA",0,20.8,"het",0,"GGCAGCACTGGGGTCTGCAG","AGCAGGACACACTGTAGCTG",0,0,"chr17:g.39254191C>T",40883,"Keratin_B2_2","predicted passenger",null,"FALSE",206,"FALSE",0,"FALSE"]
["G13401","KRTAP4-8","missense",17,39254191,"C","T","p.C49Y",0.0852272727272727,191,15,"unknown","NA",0,"NA",0,20.8,"het",0,"GGCAGCACTGGGGTCTGCAG","AGCAGGACACACTGTAGCTG",0,0,"chr17:g.39254191C>T",39105,"Keratin_B2_2","predicted passenger",null,"FALSE",206,"FALSE",0,"FALSE"]
["G13402","BECN1","missense",17,40972799,"G","A","p.S64L",0.1591,132,21,"unknown","NA",0,"NA",0,21.4,"het",0,"GCACTTCTATTACCTCTCCT","AGTTAGTCTCTTCCTCCTGG",0,0,"chr17:g.40972799G>A",39107,null,"predicted passenger","LoF","FALSE",123,"FALSE",0,"FALSE"]
["G13404","BECN1","missense",17,40972799,"G","A","p.S64L",0.1707,123,21,"unknown","NA",0,"NA",0,21.4,"het",0,"GCACTTCTATTACCTCTCCT","AGTTAGTCTCTTCCTCCTGG",0,0,"chr17:g.40972799G>A",40888,null,"predicted passenger","LoF","FALSE",123,"FALSE",0,"FALSE"]
["G13401","BECN1","missense",17,40972799,"G","A","p.S64L",0.0166666666666667,123,2,"unknown","NA",0,"NA",0,21.4,"het",0,"GCACTTCTATTACCTCTCCT","AGTTAGTCTCTTCCTCCTGG",0,0,"chr17:g.40972799G>A",39107,null,"predicted passenger","LoF","FALSE",123,"FALSE",0,"FALSE"]
["G13402","UNC13D","missense",17,73829052,"G","T","p.F814L",0.2124,226,48,"unknown","NA",0,"NA",0,23.4,"het",0,"GGGGCTGCTACAGACCTGCT","AAGTTCTCCTGCACCAAGTT",0,0,"chr17:g.73829052G>T",39111,"Membr_traf_MHD","predicted passenger",null,"FALSE",187,"FALSE",2,"FALSE"]
["G13404","UNC13D","missense",17,73829052,"G","T","p.F814L",0.1765,238,42,"unknown","NA",0,"NA",0,23.4,"het",0,"GGGGCTGCTACAGACCTGCT","AAGTTCTCCTGCACCAAGTT",0,0,"chr17:g.73829052G>T",40892,"Membr_traf_MHD","predicted passenger",null,"FALSE",187,"FALSE",2,"FALSE"]
["G13401","UNC13D","missense",17,73829052,"G","T","p.F814L",0.0588235294117647,180,10,"unknown","NA",0,"NA",0,23.4,"het",0,"GGGGCTGCTACAGACCTGCT","AAGTTCTCCTGCACCAAGTT",0,0,"chr17:g.73829052G>T",39111,"Membr_traf_MHD","predicted passenger",null,"FALSE",187,"FALSE",2,"FALSE"]
["G13402","CCDC178","nonsense",18,30913153,"A","T","p.Y288*",0.1667,36,6,"unknown","NA",0,"NA",0,26.1,"het",0.05673,"TTTACCTCCATTTTTTTTTT","TAATGGTTCTTCAGATCTTG",0,0,"chr18:g.30913153A>T",39114,null,"predicted passenger",null,"FALSE",52,"TRUE",1,"FALSE"]
["G13401","CCDC178","nonsense",18,30913153,"A","T","p.Y288*",0.0434782608695652,49,2,"unknown","NA",0,"NA",0,26.1,"het",0.05673,"TTTACCTCCATTTTTTTTTT","TAATGGTTCTTCAGATCTTG",0,0,"chr18:g.30913153A>T",39114,null,"predicted passenger",null,"FALSE",52,"TRUE",1,"FALSE"]
["G13402","CBLN2","missense",18,70209393,"C","A",".",0.1111,18,2,"unknown","NA",0,"NA",0,14.02,"het",0.08361,"GGCCCCCGGCCGGGCGCCTG","ATCGGGACTGGTGGGAGGCG",0,0,"chr18:g.70209393C>A",39117,null,"predicted passenger",null,"FALSE",43,"TRUE",1,"FALSE"]
["G13402","ZNF236","missense",18,74649295,"C","T","p.S1591F",0.125,16,2,"unknown","NA",0,"NA",0,33,"het",0.13937,"TGTCACACTCAACATCACCT","TCAGGCAAGTGCTCCTCAGA",0,0,"chr18:g.74649295C>T",39118,null,"predicted passenger",null,"FALSE",26,"FALSE",0,"FALSE"]
["G13402","ZNF846","missense",19,9869049,"A","G","p.F235S",0.2169,83,18,"unknown","NA",0,"NA",0,25.2,"het",0,"TAAGGTGTGAGGAATTACTG","AGGCTTTCCCACATTCCTTA",0,0,"chr19:g.9869049A>G",39119,"zf-H2C2_2","predicted passenger",null,"FALSE",100,"FALSE",0,"FALSE"]
["G13404","ZNF846","missense",19,9869049,"A","G","p.F235S",0.2018,114,23,"unknown","NA",0,"NA",0,25.2,"het",0,"TAAGGTGTGAGGAATTACTG","AGGCTTTCCCACATTCCTTA",0,0,"chr19:g.9869049A>G",40897,"zf-H2C2_2","predicted passenger",null,"FALSE",100,"FALSE",0,"FALSE"]
["G13401","ZNF846","missense",19,9869049,"A","G","p.F235S",0.0748,107,8,"unknown","NA",0,"NA",0,25.2,"het",0,"TAAGGTGTGAGGAATTACTG","AGGCTTTCCCACATTCCTTA",0,0,"chr19:g.9869049A>G",39119,"zf-H2C2_2","predicted passenger",null,"FALSE",100,"FALSE",0,"FALSE"]
["G13402","NKPD1","missense",19,45661953,"G","A","p.A166V",0.1765,17,3,"unknown","NA",0,"NA",0,22.6,"het",0.16749,"CAGTGAAGGAGCCACAGGCC","CTGGGGCGGGCAGGGGCCGG",0,0,"chr19:g.45661953G>A",39123,null,"predicted passenger",null,"FALSE",14,"FALSE",0,"FALSE"]
["G13404","NKPD1","missense",19,45661953,"G","A","p.A166V",0.5,14,7,"unknown","NA",0,"NA",0,22.6,"het",0.00386,"CAGTGAAGGAGCCACAGGCC","CTGGGGCGGGCAGGGGCCGG",0,0,"chr19:g.45661953G>A",40900,null,"predicted passenger",null,"FALSE",14,"FALSE",0,"FALSE"]
["G13402","DMPK","missense",19,46281822,"C","G","p.E180D",0.3111,90,28,"unknown","NA",0,"NA",0,11.13,"het",0,"GCCAGGTAGAAGCGCGCCAT","TCGGCCGGAATCCGCTCCCC",0,0,"chr19:g.46281822C>G",39124,"Pkinase","predicted passenger",null,"FALSE",139,"FALSE",0,"FALSE"]
["G13404","DMPK","missense",19,46281822,"C","G","p.E180D",0.3711,97,36,"unknown","NA",0,"NA",0,11.13,"het",0,"GCCAGGTAGAAGCGCGCCAT","TCGGCCGGAATCCGCTCCCC",0,0,"chr19:g.46281822C>G",40902,"Pkinase","predicted passenger",null,"FALSE",139,"FALSE",0,"FALSE"]
["G13401","DMPK","missense",19,46281822,"C","G","p.E180D",0.0323,93,3,"unknown","NA",0,"NA",0,11.13,"het",0,"GCCAGGTAGAAGCGCGCCAT","TCGGCCGGAATCCGCTCCCC",0,0,"chr19:g.46281822C>G",39124,"Pkinase","predicted passenger",null,"FALSE",139,"FALSE",0,"FALSE"]
["G13402","DMPK","missense",19,46281839,"C","T","p.E175K",0.3261,92,30,"unknown","NA",0,"NA",0,34,"het",0,"CATCTCGGCCGGAATCCGCT","CCCAAACTTGCTCAGCAGTG",0,0,"chr19:g.46281839C>T",39125,"Pkinase","predicted passenger",null,"FALSE",138,"FALSE",1,"FALSE"]
["G13404","DMPK","missense",19,46281839,"C","T","p.E175K",0.4124,97,40,"unknown","NA",0,"NA",0,34,"het",0,"CATCTCGGCCGGAATCCGCT","CCCAAACTTGCTCAGCAGTG",0,0,"chr19:g.46281839C>T",40903,"Pkinase","predicted passenger",null,"FALSE",138,"FALSE",1,"FALSE"]
["G13401","DMPK","missense",19,46281839,"C","T","p.E175K",0.025,80,2,"unknown","NA",0,"NA",0,34,"het",0,"CATCTCGGCCGGAATCCGCT","CCCAAACTTGCTCAGCAGTG",0,0,"chr19:g.46281839C>T",39125,"Pkinase","predicted passenger",null,"FALSE",138,"FALSE",1,"FALSE"]
["G13402","BICRA","frameshift",19,48197456,"CACCT","C","p.H790Rfs*51",0.1795,39,7,"unknown","NA",0,"NA",0,34,"het",0.01013,"CCCCTCTGGGGGACAGCCCC","GCCCTCCCCACACCCCACCC",0,0,"chr19:g.48197457_48197460del",39127,null,"predicted passenger","LoF","FALSE",56,"FALSE",0,"FALSE"]
["G13404","BICRA","frameshift",19,48197456,"CACCT","C","p.H790Rfs*51",0.0851999184006528,47,3.6,"unknown","NA",0,"NA",0,34,"het",0.01013,"CCCCTCTGGGGGACAGCCCC","GCCCTCCCCACACCCCACCC",0,0,"chr19:g.48197457_48197460del",39127,null,"predicted passenger","LoF","FALSE",56,"FALSE",0,"FALSE"]
["G13402","SHANK1","missense",19,51171831,"G","A","p.A1129V",0.3857,70,27,"unknown","NA",0,"NA",0,13.31,"het",0,"CCGGGGACGTGGGCGACGGC","CGGGCGGGAGGCCGCCGCCC",0,0,"chr19:g.51171831G>A",39130,null,"predicted passenger",null,"FALSE",72,"FALSE",0,"FALSE"]
["G13404","SHANK1","missense",19,51171831,"G","A","p.A1129V",0.4643,56,26,"unknown","NA",0,"NA",0,13.31,"het",0,"CCGGGGACGTGGGCGACGGC","CGGGCGGGAGGCCGCCGCCC",0,0,"chr19:g.51171831G>A",40906,null,"predicted passenger",null,"FALSE",72,"FALSE",0,"FALSE"]
["G13401","SHANK1","missense",19,51171831,"G","A","p.A1129V",0.0476,84,4,"unknown","NA",0,"NA",0,13.31,"het",0,"CCGGGGACGTGGGCGACGGC","CGGGCGGGAGGCCGCCGCCC",0,0,"chr19:g.51171831G>A",39130,null,"predicted passenger",null,"FALSE",72,"FALSE",0,"FALSE"]
["G13402","NLRP11","missense",19,56300234,"C","G","p.D932H",0.3846,130,50,"unknown","NA",0,"NA",0,11.76,"het",0,"AAGAAGTTTTGCAACTCCAT","ATTGCCCAAGTGATTTTGAA",0,0,"chr19:g.56300234C>G",39131,null,"predicted passenger",null,"FALSE",142,"FALSE",0,"FALSE"]
["G13404","NLRP11","missense",19,56300234,"C","G","p.D932H",0.3934,122,48,"unknown","NA",0,"NA",0,11.76,"het",0,"AAGAAGTTTTGCAACTCCAT","ATTGCCCAAGTGATTTTGAA",0,0,"chr19:g.56300234C>G",40907,null,"predicted passenger",null,"FALSE",142,"FALSE",0,"FALSE"]
["G13402","ZNF530","missense",19,58115652,"T","G","p.F13C",0.3285,137,45,"unknown","NA",0,"NA",0,1E-3,"het",0,"GTCCCCATCATAGCAGGTTT","TGTAGCCTTTGAGGATGTGG",0,0,"chr19:g.58115652T>G",39132,null,"predicted passenger",null,"FALSE",205,"FALSE",0,"FALSE"]
["G13404","ZNF530","missense",19,58115652,"T","G","p.F13C",0.3171,164,52,"unknown","NA",0,"NA",0,1E-3,"het",0,"GTCCCCATCATAGCAGGTTT","TGTAGCCTTTGAGGATGTGG",0,0,"chr19:g.58115652T>G",40908,null,"predicted passenger",null,"FALSE",205,"FALSE",0,"FALSE"]
["G13401","ZNF530","missense",19,58115652,"T","G","p.F13C",0.0645,155,10,"unknown","NA",0,"NA",0,1E-3,"het",0,"GTCCCCATCATAGCAGGTTT","TGTAGCCTTTGAGGATGTGG",0,0,"chr19:g.58115652T>G",39132,null,"predicted passenger",null,"FALSE",205,"FALSE",0,"FALSE"]
["G13402","LSS","missense",21,47626632,"C","A","p.K506N",0.3302,106,35,"unknown","NA",0,"NA",0,22.7,"het",0,"TCCAGCAAGTGCCCCCCACG","TTGGTCTCATAGGTGGCGAA",0,0,"chr21:g.47626632C>A",39137,null,"predicted passenger",null,"FALSE",146,"FALSE",0,"FALSE"]
["G13404","LSS","missense",21,47626632,"C","A","p.K506N",0.3093,97,30,"unknown","NA",0,"NA",0,22.7,"het",0,"TCCAGCAAGTGCCCCCCACG","TTGGTCTCATAGGTGGCGAA",0,0,"chr21:g.47626632C>A",40913,null,"predicted passenger",null,"FALSE",146,"FALSE",0,"FALSE"]
["G13401","LSS","missense",21,47626632,"C","A","p.K506N",0.0686,102,7,"unknown","NA",0,"NA",0,22.7,"het",0,"TCCAGCAAGTGCCCCCCACG","TTGGTCTCATAGGTGGCGAA",0,0,"chr21:g.47626632C>A",39137,null,"predicted passenger",null,"FALSE",146,"FALSE",0,"FALSE"]
["G13402","CUL4B","missense","X",119674237,"C","G","p.A560P",0.673,159,107,"unknown","NA",0,"NA",0,24.8,"het",0,"AAACATACCTATAAGTTCAG","TGGTTTATTTGGTCTTTTGT",0,0,"chrX:g.119674237C>G",39143,"Cullin","predicted passenger",null,"FALSE",87,"FALSE",2,"FALSE"]
["G13404","CUL4B","missense","X",119674237,"C","G","p.A560P",0.6273,110,69,"unknown","NA",0,"NA",0,24.8,"het",0,"AAACATACCTATAAGTTCAG","TGGTTTATTTGGTCTTTTGT",0,0,"chrX:g.119674237C>G",40921,"Cullin","predicted passenger",null,"FALSE",87,"FALSE",2,"FALSE"]
["G13401","CUL4B","missense","X",119674237,"C","G","p.A560P",0.0333,120,4,"unknown","NA",0,"NA",0,24.8,"het",0,"AAACATACCTATAAGTTCAG","TGGTTTATTTGGTCTTTTGT",0,0,"chrX:g.119674237C>G",39143,"Cullin","predicted passenger",null,"FALSE",87,"FALSE",2,"FALSE"]
["G13404","CFAP74","missense",1,1858339,"C","A","p.S502I",0.0192307692307692,106,2,"unknown","NA",0,"NA",0,22.9,"het",0.02613,"AGAGCACCCCGCACCTGAAG","TCAGGGGTTCTGACCCCTTC",0,0,"chr1:g.1858339C>A",39148,null,"predicted passenger",null,"FALSE",90,"FALSE",0,"FALSE"]
["G13404","CASP9",".",1,15844891,"C","A",".",0.0444444444444444,47,2,"unknown","NA",0,"NA",0,24.2,"het",0.03476,"CGAGATCCAGAGCCTGCCCG","TGTTTGGAAAGAAAGGCAGG",0,1,"chr1:g.15844891C>A",39157,null,"predicted passenger",null,"FALSE",48,"TRUE",1,"TRUE"]
["G13401","MAN1C1","missense",1,25944653,"C","A","p.T122K",0.0233,129,3,"unknown","NA",0,"NA",0,22,"het",0.0114,"TGGACCCCGCGAGGAGGCCA","GGCGGCCCGGGGCAATAGCA",0,0,"chr1:g.25944653C>A",39167,null,"predicted passenger",null,"FALSE",138,"FALSE",1,"FALSE"]
["G13402","MACF1","missense",1,39853866,"C","A","p.L3056M",0.0126582278481013,160,2,"unknown","NA",0,"NA",0,26.2,"het",0.01559,"GTGTGATGATGGAAAACAAG","TGGAGGGGATTGGCCAGTTT",0,1,"chr1:g.39853866C>A",39179,null,"predicted driver: tier 1","Act","FALSE",134,"FALSE",1,"TRUE"]
["G13404","MACF1","missense",1,39853866,"C","A","p.L3056M",0.0143884892086331,141,2,"unknown","NA",0,"NA",0,26.2,"het",0.01559,"GTGTGATGATGGAAAACAAG","TGGAGGGGATTGGCCAGTTT",0,1,"chr1:g.39853866C>A",39179,null,"predicted driver: tier 1","Act","FALSE",134,"FALSE",1,"TRUE"]
["G13401","BSND","nonsense",1,55464961,"C","A","p.Y34*",0.0192307692307692,106,2,"unknown","NA",0,"NA",0,34,"het",0.01057,"CATGATCGGCCCCAGGTCTA","GGCACCTTCTATGCCATGGG",0,0,"chr1:g.55464961C>A",39191,"Barttin","predicted passenger",null,"FALSE",101,"TRUE",1,"FALSE"]
["G13401","CTH","missense",1,70895487,"C","A","p.A200D",0.00947867298578199,213,2,"unknown","NA",0,"NA",0,19.99,"het",0.0054,"GTTCTTTCAGCGCCCTTTGG","TCTGGGAGCTGATATTTCTA",0,0,"chr1:g.70895487C>A",39195,"Cys_Met_Meta_PP","predicted passenger",null,"FALSE",180,"FALSE",1,"FALSE"]
["G13401","CD101","missense",1,117564417,"G","A","p.R747K",0.0142857142857143,142,2,"unknown","NA",0,"NA",0,0.302,"het",0.00385,"TGAGTTTCACACCCCACAGA","AAAACAAAAATTTCATACTG",0,0,"chr1:g.117564417G>A",39218,"V-set","predicted passenger",null,"FALSE",155,"FALSE",0,"FALSE"]
["G13401","LNP1","nonsense",3,100170600,"A","ATCCTAGAAGGCATTCTCATGAGGACCAAGGAATTCCGATGCCGATCGTCTGACCGTCT","p.E75Gfs*8",0.646153846153846,214,84,"unknown","NA",0,"NA",0,25.6,"het",0,"AATTCCATCATCTGACTGCC","TCCTAGAAGGCATTCTCATG",0,0,"chr3:g.100170600_100170601insTCCTAGAAGGCATTCTCATGAGGACCAAGGAATTCCGATGCCGATCGTCTGACCGTCT",29980,"LNP1","predicted passenger",null,"FALSE",261,"FALSE",0,"FALSE"]
["G13401","ARSI","missense",5,149677476,"C","A","p.K337N",0.0285714285714286,72,2,"unknown","NA",0,"NA",0,25.4,"het",0.03021,"AGTGCCCGGCTTGTCCGTTG","TTTCGCTTGAGCAGGGGACT",0,0,"chr5:g.149677476C>A",39625,"Sulfatase","predicted passenger",null,"FALSE",87,"FALSE",0,"FALSE"]
["G13401","CTNNAL1","missense",9,111734993,"C","A","p.A437S",0.0171,117,2,"unknown","NA",0,"NA",0,15.12,"het",0.0102,"CTGTTCAGAGAGTTTACAGG","ATATTCAGCCAAAGCTTCTA",0,0,"chr9:g.111734993C>A",39899,"Vinculin","predicted passenger",null,"FALSE",160,"FALSE",1,"FALSE"]
["G13404","SIRT1","missense",10,69672425,"C","A","p.Q518K",0.00947867298578199,213,2,"unknown","NA",0,"NA",0,21.5,"het",0.00161,"CTGAAAAACCTCCACGAACA","AAAAAGAATTGGCTTATTTG",0,0,"chr10:g.69672425C>A",39977,null,"predicted passenger",null,"FALSE",179,"FALSE",0,"FALSE"]
["G13404","CASP5","missense",11,104871181,"C","A","p.E266D",0.0131004366812227,232,3,"unknown","NA",0,"NA",0,13.92,"het",1.89E-3,"GTGCTGTCAGAGGACTTGTG","TCTGGTCTGGCAGCAAATGC",0,0,"chr11:g.104871181C>A",40085,"Peptidase_C14","predicted passenger",null,"FALSE",277,"FALSE",1,"FALSE"]
["G13402","CCDC42","missense",17,8644965,"C","A","p.A107S",0.0101010101010101,200,2,"unknown","NA",0,"NA",0,29.7,"het",0.02012,"CTTGTTGGCTTTCTTCATGG","GCGGATCCGTTTCTGGTCGT",0,0,"chr17:g.8644965C>A",40414,"DUF4200","predicted passenger",null,"FALSE",228,"FALSE",2,"FALSE"]
["G13401","ABCA10","missense",17,67178431,"C","A","p.D878Y",0.0508474576271186,128,6,"unknown","NA",0,"NA",0,23.6,"het",0.03296,"CGCAACAGAAAATCTGTAAT","CTTGAAAAAAAGTACACAAA",0,0,"chr17:g.67178431C>A",40472,null,"predicted passenger",null,"FALSE",105,"FALSE",2,"FALSE"]
["G13404","STX19","missense",3,93733536,"A","C","p.V193G",0.1683,202,34,"unknown","NA",0,"NA",0,25.1,"het",0,"TAAGTAAGCTTTCATTAAAA","CTTCCCATTTTCCTTGATGA",0,0,"chr3:g.93733536A>C",40763,null,"predicted passenger",null,"FALSE",185,"FALSE",2,"FALSE"]
["G13402","CEP290",".",12,88523654,"C","A",".",0.0210526315789474,97,2,"unknown","NA",0,"NA",0,25.8,"het",0.00034,"TCATTAGCTTCTGTTAAAGT","TAAAAAAGTTAAAGACACTA",0,0,"chr12:g.88523654C>A",40854,null,"predicted driver: tier 1","LoF","FALSE",93,"TRUE",1,"TRUE"]
["G13404","NFATC2","missense",20,50049009,"C","A","p.A773S",0.125,16,2,"unknown","NA",0,"NA",0,0.016,"het",0.12121,"GTCCGCAAGGGACAGCGGGG","GGCCATGAGGGCCGGCTGCT",0,1,"chr20:g.50049009C>A",40910,null,"predicted passenger",null,"FALSE",31,"FALSE",0,"FALSE"]
["G04241","SCN9A","missense",2,167141144,"C","T","p.R598H",0.1129,124,14,"known","COSM241535",4,"MU5603788",1,23.1,"het",0.00017,"CTTGGCTGATGTTACTGCTG","GTCGCTCCTGGGGTCTGTGG",0,0,"chr2:g.167141144C>T",603,"Na_trans_cytopl","predicted passenger",null,"FALSE",111,"FALSE",3,"TRUE"]
["G04241","NMBR","missense",6,142397171,"G","A","p.R263C",0.225,40,9,"known","COSM1286647",3,"MU601719",2,34,"het",2.47E-3,"AAGCACAATTTTAGCCAGGC","TTTCCGTGTTTCCATCTGCA",0,0,"chr6:g.142397171G>A",756,"7tm_1","predicted passenger",null,"FALSE",34,"FALSE",3,"TRUE"]
["G04283","NRG1","missense",8,32621438,"G","A","p.V486M",0.3256,86,28,"known","COSM145691",4,"MU49898",1,22.5,"het",0,"AAGAGAGACCTCTACTTCTC","TGACACCACCAAGGCTGCGG",0,1,"chr8:g.32621438G>A",2920,"Neuregulin","predicted passenger",null,"FALSE",97,"FALSE",2,"TRUE"]
["G04240","MUC5B","missense",11,1272447,"C","A","p.H4779Q",0.05,40,2,"known","COSM4994946",1,"NA",0,0.003,"het",0.22689,"TCCACCATGTCCACAATCCA","ACCTCCTCTACTCCAGAGAC",1,0,"chr11:g.1272447C>A",289,null,"predicted passenger",null,"FALSE",96,"FALSE",1,"FALSE"]
["G04242","TBCEL","missense",11,120916472,"C","T","p.R25C",0.15,100,15,"known","COSM6797725",1,"NA",0,23.8,"het",0.00078,"GTCCTGAAAATTTTCCTTAT","GCCGTGGCCCGGGGATGGGA",1,0,"chr11:g.120916472C>T",1379,null,"predicted passenger",null,"FALSE",137,"FALSE",0,"FALSE"]
["G04240","ATP10A","missense",15,26026198,"G","A","p.R208W",0.2396,96,23,"known","COSM1678307",4,"NA",0,31,"het",0,"GCCGCGGACCACCTGCCGCC","CTTCAGGTTGGTCTCTCCAT",0,0,"chr15:g.26026198G>A",362,"E1-E2_ATPase","predicted passenger",null,"FALSE",178,"FALSE",1,"FALSE"]
["G04283","TP53","nonsense",17,7577022,"G","A","p.R306*",0.5231,195,102,"known","COSM3388168",229,"MU17011",18,37,"het",0,"TTGTCCTGCTTGCTTACCTC","CTTAGTGCTCCCTGGGGGCA",0,1,"chr17:g.7577022G>A",3145,null,"known in: HNC;COREAD;CANCER-PR","LoF","FALSE",274,"TRUE",1,"TRUE"]
["G04283","MX2","missense",21,42774029,"C","T","p.A516V",0.2838,74,21,"known","COSM6718372",1,"NA",0,26.7,"het",0,"CCAGCAGCTGGTGGAGCCCG","CCTTAGCATGCTCCAGAAAG",1,0,"chr21:g.42774029C>T",3251,"Dynamin_M","predicted passenger",null,"FALSE",114,"FALSE",2,"FALSE"]
["G04241","SEC63","frameshift",6,108214773,"C","CT","p.K530Efs*30",0.0208,96,2,"known","COSM4614951",2,"NA",0,35,"het",0.19457,"GGTTTTTTTTTTAAAGGTTT","TTTTTTTTTGATTTAGCAGT",0,0,"chr6:g.108214773_108214774insT",747,null,"predicted passenger",null,"FALSE",124,"TRUE",0,"FALSE"]
["G04241","TMEM62","missense",15,43447011,"C","A","p.N388K",0.05,40,2,"known","COSM6463894",1,"NA",0,13.86,"het",0.15143,"TACAGTAGTGGGACACATAA","ATAGAAGTAATCGTCCAGGT",1,0,"chr15:g.43447011C>A",953,null,"predicted passenger",null,"FALSE",64,"FALSE",0,"FALSE"]
["G04242","PHOX2B","missense",4,41748092,"G","A","p.A226V",0.087,23,2,"known","COSM2847563",2,"NA",0,9.684,"het",0.11443,"CCGGGCCCCCGGGCCCCGCC","CCCCCGGAGCTCCAGCCGGG",0,1,"chr4:g.41748092G>A",1225,null,"predicted passenger","LoF","FALSE",48,"FALSE",0,"FALSE"]
["G04242","ATP2A1","frameshift",16,28913639,"G","GC","p.R822Pfs*39",0.1636,55,9,"known","COSM1377201",9,"MU57415",2,36,"het",7e-05,"AGACCTGGACATCATGGACC","CCCCCCCCGGAGCCCCAAGG",0,0,"chr16:g.28913639_28913640insC",1448,"Cation_ATPase_C","predicted passenger",null,"FALSE",99,"TRUE",0,"TRUE"]
["G04240","TRMT10C","frameshift",3,101284008,"C","CA","p.Y132Ifs*15",0.0339,59,2,"known","COSM5076720",2,"NA",0,28.7,"het",0.03646,"GGAATGTGTTTCTAACACAG","AAAAAAAAAATATTTAAAAT",0,0,"chr3:g.101284008_101284009insA",1671,null,"predicted passenger",null,"FALSE",133,"TRUE",0,"FALSE"]
["G04283","CALB1","frameshift",8,91078176,"CT","C","p.A134Qfs*10",0.018,167,3,"known","COSM5139822",1,"MU110328",1,35,"het",7e-05,"GTCATCAACAGTCTTGTTTG","TTTTCTAGCAGGTCCTTTAG",0,0,"chr8:g.91078177_91078177del",1818,"EF-hand_7","predicted passenger",null,"FALSE",151,"FALSE",0,"FALSE"]
["G04245","OGFR","missense",20,61444558,"G","A","p.G531R",0.00738007380073801,546,4,"known","COSM1724937",2,"NA",0,19,"het",0,"CCAGCCCAGCAGGACCTGCA","GGGACGAGCCAGCCGAGAGC",0,0,"chr20:g.61444558G>A",2110,"OGFr_III","predicted passenger",null,"FALSE",324,"FALSE",0,"FALSE"]
["G04240","ZNF236","missense",18,74593422,"T","A","p.D455E",0.0657894736842105,81,5,"known","COSM6398545",1,"NA",0,13.8,"het",0.01211,"GAAAGCCCGGAGAAACTGGA","AAAAAAGAAAAAAAAATGAT",1,0,"chr18:g.74593422T>A",2586,null,"predicted passenger",null,"FALSE",104,"FALSE",0,"FALSE"]
["G04283","TCHH","missense",1,152083739,"G","C","p.Q652E",0.0506,178,9,"known","COSM6240083",2,"NA",0,1.041,"het",0.00155,"CCGCTGCTCGCGCCTTTCCT","CTGCTCGCGCCTTAGTTGCT",0,0,"chr1:g.152083739G>C",2695,null,"predicted passenger",null,"FALSE",188,"FALSE",1,"FALSE"]
["G04283","MEIOC","missense",17,42745594,"G","A","p.R772K",0.125,48,6,"known","COSM3191348",1,"NA",0,25.6,"het",0.0243,"GAGAGCATTAGAAAAAGAGA","AAAAAAGGTAACACAAAGTT",1,0,"chr17:g.42745594G>A",3160,"DUF4582","predicted passenger",null,"FALSE",40,"FALSE",2,"FALSE"]
["G04240","EPB41","missense",1,29391650,"C","A","p.Q722K",0.1176,17,2,"unknown","NA",0,"NA",0,29.4,"het",0.08831,"GAACTCTTAACATCAATGGG","AAATCCCCACAGGAGAAGGA",0,0,"chr1:g.29391650C>A",28391,null,"predicted passenger","LoF","FALSE",39,"FALSE",3,"FALSE"]
["G04240","PDE4B",".",1,66723475,"G","C",".",0.117,94,11,"unknown","NA",0,"NA",0,23.4,"het",0.01516,"TTTAAAACATTTTTCTTCTA","GTCCTTGCCAGCTTGCGAAG",0,0,"chr1:g.66723475G>C",28395,null,"predicted passenger",null,"FALSE",111,"TRUE",1,"FALSE"]
["G04283","NEGR1","frameshift",1,72163806,"A","AG","p.G185Wfs*18",0.2118,85,18,"unknown","NA",0,"NA",0,33,"het",0,"TAAATGTCCAAATATTGTCC","TTTTCAAATGGTTTTGCTAT",0,0,"chr1:g.72163806_72163807insG",29928,"I-set","predicted passenger",null,"FALSE",100,"FALSE",0,"FALSE"]
["G04283","IGFN1","missense",1,201178200,"G","T","p.R1393S",0.4438,160,71,"unknown","NA",0,"NA",0,13.7,"het",0,"GGAATGGGTGCAGGTTACAG","GCTGGTTTAAGGGGTCCTGG",0,0,"chr1:g.201178200G>T",29942,null,"predicted passenger",null,"FALSE",107,"FALSE",1,"FALSE"]
["G04240","NBAS","missense",2,15679430,"A","C","p.C144G",0.2078,255,53,"unknown","NA",0,"NA",0,9.513,"het",0,"GGCATAGGCCAGTAGGGTAC","ATCGTAACTCCATGCTACCC",0,0,"chr2:g.15679430A>C",28408,"Nbas_N","predicted passenger",null,"FALSE",225,"FALSE",1,"FALSE"]
["G04241","KIAA1841","missense",2,61348408,"C","G","p.T706R",0.141,78,11,"unknown","NA",0,"NA",0,15.14,"het",0.01653,"AAGCAGCTCAGAGAAAAACA","AAGGTAAATCAGCATAAACT",0,0,"chr2:g.61348408C>G",28726,null,"predicted passenger",null,"FALSE",93,"FALSE",1,"FALSE"]
["G04242","NPHP1","frameshift",2,110927456,"TTG","T","p.H149Qfs*6",0.2151,172,37,"unknown","NA",0,"NA",0,23.9,"het",0,"ATTCTTCACCGGTTGACCAT","TGAGATTCATTTTCCTCTTT",0,0,"chr2:g.110927457_110927458del",28977,null,"predicted passenger",null,"FALSE",271,"FALSE",0,"FALSE"]
["G04245","PROC","missense",2,128178916,"C","T","p.A43V",0.4276,152,65,"unknown","NA",0,"NA",0,25.4,"het",0,"GCTGCGGATCCGCAAACGTG","CAACTCCTTCCTGGAGGAGC",0,0,"chr2:g.128178916C>T",29658,null,"predicted passenger",null,"FALSE",194,"FALSE",3,"FALSE"]
["G04283","PROC","missense",2,128178916,"C","T","p.A43V",0.4272,206,88,"unknown","NA",0,"NA",0,25.4,"het",0,"GCTGCGGATCCGCAAACGTG","CAACTCCTTCCTGGAGGAGC",0,0,"chr2:g.128178916C>T",29960,null,"predicted passenger",null,"FALSE",194,"FALSE",3,"FALSE"]
["G04242","FN1","missense",2,216235140,"T","G","p.T2244P",0.1373,153,21,"unknown","NA",0,"NA",0,32,"het",0,"CAGAGTGGCACTGGTAGAAG","TCCAGGAACCCTGAACTGCA",0,0,"chr2:g.216235140T>G",28989,"fn3","predicted driver: tier 1","LoF","FALSE",213,"FALSE",3,"TRUE"]
["G04244","FN1","missense",2,216235140,"T","G","p.T2244P",0.1322,174,23,"unknown","NA",0,"NA",0,32,"het",0,"CAGAGTGGCACTGGTAGAAG","TCCAGGAACCCTGAACTGCA",0,0,"chr2:g.216235140T>G",29376,"fn3","predicted driver: tier 1","LoF","FALSE",213,"FALSE",3,"TRUE"]
["G04245","SERPINE2","missense",2,224866639,"C","A","p.R5S",0.7,20,14,"unknown","NA",0,"NA",0,20.8,"het",0,"GTTCCTTCCACCAAGGACGA","CTGGAAAAGTAAGTTAAAAA",0,0,"chr2:g.224866639C>A",29668,null,"predicted passenger",null,"FALSE",40,"FALSE",0,"FALSE"]
["G04283","IP6K2","missense",3,48730492,"C","T","p.S108N",0.2798,218,61,"unknown","NA",0,"NA",0,7.817,"het",0,"TTGTCCACCTTAGGAGCTTA","TTTTTGGTTCACAGTCTGAA",0,0,"chr3:g.48730492C>T",29974,null,"predicted passenger",null,"FALSE",243,"FALSE",0,"FALSE"]
["G04244","CACNA2D3","frameshift",3,54603876,"GA","G","p.K245Nfs*16",0.2903,124,36,"unknown","NA",0,"NA",0,32,"het",0,"TGCCTTCGACTGCAGGAACC","AAATGGTAGGCAGTGGTCAG",0,0,"chr3:g.54603877_54603877del",29385,null,"predicted passenger",null,"FALSE",166,"FALSE",0,"FALSE"]
["G04244","TRIM42","missense",3,140407130,"A","C","p.S536R",0.4762,147,70,"unknown","NA",0,"NA",0,25.9,"het",0,"ACCAGCACATATACCAGCGA","GCTCCTCCATGTTGTCCTTC",0,0,"chr3:g.140407130A>C",29388,null,"predicted passenger",null,"FALSE",140,"FALSE",0,"FALSE"]
["G04240","CPZ","missense",4,8603180,"C","A","p.T151K",0.1111,18,2,"unknown","NA",0,"NA",0,15.9,"het",0.27273,"TGACTGCCACCGCTACTTCA","GAGAGAGGACGAGGGCTGCT",0,0,"chr4:g.8603180C>A",28461,"Fz","predicted passenger",null,"FALSE",17,"FALSE",0,"FALSE"]
["G04283","FGA",".",4,155505987,"T","TA",".",0.0394,127,5,"unknown","NA",0,"NA",0,7.18,"het",0.04625,"TGGAGGACATCATCACAGTC","AAAAAAAAAATTAAGCTGGT",0,0,"chr4:g.155505987_155505988insA",28470,null,"predicted passenger",null,"FALSE",226,"FALSE",0,"FALSE"]
["G04240","SPRY4","missense",5,141694455,"C","A","p.E96D",0.1667,12,2,"unknown","NA",0,"NA",0,11.72,"het",0.09388,"CGGGCGGGCGTCGGGGCCAG","TCTGGGGCCCCGCCCCGGGT",0,0,"chr5:g.141694455C>A",28477,null,"predicted passenger",null,"FALSE",26,"FALSE",0,"FALSE"]
["G04240","NSD1","missense",5,176687100,"T","G","p.F1693V",0.25,128,32,"unknown","NA",0,"NA",0,28.9,"het",0,"GTATCATCTGCCCTAATCAC","TTACCCCTAGGCGGGGCTGC",0,1,"chr5:g.176687100T>G",28482,null,"predicted driver: tier 1","Act","FALSE",212,"FALSE",1,"TRUE"]
["G04242","SYNGAP1","missense",6,33399967,"A","C","p.S109R",0.304,125,38,"unknown","NA",0,"NA",0,19.44,"het",0,"TGGGTCGCTCGAGGAGGAAG","GTGTCCCAGGGGGGAAGCAG",0,0,"chr6:g.33399967A>C",29061,null,"predicted passenger",null,"FALSE",189,"FALSE",1,"FALSE"]
["G04241","TULP1","frameshift",6,35473624,"G","GGAAC","p.L336Vfs*49",0.008,252,2,"unknown","NA",0,"NA",0,35,"het",0,"TCGTTTCCTGCCAGCCAAGA","GAACACCTGGGGAAAAGGGG",0,0,"chr6:g.35473624_35473625insGAAC",28488,"Tub","predicted passenger",null,"FALSE",203,"FALSE",0,"FALSE"]
["G04242","ALDH8A1","missense",6,135239809,"T","C","p.D403G",0.2719,320,87,"unknown","NA",0,"NA",0,23.4,"het",0,"CAATCACCTCCTCTTCACTA","CAAAGGGGACGACACACGTC",0,0,"chr6:g.135239809T>C",29075,"Aldedh","predicted passenger",null,"FALSE",334,"FALSE",1,"FALSE"]
["G04240","ADAM22","missense",7,87811296,"A","G","p.K845E",0.1356,118,16,"unknown","NA",0,"NA",0,26,"het",1e-05,"ACCTGGGAGGCAACAAAAAG","AAATCAGAGGCAAAAGATTT",0,0,"chr7:g.87811296A>G",28506,null,"predicted passenger",null,"FALSE",124,"FALSE",2,"FALSE"]
["G04244","KMT2C","missense",7,151856083,"T","A","p.E3845D",0.1111,288,32,"unknown","NA",0,"NA",0,23.7,"het",0,"TTGCTTCGCTGTTTCTTGGT","TCACTTCCTCCATCTGTTTT",0,1,"chr7:g.151856083T>A",29434,null,"predicted passenger","LoF","FALSE",269,"FALSE",1,"FALSE"]
["G04240","PCM1","missense",8,17817671,"C","A","p.A730E",0.0588,51,3,"unknown","NA",0,"NA",0,20.5,"het",0.03489,"TACTGGAGTAAATGAAAAGG","AAGGTATGTTAAGCTTTTGG",0,1,"chr8:g.17817671C>A",28516,null,"predicted passenger","Act","FALSE",103,"FALSE",0,"FALSE"]
["G04241","NDUFAF6",".",8,96047806,"T","AA",".",0.666666666666667,230,92,"unknown","NA",0,"NA",0,24.9,"het",0.02035,"GGCCATTGAACTATGGAAGG","AAAAAAAAAAAAATACCACT",0,0,"chr8:g.96047806delinsAA",28523,null,"predicted passenger",null,"FALSE",189,"FALSE",0,"FALSE"]
["G04245","VPS13B","missense",8,100844673,"T","C","p.L3161P",0.3655,145,53,"unknown","NA",0,"NA",0,28.4,"het",0,"TGCTATGAAATCCAGCTCCC","TCCTTGCTGGGACTTGATGC",0,0,"chr8:g.100844673T>C",29750,null,"predicted passenger",null,"FALSE",166,"FALSE",1,"FALSE"]
["G04240","CHMP5","missense",9,33265128,"A","G","p.T18A",0.0791,139,11,"unknown","NA",0,"NA",0,19.25,"het",0.0002,"AGGCTCCGCCGCCCAGCCTG","CTGACTGCATTGGCACGGTG",0,0,"chr9:g.33265128A>G",28535,"Snf7","predicted passenger",null,"FALSE",178,"FALSE",0,"FALSE"]
["G04240","ASPN","missense",9,95228718,"C","G","p.E175Q",0.0928,97,9,"unknown","NA",0,"NA",0,27,"het",8e-05,"ATTTTCATGAATTCTGAGTT","TGCTAATGATTTGGGAAGAT",0,0,"chr9:g.95228718C>G",28540,"LRR_8","predicted passenger",null,"FALSE",189,"FALSE",2,"FALSE"]
["G04245","SNAPC4","missense",9,139272264,"G","A","p.R1339W",0.1967,122,24,"unknown","NA",0,"NA",0,19.67,"het",6e-05,"TTGCAGTGCTCCGGCCGGCC","CTCAGCCTCGCCCCCCACCA",0,0,"chr9:g.139272264G>A",29769,null,"predicted passenger",null,"FALSE",104,"FALSE",0,"FALSE"]
["G04242","ARMC3","frameshift",10,23250830,"TAAACTTCAAGAACTAAATGCAATACC","T","p.K186Sfs*27",0.0738,149,11,"unknown","NA",0,"NA",0,35,"het",0.00878,"CAGGATTTTCAGTGTCGAGC","TCCTATCTTAGATCTCTTGA",0,0,"chr10:g.23250831_23250856del",29128,"HEAT_2","predicted passenger",null,"FALSE",208,"FALSE",0,"FALSE"]
["G04241","PPRC1","nonsense",10,103908601,"A","T","p.K1549*",0.306,134,41,"unknown","NA",0,"NA",0,47,"het",0,"GAAGGGTGGTCTTCATTGGA","AGATACCTGGCCGCATGACT",0,0,"chr10:g.103908601A>T",28820,"RRM_1","predicted passenger",null,"FALSE",132,"TRUE",1,"FALSE"]
["G04241","RRP8","missense",11,6621986,"G","C","p.S356C",0.0934579439252336,234,20,"unknown","NA",0,"NA",0,27.7,"het",0.00291,"AAAACACAGCCACATCCACA","ACTCATCCTCCAGAGGAACC",0,0,"chr11:g.6621986G>C",28556,"Methyltransf_8","predicted passenger",null,"FALSE",140,"TRUE",0,"FALSE"]
["G04283","EHBP1L1","missense",11,65346590,"G","A","p.R49Q",0.3223,121,39,"unknown","NA",0,"NA",0,34,"het",0,"GGTATGGACCCGTCGGAACC","ACGCATCTGCTCCAAGGTGG",0,0,"chr11:g.65346590G>A",30085,"NT-C2","predicted passenger",null,"FALSE",145,"FALSE",2,"FALSE"]
["G04241","HELB","missense",12,66725097,"C","A","p.T945N",0.2537,201,51,"unknown","NA",0,"NA",0,28.9,"het",0,"AAACAGTTTTCCTAGAAAAA","TCGTTTGAAACATTTCTTGC",0,0,"chr12:g.66725097C>A",28840,null,"predicted passenger",null,"FALSE",258,"FALSE",2,"FALSE"]
["G04242","UTP20","missense",12,101674925,"T","G","p.V26G",0.1972,71,14,"unknown","NA",0,"NA",0,27.5,"het",0,"TGCTGAACGACTGGGGAATG","TAATATTGATATTATTCACC",0,0,"chr12:g.101674925T>G",29179,null,"predicted passenger",null,"FALSE",116,"FALSE",2,"FALSE"]
["G04245","PDS5B","missense",13,33232416,"A","C","p.E118A",0.1751,217,38,"unknown","NA",0,"NA",0,23.4,"het",0,"AAGACAGTTGAAGGGGCTAG","GGATACAAAGAGCCCACAAT",0,1,"chr13:g.33232416A>C",29805,null,"predicted passenger","LoF","FALSE",195,"FALSE",2,"TRUE"]
["G04242","MYO16","missense",13,109793506,"G","T","p.G1627V",0.2712,59,16,"unknown","NA",0,"NA",0,6.879,"het",0,"AAACTCTGCCCCCGTGGCCG","GCCCTGCAGCTCCTTCCCCA",0,0,"chr13:g.109793506G>T",29192,null,"predicted passenger",null,"FALSE",98,"FALSE",0,"FALSE"]
["G04241","PCNX1","nonsense",14,71443895,"C","T","p.R281*",0.2768,112,31,"unknown","NA",0,"NA",0,36,"het",0,"ATAGAAAAGACCACCGGCCG","GAGGTGTACCACGGACTTCT",0,0,"chr14:g.71443895C>T",28854,null,"predicted passenger",null,"FALSE",158,"TRUE",1,"FALSE"]
["G04241","CATSPERB","missense",14,92084018,"C","A","p.V775F",0.0327,153,5,"unknown","NA",0,"NA",0,22,"het",0.01812,"AAAAGTCACTTCAGCTGTAA","TTCCAACAAATTAGGGTTTC",0,0,"chr14:g.92084018C>A",28595,"CATSPERB","predicted passenger",null,"FALSE",163,"FALSE",0,"FALSE"]
["G04241","UBR1","missense",15,43360217,"T","G","p.Y226S",0.1548,84,13,"unknown","NA",0,"NA",0,29.8,"het",1.1E-4,"CATTGAAAAGGACACAATAG","ATCTTTCATTTTTCTCCCTG",0,0,"chr15:g.43360217T>G",28858,"ClpS","predicted passenger",null,"FALSE",155,"FALSE",2,"FALSE"]
["G04240","HOMER2","missense",15,83532992,"T","G","p.E105A",0.1548,84,13,"unknown","NA",0,"NA",0,24.5,"het",4e-05,"TCTTGGCAGCTTCTTTCACC","CCTGGAATTTCTCTGCAAAC",0,0,"chr15:g.83532992T>G",28607,"WH1","predicted passenger",null,"FALSE",108,"FALSE",2,"FALSE"]
["G04244","EARS2","frameshift",16,23563555,"GCT","G","p.S70Lfs*22",0.0403,124,5,"unknown","NA",0,"NA",0,26.9,"het",0.0377,"TCCTCTAGCCTCAGGATGAA","CCCCTGGTACTTCTTAGCAA",0,0,"chr16:g.23563556_23563557del",29541,"tRNA-synt_1c","predicted passenger",null,"FALSE",142,"FALSE",0,"FALSE"]
["G04283","EARS2","frameshift",16,23563555,"GCT","G","p.S70Lfs*22",0.00546856323213005,184,1,"unknown","NA",0,"NA",0,26.9,"het",0.00028,"TCCTCTAGCCTCAGGATGAA","CCCCTGGTACTTCTTAGCAA",0,0,"chr16:g.23563556_23563557del",28614,"tRNA-synt_1c","predicted passenger",null,"FALSE",142,"FALSE",0,"FALSE"]
["G04240","LRRC3C","frameshift",17,38100971,"T","TCA","p.S272Tfs*52",0.0442,226,10,"unknown","NA",0,"NA",0,35,"het",0.04285,"TTCCGAGGACTCCTCCATCC","CAGCACAGTGGTCTGATGAC",0,0,"chr17:g.38100971_38100972insCA",28630,null,"predicted passenger",null,"FALSE",95,"FALSE",0,"FALSE"]
["G04244","SLC4A1","missense",17,42334722,"A","T","p.I541N",0.0991,212,21,"unknown","NA",0,"NA",0,24.5,"het",1e-05,"CCCCATAGGCCCCCACCTTG","TCAGCTTGGAGAAAGTCTCA",0,0,"chr17:g.42334722A>T",29557,"HCO3_cotransp","predicted passenger",null,"FALSE",239,"FALSE",0,"FALSE"]
["G04240","ABCA10","missense",17,67151217,"A","C","p.F1213V",0.2018,109,22,"unknown","NA",0,"NA",0,15.6,"het",0,"TTTCTTCTTTCTTGTTGAAA","GCAACTTTTCTTTGTCTCAT",0,0,"chr17:g.67151217A>C",28639,null,"predicted passenger",null,"FALSE",144,"FALSE",0,"FALSE"]
["G04240","TNRC6C","missense",17,76046269,"C","A","p.Q376K",0.1053,19,2,"unknown","NA",0,"NA",0,13.3,"het",0.20854,"CCAGCCAGAACCCTACCGTA","AGCCTGGTGGTGAACACATG",0,0,"chr17:g.76046269C>A",28640,null,"predicted passenger",null,"FALSE",22,"FALSE",0,"FALSE"]
["G04242","FECH","missense",18,55230158,"G","A","p.T224M",0.0938,96,9,"unknown","NA",0,"NA",0,5.092,"het",1.2E-4,"CAATAGTGCTCCACTTCATC","TGGGCTTCCGTCCCACTTGA",0,0,"chr18:g.55230158G>A",29265,"Ferrochelatase","predicted passenger",null,"FALSE",177,"TRUE",0,"FALSE"]
["G04240","SUGP2","missense",19,19115042,"C","A","p.S955I",0.1111,18,2,"unknown","NA",0,"NA",0,32,"het",0.05822,"TGCCAACCTTCAATGACTTG","TGCTGATCCTCTTCCGAGGG",0,0,"chr19:g.19115042C>A",28653,null,"predicted passenger",null,"FALSE",59,"FALSE",2,"FALSE"]
["G04245","SMG9","missense",19,44238616,"A","C","p.S343A",0.2069,145,30,"unknown","NA",0,"NA",0,20.6,"het",1e-05,"GTGGCTGGGGGATGGGGTGG","GGGCTTCACCATCTCTGCTG",0,0,"chr19:g.44238616A>C",29880,null,"predicted passenger",null,"FALSE",99,"FALSE",0,"FALSE"]
["G04240","HIF3A","frameshift",19,46815475,"GTACATCCACGCGCTGG","A","p.Y277Tfs*13",0.2424,66,16,"unknown","NA",0,"NA",0,35,"het",6e-05,"ATCGGCTGTTCCGCCTACGA","ACTCCGATGCGGTCAGCAAG",0,0,"chr19:g.46815475_46815491delinsA",28662,"PAS_11","predicted passenger",null,"FALSE",104,"FALSE",0,"FALSE"]
["G04242","ZIM3","missense",19,57647373,"G","A","p.T111M",0.1754,114,20,"unknown","NA",0,"NA",0,0.022,"het",1E-4,"CACCTTTCTGCGTAGTCAGC","TTTCCTTATTGATTGATGGG",0,0,"chr19:g.57647373G>A",29288,null,"predicted passenger",null,"FALSE",152,"FALSE",0,"FALSE"]
["G04245","BPI","missense",20,36936050,"A","T","p.K75M",0.0991,212,21,"unknown","NA",0,"NA",0,23,"het",0.06144,"CTCAGACAGCTTTAAGATCA","GCATCTTGGGAAGGGGCATT",0,0,"chr20:g.36936050A>T",28671,"LBP_BPI_CETP","predicted passenger",null,"FALSE",119,"FALSE",0,"FALSE"]
["G04283","NTSR1","missense",20,61389675,"T","C","p.M325T",0.1214,206,25,"unknown","NA",0,"NA",0,25.9,"het",0.00028,"CTACCACGTGCGGCGCCTCA","GTTCTGCTACATCTCGGATG",0,0,"chr20:g.61389675T>C",30177,"7tm_1","predicted passenger",null,"FALSE",120,"FALSE",1,"FALSE"]
["G04240","CRYZL1","missense",21,34968099,"G","A","p.T281M",0.3051,118,36,"unknown","NA",0,"NA",0,31,"het",0,"CATCATTCAGGAAAGCTAAC","TTGCTCCCTTGAGGAAAAGG",0,0,"chr21:g.34968099G>A",28677,null,"predicted passenger",null,"FALSE",169,"FALSE",2,"FALSE"]
["G04242","SCARF2","frameshift",22,20780026,"GCGG","CGCGGC","p.A750_A751delinsPR",1,24,12,"unknown","NA",0,"NA",0,26.8,"het",8.43E-3,"GGGCTCCAAGAGGCCGGGGC","CGCGCGCTCGGGCCCTGGGC",0,0,"chr22:g.20780026_20780031delinsCGCGGC",28680,null,"predicted passenger",null,"FALSE",17,"FALSE",0,"FALSE"]
["G04245","PPP2R3B","missense","X",301634,"C","T","p.G406D",0.1892,74,14,"unknown","NA",0,"NA",0,27,"het",1e-05,"GCTCGAACATGGACAGGGCG","CGTCCCCGTCCAGGTCCATG",0,0,"chrX:g.301634C>T",29909,"EF-hand_7","predicted passenger",null,"FALSE",102,"FALSE",2,"FALSE"]
["G04241","KCND1","missense","X",48826243,"G","A","p.R146C",0.265,117,31,"unknown","NA",0,"NA",0,24.1,"het",0,"CTCCTCATCCTCTGCCAGGC","CTCGGCATTCTCCTTCTTTC",0,0,"chrX:g.48826243G>A",28923,null,"predicted passenger",null,"FALSE",129,"FALSE",3,"FALSE"]
["G04241","IGSF1","missense","X",130420629,"C","A","p.G7V",0.3947,38,15,"unknown","NA",0,"NA",0,19.28,"het",4e-05,"TCAGCATGGTGGCCCCCTCC","CTGGTCTGTCCAGGGTCATG",0,0,"chrX:g.130420629C>A",28693,null,"predicted passenger",null,"FALSE",52,"FALSE",0,"FALSE"]
["G04241","LCE2C","missense",1,152648763,"G","T","p.C91F",0.1758,91,16,"unknown","NA",0,"NA",0,6.137,"het",0.00016,"CCGGCACCAGAGCCCCGACT","CTGTGAGAGTGAACCTTCTG",0,0,"chr1:g.152648763G>T",28712,"LCE","predicted passenger",null,"FALSE",85,"FALSE",1,"FALSE"]
["G04241","SCYL3","missense",1,169857822,"C","A","p.A54S",0.0816,49,4,"unknown","NA",0,"NA",0,32,"het",0.04432,"CACCTATTATGGTACCTTGG","AGCTTTATTAACCTTGTCTT",0,0,"chr1:g.169857822C>A",28715,"Pkinase","predicted passenger",null,"FALSE",58,"FALSE",1,"FALSE"]
["G04245","HNRNPA3","frameshift",2,178080604,"AAG","A","p.R109Sfs*4",0.2162,37,8,"unknown","NA",0,"NA",0,34,"het",2.9E-4,"ATGGGCGTGTAGTGGAACCA","AGAGCTGTTTCTAGAGAGGT",0,0,"chr2:g.178080605_178080606del",29662,null,"predicted passenger",null,"FALSE",59,"FALSE",0,"FALSE"]
["G04242","UGT3A2","nonsense",5,36051981,"A","T","p.L101*",0.2087,115,24,"unknown","NA",0,"NA",0,33,"het",0,"AAAACAATTACCTGCCACCT","AAGTTTCTTCCAGAAAGAAA",0,0,"chr5:g.36051981A>T",29036,"UDPGT","predicted passenger",null,"FALSE",192,"TRUE",1,"FALSE"]
["G04245","CTNNA1","missense",5,138163357,"A","T","p.N338Y",0.2283,127,29,"unknown","NA",0,"NA",0,30,"het",0,"AGCGAATTGTGGCAGAGTGT","ATGCTGTCCGCCAGGCCCTG",0,0,"chr5:g.138163357A>T",29706,"Vinculin","predicted passenger",null,"FALSE",152,"FALSE",3,"FALSE"]
["G04241","MCM9",".",6,119252904,"CT","AA",".",0.1163,43,5,"unknown","NA",0,"NA",0,20.4,"het",0.23657,"TTCATCTTGAATCTAGGTAA","AAAGAAAAAAAAAAGGATCA",0,0,"chr6:g.119252904_119252905delinsAA",28782,null,"predicted passenger",null,"FALSE",41,"FALSE",0,"FALSE"]
["G04240","IQUB","missense",7,123142716,"C","T","p.D320N",0.0124,161,2,"unknown","NA",0,"NA",0,29.7,"het",0.00145,"TCCTGGTGTTACCAGTTTAT","AGTCATATTTGATACATATA",0,0,"chr7:g.123142716C>T",28789,null,"predicted passenger",null,"FALSE",211,"FALSE",1,"FALSE"]
["G04242","CPSF1","missense",8,145625760,"G","C","p.P272A",0.1594,69,11,"unknown","NA",0,"NA",0,25,"het",0.00685,"ACACACACCTATGGGCTTGG","CACAGCCAGAGCCTGGGTGC",0,0,"chr8:g.145625760G>C",29108,"MMS1_N","predicted passenger",null,"FALSE",66,"FALSE",2,"FALSE"]
["G04283","OR52B6","missense",11,5602348,"T","G","p.I81R",0.1781,73,13,"unknown","NA",0,"NA",0,16.79,"het",1.2E-4,"CCTGCATGAGCCCATGTACA","ATTCTTATCTATGCTGGCCA",0,0,"chr11:g.5602348T>G",30077,null,"predicted passenger",null,"FALSE",74,"FALSE",0,"FALSE"]
["G04241","FAM181B","missense",11,82444723,"C","T","p.G17S",0.2623,61,16,"unknown","NA",0,"NA",0,23.1,"het",0,"GTCCGGGGAGCCCCCGAAGC","GAAGGGCACGAAAGGGTGCG",0,0,"chr11:g.82444723C>T",28833,null,"predicted passenger",null,"FALSE",86,"FALSE",0,"FALSE"]
["G04240","TIGAR","missense",12,4461459,"C","T","p.L139F",0.0714285714285714,60,4,"unknown","NA",0,"NA",0,28.3,"het",0.03617,"GAATAGACTTTTTTGAATTT","TTTGTCAACTAATCCTGAAA",0,0,"chr12:g.4461459C>T",28835,"His_Phos_1","predicted passenger",null,"FALSE",108,"FALSE",1,"FALSE"]
["G04241","CACNA1H","nonsense",16,1265249,"C","T","p.Q1683*",0.1282,39,5,"unknown","NA",0,"NA",0,45,"het",0.06442,"TCCGGCCACACAGGTGGAAC","AGCTGGACCTGGCCATCGTG",0,0,"chr16:g.1265249C>T",28863,"Ion_trans","predicted passenger",null,"FALSE",27,"TRUE",1,"FALSE"]
["G04245","FOPNL","missense",16,15978039,"T","C","p.K18E",0.2024,84,17,"unknown","NA",0,"NA",0,20.5,"het",1e-05,"TAAATGCCCTAATACCCCCT","TTTTTCCAAGGTGTCCTTTA",0,0,"chr16:g.15978039T>C",29832,null,"predicted passenger",null,"FALSE",127,"FALSE",0,"FALSE"]
["G04283","GRB7","missense",17,37898670,"T","A","p.V62E",0.073,370,27,"unknown","NA",0,"NA",0,26.4,"het",0.0081,"TACCCCTCTGCCTGAGGAGG","AAAGAGGTCCCAGCCTCTCC",0,0,"chr17:g.37898670T>A",30136,null,"predicted passenger",null,"FALSE",107,"FALSE",1,"FALSE"]
["G04241","FHOD3","frameshift",18,34298324,"A","AC","p.P848Sfs*30",0.0879,91,8,"unknown","NA",0,"NA",0,33,"het",0.00255,"CACAGGGAGGCCCCTGGGCC","CCTCCCCCACCCCCACCCAC",0,0,"chr18:g.34298324_34298325insC",28892,null,"predicted passenger",null,"FALSE",98,"TRUE",0,"FALSE"]
["G04241","IRGC","missense",19,44224019,"C","A","p.P437T",0.1057,123,13,"unknown","NA",0,"NA",0,19.43,"het",0.00026,"AGGGAGGTGGGGAGGAAGCC","CACTCTCAACCTGCAGGAAG",0,0,"chr19:g.44224019C>A",28899,null,"predicted passenger",null,"FALSE",114,"FALSE",0,"FALSE"]
["G04242","ARSH","missense","X",2924724,"G","T","p.C24F",0.0857,35,3,"unknown","NA",0,"NA",0,23.8,"het",0.00105,"TGGAGTGGGGGATTTGTGCT","CTACGGTAATAACTCAGTGA",0,0,"chrX:g.2924724G>T",28920,"Sulfatase","predicted passenger",null,"FALSE",53,"FALSE",2,"FALSE"]
["G04241","ZNF280C","missense","X",129377809,"G","A","p.S70F",0.1667,54,9,"unknown","NA",0,"NA",0,23.1,"het",0.00047,"CACTCTTTATTCCTTTTGAA","ATGAGCTGGAGTGGCCTCTG",0,0,"chrX:g.129377809G>A",28926,"DUF4195","predicted passenger",null,"FALSE",72,"FALSE",0,"FALSE"]
["G04240","ESPN","frameshift",1,6505823,"CACCACCCCCACCCAGCTTCCCCCCG","C","p.P432Hfs*23",0.131903586120306,77,8.23076923076923,"unknown","NA",0,"NA",0,34,"het",0,"GATTGGGAAGCCCACACCCC","CCACCCCCGCCCCCAGGCAC",0,0,"chr1:g.6505824_6505848del",28930,null,"predicted passenger",null,"FALSE",95,"FALSE",0,"FALSE"]
["G04242","KCNT2","missense",1,196311257,"T","C","p.E502G",0.1163,172,20,"unknown","NA",0,"NA",0,29.6,"het",0.00028,"TAAAACTCTTTCCTTCATAT","CAGCAAAAAATGTACTTTCT",0,0,"chr1:g.196311257T>C",28955,"BK_channel_a","predicted passenger",null,"FALSE",122,"FALSE",2,"FALSE"]
["G04242","AHCTF1","missense",1,247039395,"A","G","p.L1020S",0.1149,87,10,"unknown","NA",0,"NA",0,27.4,"het",1.1E-4,"GCTTAGCTCGTTCAATGGCT","ATTTTCGATGGACTCTAGGA",0,0,"chr1:g.247039395A>G",28963,null,"predicted driver: tier 1","ambiguous","FALSE",127,"FALSE",1,"TRUE"]
["G04244","GLS","frameshift",2,191827688,"TAAGA","T","p.K663Ifs*20",0.1148,122,14,"unknown","NA",0,"NA",0,35,"het",1E-4,"AAGGAAAATCAAACCGTCCA","ATCTTGATGGATTGTTGTAA",0,0,"chr2:g.191827689_191827692del",29373,null,"predicted passenger",null,"FALSE",124,"FALSE",0,"FALSE"]
["G04283","PCBP4","missense",3,51994607,"T","C","p.T64A",0.1592,157,25,"unknown","NA",0,"NA",0,26.3,"het",0,"TGCTGTAGACCCGGTGATGG","GGTGATGCGTTCAGGGCAGG",0,0,"chr3:g.51994607T>C",29978,"KH_1","predicted passenger",null,"FALSE",191,"FALSE",3,"FALSE"]
["G04283","TENM3","missense",4,183651412,"T","C","p.V882A",0.19,100,19,"unknown","NA",0,"NA",0,25.2,"het",0,"TGGAACTCCACTTATTGGAG","AAATGTCTCGTTTTTCCATT",0,0,"chr4:g.183651412T>C",29997,null,"predicted passenger",null,"FALSE",147,"FALSE",2,"FALSE"]
["G04283","TTK","missense",6,80744790,"A","G","p.Y568C",0.0791,139,11,"unknown","NA",0,"NA",0,27.1,"het",0.00311,"TAACCAAACTCTTGATAGTT","CCGGAACGAAATAGCTTATT",0,0,"chr6:g.80744790A>G",30019,"Pkinase","predicted passenger",null,"FALSE",155,"TRUE",2,"FALSE"]
["G04241","WIPF3","frameshift",7,29874387,"CGCCTCTGGGGGCT","C","p.P17Lfs*11",0.120895354060037,98,10.3076923076923,"unknown","NA",0,"NA",0,35,"het",0.00038,"TCCTCTGCCTCCACCTCCCC","CCTCCCCCTCCCCCACCATC",0,0,"chr7:g.29874388_29874400del",29079,null,"predicted passenger",null,"FALSE",66,"FALSE",0,"FALSE"]
["G04242","MTUS1","missense",8,17612103,"A","G","p.V405A",0.3091,55,17,"unknown","NA",0,"NA",0,0.671,"het",0,"TCAGTCCAAATGACGAGCCC","CCTTTTGTCCTGGCGGGCTA",0,0,"chr8:g.17612103A>G",29092,null,"predicted passenger","LoF","FALSE",161,"FALSE",0,"FALSE"]
["G04244","MTUS1","missense",8,17612103,"A","G","p.V405A",0.1667,96,16,"unknown","NA",0,"NA",0,0.671,"het",0,"TCAGTCCAAATGACGAGCCC","CCTTTTGTCCTGGCGGGCTA",0,0,"chr8:g.17612103A>G",29440,null,"predicted passenger","LoF","FALSE",161,"FALSE",0,"FALSE"]
["G04283","TONSL","missense",8,145665556,"C","T","p.R443K",0.1457,151,22,"unknown","NA",0,"NA",0,9.581,"het",3e-05,"GGGCCTCCTGGGGCTGCAGC","TCAGCTGCACGGTATGGAGA",0,0,"chr8:g.145665556C>T",30057,null,"predicted passenger",null,"FALSE",90,"FALSE",0,"FALSE"]
["G04242","PDZD3","missense",11,119058385,"C","A","p.F211L",0.1111,18,2,"unknown","NA",0,"NA",0,0.297,"het",0.1249,"GGGGTCAGTGTGGAGAAGTT","ACTCACAACCAACTCACCAG",0,0,"chr11:g.119058385C>A",29164,"PDZ","predicted passenger",null,"FALSE",32,"FALSE",0,"FALSE"]
["G04242","RHNO1","missense",12,2997344,"C","A","p.Q146K",0.0577,52,3,"unknown","NA",0,"NA",0,8.626,"het",0.03119,"ACATGTCAGTGCAGGCACTT","AGAGCTTACCTTATGTGTTC",0,0,"chr12:g.2997344C>A",29166,"RHINO","predicted passenger",null,"FALSE",116,"FALSE",0,"FALSE"]
["G04242","EP400","missense",12,132466976,"C","A","p.P628T",0.1,20,2,"unknown","NA",0,"NA",0,12.94,"het",0.09425,"TGGCCCTCCACGTTCCCACA","CTGGAAAGGTGCAGGTGCAG",0,0,"chr12:g.132466976C>A",29186,null,"predicted passenger",null,"FALSE",44,"FALSE",0,"FALSE"]
["G04242","TRIM9","missense",14,51561376,"C","A","p.K94N",0.1111,18,2,"unknown","NA",0,"NA",0,22.8,"het",0.06335,"ACGCGGACGCCGTTGGGGGA","TTCTGGCACGGGGTAGTGGG",0,0,"chr14:g.51561376C>A",29198,null,"predicted passenger",null,"FALSE",52,"FALSE",1,"FALSE"]
["G04283","C14orf80","missense",14,105958455,"C","T","p.R80C",0.096,125,12,"unknown","NA",0,"NA",0,12.87,"het",0,"CTGTCCTAGAGGTCCAAGCC","GCTTGGTGAAGTCAGCACTA",0,0,"chr14:g.105958455C>T",29209,"DUF4509","predicted passenger",null,"FALSE",107,"FALSE",0,"FALSE"]
["G04241","NPIPB11","missense",16,29392798,"G","A","p.S1152L",0.0425531914893617,49,2,"unknown","NA",0,"NA",0,0.19,"het",0.01178,"TCCGCCTCTTGGGTTCGGGT","ATGATGGTTCCACGTCAGCG",0,0,"chr16:g.29392798G>A",29233,null,"predicted passenger",null,"FALSE",65,"FALSE",0,"FALSE"]
["G04242","ASXL3","frameshift",18,31325883,"CTCCCCCTCCACCCTTGGCTTTG","C","p.P2026Rfs*47",0.3273,55,18,"unknown","NA",0,"NA",0,33,"het",0,"GCCGCCGCCACCGCCTCCCC","CCCCCGCCTCCCCCCCCACC",0,0,"chr18:g.31325884_31325905del",29262,null,"predicted passenger",null,"FALSE",75,"FALSE",0,"FALSE"]
["G04244","AKAP8L","missense",19,15510218,"G","T","p.A351D",0.28735632183908,112,25,"unknown","NA",0,"NA",0,11.3,"het",0,"TTTCATCCTGGGTGGTTAGG","CCCCTGTGGGAGCAGATGGG",0,0,"chr19:g.15510218G>T",29274,null,"predicted passenger",null,"FALSE",149,"FALSE",0,"FALSE"]
["G04242","PIGU",".",20,33225790,"CT","AA",".",0.1667,12,2,"unknown","NA",0,"NA",0,25.6,"het",0.125,"AGGAGTTTCTGCTTTTTAAA","AGAAAAAAAAAAAAAAGGAA",0,0,"chr20:g.33225790_33225791delinsAA",29292,null,"predicted passenger",null,"FALSE",21,"FALSE",0,"FALSE"]
["G04240","ZNF831","missense",20,57768416,"C","T","p.P781L",0.0526,38,2,"unknown","NA",0,"NA",0,22.6,"het",0.08321,"GGCTCCCAGGCCAGTTTGGC","GGACCCCAAGCTGGAAGGAG",0,0,"chr20:g.57768416C>T",29301,null,"predicted passenger",null,"FALSE",66,"FALSE",0,"FALSE"]
["G04242","OTUD7B","nonsense",1,149939288,"C","A","p.E145*",0.0150375939849624,135,2,"unknown","NA",0,"NA",0,37,"het",0.01671,"TATGAAGCTGCGGAAGTCTT","ATTGTATACAGTGAGATCTG",0,0,"chr1:g.149939288C>A",29341,null,"predicted passenger",null,"FALSE",124,"TRUE",1,"FALSE"]
["G04242","CPSF3","frameshift",2,9576423,"CAG","C","p.G233Rfs*22",0.00790625,128,1,"unknown","NA",0,"NA",0,35,"het",0.00573,"ACTGTCCACGATATTGTAAA","AGGAGGCAGGGGTCTCATTC",0,0,"chr2:g.9576424_9576425del",29355,null,"predicted passenger",null,"FALSE",139,"FALSE",0,"FALSE"]
["G04240","CSNK1G3","missense",5,122909234,"T","A","p.L146Q",0.0667,30,2,"unknown","NA",0,"NA",0,23.6,"het",0.03437,"TCTCATGATAGCTATACAAC","GGTAAGTAAAATAAGGTATT",0,0,"chr5:g.122909234T>A",29399,"Pkinase","predicted passenger","LoF","FALSE",35,"FALSE",3,"FALSE"]
["G04240","KCNU1","missense",8,36694452,"C","A","p.Q503K",0.0308,65,2,"unknown","NA",0,"NA",0,21.8,"het",0.11451,"TAACATCTCTATTTGTGGAG","AAAACAAAAAGGTAACCTTG",0,0,"chr8:g.36694452C>A",29444,"BK_channel_a","predicted passenger",null,"FALSE",80,"FALSE",0,"FALSE"]
["G04244","CSTF3","missense",11,33112143,"C","G","p.D526H",0.1515,66,10,"unknown","NA",0,"NA",0,24.2,"het",1E-4,"ATCCATGAACTTGTATCTAT","TACTAGTAAAGCCGTTTCTT",0,0,"chr11:g.33112143C>G",29477,"Suf","predicted passenger",null,"FALSE",104,"FALSE",1,"FALSE"]
["G04244","KRT6C","frameshift",12,52867126,"AG","A","p.P132Lfs*14",0.1429,14,2,"unknown","NA",0,"NA",0,25.3,"het",0.12281,"GTGACCTCTTGGATGCCTCC","GGGGGCACACAGGGAAGCCA",0,0,"chr12:g.52867127_52867127del",29499,null,"predicted passenger",null,"FALSE",24,"FALSE",0,"FALSE"]
["G04244","ZNF106","nonsense",15,42734559,"C","A","p.E1136*",0.0577,52,3,"unknown","NA",0,"NA",0,40,"het",0.03493,"AGATCTACTGTTCCTTCGTT","TCGTGTGAGGCTACAGGGAA",0,0,"chr15:g.42734559C>A",29531,null,"predicted passenger",null,"FALSE",107,"TRUE",1,"FALSE"]
["G04244","ZNF407","missense",18,72347646,"C","A","p.H1557Q",0.125,16,2,"unknown","NA",0,"NA",0,25.9,"het",0.08081,"TCGATGGCCTTCCTGGCACA","ATTCGCACTCACACAGGTAT",0,0,"chr18:g.72347646C>A",29566,"zf-H2C2_2","predicted passenger",null,"FALSE",40,"FALSE",2,"FALSE"]
["G04283","TENM1","frameshift","X",123680782,"AT","A","p.K864Nfs*25",4.92610837438424E-3,204,1,"unknown","NA",0,"NA",0,35,"het",3e-05,"ACTGTCCTTGCCAATGAGGA","TTGATTCGATCATAAAAAAG",0,0,"chrX:g.123680783_123680783del",29613,null,"predicted passenger",null,"FALSE",136,"FALSE",0,"FALSE"]
["G04245","KIF17","frameshift",1,20991189,"T","GG","p.Q993Pfs*4",0.0556,108,6,"unknown","NA",0,"NA",0,34,"het",0.00872,"GCTGGGGCATTTCAGGGGCC","GGGTGGGTGGGATGGCAGAG",0,0,"chr1:g.20991189delinsGG",29626,null,"predicted passenger",null,"FALSE",120,"FALSE",0,"FALSE"]
["G04245","TCHHL1","missense",1,152059840,"C","G","p.K106N",0.0825,97,8,"unknown","NA",0,"NA",0,3.401,"het",3.1E-4,"TGAACATCCACATCATCTAG","TTCTCCTTCTCTGGTTTAGT",0,0,"chr1:g.152059840C>G",29636,null,"predicted passenger",null,"FALSE",170,"FALSE",0,"FALSE"]
["G04244","PPIA",".",7,44838988,"CAG","C",".",0.0136986301369863,74,1,"unknown","NA",0,"NA",0,26.9,"het",0.00288,"GTGTTTAATTTTTTTTTAAA","AAAATTTTCGTGCTCTGAGC",0,0,"chr7:g.44838989_44838990del",29731,null,"predicted passenger",null,"FALSE",125,"TRUE",0,"FALSE"]
["G04245","DNMBP","missense",10,101715738,"T","A","p.Q498L",0.0549,91,5,"unknown","NA",0,"NA",0,9.765,"het",0.00926,"AACTTGCTAGGTTGTGGAGC","GAGGACTTGATTGTCTGGGT",0,0,"chr10:g.101715738T>A",29777,null,"predicted passenger",null,"FALSE",138,"FALSE",0,"FALSE"]
["G04245","CHD2","missense",15,93540209,"A","T","p.R1206S",0.1333,75,10,"unknown","NA",0,"NA",0,22.5,"het",1.34E-3,"AAAGGACCAGGGAAAAGGAG","GGTCCAACAATCAAGATATC",0,1,"chr15:g.93540209A>T",29829,null,"predicted passenger","LoF","FALSE",71,"FALSE",0,"FALSE"]
["G04245","GRAMD1A","frameshift",19,35504515,"CAGGAGCCA","C","p.E265Pfs*49",0.1037,135,14,"unknown","NA",0,"NA",0,33,"het",0.00093,"CGGGGGCAGCTGACCGCAGC","AGCCCAGTGGGTTCGCGCCG",0,0,"chr19:g.35504516_35504523del",29873,null,"predicted passenger",null,"FALSE",106,"FALSE",0,"FALSE"]
["G04245","TNMD","missense","X",99849261,"T","A","p.Y109N",0.1081,74,8,"unknown","NA",0,"NA",0,27,"het",0.00723,"TTTTGTCTGTTTTATAGGGA","ACACTGGCATCTACTTCGTG",0,0,"chrX:g.99849261T>A",29915,"BRICHOS","predicted passenger",null,"FALSE",61,"FALSE",1,"FALSE"]
["G04245","LNP1","nonsense",3,100170600,"A","ATCCTAGAAGGCATTCTCATGAGGACCAAGGAATTCCGATGCCGATCGTCTGACCGTCT","p.E75Gfs*8",0.474074074074074,199,64,"unknown","NA",0,"NA",0,25.6,"het",0,"AATTCCATCATCTGACTGCC","TCCTAGAAGGCATTCTCATG",0,0,"chr3:g.100170600_100170601insTCCTAGAAGGCATTCTCATGAGGACCAAGGAATTCCGATGCCGATCGTCTGACCGTCT",29980,"LNP1","predicted passenger",null,"FALSE",226,"FALSE",0,"FALSE"]
["G04244","CCNK","frameshift",14,99976592,"CACCCGGCCCCTGTGCACCAGCCACCGCCGCTGCCACACCGG","C","p.H406Pfs*164",0.0410506873679465,78,3,"unknown","NA",0,"NA",0,34,"het",0.00014,"TCCAGATTCCCCCTCCGGCC","CCCCCGCCCCCACCCCCCTC",0,0,"chr14:g.99976593_99976633del",30116,null,"predicted passenger",null,"FALSE",93,"TRUE",0,"FALSE"]
["G04244","SCARF2","frameshift",22,20780026,"GCGG","CGTGGC","p.A750_A751delinsPR",1,30,15,"unknown","NA",0,"NA",0,26.8,"het",0.04776,"GGGCTCCAAGAGGCCGGGGC","CGCGCGCTCGGGCCCTGGGC",0,0,"chr22:g.20780026_20780031delinsCGTGGC",30183,null,"predicted passenger",null,"FALSE",17,"FALSE",0,"FALSE"]
["G09209","ANKRD36C","missense",2,96517893,"T","C","p.M1734V",0.0604,182,11,"known","NA",0,"MU4557288",1,0.011,"het",0.07589,"CTTTTGTGCGTCGCCTTCCA","CTCCTTAGTACATCTTATAG",1,0,"chr2:g.96517893T>C",6095,null,"predicted passenger",null,"FALSE",163,"FALSE",0,"FALSE"]
["G13370","CADPS","missense",3,62477973,"C","T","p.R959H",0.1212,66,8,"known","COSM1047939",4,"MU1945602",2,27.1,"het",0.01044,"GGTAATACATACAGTCAGTA","GGAGAAAATCATTCAGCAGC",0,0,"chr3:g.62477973C>T",7788,null,"predicted passenger",null,"FALSE",53,"FALSE",2,"TRUE"]
["G09209","CAGE1","missense",6,7374361,"C","A","p.A231S",0.0606,33,2,"known","COSM4788050",2,"MU30008429",1,0.005,"het",0.28852,"TATTTCTTTTGAAGGAACTG","AGTCTGTAAATTATAGTAAA",0,0,"chr6:g.7374361C>A",6175,"CAGE1","predicted passenger",null,"FALSE",28,"FALSE",1,"FALSE"]
["G13370","DAAM2","missense",6,39851756,"G","A","p.V622I",0.0947,95,9,"known","COSM5142809",1,"MU50559252",1,17.23,"het",0.00526,"AGGAGCGTGTCCCTGGCACC","TATGGAATGAGATTGATGAC",0,0,"chr6:g.39851756G>A",7862,"FH2","predicted passenger",null,"FALSE",77,"FALSE",0,"FALSE"]
["G09209","CRISPLD1","missense",8,75898236,"C","T","p.A5V",0.1887,53,10,"known","COSM1458228",1,"MU131811",1,17.73,"het",0.00193,"ATTCATTATGAAGTGTACCG","GCGGGAGTGGCTCAGAGTAA",0,0,"chr8:g.75898236C>T",6214,null,"predicted passenger",null,"FALSE",42,"FALSE",0,"FALSE"]
["G13370","CRISPLD1","missense",8,75898236,"C","T","p.A5V",0.0833,60,5,"known","COSM1458228",1,"MU131811",1,17.73,"het",0.06557,"ATTCATTATGAAGTGTACCG","GCGGGAGTGGCTCAGAGTAA",0,0,"chr8:g.75898236C>T",7898,null,"predicted passenger",null,"FALSE",42,"FALSE",0,"FALSE"]
["G09211","CTDSP2","missense",12,58223308,"G","A","p.R46C",0.1111,144,16,"known","COSM3463943",2,"MU4351585",2,23.5,"het",3.5E-4,"CTGGCCAACATGCTGGGCGC","AAAACAGCAGAAAAGGGCCT",0,0,"chr12:g.58223308G>A",7045,null,"predicted passenger",null,"FALSE",119,"FALSE",1,"FALSE"]
["G09210","YY1","missense",14,100705725,"C","G","p.D48E",0.0708,113,8,"known","COSM5510710",2,"MU43627100",1,2.133,"het",0.04615,"GGCGAGGAGGAGGAGGAGGA","GACGACGACGAGGACGGCGG",0,0,"chr14:g.100705725C>G",6685,null,"predicted passenger",null,"FALSE",89,"FALSE",0,"FALSE"]
["G09211","YY1","missense",14,100705725,"C","G","p.D48E",0.1552,116,18,"known","COSM5510710",2,"MU43627100",1,2.133,"het",0.00026,"GGCGAGGAGGAGGAGGAGGA","GACGACGACGAGGACGGCGG",0,0,"chr14:g.100705725C>G",7080,null,"predicted passenger",null,"FALSE",89,"FALSE",0,"FALSE"]
["G13370","UNC119","missense",17,26875098,"C","T","p.R119Q",0.1181,127,15,"known","COSM4739215",4,"NA",0,23.2,"het",0.01212,"CAGCATTGGGGTCCAGGTCC","GCCGGTTGATGGGCAACCGT",0,0,"chr17:g.26875098C>T",8032,"GMP_PDE_delta","predicted passenger",null,"FALSE",52,"FALSE",0,"FALSE"]
["G09211","SYDE1","missense",19,15222191,"G","A","p.R453Q",0.1148,61,7,"known","COSM293982",2,"NA",0,24.1,"het",4.62E-3,"GCTTCGGGATGCCTTTGAGC","GGACAGTGCAGCGGTCTGCC",0,0,"chr19:g.15222191G>A",7150,"RhoGAP","predicted passenger",null,"FALSE",97,"FALSE",0,"FALSE"]
["G09210","GSS","missense",20,33530310,"G","A","p.R158W",0.0496,121,6,"known","COSM4496345",1,"NA",0,35,"het",0.00177,"CCGGTGCACAGCTGGGGTCC","GGAGGCCAGGCCCCCAAAGC",1,0,"chr20:g.33530310G>A",6388,"GSH_synth_ATP","predicted passenger",null,"FALSE",61,"FALSE",2,"FALSE"]
["G09210","C2orf54","missense",2,241830963,"C","A","p.Q244H",0.0513,39,2,"known","COSM6615867",1,"NA",0,2.091,"het",0.24051,"GGGTGCGCCTACCTCCAGAG","TGGGCGCTGGCCGGCACCAG",1,0,"chr2:g.241830963C>A",6470,"Mab-21","predicted passenger",null,"FALSE",42,"FALSE",0,"FALSE"]
["G09210","AOC1","missense",7,150556093,"C","A","p.L605M",0.0606,33,2,"known","COSM599917",1,"MU1326860",1,24.6,"het",0.39819,"ACTCCATGGCCGACCAGGTG","TGCCCCCAGGCTGGCAGGAG",0,0,"chr7:g.150556093C>A",6571,"Cu_amine_oxid","predicted passenger",null,"FALSE",19,"FALSE",1,"FALSE"]
["G09210","ARHGAP12","nonsense",10,32096753,"C","A","p.E792*",0.0606,33,2,"known","COSM1183361",1,"NA",0,43,"het",0.46809,"TCGATTTTTCTCTCCATTTT","TATAACTCTGAAGGGAAAAA",1,0,"chr10:g.32096753C>A",6618,"RhoGAP","predicted passenger",null,"FALSE",15,"TRUE",1,"FALSE"]
["G09211","GSE1","frameshift",16,85682289,"AC","A","p.V123Wfs*2",0.03125,66,2,"known","COSM253012",20,"MU98639",7,14.57,"het",0.09889,"GGGGCCACAGCGTGCCCAGC","CCCCCCCGTGGTGACCATCG",0,0,"chr16:g.85682290_85682290del",6703,"DUF3736","predicted passenger","LoF","FALSE",37,"FALSE",0,"FALSE"]
["G09212","ANKRD36C","missense",2,96517905,"A","T","p.C1730S",0.0459,196,9,"known","NA",0,"MU4557285",2,0.103,"het",0.10933,"GCCTTCCATCTCCTTAGTAC","TCTTATAGTAGCTGTAAGTT",0,0,"chr2:g.96517905A>T",7283,null,"predicted passenger",null,"FALSE",146,"FALSE",0,"FALSE"]
["G13370","TRIP12","missense",2,230652358,"C","A","p.D1545Y",0.03125,66,2,"known","COSM6368709",1,"NA",0,34,"het",0.21907,"AAAAAGCATTTGCCGGGTAT","AAAAGGAAAGAAAAATGGGC",1,0,"chr2:g.230652358C>A",6850,null,"predicted driver: tier 1","LoF","FALSE",32,"FALSE",3,"TRUE"]
["G09211","ACSM2B","missense",16,20570756,"A","G","p.L64P",0.1765,34,6,"known","COSM968100",5,"MU603399",2,0.905,"het",0.32879,"ACCACAGGGCTGGGCTTGGG","GTCGCTTGCCAGCCTGAGGA",0,0,"chr16:g.20570756A>G",7102,null,"predicted passenger",null,"FALSE",14,"FALSE",0,"FALSE"]
["G13370","FBF1",".",17,73916511,"C","A",".",0.0571,35,2,"known","COSM4413924",1,"MU13603362",1,20.9,"het",0.43179,"AGGGACTCTGGGAGCAGGGG","TGGAGGAGAGGAAGAGAGGT",0,0,"chr17:g.73916511C>A",8046,null,"predicted passenger",null,"FALSE",20,"TRUE",0,"FALSE"]
["G09212","MMEL1","nonsense",1,2525322,"G","A","p.Q600*",0.2449,49,12,"unknown","NA",0,"NA",0,37,"het",0.00353,"GCCTCCAAAGTTCAAGGCCT","TGGCTGCTCCTTGCTGAAGA",0,0,"chr1:g.2525322G>A",31177,"Peptidase_M13","predicted passenger",null,"FALSE",38,"TRUE",1,"FALSE"]
["G09210","ZNF644","missense",1,91403113,"C","A","p.C1206F",0.0941,170,16,"unknown","NA",0,"NA",0,24.5,"het",0.00025,"CCTCATTTAATGGAAGAACG","ATTTCTGAACGAATCTCTTT",0,0,"chr1:g.91403113C>A",30940,null,"predicted passenger",null,"FALSE",161,"FALSE",2,"FALSE"]
["G09209","BCAN","missense",1,156626840,"G","A","p.A721T",0.4194,62,26,"unknown","NA",0,"NA",0,34,"het",0,"CCCAGTGCCGGATGTACGGC","CGCATCTGGCCAGCATCAGC",0,0,"chr1:g.156626840G>A",30779,"Lectin_C","predicted passenger",null,"FALSE",58,"FALSE",0,"FALSE"]
["G09211","HMCN1","frameshift",1,186059935,"T","TC","p.L3259Pfs*7",0.2339,248,58,"unknown","NA",0,"NA",0,36,"het",0,"AATTCCAAGTGATGTCAGTG","CCTTCTAGGAGAAAATGTTG",0,0,"chr1:g.186059935_186059936insC",31053,"I-set","predicted passenger","LoF","FALSE",180,"FALSE",0,"FALSE"]
["G09209","NTSR2","missense",2,11809794,"C","A","p.W154C",0.1176,17,2,"unknown","NA",0,"NA",0,16.42,"het",0.15796,"GCCCACGAGAGCGCCACCAG","CACCGGGTCCGGCGTGGCGT",0,0,"chr2:g.11809794C>A",30788,"7tm_1","predicted passenger",null,"FALSE",26,"FALSE",0,"FALSE"]
["G13370","FASTKD2","missense",2,207631944,"C","T","p.A176V",0.0875,320,28,"unknown","NA",0,"NA",0,22.4,"het",0,"GTTAGATGCATTTTCAAAAG","GCCCACATTTCCTAGTAGCA",0,0,"chr2:g.207631944C>T",31298,null,"predicted passenger",null,"FALSE",233,"FALSE",0,"FALSE"]
["G09209","NLGN1","missense",3,173996821,"G","C","p.D344H",0.1429,14,2,"unknown","NA",0,"NA",0,26,"het",0.28,"AGCCTTACAAAGAACTTGTT","ACCAAGATATTCAACCAGCT",0,0,"chr3:g.173996821G>C",30799,"COesterase","predicted passenger",null,"FALSE",12,"FALSE",1,"FALSE"]
["G09211","TRIO","frameshift",5,14406028,"C","CCT","p.K1598*fs*1",0.1923,104,20,"unknown","NA",0,"NA",0,35,"het",1e-05,"ATCCAGGAGCGGACGATCCA","CTGAAGGGAGCCCTGAAGGA",0,0,"chr5:g.14406028_14406029insCT",31066,null,"predicted passenger","Act","FALSE",100,"FALSE",0,"FALSE"]
["G09210","HCN1","missense",5,45461951,"C","A","p.M336I",0.1538,130,20,"unknown","NA",0,"NA",0,25.7,"het",2e-05,"TAACAGAATTTACTTACAAC","ATTTCATTTAAAGACACCCA",0,0,"chr5:g.45461951C>A",30970,"Ion_trans","predicted passenger",null,"FALSE",141,"FALSE",1,"FALSE"]
["G09209","XPO5","frameshift",6,43538671,"CTACAATTCGAGACAGAGCATCTTTAA","C","p.I112Sfs*14",0.07,100,7,"unknown","NA",0,"NA",0,35,"het",0.0253,"CTCTCGCTTGATCATTTCCA","TATGGTTCTCCTCTTCCAAA",0,0,"chr6:g.43538672_43538697del",30812,"Xpo1","predicted passenger",null,"FALSE",88,"FALSE",0,"FALSE"]
["G09209","POU6F2","missense",7,39379418,"C","A","p.P230H",0.2143,98,21,"unknown","NA",0,"NA",0,24.3,"het",4e-05,"CCCACCCCAGCAGCCACCAC","CGCCTCTCAGCAGCCGCCAG",0,0,"chr7:g.39379418C>A",30817,null,"predicted passenger","LoF","FALSE",62,"FALSE",1,"FALSE"]
["G13370","C7orf69","missense",7,47857717,"C","A","p.P68T",0.0769,143,11,"unknown","NA",0,"NA",0,10.42,"het",0.00059,"ATTGGAGGCCTGCCAGAGCA","CCAGAGGGTGGAATGAAGCA",0,0,"chr7:g.47857717C>A",30819,null,"predicted passenger",null,"FALSE",114,"FALSE",0,"FALSE"]
["G13370","LRRC4","nonsense",7,127669616,"G","A","p.R360*",0.0662,136,9,"unknown","NA",0,"NA",0,37,"het",0.00411,"CTCAGAAATGTTGAGGTCTC","AGGTGCGTCCATGATGAAGG",0,0,"chr7:g.127669616G>A",31324,"I-set","predicted passenger",null,"FALSE",140,"TRUE",1,"FALSE"]
["G09210","TRPS1","missense",8,116430662,"C","T","p.V907I",0.0616,292,18,"unknown","NA",0,"NA",0,27.7,"het",1E-4,"CAGGCAATTGGCACAAAAAA","ACCGGAGCCTCTACGCCTCT",0,0,"chr8:g.116430662C>T",30984,null,"predicted passenger",null,"FALSE",237,"FALSE",2,"FALSE"]
["G09212","KHDRBS3","missense",8,136470132,"A","G","p.E8G",0.0472,127,6,"unknown","NA",0,"NA",0,18.5,"het",0.00274,"GGAGGAGAAGTACCTGCCCG","GCTGATGGCGGAGAAGGACT",0,0,"chr8:g.136470132A>G",30832,null,"predicted passenger",null,"FALSE",142,"FALSE",1,"FALSE"]
["G13370","CPSF1","missense",8,145623063,"C","T","p.R702Q",0.1379,87,12,"unknown","NA",0,"NA",0,33,"het",0.0035,"TGAACATGCCGCTGAGGTCT","GGTACAGGCACAGCGTAATC",0,0,"chr8:g.145623063C>T",31331,null,"predicted passenger",null,"FALSE",71,"FALSE",0,"FALSE"]
["G09211","CNTNAP3B","frameshift",9,43844263,"GCG","TC","p.A533S",0.2143,28,6,"unknown","NA",0,"NA",0,27.1,"het",0.09175,"CCATCTTAGTACAGCAGGGG","CTGGGGAGTTTCAGGGACCT",0,0,"chr9:g.43844263_43844264delinsTC",30839,null,"predicted passenger",null,"FALSE",11,"FALSE",0,"FALSE"]
["G09211","SHC3","frameshift",9,91628474,"CTG","C","p.D557Efs*4",0.0444,45,2,"unknown","NA",0,"NA",0,36,"het",0.08886,"GGCTGATACTGTCAAAGACT","TCCTTTGTCCGGATCTATGA",0,0,"chr9:g.91628475_91628476del",30841,"SH2","predicted passenger",null,"FALSE",41,"FALSE",0,"FALSE"]
["G13370","DOCK1","missense",10,129046313,"G","A","p.M942I",0.1624,117,19,"unknown","NA",0,"NA",0,24.9,"het",0.00049,"ACAGCTATTTTACGACAAAT","GAAGATTACCATTATGCCCA",0,0,"chr10:g.129046313G>A",31339,null,"predicted passenger",null,"FALSE",90,"FALSE",1,"FALSE"]
["G09209","OR8U1","missense",11,56143694,"A","G","p.I199V",0.1622,148,24,"unknown","NA",0,"NA",0,0.045,"het",1e-05,"CTCGCTTCAAACAGCTCTGG","TCTTTGCCTGTGCTGGTATC",0,0,"chr11:g.56143694A>G",30856,"7tm_4","predicted passenger",null,"FALSE",97,"FALSE",0,"FALSE"]
["G09210","LRRC55","missense",11,56949630,"G","A","p.R88H",0.0693,101,7,"unknown","NA",0,"NA",0,10.07,"het",1.31E-3,"CCCCGTCCTTTGCACATGCC","TAACCAGGTGGTGGATTGTA",0,0,"chr11:g.56949630G>A",30857,"LRRNT","predicted passenger",null,"FALSE",80,"FALSE",0,"FALSE"]
["G09211","RSF1","missense",11,77386212,"C","T","p.C1144Y",0.0579,121,7,"unknown","NA",0,"NA",0,23.2,"het",0.02668,"GTCGCCTCAGTCTACGGCTA","AAAAGTCAGTGTCACTGTCA",0,0,"chr11:g.77386212C>T",31111,null,"predicted passenger",null,"FALSE",94,"FALSE",0,"FALSE"]
["G09211","TBRG1","missense",11,124502041,"G","T","p.Q381H",0.0917,120,11,"unknown","NA",0,"NA",0,23.5,"het",1.82E-3,"GCCTTTGTGTCTTCTTACCA","CCCATGTACCTGACACATGA",0,0,"chr11:g.124502041G>T",31116,null,"predicted passenger","LoF","FALSE",129,"FALSE",1,"FALSE"]
["G09211","KCNA6","missense",12,4919845,"G","C","p.R213P",0.0886,79,7,"unknown","NA",0,"NA",0,7.358,"het",0.02341,"AAACAATGGTGGTGTGAGTC","AGTCTCCCCAGTTTCCAGGG",0,0,"chr12:g.4919845G>C",30870,null,"predicted passenger",null,"FALSE",39,"FALSE",0,"FALSE"]
["G13370","SELPLG","missense",12,109025656,"G","C","p.L8V",0.1527,131,20,"unknown","NA",0,"NA",0,0.108,"het",7e-05,"AGCCATCTTATCTCCTTCTA","ACCACTGGCCCCCACTGCCA",0,0,"chr12:g.109025656G>C",31350,null,"predicted passenger",null,"FALSE",110,"FALSE",1,"FALSE"]
["G09209","SLITRK1","missense",13,84453978,"G","T","p.D555E",0.1329,158,21,"unknown","NA",0,"NA",0,8.186,"het",0,"ACCGGCGTCTCACACTTGAG","TCGCTCATCAGCACTTCGGA",0,0,"chr13:g.84453978G>T",30880,null,"predicted passenger",null,"FALSE",151,"FALSE",0,"FALSE"]
["G13370","PLEK2","missense",14,67859459,"C","T","p.G197S",0.1092,119,13,"unknown","NA",0,"NA",0,32,"het",0.00203,"GGCTCCCATGCTTCGGACAC","CACAGGCCTGAGGAAGTTCT",0,0,"chr14:g.67859459C>T",31353,"DEP","predicted passenger",null,"FALSE",92,"FALSE",2,"FALSE"]
["G13370","DISP2","missense",15,40661605,"G","A","p.V1098I",0.1842,76,14,"unknown","NA",0,"NA",0,8.878,"het",0.00103,"TCCTCATGATGGTCAAATGC","TCAGTTGTGGCTTTGCCAGC",0,0,"chr15:g.40661605G>A",31357,null,"predicted passenger",null,"FALSE",45,"FALSE",0,"FALSE"]
["G09212","UBALD1","missense",16,4659903,"C","T","p.E89K",0.1053,19,2,"unknown","NA",0,"NA",0,33,"het",0.22581,"GCCACCGCTGTGGAAGCTCT","GGAGGCCTTGAGACGGGAGA",0,0,"chr16:g.4659903C>T",30890,null,"predicted passenger",null,"FALSE",19,"FALSE",2,"FALSE"]
["G09212","MMP2","missense",16,55523652,"G","A","p.A366T",0.0843,166,14,"unknown","NA",0,"NA",0,18.81,"het",0.00024,"AATATGAGAGCTGCACCAGC","CCGGCCGCAGTGACGGAAAG",0,0,"chr16:g.55523652G>A",31246,"fn2","predicted passenger","Act","FALSE",150,"FALSE",0,"FALSE"]
["G09210","SGK494","missense",17,26940690,"C","T","p.R31Q",0.1077,65,7,"unknown","NA",0,"NA",0,16.44,"het",0.02188,"AGCCTCGGGCCCAGGGACCC","GGATGTTGCCACCCTGCTGA",0,0,"chr17:g.26940690C>T",31024,null,"predicted passenger",null,"FALSE",45,"FALSE",0,"FALSE"]
["G13370","SGK494","missense",17,26940690,"C","T","p.R31Q",0.0959,73,7,"unknown","NA",0,"NA",0,16.44,"het",0.00334,"AGCCTCGGGCCCAGGGACCC","GGATGTTGCCACCCTGCTGA",0,0,"chr17:g.26940690C>T",30901,null,"predicted passenger",null,"FALSE",45,"FALSE",0,"FALSE"]
["G09210","ABCA5","missense",17,67302921,"C","T","p.E245K",0.0614035087719298,121,7,"unknown","NA",0,"NA",0,26,"het",0.09832,"AAATTCTTTTATTTTTTTTT","TTTTTCTGCTACGATATGAA",0,0,"chr17:g.67302921C>T",30905,"ABC2_membrane_3","predicted passenger",null,"FALSE",83,"FALSE",2,"FALSE"]
["G13370","PLIN4","missense",19,4513428,"C","T","p.V168M",0.1429,70,10,"unknown","NA",0,"NA",0,0.018,"het",0.00161,"CTGTACGGTCCCTTTGGCCA","ATTCACTGCCCCCGTGAGCC",0,0,"chr19:g.4513428C>T",31369,null,"predicted passenger",null,"FALSE",79,"FALSE",0,"FALSE"]
["G09209","ZNF728",".",19,23170206,"C","A",".",0.1481,27,4,"unknown","NA",0,"NA",0,3.683,"het",0.11779,"TGGCTTAGGGGCAGCAATAC","TGTTTTATTAAAAATGAGTA",0,0,"chr19:g.23170206C>A",30919,null,"predicted passenger",null,"FALSE",22,"TRUE",0,"FALSE"]
["G09210","HAS1","frameshift",19,52216783,"GC","G","p.A545Pfs*12",0.1538,52,8,"unknown","NA",0,"NA",0,23.1,"het",0.0321,"AGTAGCCCACGTAGGCGCCG","CCCCGCGGCCAAGTGGTAGG",0,0,"chr19:g.52216784_52216784del",31032,null,"predicted passenger",null,"FALSE",44,"FALSE",0,"FALSE"]
["G09211","SCARF2","frameshift",22,20780026,"GCGG","CGCGGC","p.A750_A751delinsPR",1,32,16,"unknown","NA",0,"NA",0,26.8,"het",8.43E-3,"GGGCTCCAAGAGGCCGGGGC","CGCGCGCTCGGGCCCTGGGC",0,0,"chr22:g.20780026_20780031delinsCGCGGC",28680,null,"predicted passenger",null,"FALSE",12,"FALSE",0,"FALSE"]
["G13370","PRR5","missense",22,45098380,"T","C","p.F32S",0.2031,128,26,"unknown","NA",0,"NA",0,25.7,"het",5e-05,"GACTCTCCGCAGGTTGAAGT","CATGAGTTCGCCCAGCCTCA",0,0,"chr22:g.45098380T>C",31378,null,"predicted passenger","LoF","FALSE",70,"FALSE",2,"FALSE"]
["G09212","TBX22","missense","X",79278689,"G","T","p.W102C",0.1273,110,14,"unknown","NA",0,"NA",0,26.7,"het",0.00028,"CTTCAAGGATCTGAACTGTG","AAAAGATTCCATGACATCGG",0,0,"chrX:g.79278689G>T",31275,"T-box","predicted passenger",null,"FALSE",95,"FALSE",3,"FALSE"]
["G09209","ESPN","frameshift",1,6505824,"ACCACCCCCACCCAGCTT","CC","p.P431P",0.0469048081223361,52,2.30769230769231,"unknown","NA",0,"NA",0,34,"het",0.03387,"ATTGGGAAGCCCACACCCCC","CCCCCCGCCACCCCCGCCCC",0,0,"chr1:g.6505824_6505825delinsCC",30938,null,"predicted passenger",null,"FALSE",50,"FALSE",0,"FALSE"]
["G13370","RBM5","missense",3,50143092,"C","G","p.Q269E",0.1818,121,22,"unknown","NA",0,"NA",0,24.6,"het",1.09E-3,"TCCGCCTCATAAAAGACAAA","AGACCCAGCAGAACAGAGGC",0,0,"chr3:g.50143092C>G",31301,null,"predicted passenger","LoF","FALSE",111,"FALSE",0,"FALSE"]
["G09210","KRTAP5-4","missense",11,1643061,"T","C","p.K88R",0.1667,54,9,"unknown","NA",0,"NA",0,0.052,"het",0.02038,"CACAGGAGACACAGCCCCCC","TGGAACCCCCACAAGAGCCA",0,0,"chr11:g.1643061T>C",30997,null,"predicted passenger",null,"FALSE",30,"FALSE",0,"FALSE"]
["G09212","DACH1","missense",13,72053308,"C","A","p.K623N",0.131,84,11,"unknown","NA",0,"NA",0,25,"het",0.00086,"AATTTGGAAATACCTCTATT","TTTTGTTCCATAGCCAACTG",0,1,"chr13:g.72053308C>A",31241,null,"predicted passenger","LoF","FALSE",71,"FALSE",1,"FALSE"]
["G09210","MYH2","missense",17,10443332,"T","C","p.K354E",0.1284,148,19,"unknown","NA",0,"NA",0,23.7,"het",6.2E-4,"CATCACAGCCCCCGTGAGCT","GTAAATGGAGACCTTTTCTT",0,0,"chr17:g.10443332T>C",31022,"Myosin_head","predicted passenger",null,"FALSE",154,"FALSE",2,"FALSE"]
["G09212","A1BG","missense",19,58862970,"C","T","p.V233M",0.0798,188,15,"unknown","NA",0,"NA",0,16.29,"het",3.1E-4,"CACTCCACTCAGGGGAGCCA","GCAGGTGAGGGTCACCTTGT",0,0,"chr19:g.58862970C>T",31268,"Ig_2","predicted passenger",null,"FALSE",157,"FALSE",0,"FALSE"]
["G09210","SNED1","missense",2,241991871,"G","A","p.R690H",0.105263157894737,42,4,"unknown","NA",0,"NA",0,19.81,"het",0.10345,"CCAAGCAGGGTACATGGGAC","CCGGTGCCAGGCAGGTGAGA",0,0,"chr2:g.241991871G>A",31059,null,"predicted passenger",null,"FALSE",31,"FALSE",0,"FALSE"]
["G09209","SIK3","missense",11,116746987,"G","T","p.D301E",0.0822,73,6,"unknown","NA",0,"NA",0,23.8,"het",0.01725,"ACCTGCAGTGTCTGTTCTTT","TCCAGTCCCATGTCCTCCAT",0,0,"chr11:g.116746987G>T",31114,null,"predicted passenger",null,"FALSE",64,"FALSE",1,"FALSE"]
["G09210","GABPB1","missense",15,50593562,"C","A","p.A159S",0.0465116279069767,45,2,"unknown","NA",0,"NA",0,23.3,"het",0.20884,"GTTGATTTGGTTCTGCATAG","AATCTAGGGAAAAAATGACC",0,0,"chr15:g.50593562C>A",31140,null,"predicted passenger",null,"FALSE",17,"FALSE",1,"FALSE"]
["G09209","ARHGEF1","missense",19,42410713,"C","G","p.R881G",0.0741,54,4,"unknown","NA",0,"NA",0,25.1,"het",0.02782,"GCGGCCCCCTGAGCCCAGCA","GGACCCAGGAAATCCAGGAG",0,0,"chr19:g.42410713C>G",31159,null,"predicted passenger",null,"FALSE",33,"FALSE",1,"FALSE"]
["G09209","AFF1","frameshift",4,88035727,"CACCCGAAG","C","p.E583Pfs*90",0.0206883670878236,50,1,"unknown","NA",0,"NA",0,32,"het",0.00512,"CAGCAAAGCCCCCCGGGCCC","CCCCCCACCCCGGAAAGAGG",0,1,"chr4:g.88035728_88035735del",31197,"AF-4","predicted passenger",null,"FALSE",45,"FALSE",0,"FALSE"]
["G09211","SLC22A9","missense",11,63149668,"C","A","p.A331E",0.0487804878048781,86,4,"unknown","NA",0,"NA",0,24.4,"het",0.03072,"GAAAAAAGAACTGGAGGCAG","ACAAAAAAAAAAACCTTCTC",0,0,"chr11:g.63149668C>A",31230,"MFS_1","predicted passenger",null,"FALSE",61,"FALSE",1,"FALSE"]
["G09212","KLF16","missense",19,1863133,"C","A","p.A122S",0.1176,17,2,"unknown","NA",0,"NA",0,0.096,"het",0.19346,"GCGGTGGCTCTTGGCGGCGG","GGAGGGCGCGGCGCCGGGGG",0,0,"chr19:g.1863133C>A",31258,null,"predicted passenger",null,"FALSE",25,"FALSE",0,"FALSE"]
["G09212","SF3A2","missense",19,2246929,"A","T","p.M152L",0.0682,44,3,"unknown","NA",0,"NA",0,27.2,"het",0.18853,"TCATGCCACGTCACCGCTTC","TGTCTGCGTACGAGCAGAGG",0,0,"chr19:g.2246929A>T",31368,null,"predicted passenger",null,"FALSE",19,"FALSE",1,"FALSE"]
["G13393","TCHH","missense",1,152082320,"T","C","p.R1125G",0.0371,350,13,"known","NA",0,"MU3893854",1,9.04,"het",0.17641,"TCTCTTCTCCCGTTCCTCTC","CAGCAGCTGCTCTTCCTCCT",1,0,"chr1:g.152082320T>C",18264,null,"predicted passenger",null,"FALSE",489,"FALSE",1,"FALSE"]
["G13397","PPIP5K2","missense",5,102489599,"C","A","p.T393K",0.0227272727272727,135,3,"known","COSM6421534",1,"NA",0,34,"het",0.2186,"TATACGTCATGGGGATCGAA","ACCAAAACAAAAAATGAAAA",1,0,"chr5:g.102489599C>A",18402,"His_Phos_2","predicted passenger",null,"FALSE",141,"FALSE",3,"FALSE"]
["G13396","NOTCH4","missense",6,32166817,"C","T","p.R1474Q",0.2018,114,23,"known","NA",0,"MU21644005",1,23.8,"het",0,"GAGCTCCATGCTCTCGGCGT","GACGCCGGATGAGCTGGAGG",1,0,"chr6:g.32166817C>T",22599,null,"predicted passenger","ambiguous","FALSE",113,"FALSE",1,"FALSE"]
["G13397","LCA5","missense",6,80201340,"C","T","p.E355K",0.2,240,48,"known","COSM6699884",1,"NA",0,22,"het",0,"TGGTTCTTCCCATTTGTTTT","GTAACACATAATTGTTTCTG",1,0,"chr6:g.80201340C>T",23208,null,"predicted passenger",null,"FALSE",313,"FALSE",0,"FALSE"]
["G13391","ERF","missense",19,42752804,"C","A","p.R487L",0.0741,27,2,"known","COSM6150901",1,"NA",0,26.8,"het",0.31117,"GGCGACAGTCTTCACTCCAG","GCCGCTTAAAGCGTAGCTTG",1,0,"chr19:g.42752804C>A",19934,null,"predicted passenger","LoF","FALSE",22,"FALSE",2,"FALSE"]
["G13389","TCHH","missense",1,152082286,"A","C","p.L1136R",0.0253521126760563,367,9,"known","NA",0,"MU44228420",1,8.19,"het",0.43872,"CCTCCCGATATTGCCTCTCC","GCTCCTGGCGCCTTCTCTTC",1,0,"chr1:g.152082286A>C",18834,null,"predicted passenger",null,"FALSE",380,"FALSE",1,"FALSE"]
["G13395","IKBKB","missense",8,42166458,"G","A","p.V203I",0.0259,116,3,"known","COSM5063213",5,"NA",0,32,"het",0.14282,"AGCAGAAGTACACAGTGACC","TCGACTACTGGAGCTTCGGC",0,1,"chr8:g.42166458G>A",22092,"Pkinase","predicted driver: tier 1","ambiguous","FALSE",131,"FALSE",2,"TRUE"]
["G13395","DUOX2","missense",15,45402689,"G","A","p.P326L",0.1176,102,12,"known","COSM5520445",1,"MU43864342",1,27.1,"het",5e-05,"CAGAGGCCACCACAAATTCC","GGGAGATGCTGGGGTCTAGG",0,0,"chr15:g.45402689G>A",22259,"An_peroxidase","predicted passenger",null,"FALSE",149,"FALSE",1,"FALSE"]
["G13390","ZBTB4","frameshift",17,7370109,"A","AG","p.A5Cfs*18",0.1,20,2,"known","COSM112020",4,"MU1666400",1,29.1,"het",0.20085,"GACGGGTCCGTCACCTCTGC","GGGGGGGGCATGGTGCCAGC",0,0,"chr17:g.7370109_7370110insG",19256,null,"predicted passenger",null,"FALSE",25,"TRUE",0,"TRUE"]
["G13393","WNK3","missense","X",54337720,"C","T","p.R181Q",0.2794,68,19,"known","COSM3562490",2,"MU4465264",1,34,"het",6e-05,"GCTCAGCTTTGGTTAACTTT","GGTCCTGAAAAGGAATAACA",0,0,"chrX:g.54337720C>T",21181,"Pkinase","predicted passenger",null,"FALSE",79,"FALSE",1,"FALSE"]
["G13396","XIRP1","frameshift",3,39228954,"GTGTC","G","p.R660Tfs*20",0.00436689549961861,230,1,"known","COSM1163739",4,"NA",0,33,"het",0.20064,"AGAGGCTCGGTCTCAAAGAC","TGTCTGTCTGTCTTTCCCCA",0,0,"chr3:g.39228955_39228958del",19488,null,"predicted passenger",null,"FALSE",178,"TRUE",0,"TRUE"]
["G13398","PLRG1",".",4,155470089,"T","TA",".",0.04,150,6,"known","COSM5701078",1,"NA",0,0.029,"het",0.08704,"CAGAATGTTTCTGTACCTCC","AAAAAAAAAGAATGTAATTA",1,0,"chr4:g.155470089_155470090insA",676,null,"predicted passenger",null,"FALSE",207,"FALSE",0,"FALSE"]
["G13394","PLRG1",".",4,155470089,"T","TA",".",0.00549450549450549,183,1,"known","COSM5701078",1,"NA",0,0.029,"het",0.08704,"CAGAATGTTTCTGTACCTCC","AAAAAAAAAGAATGTAATTA",1,0,"chr4:g.155470089_155470090insA",676,null,"predicted passenger",null,"FALSE",207,"FALSE",0,"FALSE"]
["G13393","TBKBP1","missense",17,45786144,"T","C","p.S349P",0.340909090909091,60,15,"known","COSM6409092",1,"NA",0,18.68,"het",0.08143,"CCCCGGCCCCCCAGTGCCCC","CCCCCTCCCCGCCTGCCCGA",1,0,"chr17:g.45786144T>C",5044,null,"predicted passenger",null,"FALSE",61,"FALSE",0,"FALSE"]
["G13394","TBKBP1","missense",17,45786144,"T","C","p.S349P",0.235294117647059,63,12,"known","COSM6409092",1,"NA",0,18.68,"het",0.08143,"CCCCGGCCCCCCAGTGCCCC","CCCCCTCCCCGCCTGCCCGA",1,0,"chr17:g.45786144T>C",5044,null,"predicted passenger",null,"FALSE",61,"FALSE",0,"FALSE"]
["G13392","THSD7A","missense",7,11501650,"C","A","p.C830F",0.0652,46,3,"known","COSM744064",1,"MU1346964",1,29.5,"het",0.08583,"AACCCTACCTGTAGCTTTGG","ACGCTTGAGGTGCCTCACAG",0,0,"chr7:g.11501650C>A",20213,null,"predicted passenger",null,"FALSE",64,"FALSE",3,"FALSE"]
["G13397","FAM186A","missense",12,50747134,"T","G","p.T1161P",0.037037037037037,57,2,"known","NA",0,"MU4964396",1,1E-3,"het",0.03266,"TAGTTTCTGAGCCTGCTGAG","GGTGAGAGAGATCCCCGGGG",1,0,"chr12:g.50747134T>G",20364,null,"predicted passenger",null,"FALSE",38,"FALSE",0,"FALSE"]
["G13393","SERPINB8","frameshift",18,61652327,"GA","G","p.K192Rfs*5",0.0384615384615385,27,1,"known","COSM3144735",1,"MU5430388",1,25.2,"het",0.09573,"AACTTTAATTTTTCCGTTAG","AAAAAAGACAGTGCAGATGA",0,0,"chr18:g.61652328_61652328del",20511,"Serpin","predicted passenger",null,"FALSE",33,"FALSE",0,"FALSE"]
["G13390","HELZ2","frameshift",20,62193250,"C","CG","p.R2206Pfs*42",0.0267,75,2,"known","COSM4437026",3,"NA",0,25,"het",0.19962,"CCCCCAGCCGCTTCTCCCCA","GGGGGGGGCCTCCGGGCTGC",0,0,"chr20:g.62193250_62193251insG",13735,"AAA_11","predicted passenger",null,"FALSE",55,"TRUE",0,"TRUE"]
["G13395","ANKRD36C","missense",2,96517893,"T","C","p.M1734V",0.0108,279,3,"known","NA",0,"MU4557288",1,0.011,"het",0.07589,"CTTTTGTGCGTCGCCTTCCA","CTCCTTAGTACATCTTATAG",1,0,"chr2:g.96517893T>C",6095,null,"predicted passenger",null,"FALSE",365,"FALSE",0,"FALSE"]
["G13393","UBA3",".",3,69112656,"T","TA",".",0.0658,76,5,"known","COSM5701060",1,"NA",0,9.713,"het",0.17974,"CATACAATAATATGAAATTC","ACAAAAAAAAAAAAAAGCAA",1,0,"chr3:g.69112656_69112657insA",20741,null,"predicted passenger",null,"FALSE",68,"FALSE",0,"FALSE"]
["G13393","REPIN1","frameshift",7,150069438,"G","GC","p.S430Lfs*228",0.0811,74,6,"known","COSM3260534",3,"NA",0,21.3,"het",0.09839,"ACCCGCAGGACCCGATCGAA","CCCCCCCCTCCCTCTACAGC",0,0,"chr7:g.150069438_150069439insC",20878,null,"predicted passenger",null,"FALSE",71,"TRUE",0,"TRUE"]
["G13394","NUCB2","missense",11,17352467,"C","A","p.Q398K",0.012448132780083,245,3,"known","COSM6422995",1,"NA",0,23.4,"het",0.19256,"AGGTCATACAGCAGATGGAA","AAAAAAAATTACAACAAGGA",1,0,"chr11:g.17352467C>A",20945,null,"predicted passenger",null,"FALSE",212,"FALSE",0,"FALSE"]
["G13397","SRCAP","frameshift",16,30736370,"G","GC","p.P1879Tfs*21",0.0435,46,2,"known","COSM1377474",14,"MU14538",3,35,"het",0.10581,"GGCCCCCGGCCTCGACGCCA","CCCCCCCCACCACCTCGTTC",0,0,"chr16:g.30736370_30736371insC",11680,null,"predicted passenger",null,"FALSE",34,"TRUE",0,"TRUE"]
["G13390","ZNF587","missense",19,58370285,"C","T","p.P169S",0.0462,65,3,"known","COSM1481612",2,"MU46583",2,8.367,"het",0.0303,"AGCTCAGGGTGTCACAGGAG","CATTTGTCTTCCGCGAGTTT",0,0,"chr19:g.58370285C>T",21152,null,"predicted passenger",null,"FALSE",58,"FALSE",0,"FALSE"]
["G13394","FCRL1","missense",1,157771259,"C","T","p.R332K",0.0972,72,7,"known","COSM3475840",1,"MU4408999",1,16.2,"het",0.07663,"TTAAATACTAACCTATTTTT","TTTTGAGGCCGTAGCAAAAT",0,0,"chr1:g.157771259C>T",21241,null,"predicted passenger",null,"FALSE",87,"FALSE",1,"FALSE"]
["G13389","TCHHL1","missense",1,152059317,"C","T","p.E281K",0.0239234449760766,215,5,"known","COSM5843644",1,"NA",0,7.761,"het",0.58473,"ATTAGAGTGTTTTTCCTTTT","TGTTCTAACTTCCTGATCTT",1,0,"chr1:g.152059317C>T",8129,null,"predicted passenger",null,"FALSE",188,"FALSE",0,"FALSE"]
["G13398","TCHHL1","missense",1,152059317,"C","T","p.E281K",0.0340909090909091,182,6,"known","COSM5843644",1,"NA",0,7.761,"het",0.58473,"ATTAGAGTGTTTTTCCTTTT","TGTTCTAACTTCCTGATCTT",1,0,"chr1:g.152059317C>T",8129,null,"predicted passenger",null,"FALSE",188,"FALSE",0,"FALSE"]
["G13392","TRMT10C","frameshift",3,101284008,"C","CA","p.Y132Ifs*15",0.0245,163,4,"known","COSM5076720",2,"NA",0,28.7,"het",0.03646,"GGAATGTGTTTCTAACACAG","AAAAAAAAAATATTTAAAAT",0,0,"chr3:g.101284008_101284009insA",1671,null,"predicted passenger",null,"FALSE",134,"TRUE",0,"FALSE"]
["G13393","STK19","missense",6,31948509,"C","T","p.A331V",0.0606,33,2,"known","NA",0,"MU18459001",1,11.6,"het",0.00704,"AGAGCTCCTGGGCCGGCGGG","GCCTGTCGTGGTGCGGCTTG",1,0,"chr6:g.31948509C>T",22597,"Stk19","predicted passenger",null,"FALSE",62,"FALSE",0,"FALSE"]
["G13395","NANOGNB","missense",12,7923095,"C","A","p.H166N",0.0222222222222222,139,3,"known","COSM6407805",1,"NA",0,14.91,"het",0.03341,"AAGAAATGTCCAAGAGAAAG","ATAAGAAAAAACATATGAGG",1,0,"chr12:g.7923095C>A",22750,null,"predicted passenger",null,"FALSE",77,"FALSE",0,"FALSE"]
["G13398","SZT2","missense",1,43906237,"C","T","p.R2385C",0.0526315789473684,40,2,"known","COSM2170859",2,"NA",0,35,"het",0.15194,"CACCCAGCAAAGCGGGCCGG","GTAGCTTCTGGGATATGCTG",0,0,"chr1:g.43906237C>T",22989,null,"predicted passenger",null,"FALSE",69,"FALSE",1,"FALSE"]
["G13393","UBXN11","missense",1,26608885,"C","T","p.G490S",0.0833,36,3,"known","NA",0,"MU15864",3,5.105,"het",0.07861,"ACCGGGACTGGGGCCGGGAC","GGGACCGGGACAGGGACCAG",0,0,"chr1:g.26608885C>T",4678,null,"predicted passenger",null,"FALSE",64,"FALSE",0,"FALSE"]
["G13398","NPIPB11","missense",16,29395069,"C","T","p.R395H",0.0714,28,2,"known","COSM5424621",3,"MU28592541",1,22.5,"het",0.21356,"GTGGAAGGGGAGTGAGCTGA","GCTCAGAAGGTGTCTTGAGA",0,0,"chr16:g.29395069C>T",24066,null,"predicted passenger",null,"FALSE",32,"FALSE",0,"FALSE"]
["G13397","RAP1GAP","missense",1,21935347,"A","T","p.L449Q",0.3438,96,33,"unknown","NA",0,"NA",0,31,"het",0,"CACAGCCCATCCTCACCTCC","GTTTGGCAAACTTCTCTGCC",0,0,"chr1:g.21935347A>T",38602,"Rap_GAP","predicted passenger","LoF","FALSE",110,"FALSE",3,"FALSE"]
["G13394","PPP4R2","missense",3,73114640,"G","A","p.E341K",0.0212,189,4,"unknown","NA",0,"NA",0,25.2,"het",0.02697,"CTGTGAATGAAGAGACTTCT","AGGAAAATAATCAAATGGAG",0,0,"chr3:g.73114640G>A",37893,null,"predicted passenger",null,"FALSE",176,"FALSE",1,"FALSE"]
["G13393","KRIT1","missense",7,91863800,"C","A","p.D318Y",0.108,250,27,"unknown","NA",0,"NA",0,26.1,"het",0,"GGGTGCCCAGTGGTCACTAT","TAACTGGTTGACTGAAAATC",0,0,"chr7:g.91863800C>A",38267,null,"predicted passenger","LoF","FALSE",323,"FALSE",3,"FALSE"]
["G13392","ZFPM2","nonsense",8,106815341,"G","T","p.E1011*",0.141,227,32,"unknown","NA",0,"NA",0,37,"het",0,"TCGAGCAAAGCAGAAATGCA","AAAATGAATCTCCTAAAGGC",0,0,"chr8:g.106815341G>T",38177,null,"predicted passenger",null,"FALSE",307,"TRUE",1,"FALSE"]
["G13397","MPDZ","missense",9,13138066,"G","T","p.L1364I",0.289855072463768,89,20,"unknown","NA",0,"NA",0,32,"het",0.03271,"TCGGTCTTTGTTCCCAGCAA","ACTTAGGCCCAAACCACTAT",0,0,"chr9:g.13138066G>T",37914,"PDZ","predicted passenger",null,"FALSE",118,"FALSE",2,"FALSE"]
["G13389","FUT11","missense",10,75533571,"C","A","p.D444E",0.1,20,2,"unknown","NA",0,"NA",0,20.3,"het",0.43678,"GAAGAGATTCCTGAGAATGA","AGGTAAGAGTGCTGGGGTCC",0,0,"chr10:g.75533571C>A",37919,null,"predicted passenger",null,"FALSE",10,"FALSE",0,"FALSE"]
["G13397","TTC12","missense",11,113235613,"G","A","p.A625T",0.2488,201,50,"unknown","NA",0,"NA",0,34,"het",0,"ATGAGGTTCTGGTGGGCAAC","CTGCCCTCTGCCTTGGTAAC",0,0,"chr11:g.113235613G>A",38653,null,"predicted passenger",null,"FALSE",210,"FALSE",1,"FALSE"]
["G13397","C19orf38","frameshift",19,10960943,"GCG","CCACCTGC","p.A14_P16delinsPPA",0.623529411764706,138,53,"unknown","NA",0,"NA",0,29.4,"het",0.00093,"TCTGCATTGCAGGCTCCTTG","ATCCCAGCACCATCCATCCG",0,0,"chr19:g.10960943_10960950delinsCCACCTGC",37931,null,"predicted passenger",null,"FALSE",71,"FALSE",0,"FALSE"]
["G13397","BCAS1","missense",20,52645434,"C","T","p.D74N",0.4206,756,318,"unknown","NA",0,"NA",0,14.58,"het",0,"AAGATTCTTTCCGTTGGCAT","CGCAACAGCACTTATCTCCG",0,0,"chr20:g.52645434C>T",38688,null,"predicted passenger",null,"FALSE",98,"FALSE",0,"FALSE"]
["G13389","TCEAL8","missense","X",102508561,"C","A","p.R116M",0.1538,13,2,"unknown","NA",0,"NA",0,27.6,"het",0.20635,"GGCAAAAATGAATTCAAGGC","TAAAGCACACAGGATAAGGA",0,0,"chrX:g.102508561C>A",37939,null,"predicted passenger",null,"FALSE",15,"FALSE",1,"FALSE"]
["G13398","THADA","nonsense",2,43726043,"C","A","p.E1225*",0.0254,118,3,"unknown","NA",0,"NA",0,45,"het",0.00301,"AACATAAGGAATAATATTTT","TCCCAGGCGCGTATCTCTGA",0,0,"chr2:g.43726043C>A",37953,"DUF2428","predicted passenger",null,"FALSE",186,"TRUE",1,"FALSE"]
["G13398","MFSD1","missense",3,158537524,"C","A","p.Q296K",0.0155038759689922,131,2,"unknown","NA",0,"NA",0,19.77,"het",0.00179,"AGAGAATCCTTCATAAAGAA","AAGGAAAAACAGGTAAGTCT",0,0,"chr3:g.158537524C>A",37961,"MFS_1","predicted passenger",null,"FALSE",138,"FALSE",0,"FALSE"]
["G13398","LRBA","nonsense",4,151771934,"G","A","p.Q1316*",0.0404,99,4,"unknown","NA",0,"NA",0,43,"het",4e-05,"TAGATCAGTGAGCAAACGTT","ATGCATCTGAGACCAGTTGA",0,0,"chr4:g.151771934G>A",37968,null,"predicted passenger",null,"FALSE",127,"TRUE",1,"FALSE"]
["G13398","PCDHGA1","frameshift",5,140710363,"GAGAC","G","p.D40Kfs*5",0.0154,130,2,"unknown","NA",0,"NA",0,26.5,"het",0.00019,"TTCACTACTCAGTGCCGGAA","AGACAAAGGTTCCTTCGTAG",0,0,"chr5:g.140710364_140710367del",37977,"Cadherin_2","predicted passenger",null,"FALSE",173,"FALSE",0,"FALSE"]
["G13398","CNTNAP3","missense",9,39103836,"G","T","p.T814N",0.0909,121,11,"unknown","NA",0,"NA",0,1.594,"het",0.0031,"AAAAGAAGCACACGTCAGCA","TGAGTTCTCCGTGGAAAGCA",0,0,"chr9:g.39103836G>T",38740,null,"predicted passenger",null,"FALSE",118,"FALSE",0,"FALSE"]
["G13395","LRRC55","missense",11,56949534,"C","G","p.P56R",0.1864,59,11,"unknown","NA",0,"NA",0,17.41,"het",0,"CCAGCTTCCCTGGCCCGGGC","ACCCCACCCAGCAATGCTGC",0,0,"chr11:g.56949534C>G",38466,null,"predicted passenger",null,"FALSE",133,"FALSE",1,"FALSE"]
["G13392","B3GNT6",".",11,76751585,"TGG","GA","p.G331S",0.5952,168,100,"unknown","NA",0,"NA",0,35,"het",0,"CAGCGGCCACGAGGGCATCC","CCCTTCGGCGTGCAGCTTGC",0,0,"chr11:g.76751585_76751586delinsGA",38193,null,"predicted passenger",null,"FALSE",162,"FALSE",0,"FALSE"]
["G13392","SMUG1","missense",12,54576395,"C","T","p.E100K",0.25,20,5,"unknown","NA",0,"NA",0,33,"het",0.09125,"GTCCCGGACCATGCTTACTT","CCCAAAGGGCACCTGTGAGG",0,0,"chr12:g.54576395C>T",38197,"UDG","predicted passenger",null,"FALSE",11,"FALSE",2,"FALSE"]
["G13390","CCDC60","missense",12,119966491,"C","A","p.A434E",0.0523,172,9,"unknown","NA",0,"NA",0,8.782,"het",0.01426,"AAATTTTCAAAAGGACATAG","AAAAATGAGACATCACATAT",0,0,"chr12:g.119966491C>A",38018,null,"predicted passenger",null,"FALSE",182,"FALSE",0,"FALSE"]
["G13389","CCDC60","missense",12,119966491,"C","A","p.A434E",0.0516431924882629,224,11,"unknown","NA",0,"NA",0,8.782,"het",0.01426,"AAATTTTCAAAAGGACATAG","AAAAATGAGACATCACATAT",0,0,"chr12:g.119966491C>A",38018,null,"predicted passenger",null,"FALSE",182,"FALSE",0,"FALSE"]
["G13390","LLGL2","missense",17,73569104,"C","A","p.L824M",0.1053,19,2,"unknown","NA",0,"NA",0,27.5,"het",0.12896,"CACGCCCCCAGGTGTTCACG","TGCCCAAGGTGAGTGCCAAG",0,0,"chr17:g.73569104C>A",38032,null,"predicted passenger",null,"FALSE",34,"FALSE",2,"FALSE"]
["G13389","ASXL3","frameshift",18,31325883,"CTCCCCCTCCACCCTTGGCTTTG","C","p.P2026Rfs*47",0.259306310754578,74,15.0909090909091,"unknown","NA",0,"NA",0,33,"het",0,"GCCGCCGCCACCGCCTCCCC","CCCCCGCCTCCCCCCCCACC",0,0,"chr18:g.31325884_31325905del",29262,null,"predicted passenger",null,"FALSE",86,"FALSE",0,"FALSE"]
["G13398","DDX49","missense",19,19031496,"G","A","p.V75I",0.0833,72,6,"unknown","NA",0,"NA",0,25.8,"het",0.01527,"CCTATGGCATCTTCTGCCTC","TCCTGACACCCACCAGGTAA",0,0,"chr19:g.19031496G>A",38781,"DEAD","predicted passenger",null,"FALSE",80,"FALSE",1,"FALSE"]
["G13389","PPP4R2",".",3,73114547,"G","A",".",0.0429,70,3,"unknown","NA",0,"NA",0,24.2,"het",4e-05,"ACAACATTTGCTTATTTTTA","AGTCTTTTATGACATCAAGA",0,0,"chr3:g.73114547G>A",38065,null,"predicted passenger",null,"FALSE",58,"TRUE",1,"FALSE"]
["G13393","PPP4R2","missense",3,73114573,"G","A","p.M318I",0.1468,109,16,"unknown","NA",0,"NA",0,22.8,"het",0.00017,"TTTATGACATCAAGAGAAAT","ATCCCAGAAAGAAAAAATCA",0,0,"chr3:g.73114573G>A",38244,null,"predicted passenger",null,"FALSE",73,"FALSE",0,"FALSE"]
["G13396","ZNF732","missense",4,266077,"G","T","p.A190D",0.19,200,38,"unknown","NA",0,"NA",0,23.6,"het",0,"ATGTGTAGGGTTTCTCTCCA","CATGAATTCCTTGATGTTGA",0,0,"chr4:g.266077G>T",38546,"zf-H2C2_2","predicted passenger",null,"FALSE",130,"FALSE",1,"FALSE"]
["G13393","C6orf132","frameshift",6,42074449,"GTGCAGGAGGGGGCA","G","p.L396Pfs*35",0.0821327168529464,45,3.14285714285714,"unknown","NA",0,"NA",0,28.3,"het",0.06549,"TGCTGGGGGAGGGAGGGGGG","GGGGAGGGGCTGGAGGCGGA",0,0,"chr6:g.42074450_42074463del",38079,null,"predicted passenger",null,"FALSE",33,"FALSE",0,"FALSE"]
["G13391","TMEM68","nonsense",8,56675485,"G","A","p.Q12*",0.2658,79,21,"unknown","NA",0,"NA",0,36,"het",1e-05,"CATATAGGGCACAGAATCCT","TCCTACACCACAGGTTTGAT",0,0,"chr8:g.56675485G>A",38087,null,"predicted passenger",null,"FALSE",50,"TRUE",1,"FALSE"]
["G13398","HSPA14","missense",10,14891794,"C","A","p.Q151K",0.0479452054794521,153,7,"unknown","NA",0,"NA",0,25.1,"het",0.01043,"CGTTTGATTTTGGAGAAAAG","AAAAAAATGCTCTTGGGTAA",0,0,"chr10:g.14891794C>A",38095,"HSP70","predicted passenger",null,"FALSE",133,"FALSE",2,"FALSE"]
["G13391","TBX3","missense",12,115109924,"C","T","p.G652S",0.2055,73,15,"unknown","NA",0,"NA",0,0.013,"het",1e-05,"GGTGGTGAGCAGACTGCTGC","GTCCGGGACCGGCACCGGGA",0,1,"chr12:g.115109924C>T",38109,null,"predicted passenger","LoF","FALSE",73,"FALSE",0,"FALSE"]
["G13398","FANCM","missense",14,45645901,"C","A","p.A1315E",0.0121951219512195,166,2,"unknown","NA",0,"NA",0,8.904,"het",1.89E-3,"ACATTTGCCACTGAGTGCAG","AAAAAATGAAGAATTGTTAT",0,0,"chr14:g.45645901C>A",38113,null,"predicted passenger","LoF","FALSE",168,"FALSE",0,"FALSE"]
["G13389","BICRA","frameshift",19,48197457,"ACCTG","C","p.H790Pfs*51",0.0667,30,2,"unknown","NA",0,"NA",0,35,"het",0.06407,"CCCTCTGGGGGACAGCCCCC","CCCTCCCCACACCCCACCCG",0,0,"chr19:g.48197457_48197461delinsC",38121,null,"predicted passenger","LoF","FALSE",44,"FALSE",0,"FALSE"]
["G13392","CLCN6","nonsense",1,11897403,"C","A","p.Y714*",0.1071,28,3,"unknown","NA",0,"NA",0,44,"het",0.11818,"TGGTTTTTGTGTAACAGATA","ACTCCCTACCCCAACCTATA",0,0,"chr1:g.11897403C>A",38130,null,"predicted passenger",null,"FALSE",29,"TRUE",1,"FALSE"]
["G13394","LNP1","frameshift",3,100170600,"A","ATCCTAGAAGGCATTATCGTCTGACCGTCT","p.S70Yfs*84",0.389705882352941,189,53,"unknown","NA",0,"NA",0,34,"het",0,"AATTCCATCATCTGACTGCC","TCCTAGAAGGCATTCTCATG",0,0,"chr3:g.100170600_100170601insTCCTAGAAGGCATTATCGTCTGACCGTCT",38151,"LNP1","predicted passenger",null,"FALSE",287,"FALSE",0,"FALSE"]
["G13392","XPO6","missense",16,28167699,"T","C","p.S265G",0.0364,165,6,"unknown","NA",0,"NA",0,15.04,"het",0.0412,"AAGGAGGGATGGGGTGATGC","GGCAGACAGAGGAATCCAAC",0,0,"chr16:g.28167699T>C",38207,"Xpo1","predicted passenger",null,"FALSE",137,"FALSE",0,"FALSE"]
["G13392","SUGP2",".",19,19120663,"C","A",".",0.1176,17,2,"unknown","NA",0,"NA",0,24.3,"het",0.13737,"GGGACAGGAGTGAGCACCCA","TGTCAGCAGATGGGCAGGGA",0,0,"chr19:g.19120663C>A",38217,null,"predicted passenger",null,"FALSE",29,"TRUE",1,"FALSE"]
["G13392","MTOR",".",1,11182035,"C","A",".",0.0408,49,2,"unknown","NA",0,"NA",0,26.2,"het",0.11494,"TCTCGTGGCCGCATCACATA","CCGCAACATGATGCGATGCT",0,1,"chr1:g.11182035C>A",38226,null,"predicted passenger","Act","FALSE",42,"TRUE",1,"TRUE"]
["G13393","CUL2","frameshift",10,35327849,"A","AT","p.N311Kfs*2",0.1,40,4,"unknown","NA",0,"NA",0,35,"het",0.03577,"CATGTTTGGTGTCACTTACC","TTTTTTTTCTCTTGTCGAAT",0,0,"chr10:g.35327849_35327850insT",38283,"Cullin","predicted driver: tier 1","LoF","FALSE",50,"FALSE",0,"TRUE"]
["G13397","NAV3","missense",12,78388635,"C","A","p.Q242K",0.0392156862745098,106,4,"unknown","NA",0,"NA",0,27.8,"het",0.04057,"ACAGTGGAATTGCAACCAGT","AAAAAAAGCCTACTAGGTCA",0,0,"chr12:g.78388635C>A",38298,null,"predicted passenger",null,"FALSE",184,"FALSE",2,"FALSE"]
["G13395","MYO1C",".",17,1373630,"T","G",".",0.103448275862069,32,3,"unknown","NA",0,"NA",0,23.6,"het",0.02042,"GACGAAGCCTCGGATGAGCC","GGGGTGGGGGGCCAGACAGG",0,0,"chr17:g.1373630T>G",38309,null,"predicted passenger",null,"FALSE",37,"TRUE",1,"FALSE"]
["G13396","C19orf38","frameshift",19,10960943,"GCG","TCACCTGC","p.A14_P16delinsSPA",0.690721649484536,164,67,"unknown","NA",0,"NA",0,29.4,"het",0.00798,"TCTGCATTGCAGGCTCCTTG","ATCCCAGCACCATCCATCCG",0,0,"chr19:g.10960943_10960950delinsTCACCTGC",38317,null,"predicted passenger",null,"FALSE",71,"FALSE",0,"FALSE"]
["G13396","RASAL3","missense",19,15567044,"C","T","p.R531H",0.1494,87,13,"unknown","NA",0,"NA",0,23.5,"het",0.00307,"CCTCAGTAGAAGCACAGAGA","GCCGCACAACCTGTCCTGCA",0,0,"chr19:g.15567044C>T",38318,"RasGAP","predicted passenger",null,"FALSE",69,"FALSE",0,"FALSE"]
["G13390","RBM45","nonsense",2,178988919,"C","A","p.C378*",0.0337078651685393,188,6,"unknown","NA",0,"NA",0,39,"het",0.04048,"GATGTTGTACTTCCATCATG","AAAAAAAAAGCTCCTGCTGA",0,0,"chr2:g.178988919C>A",38348,null,"predicted passenger",null,"FALSE",156,"TRUE",1,"FALSE"]
["G13391","THEMIS",".",6,128135077,"CT","AA",".",0.1154,52,6,"unknown","NA",0,"NA",0,22.4,"het",0.03797,"GCGGATTATATCTTTTCGAA","AAAAAGAAAAAATAAATCAC",0,0,"chr6:g.128135077_128135078delinsAA",38368,null,"predicted passenger",null,"FALSE",48,"FALSE",0,"FALSE"]
["G13389","SPATA31A5","missense",9,65506603,"C","A","p.L319F",0.0267857142857143,127,3,"unknown","NA",0,"NA",0,0.003,"het",0.01256,"TTCTGGCCATCAGAGCTGAG","AAAAACAGGCTACCAGCTTC",0,0,"chr9:g.65506603C>A",38375,null,"predicted passenger",null,"FALSE",115,"FALSE",0,"FALSE"]
["G13395","IRF2BPL","frameshift",14,77493832,"CGGCGGCGGCGGCGGCCGCCGCTGCTGCCGCCGCCGCCGCCGCTTCCTTAGCCGACAGGGCCACTGTCTTGACCCCGACG","C","p.V76Rfs*50",0.104893301661354,29,1.9875,"unknown","NA",0,"NA",0,28.5,"het",0.06786,"CTGTTGCTGTTGCTGTTGCG","GGCGGCGGCGGCCCGGGGGA",0,0,"chr14:g.77493833_77493911del",30383,null,"predicted passenger",null,"FALSE",41,"TRUE",0,"FALSE"]
["G13394","EMC10","frameshift",19,50985491,"GTGGTGGT","G","p.G257Vfs*161",0.3684,19,7,"unknown","NA",0,"NA",0,28.5,"het",0.0027,"GGGTGGGGGTGGGGGTGGGG","GGGGGTAGTGGCCGGTGAGG",0,0,"chr19:g.50985492_50985498del",38402,null,"predicted passenger",null,"FALSE",18,"FALSE",0,"FALSE"]
["G13390","KDR","missense",4,55955136,"G","T","p.Q1137K",0.094,234,22,"unknown","NA",0,"NA",0,23.8,"het",0,"CCAGCAGTCCAGCATGGTCT","GTACCTAGAGAAGCAAAACA",0,1,"chr4:g.55955136G>T",38427,"Pkinase_Tyr","predicted passenger","Act","FALSE",251,"FALSE",0,"FALSE"]
["G13393","RAET1E",".",6,150209805,"T","AA",".",0.0491803278688525,64,3,"unknown","NA",0,"NA",0,4.736,"het",0.02166,"GAAGCATTTACTGGTGACAC","AAAAAAAAAAAAAAAAAGAA",0,0,"chr6:g.150209805delinsAA",38449,null,"predicted passenger",null,"FALSE",68,"FALSE",0,"FALSE"]
["G13395","CLDN4","missense",7,73246130,"C","A","p.A200D",0.1818,11,2,"unknown","NA",0,"NA",0,24.4,"het",0.16923,"CTCCGCCAAGTATTCTGCTG","CCGCTCTGCTGCTGCCAGCA",0,0,"chr7:g.73246130C>A",38454,null,"predicted passenger",null,"FALSE",15,"FALSE",0,"FALSE"]
["G13395","PTPN21","missense",14,88945451,"C","A","p.S775I",0.1,20,2,"unknown","NA",0,"NA",0,15.36,"het",0.1551,"CTGCGGTCGTGCGGACGGGG","TGCTGTCCATCATCCTCTTC",0,0,"chr14:g.88945451C>A",38484,null,"predicted passenger",null,"FALSE",30,"FALSE",0,"FALSE"]
["G13392","XPO6","missense",16,28167727,"A","C","p.H255Q",0.0311,161,5,"unknown","NA",0,"NA",0,19.4,"het",0.00505,"AGAGGAATCCAACTGAAGAG","TGGGCCAGGCACTCCAAAGC",0,0,"chr16:g.28167727A>C",38494,"Xpo1","predicted passenger",null,"FALSE",105,"FALSE",1,"FALSE"]
["G13395","MAP3K10","missense",19,40721012,"G","T","p.R893L",0.0649,185,12,"unknown","NA",0,"NA",0,26.2,"het",0.00041,"ACCTCGGCCGGCTGCCAGTC","CCCCCGCTTGGACCCCTGGA",0,0,"chr19:g.40721012G>T",38509,null,"predicted passenger",null,"FALSE",199,"FALSE",0,"FALSE"]
["G13392","ADSS","missense",1,244587636,"G","T","p.Q154K",0.0227272727272727,180,4,"unknown","NA",0,"NA",0,13.63,"het",0.04797,"CACATACTTTTTTCCTGCTT","TTCTTGTCTCTGTTGTTCCT",0,0,"chr1:g.244587636G>T",30322,"Adenylsucc_synt","predicted passenger",null,"FALSE",181,"FALSE",1,"FALSE"]
["G13397","PTPRE","missense",10,129854447,"G","A","p.E161K",0.0608108108108108,157,9,"unknown","NA",0,"NA",0,23.7,"het",0.00524,"CAAATAAAGAAGAAAACAGA","AAAAAAACAGATATCCCAAC",0,0,"chr10:g.129854447G>A",38568,"Y_phosphatase","predicted passenger",null,"FALSE",163,"FALSE",1,"FALSE"]
["G13392","SETDB2","missense",13,50026036,"G","A","p.E3K",0.0675675675675676,158,10,"unknown","NA",0,"NA",0,25.8,"het",0.01882,"AGCGACATCAAAAGATGGGA","AAAAAAATGGTAGGTTGAAG",0,0,"chr13:g.50026036G>A",38579,null,"predicted passenger",null,"FALSE",140,"FALSE",1,"FALSE"]
["G13398","GOLGA6L2","frameshift",15,23685069,"TTCTCCTCCTGGCCCCGCATCTTCTCCTCCTGCTCCCGCATCTTCTCCTCCTGGCCCTGCATCTTCTCCTCCTGCTCCCGCATCTTCTCCTCCTGGCCCTGCATCTTCTCC","T","p.G815Rfs*61",0.0494623655913978,64,3,"unknown","NA",0,"NA",0,23.7,"het",0.03109,"TCTCCTCCTGGCCCCACATC","TCCTGCTCCCGCATCTTCTC",0,0,"chr15:g.23685070_23685179del",38582,null,"predicted passenger",null,"FALSE",39,"FALSE",0,"FALSE"]
["G13390","ASXL3","frameshift",18,31325890,"TCCACCCTTGGCTTTG","CC","p.P2026P",0.190480746349441,63,10,"unknown","NA",0,"NA",0,34,"het",0,"CCACCGCCTCCCCCTCCCCC","CCCCCGCCTCCCCCCCCACC",0,0,"chr18:g.31325890_31325891delinsCC",31953,null,"predicted passenger",null,"FALSE",77,"FALSE",0,"FALSE"]
["G13392","ASXL3","frameshift",18,31325890,"TCCACCCTTGGCTTTG","CC","p.P2026P",0.472055726024594,74,23.6875,"unknown","NA",0,"NA",0,34,"het",0,"CCACCGCCTCCCCCTCCCCC","CCCCCGCCTCCCCCCCCACC",0,0,"chr18:g.31325890_31325891delinsCC",31953,null,"predicted passenger",null,"FALSE",77,"FALSE",0,"FALSE"]
["G13392","ZNF587","missense",19,58370196,"A","G","p.Q96R",0.0667,60,4,"unknown","NA",0,"NA",0,1.139,"het",0.03752,"TGCATACCTTCATCAGCACC","GAAGCAGCATATTGGAGAGA",0,0,"chr19:g.58370196A>G",38596,null,"predicted passenger",null,"FALSE",56,"FALSE",1,"FALSE"]
["G13397","HTT","missense",4,3124652,"G","A","p.R437K",0.0755,106,8,"unknown","NA",0,"NA",0,26,"het",0.00619,"ATGCAGCCCTGTCCTTTCAA","AAAACAAAAAGGTGATTATT",0,0,"chr4:g.3124652G>A",38624,null,"predicted passenger",null,"FALSE",106,"FALSE",0,"FALSE"]
["G13395","ZCCHC7","missense",9,37357249,"G","A","p.R539K",0.1316,38,5,"unknown","NA",0,"NA",0,27.8,"het",0.01449,"CTTATTTCTTATTAAGCAGA","AAAAAAAAAGTCTTAAGCCG",0,0,"chr9:g.37357249G>A",38645,null,"predicted passenger",null,"FALSE",46,"FALSE",1,"FALSE"]
["G13395","WIF1","missense",12,65462682,"C","A","p.V134F",0.0568181818181818,93,5,"unknown","NA",0,"NA",0,23.9,"het",0.04484,"ACATGGGAAACCAACTTGAA","AACTAAAAGAAAAAAAGAGA",0,1,"chr12:g.65462682C>A",38660,"WIF","predicted passenger","Act","FALSE",84,"TRUE",1,"TRUE"]
["G13397","AP2A1","missense",19,50305096,"C","A","p.P635T",0.1,20,2,"unknown","NA",0,"NA",0,1.537,"het",0.20085,"TGGACGATGGCCGGAGGGAC","CCAGCAGCAACGACATCAAC",0,0,"chr19:g.50305096C>A",38686,null,"predicted passenger",null,"FALSE",25,"FALSE",0,"FALSE"]
["G13398","PHACTR4","missense",1,28793240,"C","A","p.P272T",0.1,20,2,"unknown","NA",0,"NA",0,24.8,"het",0.24359,"CCAAGCAGCCCCCTATCCCT","CCCCTAAACCAGCTCACAGA",0,0,"chr1:g.28793240C>A",38696,null,"predicted passenger","LoF","FALSE",20,"FALSE",3,"FALSE"]
["G13393","WIPF3","frameshift",7,29874363,"CACCTCCTCTGCCTCCACCT","C","p.P10Rfs*16",0.0283727412544206,60,1.65,"unknown","NA",0,"NA",0,34,"het",0,"GCCAGTGCCACCGCCACCCC","CCCCCGCCTCTGGGGGCTCC",0,0,"chr7:g.29874364_29874382del",38727,null,"predicted passenger",null,"FALSE",58,"TRUE",0,"FALSE"]
["G13394","ARHGEF35","missense",7,143884663,"G","T","p.Q272K",0.0454545454545455,115,5,"unknown","NA",0,"NA",0,12.93,"het",0.02648,"CTGTTCCTGTTTTTGCTTCT","TTCTCCCTTTTCATCATTAA",0,0,"chr7:g.143884663G>T",38733,"ARHGEF5_35","predicted passenger",null,"FALSE",102,"FALSE",0,"FALSE"]
["G13398","FLRT2","missense",14,86089559,"C","A","p.H567Q",0.1538,13,2,"unknown","NA",0,"NA",0,24.1,"het",0.22222,"GTCTTTTGCTGGCATATGCA","AAAAAGGGGCGCTACACCTC",0,0,"chr14:g.86089559C>A",38762,null,"predicted passenger",null,"FALSE",14,"FALSE",2,"FALSE"]
["G13384","RPL22","frameshift",1,6257784,"CT","C","p.K15Rfs*5",0.1531,196,30,"known","COSM179404",106,"MU80428",10,32,"het",1e-05,"GTGAACTTCAGAACTTGCTT","TTTTTTTGCCCCCCTTCACC",0,1,"chr1:g.6257785_6257785del",14746,"Ribosomal_L22e","predicted passenger","Act","FALSE",213,"FALSE",0,"FALSE"]
["G13383","SLC2A7","nonsense",1,9083101,"G","A","p.R63*",0.1512,86,13,"known","NA",0,"MU46894031",1,36,"het",0.01015,"GTCCATGAATGTTGCGTGTC","CTCAAAGTAGGTTTCGTTGT",1,0,"chr1:g.9083101G>A",13777,"Sugar_tr","predicted passenger",null,"FALSE",85,"TRUE",1,"FALSE"]
["G13383","ELOA","frameshift",1,24078403,"TA","T","p.N465Mfs*19",0.1083,157,17,"known","COSM183589",39,"MU1812988",2,23.3,"het",7e-05,"GCACTTGGAGATAAAGGACT","AAAAAAATGACTCTAAAAGC",0,0,"chr1:g.24078404_24078404del",13788,null,"predicted passenger",null,"FALSE",170,"FALSE",0,"FALSE"]
["G13385","B4GALT2","frameshift",1,44446846,"T","TG","p.T37Dfs*26",7.8125E-3,129,1,"known","COSM2171358",3,"NA",0,28.7,"het",1.47E-3,"CTGCGGGATGAGCAGACTGC","GGGGGGGACGCTGGAGCGCG",0,0,"chr1:g.44446846_44446847insG",13799,null,"predicted passenger",null,"FALSE",82,"TRUE",0,"TRUE"]
["G13384","MCOLN3","missense",1,85510915,"T","A","p.K43N",0.1502,233,35,"known","COSM912640",2,"NA",0,26.4,"het",0,"CAGGGATTCATGAAAAAAAA","TTGAGTTTTCGCCTCATCTG",0,0,"chr1:g.85510915T>A",14777,null,"predicted passenger",null,"FALSE",240,"FALSE",3,"FALSE"]
["G13385","GBP3","frameshift",1,89473441,"GT","G","p.T585Pfs*9",0.1212,99,12,"known","COSM3731373",6,"NA",0,13.89,"het",0.00042,"TATGCGACATATATCTCTTG","TTTTTTTTTCAGGGTCTTCT",0,0,"chr1:g.89473442_89473442del",15768,null,"predicted passenger",null,"FALSE",99,"FALSE",0,"FALSE"]
["G13386","AGL","missense",1,100327077,"G","A","p.R34Q",0.2917,96,28,"known","COSM324676",1,"NA",0,26.5,"het",0,"AGGGTATGAGCTACAGTTCC","ATTAGGCCCAACTTTACAGG",1,0,"chr1:g.100327077G>A",16713,"hGDE_N","predicted passenger",null,"FALSE",263,"FALSE",0,"FALSE"]
["G13386","SLC16A1","frameshift",1,113471889,"TG","T","p.P14Qfs*10",0.2564,78,20,"known","COSM1332783",11,"MU105458",3,35,"het",0,"GCCCAGCCCCAGCCTCCATC","GGGGGGTGTATCCAACTGGA",0,0,"chr1:g.113471890_113471890del",16715,null,"predicted passenger",null,"FALSE",144,"FALSE",0,"FALSE"]
["G13385","ISG20L2","frameshift",1,156694022,"AG","A","p.L289Sfs*15",0.1688,160,27,"known","COSM1334924",18,"NA",0,26,"het",1e-05,"GGCAGTCAGCCTTCCGGTTG","GGGGGGGATATGGGAGGTGT",0,0,"chr1:g.156694023_156694023del",15796,"RNase_T","predicted passenger",null,"FALSE",159,"FALSE",0,"FALSE"]
["G13385","CCDC181","frameshift",1,169366579,"CT","C","p.K421Sfs*6",0.1973,147,29,"known","COSM1336071",17,"NA",0,35,"het",0,"TCTTTCATCTGCTCTTCGTG","TTTTTTTAAGCCATAATCGA",0,0,"chr1:g.169366580_169366580del",15804,null,"predicted passenger",null,"FALSE",167,"FALSE",0,"FALSE"]
["G13385","FCAMR","frameshift",1,207139176,"C","CT","p.R66Kfs*103",0.1742,155,27,"known","COSM1338358",7,"NA",0,23.5,"het",0,"ACAGCCATCTCGGATGGGGT","TTTTTTGTGGAAGGGCGAAA",0,0,"chr1:g.207139176_207139177insT",15817,null,"predicted passenger",null,"FALSE",157,"TRUE",0,"TRUE"]
["G13386","ACBD3","frameshift",1,226352490,"CT","C","p.R190Gfs*43",0.0667,30,2,"known","COSM1339283",8,"MU1854208",2,35,"het",0.04071,"TCCATGCCCTCAAACTTCAC","TTTTTTTTCTTGCTCTTCCT",0,0,"chr1:g.226352491_226352491del",13854,null,"predicted passenger",null,"FALSE",66,"FALSE",0,"FALSE"]
["G13386","WDR64","frameshift",1,241964454,"G","GA","p.N1064Kfs*69",0.1892,74,14,"known","COSM289816",2,"NA",0,25.7,"het",8e-05,"GCACCACGAAGAAGAAGTTT","AAAAAAAATTTAGTCCCACA",0,0,"chr1:g.241964454_241964455insA",16738,null,"predicted passenger",null,"FALSE",171,"TRUE",0,"FALSE"]
["G13386","GREB1","missense",2,11780546,"G","A","p.R1939Q",0.1579,76,12,"known","COSM4781578",1,"MU23516892",1,34,"het",0,"CGCCAATGCCAGGGAAGACC","GCCGCTCTTTTTTCTGACGG",0,0,"chr2:g.11780546G>A",16742,null,"predicted passenger",null,"FALSE",228,"FALSE",0,"FALSE"]
["G13387","BIRC6","frameshift",2,32820100,"GA","G","p.K4503Nfs*11",0.1824,170,31,"known","COSM2942749",1,"MU109180",1,36,"het",0,"TCTTGAAATATTAAATAACA","AAAAAAACTGGGTGAATACT",0,1,"chr2:g.32820101_32820101del",17300,null,"predicted passenger",null,"FALSE",172,"FALSE",0,"FALSE"]
["G13383","BCL11A","missense",2,60688077,"G","A","p.S657L",0.1,110,11,"known","NA",0,"MU48214534",1,24.2,"het",1.16E-3,"CGTAGCCGGCGAGCCACTGC","AGTACACGTTCTCCGTGTTG",1,1,"chr2:g.60688077G>A",13896,null,"predicted passenger","Act","FALSE",89,"FALSE",3,"TRUE"]
["G13384","SLC9A4","frameshift",2,103125344,"TA","T","p.T483Pfs*15",0.2013,149,30,"known","COSM200025",4,"MU73722",3,35,"het",0,"CTGGTCAGGTACCTGGATGT","AAAAAACCAATAAAAAAGAA",0,0,"chr2:g.103125345_103125345del",14875,null,"predicted passenger",null,"FALSE",163,"FALSE",0,"FALSE"]
["G13383","CYP27C1","frameshift",2,127944879,"GC","G","p.I364Sfs*71",0.2115,104,22,"known","COSM1399197",3,"MU108465",2,31,"het",1e-05,"AACAAATCGCACGTGGATGG","CCCCCTGGCGTCAGGAGCCC",0,0,"chr2:g.127944880_127944880del",13918,"p450","predicted passenger",null,"FALSE",124,"FALSE",0,"FALSE"]
["G13386","MARCH7","frameshift",2,160604679,"CT","C","p.S296Hfs*9",0.2368,76,18,"known","COSM1400357",7,"MU5197596",2,25.9,"het",0,"AGCTTCTAGCATGTCATCTA","TTTTTTTCACGAAGATCTAG",0,0,"chr2:g.160604680_160604680del",16766,null,"predicted passenger",null,"FALSE",114,"FALSE",0,"FALSE"]
["G13385","MYO3B","frameshift",2,171240258,"TC","T","p.H411Tfs*38",0.1019,108,11,"known","COSM3315663",2,"NA",0,35,"het",0.00014,"GGGGTGAAACGCGCCTCCAA","CCCCCCACATATTTGCATCA",0,0,"chr2:g.171240259_171240259del",15876,"Myosin_head","predicted passenger",null,"FALSE",150,"FALSE",0,"FALSE"]
["G13385","COL3A1","missense",2,189856425,"C","T","p.R310W",0.1176,170,20,"known","COSM1013942",1,"MU1828292",1,31,"het",0,"GGGCTCCTGGTGAGCGAGGA","GGCCAGGACTTCCTGGGGCT",0,1,"chr2:g.189856425C>T",15882,"Collagen","predicted passenger",null,"FALSE",240,"FALSE",2,"TRUE"]
["G13384","CCDC150","frameshift",2,197531518,"CAA","C","p.K283Rfs*13",0.1586,227,36,"known","COSM4611436",3,"NA",0,23.7,"het",0,"AAGAACTACTGGCCCAGGAA","AAAAAAAAAGAAGAGTTGGA",0,0,"chr2:g.197531519_197531520del",14902,null,"predicted passenger",null,"FALSE",220,"TRUE",0,"TRUE"]
["G13387","RUFY4","missense",2,218938006,"C","T","p.R143C",0.1512,86,13,"known","COSM4803124",4,"MU30055091",1,27.9,"het",0.00223,"GCCCTCTGCTCTGCCCAGAA","GCCAAGAAGACATCCTGGAC",0,0,"chr2:g.218938006C>T",17355,"RUN","predicted passenger",null,"FALSE",87,"FALSE",0,"FALSE"]
["G13385","HDLBP","frameshift",2,242179466,"GC","G","p.G747Afs*27",6.17283950617284E-3,326,2,"known","COSM4337240",11,"MU3802747",2,24.2,"het",0,"CGCACCTTGCGAATTTTGCC","CCCCCTTGCCGATGAGGAAT",0,0,"chr2:g.242179467_242179467del",13965,"KH_1","predicted passenger",null,"FALSE",251,"FALSE",0,"FALSE"]
["G13387","SLC6A1","missense",3,11059010,"C","T","p.A38V",0.1504,226,34,"known","COSM180766",3,"MU60282",2,14.35,"het",0,"GGTCAAGGTGCAGAAGAAGG","GGCAGACCTCCCCGACCGGG",0,0,"chr3:g.11059010C>T",17373,null,"predicted passenger",null,"FALSE",363,"FALSE",0,"FALSE"]
["G13387","SLC6A6","missense",3,14526454,"G","A","p.R601H",0.08,75,6,"known","COSM1039539",4,"MU93813",3,20.4,"het",0.00612,"AGCCACACCTTACAACTCTC","CACCGTCATGAACGGCGCTC",0,0,"chr3:g.14526454G>A",17374,null,"predicted passenger",null,"FALSE",133,"FALSE",0,"FALSE"]
["G13383","DNAH1","frameshift",3,52412623,"GC","G","p.H2404Tfs*37",0.1081,37,4,"known","NA",0,"MU5895309",2,30,"het",0.10994,"CTCCTATTCCCCCAGCTGGG","CCCCCACATTGCCCACTTCA",0,0,"chr3:g.52412624_52412624del",13993,"AAA_7","predicted passenger",null,"FALSE",49,"FALSE",0,"FALSE"]
["G13386","USF3","frameshift",3,113377481,"GTT","G","p.N1016Pfs*8",0.3889,36,14,"known","COSM253013",4,"NA",0,25.4,"het",0,"GAAAGAGATGATTTCTGAGG","TTTTTTTTTAGCAAGATCAG",0,0,"chr3:g.113377482_113377483del",16813,null,"predicted passenger",null,"FALSE",82,"TRUE",0,"TRUE"]
["G13384","POLQ","frameshift",3,121263644,"CT","C","p.K91Rfs*21",0.1469,286,42,"known","COSM1418151",4,"MU77090",1,25.9,"het",0,"TCTGCCTGCCATTCAAACAT","TTTTTACACCAAAACTGTGG",0,1,"chr3:g.121263645_121263645del",14962,null,"predicted passenger",null,"FALSE",210,"FALSE",0,"FALSE"]
["G13383","ALDH1L1","frameshift",3,125855665,"T","TC","p.E429Gfs*12",0.1348,141,19,"known","COSM3058471",3,"NA",0,27.6,"het",0,"CGCCCTCGGCATCCACGAAC","CCCCCCCAATGAAGAGCTGG",0,0,"chr3:g.125855665_125855666insC",14008,null,"predicted passenger",null,"FALSE",195,"TRUE",0,"TRUE"]
["G13383","TFDP2","frameshift",3,141692946,"CT","C","p.E203Kfs*20",0.1061,264,28,"known","COSM4614910",4,"MU43924220",1,34,"het",9e-05,"CAGGCCAATCCACTTGATTT","TTTTTTTCCTTTGAAATTAT",0,0,"chr3:g.141692947_141692947del",14013,"E2F_TDP","predicted driver: tier 1","LoF","FALSE",224,"FALSE",0,"TRUE"]
["G13384","DHX36","frameshift",3,154032977,"AT","A","p.M154Cfs*27",0.1667,294,49,"known","COSM4337392",6,"NA",0,28.6,"het",0,"ATCTGTTCCTGATTCTAAAC","TTTTTTTTCTTGATTTATCA",0,0,"chr3:g.154032978_154032978del",14979,null,"predicted passenger",null,"FALSE",227,"FALSE",0,"FALSE"]
["G13386","RGS12","frameshift",4,3430398,"GA","G","p.K1178Nfs*32",0.2917,48,14,"known","COSM1429456",18,"MU1835329",2,35,"het",0,"GAATCTATTGCAAAGATTGG","AAAAAAAATATCAGAAAATT",0,0,"chr4:g.3430399_3430399del",16834,null,"predicted passenger","LoF","FALSE",107,"FALSE",0,"FALSE"]
["G13386","KLF3","missense",4,38690342,"C","T","p.T65M",0.1212,66,8,"known","COSM1055095",1,"MU1907339",1,33,"het",0.00022,"GATGGAGCCAGTGGACCTCA","GGTGAACAAGCGGAGTTCAC",0,0,"chr4:g.38690342C>T",16835,null,"predicted passenger",null,"FALSE",137,"FALSE",1,"FALSE"]
["G13386","ANKRD17","missense",4,73963913,"C","T","p.R1633H",0.1778,90,16,"known","COSM1057323",2,"MU1943800",1,21.8,"het",0,"GTGAATGATTGTCACTCTTA","GACTGCTGTTGCTGTTACTA",0,0,"chr4:g.73963913C>T",16841,null,"predicted passenger",null,"FALSE",243,"FALSE",0,"FALSE"]
["G13387","CENPE","missense",4,104070072,"C","T","p.V1258I",0.1128,133,15,"known","COSM1049674",1,"MU1811766",1,2E-3,"het",0.00014,"TTGAGCTGTCTTCTCAGATA","GCTTCTTCTTAGTTCATCAA",0,0,"chr4:g.104070072C>T",17467,null,"predicted passenger",null,"FALSE",195,"FALSE",0,"FALSE"]
["G13386","ENPEP","missense",4,111409837,"C","T","p.A262V",0.2667,30,8,"known","COSM1050050",5,"MU1908717",2,20.9,"het",1E-4,"ACTTTCAAATATGCCAGTGG","GGTAAGTATTTTTTAAATGT",0,0,"chr4:g.111409837C>T",16849,"Peptidase_M1","predicted passenger",null,"FALSE",57,"FALSE",0,"FALSE"]
["G13384","CLGN","frameshift",4,141313401,"CT","C","p.K541Sfs*27",0.027,111,3,"known","COSM5018790",3,"NA",0,35,"het",9e-05,"AGCATTTCACCATCATTTTG","TTTTTTCCTCTTCCAGGTCC",0,0,"chr4:g.141313402_141313402del",14064,null,"predicted passenger",null,"FALSE",119,"FALSE",0,"FALSE"]
["G13387","SPEF2","missense",5,35644503,"G","A","p.R154Q",0.1136,88,10,"known","COSM4653959",1,"NA",0,20.5,"het",4.45E-3,"AACTGATTTCAATCTGATGC","GATTACATACAGGTTTCAAG",1,0,"chr5:g.35644503G>A",17496,null,"predicted passenger",null,"FALSE",90,"FALSE",0,"FALSE"]
["G13383","ITGA2",".",5,52340923,"G","A",".",0.1321,318,42,"known","NA",0,"MU64434054",1,24.6,"het",0,"TGGGAACTGGAGGTTTTCTC","TGAGTGTTTACTTTACAAAT",1,0,"chr5:g.52340923G>A",14083,null,"predicted passenger",null,"FALSE",338,"TRUE",1,"FALSE"]
["G13385","PAM","frameshift",5,102309948,"CA","C","p.K433Rfs*32",0.1395,258,36,"known","COSM1642546",12,"NA",0,32,"het",0,"CTGAGATTGCAAATGTAGTC","AAAAAAGGATCTTGGTCGAT",0,0,"chr5:g.102309949_102309949del",16031,null,"predicted passenger",null,"FALSE",276,"FALSE",0,"FALSE"]
["G13387","TSSK1B","frameshift",5,112769461,"TG","T","p.Q359Nfs*68",0.1212,66,8,"known","COSM2991367",5,"MU145754",3,22.6,"het",0.00354,"CCCGCGTCTCTGGAGGCTGT","GGGGGGCCCTTCCTCTGTCT",0,0,"chr5:g.112769462_112769462del",17519,null,"predicted passenger",null,"FALSE",63,"FALSE",0,"FALSE"]
["G13383","ANKHD1","missense",5,139889762,"G","A","p.R1367H",0.0727,55,4,"known","COSM278828",2,"MU1931490",1,34,"het",0.08353,"ACCTCTTATGTCAGCATTTC","CAAGGTAATTTGATATGGGG",0,0,"chr5:g.139889762G>A",14101,"Ank_2","predicted passenger",null,"FALSE",46,"FALSE",3,"FALSE"]
["G13384","PCDHAC2","missense",5,140347088,"G","A","p.R246H",0.1563,64,10,"known","COSM1434082",1,"MU92457",1,21.7,"het",1.31E-3,"TACGGCACAGATCTCTGTGC","TGTCCTGGACACTAACGACA",0,0,"chr5:g.140347088G>A",15072,"Cadherin","predicted passenger",null,"FALSE",58,"FALSE",0,"FALSE"]
["G13384","PCDHGB6","missense",5,140788043,"C","T","p.R92C",0.1934,331,64,"known","COSM3208039",2,"NA",0,29.2,"het",0,"TTGTGAAGAACCGAATAGAC","GTGAGCAAATATGCAAAGAG",0,0,"chr5:g.140788043C>T",15076,"Cadherin_2","predicted passenger",null,"FALSE",299,"FALSE",3,"FALSE"]
["G13386","SLC34A1","missense",5,176813305,"G","A","p.V115I",0.0169491525423729,122,2,"known","COSM371455",2,"NA",0,4.967,"het",0,"TCACCTTCCTCTACCTCTTC","TCTGCTCCCTGGACATGCTC",0,0,"chr5:g.176813305G>A",14117,"Na_Pi_cotrans","predicted passenger",null,"FALSE",330,"FALSE",0,"FALSE"]
["G13387","SKIV2L","missense",6,31936247,"C","T","p.R1001W",0.156862745098039,118,16,"known","COSM4153270",1,"MU3879143",1,34,"het",0.00042,"CAGTTGTAGAGGGTGGGCTC","GGGCCCGGAAGCTGGAGGAG",0,0,"chr6:g.31936247C>T",14125,"rRNA_proc-arch","predicted passenger",null,"FALSE",121,"FALSE",1,"FALSE"]
["G13386","BRPF3","frameshift",6,36181728,"TC","T","p.P854Rfs*6",0.4444,54,24,"known","COSM1444082",3,"MU82376",2,34,"het",0,"CTTCCTTGTCTGAGCAAGAA","CCCCCCGGAGCCCCCTACTC",0,0,"chr6:g.36181729_36181729del",16890,null,"predicted passenger",null,"FALSE",145,"FALSE",0,"FALSE"]
["G13383","RNGTT","nonsense",6,89554096,"C","CA","p.D417*fs*1",0.1277,94,12,"known","COSM6768070",1,"NA",0,35,"het",3.5E-4,"CTTTCTTGAAGTACAGATGT","AAAAAACGGCTTATTTCTGA",1,0,"chr6:g.89554096_89554097insA",14139,"mRNA_cap_enzyme","predicted passenger",null,"FALSE",88,"FALSE",0,"FALSE"]
["G13383","MFSD4B","frameshift",6,111587360,"AT","A","p.C202Vfs*4",0.125,152,19,"known","COSM1181010",10,"MU1661634",1,23,"het",1e-05,"ACATGTTCTTAGTTTCTGTC","TTTTTTTTGTCTGTTTTTAA",0,0,"chr6:g.111587361_111587361del",14147,"MFS_1","predicted passenger",null,"FALSE",119,"FALSE",0,"FALSE"]
["G13385","FAM26E","frameshift",6,116836953,"GT","G","p.F246Lfs*75",0.1508,126,19,"known","COSM1439986",8,"MU71391",3,29.3,"het",1e-05,"GAGCGAGAGGAACCTGAAAT","TTTTTTGAAAACAAGAGGCC",0,0,"chr6:g.116836954_116836954del",16090,"Ca_hom_mod","predicted passenger",null,"FALSE",134,"FALSE",0,"FALSE"]
["G13385","AKAP7","frameshift",6,131481275,"GA","G","p.K79Rfs*21",0.1356,177,24,"known","COSM1440465",51,"MU107448",4,15.69,"het",0,"AGTGATCAAGTAAAGAAGAG","AAAAAAAGAGAAAAGATTAT",0,0,"chr6:g.131481276_131481276del",16094,null,"predicted passenger",null,"FALSE",164,"FALSE",0,"FALSE"]
["G13384","TULP4","missense",6,158735164,"G","A","p.R39H",0.1235,243,30,"known","COSM3860043",3,"MU6139687",1,32,"het",0,"GAAGCCTGTGTGCAGGAGAC","CTACTATGAGGAAGGCTGGC",0,0,"chr6:g.158735164G>A",15145,null,"predicted passenger",null,"FALSE",244,"FALSE",3,"TRUE"]
["G13385","MYO1G","missense",7,45016656,"C","T","p.R37H",0.1346,52,7,"known","COSM3412096",1,"MU593833",1,24.9,"het",0.01653,"CACCGATGTAGGTGTAGATG","GGCCCTTCTCGAACCTGGAC",0,0,"chr7:g.45016656C>T",16112,"Myosin_head","predicted passenger",null,"FALSE",45,"FALSE",0,"FALSE"]
["G13386","AP1S1","frameshift",7,100802404,"TG","T","p.D122Mfs*11",0,64,0,"known","COSM1446815",20,"MU1815072",2,35,"het",0.05508,"CATCCTGGATGAGTTTTTGA","GGGGGGGATGTCCAGGACAC",0,0,"chr7:g.100802405_100802405del",14179,"Clat_adaptor_s","predicted passenger",null,"FALSE",134,"FALSE",0,"FALSE"]
["G13386","EPHA1","missense",7,143088780,"G","A","p.R929C",0.0882,68,6,"known","COSM1205435",4,"NA",0,34,"het",0.00155,"GTGGAAGTGCAGGATGTAGC","TTTCATGCGTATGGACTCGA",0,0,"chr7:g.143088780G>A",16916,"SAM_1","predicted driver: tier 1","Act","FALSE",166,"TRUE",3,"TRUE"]
["G13384","FGF17","missense",8,21905618,"G","A","p.R170H",0.1986,287,57,"known","COSM5475165",1,"MU49695837",1,26.8,"het",0,"CCGCAGCCGCCAGAACCAGC","CGAGGCCCACTTCATCAAGC",0,0,"chr8:g.21905618G>A",15191,"FGF","predicted passenger",null,"FALSE",265,"FALSE",1,"FALSE"]
["G13384","ADGRA2","frameshift",8,37691604,"TG","T","p.A525Pfs*12",0.0714,112,8,"known","COSM1456830",7,"MU59500",2,24.9,"het",1.39E-3,"GTGGGTGCCCTGGAGCGCAT","GGGGGGCCGCCCTCAGCCCC",0,0,"chr8:g.37691605_37691605del",14205,null,"predicted passenger",null,"FALSE",102,"FALSE",0,"FALSE"]
["G13383","CA8","missense",8,61144877,"G","A","p.P160L",0.1358,243,33,"known","COSM5589971",1,"NA",0,25.5,"het",0,"CAATGATGGCGATTCCGTGC","GCTTCCCCACAGCCTCATCA",1,0,"chr8:g.61144877G>A",14211,"Carb_anhydrase","predicted passenger",null,"FALSE",265,"FALSE",1,"FALSE"]
["G13383","PREX2","frameshift",8,68992720,"GT","G","p.S565Rfs*10",0.1542,253,39,"known","COSM1457983",2,"MU114173",1,34,"het",0,"AGATGAACCCCTACTTTTCC","TTTTTTTCGGATGAGGAAAT",0,1,"chr8:g.68992721_68992721del",14213,null,"predicted passenger",null,"FALSE",248,"FALSE",0,"FALSE"]
["G13384","RGS22","frameshift",8,100990177,"AT","A","p.K1162Nfs*5",0.1393,201,28,"known","COSM405114",8,"MU1663283",2,26.5,"het",0,"TTCGTCTTCTAGGACTGCCA","TTTTTTTTCTGCTTATTATA",0,0,"chr8:g.100990178_100990178del",15210,null,"predicted passenger",null,"FALSE",194,"FALSE",0,"FALSE"]
["G13385","FER1L6","frameshift",8,125029887,"GA","G","p.K650Sfs*5",0.1091,165,18,"known","COSM3316103",5,"NA",0,26.4,"het",1.2E-4,"GTGCCTTTATCTCTGAAGCA","AAAAAAGCCCAAGATGTTGA",0,0,"chr8:g.125029888_125029888del",16186,null,"predicted passenger",null,"FALSE",152,"FALSE",0,"FALSE"]
["G13384","RANBP6","frameshift",9,6012689,"AT","A","p.N973Mfs*12",0,151,0,"known","COSM253084",9,"MU1828948",1,35,"het",0.00179,"CAGTTCTCTGTAGCAATGAC","TTTTTTTGGTTTTGGAATTT",0,0,"chr9:g.6012690_6012690del",14239,null,"predicted passenger",null,"FALSE",114,"FALSE",0,"FALSE"]
["G13383","INVS","frameshift",9,103054982,"CG","C","p.E817Rfs*19",0.1176,170,20,"known","COSM1181061",6,"MU105156",2,35,"het",2e-05,"CTAGCCGCCCTGGCAGTGCC","GGGGGAGGCGGTCCATGCTG",0,0,"chr9:g.103054983_103054983del",14252,null,"predicted passenger",null,"FALSE",120,"FALSE",0,"FALSE"]
["G13383","GOLGA2","frameshift",9,131019389,"TA","T","p.Y989Tfs*9",0.12,75,9,"known","COSM253001",11,"NA",0,23.4,"het",0.0139,"CATCATTCTCGTCAGCCCGG","AAAAAAAGGAATGCAGGGGT",0,0,"chr9:g.131019390_131019390del",14268,"GOLGA2L5","predicted passenger",null,"FALSE",102,"FALSE",0,"FALSE"]
["G13383","TTF1","frameshift",9,135277387,"CT","C","p.K274Sfs*149",0.1497,167,25,"known","COSM1460711",12,"NA",0,19.42,"het",0,"TTCTTCTTTTTTTTCTTAGA","TTTTTTTGTGAGTAGGTCCT",0,0,"chr9:g.135277388_135277388del",14273,null,"predicted passenger",null,"FALSE",188,"FALSE",0,"FALSE"]
["G13383","CACNB2","frameshift",10,18828598,"CA","C","p.K645Nfs*29",0.1017,59,6,"known","COSM6618605",2,"NA",0,26.8,"het",0.01172,"AAAGGATGGAGAAGTGATAT","AAAAAACGGAATGAGGCTGG",0,0,"chr10:g.18828599_18828599del",14284,null,"predicted passenger",null,"FALSE",67,"FALSE",0,"FALSE"]
["G13386","RUFY2","frameshift",10,70156582,"AT","A","p.M153Wfs*8",0.1364,44,6,"known","COSM1192828",13,"MU4355007",3,34,"het",0.0166,"AGCAACGTAAGTAATCGGCC","TTTTTTTTGCATGAGGGCTA",0,0,"chr10:g.70156583_70156583del",16961,"RUN","predicted passenger","LoF","FALSE",114,"FALSE",0,"FALSE"]
["G13386","SLC16A12","frameshift",10,91203597,"CA","C","p.F73Lfs*22",0.1042,96,10,"known","COSM4333769",11,"MU139769",2,34,"het",9e-05,"GAAGTATGTCTGGAACTCCA","AAAAAAATTGAGATACATCT",0,0,"chr10:g.91203598_91203598del",16968,"MFS_1","predicted passenger",null,"FALSE",230,"FALSE",0,"FALSE"]
["G13387","SLC16A12","frameshift",10,91203597,"CA","C","p.F73Lfs*22",0.1183,186,22,"known","COSM4333769",11,"MU139769",2,34,"het",0,"GAAGTATGTCTGGAACTCCA","AAAAAAATTGAGATACATCT",0,0,"chr10:g.91203598_91203598del",17744,"MFS_1","predicted passenger",null,"FALSE",230,"FALSE",0,"FALSE"]
["G13383","INA","frameshift",10,105048415,"CA","C","p.I499Yfs*15",0.2391,46,11,"known","COSM1345549",1,"MU68841",1,24,"het",0.00063,"AAGAAACCACCATTTCAAGC","AAAAATATAATTCCATTGCT",0,0,"chr10:g.105048416_105048416del",14311,null,"predicted passenger",null,"FALSE",40,"FALSE",0,"FALSE"]
["G13384","CFAP46","missense",10,134623955,"G","A","p.A2541V",0.1767,215,38,"known","COSM3414833",2,"MU1787219",1,11.44,"het",0,"ACTCATCTTCTGAAGGAGAC","CACTGTTTCTCCAATTGGCT",0,0,"chr10:g.134623955G>A",15312,null,"predicted passenger",null,"FALSE",281,"FALSE",0,"FALSE"]
["G13385","LSP1","missense",11,1907990,"G","A","p.R249H",0.2093,43,9,"known","COSM2093197",2,"NA",0,31,"het",0.00065,"CCGGACCCCCAAGCTAGCCC","CCAGGCCTCCATAGAGCTGC",0,0,"chr11:g.1907990G>A",16261,"Caldesmon","predicted passenger",null,"FALSE",63,"FALSE",2,"FALSE"]
["G13387","NLRP10","missense",11,7981534,"G","A","p.A542V",0.1527,131,20,"known","COSM6223003",1,"NA",0,13.22,"het",0,"TAAAATGCTTCAGATCCTGC","CTAAACAGGGAGAAATTCTG",1,0,"chr11:g.7981534G>A",17769,null,"predicted passenger",null,"FALSE",123,"FALSE",0,"FALSE"]
["G13383","MRGPRX4","frameshift",11,18195356,"AT","A","p.L187Yfs*25",0.1148,183,21,"known","COSM1561475",2,"NA",0,22.9,"het",2e-05,"TCATCCCAGTCGCGTGGCTG","TTTTTTATGTGTGGTTCTCT",0,0,"chr11:g.18195357_18195357del",14334,"7tm_1","predicted passenger",null,"FALSE",237,"FALSE",0,"FALSE"]
["G13386","PAMR1","frameshift",11,35513669,"AC","A","p.G101Vfs*8",0.1463,82,12,"known","COSM4612525",15,"MU1871022",1,34,"het",4e-05,"ACATAGAAGTCATCCAAGGT","CCCCCCATGAGCCATTTCGG",0,0,"chr11:g.35513670_35513670del",16989,null,"predicted passenger",null,"FALSE",180,"FALSE",0,"FALSE"]
["G13387","CHRM1","missense",11,62677864,"T","C","p.S237G",0.1667,84,14,"known","NA",0,"MU4956225",1,10.25,"het",2e-05,"CCTCTCTGAGCTGCTGCTGC","GCCACCCCCTTTGCCTGGCG",1,0,"chr11:g.62677864T>C",17786,"7tm_1","predicted passenger",null,"FALSE",94,"FALSE",0,"FALSE"]
["G13385","C1QTNF5","frameshift",11,119210189,"GC","G","p.A195Pfs*3",0.190839694656489,156,25,"known","COSM1351867",2,"NA",0,7.989,"het",0,"CAGGCTCCAGCCTCACCATG","CCCCCCCGAGAGCGAGGCTG",0,0,"chr11:g.119210190_119210190del",14368,"C1q","predicted passenger",null,"FALSE",116,"FALSE",0,"FALSE"]
["G13385","GLB1L2","missense",11,134239737,"G","A","p.A356T",0.1134,97,11,"known","COSM5838213",2,"NA",0,13.4,"het",0.00024,"CAGAAGCCGGCGATTACACG","CCAAGTACATGAAGCTTCGA",0,0,"chr11:g.134239737G>A",16316,"Glyco_hydro_35","predicted passenger",null,"FALSE",130,"FALSE",0,"FALSE"]
["G13383","CAPRIN2","missense",12,30881800,"C","T","p.E522K",0.142,169,24,"known","COSM938657",1,"MU1976161",1,17.32,"het",0,"TGACTTGGTGGTGTTCTGTT","GCTCTGCATGGAAGGTGTCC",0,0,"chr12:g.30881800C>T",14381,null,"predicted passenger","Act","FALSE",161,"FALSE",1,"FALSE"]
["G13385","XPOT","frameshift",12,64812754,"GT","G","p.F126Lfs*6",0.1532,235,36,"known","COSM273475",34,"MU1802648",1,26.9,"het",0,"TATCTCACTAAGTGGCCCAA","TTTTTTTTGACATTCTCTCA",0,0,"chr12:g.64812755_64812755del",16346,"Xpo1","predicted passenger",null,"FALSE",221,"FALSE",0,"FALSE"]
["G13385","STAB2","missense",12,104049325,"A","C","p.K567T",0.1515,165,25,"known","COSM4038133",1,"MU4995757",1,22.6,"het",0,"TGAAGCATTGAATAACATGA","GGACGGCACTCTCGATTACC",0,0,"chr12:g.104049325A>C",16355,"Fasciclin","predicted passenger",null,"FALSE",179,"FALSE",0,"FALSE"]
["G13386","TAOK3","nonsense",12,118599655,"G","A","p.R693*",0.1786,56,10,"known","COSM2173908",1,"MU5009600",1,40,"het",0,"TCTGTGCAGTTCTCTTTCTC","CCTCTTATTGTACTCCAGCT",0,0,"chr12:g.118599655G>A",17016,null,"predicted passenger",null,"FALSE",158,"TRUE",1,"FALSE"]
["G13383","SBNO1","frameshift",12,123794282,"A","AT","p.N1139Kfs*5",0.1022,137,14,"known","COSM1359733",1,"MU154068",1,35,"het",1.23E-3,"ATTCCCATATCATATCTTCC","TTTTTTTTGGCATTTTGAAC",0,0,"chr12:g.123794282_123794283insT",14411,"Helicase_C_4","predicted passenger",null,"FALSE",92,"FALSE",0,"FALSE"]
["G13385","WASF3","missense",13,27255238,"A","G","p.N255S",0.1524,105,16,"known","COSM6074357",1,"NA",0,20.4,"het",3.5E-4,"CTCTTACCCGGCTACTCCCA","CCATTCTCTGCACCCCCAGC",1,0,"chr13:g.27255238A>G",16374,null,"predicted passenger","ambiguous","FALSE",102,"FALSE",0,"FALSE"]
["G13385","ZC3H13","nonsense",13,46543189,"G","A","p.R1164*",0.1204,274,33,"known","COSM3384857",1,"MU63682",1,39,"het",0,"CGTCTCTACTTTTTCTACTC","TGTTCTGTGGCATTTTCTGT",0,0,"chr13:g.46543189G>A",16382,null,"predicted passenger","LoF","FALSE",302,"TRUE",1,"FALSE"]
["G13385","TBC1D4","missense",13,75901914,"G","A","p.R594W",0.1379,203,28,"known","COSM4048346",2,"MU5120930",1,29.3,"het",0,"TGAAGCAAGACTGTTGGACC","TTCAAAACTGTCCACACTTC",0,0,"chr13:g.75901914G>A",16387,null,"predicted passenger",null,"FALSE",227,"FALSE",1,"FALSE"]
["G13387","BIVM-ERCC5","frameshift",13,103524611,"GA","G","p.K917Nfs*65",0.122,287,35,"known","COSM1365342",4,"MU4653648",1,24.9,"het",0,"AATCCTCATGACACCAAAGT","AAAAAAAATTACGGACATTG",0,0,"chr13:g.103524612_103524612del",17891,null,"predicted driver: tier 1","LoF","FALSE",337,"FALSE",0,"TRUE"]
["G13386","PPP2R3C","frameshift",14,35585934,"CT","C","p.S23Vfs*5",0.25,32,8,"known","COSM1290288",6,"MU1824913",1,24.6,"het",0.00039,"CATCTTTTAATTCTTGTTCA","TTTTTTTTCTGGTAACAAAA",0,0,"chr14:g.35585935_35585935del",17038,null,"predicted passenger",null,"FALSE",70,"FALSE",0,"FALSE"]
["G13387","MDGA2","missense",14,47770744,"G","A","p.T97M",0.0267,75,2,"known","COSM4630061",2,"MU29536524",1,23.9,"het",0.30229,"CTGAGTGCACAATACGAACC","TGGGAGGAGCTGTCGAGTCA",0,0,"chr14:g.47770744G>A",17906,"I-set","predicted passenger",null,"FALSE",72,"FALSE",2,"FALSE"]
["G13385","IFI27L1","missense",14,94568222,"G","A","p.A42T",0.1179,195,23,"known","COSM1323319",1,"NA",0,22.2,"het",0,"GCTTCACCTCAGTAGGAATC","CCGCATCCTCCATAGCAGCC",1,0,"chr14:g.94568222G>A",16421,"Ifi-6-16","predicted passenger",null,"FALSE",185,"FALSE",1,"FALSE"]
["G13384","NIPA2","frameshift",15,23021238,"CT","C","p.K33Rfs*12",0.1285,179,23,"known","COSM1372051",15,"MU1832147",3,33,"het",1.1E-4,"CTGGCAAGTCGAAGGAGGCC","TTTTTTTCAAAATGAAACTT",0,0,"chr15:g.23021239_23021239del",15476,"Mg_trans_NIPA","predicted passenger",null,"FALSE",168,"FALSE",0,"FALSE"]
["G13385","WDR72","frameshift",15,53908070,"AT","A","p.M778Cfs*9",0.1254,327,41,"known","COSM1373534",18,"MU75491",1,34,"het",0,"TTCTTGATGGCTTAGGCTGC","TTTTTTGGAGATCTTCATTT",0,0,"chr15:g.53908071_53908071del",16439,null,"predicted passenger",null,"FALSE",378,"FALSE",0,"FALSE"]
["G13386","IGDCC3","missense",15,65621843,"G","A","p.A697V",0.24,50,12,"known","COSM2256443",2,"NA",0,7.261,"het",0.00051,"GGCCCCGCTGTCCCCGTCTC","CCCCATTTAGGGCTAGAATG",0,0,"chr15:g.65621843G>A",17058,null,"predicted passenger",null,"FALSE",42,"FALSE",0,"FALSE"]
["G13386","AGBL1","frameshift",15,86807692,"CA","C","p.N387Ifs*4",0.1786,56,10,"known","COSM4611410",7,"MU41127418",1,18.44,"het",1e-05,"TCCACTGTGCATCTAGGCTC","AAAAAAATCCTGGAGTGAAC",0,0,"chr15:g.86807693_86807693del",17062,null,"predicted passenger",null,"FALSE",177,"FALSE",0,"FALSE"]
["G13384","TVP23A","frameshift",16,10867202,"TA","T","p.F140Lfs*7",0.1068,103,11,"known","COSM1375771",27,"MU59745",2,25,"het",0.00302,"CTTCAAGGAAAATAAGGTGC","AAAAAAAACACAATCCATAT",0,0,"chr16:g.10867203_10867203del",15511,"DUF846","predicted passenger",null,"FALSE",78,"FALSE",0,"FALSE"]
["G13386","KNOP1","frameshift",16,19722723,"CT","C","p.G320Afs*8",0.1111,54,6,"known","COSM1376319",10,"NA",0,26.7,"het",1.48E-3,"GTGCGCCTCATCCATGTTGC","TTTTTTTCCAACACCACCTC",0,0,"chr16:g.19722724_19722724del",17068,null,"predicted passenger",null,"FALSE",130,"FALSE",0,"FALSE"]
["G13386","CKLF-CMTM1","frameshift",16,66611099,"C","CG","p.S60Vfs*34",0.1538,52,8,"known","COSM4611415",7,"MU41142159",1,25.1,"het",0.00093,"AGAAGGCATTTACTCTATGT","GGGGGGGTAAGTAGAGGCCT",0,0,"chr16:g.66611099_66611100insG",17078,null,"predicted passenger",null,"FALSE",108,"TRUE",0,"TRUE"]
["G13387","ZC3H18","frameshift",16,88691140,"AC","A","p.R680Gfs*5",0.128440366972477,123,14,"known","COSM294961",27,"MU82255",2,15.88,"het",0,"GGAAGGAGCGGCCAGCCAGG","CCCCCCCAGGAGGTGAGCAC",0,0,"chr16:g.88691141_88691141del",14543,null,"predicted passenger","LoF","FALSE",96,"FALSE",0,"FALSE"]
["G13383","TP53","missense",17,7578475,"G","A","p.P152L",0.125,112,14,"known","COSM129857",91,"MU828421",5,28,"het",8e-05,"CGCGGACGCGGGTGCCGGGC","GGGGTGTGGAATCAACCCAC",0,1,"chr17:g.7578475G>A",14548,"P53","known in: CANCER;CANCER-PR","LoF","TRUE",112,"TRUE",3,"TRUE"]
["G13386","HS3ST3B1","frameshift",17,14205087,"GC","G","p.R87Gfs*59",0.1852,54,10,"known","COSM2738255",2,"MU5317754",1,23,"het",1e-05,"GCCACAGCTCCGGACGGGAC","CCCCCAGGCTGCCGTTCCGG",0,0,"chr17:g.14205088_14205088del",17095,null,"predicted passenger",null,"FALSE",108,"FALSE",0,"FALSE"]
["G13383","GID4","frameshift",17,17957485,"CA","C","p.K183Nfs*5",0.1415,106,15,"known","COSM6670882",1,"MU5321698",1,26.2,"het",1e-05,"TTCGAAGGAGAAATAATCAG","AAAAACACCCTTTCTTAACT",0,0,"chr17:g.17957486_17957486del",14559,"Vac_ImportDeg","predicted passenger",null,"FALSE",133,"FALSE",0,"FALSE"]
["G13386","SLFN12","frameshift",17,33749492,"CA","C","p.F185Lfs*12",0.25,56,14,"known","COSM1382469",17,"NA",0,2E-3,"het",5e-05,"CCGATCAAGTTCTGTTCTAT","AAAAAAACCCCGGCCAAGGC",0,0,"chr17:g.33749493_33749493del",17104,null,"predicted passenger",null,"FALSE",131,"FALSE",0,"FALSE"]
["G13386","IGFBP4","frameshift",17,38600103,"GC","G","p.V42Wfs*52",0.2,50,10,"known","COSM1734358",5,"NA",0,23.9,"het",0,"GGAGAAGCTGGCGCGCTGCC","CCCCCCGTGGGCTGCGAGGA",0,0,"chr17:g.38600104_38600104del",17108,"IGFBP","predicted passenger","LoF","FALSE",142,"FALSE",0,"FALSE"]
["G13384","PLEKHH3","frameshift",17,40825490,"AC","A","p.V192Wfs*6",0.0952,84,8,"known","COSM3189158",7,"MU3779694",3,34,"het",0.01221,"CGATCACTTCCCGCAATGCC","CCCCCAGCGCTCAGCCTCTG",0,0,"chr17:g.40825491_40825491del",14577,null,"predicted passenger",null,"FALSE",64,"FALSE",0,"FALSE"]
["G13387","AOC2","missense",17,40997947,"G","A","p.R435Q",0.1374,131,18,"known","COSM300361",1,"MU48440996",1,24.9,"het",3e-05,"AGCCCAGGGACTGCCCCTTC","AAGGCACCACAATTACCTTC",0,0,"chr17:g.40997947G>A",18039,"Cu_amine_oxid","predicted passenger",null,"FALSE",173,"FALSE",0,"FALSE"]
["G13383","LAMA1","missense",18,7023262,"C","T","p.G868R",0.1461,178,26,"known","COSM3145960",1,"NA",0,35,"het",0,"CAGGCACTTCAGGCACTCCC","GGTGACTGAGTCACAGTGAC",1,0,"chr18:g.7023262C>T",14602,"Laminin_EGF","predicted passenger",null,"FALSE",221,"FALSE",3,"FALSE"]
["G13383","RBBP8","frameshift",18,20572852,"GA","G","p.K357Nfs*3",0.1163,172,20,"known","COSM253085",10,"NA",0,10.5,"het",1e-05,"CCTTCTCTTTTACAGCCTGG","AAAAAAAACATCTGAAAACA",0,0,"chr18:g.20572853_20572853del",14606,null,"predicted driver: tier 1","LoF","FALSE",150,"FALSE",0,"TRUE"]
["G13383","LMAN1","frameshift",18,57013193,"CT","C","p.E305Rfs*22",0.2042,284,58,"known","COSM1389372",28,"MU91855",4,35,"het",0,"GTGGCCCTTCTGGAATTCCT","TTTTTTTTATCCAATTCTTG",0,0,"chr18:g.57013194_57013194del",14611,null,"predicted passenger",null,"FALSE",290,"FALSE",0,"FALSE"]
["G13387","PHLPP1","missense",18,60639886,"C","A","p.Q1234K",0.0377358490566038,110,4,"known","COSM6372599",1,"NA",0,24.9,"het",0.20138,"ACATTTTGGCTGAAGAGCTG","AAAAAACAAAAAACGAAGAA",1,0,"chr18:g.60639886C>A",14612,"PP2C","predicted passenger","LoF","FALSE",126,"FALSE",0,"FALSE"]
["G13387","SAFB2","frameshift",19,5587281,"CG","C","p.P945Rfs*123",0.3158,57,18,"known","COSM295101",17,"MU95391",3,34,"het",0,"CGGCGGGTGAAGTGGGGGTA","GGGGGGGATGAGGGTGTGGG",0,0,"chr19:g.5587282_5587282del",18090,null,"predicted passenger","LoF","FALSE",72,"FALSE",0,"FALSE"]
["G13387","TIMM44","frameshift",19,8002974,"AT","A","p.K83Nfs*9",0.1465,273,40,"known","COSM1267856",6,"MU5563228",1,7.361,"het",0,"CCTTCTGGCCTCGTCACGGA","TTTTTTATACTTTCTTTCAT",0,0,"chr19:g.8002975_8002975del",18094,null,"predicted passenger",null,"FALSE",264,"FALSE",0,"FALSE"]
["G13385","ZNF461","missense",19,37147422,"C","T","p.V54I",0.1364,88,12,"known","COSM1235816",1,"NA",0,19.25,"het",0.01033,"TTGCTCCAATGAGGAGATTA","GGCTGGCTTAGAAACAGAAA",1,0,"chr19:g.37147422C>T",16597,null,"predicted passenger",null,"FALSE",68,"FALSE",0,"FALSE"]
["G13387","WDR87","frameshift",19,38376034,"CT","C","p.K2720Rfs*57",0.1854,151,28,"known","COSM1393275",15,"MU96775",1,27,"het",0,"TCCCACAAAGGCAACTCTTC","TTTTTTTAGAAATGGGCTGT",0,0,"chr19:g.38376035_38376035del",18113,null,"predicted passenger",null,"FALSE",137,"FALSE",0,"FALSE"]
["G13383","ZNF541","frameshift",19,48041499,"TG","T","p.P1017Qfs*46",0.1111,72,8,"known","COSM1394920",1,"MU76453",1,33,"het",0.01884,"TCCCGGATGGGGCTGAGCAT","GGGGTGGTGTGTAGGGGGAG",0,0,"chr19:g.48041500_48041500del",14655,null,"predicted passenger",null,"FALSE",52,"FALSE",0,"FALSE"]
["G13385","TGM6","frameshift",20,2384125,"AC","A","p.Q360Rfs*99",0.149,255,38,"known","COSM1410795",9,"MU133082",3,35,"het",0,"GCTGGCAGGTTCTGGATGCC","CCCCCAGGAGGAGAGTGAAG",0,0,"chr20:g.2384126_2384126del",16626,null,"predicted passenger",null,"FALSE",260,"FALSE",0,"FALSE"]
["G13385","SLC4A11","missense",20,3214843,"G","A","p.R180W",0.169,213,36,"known","COSM4097696",1,"MU5715843",1,26.9,"het",0,"GAAGCGGCGAAGCATGGTCC","CAGCACGTTATCCAGGGAGG",0,0,"chr20:g.3214843G>A",16628,null,"predicted passenger",null,"FALSE",207,"FALSE",0,"FALSE"]
["G13387","JPH2","missense",20,42744492,"G","A","p.T608M",0.0896,67,6,"known","COSM4753770",1,"NA",0,6.51,"het",0.02235,"CAGGCTCGGGGCCTCGGAGC","TGGGGGCCTGCAGCGGGGCG",1,0,"chr20:g.42744492G>A",18158,null,"predicted passenger",null,"FALSE",57,"FALSE",0,"FALSE"]
["G13385","SYCP2","nonsense",20,58467046,"AT","A","p.M788*fs*1",0.0198,101,2,"known","COSM253106",12,"MU607332",2,22.8,"het",0.08448,"AAACACATTGAAAGCTCACC","TTTTTTTTGTTTCGAATCCC",0,0,"chr20:g.58467047_58467047del",14692,null,"predicted passenger",null,"FALSE",91,"FALSE",0,"FALSE"]
["G13386","LTN1","frameshift",21,30338712,"CT","C","p.V747Sfs*5",0.0625,34,2,"known","COSM1734157",1,"MU5756967",1,31,"het",0.00023,"CTTGGTTAGATCATCCAAGA","TTTTTTCTTTCCATATCATT",0,0,"chr21:g.30338713_30338713del",14697,null,"predicted passenger",null,"FALSE",81,"FALSE",0,"FALSE"]
["G13387","PFKL","missense",21,45744758,"C","T","p.T612M",0.1709,117,20,"known","COSM1220251",1,"NA",0,26.7,"het",1e-05,"GGTCAACGTGGAGCACATGA","GGAGAAGATGAAGACAGACA",1,0,"chr21:g.45744758C>T",18185,"PFK","predicted passenger",null,"FALSE",155,"FALSE",0,"FALSE"]
["G13387","DDX17","frameshift",22,38897210,"CT","C","p.K121Sfs*4",0.1437,167,24,"known","COSM5992096",9,"MU95584",1,34,"het",3e-05,"GGGAGCTCACTCAAATCCCA","TTTTTTTACGCAAACGCTCC",0,0,"chr22:g.38897211_38897211del",18201,null,"predicted passenger",null,"FALSE",180,"FALSE",0,"FALSE"]
["G13387","ITIH6","missense","X",54823504,"C","T","p.R43H",0.2083,24,5,"known","COSM4843407",1,"MU28986608",1,3.74,"het",0.02482,"AGCGAGACACCACCGTGGAG","GCATAGAATAGCTTGTCATT",0,0,"chrX:g.54823504C>T",18218,"VIT","predicted passenger",null,"FALSE",28,"FALSE",0,"FALSE"]
["G13386","USP26","frameshift","X",132160787,"C","CA","p.G488Wfs*6",0.0434782608695652,48,2,"known","COSM40905",4,"MU162466",1,23.3,"het",1e-05,"ATACTCAAGCTCTTCTGCTC","AAAAAAAAGATCAAAAGTAG",0,0,"chrX:g.132160787_132160788insA",14737,"UCH","predicted passenger",null,"FALSE",100,"TRUE",0,"TRUE"]
["G13383","MACF1","frameshift",1,39908390,"TA","T","p.N4313Mfs*32",0.0253,158,4,"known","COSM2168455",3,"NA",0,36,"het",0,"GTTCAACATGTTTTAGGTCC","AAAAATGATGTTTTGGCTCA",0,1,"chr1:g.39908391_39908391del",14762,"Spectrin","predicted passenger","Act","FALSE",142,"FALSE",0,"FALSE"]
["G13387","CD58","frameshift",1,117078661,"A","AT","p.I185Nfs*6",0.00602409638554217,167,1,"known","COSM1333033",5,"MU81171",1,24.9,"het",0.00034,"GATTGCTAAGAGTACACTGT","TTTTTTGTGGAAGATCATTT",0,0,"chr1:g.117078661_117078662insT",14793,null,"predicted passenger",null,"FALSE",166,"FALSE",0,"FALSE"]
["G13385","CNST","frameshift",1,246784733,"CT","C","p.S130Qfs*7",0.175257731958763,114,17,"known","COSM1731538",6,"NA",0,23.2,"het",3e-05,"TTTCTTTACTTCTTAAAGGA","TTTTTCAGGAGATATTGCAC",0,0,"chr1:g.246784734_246784734del",14841,null,"predicted passenger",null,"FALSE",62,"FALSE",0,"FALSE"]
["G13383","GTF3C3","frameshift",2,197649613,"G","GT","p.T361Nfs*11",0.0121,165,2,"known","COSM1404245",4,"MU63739087",1,27.9,"het",0.11312,"CTGAGGTGCCTTCTTCTGAA","TTTTTTTTTCCAGCACAATT",0,0,"chr2:g.197649613_197649614insT",9315,null,"predicted passenger",null,"FALSE",187,"TRUE",0,"TRUE"]
["G13386","TGFBR2","frameshift",3,30691871,"GAA","G","p.K153Afs*3",0.04,100,4,"known","COSM1645196",7,"NA",0,23.8,"het",0,"CTCCAAAGTGCATTATGAAG","AAAAAAAAGCCTGGTGAGAC",0,1,"chr3:g.30691872_30691873del",14931,"ecTbetaR2","predicted driver: tier 1","LoF","FALSE",262,"TRUE",0,"TRUE"]
["G13387","ASTE1","frameshift",3,130733046,"CTT","C","p.R632Afs*10",0.0698,172,12,"known","COSM3729907",11,"NA",0,33,"het",0,"TGGTATTCTGTTTCTTCTGC","TTTTTTTTTGAATTTGATCT",0,0,"chr3:g.130733047_130733048del",14970,null,"predicted passenger",null,"FALSE",211,"TRUE",0,"TRUE"]
["G13383","ABCC5","frameshift",3,183665256,"CA","C","p.L1090Cfs*26",0.0909,55,5,"known","COSM1192730",27,"MU609278",2,23.8,"het",1.1E-4,"CACCGCATCGCACACGTAAA","AAAAAAAAGGAGCTTGGTTG",0,0,"chr3:g.183665257_183665257del",14990,"ABC_membrane","predicted passenger",null,"FALSE",76,"FALSE",0,"FALSE"]
["G13386","TRIM23","frameshift",5,64910015,"AT","A","p.N92Ifs*69",0.0689655172413793,62,4,"known","COSM4735982",4,"MU1834985",1,33,"het",0,"AAAAGCTCCAATAAAGCAAA","TTTTTTTCAATCCCCAGACA",0,0,"chr5:g.64910016_64910016del",15050,null,"predicted passenger","Act","FALSE",152,"FALSE",0,"FALSE"]
["G13384","LRFN2","missense",6,40400341,"C","T","p.R171H",0.1277,188,24,"known","COSM3078147",3,"MU43786924",1,29.7,"het",2e-05,"GCTGGTGGAGGTTGACCATG","GTCGCACGGAGTCCCACGGC",0,0,"chr6:g.40400341C>T",15112,"LRR_8","predicted passenger",null,"FALSE",142,"FALSE",0,"FALSE"]
["G13383","CYB5R4","frameshift",6,84634230,"CA","C","p.E248Rfs*12",0.0072992700729927,138,1,"known","COSM1181026",15,"MU831316",4,25.3,"het",0.00488,"GAAAAATAGAGATTGTTCTA","AAAAAAAGAGAATACTTCTT",0,0,"chr6:g.84634231_84634231del",15123,null,"predicted passenger",null,"FALSE",160,"FALSE",0,"FALSE"]
["G13386","GIGYF1","frameshift",7,100285169,"A","AG","p.L111Pfs*20",0,52,0,"known","COSM4614359",4,"MU618899",2,23.1,"het",0.08608,"TGCCTCGGGAGGTGCCAGCC","GGGGGGGGCCAGCCCCTTTC",0,0,"chr7:g.100285169_100285170insG",1305,null,"predicted passenger",null,"FALSE",94,"TRUE",0,"TRUE"]
["G13387","TAF1L","frameshift",9,32633583,"CT","C","p.K665Rfs*4",0.0176,170,3,"known","COSM20436",19,"MU5511750",2,25.8,"het",0,"TCTTGTTCTCTCATCTTGGC","TTTTTTTGATGTGCTTTAGC",0,0,"chr9:g.32633584_32633584del",15234,"DUF3591","predicted passenger",null,"FALSE",214,"FALSE",0,"FALSE"]
["G13386","CEL","frameshift",9,135946657,"GC","G","p.V596Cfs*111",0.133333333333333,34,4,"known","COSM4671392",3,"NA",0,9.266,"het",0.00494,"CGCCCACGGGTGACTCCGGG","CCCCCCCGTGCCGCCCACGG",0,0,"chr9:g.135946658_135946658del",15266,null,"predicted passenger",null,"FALSE",78,"FALSE",0,"FALSE"]
["G13387","INCENP","missense",11,61914275,"G","A","p.R702Q",0.0125786163522013,161,2,"known","NA",0,"MU28993103",1,11.85,"het",0,"GGAGCGGCGCGAGCAGGAGC","GCGCGAGCAGGAGCGGCGGG",1,0,"chr11:g.61914275G>A",15340,null,"predicted passenger",null,"FALSE",223,"FALSE",0,"FALSE"]
["G13386","SRPRA","frameshift",11,126137086,"CT","C","p.K170Rfs*33",0.0454545454545455,46,2,"known","COSM111486",22,"MU4902910",3,29.2,"het",1e-05,"TTGCCTTCCTTCTTGGCCCC","TTTTTTTGCTATTCTTTGCT",0,0,"chr11:g.126137087_126137087del",15365,"SRP-alpha_N","predicted passenger",null,"FALSE",116,"FALSE",0,"FALSE"]
["G13385","RECQL","frameshift",12,21644546,"CT","C","p.V41Sfs*2",0.0164,244,4,"known","COSM270020",10,"MU7164044",1,31,"het",0,"CTTTATTTTCTTTGTCAGGA","TTTTTTTTCTGAATAAGCTC",0,0,"chr12:g.21644547_21644547del",15381,null,"predicted passenger",null,"FALSE",269,"FALSE",0,"FALSE"]
["G13383","HOMEZ","frameshift",14,23745309,"TA","T","p.L376Yfs*14",0.0789,76,6,"known","COSM4611407",13,"MU1892829",4,29.3,"het",5e-05,"CGCCGTGCCCACTGGCACTG","AAAAAAAGGATTTAAGGATA",0,0,"chr14:g.23745310_23745310del",15451,null,"predicted passenger",null,"FALSE",61,"FALSE",0,"FALSE"]
["G13385","SV2B","frameshift",15,91832791,"GT","G","p.F585Lfs*8",0.00772200772200772,261,2,"known","COSM4613412",1,"MU4308253",2,25.7,"het",0,"GCAGTCTGCTGCTTCTTCCT","TTTTTGGCAACAGTGAGTCT",0,0,"chr15:g.91832792_91832792del",15504,"MFS_1","predicted passenger",null,"FALSE",253,"FALSE",0,"FALSE"]
["G13384","ATP2A1","frameshift",16,28913639,"G","GC","p.R822Pfs*39",0.1453,117,17,"known","COSM1377201",9,"MU57415",2,36,"het",0.00026,"AGACCTGGACATCATGGACC","CCCCCCCCGGAGCCCCAAGG",0,0,"chr16:g.28913639_28913640insC",15521,"Cation_ATPase_C","predicted passenger",null,"FALSE",68,"TRUE",0,"TRUE"]
["G13387","KSR1","frameshift",17,25910015,"GC","G","p.P291Hfs*36",0.1519,79,12,"known","COSM1381575",17,"MU82389",2,31,"het",7e-05,"AAGCTGAAGCCACCACGGAC","CCCCCCCACCCAGCCGCAAG",0,0,"chr17:g.25910016_25910016del",18018,null,"predicted passenger",null,"FALSE",114,"FALSE",0,"FALSE"]
["G13386","MYCBPAP","missense",17,48594666,"C","T","p.R116C",0.129,62,8,"known","NA",0,"MU29102219",1,24,"het",1.25E-3,"CTTTTTAGCAACACATTCCT","GCCTTACTGAAAAGGAAGAT",1,0,"chr17:g.48594666C>T",17117,null,"predicted passenger",null,"FALSE",155,"FALSE",1,"FALSE"]
["G13384","RAB40B","frameshift",17,80615785,"T","TG","p.Q264Pfs*17",0.032,219,7,"known","COSM1387527",2,"MU5405048",1,31,"het",0.01052,"TGCAGTTTTTGGGGGGGCTC","GGGGGGGGCGGACGAGCTTC",0,0,"chr17:g.80615785_80615786insG",15595,null,"predicted passenger",null,"FALSE",249,"TRUE",0,"FALSE"]
["G13386","RAVER1","frameshift",19,10433396,"TG","T","p.P383Qfs*141",0.5,12,6,"known","COSM1390065",4,"MU117733",2,28.5,"het",0.00522,"CCATTGAGCAGCGGCATGGC","GGGGGGCACCCAGGAGGCCT",0,0,"chr19:g.10433397_10433397del",17144,null,"predicted passenger",null,"FALSE",14,"FALSE",0,"FALSE"]
["G13383","RASAL3","missense",19,15565071,"C","T","p.R723Q",0.0333333333333333,62,2,"known","COSM3283708",2,"MU5143460",1,22.8,"het",0.00102,"GCAGTGGTTCCAGGGTGTCT","GGGTTGTCTGGTGAGGCATG",0,0,"chr19:g.15565071C>T",15625,null,"predicted passenger",null,"FALSE",40,"FALSE",0,"FALSE"]
["G13383","CIC","frameshift",19,42794440,"GC","G","p.P509Hfs*14",0.0988,162,16,"known","COSM1394082",6,"MU93622",2,23.3,"het",0,"TTCCTCCTTTACCCACTGCC","CCCCCACTGGACCCTGAGCC",0,1,"chr19:g.42794441_42794441del",15645,null,"predicted driver: tier 1","LoF","FALSE",147,"FALSE",0,"TRUE"]
["G13383","TEAD2","frameshift",19,49850472,"TG","T","p.H295Mfs*12",0.280701754385965,73,16,"known","COSM253110",35,"MU67136",3,19.65,"het",0.00013,"ACTTGACCAGGAAGAAGGCA","GGGGGGGCCACGATCATATA",0,0,"chr19:g.49850473_49850473del",15655,"TEA","predicted passenger",null,"FALSE",54,"FALSE",0,"FALSE"]
["G13384","EMILIN3","frameshift",20,39990828,"AC","A","p.W461Gfs*21",0.1842,76,14,"known","COSM1411821",16,"MU147432",3,15.33,"het",0.00025,"CCCAAAGCCGCCCACTCCCC","CCCCCCATGTCCAACCTCAG",0,0,"chr20:g.39990829_39990829del",15683,null,"predicted passenger",null,"FALSE",73,"FALSE",0,"FALSE"]
["G13385","SYCP1","frameshift",1,115527420,"T","TA","p.R882Efs*6",0.0787,127,10,"known","COSM4613814",3,"MU4640667",1,35,"het",0.01126,"AATATACCCATTGAAGAAAG","AAAAAAAAGAGAAAAATGGC",0,0,"chr1:g.115527420_115527421insA",15781,null,"predicted passenger",null,"FALSE",110,"FALSE",0,"FALSE"]
["G13387","TRMT10C","frameshift",3,101284008,"C","CA","p.Y132Ifs*15",0.00826446280991736,122,1,"known","COSM5076720",2,"NA",0,28.7,"het",0.03646,"GGAATGTGTTTCTAACACAG","AAAAAAAAAATATTTAAAAT",0,0,"chr3:g.101284008_101284009insA",1671,null,"predicted passenger",null,"FALSE",114,"TRUE",0,"FALSE"]
["G13385","SEC31A","frameshift",4,83785564,"AT","A","p.I462Lfs*16",0.1419,155,22,"known","COSM315048",37,"MU831981",6,27,"het",0.00053,"ATTCAGTCTGAGAAGCATCA","TTTTTTTTGGCAATAATTGA",0,0,"chr4:g.83785565_83785565del",15993,null,"predicted driver: tier 1","LoF","FALSE",138,"FALSE",0,"TRUE"]
["G13383","TTK","frameshift",6,80751896,"GA","G","p.R854Gfs*39",0.0213,94,2,"known","COSM1192848",38,"MU97813",4,23.1,"het",0.00223,"CTTCATCCTCCAAGACTTTT","AAAAAAAAGGGGAAAAAAAT",0,0,"chr6:g.80751897_80751897del",16079,null,"predicted passenger",null,"FALSE",121,"FALSE",0,"FALSE"]
["G13383","KCNH2","frameshift",7,150656678,"TG","T","p.T152Pfs*14",0.0583,103,6,"known","COSM1449225",9,"MU6245348",2,23.3,"het",0.00128,"ACCTGGGGCCAGCCAGCTGG","GGGGGGCCCCGGTGGTTGGT",0,0,"chr7:g.150656679_150656679del",16139,null,"predicted passenger",null,"FALSE",106,"FALSE",0,"FALSE"]
["G13385","ZSWIM8","missense",10,75557009,"G","A","p.R1138Q",0.1212,66,8,"known","COSM6843687",4,"NA",0,25.6,"het",0.00522,"GGGATGGGGGTCCCCAGGAC","GCCTAAGAAGAAGCACACAG",0,0,"chr10:g.75557009G>A",16240,null,"predicted passenger",null,"FALSE",62,"FALSE",1,"FALSE"]
["G13383","NKD1","frameshift",16,50667134,"G","GC","p.R288Pfs*12",0.0212765957446809,48,1,"known","COSM1378196",4,"MU121878",2,34,"het",0.07779,"GTGGCCCAGAAGTCAGAACT","CCCCCCCGCACCTCCAATCC",0,0,"chr16:g.50667134_50667135insC",16478,null,"predicted passenger",null,"FALSE",47,"TRUE",0,"TRUE"]
["G13387","NLK","frameshift",17,26449739,"GT","G","p.F192Lfs*30",0.0072463768115942,139,1,"known","COSM1381617",11,"MU148979",2,35,"het",3e-05,"CCGGGAATTGAAGATGTTGT","TTTTTTAAGCATGATAATGT",0,0,"chr17:g.26449740_26449740del",16517,"Pkinase","predicted passenger",null,"FALSE",144,"FALSE",0,"FALSE"]
["G13385","ZNF574","missense",19,42584818,"C","T","p.A687V",0.0692,159,11,"known","COSM6831399",1,"NA",0,23.5,"het",0.00151,"TCGACTGCAGGCACACGAGG","GGCCCATGCAGCTGCTGGGC",1,0,"chr19:g.42584818C>T",16604,null,"predicted passenger",null,"FALSE",142,"FALSE",0,"FALSE"]
["G13383","SHANK3","frameshift",22,51159932,"T","TG","p.A1243Gfs*69",0.114457831325301,185,19,"known","COSM4612920",4,"MU1297305",1,34,"het",0.23161,"CGGGCAGGAGCCCAGCAGGC","GGGGGGGGCCGAAGAGGAGC",0,0,"chr22:g.51159932_51159933insG",7702,null,"predicted passenger",null,"FALSE",168,"FALSE",0,"FALSE"]
["G13385","ZMYM4","frameshift",1,35846959,"GA","G","p.K430Nfs*6",0.0124,161,2,"known","COSM4613008",11,"NA",0,26.2,"het",1.1E-4,"TGTTTGTCAACATATGAACT","AAAAAAAACCTATTGTTACC",0,0,"chr1:g.35846960_35846960del",16704,null,"predicted passenger","LoF","FALSE",145,"FALSE",0,"FALSE"]
["G13385","DNAH14","frameshift",1,225211542,"GA","G","p.K447Rfs*12",0.0123456790123457,82,1,"known","COSM1339190",4,"MU78898",1,25.5,"het",0.00019,"CTGGAATGCCATTTTCAGTG","AAAAAAGAATGAAAATCTTA",0,0,"chr1:g.225211543_225211543del",16734,null,"predicted passenger",null,"FALSE",67,"FALSE",0,"FALSE"]
["G13385","DYNC1I2","frameshift",2,172549338,"GA","G","p.R57Gfs*13",0.0196338383838384,182,3.5,"known","COSM4679809",11,"MU104081",4,28.1,"het",0,"TGCAAGAAGAATCAGATCTT","AAAAAAAAGGAGAGAAGCTG",0,0,"chr2:g.172549339_172549339del",16773,null,"predicted passenger",null,"FALSE",182,"FALSE",0,"FALSE"]
["G13384","ANO10","frameshift",3,43647212,"CT","C","p.D45Mfs*12",0.0387,491,19,"known","COSM1423202",13,"MU4402010",3,24.7,"het",0,"ACTATTTTACTCACCTCCAT","TTTTTTTTAGCTATAATTCT",0,0,"chr3:g.43647213_43647213del",16804,null,"predicted passenger",null,"FALSE",359,"FALSE",0,"FALSE"]
["G13386","SLCO2A1","frameshift",3,133670082,"G","GA","p.F278Lfs*18",0.05,80,4,"known","COSM1419204",2,"NA",0,32,"het",3.3E-3,"ATGGGCATTGCTCGAGGGAA","AAAAAAAAGGGGAAAGAGGT",0,0,"chr3:g.133670082_133670083insA",16821,"OATP","predicted passenger",null,"FALSE",316,"TRUE",0,"FALSE"]
["G13383","CLOCK","nonsense",4,56336953,"TA","T","p.L123*fs*1",0.0483,145,7,"known","COSM252979",37,"MU604915",6,29.4,"het",0.00201,"CTTCCATCTGTCATGATTGC","AAAAAAAACCATCAAGAGCC",0,0,"chr4:g.56336954_56336954del",16839,"PAS","predicted driver: tier 1","LoF","FALSE",141,"FALSE",0,"TRUE"]
["G13386","ZNF827","missense",4,146807246,"C","A","p.R444L",0.069,58,4,"known","COSM5356141",1,"NA",0,34,"het",0.01883,"GGAGTTTCAGGCTGAAGTGG","GTGAGGAAGTAAAAGGGCAC",1,0,"chr4:g.146807246C>A",16852,null,"predicted passenger",null,"FALSE",106,"FALSE",2,"FALSE"]
["G13386","GPLD1","missense",6,24454269,"C","A","p.A437S",0.129,31,4,"known","COSM1672263",1,"NA",0,24.8,"het",0.04952,"GCCTTCAAGGATCCTGTGGG","CTCCTTGTCCAGGTCCAGGT",1,0,"chr6:g.24454269C>A",16884,null,"predicted passenger",null,"FALSE",44,"FALSE",1,"FALSE"]
["G13385","MARCKS","frameshift",6,114181209,"GAA","G","p.K155Efs*28",0.0597580015612802,208,11,"known","COSM4613135",2,"NA",0,29.8,"het",0,"TCGCCCAGCAACGAGACCCC","AAAAAAAAAGAAGCGCTTTT",0,0,"chr6:g.114181210_114181211del",16899,"MARCKS","predicted passenger",null,"FALSE",176,"TRUE",0,"FALSE"]
["G13385","ATAD2","frameshift",8,124368684,"CA","C","p.F530Lfs*27",0.0303,165,5,"known","COSM1454650",7,"NA",0,34,"het",3.1E-4,"AGCCAGACCATCAATTTCGT","AAAAAAATAATTGATGGGCG",0,0,"chr8:g.124368685_124368685del",16937,"AAA","predicted passenger","LoF","FALSE",156,"FALSE",0,"FALSE"]
["G13385","STAMBPL1","frameshift",10,90682145,"TA","T","p.K405Rfs*21",0.0207,193,4,"known","COSM1349682",35,"MU78304",3,35,"het",1.14E-3,"ATGCTTGAGGTTTCTGCTTG","AAAAAAAGGGCTTTCATCCA",0,0,"chr10:g.90682146_90682146del",16967,null,"predicted passenger",null,"FALSE",213,"FALSE",0,"FALSE"]
["G13386","CAPS2","missense",12,75687068,"C","T","p.R394Q",0.15,80,12,"known","COSM1323069",4,"MU63245",2,29.4,"het",0,"TTTGATCAATATTTGTGATT","GGAGTTTAAGTAATGTGTTT",0,0,"chr12:g.75687068C>T",17013,null,"predicted passenger",null,"FALSE",203,"FALSE",2,"TRUE"]
["G13386","TCL1B","missense",14,96157169,"G","A","p.V87M",0.0714,56,4,"known","COSM295929",1,"NA",0,2.073,"het",0.00761,"CCTTCTCCCAGCTGCCCGCC","TGTGGCAGCTCTACCCCGGG",1,0,"chr14:g.96157169G>A",17047,"TCL1_MTCP1","predicted passenger",null,"FALSE",159,"FALSE",0,"FALSE"]
["G13385","PIGB","frameshift",15,55631502,"AT","A","p.F280Lfs*12",0.0050251256281407,200,1,"known","COSM1373608",11,"MU4546462",2,34,"het",0.00333,"TGTCTCTGATGATTGATCGT","TTTTTTTGGCCAAGTAAGTA",0,0,"chr15:g.55631503_55631503del",17057,"Glyco_transf_22","predicted passenger",null,"FALSE",158,"FALSE",0,"FALSE"]
["G13387","GSE1","frameshift",16,85682289,"AC","A","p.V123Wfs*2",0.0194174757281553,105,2,"known","COSM253012",20,"MU98639",7,14.57,"het",0.09889,"GGGGCCACAGCGTGCCCAGC","CCCCCCCGTGGTGACCATCG",0,0,"chr16:g.85682290_85682290del",6703,"DUF3736","predicted passenger","LoF","FALSE",130,"FALSE",0,"FALSE"]
["G13386","MEIOC","missense",17,42745594,"G","A","p.R772K",0.1538,26,4,"known","COSM3191348",1,"NA",0,25.6,"het",0.17487,"GAGAGCATTAGAAAAAGAGA","AAAAAAGGTAACACAAAGTT",1,0,"chr17:g.42745594G>A",17114,"DUF4582","predicted passenger",null,"FALSE",26,"FALSE",2,"FALSE"]
["G13386","TMC6","missense",17,76113397,"G","A","p.R744W",0.069,58,4,"known","COSM129754",1,"NA",0,33,"het",0.01535,"GATGACCTTGCGCTGGCCCC","CACCACCTGGATGTTGAGGT",1,0,"chr17:g.76113397G>A",17126,null,"predicted passenger",null,"FALSE",139,"FALSE",2,"FALSE"]
["G13386","ACTR5","missense",20,37396166,"C","T","p.T498M",0.0625,64,4,"known","COSM5744044",1,"NA",0,23.4,"het",0.02187,"TTTCCTCACTGGCGGCAACA","GATGTATCCTGGCATGAAAG",1,0,"chr20:g.37396166C>T",17173,"Actin","predicted passenger",null,"FALSE",114,"FALSE",0,"FALSE"]
["G13387","ZMYM4","frameshift",1,35846959,"G","GA","p.P431Tfs*9",0.0609,115,7,"known","COSM3731368",8,"NA",0,32,"het",0.13188,"TGTTTGTCAACATATGAACT","AAAAAAAAACCTATTGTTAC",0,0,"chr1:g.35846959_35846960insA",17209,null,"predicted passenger","LoF","FALSE",145,"TRUE",0,"TRUE"]
["G13383","HOXD12","frameshift",2,176965258,"TG","T","p.A197Rfs*43",0.128834355828221,184,21,"known","COSM2894361",6,"NA",0,29.7,"het",0,"GCTGTGTTGCAGGCCTGCCG","GGGGGCGGCCCCGGGGAGGG",0,0,"chr2:g.176965259_176965259del",17336,null,"predicted passenger",null,"FALSE",190,"FALSE",0,"FALSE"]
["G13387","SUSD5","missense",3,33194377,"G","T","p.L583M",0.1,100,10,"known","COSM1043702",1,"MU1914382",1,23,"het",0.00145,"CAGGAGCAGCAGTAGGCACA","GACGGTGACAATGGTGGCGA",0,0,"chr3:g.33194377G>T",17379,null,"predicted passenger",null,"FALSE",121,"FALSE",1,"FALSE"]
["G13387","HECTD4","missense",12,112622703,"C","A","p.R3210L",0.0769,39,3,"known","COSM3954198",1,"NA",0,34,"het",0.12494,"TGATGAGCAGGGTGAGTGCG","GGTGGAACCACAGCATGTCC",1,0,"chr12:g.112622703C>A",17856,null,"predicted passenger",null,"FALSE",39,"FALSE",0,"FALSE"]
["G13383","TMEM219","missense",16,29982829,"C","T","p.P229L",0.0741,108,8,"known","COSM337445",1,"NA",0,26,"het",0.00018,"CACTGCTATGTGCTTCCACC","GCGCCGGGAGTCCCACTGGT",1,0,"chr16:g.29982829C>T",17984,null,"predicted passenger",null,"FALSE",147,"FALSE",1,"FALSE"]
["G13384","PIEZO2","frameshift",18,10741063,"CT","C","p.K1558Sfs*34",0.0174,115,2,"known","COSM4612380",5,"NA",0,35,"het",0.00068,"ACCCAAGGCCGCCACCACTG","TTTTTTTGCCCTTGGCTTTC",0,0,"chr18:g.10741064_10741064del",18070,null,"predicted passenger",null,"FALSE",110,"FALSE",0,"FALSE"]
["G13387","PLCH2","missense",1,2430048,"C","T","p.P771S",0.157534246575342,170,23,"unknown","NA",0,"NA",0,28.4,"het",1.2E-4,"TCATCAGTGGCCAGCAGCTT","CCAAGCCGCGCGACTCCATG",0,0,"chr1:g.2430048C>T",32294,"C2","predicted passenger",null,"FALSE",197,"FALSE",3,"FALSE"]
["G13383","NPHP4","frameshift",1,5927141,"T","TG","p.V1170Sfs*13",0.098,102,10,"unknown","NA",0,"NA",0,31,"het",0.00039,"TCGCTGCAGCGAACATGGAC","GGGGGGTCCTCACCAAGCAT",0,0,"chr1:g.5927141_5927142insG",32295,null,"predicted passenger",null,"FALSE",152,"TRUE",0,"FALSE"]
["G13384","PER3","missense",1,7880581,"C","T","p.S605F",0.219,105,23,"unknown","NA",0,"NA",0,23.5,"het",1e-05,"AATGCCAACAAATGGACGGT","CATAGACACAGGAGGAGGAG",0,0,"chr1:g.7880581C>T",33222,null,"predicted passenger",null,"FALSE",103,"FALSE",0,"FALSE"]
["G13384","KIF17","missense",1,21031074,"T","C","p.N330S",0.2039,206,42,"unknown","NA",0,"NA",0,15.65,"het",0,"TCCTGATGTTCTTGGCCCGG","TGGCGTAGCGCAGCGTGCTG",0,0,"chr1:g.21031074T>C",33227,"Kinesin","predicted passenger",null,"FALSE",192,"FALSE",0,"FALSE"]
["G13384","ALPL","frameshift",1,21903960,"GC","G","p.M467Wfs*17",0.1703,229,39,"unknown","NA",0,"NA",0,34,"het",0,"CGTGGCCGTCTTCTCCAAGG","CCCATGGCGCACCTGCTGCA",0,0,"chr1:g.21903961_21903961del",33230,"Alk_phosphatase","predicted passenger",null,"FALSE",204,"FALSE",0,"FALSE"]
["G13383","EPHB2","missense",1,23208870,"T","A","p.I441N",0.1543,162,25,"unknown","NA",0,"NA",0,25.1,"het",0,"AGCTCCATCGGCAGTGTCCA","CATGCATCAGGTGAGCCGCA",0,0,"chr1:g.23208870T>A",32309,"fn3","predicted driver: tier 1","Act","FALSE",168,"FALSE",0,"TRUE"]
["G13386","RBBP4","missense",1,33134651,"A","G","p.T227A",0.2973,74,22,"unknown","NA",0,"NA",0,14.82,"het",0,"AGACCATCTTTACAGGGCAT","CGGCAGTAGTAGAAGATGTT",0,0,"chr1:g.33134651A>G",35164,"WD40","predicted passenger",null,"FALSE",164,"FALSE",1,"FALSE"]
["G13387","THRAP3","missense",1,36752297,"C","A","p.R156S",0.013,231,3,"unknown","NA",0,"NA",0,20.2,"het",0.01047,"CGTCTTCTGACCGGTCAAGG","GCTCCTCATCCTCCCGTTCT",0,1,"chr1:g.36752297C>A",32317,"THRAP3_BCLAF1","predicted passenger","Act","FALSE",219,"FALSE",0,"FALSE"]
["G13387","SLFNL1","frameshift",1,41486239,"GCT","G","p.E31Afs*8",0.163,92,15,"unknown","NA",0,"NA",0,19.78,"het",0.00082,"AGAGTACTCCGTCAGGGACT","CTGCGGGTAGCTCCGGCAGG",0,0,"chr1:g.41486240_41486241del",36968,null,"predicted passenger",null,"FALSE",94,"FALSE",0,"FALSE"]
["G13384","MAST2","frameshift",1,46501253,"AC","A","p.T1640Pfs*14",0.2129,155,33,"unknown","NA",0,"NA",0,24.3,"het",0,"CTCCCAGCACTTCGGGACTC","CCCCACCAGCAGTTGCTCTC",0,0,"chr1:g.46501254_46501254del",33250,null,"predicted passenger",null,"FALSE",100,"FALSE",0,"FALSE"]
["G13387","CLCA1","frameshift",1,86954784,"G","GC","p.I431Hfs*40",0.1161,112,13,"unknown","NA",0,"NA",0,29.7,"het",2e-05,"ACGAGGTCAAACAAAGTGGT","CCATCATCCACACAGTCGCT",0,0,"chr1:g.86954784_86954785insC",36978,"VWA_2","predicted passenger",null,"FALSE",186,"FALSE",0,"FALSE"]
["G13386","GBP4","missense",1,89661103,"G","C","p.F80L",0.111111111111111,40,4,"unknown","NA",0,"NA",0,23,"het",4.3E-3,"TGCACCGTGGAGCCCAGAGG","AAGCCTGCAGGGAAGAGGAA",0,0,"chr1:g.89661103G>C",32332,"GBP","predicted passenger",null,"FALSE",69,"FALSE",2,"FALSE"]
["G13383","OLFML3","missense",1,114524170,"G","A","p.V334I",0.11,200,22,"unknown","NA",0,"NA",0,23.9,"het",1E-4,"TCTGTGGGACCCTCTATGTC","TCTATAACACCCGTCCTGCC",0,0,"chr1:g.114524170G>A",32338,"OLF","predicted passenger",null,"FALSE",221,"FALSE",0,"FALSE"]
["G13385","CA14","missense",1,150235534,"C","T","p.P219L",0.1145,131,15,"unknown","NA",0,"NA",0,34,"het",0.00254,"CAATGGCTCGCTCACAACTC","CCCTTGCTACCAGAGTGTGC",0,0,"chr1:g.150235534C>T",34247,"Carb_anhydrase","predicted passenger",null,"FALSE",112,"FALSE",3,"FALSE"]
["G13383","IVL","missense",1,152883095,"G","T","p.E274D",0.1429,112,16,"unknown","NA",0,"NA",0,9.215,"het",2e-05,"CACCAGGAGGGGCAGCTGGA","GTCCCAGAGGAGCAGATGGG",0,0,"chr1:g.152883095G>T",32345,"Involucrin","predicted passenger",null,"FALSE",104,"FALSE",0,"FALSE"]
["G13387","LMNA","missense",1,156105747,"G","A","p.R331Q",0.1842,190,35,"unknown","NA",0,"NA",0,34,"het",0,"GGACTCACTGGCCCGTGAGC","GGACACCAGCCGGCGGCTGC",0,1,"chr1:g.156105747G>A",36996,"Filament","predicted passenger",null,"FALSE",170,"FALSE",1,"FALSE"]
["G13383","KIRREL","missense",1,158064161,"G","A","p.R593Q",0.117,188,22,"unknown","NA",0,"NA",0,28.1,"het",1e-05,"CTGCGACACCATCGACACCC","GGAGGAGTATGAGATGAAGG",0,0,"chr1:g.158064161G>A",32352,null,"predicted passenger",null,"FALSE",215,"FALSE",0,"FALSE"]
["G13383","USF1","missense",1,161011573,"T","C","p.T114A",0.0625,96,6,"unknown","NA",0,"NA",0,21.7,"het",0.01639,"GGGGAAGTAAGTATAGTGCG","CTCAGCAGCTGTCCCCTCCG",0,0,"chr1:g.161011573T>C",32355,null,"predicted passenger",null,"FALSE",127,"FALSE",0,"FALSE"]
["G13383","CACNA1E","missense",1,181707537,"T","C","p.V1196A",0.0923,130,12,"unknown","NA",0,"NA",0,23.6,"het",0.00024,"TGACTATGTGTTCACGGGCG","GTTCACCTTTGAGATGGTTA",0,0,"chr1:g.181707537T>C",32359,"Ion_trans","predicted passenger",null,"FALSE",157,"FALSE",3,"FALSE"]
["G13383","KIF21B","missense",1,200957917,"G","A","p.A1092V",0.1017,59,6,"unknown","NA",0,"NA",0,27.6,"het",0.05435,"GCTGCACATTGTAGATGAGG","CCTGCAGCTCGGGGTGAGCT",0,0,"chr1:g.200957917G>A",32362,null,"predicted passenger",null,"FALSE",68,"FALSE",2,"FALSE"]
["G13385","CR1","missense",1,207718691,"A","G","p.T759A",0.0583,120,7,"unknown","NA",0,"NA",0,1.672,"het",0.00654,"ATGTCCTGCATGCTGAGCGT","CCCAAAGGGACAAGGACAAC",0,0,"chr1:g.207718691A>G",34273,"Sushi","predicted passenger","ambiguous","FALSE",127,"FALSE",0,"FALSE"]
["G13383","C1orf35","missense",1,228290919,"A","G","p.S4P",0.088,125,11,"unknown","NA",0,"NA",0,13.12,"het",3.1E-4,"GCGCACGCCTCCACGACTGG","GCCGAACATGGCGCCGGGAA",0,0,"chr1:g.228290919A>G",32370,null,"predicted passenger",null,"FALSE",146,"FALSE",0,"FALSE"]
["G13384","PLD5","missense",1,242511469,"C","T","p.V89M",0.1913,115,22,"unknown","NA",0,"NA",0,32,"het",0,"ATCCTCTCCCATGATGTCCA","GGCTGAAAAGATCAGTGCAA",0,0,"chr1:g.242511469C>T",33309,null,"predicted passenger",null,"FALSE",108,"FALSE",2,"FALSE"]
["G13384","TPO","missense",2,1488548,"A","G","p.S507G",0.1532,124,19,"unknown","NA",0,"NA",0,1E-3,"het",3e-05,"TGGTGAGGAGGCTGGACGCC","GCTTCCAGGAGCACCCCGAC",0,0,"chr2:g.1488548A>G",33312,"An_peroxidase","predicted passenger",null,"FALSE",84,"FALSE",0,"FALSE"]
["G13383","GAREM2","missense",2,26407966,"G","A","p.A417T",0.0917,109,10,"unknown","NA",0,"NA",0,9.964,"het",0.00378,"TGAGCCCCGACTGGGCAGCC","CGCCCGAGCCCGCCGCGCCG",0,0,"chr2:g.26407966G>A",32381,null,"predicted passenger",null,"FALSE",88,"FALSE",0,"FALSE"]
["G13386","WDR43","missense",2,29149347,"G","T","p.R367I",0.1667,36,6,"unknown","NA",0,"NA",0,18.82,"het",0.00069,"TTTTCAGGCTTTAAACTCCA","AGAACCTCATATGTGTTTAG",0,0,"chr2:g.29149347G>T",35333,null,"predicted passenger",null,"FALSE",92,"FALSE",0,"FALSE"]
["G13387","CDC42EP3","missense",2,37873471,"G","A","p.A87V",0.2079,101,21,"unknown","NA",0,"NA",0,28.9,"het",0,"CAGAGTCCGAGGTGCTGTTG","CCCGGAAGAACTCATTATGC",0,0,"chr2:g.37873471G>A",37034,null,"predicted passenger",null,"FALSE",79,"FALSE",1,"FALSE"]
["G13384","EPCAM","frameshift",2,47606958,"T","TG","p.E238Gfs*16",0.0111,271,3,"unknown","NA",0,"NA",0,35,"het",2e-05,"AAAATGGACCTGACAGTAAA","GGGGAACAACTGGATCTGGA",0,0,"chr2:g.47606958_47606959insG",32392,null,"predicted passenger",null,"FALSE",217,"FALSE",0,"FALSE"]
["G13384","PAPOLG","frameshift",2,61018963,"GA","G","p.K490Nfs*66",6.17283950617284E-3,163,1,"unknown","NA",0,"NA",0,27,"het",0.00015,"ATTGAAGCAACTCATGTAAA","AAAAACAACTTCACCACTAC",0,0,"chr2:g.61018964_61018964del",32395,"PAP_RNA-bind","predicted passenger",null,"FALSE",124,"FALSE",0,"FALSE"]
["G13384","KCMF1","missense",2,85280440,"T","G","p.C352G",0.1667,156,26,"unknown","NA",0,"NA",0,25,"het",0,"CAGATTTTGGTGCTATGGGC","GTGTAGATATTATGCCTTTA",0,0,"chr2:g.85280440T>G",33337,null,"predicted passenger",null,"FALSE",132,"FALSE",1,"FALSE"]
["G13385","BUB1","missense",2,111430244,"T","C","p.Q139R",0.1053,38,4,"unknown","NA",0,"NA",0,4.714,"het",0.01039,"GACTTTGTAACTACCTGTAT","GTTGTTGCAGGAACTCTCTG",0,0,"chr2:g.111430244T>C",32407,null,"predicted passenger","LoF","FALSE",37,"FALSE",0,"FALSE"]
["G13387","DPP10","frameshift",2,116534868,"C","CA","p.I442Nfs*7",0.1081,74,8,"unknown","NA",0,"NA",0,35,"het",0.00565,"TGGCATACGATGAAACTACT","AAAAAATGTGAGTGTTTTCA",0,0,"chr2:g.116534868_116534869insA",37054,"DPPIV_N","predicted passenger",null,"FALSE",115,"TRUE",0,"FALSE"]
["G13385","POTEI","frameshift",2,131258140,"C","CT","p.A296Sfs*8",0.0648,293,19,"unknown","NA",0,"NA",0,22.7,"het",0,"ATCCAGCGCATTTAAATTCG","TTTTTTCTTGATTAAAAATT",0,0,"chr2:g.131258140_131258141insT",34314,"Ank_2","predicted passenger",null,"FALSE",354,"FALSE",0,"FALSE"]
["G13387","ERMN","missense",2,158177854,"A","G","p.S275P",0.1415,106,15,"unknown","NA",0,"NA",0,26.5,"het",4e-05,"CTTTCTGATTTTCCGATAGG","TATTGTATTGTATCTGGAAT",0,0,"chr2:g.158177854A>G",37064,null,"predicted passenger",null,"FALSE",106,"FALSE",1,"FALSE"]
["G13385","CYBRD1","missense",2,172398288,"A","G","p.I129M",0.075,160,12,"unknown","NA",0,"NA",0,23,"het",0.00078,"GTTGGACTGATAGCTGTCAT","TGCTATTTGTTACAGGTCAG",0,0,"chr2:g.172398288A>G",34320,"Cytochrom_B561","predicted passenger",null,"FALSE",144,"FALSE",1,"FALSE"]
["G13383","RFTN2","nonsense",2,198498643,"C","A","p.G173*",0.146,137,20,"unknown","NA",0,"NA",0,36,"het",0,"ATCTCCATCATGGTTGGTTC","ATTGCAGAATTTAGATGGAG",0,0,"chr2:g.198498643C>A",32427,"Raftlin","predicted passenger",null,"FALSE",144,"TRUE",1,"FALSE"]
["G13387","NRP2","missense",2,206608274,"A","G","p.K547E",0.1324,68,9,"unknown","NA",0,"NA",0,29.4,"het",0.00053,"ACCCCAGGACCCAGCAGCCA","AGGTAGGCTGTTCTTGGAGG",0,0,"chr2:g.206608274A>G",37078,"F5_F8_type_C","predicted passenger",null,"FALSE",84,"FALSE",3,"FALSE"]
["G13383","NYAP2","missense",2,226273790,"G","A","p.R65H",0.1429,112,16,"unknown","NA",0,"NA",0,34,"het",0,"GAAAGAGAAGAATGAAAAAC","CCGAAGACAAGAAGAAGCAA",0,0,"chr2:g.226273790G>A",32435,"NYAP_N","predicted passenger",null,"FALSE",149,"FALSE",1,"FALSE"]
["G13386","SP140L","frameshift",2,231249974,"GA","G","p.K248Rfs*5",0.125,64,8,"unknown","NA",0,"NA",0,13.06,"het",0.00015,"ATGGCCAGCTGGTCTCGAGT","AAAGAAGGCGAACATGAATC",0,0,"chr2:g.231249975_231249975del",35443,null,"predicted passenger",null,"FALSE",211,"FALSE",0,"FALSE"]
["G13383","SCLY","missense",2,238990409,"G","A","p.A190T",0.1567,134,21,"unknown","NA",0,"NA",0,13.19,"het",0,"CAGAGGTGGACGACATCCTC","CGGCAGTCCGCCCGACCACA",0,0,"chr2:g.238990409G>A",32443,"Aminotran_5","predicted passenger",null,"FALSE",177,"FALSE",1,"FALSE"]
["G13386","ITPR1","missense",3,4824393,"G","A","p.V2145M",0.2778,36,10,"unknown","NA",0,"NA",0,33,"het",0.07642,"GGGCGGCGTCCCCCAGGAAC","TGGGGCACAACATCTACATA",0,0,"chr3:g.4824393G>A",32448,null,"predicted passenger",null,"FALSE",50,"FALSE",3,"FALSE"]
["G13387","PRRT3","missense",3,9988033,"G","A","p.P942S",0.1029,68,7,"unknown","NA",0,"NA",0,22.8,"het",0.007,"AGGGGCTGGGGTCGGGGCAG","CAGTAGCTGTACCGTGCTGG",0,0,"chr3:g.9988033G>A",37100,null,"predicted passenger",null,"FALSE",70,"FALSE",0,"FALSE"]
["G13384","MKRN2","frameshift",3,12616356,"AGT","A","p.C238Qfs*15",0.1185,211,25,"unknown","NA",0,"NA",0,35,"het",0,"TTCCAGGCAAGCCAGGACAA","GTGCAGTATCTGCATGGAAG",0,0,"chr3:g.12616357_12616358del",33379,"zf-C3HC4","predicted passenger",null,"FALSE",143,"TRUE",0,"FALSE"]
["G13385","RBSN","frameshift",3,15123896,"GGT","G","p.P273*fs*1",0.2895,38,11,"unknown","NA",0,"NA",0,34,"het",0.00021,"CGTAGAGCTTCACGATGTCA","GTGTGCTCCTTCTCATCAAT",0,0,"chr3:g.15123897_15123898del",34350,null,"predicted passenger",null,"FALSE",41,"FALSE",0,"FALSE"]
["G13386","TRIM71","missense",3,32927448,"C","T","p.T348M",0.25,32,8,"unknown","NA",0,"NA",0,23.9,"het",0.00016,"GAGCATCGAGCAGGCCCAGA","GGTGGCGGAACAGGTGGAGA",0,0,"chr3:g.32927448C>T",35468,null,"predicted passenger",null,"FALSE",67,"FALSE",0,"FALSE"]
["G13384","ULK4","missense",3,41938363,"A","G","p.V494A",0.2098,143,30,"unknown","NA",0,"NA",0,7.911,"het",2e-05,"CCTCCTGGTGACCAGCCACC","CGCACAAATAGCAAAGGAGA",0,0,"chr3:g.41938363A>G",33392,null,"predicted passenger",null,"FALSE",93,"FALSE",0,"FALSE"]
["G13387","ZNF852","missense",3,44541424,"C","T","p.R282Q",0.1037,135,14,"unknown","NA",0,"NA",0,5.465,"het",3e-05,"GTCGAACAAGATTTTTACTC","GACTAAAGGCCGCCCCACAC",0,0,"chr3:g.44541424C>T",37116,null,"predicted passenger",null,"FALSE",173,"FALSE",0,"FALSE"]
["G13386","PTPN23","frameshift",3,47447818,"CA","C","p.Q184Rfs*28",0.2593,54,14,"unknown","NA",0,"NA",0,34,"het",0,"CTCACGTGTCGCCCCAGGGC","GGCTCAGGAGTGCCTCCTGG",0,0,"chr3:g.47447819_47447819del",35490,"BRO1","predicted passenger",null,"FALSE",108,"FALSE",0,"FALSE"]
["G13383","DNAH1","missense",3,52413973,"G","A","p.R2477Q",0.1081,185,20,"unknown","NA",0,"NA",0,19.78,"het",1e-05,"CGAGAACTGCCGCGTGTTCC","GGACCGACTGGTGAATGAGG",0,0,"chr3:g.52413973G>A",32472,null,"predicted passenger",null,"FALSE",167,"FALSE",0,"FALSE"]
["G13383","CACNA1D","missense",3,53756352,"G","A","p.R526H",0.0917,229,21,"unknown","NA",0,"NA",0,35,"het",3e-05,"GTCTTTTAGCCGACGCTGGC","TCGCTGGAACCGATTCAATC",0,1,"chr3:g.53756352G>A",32475,null,"predicted passenger",null,"FALSE",263,"FALSE",2,"TRUE"]
["G13383","EPHA3","missense",3,89448550,"A","T","p.Y505F",0.1565,115,18,"unknown","NA",0,"NA",0,24.5,"het",1e-05,"CCTCAAGCCTGACACTATAT","CGTATTCCAAATCCGAGCCC",0,1,"chr3:g.89448550A>T",32478,"fn3","predicted passenger",null,"FALSE",111,"FALSE",3,"TRUE"]
["G13384","POLQ","missense",3,121151204,"C","A","p.V2574L",0.1348,230,31,"unknown","NA",0,"NA",0,32,"het",0,"GGCGCCTATTTTCACTTTCA","TTTCAATTTCACAGACAGTT",0,1,"chr3:g.121151204C>A",33420,"DNA_pol_A","predicted passenger",null,"FALSE",169,"FALSE",1,"FALSE"]
["G13383","CFAP100","missense",3,126138545,"T","G","p.L266R",0.1304,161,21,"unknown","NA",0,"NA",0,28.7,"het",1e-05,"TAAGGATTTCCTATACAAGC","GTCGCCCAAGGAGTGGCTTG",0,0,"chr3:g.126138545T>G",32485,"DUF4200","predicted passenger",null,"FALSE",171,"FALSE",3,"FALSE"]
["G13386","EEFSEC","missense",3,128060157,"G","A","p.V290I",0.1667,36,6,"unknown","NA",0,"NA",0,25.3,"het",0.01856,"GAGACCGGCTGGGCATCTGC","TCACCCAGTTTGACCCTAAG",0,0,"chr3:g.128060157G>A",35538,"GTP_EFTU_D2","predicted passenger",null,"FALSE",90,"FALSE",1,"FALSE"]
["G13387","IL20RB","missense",3,136699395,"C","T","p.A59V",0.0732,123,9,"unknown","NA",0,"NA",0,3.489,"het",0.00467,"GATGTGGAGCCCAGTGATCG","GCCTGGAGAAACAGTGTACT",0,0,"chr3:g.136699395C>T",37148,"Tissue_fac","predicted passenger",null,"FALSE",121,"FALSE",0,"FALSE"]
["G13387","VEPH1","missense",3,157146215,"T","C","p.R198G",0.1034,145,15,"unknown","NA",0,"NA",0,14.24,"het",5e-05,"CAGGAGTTCTGTCAGGTGTC","ATTAATTGGCTGAGGCTGCT",0,0,"chr3:g.157146215T>C",37153,null,"predicted passenger",null,"FALSE",183,"FALSE",0,"FALSE"]
["G13384","EIF4G1","missense",3,184040333,"C","T","p.A544V",0.00748129675810474,405,3,"unknown","NA",0,"NA",0,0.164,"het",0,"GGATGTTCTGTTGTTCTAGG","GAACCCGGCAGTACCAGAGG",0,0,"chr3:g.184040333C>T",32503,null,"predicted passenger","Act","FALSE",270,"FALSE",0,"FALSE"]
["G13385","TMEM41A","missense",3,185214749,"T","C","p.D47G",0.1349,126,17,"unknown","NA",0,"NA",0,24.9,"het",0.0003,"GCTCCCGCAGCTCTGCCAGG","CGGAGGGGAACCACAGCGAC",0,0,"chr3:g.185214749T>C",34402,null,"predicted passenger",null,"FALSE",78,"FALSE",1,"FALSE"]
["G13386","TADA2B","missense",4,7045536,"T","A","p.L77Q",0.0714285714285714,30,2,"unknown","NA",0,"NA",0,12.16,"het",0.00254,"GACCAGTCGCGAGGAGCAGC","GCTGCTGGACGCCATCGAGC",0,0,"chr4:g.7045536T>A",32512,"Myb_DNA-binding","predicted passenger",null,"FALSE",30,"FALSE",1,"FALSE"]
["G13386","FAM184B","missense",4,17635477,"A","G","p.V975A",0.2222,36,8,"unknown","NA",0,"NA",0,28.6,"het",0.00014,"AGGCGAGGTTCGGCACGCTG","CCACGCGGCTGGGCACGTCC",0,0,"chr4:g.17635477A>G",35582,null,"predicted passenger",null,"FALSE",100,"FALSE",1,"FALSE"]
["G13386","BEND4","missense",4,42153709,"G","A","p.T151M",0.0938,64,6,"unknown","NA",0,"NA",0,9.201,"het",0.00674,"GGCTGGCGCTGTCGCTACCC","TGCCGCCGGTGCCGGCGGCC",0,0,"chr4:g.42153709G>A",35587,null,"predicted passenger",null,"FALSE",139,"FALSE",0,"FALSE"]
["G13386","GSX2","missense",4,54966809,"G","T","p.G100W",0.1176,68,8,"unknown","NA",0,"NA",0,24.5,"het",0.00022,"GTGGGGTGGCAGGGGCCGCA","GGGCACTGCCTCTGCTTAAG",0,0,"chr4:g.54966809G>T",35593,null,"predicted passenger",null,"FALSE",121,"FALSE",2,"FALSE"]
["G13386","CLOCK","frameshift",4,56336953,"TAA","T","p.L123Sfs*13",0.4,50,20,"unknown","NA",0,"NA",0,33,"het",0,"CTTCCATCTGTCATGATTGC","AAAAAAACCATCAAGAGCCT",0,0,"chr4:g.56336954_56336955del",35596,"PAS","predicted driver: tier 1","LoF","FALSE",141,"FALSE",0,"TRUE"]
["G13386","WDFY3","nonsense",4,85674996,"G","A","p.R1865*",0.117647058823529,38,4,"unknown","NA",0,"NA",0,41,"het",0.02287,"CAGGGTCACAGGATATTCTC","GAGCCAAGATCCCTCTTCTT",0,0,"chr4:g.85674996G>A",32528,null,"predicted passenger",null,"FALSE",56,"TRUE",1,"FALSE"]
["G13386","AFF1","missense",4,88035661,"C","T","p.T559M",0.1333,90,12,"unknown","NA",0,"NA",0,18.35,"het",1e-05,"GGGCAGCAGCGACAGTGCCA","GAGTCAGGAGCATTCTGAAT",0,1,"chr4:g.88035661C>T",35606,"AF-4","predicted passenger",null,"FALSE",215,"FALSE",0,"FALSE"]
["G13386","SLC9B2","missense",4,103970173,"A","G","p.L197P",0.0833333333333333,26,2,"unknown","NA",0,"NA",0,28.9,"het",0.0485,"AAACGCCCTTTAACTTCTTC","GGGCCTGAAATAGAAAAGTA",0,0,"chr4:g.103970173A>G",32534,"Na_H_Exchanger","predicted passenger",null,"FALSE",28,"FALSE",2,"FALSE"]
["G13384","PITX2","missense",4,111539469,"C","T","p.A263T",0.1554,193,30,"unknown","NA",0,"NA",0,23.3,"het",0,"ACAGGCAGGCGTCGGCACCG","GGAATTCAGCGACGGGCTAC",0,0,"chr4:g.111539469C>T",33482,null,"predicted passenger",null,"FALSE",154,"FALSE",1,"FALSE"]
["G13383","TBC1D9","missense",4,141549465,"T","C","p.H934R",0.0917,109,10,"unknown","NA",0,"NA",0,26.6,"het",0.00068,"CTCACTCACCAGGCAAGACG","GCATTTTGTACAGGAGTTTG",0,0,"chr4:g.141549465T>C",32543,null,"predicted passenger",null,"FALSE",149,"FALSE",3,"FALSE"]
["G13383","ADAM29","missense",4,175897827,"G","A","p.C384Y",0.0989,91,9,"unknown","NA",0,"NA",0,23.1,"het",0.0008,"TACTGTAGAGAGGACAAAGT","TTTGCTTGAAACAGTACACA",0,0,"chr4:g.175897827G>A",32548,"Reprolysin","predicted passenger",null,"FALSE",121,"FALSE",0,"FALSE"]
["G13386","NEIL3","missense",4,178262688,"G","C","p.C254S",0.1,44,4,"unknown","NA",0,"NA",0,26.6,"het",0.00082,"GGTTTACAAGCGTCCTAATT","TGGTCAGTGCCACTGCAGAA",0,0,"chr4:g.178262688G>C",32550,null,"predicted passenger",null,"FALSE",105,"FALSE",3,"FALSE"]
["G13385","TPPP","missense",5,678100,"G","A","p.R26W",0.2247,89,20,"unknown","NA",0,"NA",0,23.4,"het",1e-05,"CGACAGCCTCTTGGCTGCCC","GTCCTTCGAGGGGTCCCCCG",0,0,"chr5:g.678100G>A",34452,null,"predicted passenger",null,"FALSE",97,"FALSE",1,"FALSE"]
["G13387","FASTKD3","missense",5,7868092,"C","A","p.K35N",0.1656,151,25,"unknown","NA",0,"NA",0,13.26,"het",0,"CACAGACGCTCCTTGACTAC","TTGTGAACATGATTTAGAGG",0,0,"chr5:g.7868092C>A",37222,null,"predicted passenger",null,"FALSE",208,"FALSE",0,"FALSE"]
["G13383","IL6ST","missense",5,55256304,"C","T","p.R300H",0.1408,142,20,"unknown","NA",0,"NA",0,34,"het",1e-05,"TACCATCTTCCTTCATACAG","GAATCCTAAACACATATTCT",0,1,"chr5:g.55256304C>T",32564,"fn3","predicted driver: tier 1","Act","FALSE",149,"FALSE",2,"TRUE"]
["G13384","SREK1IP1","missense",5,64020399,"A","G","p.S94P",0.1301,123,16,"unknown","NA",0,"NA",0,24,"het",5e-05,"AGTGGAACTGGATGAGTAAG","CCTATGGATAATAATACATA",0,0,"chr5:g.64020399A>G",33511,null,"predicted passenger",null,"FALSE",99,"FALSE",1,"FALSE"]
["G13384","AGGF1",".",5,76355569,"G","A",".",0.1578,393,62,"unknown","NA",0,"NA",0,27.2,"het",0,"GCTCCTGCATCTGTTCATTC","TAAGTTTTGAATTACAGTGG",0,0,"chr5:g.76355569G>A",33515,null,"predicted passenger",null,"FALSE",348,"TRUE",1,"FALSE"]
["G13386","CDO1",".",5,115148957,"T","TAA",".",0.09375,70,6,"unknown","NA",0,"NA",0,0.091,"het",3.96E-3,"CACAAGATTTCGGGTATACC","AAAAAAAAACAATATATTCA",0,0,"chr5:g.115148957_115148958insAA",32575,null,"predicted passenger",null,"FALSE",147,"FALSE",0,"FALSE"]
["G13384","ZNF608","missense",5,123983616,"C","T","p.D821N",0.1711,187,32,"unknown","NA",0,"NA",0,24.5,"het",0,"CGTCTCTTTCCCTTCTTTGT","CTTTAGCTTTCGCTTCTCCT",0,0,"chr5:g.123983616C>T",33519,null,"predicted passenger",null,"FALSE",156,"FALSE",0,"FALSE"]
["G13383","PCDHA3","frameshift",5,140182069,"CG","C","p.G431Afs*18",0.1111,216,24,"unknown","NA",0,"NA",0,32,"het",0,"CTGGTGGTGACTGCTCGGGA","GGGGCTCGCCTTCACTGTGG",0,0,"chr5:g.140182070_140182070del",32583,"Cadherin","predicted passenger",null,"FALSE",249,"FALSE",0,"FALSE"]
["G13385","PCDHB4","missense",5,140503424,"G","A","p.G615D",0.104,346,36,"unknown","NA",0,"NA",0,17.09,"het",0,"CACGGAGCCTGGGCTGTTCG","CGTGTGGGCGCACAATGGCG",0,0,"chr5:g.140503424G>A",34480,"Cadherin","predicted passenger",null,"FALSE",355,"FALSE",0,"FALSE"]
["G13384","PCDHB5","frameshift",5,140515731,"GC","G","p.E241Nfs*20",0.1056,142,15,"unknown","NA",0,"NA",0,16.05,"het",6e-05,"TCTTGGATAATAATGACAAC","CCCCGAATTTTTACAATCAT",0,0,"chr5:g.140515732_140515732del",33532,null,"predicted passenger",null,"FALSE",150,"FALSE",0,"FALSE"]
["G13386","PCDHGA6","frameshift",5,140755955,"AT","A","p.F770Sfs*23",0.0638,94,6,"unknown","NA",0,"NA",0,33,"het",0,"ACTCGCGTAAGAGTCATCTG","TTTCCCCCAGCCCAACTATG",0,0,"chr5:g.140755956_140755956del",32590,null,"predicted passenger",null,"FALSE",303,"FALSE",0,"FALSE"]
["G13385","POU4F3","missense",5,145719618,"G","A","p.A210T",0.1323,189,25,"unknown","NA",0,"NA",0,16.02,"het",0,"TGACCCAGGCGGACGTGGGC","CGGCTCTGGCTAATCTCAAG",0,0,"chr5:g.145719618G>A",34484,"Pou","predicted passenger",null,"FALSE",165,"FALSE",0,"FALSE"]
["G13386","SLC6A7","missense",5,149584483,"C","T","p.T509M",0.125,48,6,"unknown","NA",0,"NA",0,23.8,"het",0.00606,"GCTGTTCCTGTCCCCAGCCA","GCTCTTGGTAACTGGGGAGG",0,0,"chr5:g.149584483C>T",35719,"SNF","predicted passenger",null,"FALSE",77,"FALSE",0,"FALSE"]
["G13383","FGFR4","missense",5,176519427,"A","T","p.Q278L",0.2361,72,17,"unknown","NA",0,"NA",0,28.4,"het",0.00025,"CAAGGTGTACAGCGATGCCC","GCCCCACATCCAGTGGCTGA",0,1,"chr5:g.176519427A>T",32605,"I-set","predicted driver: tier 1","Act","FALSE",52,"FALSE",2,"TRUE"]
["G13383","GRK6","missense",5,176862042,"G","A","p.R326H",0.1094,64,7,"unknown","NA",0,"NA",0,35,"het",0.03881,"CCCACACTCAGGCCACATCC","CATCTCTGACCTGGGACTAG",0,0,"chr5:g.176862042G>A",32607,"Pkinase","predicted passenger",null,"FALSE",45,"TRUE",3,"FALSE"]
["G13384","RREB1","missense",6,7231237,"C","T","p.P969S",0.2313,134,31,"unknown","NA",0,"NA",0,3.965,"het",0,"AGGCGGGGAGCAGCGAGCAG","CCTCTCCCTGCCCAGCACCC",0,0,"chr6:g.7231237C>T",33553,null,"predicted passenger",null,"FALSE",107,"FALSE",0,"FALSE"]
["G13386","TAP1","frameshift",6,32813431,"TC","T","p.G784Efs*26",0.1667,108,18,"unknown","NA",0,"NA",0,33,"het",0,"TCCATGAGCTGCTGGTGGGT","CCCCCTCCCGGATAGCGCCT",0,0,"chr6:g.32813432_32813432del",35752,null,"predicted passenger",null,"FALSE",269,"FALSE",0,"FALSE"]
["G13384","GRM4","missense",6,33995939,"C","T","p.G883R",0.1701,194,33,"unknown","NA",0,"NA",0,25.1,"het",0,"GAGCTCAGACTTGGCCTCTC","GTTGGGCCGGAAGTTGCCCT",0,0,"chr6:g.33995939C>T",33561,null,"predicted passenger",null,"FALSE",146,"FALSE",3,"FALSE"]
["G13385","KLC4","missense",6,43041022,"G","T","p.R582I",0.152,125,19,"unknown","NA",0,"NA",0,26.4,"het",0,"GATCCGGGATGTGCTCCGCA","AAGCAGTGAACTCTTGGTGA",0,0,"chr6:g.43041022G>T",34513,null,"predicted passenger",null,"FALSE",153,"FALSE",3,"FALSE"]
["G13385","RCAN2","missense",6,46191021,"G","A","p.H151Y",0.175,40,7,"unknown","NA",0,"NA",0,24.1,"het",0.00587,"GGTGGACTCAGTCCCTGCAT","GAGCTCATACTTCTCTCCTG",0,0,"chr6:g.46191021G>A",34516,"Calcipressin","predicted passenger",null,"FALSE",46,"FALSE",3,"FALSE"]
["G13385","SNAP91","missense",6,84311014,"T","C","p.T434A",0.1667,78,13,"unknown","NA",0,"NA",0,14.94,"het",0.00021,"AAAGAGATCCACTTCAGCAG","GACAGCAGTAACAGTTGTAG",0,0,"chr6:g.84311014T>C",34521,null,"predicted passenger",null,"FALSE",70,"FALSE",1,"FALSE"]
["G13386","BACH2","frameshift",6,90718348,"A","AT","p.N72Kfs*2",0.1481,54,8,"unknown","NA",0,"NA",0,34,"het",8e-05,"GGCAAGCTGACCACCAAATC","TTTTTTGTCTGTCCAACCAG",0,0,"chr6:g.90718348_90718349insT",35787,"BTB","predicted passenger",null,"FALSE",130,"FALSE",0,"FALSE"]
["G13386","ZUFSP","missense",6,116981966,"T","C","p.I201M",0.0952,42,4,"unknown","NA",0,"NA",0,0.016,"het",4.15E-3,"AGAATATGGTAATTTGTACA","ATGAGCCCACACATAGGACA",0,0,"chr6:g.116981966T>C",35792,"zf-C2H2_4","predicted passenger",null,"FALSE",135,"FALSE",0,"FALSE"]
["G13383","HIVEP2","missense",6,143082670,"G","A","p.H1851Y",0.1711,152,26,"unknown","NA",0,"NA",0,26.6,"het",0,"TTCCAGGCATTTTTTCATGT","TGCTTTAGATTTCATATGCT",0,0,"chr6:g.143082670G>A",32640,null,"predicted passenger",null,"FALSE",196,"FALSE",3,"FALSE"]
["G13383","ZBTB2","missense",6,151687255,"T","C","p.S316G",0.1005,209,21,"unknown","NA",0,"NA",0,22.8,"het",0,"GTGCTGCAGCTCACTGTCAC","TATCATCCCGGCTTCAGGCA",0,0,"chr6:g.151687255T>C",32644,null,"predicted passenger",null,"FALSE",196,"FALSE",1,"FALSE"]
["G13383","MAP3K4","missense",6,161494606,"A","G","p.I687V",0.1417,127,18,"unknown","NA",0,"NA",0,11.13,"het",0,"TGGAGAAGCCCGACTGCAAC","TTGACGCTTTTGAAGAGGAT",0,1,"chr6:g.161494606A>G",32647,null,"predicted passenger","Act","FALSE",161,"FALSE",0,"FALSE"]
["G13386","FGFR1OP","missense",6,167436116,"T","C","p.Y267H",0.1429,42,6,"unknown","NA",0,"NA",0,23.8,"het",0.00017,"TTCCTAAGCCAGAGAAAACT","ACGGTTTGTGAGTAAATGGT",0,1,"chr6:g.167436116T>C",32650,null,"predicted passenger","Act","FALSE",114,"FALSE",2,"TRUE"]
["G13386","TNRC18","frameshift",7,5427513,"C","CG","p.G648Rfs*27",0.1429,56,8,"unknown","NA",0,"NA",0,23.5,"het",1.08E-3,"GTCCCGCTTCAGCTGCCGGC","GCCGCCCGCTGCAGGGCCTC",0,0,"chr7:g.5427513_5427514insG",35826,null,"predicted passenger",null,"FALSE",114,"FALSE",0,"FALSE"]
["G13387","ADCYAP1R1","missense",7,31123768,"T","C","p.V114A",0.1196,92,11,"unknown","NA",0,"NA",0,23.4,"het",0.0003,"TGCTGCAGACATGGGAGTGG","GAGCCGGAACTGCACGGAGG",0,0,"chr7:g.31123768T>C",37326,"HRM","predicted passenger",null,"FALSE",113,"FALSE",1,"FALSE"]
["G13386","VWC2","missense",7,49815420,"C","T","p.A130V",0.0588235294117647,36,2,"unknown","NA",0,"NA",0,16.6,"het",1.66E-3,"GGCCGCAGCCGCCCAGGACG","GATTGGCCCGGAACTCGCGC",0,0,"chr7:g.49815420C>T",32660,null,"predicted passenger",null,"FALSE",88,"FALSE",0,"FALSE"]
["G13385","ZNF107","missense",7,64167713,"C","T","p.T344I",0.1119,143,16,"unknown","NA",0,"NA",0,0.076,"het",0.00521,"TAACCAGTTCTCAACTCTTA","TAGACATAAGATAATTCATA",0,0,"chr7:g.64167713C>T",34549,"zf-H2C2_2","predicted passenger",null,"FALSE",101,"FALSE",0,"FALSE"]
["G13384","DLX6","missense",7,96635562,"C","G","p.H91Q",0.186,86,16,"unknown","NA",0,"NA",0,18.41,"het",6e-05,"TCGCACCACCACCACCACCA","CAGCACCACCACCACGGCTC",0,0,"chr7:g.96635562C>G",33615,null,"predicted passenger",null,"FALSE",80,"FALSE",0,"FALSE"]
["G13384","ZCWPW1","missense",7,100007137,"A","G","p.F261S",0.1765,119,21,"unknown","NA",0,"NA",0,9.254,"het",0,"TCCATTTCCCACAGTTTGGG","AGGAACACTGGACCCAGACC",0,0,"chr7:g.100007137A>G",33620,"zf-CW","predicted passenger",null,"FALSE",108,"FALSE",0,"FALSE"]
["G13387","PMPCB","missense",7,102937944,"C","T","p.A13V",0.0698,43,3,"unknown","NA",0,"NA",0,12.63,"het",0.00538,"TCGAGTGGTGTTGTCATCCG","GGCGCGGCGGCGGCTCTGGG",0,0,"chr7:g.102937944C>T",32674,null,"predicted passenger",null,"FALSE",53,"FALSE",0,"FALSE"]
["G13383","SLC13A1","missense",7,122809255,"G","C","p.A167G",0.1176,68,8,"unknown","NA",0,"NA",0,21.1,"het",0.00026,"TGAAGTAAGTCATCTGAGTG","CCTCGACCTCTGCTTCTGCA",0,0,"chr7:g.122809255G>C",32679,"Na_sulph_symp","predicted passenger",null,"FALSE",132,"FALSE",0,"FALSE"]
["G13386","EPHA1","missense",7,143094429,"C","A","p.R580M",0.0666666666666667,64,4,"unknown","NA",0,"NA",0,24.5,"het",0.00052,"CGGTGGCGCGGTCACGCTGC","TCTGCTGCCTCTGCCGCTGG",0,0,"chr7:g.143094429C>A",32681,"EphA2_TM","predicted passenger","Act","FALSE",113,"FALSE",0,"FALSE"]
["G13383","CHPF2","missense",7,150931333,"C","A","p.P79H",0.1667,36,6,"unknown","NA",0,"NA",0,27.6,"het",0.00822,"TGTCCCCTACTACAGGGACC","CAACAAGCCCTACAAGAAGG",0,0,"chr7:g.150931333C>A",32686,null,"predicted passenger",null,"FALSE",41,"FALSE",0,"FALSE"]
["G13383","MICU3","missense",8,16971606,"T","A","p.I421N",0.1279,86,11,"unknown","NA",0,"NA",0,34,"het",3.3E-4,"TCCTTTCCCAATATAGGGCA","CACATTTGATGAATTCAGGT",0,0,"chr8:g.16971606T>A",32691,null,"predicted passenger",null,"FALSE",100,"FALSE",2,"FALSE"]
["G13385","NKX3-1","missense",8,23539105,"C","T","p.A112T",0.0469,64,3,"unknown","NA",0,"NA",0,2E-3,"het",1.49E-3,"TTGGGGAAGCCTTGGAAGGG","GCCTGAAGTGTTTTCAGAGT",0,0,"chr8:g.23539105C>T",32693,null,"predicted passenger","ambiguous","FALSE",55,"FALSE",0,"FALSE"]
["G13385","KIF13B","missense",8,28929413,"C","T","p.V1648I",0.1339,112,15,"unknown","NA",0,"NA",0,0.271,"het",6e-05,"CGAGGCCCGCACCCTCCGGA","GCGGAACGGGGAGCCGGGCG",0,0,"chr8:g.28929413C>T",34583,null,"predicted passenger",null,"FALSE",116,"FALSE",0,"FALSE"]
["G13384","ST18","missense",8,53049984,"C","T","p.R743H",0.1494,154,23,"unknown","NA",0,"NA",0,35,"het",0,"ATGAGGTCATTGGGTACCTG","GATGAGATGCATAGTTTCCT",0,0,"chr8:g.53049984C>T",33652,"zf-C2HC","predicted passenger",null,"FALSE",140,"FALSE",2,"FALSE"]
["G13386","NPBWR1","missense",8,53852960,"A","G","p.I165V",0.1818,66,12,"unknown","NA",0,"NA",0,0.616,"het",4e-05,"TGAGCCTGGCCGTGTGGGGG","TCGTCACACTCGTCGTGCTG",0,0,"chr8:g.53852960A>G",35925,"7tm_1","predicted passenger",null,"FALSE",115,"FALSE",0,"FALSE"]
["G13383","LRRC69","missense",8,92145504,"G","A","p.A184T",0.1743,109,19,"unknown","NA",0,"NA",0,15.97,"het",2e-05,"AGCTTCAGAAGCTTTTGCTA","CCAGAAACAACATTGGAGTT",0,0,"chr8:g.92145504G>A",32711,"LRR_8","predicted passenger",null,"FALSE",101,"FALSE",0,"FALSE"]
["G13383","SLC25A32","missense",8,104414185,"A","G","p.L217S",0.1121,116,13,"unknown","NA",0,"NA",0,13.83,"het",0.00039,"TTACCAACTGGGCTTCTGGT","ATCTATTGATATGCTGGTTG",0,0,"chr8:g.104414185A>G",32716,null,"predicted passenger",null,"FALSE",105,"FALSE",0,"FALSE"]
["G13387","LRRC6","missense",8,133673828,"A","G","p.V19A",0.1093,183,20,"unknown","NA",0,"NA",0,16.77,"het",2e-05,"GTTCCTCCAGGGAAAAAATG","CACAGTCGTTGTGTTCAGCA",0,0,"chr8:g.133673828A>G",37382,"LRR_9","predicted passenger",null,"FALSE",219,"FALSE",0,"FALSE"]
["G13385","SPATC1","frameshift",8,145095140,"GC","G","p.L183*fs*1",0.0794,63,5,"unknown","NA",0,"NA",0,26.1,"het",0.01926,"TGTGGCCATGTCCCAGAGCA","CCCCTGATAGCCCCTGTGAT",0,0,"chr8:g.145095141_145095141del",32722,"Speriolin_N","predicted passenger",null,"FALSE",42,"FALSE",0,"FALSE"]
["G13386","CPSF1","missense",8,145624718,"A","G","p.V447A",0.0513,78,4,"unknown","NA",0,"NA",0,23.4,"het",0.02392,"ACTGGGCCTCGCTGCCGTAC","CTTCAATCTCGTCCACCTCA",0,0,"chr8:g.145624718A>G",35973,"MMS1_N","predicted passenger",null,"FALSE",147,"FALSE",1,"FALSE"]
["G13385","C8orf33","missense",8,146278062,"T","C","p.S33P",0.0992,242,24,"unknown","NA",0,"NA",0,0.006,"het",0,"CCCGGCTTCCCGGCCCAGTT","CCAGCGCCCGGAATCCTTCC",0,0,"chr8:g.146278062T>C",32728,null,"predicted passenger",null,"FALSE",254,"FALSE",0,"FALSE"]
["G13386","ADAMTSL1","frameshift",9,18680349,"T","TGG","p.I396Afs*56",0.0556,72,4,"unknown","NA",0,"NA",0,35,"het",0.01915,"ACCGCGTGCTCCTCCTCGTG","GGGGGGGGCATCCAGAGCCG",0,0,"chr9:g.18680349_18680350insGG",35987,"TSP_1","predicted passenger",null,"FALSE",145,"FALSE",0,"FALSE"]
["G13387","ADAMTSL1","frameshift",9,18680349,"T","TGG","p.I396Afs*56",0.1091,110,12,"unknown","NA",0,"NA",0,35,"het",1.1E-4,"ACCGCGTGCTCCTCCTCGTG","GGGGGGGGCATCCAGAGCCG",0,0,"chr9:g.18680349_18680350insGG",37394,"TSP_1","predicted passenger",null,"FALSE",145,"FALSE",0,"FALSE"]
["G13387","FAM221B","missense",9,35825247,"G","A","p.A241V",0.1485,101,15,"unknown","NA",0,"NA",0,25.9,"het",3e-05,"CTGTCTGGATGGCATTCAGG","CTGCATCCTTCTCCCACTGG",0,0,"chr9:g.35825247G>A",37397,"DUF4475","predicted passenger",null,"FALSE",112,"FALSE",1,"FALSE"]
["G13386","VPS13A","missense",9,79898486,"A","G","p.R1087G",0.019047619047619,107,2,"unknown","NA",0,"NA",0,24.5,"het",0,"TTGATTCTGAGATGATTATG","GGCCTTCAGAAACTGAAATA",0,0,"chr9:g.79898486A>G",32741,null,"predicted passenger",null,"FALSE",359,"FALSE",0,"FALSE"]
["G13386","VPS13A","missense",9,79974297,"A","G","p.H2695R",0.1778,90,16,"unknown","NA",0,"NA",0,26.8,"het",0,"TGTCATGAGATCTGCAGGAC","TTCCCAGATATCACGTATTA",0,0,"chr9:g.79974297A>G",36001,null,"predicted passenger",null,"FALSE",170,"FALSE",2,"FALSE"]
["G13383","FOXE1","missense",9,100616834,"A","G","p.Y213C",0.1667,42,7,"unknown","NA",0,"NA",0,24.2,"het",0.00849,"CGCGCCGCCTCCAGTCTACT","CCCCGCGGCGTCGCCCGGCC",0,0,"chr9:g.100616834A>G",32746,null,"predicted passenger",null,"FALSE",44,"FALSE",0,"FALSE"]
["G13387","NIPSNAP3A","missense",9,107521596,"A","G","p.T241A",0.139,187,26,"unknown","NA",0,"NA",0,1.457,"het",0,"AGAATATGCTTCTGATTCCT","CATCGTTTTCACCACTGAAA",0,0,"chr9:g.107521596A>G",37406,"NIPSNAP","predicted passenger",null,"FALSE",216,"FALSE",0,"FALSE"]
["G13385","CFAP157","missense",9,130471918,"C","T","p.R127C",0.114130434782609,205,21,"unknown","NA",0,"NA",0,34,"het",0,"AGGCGCAGCTGGCCCAGGTG","GCCACGAGTTCCAGGAGACC",0,0,"chr9:g.130471918C>T",32754,null,"predicted passenger",null,"FALSE",166,"FALSE",2,"FALSE"]
["G13387","TSC1","missense",9,135771923,"G","A","p.T1065M",0.1667,84,14,"unknown","NA",0,"NA",0,7.727,"het",0.00015,"CAGACGCTTCTCCCATAGTC","TCTCCCACCGACTGCTGAAT",0,1,"chr9:g.135771923G>A",37414,null,"predicted passenger","LoF","FALSE",97,"FALSE",0,"FALSE"]
["G13387","ADARB2","missense",10,1284228,"G","A","p.H443Y",0.1857,70,13,"unknown","NA",0,"NA",0,11.09,"het",0.00019,"CAGCTGCGTGTAGAGGAAGT","CAGGAACGCCCGCCGGGCCA",0,0,"chr10:g.1284228G>A",37419,"A_deamin","predicted passenger",null,"FALSE",98,"FALSE",0,"FALSE"]
["G13385","KIN","missense",10,7805734,"T","C","p.I290M",0.1244,209,26,"unknown","NA",0,"NA",0,4.83,"het",0,"TTCTCTCCCAGTTTCTTGGT","ATAATTTTCACAATAATTTC",0,0,"chr10:g.7805734T>C",34665,null,"predicted passenger",null,"FALSE",183,"FALSE",0,"FALSE"]
["G13385","ACBD5","missense",10,27493463,"G","A","p.P491S",0.1435,230,33,"unknown","NA",0,"NA",0,31,"het",0,"ACCAGGAGACATCTCGAAGG","CCACCAAGATGGTCTCTGAG",0,0,"chr10:g.27493463G>A",34673,null,"predicted passenger",null,"FALSE",208,"FALSE",3,"FALSE"]
["G13384","ZFAND4","missense",10,46122100,"C","T","p.E391K",0.1414,198,28,"unknown","NA",0,"NA",0,12.61,"het",0,"TTTAGGTAGAAGTGATTGTT","GGTTACACATTCTTCTGAAG",0,0,"chr10:g.46122100C>T",33733,null,"predicted passenger",null,"FALSE",143,"FALSE",0,"FALSE"]
["G13384","TFAM","frameshift",10,60150547,"CA","C","p.R157Dfs*10",0.1519,237,36,"unknown","NA",0,"NA",0,32,"het",0,"GTTAACACTGCTTGGAAAAC","AAAAGACCTCGTTCAGCTTA",0,0,"chr10:g.60150548_60150548del",33737,"HMG_box_2","predicted passenger",null,"FALSE",243,"FALSE",0,"FALSE"]
["G13383","NPFFR1","missense",10,72015317,"G","A","p.A230V",0.1111,90,10,"unknown","NA",0,"NA",0,19.48,"het",0.03109,"CGTACATGACCACGATGAGC","CCAGCGGCGCCAGGTAGATG",0,0,"chr10:g.72015317G>A",32780,"7tm_1","predicted passenger",null,"FALSE",60,"FALSE",0,"FALSE"]
["G13383","FAM35A","missense",10,88912414,"T","C","p.C435R",0.1646,164,27,"unknown","NA",0,"NA",0,24.9,"het",0,"AAACATCATTAATAAAAAAC","GTGATTCTAAAAGCCAGAAG",0,0,"chr10:g.88912414T>C",32785,null,"predicted passenger",null,"FALSE",125,"FALSE",3,"FALSE"]
["G13386","TLX1","missense",10,102891450,"T","C","p.V51A",0.2,30,6,"unknown","NA",0,"NA",0,12.61,"het",1.98E-3,"ATACGGCCTTGGCTGCTTGG","CGGAGGCGCCTACACTTACG",0,1,"chr10:g.102891450T>C",36089,null,"predicted passenger","Act","FALSE",58,"FALSE",0,"FALSE"]
["G13383","BTBD16","missense",10,124094418,"C","T","p.T396M",0.1595,163,26,"unknown","NA",0,"NA",0,0.075,"het",0,"GAATACAACTTATTCGAAAA","GATTGCTCTATATGGATTCT",0,0,"chr10:g.124094418C>T",32794,null,"predicted passenger",null,"FALSE",167,"FALSE",0,"FALSE"]
["G13384","RNH1","missense",11,499944,"G","A","p.R110C",0.1519,79,12,"unknown","NA",0,"NA",0,24.5,"het",7.79E-3,"CTGCAGGGTGGGCAGGGTGC","TAGTGTGCTGGACAGGACCC",0,0,"chr11:g.499944G>A",33756,null,"predicted passenger",null,"FALSE",71,"FALSE",1,"FALSE"]
["G13384","DCHS1","missense",11,6643239,"G","A","p.T3223I",0.1985,136,27,"unknown","NA",0,"NA",0,11.88,"het",0,"AGATGGCCCGGGCTGCAGCT","TGTTTGCTGGCTTGGGGGGC",0,0,"chr11:g.6643239G>A",33759,null,"predicted passenger",null,"FALSE",115,"FALSE",0,"FALSE"]
["G13384","MRVI1","missense",11,10597904,"T","G","p.Q905P",0.18705035971223,165,26,"unknown","NA",0,"NA",0,18.74,"het",0,"GCTCTGTAGGCTGCTCATGC","GGAGTCCTGAGCTCCACCAG",0,0,"chr11:g.10597904T>G",32805,"MRVI1","predicted passenger","LoF","FALSE",119,"FALSE",0,"FALSE"]
["G13384","QSER1","missense",11,32954653,"A","G","p.S488G",0.1871,171,32,"unknown","NA",0,"NA",0,17.26,"het",0,"CTCAGAATTTGCCAGACTCT","GCCCGACCCAGAATTATATT",0,0,"chr11:g.32954653A>G",33770,null,"predicted passenger",null,"FALSE",128,"FALSE",1,"FALSE"]
["G13383","OR8U1","missense",11,56143602,"A","G","p.Y168C",0.0738,122,9,"unknown","NA",0,"NA",0,23.4,"het",3.98E-3,"CCTCACCTTCCGCCTCTCCT","TTGCCACTCCAACATTGTCA",0,0,"chr11:g.56143602A>G",32812,"7tm_4","predicted passenger",null,"FALSE",107,"FALSE",1,"FALSE"]
["G13385","EEF1G","frameshift",11,62327868,"CCA","C","p.V305Gfs*10",0.1345,171,23,"unknown","NA",0,"NA",0,35,"het",0,"CTCCCAGAAATATGGCAGTG","CAGAGAGTGTGTCCTCATTG",0,0,"chr11:g.62327869_62327870del",34717,"EF1G","predicted passenger",null,"FALSE",138,"FALSE",0,"FALSE"]
["G13384","PYGM","missense",11,64521363,"C","G","p.Q409H",0.1685,178,30,"unknown","NA",0,"NA",0,23.2,"het",0,"GGACTCACGTTGAGGAAGCG","TGGTTGATCTCGTAGATGAT",0,0,"chr11:g.64521363C>G",33782,"Phosphorylase","predicted passenger",null,"FALSE",182,"FALSE",0,"FALSE"]
["G13385","GAL3ST3","missense",11,65810228,"C","T","p.R349H",0.147058823529412,118,15,"unknown","NA",0,"NA",0,28.8,"het",5e-05,"ACGGCTGCAGCTGCTTGGTG","GGATCTGCGCGGCAGGCCGC",0,0,"chr11:g.65810228C>T",32822,"Gal-3-0_sulfotr","predicted passenger",null,"FALSE",111,"FALSE",0,"FALSE"]
["G13387","ANKRD13D","missense",11,67068571,"G","A","p.R395H",0.2597,77,20,"unknown","NA",0,"NA",0,26.1,"het",0,"CGCTCACTTTGCCAAGCTGC","CGACTTCATCACTCTGCGCC",0,0,"chr11:g.67068571G>A",37488,"GPCR_chapero_1","predicted passenger",null,"FALSE",111,"FALSE",3,"FALSE"]
["G13383","P4HA3","missense",11,73978324,"C","T","p.R535H",0.1618,204,33,"unknown","NA",0,"NA",0,24.1,"het",0,"GGCTGGAGCTGCAGGGTCTG","GGAATTCCTGTCCATACTCA",0,0,"chr11:g.73978324C>T",32828,null,"predicted passenger",null,"FALSE",163,"FALSE",0,"FALSE"]
["G13385","CREBZF","frameshift",11,85375296,"CTT","C","p.K208Efs*13",0.1144,236,27,"unknown","NA",0,"NA",0,29.5,"het",0,"GCCGCCGCCTTCCGGGGACT","TGTCGCCGCCTGGTTGTTGT",0,0,"chr11:g.85375297_85375298del",34730,null,"predicted passenger",null,"FALSE",227,"TRUE",0,"FALSE"]
["G13387","MED17","missense",11,93529578,"T","G","p.L339V",0.0802,212,17,"unknown","NA",0,"NA",0,14.43,"het",0,"CCTTCTTTTTATAAATAGGC","TGCAGTTATCTATTTCTTTG",0,0,"chr11:g.93529578T>G",32836,"Med17","predicted passenger","Act","FALSE",250,"FALSE",0,"FALSE"]
["G13383","C2CD2L","missense",11,118983471,"C","G","p.P425R",0.1453,117,17,"unknown","NA",0,"NA",0,27.1,"het",2e-05,"CACCTCCTCCACTCCACGCC","CAGCATCACACCTACCAAGA",0,0,"chr11:g.118983471C>G",32840,null,"predicted passenger",null,"FALSE",115,"FALSE",1,"FALSE"]
["G13387","ROBO4","missense",11,124767657,"C","T","p.R12K",0.1552,116,18,"unknown","NA",0,"NA",0,0.016,"het",0,"GCAGCAGAGGCAGGGAACCC","TGCCCCCCAGGAGGCTGTCT",0,0,"chr11:g.124767657C>T",37501,null,"predicted passenger",null,"FALSE",169,"FALSE",0,"FALSE"]
["G13384","FAM234B","missense",12,13208646,"G","A","p.A67T",0.1846,195,36,"unknown","NA",0,"NA",0,11.63,"het",0,"CCGACTCAGATGCTGAGGTT","CAGAGGCTGCAAAGCCACAT",0,0,"chr12:g.13208646G>A",33816,null,"predicted passenger",null,"FALSE",210,"FALSE",0,"FALSE"]
["G13385","H3F3C","missense",12,31944931,"G","A","p.S57L",0.106,283,30,"unknown","NA",0,"NA",0,25.6,"het",0,"TCCGGATGAGCAGCTCGGTC","ACTTCTGATAACGACGAATC",0,1,"chr12:g.31944931G>A",34754,"Histone","predicted passenger",null,"FALSE",243,"FALSE",0,"FALSE"]
["G13385","FMNL3","missense",12,50047103,"T","G","p.E410A",0.1813,160,29,"unknown","NA",0,"NA",0,22.6,"het",0,"TCTCTAGGTCCAGAAGCTTC","CTGTGAGCTGCACAACAGGA",0,0,"chr12:g.50047103T>G",34760,"Drf_FH3","predicted passenger",null,"FALSE",187,"FALSE",2,"FALSE"]
["G13387","BAZ2A","missense",12,56995553,"C","T","p.S1285N",0.1974,76,15,"unknown","NA",0,"NA",0,25,"het",0,"TATCAGGTGTGAGGACTGAG","TGCTCAACAGGGAGCTATGG",0,0,"chr12:g.56995553C>T",37519,null,"predicted passenger",null,"FALSE",105,"FALSE",0,"FALSE"]
["G13383","FAM71C","missense",12,100043124,"T","C","p.M225T",0.1571,140,22,"unknown","NA",0,"NA",0,0.004,"het",0,"CAGAATCAGTAGACTTCACA","GAATGCTGAAATGTTTGGGT",0,0,"chr12:g.100043124T>C",32863,null,"predicted passenger",null,"FALSE",155,"FALSE",0,"FALSE"]
["G13384","GIT2","missense",12,110390944,"C","T","p.E399K",0.1102,118,13,"unknown","NA",0,"NA",0,34,"het",0.00057,"GGTTTCCAAATCTGTGTCTT","GTCTGATGCCACGCTGTCAT",0,0,"chr12:g.110390944C>T",33843,null,"predicted passenger",null,"FALSE",105,"FALSE",2,"FALSE"]
["G13386","GIT2","missense",12,110390944,"C","T","p.E399K",0.2105,38,8,"unknown","NA",0,"NA",0,34,"het",4e-05,"GGTTTCCAAATCTGTGTCTT","GTCTGATGCCACGCTGTCAT",0,0,"chr12:g.110390944C>T",36277,null,"predicted passenger",null,"FALSE",105,"FALSE",2,"FALSE"]
["G13384","SBNO1","missense",12,123812344,"C","T","p.R483H",0.2131,122,26,"unknown","NA",0,"NA",0,34,"het",6e-05,"GGTTCATATAGGCCATGTTG","GTGGTTCAGAAGCACCTGAA",0,0,"chr12:g.123812344C>T",33848,"AAA_34","predicted passenger",null,"FALSE",86,"FALSE",3,"FALSE"]
["G13386","SBNO1","missense",12,123812344,"C","T","p.R483H",0.16,50,8,"unknown","NA",0,"NA",0,34,"het",0.00757,"GGTTCATATAGGCCATGTTG","GTGGTTCAGAAGCACCTGAA",0,0,"chr12:g.123812344C>T",36292,"AAA_34","predicted passenger",null,"FALSE",86,"FALSE",3,"FALSE"]
["G13386","EP400","missense",12,132537946,"A","C","p.Q2511P",0.588235294117647,27,10,"unknown","NA",0,"NA",0,12.16,"het",0.0591,"GGCCCAGCCACCCCCGCCCC","GCCGCAGCCCCCACCACCCC",0,0,"chr12:g.132537946A>C",32879,null,"predicted passenger",null,"FALSE",25,"FALSE",0,"FALSE"]
["G13386","NUP58","missense",13,25875924,"T","C","p.F5L",0.1176,34,4,"unknown","NA",0,"NA",0,21.3,"het",0.00435,"GGCCAGACATGTCCACAGGG","TCTCCTTCGGGTCCGGGACT",0,0,"chr13:g.25875924T>C",36307,null,"predicted passenger",null,"FALSE",109,"FALSE",1,"FALSE"]
["G13386","FLT3","frameshift",13,28597587,"C","CT","p.R773Kfs*14",0.1071,56,6,"unknown","NA",0,"NA",0,35,"het",0.00102,"AGTCCTCCTCTTCTTCCAGC","TTTTTTGGTTTTCATATTCA",0,1,"chr13:g.28597587_28597588insT",36312,"Pkinase_Tyr","predicted passenger","Act","FALSE",123,"FALSE",0,"FALSE"]
["G13383","LCP1","missense",13,46722525,"C","T","p.G314S",0.1373,153,21,"unknown","NA",0,"NA",0,23.2,"het",8e-05,"AATAACAACAGCAGGAACAC","TTCTTCATCTCCTTTTGGAG",0,1,"chr13:g.46722525C>T",32891,"CH","predicted passenger","Act","FALSE",178,"FALSE",0,"FALSE"]
["G13384","OXGR1","frameshift",13,97639249,"TA","T","p.L255Yfs*6",0.2017,233,47,"unknown","NA",0,"NA",0,19.75,"het",0,"ACCCTCAAGATATGGAAGGG","AAAAACATACGTAAAATGCA",0,0,"chr13:g.97639250_97639250del",33867,"7tm_1","predicted passenger",null,"FALSE",243,"FALSE",0,"FALSE"]
["G13385","NALCN","missense",13,101717849,"T","C","p.D1504G",0.1282,156,20,"unknown","NA",0,"NA",0,29.2,"het",0,"GGAGCTTGTCCTTGTCCAGG","CCACCTCCAGCCTCCCACGC",0,0,"chr13:g.101717849T>C",34809,null,"predicted passenger",null,"FALSE",196,"FALSE",1,"FALSE"]
["G13386","COL4A1","frameshift",13,110831316,"AG","A","p.P804Lfs*21",0.0192307692307692,106,2,"unknown","NA",0,"NA",0,26.9,"het",0,"CCAGGGGGACCCCTAGCTCC","GGGGGCCTATTCCTGGAACT",0,0,"chr13:g.110831317_110831317del",32900,"Collagen","predicted passenger",null,"FALSE",179,"FALSE",0,"FALSE"]
["G13383","MIPOL1",".",14,37754654,"T","C",".",0.1918,73,14,"unknown","NA",0,"NA",0,23.2,"het",8e-05,"TGGAAATGTCTCTAAAAGTG","ATGTACACATTTAAAACTCA",0,0,"chr14:g.37754654T>C",32906,null,"predicted passenger",null,"FALSE",64,"TRUE",1,"FALSE"]
["G13387","MIS18BP1","frameshift",14,45716018,"ATT","A","p.K157Ifs*8",0.173469387755102,115,17,"unknown","NA",0,"NA",0,13.06,"het",0.0002,"ACATAGGTAGGTATGCTGCA","TTTTTTTTTCAACTCTGTTA",0,0,"chr14:g.45716019_45716020del",32907,null,"predicted passenger",null,"FALSE",111,"TRUE",0,"FALSE"]
["G13386","ARID4A","frameshift",14,58831271,"CAT","C","p.I823Rfs*4",0.2703,74,20,"unknown","NA",0,"NA",0,24.4,"het",0,"ATGAAGCAGGAAGTGAACCT","ATAGAAGCTCATAGTCTTGA",0,0,"chr14:g.58831272_58831273del",36366,null,"predicted driver: tier 2","ambiguous","FALSE",156,"FALSE",0,"TRUE"]
["G13387","ZFYVE26","missense",14,68242625,"C","T","p.A1725T",0.183,235,43,"unknown","NA",0,"NA",0,35,"het",0,"AAAGTCCAGGGCTTTCTCTG","GTATCTGGAAAGCAGTGAGT",0,0,"chr14:g.68242625C>T",37585,null,"predicted passenger",null,"FALSE",257,"FALSE",3,"FALSE"]
["G13387","TMEM63C","missense",14,77722884,"G","A","p.V746M",0.1746,126,22,"unknown","NA",0,"NA",0,33,"het",0,"AGCAGCTGTATGTGGCCACC","TGCTGCAAGAACCGGAGTTG",0,0,"chr14:g.77722884G>A",37590,null,"predicted passenger",null,"FALSE",126,"FALSE",1,"FALSE"]
["G13383","NRXN3","missense",14,79270145,"G","A","p.V370I",0.1437,167,24,"unknown","NA",0,"NA",0,24.1,"het",0,"TGGAGCTGGATGGGGGGCGT","TCAAGCTCATGGTTAACTTA",0,0,"chr14:g.79270145G>A",32921,"Laminin_G_2","predicted passenger",null,"FALSE",218,"FALSE",2,"FALSE"]
["G13385","SLC25A29","missense",14,100759296,"A","G","p.V79A",0.1143,70,8,"unknown","NA",0,"NA",0,24.7,"het",0.00619,"CCCGGAGGGTGTTGCCCTGC","CCCCGAACACCAGCGCGTTG",0,0,"chr14:g.100759296A>G",34834,"Mito_carr","predicted passenger",null,"FALSE",62,"FALSE",1,"FALSE"]
["G13386","NIPA1","missense",15,23048959,"C","T","p.G287D",0.2222,36,8,"unknown","NA",0,"NA",0,18.26,"het",0.0005,"TCCCCAAGAAGTCCACCAGG","CCACGTTGCTCCACTCCCGG",0,0,"chr15:g.23048959C>T",36395,"Mg_trans_NIPA","predicted passenger",null,"FALSE",76,"FALSE",0,"FALSE"]
["G13387","DNAJC17","missense",15,41068447,"T","G","p.Q142P",0.1341,164,22,"unknown","NA",0,"NA",0,26.1,"het",0,"GCTCCCGGATGAGCCTCTGC","GTTCCTCCAGCTGCCGGGAA",0,0,"chr15:g.41068447T>G",37605,null,"predicted passenger",null,"FALSE",205,"FALSE",0,"FALSE"]
["G13387","CEP152","missense",15,49033867,"G","C","p.L1286V",0.1584,322,51,"unknown","NA",0,"NA",0,26.8,"het",0,"TAATTTTGCCATTGTAGCAA","TTTGCTAGCAGCATTCATAA",0,0,"chr15:g.49033867G>C",37608,null,"predicted passenger",null,"FALSE",367,"FALSE",0,"FALSE"]
["G13386","MNS1","missense",15,56726349,"A","G","p.F419S",0.25,32,8,"unknown","NA",0,"NA",0,24,"het",1e-05,"TTCTTACTTTGTCTGCAAGG","ATTGTTGGCGACGCTCTTCA",0,0,"chr15:g.56726349A>G",36432,"TPH","predicted passenger",null,"FALSE",93,"FALSE",1,"FALSE"]
["G13387","FOXB1","frameshift",15,60298081,"AC","A","p.S309Afs*192",0.0947,95,9,"unknown","NA",0,"NA",0,35,"het",0,"CCAGCCAAAGCAGCCCCGCC","CCCCAGCGAAACGCTCACCA",0,0,"chr15:g.60298082_60298082del",32943,null,"predicted passenger",null,"FALSE",143,"FALSE",0,"FALSE"]
["G13384","PEAK1","missense",15,77471450,"T","C","p.E940G",0.1327,226,30,"unknown","NA",0,"NA",0,24.1,"het",0,"GCTCTTTCTCTTTGTCATCC","CCTCATCTGTTTTCCGACGG",0,0,"chr15:g.77471450T>C",33931,null,"predicted passenger",null,"FALSE",195,"FALSE",0,"FALSE"]
["G13385","FAH",".",15,80454587,"G","T",".",0.133,233,31,"unknown","NA",0,"NA",0,25.2,"het",0,"TGTTGGGTCTTTCCTCTGCA","GAGACTACACAGACTTCTAT",0,0,"chr15:g.80454587G>T",34860,null,"predicted passenger",null,"FALSE",221,"TRUE",1,"FALSE"]
["G13387","ZNF592","missense",15,85327119,"C","A","p.P405T",0.110294117647059,152,15,"unknown","NA",0,"NA",0,16.03,"het",0,"CTGATGATCCAAGTAAGTCC","CTGTTGGGTCACCTCTAGGG",0,0,"chr15:g.85327119C>A",32953,null,"predicted passenger",null,"FALSE",172,"FALSE",0,"FALSE"]
["G13385","POLG","missense",15,89860730,"G","T","p.P1174T",0.1345,290,39,"unknown","NA",0,"NA",0,28.6,"het",0,"GAAAAAGGCGACTGACTGGG","CAAGTCATTCAGACCCAGCT",0,1,"chr15:g.89860730G>T",34864,"DNA_pol_A","predicted passenger",null,"FALSE",307,"FALSE",3,"TRUE"]
["G13386","LUC7L","missense",16,240027,"C","T","p.R305H",0.2963,54,16,"unknown","NA",0,"NA",0,23.6,"het",0,"CCCGGCTGTGGCTCCGGGAA","GGCTGCGGTGGCGCCGATGT",0,0,"chr16:g.240027C>T",36460,null,"predicted passenger",null,"FALSE",122,"FALSE",2,"FALSE"]
["G13383","NTN3","frameshift",16,2523946,"T","TG","p.G531Rfs*65",0.2143,14,3,"unknown","NA",0,"NA",0,24.8,"het",0.11111,"CGGCCGCCGCTACCTCCTGC","GGGGGGCGGGCCTGGAGCCG",0,0,"chr16:g.2523946_2523947insG",32966,"NTR","predicted passenger",null,"FALSE",14,"FALSE",0,"FALSE"]
["G13385","RBFOX1","missense",16,7629791,"G","A","p.A115T",0.1743,109,19,"unknown","NA",0,"NA",0,24.4,"het",2e-05,"TCTTTTAGCAGACAGATGAC","CAGCACCGACGGATGGCCAG",0,0,"chr16:g.7629791G>A",34877,null,"predicted passenger",null,"FALSE",115,"FALSE",1,"FALSE"]
["G13383","SCNN1G","missense",16,23226073,"A","T","p.N512Y",0.1429,238,34,"unknown","NA",0,"NA",0,28.2,"het",0,"TGATATTCTACAAAGACCTG","ACCAGAGATCCATCATGGAG",0,0,"chr16:g.23226073A>T",32975,"ASC","predicted passenger",null,"FALSE",272,"FALSE",2,"FALSE"]
["G13383","KCTD13","missense",16,29922457,"A","G","p.F199L",0.1739,92,16,"unknown","NA",0,"NA",0,25.8,"het",8e-05,"GCGCAGGGCCAGCTTGTCGA","CAGCTCGATGTTCTTAAGTA",0,0,"chr16:g.29922457A>G",32978,null,"predicted passenger",null,"FALSE",78,"FALSE",1,"FALSE"]
["G13387","SRCAP","missense",16,30735742,"C","T","p.A1666V",0.1709,158,27,"unknown","NA",0,"NA",0,23,"het",0,"AACTCAAACTATGCTACCAG","CCCGGTTCCGTCACCTCTCC",0,0,"chr16:g.30735742C>T",37652,null,"predicted passenger",null,"FALSE",236,"FALSE",1,"FALSE"]
["G13383","HSD3B7","nonsense",16,30999140,"C","T","p.A249V",0.1667,174,29,"unknown","NA",0,"NA",0,14.5,"het",0,"CCGGGAGCTGGAGCAGCGGG","AACCCTGATGGGCGGCCAGG",0,0,"chr16:g.30999140C>T",32985,"3Beta_HSD","predicted passenger",null,"FALSE",127,"TRUE",0,"FALSE"]
["G13387","CDH11","missense",16,65022212,"G","T","p.P283T",0.0854,82,7,"unknown","NA",0,"NA",0,23,"het",4e-05,"TCTTCCTACTTCCTCCCCAG","GACGGCTGCTTCTGACACAG",0,1,"chr16:g.65022212G>T",32988,"Cadherin","predicted passenger","Act","FALSE",128,"FALSE",0,"FALSE"]
["G13387","ZNF821","missense",16,71894211,"C","T","p.A317T",0.1154,208,24,"unknown","NA",0,"NA",0,25.3,"het",0,"ATCCCGCTGCAGCCGGCGTG","CCGCTGCTCGTCTGTCTCCT",0,0,"chr16:g.71894211C>T",37659,null,"predicted passenger",null,"FALSE",263,"FALSE",1,"FALSE"]
["G13387","CHST6","missense",16,75512808,"T","C","p.T307A",0.0996,241,24,"unknown","NA",0,"NA",0,25,"het",0,"ACCAGGTCCAGATCCGTGGG","GATGTTATGGATCCAGGCCT",0,0,"chr16:g.75512808T>C",37664,"Sulfotransfer_1","predicted passenger",null,"FALSE",311,"FALSE",3,"FALSE"]
["G13386","KLHDC4","frameshift",16,87744935,"TCA","T","p.C316*fs*1",0.1364,88,12,"unknown","NA",0,"NA",0,32,"het",0,"GGCTCTCCTCCTCTTCCTCG","CAGACACCCCCGAAGAACAG",0,0,"chr16:g.87744936_87744937del",36534,"Kelch_2","predicted passenger",null,"FALSE",223,"FALSE",0,"FALSE"]
["G13387","FANCA","missense",16,89871729,"G","A","p.A223V",0.1368,212,29,"unknown","NA",0,"NA",0,11.87,"het",0,"CGTCAGCATGCTGGCAGGAT","CTTCCATCTGTTCACAAAGG",0,1,"chr16:g.89871729G>A",37670,null,"predicted passenger","LoF","FALSE",227,"FALSE",0,"FALSE"]
["G13385","C17orf49","frameshift",17,6919864,"TC","T","p.F133Sfs*3",0.1093,247,27,"unknown","NA",0,"NA",0,33,"het",0,"GGTATATGAAGATTCTGGCA","CCCCTTCCAGCTGAGTCACC",0,0,"chr17:g.6919865_6919865del",34914,null,"predicted passenger",null,"FALSE",203,"FALSE",0,"FALSE"]
["G13386","MYH2","missense",17,10427087,"C","T","p.A1764T",0.172,93,16,"unknown","NA",0,"NA",0,32,"het",0,"GCCACTCACATCAGTGATGG","CTTCTTGGCCTTTTCTTCTG",0,0,"chr17:g.10427087C>T",36561,"Myosin_tail_1","predicted passenger",null,"FALSE",313,"FALSE",3,"FALSE"]
["G13385","SLC47A1","missense",17,19480801,"C","A","p.L550I",0.1106,199,22,"unknown","NA",0,"NA",0,24.4,"het",1e-05,"TGCTGCGGCGAGGGCTTCTG","TCCTGGGGGTCTTCTTAATC",0,0,"chr17:g.19480801C>A",34922,null,"predicted passenger",null,"FALSE",151,"FALSE",0,"FALSE"]
["G13386","USP22","missense",17,20914590,"T","C","p.D326G",0.0968,62,6,"unknown","NA",0,"NA",0,29.1,"het",0.00454,"CGGGGAGATCCAAGCTGATG","CCCAGAAGGGGTCGATGGTG",0,0,"chr17:g.20914590T>C",36568,"UCH","predicted passenger",null,"FALSE",165,"FALSE",1,"FALSE"]
["G13383","NF1","frameshift",17,29557928,"TA","T","p.K1062Nfs*15",0.114,228,26,"unknown","NA",0,"NA",0,24.7,"het",0,"CCAAGCAGCAGATGATGATG","AAATGTCTTACAAGGTAAAA",0,1,"chr17:g.29557929_29557929del",33022,null,"predicted driver: tier 1","LoF","FALSE",234,"FALSE",0,"TRUE"]
["G13383","KRT10","missense",17,38975316,"G","A","p.H491Y",0.1667,210,35,"unknown","NA",0,"NA",0,0.246,"het",0,"GCCGCCGGAACTGCCGCCGT","GCCGCCGCCGTGGCCGCCGC",0,0,"chr17:g.38975316G>A",33026,null,"predicted passenger",null,"FALSE",209,"FALSE",0,"FALSE"]
["G13385","STAT5A","frameshift",17,40453452,"TA","T","p.N385Mfs*13",0.1596,188,30,"unknown","NA",0,"NA",0,33,"het",1e-05,"CAGCAGGCCAAGTCTCTGCT","AAAATGAGAACACCCGCAAG",0,0,"chr17:g.40453453_40453453del",34938,"STAT_bind","predicted passenger","LoF","FALSE",124,"FALSE",0,"FALSE"]
["G13384","TRIM37",".",17,57158581,"C","T",".",0.1875,208,39,"unknown","NA",0,"NA",0,27.6,"het",0,"TTAAAGGTATGTCCGCCATG","TATTTAAATTAGAGTAGCTT",0,0,"chr17:g.57158581C>T",34021,null,"predicted passenger",null,"FALSE",199,"TRUE",1,"FALSE"]
["G13383","BRIP1","missense",17,59934572,"C","T","p.V76I",0.1098,164,18,"unknown","NA",0,"NA",0,0.007,"het",2e-05,"TACTTCAGCTTTTTCACTTA","GCCCTCATCTGCTGGTTTCC",0,1,"chr17:g.59934572C>T",33038,null,"predicted passenger","LoF","FALSE",130,"FALSE",0,"FALSE"]
["G13387","BPTF","missense",17,65971975,"A","G","p.N2876S",0.1667,132,22,"unknown","NA",0,"NA",0,26.6,"het",0,"TATGACCAAAATTTTTGATA","CTGTCGTTACTACAATCCAA",0,0,"chr17:g.65971975A>G",37710,"Bromodomain","predicted driver: tier 1","Act","FALSE",129,"TRUE",3,"TRUE"]
["G13387","ABCA10",".",17,67190131,"C","A",".",0.1667,108,18,"unknown","NA",0,"NA",0,24.2,"het",0,"ATTATAAATAGTGGCTGATC","TATAAATAGAAATTTAAAAG",0,0,"chr17:g.67190131C>A",37712,null,"predicted passenger",null,"FALSE",145,"TRUE",1,"FALSE"]
["G13386","ITGB4","missense",17,73749954,"G","A","p.R1406H",0.1739,46,8,"unknown","NA",0,"NA",0,24.2,"het",0.00234,"CCTGTCGGCCAGCAGCGGGC","CTCCTCCGACGCCGAGGCGC",0,0,"chr17:g.73749954G>A",36626,null,"predicted passenger",null,"FALSE",60,"FALSE",1,"FALSE"]
["G13385","DNAH17","missense",17,76491052,"G","A","p.L1997F",0.1667,54,9,"unknown","NA",0,"NA",0,26.8,"het",1.48E-3,"CACACACACCTGCTTCGAGA","CAGCTCCTTGCACAAGGTGT",0,0,"chr17:g.76491052G>A",34962,"AAA_6","predicted passenger",null,"FALSE",58,"FALSE",0,"FALSE"]
["G13387","RNF213","missense",17,78265573,"G","T","p.G473V",0.1145,262,30,"unknown","NA",0,"NA",0,13.06,"het",0,"CAAGCACCAGCAGAAGAAGG","CGAGTACGTCAACCGCTGTC",0,1,"chr17:g.78265573G>T",37726,null,"predicted passenger","Act","FALSE",257,"FALSE",1,"FALSE"]
["G13383","EPB41L3","missense",18,5438059,"C","T","p.A194T",0.1613,155,25,"unknown","NA",0,"NA",0,23.2,"het",0,"GATATCTTCAGATAGTTGGG","AGGGTCTGGTGGATAAAATT",0,0,"chr18:g.5438059C>T",33061,"FERM_M","predicted passenger","LoF","FALSE",178,"FALSE",1,"FALSE"]
["G13384","APCDD1","frameshift",18,10485592,"GC","G","p.E305Kfs*62",0.1615,192,31,"unknown","NA",0,"NA",0,26.7,"het",0,"GAGCCAGCGCTGTGAGGTGC","CCCGAAGTCCTCTTCCTCAC",0,0,"chr18:g.10485593_10485593del",34047,"APCDDC","predicted passenger",null,"FALSE",175,"FALSE",0,"FALSE"]
["G13384","ST8SIA5","frameshift",18,44336429,"T","TC","p.S15Efs*29",0.1863,161,30,"unknown","NA",0,"NA",0,34,"het",0,"GATGAAGAGCAAAGTTCGGC","CCCCAACAAATCCCGGTTGG",0,0,"chr18:g.44336429_44336430insC",34053,null,"predicted passenger",null,"FALSE",198,"FALSE",0,"FALSE"]
["G13387","BCL2","frameshift",18,60985780,"CG","C","p.P40Rfs*56",0.0408163265306122,51,2,"unknown","NA",0,"NA",0,1.451,"het",0.00495,"CCCGGTGCGGGGGCGGCCCC","GGGGCGCGGCGCCCACATCT",0,1,"chr18:g.60985781_60985781del",33071,null,"predicted passenger","Act","FALSE",73,"FALSE",0,"FALSE"]
["G13387","PLPPR3","missense",19,813423,"G","C","p.P463R",0.1395,43,6,"unknown","NA",0,"NA",0,20.9,"het",0.01049,"CCTCCGCCATGGGTTCGGCG","GCGCGCGCAGGTGCCCGGGG",0,0,"chr19:g.813423G>C",37745,null,"predicted passenger",null,"FALSE",49,"FALSE",0,"FALSE"]
["G13386","PLIN4","missense",19,4512671,"T","C","p.D420G",0.0967741935483871,68,6,"unknown","NA",0,"NA",0,23.3,"het",0,"TCACCCCACTGCAGACGGTG","CCTTTGTACCTGTTGCGATA",0,0,"chr19:g.4512671T>C",33079,null,"predicted passenger",null,"FALSE",123,"FALSE",0,"FALSE"]
["G13386","SLC25A41","frameshift",19,6432099,"CG","C","p.T108Rfs*103",0.3077,26,8,"unknown","NA",0,"NA",0,35,"het",1e-05,"CTGTCCAGAGGTGCCGTGCC","TGCGAGACACCGCCCCGGCC",0,0,"chr19:g.6432100_6432100del",36689,"Mito_carr","predicted passenger",null,"FALSE",78,"FALSE",0,"FALSE"]
["G13385","C19orf66","missense",19,10200716,"G","A","p.R126Q",0.305882352941176,111,26,"unknown","NA",0,"NA",0,23.6,"het",1.82E-3,"GTGGCGCCGCGTGCCCCAGC","GAAGGAGGTGATGACCTAAA",0,0,"chr19:g.10200716G>A",33088,"UPF0515","predicted passenger",null,"FALSE",80,"FALSE",0,"FALSE"]
["G13383","SMARCA4","missense",19,11097126,"G","A","p.G206D",0.1571,70,11,"unknown","NA",0,"NA",0,28.4,"het",0.00508,"CCTGCAGATGGCGGTGCAGG","CAAGCGGCCGATGCCCGGGA",0,1,"chr19:g.11097126G>A",33091,"QLQ","predicted driver: tier 1","LoF","FALSE",41,"FALSE",2,"TRUE"]
["G13385","ZNF20","missense",19,12243518,"A","T","p.Y495N",0.1848,92,17,"unknown","NA",0,"NA",0,9.102,"het",3e-05,"AGTGTGAGTCCTTTCATGAT","TCGAATGTAATTGGAAATAA",0,0,"chr19:g.12243518A>T",35000,"zf-H2C2_2","predicted passenger",null,"FALSE",85,"FALSE",0,"FALSE"]
["G13383","MAP1S","missense",19,17838036,"C","T","p.P615S",0.1223,188,23,"unknown","NA",0,"NA",0,2.439,"het",0,"CGCCCAGCCTGGAGCTGGGG","CGATCCCAGCCGGGGAGGAG",0,0,"chr19:g.17838036C>T",33100,null,"predicted passenger",null,"FALSE",162,"FALSE",0,"FALSE"]
["G13387","PDE4C","missense",19,18343841,"G","A","p.A54V",0.1846,65,12,"unknown","NA",0,"NA",0,11.09,"het",0.00034,"GGTCCCTCTCGCGGCAGCCC","CGGACTTGTCCGGATCCGAA",0,0,"chr19:g.18343841G>A",37769,null,"predicted passenger",null,"FALSE",61,"FALSE",0,"FALSE"]
["G13386","ZNF431","missense",19,21365987,"G","T","p.G294V",0.1333,30,4,"unknown","NA",0,"NA",0,25.3,"het",0.00077,"ATATAGATGTGAAGAATGTG","CAAAGCCTTCAACCGGTCCT",0,0,"chr19:g.21365987G>T",33105,"zf-H2C2_2","predicted passenger",null,"FALSE",63,"FALSE",2,"FALSE"]
["G13386","CCNE1",".",19,30308311,"A","C",".",0.2353,34,8,"unknown","NA",0,"NA",0,23.2,"het",1.07E-3,"TTTGTTGTGTGTTTTGTTGT","GCTGGGCAAATAGAGAGGAA",0,1,"chr19:g.30308311A>C",36728,null,"predicted passenger","Act","FALSE",60,"TRUE",1,"TRUE"]
["G13383","MAG","missense",19,35791184,"G","A","p.A283T",0.1279,86,11,"unknown","NA",0,"NA",0,22.8,"het",0.00042,"ACGGGACAGTCCTCCGGGAG","CGGTGGCCGAGAGCCTGCTC",0,0,"chr19:g.35791184G>A",33111,"I-set","predicted passenger",null,"FALSE",102,"FALSE",0,"FALSE"]
["G13383","ZNF585B","frameshift",19,37678054,"AT","A","p.K128Nfs*22",0.2414,87,21,"unknown","NA",0,"NA",0,15.88,"het",0,"AAATTCAGCACACTCATAGG","TTTTCCCCAGAATAAATTTT",0,0,"chr19:g.37678055_37678055del",33116,null,"predicted passenger",null,"FALSE",106,"FALSE",0,"FALSE"]
["G13386","CLC","missense",19,40225643,"C","T","p.C29Y",0.08,50,4,"unknown","NA",0,"NA",0,7.181,"het",1.1E-4,"CATGGAGTACTCACAAGAAA","AGGCAAGTGGTCGCCCTTTG",0,0,"chr19:g.40225643C>T",33119,"Gal-bind_lectin","predicted passenger",null,"FALSE",113,"FALSE",0,"FALSE"]
["G13387","ZNF180","frameshift",19,44982104,"CTT","C","p.K198Efs*21",0.14,200,28,"unknown","NA",0,"NA",0,22.7,"het",0,"AGACTGGAATTCAGACCACT","CTCCCCAGTTTCATCACTTT",0,0,"chr19:g.44982105_44982106del",37787,null,"predicted passenger",null,"FALSE",224,"FALSE",0,"FALSE"]
["G13383","LMTK3","frameshift",19,49001891,"G","GC","p.A841Gfs*665",0.0886,79,7,"unknown","NA",0,"NA",0,33,"het",0.01534,"GGACCCCTTCCTCCTCGGCC","CCCCCCCACCTGGGAAGGCT",0,0,"chr19:g.49001891_49001892insC",33126,null,"predicted passenger",null,"FALSE",68,"FALSE",0,"FALSE"]
["G13386","POLD1","missense",19,50905990,"G","A","p.G321D",0.25,32,8,"unknown","NA",0,"NA",0,26.7,"het",0.02832,"CTTCGATATCGAGTGCGCCG","CCGCAAAGGTCTGTCCCCGG",0,1,"chr19:g.50905990G>A",36775,"DNA_pol_B_exo1","predicted passenger",null,"FALSE",29,"FALSE",3,"TRUE"]
["G13385","SHANK1","missense",19,51170670,"G","A","p.P1516L",0.1351,74,10,"unknown","NA",0,"NA",0,15.06,"het",0.00344,"GGCTGGGCGGCGGGACCCCC","GCCCGTCCTCCGAGGGGGGA",0,0,"chr19:g.51170670G>A",35043,null,"predicted passenger",null,"FALSE",54,"FALSE",1,"FALSE"]
["G13385","ZNF616","missense",19,52619978,"G","A","p.R147C",0.1369,263,36,"unknown","NA",0,"NA",0,17.16,"het",0,"TTTCTGCAGTTCAGCCAGAC","TGACTCAAAGTTTGATGTAA",0,0,"chr19:g.52619978G>A",35046,null,"predicted passenger",null,"FALSE",224,"FALSE",0,"FALSE"]
["G13384","ZNF773","missense",19,58018374,"A","G","p.E304G",0.2363,182,43,"unknown","NA",0,"NA",0,24.2,"het",0,"CACTGGAGTAAGGCCTTATG","GTGCAGTGAATGTGGAAAAT",0,0,"chr19:g.58018374A>G",34125,"zf-H2C2_2","predicted passenger",null,"FALSE",110,"FALSE",2,"FALSE"]
["G13384","GFRA4","missense",20,3641652,"C","T","p.G111S",0.2065,155,32,"unknown","NA",0,"NA",0,11.1,"het",0,"GCAGGAGGGCGGCGCGGGGC","GGGCCCCGAAAAGGCGCAGG",0,0,"chr20:g.3641652C>T",34129,null,"predicted passenger",null,"FALSE",164,"FALSE",0,"FALSE"]
["G13387","LRRN4","missense",20,6033319,"C","T","p.A43T",0.1458,144,21,"unknown","NA",0,"NA",0,12.27,"het",0,"CTCGCAGGGCGAGTCGGTGG","GTTGCTGCCACTGCTCCCCC",0,0,"chr20:g.6033319C>T",37815,null,"predicted passenger",null,"FALSE",157,"FALSE",0,"FALSE"]
["G13387","NCOA6","frameshift",20,33330505,"AG","A","p.P1185Lfs*2",0.1743,109,19,"unknown","NA",0,"NA",0,35,"het",0,"GAGCTGGGCAGGGAATTTAC","GGGGTTGCTGGGGAGTTGCA",0,0,"chr20:g.33330506_33330506del",37818,null,"predicted passenger",null,"FALSE",136,"FALSE",0,"FALSE"]
["G13386","PABPC1L","missense",20,43564103,"T","C","p.C506R",0.1071,56,6,"unknown","NA",0,"NA",0,0.118,"het",3.46E-3,"CAGGCCGGCCGCTCCTGCCG","GCAAATGTTCCTCAGCAGCA",0,0,"chr20:g.43564103T>C",36831,null,"predicted passenger",null,"FALSE",117,"FALSE",1,"FALSE"]
["G13387","CEBPB","frameshift",20,48807740,"GC","G","p.A60Pfs*81",0.142,162,23,"unknown","NA",0,"NA",0,23,"het",0,"CGCGGCCAGACCCGGGCCGC","CCCCCCGCCGGCGAGCTGGG",0,0,"chr20:g.48807741_48807741del",37825,null,"predicted passenger",null,"FALSE",200,"FALSE",0,"FALSE"]
["G13385","CEBPB","frameshift",20,48807740,"GC","G","p.A60Pfs*81",0.094,266,25,"unknown","NA",0,"NA",0,23,"het",0,"CGCGGCCAGACCCGGGCCGC","CCCCCCGCCGGCGAGCTGGG",0,0,"chr20:g.48807741_48807741del",33159,null,"predicted passenger",null,"FALSE",200,"FALSE",0,"FALSE"]
["G13386","EDN3","missense",20,57896200,"A","G","p.Y165C",0.1429,98,14,"unknown","NA",0,"NA",0,5.327,"het",0,"CTGCGCTTGTGTGGGGAGAT","TGACAAGGCCTGCCTGCACT",0,0,"chr20:g.57896200A>G",36843,null,"predicted passenger",null,"FALSE",299,"FALSE",0,"FALSE"]
["G13387","COL20A1","missense",20,61951700,"T","C","p.C1045R",0.131,145,19,"unknown","NA",0,"NA",0,21.4,"het",0,"CCTGGGCCGATGAGGACCGG","GCTGTGAGCTCCCTGCCTCG",0,0,"chr20:g.61951700T>C",37835,null,"predicted passenger",null,"FALSE",186,"FALSE",2,"FALSE"]
["G13384","URB1","missense",21,33687350,"G","A","p.P2232L",0.1905,42,8,"unknown","NA",0,"NA",0,16.91,"het",0.007,"CGTGGGTTAAGAGGGTGTCC","GCCGCTGAGCCCCCAGCCAG",0,0,"chr21:g.33687350G>A",34160,null,"predicted passenger",null,"FALSE",38,"FALSE",0,"FALSE"]
["G13385","COL18A1","frameshift",21,46924424,"CCGGCCCCCCA","C","p.G1122Afs*86",0.1408,142,20,"unknown","NA",0,"NA",0,35,"het",0,"CTCCAGCCTGCCCGGCCCCC","GGCCCCCCAGGCCCACGTGG",0,0,"chr21:g.46924425_46924434del",35087,null,"predicted passenger","LoF","FALSE",187,"TRUE",0,"FALSE"]
["G13385","YBEY","frameshift",21,47706937,"TG","T","p.I39Sfs*34",0.1,280,28,"unknown","NA",0,"NA",0,3.235,"het",5e-05,"AGGAGTGCAGAAATTTGACC","GGGATCATCTGTGTTGACAA",0,0,"chr21:g.47706938_47706938del",35090,"UPF0054","predicted passenger",null,"FALSE",209,"FALSE",0,"FALSE"]
["G13383","CHEK2","missense",22,29091779,"G","T","p.P393H",0.1166,163,19,"unknown","NA",0,"NA",0,28.5,"het",1e-05,"CAACAGAAACAAGAACTTCA","GCGCCAAGTAGGTGGGGGTT",0,1,"chr22:g.29091779G>T",33185,"Pkinase","predicted driver: tier 1","LoF","FALSE",153,"FALSE",3,"TRUE"]
["G13385","PES1","missense",22,30977078,"G","A","p.A278V",0.1429,42,6,"unknown","NA",0,"NA",0,25.8,"het",0.09392,"GGGCCAGGCTGGCACTGAGG","CTGCCAGTTTCTACAGGAGA",0,0,"chr22:g.30977078G>A",35097,null,"predicted passenger",null,"FALSE",36,"FALSE",2,"FALSE"]
["G13385","EFCAB6","frameshift",22,44063043,"G","GT","p.R642Tfs*4",0.0943,106,10,"unknown","NA",0,"NA",0,25.9,"het",0.00054,"CTTGCTGAAGTCAAGAAATC","TTTTTTGAATGCCGGGTCCT",0,0,"chr22:g.44063043_44063044insT",35106,null,"predicted passenger",null,"FALSE",136,"FALSE",0,"FALSE"]
["G13383","SHOX","missense","X",605280,"T","C","p.V263A",0.1315,213,28,"unknown","NA",0,"NA",0,10.62,"het",0,"CGCCTCGGCCGCCGCCGTGG","CGCCGCCGCCGCCAAAAGCA",0,0,"chrX:g.605280T>C",33194,null,"predicted passenger",null,"FALSE",240,"FALSE",0,"FALSE"]
["G13384","MAGEB6","missense","X",26212207,"T","A","p.S82T",0.3964,169,67,"unknown","NA",0,"NA",0,8.412,"het",0,"CAGTTGTTTCATATTCAAAA","CCGATGTGGCTGCCAACGGC",0,0,"chrX:g.26212207T>A",34187,"MAGE_N","predicted passenger",null,"FALSE",168,"FALSE",0,"FALSE"]
["G13384","GPR82","frameshift","X",41587148,"C","CA","p.N292Kfs*12",0.3333,126,42,"unknown","NA",0,"NA",0,32,"het",0,"ATTGAATTATTTAATAGAAA","AAAAAACATTCTCACCTGTC",0,0,"chrX:g.41587148_41587149insA",34191,"7tm_1","predicted passenger",null,"FALSE",75,"FALSE",0,"FALSE"]
["G13385","NOX1","missense","X",100105204,"C","T","p.A357T",0.2712,118,32,"unknown","NA",0,"NA",0,22.2,"het",0,"TTCTGTCCAGTCCCCTGCTG","TCGGATATGAATGGAGAAGA",0,0,"chrX:g.100105204C>T",35120,"FAD_binding_8","predicted passenger",null,"FALSE",102,"FALSE",1,"FALSE"]
["G13387","IDS","missense","X",148571914,"G","T","p.R313S",0.232,125,29,"unknown","NA",0,"NA",0,12.9,"het",0,"GTCCAAAGCACTCAAGAGGC","GCCGACCTGTGTATCCAAAT",0,0,"chrX:g.148571914G>T",37879,"Sulfatase","predicted passenger",null,"FALSE",187,"FALSE",0,"FALSE"]
["G13386","HCFC1","missense","X",153222828,"C","T","p.G764S",0.5,16,8,"unknown","NA",0,"NA",0,27.1,"het",6e-05,"TTTGATGATGGTGGTCGTGC","GGGCTTGGTGGTACTGGGGG",0,0,"chrX:g.153222828C>T",36939,null,"predicted driver: tier 1","Act","FALSE",34,"FALSE",3,"TRUE"]
["G13385","PTGER3","missense",1,71512675,"C","T","p.V196M",0.1061,66,7,"unknown","NA",0,"NA",0,33,"het",0.04224,"CTGGACGGTGTACTGGCCCA","GCCCAGCACCGGCAGCAGGG",0,0,"chr1:g.71512675C>T",34235,"7tm_1","predicted passenger",null,"FALSE",95,"FALSE",1,"FALSE"]
["G13384","KIAA0907","frameshift",1,155887380,"CTGGGGCT","GGCG","p.Q450A",0.2073,82,17,"unknown","NA",0,"NA",0,35,"het",0.0003,"GGCTGACTTGGGAGTGGGGG","GGGGCTGGGGCTGGGGGCCA",0,0,"chr1:g.155887380_155887383delinsGGCG",33274,null,"predicted passenger",null,"FALSE",53,"FALSE",0,"FALSE"]
["G13387","HMCN1","missense",1,186158749,"A","C","p.Q5549H",0.1333,60,8,"unknown","NA",0,"NA",0,23,"het",9.1E-4,"TTTGGAATAGCCACCAATCA","GATTTAATCCGGCTGGTTGC",0,0,"chr1:g.186158749A>C",37010,null,"predicted passenger","LoF","FALSE",79,"FALSE",1,"FALSE"]
["G13384","EHBP1","missense",2,63221066,"C","T","p.A1049V",0.096,125,12,"unknown","NA",0,"NA",0,18.97,"het",1E-4,"AGGAAATGAGGAGAAGGCAG","GATAACTGAAACTCAGAGGA",0,0,"chr2:g.63221066C>T",33331,null,"predicted passenger",null,"FALSE",163,"FALSE",0,"FALSE"]
["G13384","PECR",".",2,216931106,"A","G",".",0.1567,217,34,"unknown","NA",0,"NA",0,23.2,"het",0,"GATACAGATATATCTCCATT","CCTCCTCCTCATTCCGGATG",0,0,"chr2:g.216931106A>G",33363,null,"predicted passenger",null,"FALSE",182,"TRUE",1,"FALSE"]
["G13387","DLEC1","missense",3,38150002,"C","T","p.T1042I",0.1048,105,11,"unknown","NA",0,"NA",0,23.1,"het",0.00359,"GTTGGAGTTGACTGCTCATA","CCAGGTGAGTAAGGCAATGT",0,0,"chr3:g.38150002C>T",37108,null,"predicted passenger","LoF","FALSE",111,"FALSE",0,"FALSE"]
["G13384","QARS","nonsense",3,49141898,"G","A","p.Q42*",0.12,125,15,"unknown","NA",0,"NA",0,36,"het",0.00057,"AATGGTGGAACCCAGGGTCT","CTGAGCCTGAGGTCAGAGGG",0,0,"chr3:g.49141898G>A",33404,"tRNA_synt_1c_R1","predicted passenger",null,"FALSE",89,"TRUE",1,"FALSE"]
["G13384","SLITRK3","missense",3,164908616,"C","A",".",0.1,20,2,"unknown","NA",0,"NA",0,13.61,"het",0.31933,"ATCTCAGCTATGGAAGGTTT","ATCGTTCGTGGTTGATTACA",0,0,"chr3:g.164908616C>A",33439,null,"predicted passenger",null,"FALSE",15,"TRUE",1,"FALSE"]
["G13384","FAM43A","missense",3,194407947,"C","T","p.P131L",0.168,125,21,"unknown","NA",0,"NA",0,33,"het",1e-05,"GGAGCGCGCGCTGCGCCGCC","GGGCCACCTCTACCTGCTGC",0,0,"chr3:g.194407947C>T",33449,"PID_2","predicted passenger",null,"FALSE",90,"FALSE",3,"FALSE"]
["G13387","GABRA2","missense",4,46252347,"G","T","p.P445H",0.1259,135,17,"unknown","NA",0,"NA",0,25.5,"het",0.00013,"AAGGACTGACCCCTAATACA","GTTCTCTGTTTAAATATGTA",0,0,"chr4:g.46252347G>T",37180,null,"predicted passenger",null,"FALSE",145,"FALSE",1,"FALSE"]
["G13384","FGB","missense",4,155487663,"G","T","p.C110F",0.1526,249,38,"unknown","NA",0,"NA",0,31,"het",0,"GGTGTTGTGTCCTACAGGAT","TCAGTTGCAAGAGGCTTTGC",0,0,"chr4:g.155487663G>T",33487,"Fib_alpha","predicted passenger",null,"FALSE",225,"FALSE",2,"FALSE"]
["G13384","PRDM9","missense",5,23522967,"G","T","p.E285D",0.1759,216,38,"unknown","NA",0,"NA",0,18.33,"het",0,"CGAATTACAGAAGACGAAGA","GCAGCCAACAATGGATACTC",0,0,"chr5:g.23522967G>T",33504,null,"predicted passenger",null,"FALSE",216,"FALSE",1,"FALSE"]
["G13386","PROB1","missense",5,138730275,"G","A","p.R166C",0.0666666666666667,32,2,"unknown","NA",0,"NA",0,34,"het",0.0009,"CTCTAGGTAGGTGGCCCAGC","GGAGCCACCATCGGGGACCT",0,0,"chr5:g.138730275G>A",33526,null,"predicted passenger",null,"FALSE",67,"FALSE",2,"FALSE"]
["G13383","NSD1","missense",5,176638966,"T","C","p.V1189A",0.0857,35,3,"unknown","NA",0,"NA",0,0.043,"het",0.00223,"CTCTGAGTGTGCCTTTAGGG","CTTACTTCCTAGTGACCCTG",0,1,"chr5:g.176638966T>C",33546,null,"predicted passenger","Act","FALSE",34,"FALSE",0,"FALSE"]
["G13384","TDRD6","missense",6,46657862,"C","T","p.A666V",0.1529,170,26,"unknown","NA",0,"NA",0,27.9,"het",0,"AATTGCCCAAGCTGGATATG","CAAGTATCAGGAATTTGAAA",0,0,"chr6:g.46657862C>T",33567,null,"predicted passenger",null,"FALSE",149,"FALSE",0,"FALSE"]
["G13384","PMS2","missense",7,6038848,"C","T","p.R199H",0.0703,256,18,"unknown","NA",0,"NA",0,35,"het",6e-05,"GCTGATTGGTGCAACTTACA","GGATGCCTGCTGAAATGATA",0,1,"chr7:g.6038848C>T",33598,null,"predicted driver: tier 1","LoF","FALSE",198,"TRUE",3,"TRUE"]
["G13383","NKX2-6","missense",8,23560441,"C","A","p.Q143H",0.0719,167,12,"unknown","NA",0,"NA",0,27.2,"het",1e-05,"CGCCGCTCCAGGGCCAGCAC","TGCGCCTGCGAAAAGAGCAC",0,0,"chr8:g.23560441C>A",33643,"Homeobox","predicted passenger",null,"FALSE",172,"FALSE",2,"FALSE"]
["G13384","RGS22","missense",8,100975197,"A","G","p.C1209R",0.1724,116,20,"unknown","NA",0,"NA",0,24.5,"het",0.00278,"TTCTATATACTTTGAGTAGC","CCAGGTTGGCTAAAAAAAGC",0,0,"chr8:g.100975197A>G",33665,null,"predicted passenger",null,"FALSE",55,"FALSE",1,"FALSE"]
["G13385","SPATA31A1","missense",9,39888419,"C","T","p.A469V",0.2667,15,4,"unknown","NA",0,"NA",0,13.55,"het",0.04981,"GTCCCCACTGCTTTTCCAGG","CCAGCCCCCGTCCCATCTGG",0,0,"chr9:g.39888419C>T",34633,"FAM75","predicted passenger",null,"FALSE",15,"FALSE",0,"FALSE"]
["G13383","SUSD1","nonsense",9,114905859,"G","A","p.R140*",0.037037037037037,140,5,"unknown","NA",0,"NA",0,38,"het",0,"CCCATGAGTGTTCACGCATC","CCCTCCATGCCTGCACAGGC",0,0,"chr9:g.114905859G>A",33704,"EGF_CA","predicted passenger",null,"FALSE",127,"TRUE",1,"FALSE"]
["G13387","NEBL","frameshift",10,21177055,"CA","C","p.F113Lfs*30",0.0127960275019099,238,3,"unknown","NA",0,"NA",0,32,"het",0,"GAGCTGTGTAACTTCTCCTG","AAAACACTGTCAATTGTGGC",0,0,"chr10:g.21177056_21177056del",33728,null,"predicted passenger",null,"FALSE",263,"FALSE",0,"FALSE"]
["G13386","PSMD13","frameshift",11,247414,"GT","G","p.L182Wfs*23",0.03125,66,2,"unknown","NA",0,"NA",0,35,"het",0,"TACTACAAAGATGCTCTGCG","TTTTGGGCTGTGTTGACATC",0,0,"chr11:g.247415_247415del",33755,null,"predicted passenger",null,"FALSE",126,"FALSE",0,"FALSE"]
["G13383","PDE3B","missense",11,14880716,"G","A","p.R883H",0.00843881856540084,241,2,"unknown","NA",0,"NA",0,34,"het",0,"TGTGGAATTCAAGCGCTTTC","TTTTTTAGTCATTGAAGCAA",0,0,"chr11:g.14880716G>A",33769,"PDEase_I","predicted passenger",null,"FALSE",231,"FALSE",3,"FALSE"]
["G13384","VPS51","missense",11,64875830,"C","A","p.P296Q",0.1141,298,34,"unknown","NA",0,"NA",0,11.66,"het",0,"CGAGCTGGGGCCCTCACCTC","GGCTCCCGACGTGTTAGAGT",0,0,"chr11:g.64875830C>A",33783,null,"predicted passenger",null,"FALSE",250,"FALSE",0,"FALSE"]
["G13385","KRT7","missense",12,52635269,"T","C","p.L236P",0.1667,36,6,"unknown","NA",0,"NA",0,27.6,"het",0.01144,"CCTACAGGAGTTGACAGAGC","GCAGTCCCAGATCTCCGACA",0,0,"chr12:g.52635269T>C",34764,"Filament","predicted passenger",null,"FALSE",42,"FALSE",2,"FALSE"]
["G13386","KRT7","missense",12,52635269,"T","C","p.L236P",0.1429,28,4,"unknown","NA",0,"NA",0,27.6,"het",0.03024,"CCTACAGGAGTTGACAGAGC","GCAGTCCCAGATCTCCGACA",0,0,"chr12:g.52635269T>C",36243,"Filament","predicted passenger",null,"FALSE",42,"FALSE",2,"FALSE"]
["G13384","DNAH10","missense",12,124417992,"T","A","p.S4353T",0.186,86,16,"unknown","NA",0,"NA",0,27.9,"het",3e-05,"ACGGCTGGCCACTGGACCGC","CCACCTTGTTCACACAAGTG",0,0,"chr12:g.124417992T>A",33850,"Dynein_heavy","predicted passenger",null,"FALSE",108,"FALSE",0,"FALSE"]
["G13384","MRPS31","frameshift",13,41303544,"C","CT","p.D385Gfs*7",0.1802,111,20,"unknown","NA",0,"NA",0,34,"het",1e-05,"TTACTTTCTTTTAGAATATC","TTTTTTTCATTAAAATAATT",0,0,"chr13:g.41303544_41303545insT",33862,"MRP-S31","predicted passenger",null,"FALSE",84,"FALSE",0,"FALSE"]
["G13384","SUPT16H","missense",14,21829240,"C","A","p.K642N",0.1643,140,23,"unknown","NA",0,"NA",0,28.7,"het",5e-05,"CCTGTGTTCAGGCTCACCTC","TTCTCTTTCTCTTCAGCTTC",0,0,"chr14:g.21829240C>A",33880,"SPT16","predicted passenger",null,"FALSE",96,"FALSE",1,"FALSE"]
["G13384","EXOC3L4","missense",14,103571154,"C","T","p.A455V",0.1667,48,8,"unknown","NA",0,"NA",0,25.3,"het",7.11E-3,"CCTGCGAATCTGCACGCGGG","GCTCGGCCTCTTCGTGCCCA",0,0,"chr14:g.103571154C>T",33905,"Sec6","predicted passenger",null,"FALSE",42,"FALSE",0,"FALSE"]
["G13385","RGMA","frameshift",15,93595648,"C","CG","p.E82Rfs*23",0.0769,78,6,"unknown","NA",0,"NA",0,26.1,"het",0.03125,"GCGCAAGGCTGCACAGAACT","GGGGGTGTCGTCTGAGGCTG",0,0,"chr15:g.93595648_93595649insG",34868,"RGM_N","predicted passenger",null,"FALSE",82,"FALSE",0,"FALSE"]
["G13383","NARFL","missense",16,780616,"C","A","p.R411M",0.208791208791209,110,19,"unknown","NA",0,"NA",0,1.352,"het",0.00023,"GGAGGAGCTCTCTGCTGGGC","TGTCTGGGGCCTGGAGCTGG",0,0,"chr16:g.780616C>A",33945,null,"predicted passenger",null,"FALSE",99,"FALSE",0,"FALSE"]
["G13383","CTF1","frameshift",16,30913713,"GC","G","p.A156Pfs*30",0.0714,70,5,"unknown","NA",0,"NA",0,22.9,"het",0,"AACCGCGGGCCCCGGGCCGA","CCCCCGCCGCCACCGCCTCA",0,0,"chr16:g.30913714_30913714del",33966,null,"predicted passenger",null,"FALSE",98,"FALSE",0,"FALSE"]
["G13384","CLEC18B","missense",16,74446766,"T","C","p.N230S",0.1164,189,22,"unknown","NA",0,"NA",0,23,"het",0,"GGCAGCTCATGCGACAAGGA","TCCTGGGGACCTCTGGTCAG",0,0,"chr16:g.74446766T>C",33979,null,"predicted passenger",null,"FALSE",174,"FALSE",1,"FALSE"]
["G13383","NEURL4","missense",17,7221666,"C","T","p.V1292M",0.164179104477612,157,22,"unknown","NA",0,"NA",0,22.5,"het",0,"AGCCCCTGGCTCAGGGTTCA","GATTGTCACCTGCAGGGGAG",0,0,"chr17:g.7221666C>T",33996,null,"predicted passenger",null,"FALSE",152,"FALSE",0,"FALSE"]
["G13385","MRC2","frameshift",17,60757227,"AG","A","p.G756Vfs*10",0.0588,102,6,"unknown","NA",0,"NA",0,32,"het",1e-05,"CTGAACCGTCGGGATCCCAG","GGGGTCAGAGTTGGCGCTGG",0,0,"chr17:g.60757228_60757228del",34025,"Lectin_C","predicted passenger",null,"FALSE",120,"FALSE",0,"FALSE"]
["G13385","KCTD1","missense",18,24126900,"C","T","p.R534H",0.1935,31,6,"unknown","NA",0,"NA",0,15.97,"het",0.01634,"ACACAGACTCGTACAGGGCG","GCTTGGGCGCAGCCTCGGAT",0,0,"chr18:g.24126900C>T",34975,null,"predicted passenger",null,"FALSE",29,"FALSE",0,"FALSE"]
["G13384","KIAA0355","missense",19,34821122,"C","T","p.A378V",0.0809,136,11,"unknown","NA",0,"NA",0,23.1,"het",1.47E-3,"GTTACAGCTGATGAAGGAGG","AGGCTGCTATAATGGAATCA",0,0,"chr19:g.34821122C>T",34089,null,"predicted passenger",null,"FALSE",113,"FALSE",1,"FALSE"]
["G13386","SLC17A7","missense",19,49935863,"C","T","p.V355M",0.1389,72,10,"unknown","NA",0,"NA",0,26.6,"het",1e-05,"GATCTGGCCGCCGATGGGCA","GATGATGGTCATGACCAGGT",0,0,"chr19:g.49935863C>T",36768,"MFS_1","predicted passenger",null,"FALSE",174,"FALSE",3,"FALSE"]
["G13384","ZNF417","missense",19,58421417,"A","G","p.S77P",0.15,20,3,"unknown","NA",0,"NA",0,15.12,"het",0.25362,"CCTAGGAGTCCTGCTCTGAG","CTCTCTTTGTACAGAAATTC",0,0,"chr19:g.58421417A>G",34126,null,"predicted passenger",null,"FALSE",12,"FALSE",0,"FALSE"]
["G13386","PRPF6","missense",20,62659857,"G","A","p.R789H",0.0222222222222222,92,2,"unknown","NA",0,"NA",0,35,"het",0.00253,"GTCCGTGCGGCTGGAGTACC","TGCGGGGCTGAAGAACATCG",0,0,"chr20:g.62659857G>A",34157,null,"predicted passenger",null,"FALSE",141,"FALSE",1,"FALSE"]
["G13383","BCOR","frameshift","X",39933574,"CG","C","p.R342Efs*36",0.0732,82,6,"unknown","NA",0,"NA",0,24.4,"het",0,"GCTGGGTGGGAAGGTGGACT","GGGTGACGGCCGAGGCGAGG",0,1,"chrX:g.39933575_39933575del",34190,null,"predicted driver: tier 1","LoF","FALSE",72,"FALSE",0,"TRUE"]
["G13387","GPR89A","frameshift",1,145811419,"GA","G","p.S113Pfs*6",0.03125,33,1,"unknown","NA",0,"NA",0,29.3,"het",0.17576,"AGGTCAGCCATAAGAGACAG","AAAAAGCAGTCGTTGTTTAT",0,0,"chr1:g.145811420_145811420del",34245,null,"predicted passenger",null,"FALSE",27,"FALSE",0,"FALSE"]
["G13385","IWS1","frameshift",2,128262355,"A","AT","p.M375Nfs*4",0.1348,178,24,"unknown","NA",0,"NA",0,24.6,"het",0,"TTTCATCTTCATCACTGTCC","TTTTTTGCTTTTTGTGTTCT",0,0,"chr2:g.128262355_128262356insT",34312,null,"predicted passenger","LoF","FALSE",174,"FALSE",0,"FALSE"]
["G13385","PBRM1","missense",3,52643785,"A","G","p.M704T",0.0577,104,6,"unknown","NA",0,"NA",0,23,"het",0.04448,"TTCGAATTTTTTCCATGTCC","TGGGCTTTTTAATAGTCAGA",0,1,"chr3:g.52643785A>G",34373,"Bromodomain","predicted passenger","LoF","FALSE",70,"FALSE",1,"FALSE"]
["G13385","ARHGAP24","missense",4,86491753,"C","T","p.A20V",0.1053,190,20,"unknown","NA",0,"NA",0,18.37,"het",0,"AGGCCAAGGGCGGCAGAATG","CATCAAGTGTGGGTGGCTGA",0,0,"chr4:g.86491753C>T",34424,null,"predicted passenger",null,"FALSE",218,"FALSE",0,"FALSE"]
["G13385","SEC24A","missense",5,134002627,"T","C","p.L227P",0.129,62,8,"unknown","NA",0,"NA",0,0.348,"het",0.0089,"AGTGAGGGCCCTCACGCCCC","GACATCATCATATAGAGATG",0,0,"chr5:g.134002627T>C",34476,null,"predicted passenger",null,"FALSE",48,"FALSE",0,"FALSE"]
["G13385","KCND2","missense",7,120387797,"T","A","p.V593E",0.1408,277,39,"unknown","NA",0,"NA",0,23.7,"het",0,"AAACTGTGAACAACCTTATG","GACTACAGCAATAATAAGCA",0,0,"chr7:g.120387797T>A",34565,null,"predicted passenger",null,"FALSE",292,"FALSE",1,"FALSE"]
["G13385","OXR1","missense",8,107719256,"C","T","p.R504C",0.112,357,40,"unknown","NA",0,"NA",0,32,"het",0,"AGACAGAGGCAGAAGAGCTA","GCAAACTTTGGAAAACCCAT",0,0,"chr8:g.107719256C>T",34604,null,"predicted passenger",null,"FALSE",294,"FALSE",3,"FALSE"]
["G13385","WNK2","missense",9,95947375,"C","T","p.P55L",0.1446,83,12,"unknown","NA",0,"NA",0,23.5,"het",0.00159,"GTCGGACCAGGAGGAGCCGC","GGGCTTGGAGGCAGCCGAGG",0,1,"chr9:g.95947375C>T",34641,null,"predicted passenger","LoF","FALSE",67,"FALSE",1,"FALSE"]
["G13385","FAM160A2","frameshift",11,6239866,"TG","T","p.S467Afs*38",0.123,122,15,"unknown","NA",0,"NA",0,28.9,"het",3e-05,"ATGCTCTGGACGAGGTGGGC","GGGGCGTGGTGCCGACAACA",0,0,"chr11:g.6239867_6239867del",34701,null,"predicted passenger",null,"FALSE",146,"FALSE",0,"FALSE"]
["G13385","NLRX1","missense",11,119044518,"G","A","p.R187Q",0.115,200,23,"unknown","NA",0,"NA",0,6.258,"het",0,"TCTGGACTGGTGTTATGGGC","GCTGCCGGCCTTCGAGCTGC",0,0,"chr11:g.119044518G>A",34739,"NACHT","predicted passenger",null,"FALSE",191,"FALSE",0,"FALSE"]
["G13385","DGKH","missense",13,42783143,"A","G","p.I884V",0.1218,156,19,"unknown","NA",0,"NA",0,0.603,"het",0,"AGATCCTGGAAGTTGTAGCA","TATTTGATAGCATGCAAATG",0,0,"chr13:g.42783143A>G",34796,"DAGK_acc","predicted passenger",null,"FALSE",163,"FALSE",0,"FALSE"]
["G13385","SNAPC5","missense",15,66786838,"A","G","p.L78P",0.1382,123,17,"unknown","NA",0,"NA",0,26.8,"het",1e-05,"TCACATGACTCTTTGTGCTC","GCTCCAGGGTTGTTTGGTTG",0,0,"chr15:g.66786838A>G",34852,"SNAPc19","predicted passenger",null,"FALSE",146,"FALSE",3,"FALSE"]
["G13385","TSC2","missense",16,2133786,"G","A","p.G1325D",0.1429,112,16,"unknown","NA",0,"NA",0,1.272,"het",0.00021,"GGACGTTGAGGCAGCGCTAG","CATGGACAGGCGCACGGATG",0,1,"chr16:g.2133786G>A",34874,null,"predicted passenger","LoF","FALSE",89,"FALSE",0,"FALSE"]
["G13384","ADAMTS18","frameshift",16,77356309,"G","GC","p.A696Gfs*18",9.77198697068404E-3,310,3,"unknown","NA",0,"NA",0,35,"het",0,"CTTTCACTTTGCCGGACATT","CAAAAAAAAATTCAAAGTTC",0,0,"chr16:g.77356309_77356310insC",34903,null,"predicted passenger","LoF","FALSE",312,"FALSE",0,"FALSE"]
["G13385","KLHL10","missense",17,40003655,"T","C","p.V482A",0.0549,164,9,"unknown","NA",0,"NA",0,26.5,"het",0.00359,"GATTGCTTATGGAGAACATG","ATATGCGGTAAGTTTATCTA",0,0,"chr17:g.40003655T>C",34935,"Kelch_1","predicted passenger",null,"FALSE",165,"FALSE",0,"FALSE"]
["G13385","ABCA9","missense",17,66989225,"T","A","p.I1186F",0.0984,122,12,"unknown","NA",0,"NA",0,4.09,"het",6.6E-4,"ATCCATGGAATCAGGAGAAA","CTGTAAAATGAGCAGTAAGT",0,0,"chr17:g.66989225T>A",34956,"ABC2_membrane_3","predicted passenger",null,"FALSE",114,"FALSE",0,"FALSE"]
["G13385","TIMM50","missense",19,39978788,"G","A","p.V365I",0.1429,154,22,"unknown","NA",0,"NA",0,1.885,"het",0,"GCCTGCAGCCCTATAACGGC","TTGCCCTGCGGCCCTGGGAC",0,0,"chr19:g.39978788G>A",35025,"NIF","predicted passenger",null,"FALSE",131,"FALSE",0,"FALSE"]
["G13385","ZNF865","missense",19,56125624,"C","T","p.R214W",0.1062,113,12,"unknown","NA",0,"NA",0,26.4,"het",0.00152,"AGGACGACAAGGGCTACTTC","GGAGACTGAAGTACCTGATG",0,0,"chr19:g.56125624C>T",35052,null,"predicted passenger",null,"FALSE",107,"FALSE",0,"FALSE"]
["G13385","PARVB","missense",22,44489882,"G","C","p.E96Q",0.0682,88,6,"unknown","NA",0,"NA",0,23.1,"het",0.04863,"CCCTGGTGGATGTTCACCCT","AAGACACCCAGCTTGGTACG",0,0,"chr22:g.44489882G>C",35108,null,"predicted passenger",null,"FALSE",64,"FALSE",1,"FALSE"]
["G13386","MFN2","missense",1,12058911,"C","A","p.N228K",0.0588,68,4,"unknown","NA",0,"NA",0,29.6,"het",0.01034,"GTGTTTGTGCTGGTGGCCAA","TCAGAGTCCACCCTGATGCA",0,0,"chr1:g.12058911C>A",35145,"Dynamin_N","predicted passenger",null,"FALSE",155,"FALSE",1,"FALSE"]
["G13386","SZT2","missense",1,43891163,"C","A","p.D888E",0.1,40,4,"unknown","NA",0,"NA",0,23.5,"het",0.02638,"AGCTTCTCGACAGATGATGA","AATGATGTGGAAGTGGAGGC",0,0,"chr1:g.43891163C>A",35177,null,"predicted passenger",null,"FALSE",63,"FALSE",1,"FALSE"]
["G13386","BCL10","missense",1,85736520,"C","A","p.A43S",0.0571,70,4,"unknown","NA",0,"NA",0,12.83,"het",2.81E-3,"TCTACTGAGTATTTTTTTTG","ACGTAGATGATCAAAATGTC",0,1,"chr1:g.85736520C>A",35199,null,"predicted passenger","ambiguous","FALSE",250,"FALSE",0,"FALSE"]
["G13386","LRIG2","missense",1,113662005,"A","G","p.E944G",0.0606,66,4,"unknown","NA",0,"NA",0,21.1,"het",0.01114,"CATGGTCCAAATGCCTAAAG","GACATATTTAGTACATCCTC",0,0,"chr1:g.113662005A>G",35221,null,"predicted passenger",null,"FALSE",174,"FALSE",0,"FALSE"]
["G13386","HIPK1","missense",1,114483200,"C","A","p.F65L",0.0541,74,4,"unknown","NA",0,"NA",0,14.63,"het",0.01815,"TCTCACCAGGTAGCAAATTT","AACATCCCTGCTTACGACCA",0,0,"chr1:g.114483200C>A",35222,null,"predicted passenger",null,"FALSE",136,"FALSE",0,"FALSE"]
["G13386","AIM2","missense",1,159033425,"C","A","p.D286Y",0.0556,72,4,"unknown","NA",0,"NA",0,23.8,"het",0.02178,"TTCCATTTTCCCAGTGTTGT","ACTTAGGTCAAATAATATGT",0,0,"chr1:g.159033425C>A",35253,"HIN","predicted passenger","LoF","FALSE",132,"TRUE",2,"FALSE"]
["G13386","SHCBP1L","missense",1,182909644,"C","A","p.R197L",0.0741,54,4,"unknown","NA",0,"NA",0,21.6,"het",0.00304,"CAGAAACAGTAACTTTGAAA","GAGATGATGAGTCTTGGTAT",0,0,"chr1:g.182909644C>A",35274,null,"predicted passenger",null,"FALSE",182,"FALSE",0,"FALSE"]
["G13383","TFB2M","missense",1,246707844,"G","A","p.A333V",0.0828,157,13,"unknown","NA",0,"NA",0,16.77,"het",0.00042,"GTAAGTGGTCTATTACAGTG","CGCTGCGCCTCCCAAAACAG",0,0,"chr1:g.246707844G>A",35313,"RrnaAD","predicted passenger",null,"FALSE",138,"FALSE",0,"FALSE"]
["G13386","THADA","missense",2,43712460,"C","A","p.R1250L",0.1,40,4,"unknown","NA",0,"NA",0,35,"het",5.47E-3,"AGAGAAGTGTGGATGAATTT","GCACCTAATGTACAAACGAA",0,0,"chr2:g.43712460C>A",35339,null,"predicted passenger",null,"FALSE",115,"FALSE",3,"FALSE"]
["G13385","TCF7L1","frameshift",2,85533347,"GA","G","p.K338Rfs*9",0.0170940170940171,119,2,"unknown","NA",0,"NA",0,29,"het",0.03933,"AGGAAATCACCAGTCACCGT","AAAAGGAGGAGGAAAAGAAG",0,0,"chr2:g.85533348_85533348del",35357,null,"predicted passenger",null,"FALSE",96,"FALSE",0,"FALSE"]
["G13386","CLASP1","missense",2,122204946,"C","A","p.A627S",0.0667,60,4,"unknown","NA",0,"NA",0,14.84,"het",0.04668,"TGACCCTGGAGGCAAAGCTG","TGCAGAGCTGAAAGGCGTCG",0,0,"chr2:g.122204946C>A",35375,null,"predicted passenger",null,"FALSE",140,"FALSE",0,"FALSE"]
["G13386","FASTKD1","missense",2,170403030,"T","A","p.M467L",0.0667,60,4,"unknown","NA",0,"NA",0,2E-3,"het",6.96E-3,"AGTCATATTATCCAAATACA","GTGATCATGCTGAATCCATC",0,0,"chr2:g.170403030T>A",35393,null,"predicted passenger",null,"FALSE",146,"FALSE",0,"FALSE"]
["G13386","ABI2","missense",2,204244959,"C","A","p.A105E",0.1,40,4,"unknown","NA",0,"NA",0,32,"het",0.04055,"TATTCATAAAGAGAAAGTTG","AAGAAGAGAAATTGGTATTT",0,0,"chr2:g.204244959C>A",35418,"Abi_HHR","predicted passenger","LoF","FALSE",87,"FALSE",3,"FALSE"]
["G13386","CCDC140","missense",2,223168700,"C","A","p.Q27K",0.0741,54,4,"unknown","NA",0,"NA",0,0.237,"het",0.01618,"GGGATCACGGGAACCAGAGG","AAGAGGCTGCGAATGAGTCC",0,0,"chr2:g.223168700C>A",35437,null,"predicted passenger",null,"FALSE",189,"FALSE",0,"FALSE"]
["G13386","SLC4A7","missense",3,27478002,"C","A","p.D147Y",0.1053,38,4,"unknown","NA",0,"NA",0,31,"het",0.01544,"ATAAGGTTTACTCCATCGGT","ACCGCCATCTTCAACATCCT",0,0,"chr3:g.27478002C>A",35467,"Band_3_cyto","predicted passenger",null,"FALSE",81,"FALSE",3,"FALSE"]
["G13386","CCDC13","frameshift",3,42787467,"GAA","G","p.S258Afs*22",0.0541,74,4,"unknown","NA",0,"NA",0,25.5,"het",0.0272,"GACCCCTCCAGGTCCCTGGC","GATAGGAGCTGCTGAACGTT",0,0,"chr3:g.42787468_42787469del",35480,null,"predicted passenger",null,"FALSE",130,"FALSE",0,"FALSE"]
["G13386","CISH","frameshift",3,50645137,"CAGGT","C","p.H242Rfs*110",0.0606,66,4,"unknown","NA",0,"NA",0,35,"het",0.03756,"CGGTTGATGACAAGGCGGCA","GTTGCAGGCTGCGGGCACTG",0,0,"chr3:g.50645138_50645141del",35502,"SOCS_box","predicted passenger",null,"FALSE",112,"FALSE",0,"FALSE"]
["G13384","SHOX2","frameshift",3,157823583,"A","ACCTCCTCCGCCTCCTTCCGCCGCCTCCTCCTCCGCCG","p.V78Gfs*52",0.00483091787439614,208,1,"unknown","NA",0,"NA",0,28.4,"het",0,"CCTGCTCCTCCTCCTCCTAC","CCTCCTCCGCCTCCTCCGCC",0,0,"chr3:g.157823583_157823584insCCTCCTCCGCCTCCTTCCGCCGCCTCCTCCTCCGCCG",35552,null,"predicted passenger",null,"FALSE",174,"FALSE",0,"FALSE"]
["G13386","ATP11B","missense",3,182538160,"C","A","p.S47Y",0.087,46,4,"unknown","NA",0,"NA",0,32,"het",0.01393,"AGATAACAGGATCATTTCAT","TAAGGTAAGAATTAAAATTT",0,0,"chr3:g.182538160C>A",35560,null,"predicted passenger",null,"FALSE",94,"FALSE",1,"FALSE"]
["G13387","GABRG1","missense",4,46053542,"C","A","p.V344F",0.0102,197,2,"unknown","NA",0,"NA",0,33,"het",0.03571,"TTCCATCAAGGCTGCAAAAA","AAAAATGAAACAAACAGAAA",0,0,"chr4:g.46053542C>A",35588,"Neur_chan_memb","predicted passenger",null,"FALSE",263,"FALSE",2,"FALSE"]
["G13386","NEUROG2","missense",4,113436081,"G","A","p.A184V",0.0769,52,4,"unknown","NA",0,"NA",0,21.6,"het",0.00787,"ACACTGCCTCGGAGAAGAGC","CCCCCGGCAGGCCCCCGCCG",0,0,"chr4:g.113436081G>A",35621,null,"predicted passenger",null,"FALSE",145,"FALSE",0,"FALSE"]
["G13386","FGA","missense",4,155505503,"C","A","p.A792S",0.087,46,4,"unknown","NA",0,"NA",0,7.945,"het",0.01482,"GTTCTCTTCCCACTGGTCTG","ATCCCTGTCAAAGGTGCTGA",0,0,"chr4:g.155505503C>A",35633,"Fibrinogen_C","predicted passenger",null,"FALSE",92,"FALSE",0,"FALSE"]
["G13386","MARVELD2","missense",5,68715981,"C","A","p.L257I",0.0714,56,4,"unknown","NA",0,"NA",0,27,"het",0.00831,"GCCCTAAGACCCCTTTTGTA","TCGTGGTTGCTGGATTAGCT",0,0,"chr5:g.68715981C>A",35666,"MARVEL","predicted passenger",null,"FALSE",139,"FALSE",3,"FALSE"]
["G13386","MATR3","frameshift",5,138643805,"C","CT","p.G237Wfs*2",0.0606,66,4,"unknown","NA",0,"NA",0,28,"het",0.00582,"AGAAAGGTGTAGGGATGATT","TTTTTTTGGTGAGACCTCGC",0,0,"chr5:g.138643805_138643806insT",35691,null,"predicted passenger",null,"FALSE",190,"FALSE",0,"FALSE"]
["G13386","PCDHGA8","missense",5,140772850,"C","A","p.A157D",0.0769,52,4,"unknown","NA",0,"NA",0,28.6,"het",0.00176,"ACGTTATCCACTCCCAGAAG","TGTTGACCCGGATGTGGGCG",0,0,"chr5:g.140772850C>A",35708,"Cadherin","predicted passenger",null,"FALSE",210,"FALSE",3,"FALSE"]
["G13386","PGBD1","missense",6,28269996,"C","A","p.P789T",0.1622,37,6,"unknown","NA",0,"NA",0,2.725,"het",1.09E-3,"ACCCAGGTGCTTCTCTAGAC","CCTTGGATTTTCGGAGATTT",0,0,"chr6:g.28269996C>A",35744,null,"predicted passenger",null,"FALSE",88,"FALSE",0,"FALSE"]
["G13386","C6orf132","frameshift",6,42074442,"AG","A","p.L403Sfs*114",0.1429,28,4,"unknown","NA",0,"NA",0,22.8,"het",0.07563,"GTGGGGGTGCTGGGGGAGGG","GGGGGGTGCAGGAGGGGGCA",0,0,"chr6:g.42074443_42074443del",35762,null,"predicted passenger",null,"FALSE",30,"FALSE",0,"FALSE"]
["G13386","GABRR2","missense",6,89967546,"C","A","p.S439I",0.0526,76,4,"unknown","NA",0,"NA",0,16.02,"het",0.00292,"TGGCAGCGTTGGCTTCACCA","TCAGGCCCAGGTGGACCACT",0,0,"chr6:g.89967546C>A",35785,null,"predicted passenger",null,"FALSE",287,"FALSE",0,"FALSE"]
["G13386","GRM1","missense",6,146625878,"C","A","p.T361N",0.1613,124,20,"unknown","NA",0,"NA",0,16.06,"het",0,"CCTGAAACTGAGGCTGGACA","TAACACGAGGAATCCCTGGT",0,0,"chr6:g.146625878C>A",35807,"ANF_receptor","predicted passenger",null,"FALSE",387,"FALSE",1,"FALSE"]
["G13386","PGAM2","missense",7,44105088,"C","A","p.S14I",0.0698,86,6,"unknown","NA",0,"NA",0,32,"het",1.06E-3,"GGTTCTCCTGGTTCCATGTG","TCTCGCCGTGCCGGACCATC",0,0,"chr7:g.44105088C>A",35840,"His_Phos_1","predicted passenger",null,"FALSE",189,"FALSE",3,"FALSE"]
["G13384","ABCB1","missense",7,87196171,"C","A","p.A154S",0.00561797752808989,358,2,"unknown","NA",0,"NA",0,9.665,"het",1.4E-3,"TATCTCCTGTCGCATTATAG","ATGAAAAAACTGTTTTCTAA",0,0,"chr7:g.87196171C>A",35857,"ABC_membrane","predicted passenger","Act","FALSE",318,"FALSE",1,"FALSE"]
["G13383","C7orf66","missense",7,108524288,"C","A","p.A42S",0.0244,123,3,"unknown","NA",0,"NA",0,21.5,"het",0.00394,"AAGGCATGACATTTGTGGTG","AGAAAGAATGAGTACAGCCT",0,0,"chr7:g.108524288C>A",35879,null,"predicted passenger",null,"FALSE",139,"FALSE",0,"FALSE"]
["G13387","PTPRN2","missense",7,157475625,"C","A","p.S598I",0.0217,92,2,"unknown","NA",0,"NA",0,24.7,"het",0.00687,"GAGGCAGGAACTTGAGTTTG","TTTTCTGCAGAACAAGGAGA",0,0,"chr7:g.157475625C>A",35902,null,"predicted passenger",null,"FALSE",118,"FALSE",0,"FALSE"]
["G13385","ZNF703","missense",8,37553555,"A","G","p.S20G",0.0869565217391304,200,16,"unknown","NA",0,"NA",0,15.4,"het",5.8E-4,"CCGAAAGCAGCGGCAGCGGC","GCGGCGGCGGCGGGAAGAGG",0,0,"chr8:g.37553555A>G",35918,null,"predicted passenger",null,"FALSE",131,"FALSE",0,"FALSE"]
["G13386","FABP9","missense",8,82370656,"T","C","p.N121D",0.1795,78,14,"unknown","NA",0,"NA",0,15.35,"het",0,"TCTGGTGCTGACAATATTAT","CATTTTACATTCCTAAAAGC",0,0,"chr8:g.82370656T>C",35936,"Lipocalin","predicted passenger",null,"FALSE",215,"TRUE",0,"FALSE"]
["G13386","ZC3H3","missense",8,144557598,"C","A","p.D625Y",0.0833,48,4,"unknown","NA",0,"NA",0,24.4,"het",0.02008,"GAGGGGCCTGCTGCCCGCAT","ACTGGGCTGGCCGGAGGTCT",0,0,"chr8:g.144557598C>A",35965,null,"predicted passenger",null,"FALSE",96,"FALSE",2,"FALSE"]
["G13386","IFNA14","missense",9,21239768,"C","A","p.R56I",0.0571,70,4,"unknown","NA",0,"NA",0,23.8,"het",0.00341,"GGGGAAATTCAAAGTCATGT","TGTCCTTCAGGCAGGAGAAA",0,0,"chr9:g.21239768C>A",35989,"Interferon","predicted passenger",null,"FALSE",235,"FALSE",1,"FALSE"]
["G13386","CDK5RAP2","missense",9,123202188,"C","A","p.D1071Y",0.0526,76,4,"unknown","NA",0,"NA",0,24.2,"het",0.01539,"TGAAGTTGGGCTCAGAACAT","TTCAGGATTTTCTTTGCATG",0,0,"chr9:g.123202188C>A",36017,null,"predicted passenger",null,"FALSE",140,"FALSE",2,"FALSE"]
["G13386","POMT1",".",9,134381499,"AG","TT",".",0.0741,54,4,"unknown","NA",0,"NA",0,24.9,"het",0.0047,"GGGTTGTTGTTTTTTTTTCT","TTTTGACGAAGTATATTATG",0,0,"chr9:g.134381499_134381500delinsTT",36027,null,"predicted passenger",null,"FALSE",172,"FALSE",0,"FALSE"]
["G13387","DDX50","frameshift",10,70673881,"C","CA","p.Y340Ifs*7",0.00423728813559322,237,1,"unknown","NA",0,"NA",0,32,"het",0,"ACAGTGGGTATACAAAGTTG","AAAAAAATACATGAAATCCA",0,0,"chr10:g.70673881_70673882insA",36075,null,"predicted passenger",null,"FALSE",215,"TRUE",0,"FALSE"]
["G13386","C10orf88","missense",10,124697300,"C","A","p.V342F",0.0571,70,4,"unknown","NA",0,"NA",0,28.9,"het",0.01164,"TCCCACATGGAGATGATTAA","TTGACTACATAAATTCTGGA",0,0,"chr10:g.124697300C>A",36107,null,"predicted passenger",null,"FALSE",154,"FALSE",0,"FALSE"]
["G13386","HPS5","missense",11,18332442,"C","A","p.R108L",0.0588,68,4,"unknown","NA",0,"NA",0,34,"het",0.00812,"TTTGTTCCGGTTTCCCACGA","GCTCTTGATTTAATTCCCAA",0,0,"chr11:g.18332442C>A",36131,null,"predicted passenger",null,"FALSE",172,"FALSE",1,"FALSE"]
["G13386","LRRC4C","missense",11,40137141,"G","C","p.I234M",0.0645,62,4,"unknown","NA",0,"NA",0,22.7,"het",0.00458,"CCCTGGAAAGAGCCAGGCCT","ATGGCAGATAAATGATTCCC",0,0,"chr11:g.40137141G>C",36138,"LRR_1","predicted passenger",null,"FALSE",208,"FALSE",0,"FALSE"]
["G13386","MARK2","missense",11,63668431,"C","A","p.L331M",0.0769,52,4,"unknown","NA",0,"NA",0,24,"het",0.02459,"GTATGTCCCCCTGTGCAGAG","TGATGGTGTCCATGGGTTAT",0,0,"chr11:g.63668431C>A",36154,null,"predicted passenger","ambiguous","FALSE",89,"FALSE",0,"FALSE"]
["G13386","SERPINH1","missense",11,75283053,"C","A","p.D394E",0.0571,70,4,"unknown","NA",0,"NA",0,25.5,"het",0.0121,"TTCATCTTCCTAGTGCGGGA","ACCCAAAGCGGCTCCCTGCT",0,0,"chr11:g.75283053C>A",36184,"Serpin","predicted passenger",null,"FALSE",157,"FALSE",1,"FALSE"]
["G13385","CD163L1",".",12,7559127,"C","A",".",0.0147058823529412,138,2,"unknown","NA",0,"NA",0,24.3,"het",0.00043,"TCATGTGGATGTAAGTCTTA","CTGAGCAGATCACAGACACA",0,0,"chr12:g.7559127C>A",36219,null,"predicted passenger",null,"FALSE",136,"TRUE",1,"FALSE"]
["G13386","PPFIBP1","missense",12,27832867,"C","A","p.L596I",0.1111,36,4,"unknown","NA",0,"NA",0,24.2,"het",0.01141,"TGTGTGTTGTCTTCTTTAGA","TTAGGAGAAGTCAATCAACT",0,1,"chr12:g.27832867C>A",36230,null,"predicted passenger",null,"FALSE",79,"FALSE",2,"TRUE"]
["G13386","SRGAP1","missense",12,64521912,"T","A","p.S938T",0.15,40,6,"unknown","NA",0,"NA",0,13.87,"het",0.00136,"ACAGCCCTCCCATTAGAAGG","CCACGTCATCAGGGCAATAC",0,0,"chr12:g.64521912T>A",36253,null,"predicted passenger","Act","FALSE",83,"FALSE",0,"FALSE"]
["G13386","ACACB","missense",12,109577382,"C","A","p.P58T",0.1,40,4,"unknown","NA",0,"NA",0,1.425,"het",0.00463,"CTGATAACTCAGGGGAGACA","CGCAGAGAAATGGGGAGGGC",0,0,"chr12:g.109577382C>A",36273,null,"predicted passenger",null,"FALSE",120,"FALSE",0,"FALSE"]
["G13383","SGCG","frameshift",13,23808745,"AACAGGC","A",".",0.0518514263572351,149,7.14285714285714,"unknown","NA",0,"NA",0,25.4,"het",0.01914,"ATTGTCTCTTTTTTTTTTTT","AGGAATGGGCCACTTGTGTG",0,0,"chr13:g.23808746_23808751del",36303,null,"predicted passenger",null,"FALSE",106,"FALSE",0,"FALSE"]
["G13386","LNX2","missense",13,28155623,"C","A","p.C73F",0.0714,56,4,"unknown","NA",0,"NA",0,31,"het",0.01234,"CTTGTAAAAAGTTTCTGAGG","ACTTGTAGCAGAATGTATGT",0,0,"chr13:g.28155623C>A",36310,"zf-C3HC4","predicted passenger",null,"FALSE",109,"FALSE",3,"FALSE"]
["G13386","MBNL2","missense",13,97999314,"C","A","p.T266K",0.1579,38,6,"unknown","NA",0,"NA",0,19.81,"het",0.00246,"GGCAGCCGCGGCCGCGGCCA","AGTCATGGTAAGTGCGGCCG",0,0,"chr13:g.97999314C>A",36329,null,"predicted passenger",null,"FALSE",61,"FALSE",1,"FALSE"]
["G13386","RNF31","nonsense",14,24617866,"C","T","p.Q171*",0.0571,70,4,"unknown","NA",0,"NA",0,35,"het",0.01899,"TGCAGAATACTCATCCAAGA","AGCAGGCACTGGAGCAGCTG",0,0,"chr14:g.24617866C>T",36345,null,"predicted passenger",null,"FALSE",131,"TRUE",1,"FALSE"]
["G13386","ZBTB1","nonsense",14,64989338,"C","A","p.Y372*",0.0682,88,6,"unknown","NA",0,"NA",0,36,"het",0.0132,"GAAGAGCCATTTTATAGATA","TATGTTGAAGAAGATGTCAG",0,0,"chr14:g.64989338C>A",36370,null,"predicted passenger",null,"FALSE",150,"TRUE",1,"FALSE"]
["G13385","OCA2","missense",15,28326869,"C","A","p.C51F",0.00749063670411985,269,2,"unknown","NA",0,"NA",0,2E-3,"het",6.13E-3,"GCCCGGCAGCCCCCCTGGGG","AGGAGTGCGAGGGGTCAGCT",0,0,"chr15:g.28326869C>A",36400,null,"predicted passenger",null,"FALSE",216,"FALSE",0,"FALSE"]
["G13387","EXD1","missense",15,41476292,"C","A","p.C461F",0.0214,140,3,"unknown","NA",0,"NA",0,20.7,"het",0.01088,"TTGAAACAGCCTGTTTTGTG","ATTTTAAATCTTCCTTGTTT",0,0,"chr15:g.41476292C>A",36413,null,"predicted passenger",null,"FALSE",147,"FALSE",0,"FALSE"]
["G13386","RPP25","missense",15,75248762,"C","A","p.A55S",0.0556,72,4,"unknown","NA",0,"NA",0,20.2,"het",0.02678,"GGCTGGCTGCGCCATGCTGG","GGTGGCGAAGGCCATCAGGT",0,0,"chr15:g.75248762C>A",36444,"Alba","predicted passenger",null,"FALSE",194,"FALSE",0,"FALSE"]
["G13386","SRRM2","frameshift",16,2816167,"AC","A","p.L1882*fs*1",0.1633,98,16,"unknown","NA",0,"NA",0,33,"het",0,"ACCGGCGATCCAGGTCCAGA","CCCCCTGATAAGCCGACGTA",0,0,"chr16:g.2816168_2816168del",36472,null,"predicted passenger",null,"FALSE",289,"FALSE",0,"FALSE"]
["G13386","ZKSCAN2","missense",16,25258197,"C","A","p.E440D",0.0714,56,4,"unknown","NA",0,"NA",0,10.83,"het",0.04471,"AGTCTGGGGACAGGTATCAT","TCCTTTGGTTTATCAGTGGA",0,0,"chr16:g.25258197C>A",36495,null,"predicted passenger",null,"FALSE",64,"FALSE",0,"FALSE"]
["G13386","ADAMTS18","missense",16,77465452,"C","A","p.D79Y",0.0714,56,4,"unknown","NA",0,"NA",0,26.3,"het",0.00476,"CCTGCCGTTGTGCAAAATGT","GTGTGAAATATATGACCCGG",0,0,"chr16:g.77465452C>A",36533,"Pep_M12B_propep","predicted passenger","LoF","FALSE",157,"FALSE",0,"FALSE"]
["G13386","RCVRN","missense",17,9808370,"C","T","p.R43H",0.0645,62,4,"unknown","NA",0,"NA",0,23.9,"het",0.00375,"GGAACTGCTGCTGGGTGATG","GGCCGGTGGGACAGTCCTTC",0,0,"chr17:g.9808370C>T",36559,"EF-hand_8","predicted passenger",null,"FALSE",227,"FALSE",0,"FALSE"]
["G13386","FBXO47","missense",17,37094958,"C","A","p.D371Y",0.1053,38,4,"unknown","NA",0,"NA",0,26.8,"het",0.01068,"CATCATTTTAACTGTCCAAT","CATGCAGTACAGTTCTTTCT",0,0,"chr17:g.37094958C>A",36582,null,"predicted passenger",null,"FALSE",89,"FALSE",0,"FALSE"]
["G13384","SEPT4","missense",17,56597813,"G","T","p.Q471K",0.0153846153846154,198,3,"unknown","NA",0,"NA",0,24.2,"het",0.01397,"GTTCTCCTTCATCTGTTTTT","TATTTTGTGTAGCATCTCCT",0,0,"chr17:g.56597813G>T",36607,null,"predicted passenger","LoF","FALSE",171,"FALSE",1,"FALSE"]
["G13386","BAIAP2","missense",17,79073761,"C","A","p.L175M",0.0667,60,4,"unknown","NA",0,"NA",0,22.4,"het",0.01638,"TCAGCAACAAGCAGGGCGAG","TGGAGAATTACGTGTCCGAC",0,0,"chr17:g.79073761C>A",36634,"IMD","predicted passenger",null,"FALSE",127,"FALSE",2,"FALSE"]
["G13386","PIK3C3","missense",18,39617781,"C","A","p.D655E",0.0909,44,4,"unknown","NA",0,"NA",0,25.4,"het",0.00491,"CAAATCATTTCACTCATGGA","AAGGTGAACATGACCTTATG",0,0,"chr18:g.39617781C>A",36655,"PI3_PI4_kinase","predicted passenger",null,"FALSE",120,"FALSE",1,"FALSE"]
["G13385","PQLC1",".",18,77664185,"T","C",".",0.0100502512562814,201,2,"unknown","NA",0,"NA",0,23.1,"het",0.00796,"CATGAGCACCATCTTGATGC","GTGGAGACACAAGCAGGCGG",0,0,"chr18:g.77664185T>C",36674,null,"predicted passenger",null,"FALSE",184,"TRUE",1,"FALSE"]
["G13383","CACNA1A",".",19,13319569,"C","A",".",0.0294117647058824,70,2,"unknown","NA",0,"NA",0,25.4,"het",0.03024,"GTCACTTGCAGCCGCACCCA","CTGCCGGTGCGCCATGTGCT",0,1,"chr19:g.13319569C>A",36708,null,"predicted passenger",null,"FALSE",48,"TRUE",1,"TRUE"]
["G13386","ZNF85","nonsense",19,21132804,"C","A","p.S495*",0.0741,54,4,"unknown","NA",0,"NA",0,34,"het",0.00765,"CAAAGGTTTTAAATGGCCCT","AACCCTTACTATCCATAAGA",0,0,"chr19:g.21132804C>A",36724,null,"predicted passenger",null,"FALSE",135,"TRUE",1,"FALSE"]
["G13385","SHKBP1","missense",19,41083334,"A","G","p.D58G",0.00790513833992095,255,2,"unknown","NA",0,"NA",0,29.4,"het",0.00898,"ACGCATCTCGACGCTGAAAG","TGAGACCGGAGCAGTGAGTC",0,0,"chr19:g.41083334A>G",36748,"BTB_2","predicted passenger",null,"FALSE",211,"TRUE",2,"FALSE"]
["G13386","ZNF180","missense",19,44981000,"C","A","p.M566I",0.069,58,4,"unknown","NA",0,"NA",0,23.5,"het",0.02151,"CCAGTGTGAATTCTCTGATG","ATAACAAGGTGAGAACTGCG",0,0,"chr19:g.44981000C>A",36755,"zf-H2C2_2","predicted passenger",null,"FALSE",91,"FALSE",0,"FALSE"]
["G13384","ZNF587","missense",19,58370673,"G","T","p.C298F",0.0233,86,2,"unknown","NA",0,"NA",0,24.1,"het",0.03615,"TGGACAGACAGCTTATCCCT","TGAGGAGTGCGGGAAATCTT",0,0,"chr19:g.58370673G>T",36798,"zf-H2C2_2","predicted passenger",null,"FALSE",43,"FALSE",2,"FALSE"]
["G13387","MYLK2","missense",20,30421570,"C","A","p.S587R",0.0116,172,2,"unknown","NA",0,"NA",0,29.8,"het",0.02126,"CGCTTCAAGAAGATCAGCAG","TCGGGGGCACTGATGGCTCT",0,0,"chr20:g.30421570C>A",36821,null,"predicted passenger",null,"FALSE",248,"FALSE",0,"FALSE"]
["G13386","NRIP1","missense",21,16339733,"C","A","p.V261F",0.0571,70,4,"unknown","NA",0,"NA",0,27.8,"het",0.00914,"TGCTAACTGGCTACAAGCAA","ACTAGGTTTAGGTGAGGTGG",0,0,"chr21:g.16339733C>A",36852,null,"predicted passenger",null,"FALSE",158,"FALSE",3,"FALSE"]
["G13386","SON","missense",21,34922572,"C","G","p.D345E",0.0769,52,4,"unknown","NA",0,"NA",0,0.229,"het",0.01336,"TTGCCAGAGCAGCCTGTAGA","GTACCATCGGAGATTGCAGA",0,0,"chr21:g.34922572C>G",36860,null,"predicted passenger",null,"FALSE",99,"FALSE",1,"FALSE"]
["G13386","PLXNB2","missense",22,50721586,"C","A","p.Q903H",0.1333,30,4,"unknown","NA",0,"NA",0,13.18,"het",0.00939,"CCGCCCGCCTGCGGTCCCTG","TGCGGCTCCACACTGAGAGG",0,1,"chr22:g.50721586C>A",36891,"TIG","predicted passenger","Act","FALSE",81,"FALSE",0,"FALSE"]
["G13386","CDK16","missense","X",47086492,"C","A","p.A486E",0.1,40,4,"unknown","NA",0,"NA",0,25.4,"het",0.02067,"CGAGGCCCTTTTGAGCCACG","ACCCCGGTGAGGCTGGTGGG",0,0,"chrX:g.47086492C>A",36911,"Pkinase","predicted passenger",null,"FALSE",73,"FALSE",1,"FALSE"]
["G13386","KIAA2022","missense","X",73962823,"C","A","p.W523C",0.1176,34,4,"unknown","NA",0,"NA",0,27.8,"het",0.00899,"TTTCTTCTCTTTTTGGGACA","CATTCATCATCATCTTCCTC",0,0,"chrX:g.73962823C>A",36921,null,"predicted passenger",null,"FALSE",73,"FALSE",3,"FALSE"]
["G13387","DENND4B","missense",1,153915359,"C","A","p.G189C",0.1176,17,2,"unknown","NA",0,"NA",0,27.7,"het",0.25758,"CTTGGCCCCACTCACCATGC","AGGGTTGAGGTTGCGGGGCA",0,0,"chr1:g.153915359C>A",36995,null,"predicted passenger",null,"FALSE",17,"FALSE",2,"FALSE"]
["G13385","COL7A1","frameshift",3,48612870,"CGG","C","p.P2027Rfs*71",0.0227,88,2,"unknown","NA",0,"NA",0,35,"het",3.5E-4,"CCCGGCAAGGCCGGAAGGCC","GGGGGCCCCTCTCCCCAAGG",0,0,"chr3:g.48612871_48612872del",37120,"Collagen","predicted passenger",null,"FALSE",57,"FALSE",0,"FALSE"]
["G13383","NSD2","frameshift",4,1902899,"TA","T","p.K174Nfs*45",0.0704,142,10,"unknown","NA",0,"NA",0,17.01,"het",0.00018,"AAGGAACAGGAAGAGGAGCA","AAATATGACTCCTTGCTGGA",0,0,"chr4:g.1902900_1902900del",37169,null,"predicted passenger","Act","FALSE",113,"FALSE",0,"FALSE"]
["G13387","PLPP1","missense",5,54830433,"A","G","p.Y9H",0.0706,170,12,"unknown","NA",0,"NA",0,16.83,"het",0.00053,"GAGCACATCGAGGGCCACGT","CGGCAGCCGCGTCTTGTCAA",0,0,"chr5:g.54830433A>G",37227,null,"predicted passenger","LoF","FALSE",187,"FALSE",0,"FALSE"]
["G13385","CACNA2D1",".",7,81765994,"T","TA",".",0.0206185567010309,99,2,"unknown","NA",0,"NA",0,11.02,"het",0.02271,"AGTAGACAACTTCATTGCTC","ACAAAAAAAAAAGAACGCTT",0,0,"chr7:g.81765994_81765995insA",37334,null,"predicted passenger",null,"FALSE",108,"FALSE",0,"FALSE"]
["G13386","CACNA2D1",".",7,81765994,"T","TA",".",0.111111111111111,60,6,"unknown","NA",0,"NA",0,11.02,"het",0.02271,"AGTAGACAACTTCATTGCTC","ACAAAAAAAAAAGAACGCTT",0,0,"chr7:g.81765994_81765995insA",37334,null,"predicted passenger",null,"FALSE",108,"FALSE",0,"FALSE"]
["G13387","C12orf42","missense",12,103696130,"A","T","p.M280K",0.0691,188,13,"unknown","NA",0,"NA",0,25.8,"het",2e-05,"TGGGGAGCATCTCCGGCGCC","TGGCAACCGCGCCTTTTCCG",0,0,"chr12:g.103696130A>T",37530,"DUF4607","predicted passenger",null,"FALSE",285,"FALSE",1,"FALSE"]
["G13387","FICD","missense",12,108910998,"C","A","p.S83R",0.1111,18,2,"unknown","NA",0,"NA",0,12.34,"het",0.15455,"AGCCCGTCCACGGAGCTCAG","ATCACCTCCAGGGGCGCGAC",0,0,"chr12:g.108910998C>A",37531,null,"predicted passenger",null,"FALSE",27,"FALSE",1,"FALSE"]
["G13387","MYO9A","missense",15,72192086,"G","T","p.Q1138K",0.0841,107,9,"unknown","NA",0,"NA",0,2.031,"het",0.02832,"AAGGATAATTTTTTTCCTTT","TTCTTGGTACCTTTTACTTT",0,0,"chr15:g.72192086G>T",37618,null,"predicted passenger",null,"FALSE",117,"FALSE",0,"FALSE"]
["G13386","KRTAP4-7","missense",17,39240534,"C","T","p.R26C",0.0588235294117647,72,4,"unknown","NA",0,"NA",0,11.01,"het",0,"TCTGTCAGGAGACCTGCTGC","GCCCCAGCTGCTGTCAGACC",0,0,"chr17:g.39240534C>T",37693,null,"predicted passenger",null,"FALSE",154,"FALSE",0,"FALSE"]
["G13387","ZNF329","missense",19,58639471,"C","A","p.S467I",0.1111,18,2,"unknown","NA",0,"NA",0,28.4,"het",0.1777,"GGTGCTTGGTCAGACAGGAG","TGTCCCTGAAGGCTTTGCCA",0,0,"chr19:g.58639471C>A",37810,null,"predicted passenger",null,"FALSE",25,"FALSE",0,"FALSE"]
["G13378","LMOD2","missense",7,123303069,"C","A","p.Q477K",0.0738,122,9,"known","COSM5438011",1,"MU41751872",1,7.863,"het",0.15048,"AACGGGCATTACAAAATGGA","AAAAAAAGAAAAAAGGGAAA",0,0,"chr7:g.123303069C>A",11468,null,"predicted passenger",null,"FALSE",136,"FALSE",1,"FALSE"]
["G13378","CASS4","missense",20,55012236,"C","A","p.A18E",0.0645,31,2,"known","COSM6093861",1,"NA",0,34,"het",0.23065,"ACAGGCACTCCTGGCCAGGG","ACTTTATGACAACTGCCCTG",1,0,"chr20:g.55012236C>A",11803,"SH3_9","predicted passenger",null,"FALSE",33,"FALSE",3,"FALSE"]
["G13379","GIPC1","frameshift",19,14593639,"A","AG","p.P51Sfs*132",0.0571,70,4,"known","COSM4614317",2,"MU43837932",1,29,"het",0.17435,"CGGGGCCGCAGGGCTGGGGG","GGGGGGGGCAAGCCCATTTG",0,0,"chr19:g.14593639_14593640insG",12422,null,"predicted passenger",null,"FALSE",74,"TRUE",0,"FALSE"]
["G13381","NCKIPSD",".",3,48720447,"T","TG",".",0.03125,132,4,"known","COSM297313",4,"NA",0,2.891,"het",0.09618,"GGACATCCTGCTCCAGGCCC","GGGGGGGGCAGGGGACAGCA",0,1,"chr3:g.48720447_48720448insG",4322,null,"predicted passenger","Act","FALSE",122,"FALSE",0,"FALSE"]
["G13380","MICAL3","missense",22,18301857,"C","A","p.E1190D",0.0667,30,2,"known","COSM1031894",1,"MU1925032",1,0.337,"het",0.34118,"AGGCGCTCCTCAGGTGATTT","TCCTGGGTGGCGGCAGGGAC",0,0,"chr22:g.18301857C>A",13118,null,"predicted passenger",null,"FALSE",21,"FALSE",0,"FALSE"]
["G13379","SMPD1","frameshift",11,6412853,"G","GC","p.K189Qfs*4",0.0948275862068965,254,22,"known","COSM5839150",2,"NA",0,22.6,"het",0.17558,"TTGCCTACTGTGCCGAAGCC","CCCCCCAAACCCCCTAGCCC",0,0,"chr11:g.6412853_6412854insC",294,null,"predicted passenger",null,"FALSE",238,"TRUE",0,"FALSE"]
["G13381","LRRC71","missense",1,156893860,"T","C","p.S94P",0.0230769230769231,134,3,"unknown","NA",0,"NA",0,4.697,"het",0.00324,"CCCACCCGCCCTTCGTCCCC","CCGCCTCTTTGTCGGAAAAG",0,0,"chr1:g.156893860T>C",31900,null,"predicted passenger",null,"FALSE",146,"FALSE",0,"FALSE"]
["G13378","EMX2","frameshift",10,119303008,"A","AC","p.P79Afs*62",0.0537,149,8,"unknown","NA",0,"NA",0,32,"het",0.00272,"GTTCGCCGAGGCGGTCTCGC","CCCGCCCAACCCCGCCGTGC",0,0,"chr10:g.119303008_119303009insC",31929,null,"predicted passenger",null,"FALSE",160,"TRUE",0,"FALSE"]
["G13380","ASXL3","frameshift",18,31325890,"TCCACCCTTGGCTTTG","CC","p.P2026P",0.3364,107,36,"unknown","NA",0,"NA",0,34,"het",0,"CCACCGCCTCCCCCTCCCCC","CCCCCGCCTCCCCCCCCACC",0,0,"chr18:g.31325890_31325891delinsCC",31953,null,"predicted passenger",null,"FALSE",112,"FALSE",0,"FALSE"]
["G13381","CAMK1G","missense",1,209785553,"C","A","p.N444K",0.0294117647058824,70,2,"unknown","NA",0,"NA",0,23,"het",0.04839,"ACACTCCTCAAAAAGGCCAA","AAAAAACAGTACGTATTTTT",0,0,"chr1:g.209785553C>A",31976,null,"predicted passenger",null,"FALSE",69,"FALSE",0,"FALSE"]
["G13378","WIPF3","frameshift",7,29874363,"CACCTCCTCTG","C","p.P9Lfs*20",0.220870982442771,52,9.3,"unknown","NA",0,"NA",0,34,"het",0.00026,"GCCAGTGCCACCGCCACCCC","CCTCCACCTCCCCCGCCTCT",0,0,"chr7:g.29874364_29874373del",32007,null,"predicted passenger",null,"FALSE",57,"FALSE",0,"FALSE"]
["G13381","FRMD4A","frameshift",10,13699152,"CG","C","p.A813Rfs*84",0.0416666666666667,75,3,"unknown","NA",0,"NA",0,20.9,"het",0.02027,"ACCGCCCCCCGCGCCCCCCG","CCCCCCGCACCCCCGCGCGC",0,0,"chr10:g.13699153_13699153del",32020,null,"predicted passenger",null,"FALSE",107,"FALSE",0,"FALSE"]
["G13379","NEDD4L","missense",18,55992228,"C","A","p.H172N",0.0667,45,3,"unknown","NA",0,"NA",0,18.18,"het",0.04576,"CCTTTAACTTTATTCCGCAG","ATGGATGGGAAGTTGTTGAC",0,0,"chr18:g.55992228C>A",32061,null,"predicted passenger","Act","FALSE",79,"FALSE",1,"FALSE"]
["G13380","GNPAT","frameshift",1,231408126,"AAC","A","p.L533Kfs*4",0.1219,320,39,"unknown","NA",0,"NA",0,32,"het",0,"AGTTCATCTTCCTTCCAGGA","ACACTAAAGGTAAAGTGCTT",0,0,"chr1:g.231408127_231408128del",32081,null,"predicted passenger",null,"FALSE",294,"TRUE",0,"FALSE"]
["G13380","ICE1","missense",5,5464626,"G","T","p.V1727L",0.113,177,20,"unknown","NA",0,"NA",0,32,"het",1e-05,"CGCCGAAGCACGCACTTCCT","TGCCTGGCCGACTCCCACCC",0,0,"chr5:g.5464626G>T",32108,null,"predicted passenger",null,"FALSE",198,"FALSE",2,"FALSE"]
["G13380","USP2","missense",11,119230905,"G","A","p.L272F",0.1543,162,25,"unknown","NA",0,"NA",0,29.1,"het",0,"AAAACTCACCGTGTTCCCAA","GTTTCGAAGACCAGCCAGAC",0,0,"chr11:g.119230905G>A",32129,"UCH","predicted passenger",null,"FALSE",180,"FALSE",2,"FALSE"]
["G13380","IKZF3","missense",17,37949003,"C","T","p.G116E",0.1493,221,33,"unknown","NA",0,"NA",0,29.4,"het",0,"ACACATCGCAGTTCATCTTT","CACTGGTTGGCCTGCTACTA",0,0,"chr17:g.37949003C>T",32146,null,"predicted driver: tier 1","ambiguous","FALSE",230,"FALSE",3,"TRUE"]
["G13380","SLC12A5","missense",20,44669236,"C","A","p.F302L",0.0506,79,4,"unknown","NA",0,"NA",0,19.47,"het",0.03323,"GGGGTCATCAAGTCTGCCTT","GACCCACCCAACTTCCCGTG",0,0,"chr20:g.44669236C>A",32162,null,"predicted passenger",null,"FALSE",105,"FALSE",1,"FALSE"]
["G13381","RNGTT","frameshift",6,89638986,"CCT","AA",".",0.1538,52,8,"unknown","NA",0,"NA",0,27.7,"het",0.00372,"CACCAACAAGCCCATTTTAA","AAAAAAAAAAAAAAATGAAA",0,0,"chr6:g.89638986_89638987delinsAA",32214,null,"predicted passenger",null,"FALSE",53,"FALSE",0,"FALSE"]
["G13381","SHF","missense",15,45465776,"C","A","p.S264I",0.125,16,2,"unknown","NA",0,"NA",0,22.9,"het",0.09412,"AAGCCCCCCAGGACCCACCG","TGCTGTCCTCCAGGCTGGGC",0,0,"chr15:g.45465776C>A",32256,null,"predicted passenger",null,"FALSE",35,"FALSE",1,"FALSE"]
["G13380","NCOA6",".",20,33334733,"CT","A",".",0.139285714285714,36,4,"unknown","NA",0,"NA",0,24.4,"het",0.16194,"CTGGGCGAGTATCTGGGGTG","AAAAAAAAAAAAAAAAAAAA",0,0,"chr20:g.33334733_33334734delinsA",32284,null,"predicted passenger",null,"FALSE",27,"FALSE",0,"FALSE"]
["G09205","TRMT10C","frameshift",3,101284008,"C","CA","p.Y132Ifs*15",0.0421,95,4,"known","COSM5076720",2,"NA",0,28.7,"het",0.03646,"GGAATGTGTTTCTAACACAG","AAAAAAAAAATATTTAAAAT",0,0,"chr3:g.101284008_101284009insA",1671,null,"predicted passenger",null,"FALSE",94,"TRUE",0,"FALSE"]
["G09202","MYNN","missense",3,169492342,"C","A","p.L87I",0.0417,48,2,"known","COSM729188",1,"MU1312029",1,29.1,"het",0.15211,"TATACACAGGAACTTTAAAT","TTGACAGGTAAAGTACACAT",0,0,"chr3:g.169492342C>A",3377,"BTB","predicted passenger",null,"FALSE",43,"TRUE",0,"FALSE"]
["G09201","PRRC2A","frameshift",6,31597456,"A","AC","p.P699Afs*22",0.0952,21,2,"known","COSM4718137",3,"NA",0,28.7,"het",0.13636,"GTGCCAGCTCCACAGGCTCC","CCCCCGCCCCCCAAGGCCCT",0,0,"chr6:g.31597456_31597457insC",3430,null,"predicted passenger",null,"FALSE",38,"TRUE",0,"TRUE"]
["G09206","PIP","missense",7,142832342,"G","A","p.E51K",0.2021,94,19,"known","COSM205440",2,"NA",0,24.4,"het",0,"AGTCAGTACGTCCAAATGAC","AAGTCACTGCAGTGCTTGCA",0,0,"chr7:g.142832342G>A",5792,"SVA","predicted passenger",null,"FALSE",136,"FALSE",0,"FALSE"]
["G09205","KRT1","missense",12,53069243,"T","C","p.S557G",3,163,3,"known","NA",0,"MU85147",4,0.655,"het",0,"ACCTCCGGAGCCGTAGCTGC","ACCTCCGGAGCCATAGCTGC",0,0,"chr12:g.53069243T>C",3545,null,"predicted passenger",null,"FALSE",138,"FALSE",0,"FALSE"]
["G09204","GALC",".",14,88454869,"T","TA",".",0.0432,139,6,"known","COSM6861023",1,"NA",0,0.09,"het",0.07158,"CTAGAAGTCGGGAGGTTGCC","AAAAAAAAAAGTTTTCAAAA",1,0,"chr14:g.88454869_88454870insA",4998,null,"predicted passenger",null,"FALSE",166,"FALSE",0,"FALSE"]
["G09203","MYH1","missense",17,10399439,"C","T","p.R1666Q",0.2021,94,19,"known","COSM975280",3,"MU1891119",2,22.4,"het",0,"CCTTCAGGTCCTCCTGGCTC","GGAGAGCATCATCCAGGTGG",0,0,"chr17:g.10399439C>T",4580,"Myosin_tail_1","predicted passenger",null,"FALSE",112,"FALSE",0,"FALSE"]
["G09204","GCDH","missense",19,13002951,"C","T","p.S98L",0.2917,144,42,"known","COSM3528909",1,"MU4518788",1,20.9,"het",0,"TTTTCATCGGGAGATCATTT","GGAGATGGGGGAGTTGGGTG",0,0,"chr19:g.13002951C>T",5069,"Acyl-CoA_dh_N","predicted passenger",null,"FALSE",121,"FALSE",1,"FALSE"]
["G09204","PQBP1","frameshift","X",48759667,"CAG","C","p.E154Afs*12",0.027,74,2,"known","COSM1122219",3,"MU147702",3,33,"het",0.13676,"CGTGGCTATGACAAGGTAGA","AGAGAGAGAGCGAGACAGGG",0,0,"chrX:g.48759668_48759669del",3719,null,"predicted passenger",null,"FALSE",52,"TRUE",0,"TRUE"]
["G09206","PQBP1","frameshift","X",48759667,"CAG","C","p.E154Afs*12",0.0218585762064023,94,2,"known","COSM1122219",3,"MU147702",3,33,"het",0.13676,"CGTGGCTATGACAAGGTAGA","AGAGAGAGAGCGAGACAGGG",0,0,"chrX:g.48759668_48759669del",3719,null,"predicted passenger",null,"FALSE",52,"TRUE",0,"TRUE"]
["G09203","ATXN7L2","missense",1,110029637,"C","A","p.H103N",0.0645,31,2,"known","COSM3360204",1,"MU609947",1,26.9,"het",0.28131,"TCCTGGTGACAGAAAGAAGA","ATGGGCCCCTCAGCAAGCTT",0,0,"chr1:g.110029637C>A",4238,null,"predicted passenger",null,"FALSE",28,"FALSE",0,"FALSE"]
["G09203","ZNF676","missense",19,22363413,"C","T","p.G369E",0.1524,105,16,"known","NA",0,"MU165767",1,1E-3,"het",0.00128,"TACTAAAGGCTTTGCCACAT","CTTCACATTTGTAGGGTTTC",1,0,"chr19:g.22363413C>T",4615,"zf-H2C2_2","predicted passenger",null,"FALSE",135,"FALSE",0,"FALSE"]
["G09201","SYCP2","frameshift",20,58467046,"A","AT","p.M788Nfs*23",0.0196078431372549,52,1,"known","COSM5076672",1,"MU54709277",2,25.9,"het",0.0787,"AAACACATTGAAAGCTCACC","TTTTTTTTTGTTTCGAATCC",0,0,"chr20:g.58467046_58467047insT",4647,null,"predicted passenger",null,"FALSE",75,"TRUE",0,"FALSE"]
["G09204","PIDD1","missense",11,799550,"C","A","p.E830D",0.0645,31,2,"known","COSM3703716",2,"MU855763",1,14.29,"het",0.28131,"AAGAGCATGTGACGGATCTG","TCATCCAGATCATCCCTGCA",0,0,"chr11:g.799550C>A",4919,"Death","predicted passenger",null,"FALSE",28,"FALSE",0,"FALSE"]
["G09205","NRXN3","missense",14,79933599,"C","A","p.L727I",0.0638,47,3,"known","COSM2249465",1,"NA",0,23.4,"het",0.13347,"TCTTTGGGAAAAGTGGTGGG","TTATCCTCTACACCTGGCCA",1,0,"chr14:g.79933599C>A",5453,null,"predicted passenger",null,"FALSE",47,"FALSE",0,"FALSE"]
["G09206","AKNA","missense",9,117103921,"C","T","p.R1320H",0.0571,35,2,"known","COSM3321036",1,"NA",0,23,"het",0.23279,"ACCACAGTCCGGGGGGTGGG","GTGGCGACGACCCCGCCTGC",1,0,"chr9:g.117103921C>T",5832,null,"predicted passenger",null,"FALSE",39,"FALSE",0,"FALSE"]
["G09202","KIAA1324","missense",1,109707183,"G","A","p.E113K",0.3034,89,27,"unknown","NA",0,"NA",0,22,"het",0,"AGTCATGTAAGCCATGCGCT","AGGGCCGCTACTCCCTCGGC",0,0,"chr1:g.109707183G>A",30316,null,"predicted passenger",null,"FALSE",91,"FALSE",0,"FALSE"]
["G09204","TCHHL1","missense",1,152058137,"C","T","p.G674D",0.3,130,39,"unknown","NA",0,"NA",0,3.735,"het",0,"TGAAGTCTTCATCCAGGGCA","CTGTGATCTCTATTTCCAGG",0,0,"chr1:g.152058137C>T",30535,null,"predicted passenger",null,"FALSE",149,"FALSE",0,"FALSE"]
["G09201","GJC2",".",1,228345439,"A","AG",".",0.1739,23,4,"unknown","NA",0,"NA",0,2.01,"het",0.04179,"TGACCCCTACCCCGCCCCAC","GGACCCGCCCGCCCGCCCCT",0,0,"chr1:g.228345439_228345440insG",30210,null,"predicted passenger",null,"FALSE",26,"FALSE",0,"FALSE"]
["G09204","SCN3A","missense",2,165987851,"C","A","p.G823V",0.3472,144,50,"unknown","NA",0,"NA",0,33,"het",0,"TTCCATCAAAGATATTCCAG","CTTCTTGGAAATAGTAATAA",0,0,"chr2:g.165987851C>A",30546,"Ion_trans","predicted passenger",null,"FALSE",171,"FALSE",3,"FALSE"]
["G09205","FN1","missense",2,216253022,"G","T","p.L1419I",0.0782,179,14,"unknown","NA",0,"NA",0,29.2,"het",0.00021,"ATATTCTGTACCAGGCAGGA","ATCTGTAGGGGCAAATGGGG",0,0,"chr2:g.216253022G>T",30638,"fn3","predicted driver: tier 1","LoF","FALSE",175,"TRUE",3,"TRUE"]
["G09201","WFS1","missense",4,6302474,"A","G","p.I318V",0.2126,127,27,"unknown","NA",0,"NA",0,5.894,"het",0,"GCATGCACTGGCTGTCCACC","TCATCCCCACGCACCACATC",0,0,"chr4:g.6302474A>G",30223,null,"predicted passenger",null,"FALSE",163,"FALSE",0,"FALSE"]
["G09202","ZNF300","missense",5,150275211,"G","T","p.F546L",0.2771,83,23,"unknown","NA",0,"NA",0,26.9,"het",0,"GGAAGGTGGGACTTCTGAGA","AAGGCTTTCCCACATTCAGT",0,0,"chr5:g.150275211G>T",30341,"zf-H2C2_2","predicted passenger",null,"FALSE",77,"FALSE",3,"FALSE"]
["G09202","SKIV2L","missense",6,31929075,"C","T","p.P234L",0.2857,42,12,"unknown","NA",0,"NA",0,16.01,"het",0.00022,"GAATGAGGCAGTGGGACAGC","AGGAGGTCCCAGAGGGGACA",0,0,"chr6:g.31929075C>T",30345,null,"predicted passenger",null,"FALSE",39,"FALSE",0,"FALSE"]
["G09201","TFR2","missense",7,100228642,"C","A","p.W380C",0.1053,19,2,"unknown","NA",0,"NA",0,32,"het",0.17273,"GAGCCTAGGAGGCTCCCCTG","CATTCTTGGGGGGCCACAGG",0,0,"chr7:g.100228642C>A",30236,null,"predicted passenger",null,"FALSE",27,"FALSE",1,"FALSE"]
["G09205","HEY1","missense",8,80679306,"C","A","p.D63Y",0.0426,141,6,"unknown","NA",0,"NA",0,33,"het",0.03834,"CAAACTGTTATTGATCCGGT","TCGTCGGCGCTTCTCAATTA",0,1,"chr8:g.80679306C>A",30649,"HLH","predicted passenger","Act","FALSE",116,"FALSE",3,"TRUE"]
["G09205","TRPM6",".",9,77436754,"C","T",".",0.0566,212,12,"unknown","NA",0,"NA",0,26.8,"het",0,"CGGCACGCCTTGTCTTGAGC","TATTCCAGACCACAAACAAT",0,0,"chr9:g.77436754C>T",30241,null,"predicted passenger",null,"FALSE",212,"TRUE",1,"FALSE"]
["G09201","GRIK4","missense",11,120856839,"G","A","p.R914H",0.225,80,18,"unknown","NA",0,"NA",0,29.7,"het",0,"GGAGGCCGCCCTGGTGGCCC","CGGCTGCACGCACATCCGCG",0,0,"chr11:g.120856839G>A",30257,null,"predicted passenger",null,"FALSE",104,"FALSE",0,"FALSE"]
["G09202","PRDM4","missense",12,108150672,"G","A","p.P28S",0.3358,137,46,"unknown","NA",0,"NA",0,19.38,"het",0,"CAGGTGACTTCCTGAGACTG","CAAGGCATTGCTCACAGAGG",0,0,"chr12:g.108150672G>A",30377,null,"predicted passenger","LoF","FALSE",134,"FALSE",0,"FALSE"]
["G09204","SLAIN1","missense",13,78334965,"C","A","p.P309T",0.0833333333333333,26,2,"unknown","NA",0,"NA",0,25.9,"het",0.15061,"TATCATTTTCTCTTCTAGTT","CATCACCGGGACAGCTTCAA",0,0,"chr13:g.78334965C>A",30270,"SLAIN","predicted passenger",null,"FALSE",26,"FALSE",2,"FALSE"]
["G09202","RBM23","missense",14,23378761,"T","A","p.N37I",0.3273,55,18,"unknown","NA",0,"NA",0,11.99,"het",0,"TGCTGGTGCTGCTGGTGGTA","TGCTAGGATAATCCTTTTTA",0,0,"chr14:g.23378761T>A",30382,null,"predicted passenger",null,"FALSE",80,"FALSE",1,"FALSE"]
["G09203","ZNF598","missense",16,2052270,"G","A","p.R278C",0.2092,153,32,"unknown","NA",0,"NA",0,29.2,"het",0,"GTCGATGTGGCGGTTCTGGC","TGCCTCGGCGCGGCTGCGAC",0,0,"chr16:g.2052270G>A",30501,null,"predicted passenger",null,"FALSE",131,"FALSE",3,"FALSE"]
["G09206","SLC13A5","missense",17,6606430,"G","A","p.T192I",0.25,84,21,"unknown","NA",0,"NA",0,0.153,"het",1e-05,"GGTCTTCCTGCTGCCCCAGA","TGGGGCCTTCAAAAATCACT",0,0,"chr17:g.6606430G>A",30747,"Na_sulph_symp","predicted passenger",null,"FALSE",84,"FALSE",0,"FALSE"]
["G09201","SMARCA4","frameshift",19,11145695,"GAGGT","G","p.E1353Gfs*4",0.2125,160,34,"unknown","NA",0,"NA",0,35,"het",0,"GGATCATCAAGGACGACGCG","GGAGCGGCTGACCTGTGAGG",0,1,"chr19:g.11145696_11145699del",30292,"SnAC","predicted driver: tier 1","LoF","FALSE",185,"FALSE",0,"TRUE"]
["G09201","HAUS8","missense",19,17160965,"T","A","p.E317D",0.25,12,3,"unknown","NA",0,"NA",0,14.12,"het",0.12422,"TTGCTTGCCTCTGCGGAGAG","TCCAGCACCTGGGCAAAGCT",0,0,"chr19:g.17160965T>A",30295,null,"predicted passenger",null,"FALSE",11,"FALSE",0,"FALSE"]
["G09204","BICRA","missense",19,48184381,"A","C","p.T652P",0.157894736842105,44,6,"unknown","NA",0,"NA",0,3.783,"het",0.0017,"AGCAGCCCCCGCAGGCCCCC","CCCCACAGGCCGCCGCCCCG",0,0,"chr19:g.48184381A>C",30298,null,"predicted passenger","LoF","FALSE",38,"FALSE",0,"FALSE"]
["G09201","NLRP7","missense",19,55450950,"G","A","p.R413W",0.2979,47,14,"unknown","NA",0,"NA",0,15.29,"het",9e-05,"GGCCAGGAGGCTCAGCGTCC","CAGCGCGCCCCGCAGCTGTG",0,0,"chr19:g.55450950G>A",30303,null,"predicted passenger",null,"FALSE",39,"FALSE",2,"FALSE"]
["G09202","SLC39A8","missense",4,103188829,"C","A","p.D351Y",0.1176,17,2,"unknown","NA",0,"NA",0,33,"het",0.18354,"ATTGAGTAGGATCACAAAGT","TCCTAGAAGAAGAAGAAGAA",0,0,"chr4:g.103188829C>A",30336,"Zip","predicted passenger",null,"FALSE",22,"FALSE",3,"FALSE"]
["G09205","WIPF3","frameshift",7,29874363,"CACCTCCTCTGCCTCCACCTCCCCCGCCTCTGGGGGCTCCT","C","p.P10Lfs*9",0.167406210772317,68,8.78378378378378,"unknown","NA",0,"NA",0,34,"het",0,"GCCAGTGCCACCGCCACCCC","CCCCCTCCCCCACCATCAGC",0,0,"chr7:g.29874364_29874403del",30353,null,"predicted passenger",null,"FALSE",43,"FALSE",0,"FALSE"]
["G09202","IRF2BPL","frameshift",14,77493832,"CGGCGGCGGCGGCGGCCGCCGCTGCTGCCGCCGCCGCCGCCGCTTCCTTAGCCGACAGGGCCACTGTCTTGACCCCGACG","C","p.V76Rfs*50",0.1429,21,3,"unknown","NA",0,"NA",0,28.5,"het",0.06786,"CTGTTGCTGTTGCTGTTGCG","GGCGGCGGCGGCCCGGGGGA",0,0,"chr14:g.77493833_77493911del",30383,null,"predicted passenger",null,"FALSE",26,"TRUE",0,"FALSE"]
["G09205","KRT10","nonsense",17,38975103,"A","AGCTGCCGCCGCCGTTATCCGCCGCCGGAGCT","p.H566Gfs*2",0.0666666666666667,112,7,"unknown","NA",0,"NA",0,23.5,"het",1e-05,"GGACTTGTGGCCTCCGCTGG","GCTGCCGCCGCCGTATCCGC",0,0,"chr17:g.38975103_38975104insGCTGCCGCCGCCGTTATCCGCCGCCGGAGCT",30391,null,"predicted passenger",null,"FALSE",125,"FALSE",0,"FALSE"]
["G09203","TMEM52","missense",1,1849595,"C","A","p.S119I",0.1053,19,2,"unknown","NA",0,"NA",0,27.5,"het",0.14541,"CCAGTGGGTACTGCACGGAG","TGTAGGCTGCAGGGAACCAG",0,0,"chr1:g.1849595C>A",30415,"TMEM52","predicted passenger",null,"FALSE",30,"FALSE",2,"FALSE"]
["G09203","EYS","missense",6,64940493,"C","A","p.C2139F",0.1304,23,3,"unknown","NA",0,"NA",0,33,"het",0.12481,"AAGATTGATTACCTTTTTCA","AGAAGCGGCCAGTGAAATGT",0,0,"chr6:g.64940493C>A",30450,null,"predicted passenger",null,"FALSE",22,"FALSE",1,"FALSE"]
["G09203","GLYATL2",".",11,58604487,"C","A",".",0.08,50,4,"unknown","NA",0,"NA",0,23,"het",0.0414,"AAGCAAAAGGTAAAATCTCA","TTGTTATCATCATCCACTTC",0,0,"chr11:g.58604487C>A",30478,null,"predicted passenger",null,"FALSE",59,"TRUE",0,"FALSE"]
["G09205","PRB4","missense",12,11461507,"G","T","p.P137H",0.0202020202020202,101,2,"unknown","NA",0,"NA",0,1E-3,"het",0.00098,"GTCTTTCTGGCTTTCCTGGA","GAGGTGGGGGACGGTGGGAC",0,0,"chr12:g.11461507G>T",30484,"Pro-rich","predicted passenger",null,"FALSE",81,"FALSE",0,"FALSE"]
["G09203","ABCC3","missense",17,48761013,"C","A","p.P1284T",0.1176,17,2,"unknown","NA",0,"NA",0,25.2,"het",0.15061,"GCCGCCCTCCCGAAGGTTGG","CCCCACGTGGGGAGGTGGAG",0,0,"chr17:g.48761013C>A",30515,null,"predicted passenger",null,"FALSE",28,"FALSE",3,"FALSE"]
["G09204","PSD4","missense",2,113940993,"C","A","p.F320L",0.1176,17,2,"unknown","NA",0,"NA",0,18.9,"het",0.16585,"GGGCATTGTACCCCTCCATT","CCTGTGCCCATCTATAAACC",0,0,"chr2:g.113940993C>A",30544,null,"predicted passenger",null,"FALSE",26,"FALSE",0,"FALSE"]
["G09206","AFF1","frameshift",4,88035714,"G","GC","p.R579Pfs*97",0.0232558139534884,88,2,"unknown","NA",0,"NA",0,25.7,"het",0.04722,"CCCCTAAAAGCTCCAGCAAA","CCCCCCGGGCCCCACCCGAA",0,1,"chr4:g.88035714_88035715insC",30553,"AF-4","predicted passenger",null,"FALSE",89,"TRUE",0,"TRUE"]
["G09202","TPH2",".",12,72388218,"G","T",".",0.0116959064327485,173,2,"unknown","NA",0,"NA",0,25.1,"het",0,"TTGTGATGTCTTTTTTGTCA","AGACACATGCCATGAACTCT",0,0,"chr12:g.72388218G>T",30593,null,"predicted passenger",null,"FALSE",191,"TRUE",1,"FALSE"]
["G09204","CACNG4","missense",17,65020995,"C","A","p.S108R",0.1053,19,2,"unknown","NA",0,"NA",0,32,"het",0.27143,"GGCATCGTGCGAGCCTCCAG","GTCTTCCCCATCCTCAGCAC",0,0,"chr17:g.65020995C>A",30616,"PMP22_Claudin","predicted passenger",null,"FALSE",19,"FALSE",3,"FALSE"]
["G09201","RAPH1","frameshift",2,204305983,"GTGGTGGAGGGGGTGGTGGAGGAGGA","G","p.P637Lfs*26",0.638571428571429,7,2.15,"unknown","NA",0,"NA",0,27,"het",0.21581,"GGGGAGTGGGGGAGGAGGGG","GGTGGGGGTGGCGGAGGAGG",0,0,"chr2:g.204305984_204306008del",30637,null,"predicted passenger",null,"FALSE",19,"FALSE",0,"FALSE"]
["G09204","TCHP","missense",12,110344431,"G","A","p.E171K",0.0217391304347826,141,3,"unknown","NA",0,"NA",0,19.65,"het",0.0344,"ACTCTTGGGAAATGCAGAAA","AAGAAAAAAAACAGGTGTGG",0,0,"chr12:g.110344431G>A",30657,"TPH","predicted passenger","LoF","FALSE",108,"FALSE",0,"FALSE"]
["G09204","RBL2","missense",16,53496538,"C","A","p.Q511K",0.0267857142857143,115,3,"unknown","NA",0,"NA",0,16.03,"het",0.02043,"AATCTGTTATTGAGCAGGAA","AAAAAAGACTAGGAGACATG",0,0,"chr16:g.53496538C>A",30663,"RB_A","predicted passenger","LoF","FALSE",101,"FALSE",0,"FALSE"]
["G09206","GLIS1","missense",1,54060397,"C","A","p.G60V",0.1,20,2,"unknown","NA",0,"NA",0,23.5,"het",0.18357,"CGCAGCACCGCTTCAGGCTG","CCTCGGGGAGGTGGGTCTCG",0,0,"chr1:g.54060397C>A",30679,null,"predicted passenger",null,"FALSE",26,"FALSE",1,"FALSE"]
["G09206","FBXL19","missense",16,30941403,"C","A","p.P287T",0.125,24,3,"unknown","NA",0,"NA",0,22.9,"het",0.13333,"TCTCCCTGCAGAAACCAAAG","CGCCTTTGGCCTCTGCAGAG",0,0,"chr16:g.30941403C>A",30745,null,"predicted passenger",null,"FALSE",23,"FALSE",1,"FALSE"]
["G09206","CARD14","missense",17,78157825,"C","A","p.Q155K",0.125,16,2,"unknown","NA",0,"NA",0,0.434,"het",0.22727,"TGCTGCTGCGGCGGTGCCAG","AGCTGCAGGAGCACCTGGGC",0,0,"chr17:g.78157825C>A",30749,null,"predicted passenger",null,"FALSE",17,"FALSE",0,"FALSE"]
["G09206","HELZ2","missense",20,62196340,"G","A","p.P1279S",0.1,20,2,"unknown","NA",0,"NA",0,25.6,"het",0.20085,"CTCCCGGACGATGCCCAGCG","GTAGTAGAAGCCTTGCCGCC",0,0,"chr20:g.62196340G>A",30763,null,"predicted passenger",null,"FALSE",24,"FALSE",2,"FALSE"]
["G13375","TAF1B","missense",2,10051679,"C","A","p.N391K",0.0736842105263158,102,7,"known","COSM6367325",1,"NA",0,24.8,"het",0.12303,"GAAAAGCATAATGAAAAGAA","AAAAAAGGTATTTTAATTTT",1,0,"chr2:g.10051679C>A",8157,null,"predicted passenger",null,"FALSE",120,"FALSE",0,"FALSE"]
["G13376","PCLO","missense",7,82784471,"A","G","p.S496P",0.0773480662983425,202,14,"known","NA",0,"MU596702",3,8.673,"het",0.11516,"TTGAGATGGGGGCTTTGCTG","GCCAGGCTGTTGAGGTGGGG",0,0,"chr7:g.82784471A>G",5783,null,"predicted passenger",null,"FALSE",252,"FALSE",0,"FALSE"]
["G13372","ELAVL3","missense",19,11565676,"C","A","p.A257S",0.0588,34,2,"known","COSM990929",1,"MU1810195",1,14.45,"het",0.13114,"GGCGATCGGCGAGAACCTGG","GATGAGCGACAGGGGACTAC",0,0,"chr19:g.11565676C>A",8582,null,"predicted passenger",null,"FALSE",59,"FALSE",1,"FALSE"]
["G13376","CNTNAP5","missense",2,124979372,"T","C","p.L58P",0.0374,107,4,"known","COSM1248695",1,"NA",0,28.5,"het",0.05336,"CACTCACAGCCCAGCTCAAC","CAACTGGAGAGTTGGTAAGT",1,0,"chr2:g.124979372T>C",10602,"F5_F8_type_C","predicted passenger",null,"FALSE",141,"FALSE",3,"FALSE"]
["G13376","HECTD4","missense",12,112647837,"C","T","p.V2471M",0.0353,85,3,"known","COSM1246424",1,"NA",0,25.1,"het",0.1125,"ACGTTGCTGAGCGGTGGCCA","GGCAGCAATCCGGCATGGTG",1,0,"chr12:g.112647837C>T",10952,null,"predicted passenger",null,"FALSE",92,"FALSE",1,"FALSE"]
["G13373","MEPCE","frameshift",7,100028067,"T","TG","p.G146Rfs*7",0.025,41,1,"known","COSM4614975",4,"MU6209017",1,29.8,"het",0.18874,"TATCAGCCCCACCGGCCACC","GGGGGGGGCGGGGGCAAGAG",0,0,"chr7:g.100028067_100028068insG",9500,null,"predicted passenger",null,"FALSE",48,"TRUE",0,"TRUE"]
["G13373","FNBP1","frameshift",9,132687242,"AT","A","p.N328Ifs*7",0.0227272727272727,45,1,"known","COSM4615037",4,"NA",0,35,"het",0.15034,"ACGCCAACCATCAGTACCTT","TTTTTTTGATGAACGGCCAT",0,1,"chr9:g.132687243_132687243del",10179,null,"predicted passenger","Act","FALSE",61,"FALSE",0,"FALSE"]
["G13374","MAGEE1","missense","X",75650235,"T","G","p.L638V",0.0458,153,7,"known","COSM1257115",1,"NA",0,16.18,"het",0,"AGTTTGTATGGCAGCGTTAC","TAGACTACAGGCCAGTAACT",1,0,"chrX:g.75650235T>G",10493,"MAGE","predicted passenger",null,"FALSE",155,"FALSE",1,"FALSE"]
["G13375","SPATA31A1","missense",9,39890330,"C","T","p.P1106L",0.1,22,2,"known","COSM4593739",6,"MU14775902",1,5.408,"het",0.16304,"CCAAAGGCCAATGTTTCCCC","TATTCACAAGAGTGAGAAGT",0,0,"chr9:g.39890330C>T",2941,null,"predicted passenger",null,"FALSE",11,"FALSE",0,"FALSE"]
["G13375","REXO5","missense",16,20856146,"C","A","p.Q639K",0.0307692307692308,134,4,"known","COSM6383523",1,"NA",0,14.07,"het",6.77E-3,"AAGATCTTAAAAGTGGAAAG","AGAAAAAATACTGTTTCCTG",1,0,"chr16:g.20856146C>A",11022,null,"predicted passenger",null,"FALSE",123,"FALSE",0,"FALSE"]
["G13372","SEMA5B","missense",3,122640930,"C","T","p.R507H",0.1176,17,2,"unknown","NA",0,"NA",0,25.8,"het",0.15796,"GGTAGCAGCCGTGGAGGCTG","GGCTCGCCGTGGACAGCGCC",0,0,"chr3:g.122640930C>T",31396,"Sema","predicted passenger",null,"FALSE",25,"FALSE",0,"FALSE"]
["G13374","SNX13",".",7,17854569,"T","TAA",".",0.166666666666667,21,3,"unknown","NA",0,"NA",0,2.543,"het",0.07302,"TTTCAGGAGCTAACAGTAAC","AACAAGAAAAAAAAAAAAAA",0,0,"chr7:g.17854569_17854570insAA",31418,null,"predicted passenger",null,"FALSE",33,"FALSE",0,"FALSE"]
["G13372","PLEKHG6","missense",12,6436656,"C","A","p.P636H",0.1,30,3,"unknown","NA",0,"NA",0,24.3,"het",0.19239,"CCCTCTGCGTCCCCACCCTC","CGACCCCCAAGCTCCTCAAC",0,0,"chr12:g.6436656C>A",31437,null,"predicted passenger",null,"FALSE",43,"FALSE",1,"FALSE"]
["G13372","ACER1","missense",19,6306733,"C","A","p.D263Y",0.1111,18,2,"unknown","NA",0,"NA",0,20.1,"het",0.13564,"GGCTGGCAGGTCTCAGCAGT","CTTGTCATCACCCCGGATTT",0,0,"chr19:g.6306733C>A",31470,null,"predicted passenger",null,"FALSE",30,"FALSE",0,"FALSE"]
["G13374","PPP1R13L","frameshift",19,45898750,"T","TG","p.Q433Pfs*31",0.0526315789473684,20,1,"unknown","NA",0,"NA",0,23.5,"het",0.00171,"GGGGGGCTGGGGTAGGGGTT","GGGGTTGGGTCTGGGGCTGT",0,0,"chr19:g.45898750_45898751insG",31473,null,"predicted passenger",null,"FALSE",30,"FALSE",0,"FALSE"]
["G13373","ADORA1","missense",1,203134492,"C","A","p.L149M",0.1579,19,3,"unknown","NA",0,"NA",0,12.23,"het",0.06383,"CTATGTTTGGCTGGAACAAT","TGAGTGCGGTGGAGCGGGCC",0,0,"chr1:g.203134492C>A",31493,"7tm_1","predicted passenger",null,"FALSE",29,"FALSE",1,"FALSE"]
["G13373","LRP1B","missense",2,142567964,"T","C","p.Q30R",0.0549,91,5,"unknown","NA",0,"NA",0,14.87,"het",0.02139,"ATTCACCAGGATCACACAAC","GCTGATCTGAAAATGAAAAT",0,1,"chr2:g.142567964T>C",31497,null,"predicted passenger","LoF","FALSE",113,"FALSE",0,"FALSE"]
["G13376","LRP1B","missense",2,142567964,"T","C","p.Q30R",0.05,80,4,"unknown","NA",0,"NA",0,14.87,"het",0.03498,"ATTCACCAGGATCACACAAC","GCTGATCTGAAAATGAAAAT",0,1,"chr2:g.142567964T>C",31790,null,"predicted passenger","LoF","FALSE",113,"FALSE",0,"FALSE"]
["G13375","LRP1B","missense",2,142567964,"T","C","p.Q30R",0.0366,82,3,"unknown","NA",0,"NA",0,14.87,"het",0.02139,"ATTCACCAGGATCACACAAC","GCTGATCTGAAAATGAAAAT",0,1,"chr2:g.142567964T>C",31497,null,"predicted passenger","LoF","FALSE",113,"FALSE",0,"FALSE"]
["G13372","LRP1B","missense",2,142567964,"T","C","p.Q30R",0.025974025974026,79,2,"unknown","NA",0,"NA",0,14.87,"het",0.02139,"ATTCACCAGGATCACACAAC","GCTGATCTGAAAATGAAAAT",0,1,"chr2:g.142567964T>C",31497,null,"predicted passenger","LoF","FALSE",113,"FALSE",0,"FALSE"]
["G13373","PIKFYVE","missense",2,209190989,"C","A","p.L1152M",0.125,24,3,"unknown","NA",0,"NA",0,25.4,"het",0.02559,"GCCAGAGCTTGGGTAGAATG","TGGCCGATTATCGAGCCAGA",0,0,"chr2:g.209190989C>A",31498,null,"predicted passenger",null,"FALSE",55,"FALSE",0,"FALSE"]
["G13373","SP140","missense",2,231112703,"A","T","p.E272V",0.051,98,5,"unknown","NA",0,"NA",0,2.416,"het",0.01816,"AGGGGAGAAACAGGGAGAGG","GGAAGGCAGGAACAGTCCCA",0,0,"chr2:g.231112703A>T",31500,null,"predicted passenger",null,"FALSE",148,"FALSE",0,"FALSE"]
["G13375","SP140","missense",2,231112703,"A","T","p.E272V",0.0833,84,7,"unknown","NA",0,"NA",0,2.416,"het",0.00185,"AGGGGAGAAACAGGGAGAGG","GGAAGGCAGGAACAGTCCCA",0,0,"chr2:g.231112703A>T",31691,null,"predicted passenger",null,"FALSE",148,"FALSE",0,"FALSE"]
["G13373","TATDN2","missense",3,10312686,"C","A","p.P607Q",0.1111,18,2,"unknown","NA",0,"NA",0,22.7,"het",0.14154,"CAAGTGCACCACGCCTGTCC","AGAACAGCACAAGGTAACAA",0,0,"chr3:g.10312686C>A",31501,"TatD_DNase","predicted passenger",null,"FALSE",29,"FALSE",0,"FALSE"]
["G13373","TRANK1","missense",3,36896893,"T","A","p.Q1396H",0.12,75,9,"unknown","NA",0,"NA",0,24.1,"het",0.00119,"AGCTCGGCCTGGGTAAAGTC","TGAATCTCATCACCATAGAG",0,0,"chr3:g.36896893T>A",31502,"UvrD-helicase","predicted passenger",null,"FALSE",83,"FALSE",2,"FALSE"]
["G13375","TRANK1","missense",3,36896893,"T","A","p.Q1396H",0.0513,78,4,"unknown","NA",0,"NA",0,24.1,"het",0.00119,"AGCTCGGCCTGGGTAAAGTC","TGAATCTCATCACCATAGAG",0,0,"chr3:g.36896893T>A",31502,"UvrD-helicase","predicted passenger",null,"FALSE",83,"FALSE",2,"FALSE"]
["G13373","COL7A1","missense",3,48621974,"C","T","p.V1355I",0.0947,95,9,"unknown","NA",0,"NA",0,3.211,"het",0.0004,"AGGTCCTTCACCTCCGATGA","TTGTCCGGGAGCCCCCTGTA",0,0,"chr3:g.48621974C>T",31504,null,"predicted passenger",null,"FALSE",158,"FALSE",0,"FALSE"]
["G13376","COL7A1","missense",3,48621974,"C","T","p.V1355I",0.0707,99,7,"unknown","NA",0,"NA",0,3.211,"het",2.82E-3,"AGGTCCTTCACCTCCGATGA","TTGTCCGGGAGCCCCCTGTA",0,0,"chr3:g.48621974C>T",31793,null,"predicted passenger",null,"FALSE",158,"FALSE",0,"FALSE"]
["G13374","COL7A1","missense",3,48621974,"C","T","p.V1355I",0.0161,124,2,"unknown","NA",0,"NA",0,3.211,"het",0.0004,"AGGTCCTTCACCTCCGATGA","TTGTCCGGGAGCCCCCTGTA",0,0,"chr3:g.48621974C>T",31504,null,"predicted passenger",null,"FALSE",158,"FALSE",0,"FALSE"]
["G13375","COL7A1","missense",3,48621974,"C","T","p.V1355I",0.0275229357798165,112,3,"unknown","NA",0,"NA",0,3.211,"het",0.0004,"AGGTCCTTCACCTCCGATGA","TTGTCCGGGAGCCCCCTGTA",0,0,"chr3:g.48621974C>T",31504,null,"predicted passenger",null,"FALSE",158,"FALSE",0,"FALSE"]
["G13373","BSN","missense",3,49695606,"C","A","p.H2873N",0.1053,19,2,"unknown","NA",0,"NA",0,18.61,"het",0.18076,"AGAGATTCTCCCTCTACCAG","ACCAGGGGGGACTGGGTAGC",0,0,"chr3:g.49695606C>A",31505,null,"predicted passenger",null,"FALSE",25,"FALSE",0,"FALSE"]
["G13373","ZBBX","missense",3,167000250,"A","C","p.F677C",0.1053,57,6,"unknown","NA",0,"NA",0,23.8,"het",0.00669,"TAACAGAGTTGGAAAGTGGA","AATTTGCTGTTGAAGGTCTC",0,0,"chr3:g.167000250A>C",31510,null,"predicted passenger",null,"FALSE",75,"FALSE",0,"FALSE"]
["G13373","EVC","missense",4,5803722,"G","A","p.A784T",0.0714,196,14,"unknown","NA",0,"NA",0,1.289,"het",4e-05,"AGAGCGTCTACGTGACCAGC","CTGGTGTCAGCCGCCTGGTG",0,0,"chr4:g.5803722G>A",31511,null,"predicted passenger",null,"FALSE",234,"FALSE",0,"FALSE"]
["G13374","EVC","missense",4,5803722,"G","A","p.A784T",0.0214,234,5,"unknown","NA",0,"NA",0,1.289,"het",0.04467,"AGAGCGTCTACGTGACCAGC","CTGGTGTCAGCCGCCTGGTG",0,0,"chr4:g.5803722G>A",31616,null,"predicted passenger",null,"FALSE",234,"FALSE",0,"FALSE"]
["G13375","EVC","missense",4,5803722,"G","A","p.A784T",0.0366,164,6,"unknown","NA",0,"NA",0,1.289,"het",0.00795,"AGAGCGTCTACGTGACCAGC","CTGGTGTCAGCCGCCTGGTG",0,0,"chr4:g.5803722G>A",31699,null,"predicted passenger",null,"FALSE",234,"FALSE",0,"FALSE"]
["G13376","EVC","missense",4,5803722,"G","A","p.A784T",0.0615,179,11,"unknown","NA",0,"NA",0,1.289,"het",0.00022,"AGAGCGTCTACGTGACCAGC","CTGGTGTCAGCCGCCTGGTG",0,0,"chr4:g.5803722G>A",31799,null,"predicted passenger",null,"FALSE",234,"FALSE",0,"FALSE"]
["G13372","EVC","missense",4,5803722,"G","A","p.A784T",0.0173,173,3,"unknown","NA",0,"NA",0,1.289,"het",4e-05,"AGAGCGTCTACGTGACCAGC","CTGGTGTCAGCCGCCTGGTG",0,0,"chr4:g.5803722G>A",31511,null,"predicted passenger",null,"FALSE",234,"FALSE",0,"FALSE"]
["G13373","GSTCD","frameshift",4,106640212,"TGTAGG","T",".",0.1538,13,2,"unknown","NA",0,"NA",0,32,"het",0.17931,"TTCTTGTTTTGTTTTTGTTT","TTAGTCAGTGGACCAGGCTA",0,0,"chr4:g.106640213_106640217del",31513,null,"predicted passenger",null,"FALSE",20,"FALSE",0,"FALSE"]
["G13373","LIFR","missense",5,38493839,"A","C","p.L645R",0.038,158,6,"unknown","NA",0,"NA",0,25.5,"het",0.00831,"TGGGGTCGTAATGCCAGGTG","GGAGAATCCCCTTTCCCATC",0,1,"chr5:g.38493839A>C",31515,null,"predicted passenger","Act","FALSE",198,"FALSE",1,"FALSE"]
["G13375","LIFR","missense",5,38493839,"A","C","p.L645R",0.0503,159,8,"unknown","NA",0,"NA",0,25.5,"het",0.00168,"TGGGGTCGTAATGCCAGGTG","GGAGAATCCCCTTTCCCATC",0,1,"chr5:g.38493839A>C",31705,null,"predicted passenger","Act","FALSE",198,"FALSE",1,"FALSE"]
["G13373","GPRIN1","missense",5,176024492,"C","A","p.A782S",0.1053,19,2,"unknown","NA",0,"NA",0,10.92,"het",0.18076,"CGGCCCCGGCGGGGGCGCTG","GGCCTCTGGGCAGGGGCTTC",0,0,"chr5:g.176024492C>A",31521,null,"predicted passenger",null,"FALSE",25,"FALSE",0,"FALSE"]
["G13373","C6orf132","frameshift",6,42074448,"GGTGCAGGA","G","p.A400Pfs*33",0.1091,55,6,"unknown","NA",0,"NA",0,26.5,"het",0.02287,"GTGCTGGGGGAGGGAGGGGG","GGGGGCAGGGGAGGGGCTGG",0,0,"chr6:g.42074449_42074456del",31524,null,"predicted passenger",null,"FALSE",52,"FALSE",0,"FALSE"]
["G13372","C6orf132","frameshift",6,42074448,"GGTGCAGGA","G","p.A400Pfs*33",0.0661180601272767,32,2,"unknown","NA",0,"NA",0,26.5,"het",0.02287,"GTGCTGGGGGAGGGAGGGGG","GGGGGCAGGGGAGGGGCTGG",0,0,"chr6:g.42074449_42074456del",31524,null,"predicted passenger",null,"FALSE",52,"FALSE",0,"FALSE"]
["G13375","C6orf132","frameshift",6,42074448,"GGTGCAGGA","G","p.A400Pfs*33",0.245858380875802,51,10,"unknown","NA",0,"NA",0,26.5,"het",0.02287,"GTGCTGGGGGAGGGAGGGGG","GGGGGCAGGGGAGGGGCTGG",0,0,"chr6:g.42074449_42074456del",31524,null,"predicted passenger",null,"FALSE",52,"FALSE",0,"FALSE"]
["G13376","C6orf132","frameshift",6,42074448,"GGTGCAGGA","G","p.A400Pfs*33",0.198234969663541,48,8,"unknown","NA",0,"NA",0,26.5,"het",0.02287,"GTGCTGGGGGAGGGAGGGGG","GGGGGCAGGGGAGGGGCTGG",0,0,"chr6:g.42074449_42074456del",31524,null,"predicted passenger",null,"FALSE",52,"FALSE",0,"FALSE"]
["G13373","BACH2","missense",6,90660716,"C","A","p.C370F",0.1053,19,2,"unknown","NA",0,"NA",0,25.8,"het",0.16522,"TGATCCCCTTGTCAAAAGGG","AGGCTGGACTCCTGGCAAAG",0,0,"chr6:g.90660716C>A",31525,null,"predicted passenger",null,"FALSE",28,"FALSE",0,"FALSE"]
["G13373","ARID1B","missense",6,157100049,"C","G","p.A329G",0.1176,17,2,"unknown","NA",0,"NA",0,3.913,"het",0.10667,"AGGAGGAGGAGGAGGAGGAG","AGGAGCAGGAGGAGCAGGAG",0,1,"chr6:g.157100049C>G",31526,null,"predicted passenger","LoF","FALSE",34,"FALSE",0,"FALSE"]
["G13373","NRG1","missense",8,32621708,"A","G","p.S576G",0.0444,248,11,"unknown","NA",0,"NA",0,23.1,"het",0.00023,"GCAACACAAGCTCCCAGAGC","GTAACTCAGAGAGTGAAACA",0,1,"chr8:g.32621708A>G",31528,"Neuregulin","predicted passenger",null,"FALSE",309,"FALSE",1,"FALSE"]
["G13375","NRG1","missense",8,32621708,"A","G","p.S576G",0.0642,265,17,"unknown","NA",0,"NA",0,23.1,"het",0,"GCAACACAAGCTCCCAGAGC","GTAACTCAGAGAGTGAAACA",0,1,"chr8:g.32621708A>G",31721,"Neuregulin","predicted passenger",null,"FALSE",309,"FALSE",1,"FALSE"]
["G13376","NRG1","missense",8,32621708,"A","G","p.S576G",0.0115,260,3,"unknown","NA",0,"NA",0,23.1,"het",0.00023,"GCAACACAAGCTCCCAGAGC","GTAACTCAGAGAGTGAAACA",0,1,"chr8:g.32621708A>G",31528,"Neuregulin","predicted passenger",null,"FALSE",309,"FALSE",1,"FALSE"]
["G13374","NRG1","missense",8,32621708,"A","G","p.S576G",0.00862068965517241,351,3,"unknown","NA",0,"NA",0,23.1,"het",0.00023,"GCAACACAAGCTCCCAGAGC","GTAACTCAGAGAGTGAAACA",0,1,"chr8:g.32621708A>G",31528,"Neuregulin","predicted passenger",null,"FALSE",309,"FALSE",1,"FALSE"]
["G13373","PARP10","missense",8,145057225,"G","T","p.Q811K",0.0549,91,5,"unknown","NA",0,"NA",0,0.03,"het",0.03817,"CCAGGGCCCCTTCAGCGTCT","CCCCGCCACTGATGCATGGG",0,0,"chr8:g.145057225G>T",31530,null,"predicted passenger",null,"FALSE",93,"FALSE",0,"FALSE"]
["G13375","PARP10","missense",8,145057225,"G","T","p.Q811K",0.0194174757281553,105,2,"unknown","NA",0,"NA",0,0.03,"het",0.03817,"CCAGGGCCCCTTCAGCGTCT","CCCCGCCACTGATGCATGGG",0,0,"chr8:g.145057225G>T",31530,null,"predicted passenger",null,"FALSE",93,"FALSE",0,"FALSE"]
["G13373","HSF1","frameshift",8,145535875,"T","TC","p.P366Afs*6",0.0571,70,4,"unknown","NA",0,"NA",0,23.3,"het",0.03964,"ACACCGAGGGCCGGCCTCCC","CCCCCCCGCCCACCTCCACC",0,0,"chr8:g.145535875_145535876insC",31531,"Vert_HS_TF","predicted passenger",null,"FALSE",94,"TRUE",0,"FALSE"]
["G13376","HSF1","frameshift",8,145535875,"T","TC","p.P366Afs*6",0.025,82,2,"unknown","NA",0,"NA",0,23.3,"het",0.03964,"ACACCGAGGGCCGGCCTCCC","CCCCCCCGCCCACCTCCACC",0,0,"chr8:g.145535875_145535876insC",31531,"Vert_HS_TF","predicted passenger",null,"FALSE",94,"TRUE",0,"FALSE"]
["G13373","SNAPC4","missense",9,139273177,"C","A","p.K1034N",0.1667,12,2,"unknown","NA",0,"NA",0,19.73,"het",0.1746,"GGCGCCTCAGGCAGGCCCTG","TTCCGGGATGCAGCGGGGGC",0,0,"chr9:g.139273177C>A",31535,null,"predicted passenger",null,"FALSE",16,"FALSE",1,"FALSE"]
["G13373","SFRP5","missense",10,99527589,"C","A","p.K212N",0.1333,15,2,"unknown","NA",0,"NA",0,23.9,"het",0.22581,"TTCCGGTCCCCATTCTCTAT","TTGATCTCCTTGATGCGCAT",0,0,"chr10:g.99527589C>A",31538,"NTR","predicted passenger","LoF","FALSE",17,"FALSE",0,"FALSE"]
["G13373","CHRNA10","missense",11,3688990,"C","A","p.D123Y",0.1579,19,3,"unknown","NA",0,"NA",0,24.7,"het",0.04653,"GGAACCTGGAGGCTGCGCGT","GGCTCTGGGGGCAGGCGGGG",0,0,"chr11:g.3688990C>A",31541,"Neur_chan_LBD","predicted passenger",null,"FALSE",32,"FALSE",3,"FALSE"]
["G13373","CEP295","missense",11,93429888,"C","A","p.L604I",0.0755,53,4,"unknown","NA",0,"NA",0,24.7,"het",0.03447,"AAACAGCCAGGAAACAATTA","TTGAATATCAAACTATGTTA",0,0,"chr11:g.93429888C>A",31544,null,"predicted passenger",null,"FALSE",68,"FALSE",1,"FALSE"]
["G13373","HTR3A","missense",11,113857709,"A","C","p.Q398P",0.069,87,6,"unknown","NA",0,"NA",0,6.615,"het",0.00693,"GCTACTTTGCCTGAGGGAGC","GTCAACTTCCCAGAGGCCCC",0,0,"chr11:g.113857709A>C",31545,"Neur_chan_memb","predicted passenger",null,"FALSE",114,"FALSE",0,"FALSE"]
["G13375","HTR3A","missense",11,113857709,"A","C","p.Q398P",0.05,100,5,"unknown","NA",0,"NA",0,6.615,"het",0.02377,"GCTACTTTGCCTGAGGGAGC","GTCAACTTCCCAGAGGCCCC",0,0,"chr11:g.113857709A>C",31737,"Neur_chan_memb","predicted passenger",null,"FALSE",114,"FALSE",0,"FALSE"]
["G13376","HTR3A","missense",11,113857709,"A","C","p.Q398P",0.0215,93,2,"unknown","NA",0,"NA",0,6.615,"het",0.00693,"GCTACTTTGCCTGAGGGAGC","GTCAACTTCCCAGAGGCCCC",0,0,"chr11:g.113857709A>C",31545,"Neur_chan_memb","predicted passenger",null,"FALSE",114,"FALSE",0,"FALSE"]
["G13373","DSCAML1","missense",11,117299205,"C","A","p.A2061S",0.1111,18,2,"unknown","NA",0,"NA",0,0.03,"het",0.16173,"GCTGGGGGCCGGAGGGGCAG","GCTGGGGGCGGTGGGTGGCT",0,0,"chr11:g.117299205C>A",31546,null,"predicted passenger",null,"FALSE",26,"FALSE",0,"FALSE"]
["G13373","ADAMTS8","missense",11,130284444,"C","A","p.E516D",0.1176,17,2,"unknown","NA",0,"NA",0,20,"het",0.08831,"ACCTTGGGCCTCTCCACTTC","TCCTCAGGTAGACAGCTGCC",0,0,"chr11:g.130284444C>A",31550,null,"predicted passenger",null,"FALSE",39,"FALSE",0,"FALSE"]
["G13373","OPCML","missense",11,132306572,"A","C","p.W256G",0.0632,95,6,"unknown","NA",0,"NA",0,28.9,"het",0.01536,"CCTGGTTTCTTCCTTGAACC","CTGGAATTCAGCCATGGGGA",0,0,"chr11:g.132306572A>C",31551,"I-set","predicted driver: tier 1","LoF","FALSE",107,"FALSE",3,"TRUE"]
["G13375","OPCML","missense",11,132306572,"A","C","p.W256G",0.0476,63,3,"unknown","NA",0,"NA",0,28.9,"het",0.01536,"CCTGGTTTCTTCCTTGAACC","CTGGAATTCAGCCATGGGGA",0,0,"chr11:g.132306572A>C",31551,"I-set","predicted driver: tier 1","LoF","FALSE",107,"FALSE",3,"TRUE"]
["G13376","OPCML","missense",11,132306572,"A","C","p.W256G",0.038,79,3,"unknown","NA",0,"NA",0,28.9,"het",0.01536,"CCTGGTTTCTTCCTTGAACC","CTGGAATTCAGCCATGGGGA",0,0,"chr11:g.132306572A>C",31551,"I-set","predicted driver: tier 1","LoF","FALSE",107,"FALSE",3,"TRUE"]
["G13373","SLC6A13","missense",12,344288,"A","T","p.Y267N",0.0667,135,9,"unknown","NA",0,"NA",0,24.1,"het",0.00344,"CAGACGCGTGAGGTTTGGGT","CAGGTAAAACTGAATTCCTT",0,0,"chr12:g.344288A>T",31552,"SNF","predicted passenger",null,"FALSE",131,"FALSE",0,"FALSE"]
["G13375","SLC6A13","missense",12,344288,"A","T","p.Y267N",0.0721,111,8,"unknown","NA",0,"NA",0,24.1,"het",2.96E-3,"CAGACGCGTGAGGTTTGGGT","CAGGTAAAACTGAATTCCTT",0,0,"chr12:g.344288A>T",31740,"SNF","predicted passenger",null,"FALSE",131,"FALSE",0,"FALSE"]
["G13376","SLC6A13","missense",12,344288,"A","T","p.Y267N",0.0261,115,3,"unknown","NA",0,"NA",0,24.1,"het",0.00344,"CAGACGCGTGAGGTTTGGGT","CAGGTAAAACTGAATTCCTT",0,0,"chr12:g.344288A>T",31552,"SNF","predicted passenger",null,"FALSE",131,"FALSE",0,"FALSE"]
["G13373","LRRK2","missense",12,40707912,"G","C","p.E1559Q",0.0717,251,18,"unknown","NA",0,"NA",0,25.7,"het",0,"GATTATTACAACTAGTGAGA","AAAATCAGCTGCAGTTAGAT",0,0,"chr12:g.40707912G>C",31554,null,"predicted passenger",null,"FALSE",311,"FALSE",0,"FALSE"]
["G13375","LRRK2","missense",12,40707912,"G","C","p.E1559Q",0.0722,263,19,"unknown","NA",0,"NA",0,25.7,"het",0,"GATTATTACAACTAGTGAGA","AAAATCAGCTGCAGTTAGAT",0,0,"chr12:g.40707912G>C",31742,null,"predicted passenger",null,"FALSE",311,"FALSE",0,"FALSE"]
["G13373","MGAT4C","missense",12,86373518,"T","G","p.D329A",0.0659,167,11,"unknown","NA",0,"NA",0,24.1,"het",3.5E-4,"CAAATGACTCCTCTTCAAAA","CATCATCCTTCAGCTTATTC",0,0,"chr12:g.86373518T>G",31555,"Glyco_transf_54","predicted passenger",null,"FALSE",173,"FALSE",1,"FALSE"]
["G13375","MGAT4C","missense",12,86373518,"T","G","p.D329A",0.0199,201,4,"unknown","NA",0,"NA",0,24.1,"het",3.5E-4,"CAAATGACTCCTCTTCAAAA","CATCATCCTTCAGCTTATTC",0,0,"chr12:g.86373518T>G",31555,"Glyco_transf_54","predicted passenger",null,"FALSE",173,"FALSE",1,"FALSE"]
["G13373","ZAR1L","missense",13,32885722,"C","A","p.S114I",0.125,16,2,"unknown","NA",0,"NA",0,24.9,"het",0.18018,"TGCCGTCCCAGGGGGAGCAG","TGCTGAGGGTGCGAGGCCCC",0,0,"chr13:g.32885722C>A",31558,null,"predicted passenger",null,"FALSE",21,"FALSE",0,"FALSE"]
["G13373","CEP170B","missense",14,105353664,"G","A","p.A1030T",0.0769,91,7,"unknown","NA",0,"NA",0,4.413,"het",0.00617,"GAGAGCCGGTACGGCGCTCA","CCATAAGGCGTGGCCACAGG",0,0,"chr14:g.105353664G>A",31565,"CEP170_C","predicted passenger",null,"FALSE",112,"FALSE",0,"FALSE"]
["G13375","CEP170B","missense",14,105353664,"G","A","p.A1030T",0.0526,95,5,"unknown","NA",0,"NA",0,4.413,"het",0.03041,"GAGAGCCGGTACGGCGCTCA","CCATAAGGCGTGGCCACAGG",0,0,"chr14:g.105353664G>A",31754,"CEP170_C","predicted passenger",null,"FALSE",112,"FALSE",0,"FALSE"]
["G13373","LPCAT4","frameshift",15,34659253,"C","CG","p.G17Rfs*12",0.2,50,10,"unknown","NA",0,"NA",0,22.1,"het",0.00257,"GTTGGGGGATGCTGGGGGTC","GGGGGTGGGATCTAGGGGGG",0,0,"chr15:g.34659253_34659254insG",31566,null,"predicted passenger",null,"FALSE",57,"TRUE",0,"FALSE"]
["G13374","LPCAT4","frameshift",15,34659253,"C","CG","p.G17Rfs*12",0.0232558139534884,44,1,"unknown","NA",0,"NA",0,22.1,"het",0.0199,"GTTGGGGGATGCTGGGGGTC","GGGGGTGGGATCTAGGGGGG",0,0,"chr15:g.34659253_34659254insG",30739,null,"predicted passenger",null,"FALSE",57,"TRUE",0,"FALSE"]
["G13373","EPB42","missense",15,43498556,"C","A","p.K560N",0.1176,17,2,"unknown","NA",0,"NA",0,11.95,"het",0.12581,"GCACTGAGCGTGAGGTGCAG","TTCTTCCTCCAGAGCTTGGC",0,0,"chr15:g.43498556C>A",31567,"Transglut_C","predicted passenger",null,"FALSE",32,"FALSE",0,"FALSE"]
["G13373","CNOT1",".",16,58562553,"C","A",".",0.1111,18,2,"unknown","NA",0,"NA",0,26.8,"het",0.15455,"AGCAGCACTCTTAAAGTGCC","TATTTTTAAAAAACAAGAAA",0,0,"chr16:g.58562553C>A",31575,null,"predicted driver: tier 1","LoF","FALSE",28,"TRUE",1,"TRUE"]
["G13373","SLC25A11","missense",17,4841880,"C","T","p.R158H",0.1053,152,16,"unknown","NA",0,"NA",0,33,"het",1e-05,"ACACATTTTTGTAGCCACGG","GCTGGTCAGCTGGAAGCCTG",0,0,"chr17:g.4841880C>T",31576,"Mito_carr","predicted passenger",null,"FALSE",202,"FALSE",2,"FALSE"]
["G13375","SLC25A11","missense",17,4841880,"C","T","p.R158H",0.0473,148,7,"unknown","NA",0,"NA",0,33,"het",0.00524,"ACACATTTTTGTAGCCACGG","GCTGGTCAGCTGGAAGCCTG",0,0,"chr17:g.4841880C>T",31760,"Mito_carr","predicted passenger",null,"FALSE",202,"FALSE",2,"FALSE"]
["G13376","SLC25A11","missense",17,4841880,"C","T","p.R158H",0.0597,134,8,"unknown","NA",0,"NA",0,33,"het",1.57E-3,"ACACATTTTTGTAGCCACGG","GCTGGTCAGCTGGAAGCCTG",0,0,"chr17:g.4841880C>T",31864,"Mito_carr","predicted passenger",null,"FALSE",202,"FALSE",2,"FALSE"]
["G13373","KCNH6","missense",17,61611575,"G","A","p.R335H",0.0876,137,12,"unknown","NA",0,"NA",0,25,"het",0.0003,"TGAGGTGGTCAGCCACCCCC","CCGCATCGCCGTCCACTACT",0,0,"chr17:g.61611575G>A",31577,"Ion_trans","predicted passenger",null,"FALSE",145,"FALSE",1,"FALSE"]
["G13375","KCNH6","missense",17,61611575,"G","A","p.R335H",0.0391,128,5,"unknown","NA",0,"NA",0,25,"het",0.03063,"TGAGGTGGTCAGCCACCCCC","CCGCATCGCCGTCCACTACT",0,0,"chr17:g.61611575G>A",31765,"Ion_trans","predicted passenger",null,"FALSE",145,"FALSE",1,"FALSE"]
["G13376","KCNH6","missense",17,61611575,"G","A","p.R335H",0.0426,141,6,"unknown","NA",0,"NA",0,25,"het",0.02014,"TGAGGTGGTCAGCCACCCCC","CCGCATCGCCGTCCACTACT",0,0,"chr17:g.61611575G>A",31871,"Ion_trans","predicted passenger",null,"FALSE",145,"FALSE",1,"FALSE"]
["G13373","ANKRD30B","missense",18,14851707,"C","A","p.T1136K",0.069,87,6,"unknown","NA",0,"NA",0,19.04,"het",0.00469,"CCTAAAACTGAAACAGAAAA","AGTAACAAAAAGGGCATCTC",0,0,"chr18:g.14851707C>A",31579,"CCDC144C","predicted passenger",null,"FALSE",125,"FALSE",0,"FALSE"]
["G13372","ANKRD30B","missense",18,14851707,"C","A","p.T1136K",0.0224719101123595,91,2,"unknown","NA",0,"NA",0,19.04,"het",0.00469,"CCTAAAACTGAAACAGAAAA","AGTAACAAAAAGGGCATCTC",0,0,"chr18:g.14851707C>A",31579,"CCDC144C","predicted passenger",null,"FALSE",125,"FALSE",0,"FALSE"]
["G13374","ANKRD30B","missense",18,14851707,"C","A","p.T1136K",0.0166666666666667,122,2,"unknown","NA",0,"NA",0,19.04,"het",0.00469,"CCTAAAACTGAAACAGAAAA","AGTAACAAAAAGGGCATCTC",0,0,"chr18:g.14851707C>A",31579,"CCDC144C","predicted passenger",null,"FALSE",125,"FALSE",0,"FALSE"]
["G13376","ANKRD30B","missense",18,14851707,"C","A","p.T1136K",0.0404040404040404,103,4,"unknown","NA",0,"NA",0,19.04,"het",0.00469,"CCTAAAACTGAAACAGAAAA","AGTAACAAAAAGGGCATCTC",0,0,"chr18:g.14851707C>A",31579,"CCDC144C","predicted passenger",null,"FALSE",125,"FALSE",0,"FALSE"]
["G13373","TMPRSS9","missense",19,2424237,"C","A","p.A866E",0.125,16,2,"unknown","NA",0,"NA",0,32,"het",0.18018,"AGAGAGGTGGCTGCTGTCGG","GGCGCACTGCTTCGACGTGT",0,0,"chr19:g.2424237C>A",31583,"Trypsin","predicted passenger",null,"FALSE",22,"FALSE",2,"FALSE"]
["G13373","ZNF714","frameshift",19,21299770,"AGGTT","GGTTATA","p.G101_Y102delinsVI",0.1534,176,27,"unknown","NA",0,"NA",0,16.55,"het",0,"GAGTGTAAGGTGTACAAAAA","ATGAACTAAACCAGTGTTTG",0,0,"chr19:g.21299770_21299776delinsGGTTATA",31587,null,"predicted passenger",null,"FALSE",196,"FALSE",0,"FALSE"]
["G13376","ZNF714","frameshift",19,21299770,"AGGTT","GGTTATA","p.G101_Y102delinsVI",0.1091,165,18,"unknown","NA",0,"NA",0,16.55,"het",1e-05,"GAGTGTAAGGTGTACAAAAA","ATGAACTAAACCAGTGTTTG",0,0,"chr19:g.21299770_21299776delinsGGTTATA",31880,null,"predicted passenger",null,"FALSE",196,"FALSE",0,"FALSE"]
["G13372","ZNF714","frameshift",19,21299770,"AGGTT","GGTTATA","p.G101_Y102delinsVI",0.977142857142857,346,171,"unknown","NA",0,"NA",0,16.55,"het",0,"GAGTGTAAGGTGTACAAAAA","ATGAACTAAACCAGTGTTTG",0,0,"chr19:g.21299770_21299776delinsGGTTATA",31587,null,"predicted passenger",null,"FALSE",196,"FALSE",0,"FALSE"]
["G13374","ZNF714","frameshift",19,21299770,"AGGTT","GGTTATA","p.G101_Y102delinsVI",0.96319018404908,320,157,"unknown","NA",0,"NA",0,16.55,"het",0,"GAGTGTAAGGTGTACAAAAA","ATGAACTAAACCAGTGTTTG",0,0,"chr19:g.21299770_21299776delinsGGTTATA",31587,null,"predicted passenger",null,"FALSE",196,"FALSE",0,"FALSE"]
["G13375","ZNF714","frameshift",19,21299770,"AGGTT","GGTTATA","p.G101_Y102delinsVI",0.984210526315789,377,187,"unknown","NA",0,"NA",0,16.55,"het",0,"GAGTGTAAGGTGTACAAAAA","ATGAACTAAACCAGTGTTTG",0,0,"chr19:g.21299770_21299776delinsGGTTATA",31587,null,"predicted passenger",null,"FALSE",196,"FALSE",0,"FALSE"]
["G13373","HPN","missense",19,35550881,"C","A","p.L132M",0.1053,19,2,"unknown","NA",0,"NA",0,22.2,"het",0.14541,"TGCCCCACACCCAGAGGCTG","TGGAGGTCATCTCCGTGTGG",0,0,"chr19:g.35550881C>A",31589,"Hepsin-SRCR","predicted passenger",null,"FALSE",31,"FALSE",1,"FALSE"]
["G13373","SPTBN4","missense",19,41003417,"C","G","p.S230R",0.0519,77,4,"unknown","NA",0,"NA",0,22.5,"het",0.03585,"CCTGATCTCGTGGACTTCAG","AAACTCACCAAGTCCAATGC",0,0,"chr19:g.41003417C>G",31590,"CH","predicted passenger",null,"FALSE",130,"FALSE",0,"FALSE"]
["G13373","VN1R4","missense",19,53770380,"C","T","p.R180H",0.102,49,5,"unknown","NA",0,"NA",0,6.274,"het",0.02407,"GGAATGATAACAACATTGCA","GCAGTGTCTGTGCGATTTTG",0,0,"chr19:g.53770380C>T",31591,"V1R","predicted passenger",null,"FALSE",52,"FALSE",0,"FALSE"]
["G13375","VN1R4","missense",19,53770380,"C","T","p.R180H",0.0416666666666667,50,2,"unknown","NA",0,"NA",0,6.274,"het",0.02407,"GGAATGATAACAACATTGCA","GCAGTGTCTGTGCGATTTTG",0,0,"chr19:g.53770380C>T",31591,"V1R","predicted passenger",null,"FALSE",52,"FALSE",0,"FALSE"]
["G13373","RIMS4","missense",20,43438833,"A","T","p.F27Y",0.1522,92,14,"unknown","NA",0,"NA",0,11.52,"het",5e-05,"TACCTGCGTCCTCGTCGTCG","AGGAGTTCATGCACGGGAAG",0,0,"chr20:g.43438833A>T",31592,null,"predicted passenger",null,"FALSE",107,"FALSE",0,"FALSE"]
["G13375","RIMS4","missense",20,43438833,"A","T","p.F27Y",0.0274,73,2,"unknown","NA",0,"NA",0,11.52,"het",5e-05,"TACCTGCGTCCTCGTCGTCG","AGGAGTTCATGCACGGGAAG",0,0,"chr20:g.43438833A>T",31592,null,"predicted passenger",null,"FALSE",107,"FALSE",0,"FALSE"]
["G13376","RIMS4","missense",20,43438833,"A","T","p.F27Y",0.0538,93,5,"unknown","NA",0,"NA",0,11.52,"het",5e-05,"TACCTGCGTCCTCGTCGTCG","AGGAGTTCATGCACGGGAAG",0,0,"chr20:g.43438833A>T",31592,null,"predicted passenger",null,"FALSE",107,"FALSE",0,"FALSE"]
["G13373","ARSF","missense","X",3030575,"G","A","p.R584Q",0.1176,17,2,"unknown","NA",0,"NA",0,7.069,"het",0.1314,"AGAGGAAGTCTCTCAGCCTC","GGGTCCTAACGAGAAGAGAT",0,0,"chrX:g.3030575G>A",31596,null,"predicted passenger",null,"FALSE",29,"FALSE",0,"FALSE"]
["G13373","AR","missense","X",66942709,"A","C","p.E830D",0.188,133,25,"unknown","NA",0,"NA",0,24.7,"het",0,"AATCAAAAATTCTTTGATGA","CTTCGAATGAACTACATCAA",0,1,"chrX:g.66942709A>C",31597,"Hormone_recep","predicted passenger","Act","FALSE",147,"FALSE",2,"TRUE"]
["G13375","AR","missense","X",66942709,"A","C","p.E830D",0.1074,121,13,"unknown","NA",0,"NA",0,24.7,"het",5e-05,"AATCAAAAATTCTTTGATGA","CTTCGAATGAACTACATCAA",0,1,"chrX:g.66942709A>C",31780,"Hormone_recep","predicted passenger","Act","FALSE",147,"FALSE",2,"TRUE"]
["G13374","AR","missense","X",66942709,"A","C","p.E830D",0.0682,132,9,"unknown","NA",0,"NA",0,24.7,"het",0,"AATCAAAAATTCTTTGATGA","CTTCGAATGAACTACATCAA",0,1,"chrX:g.66942709A>C",31597,"Hormone_recep","predicted passenger","Act","FALSE",147,"FALSE",2,"TRUE"]
["G13376","AR","missense","X",66942709,"A","C","p.E830D",0.0984,122,12,"unknown","NA",0,"NA",0,24.7,"het",0,"AATCAAAAATTCTTTGATGA","CTTCGAATGAACTACATCAA",0,1,"chrX:g.66942709A>C",31597,"Hormone_recep","predicted passenger","Act","FALSE",147,"FALSE",2,"TRUE"]
["G13373","KIAA2022","missense","X",73963128,"T","G","p.K422Q",0.1477,88,13,"unknown","NA",0,"NA",0,2.54,"het",8e-05,"ATGGCCCTGCTTTGGATTCT","AAGTTGCTCTACTTCAGTCC",0,0,"chrX:g.73963128T>G",31598,null,"predicted passenger",null,"FALSE",95,"FALSE",0,"FALSE"]
["G13375","KIAA2022","missense","X",73963128,"T","G","p.K422Q",0.1389,72,10,"unknown","NA",0,"NA",0,2.54,"het",0.00025,"ATGGCCCTGCTTTGGATTCT","AAGTTGCTCTACTTCAGTCC",0,0,"chrX:g.73963128T>G",31781,null,"predicted passenger",null,"FALSE",95,"FALSE",0,"FALSE"]
["G13374","KIAA2022","missense","X",73963128,"T","G","p.K422Q",0.026,77,2,"unknown","NA",0,"NA",0,2.54,"het",8e-05,"ATGGCCCTGCTTTGGATTCT","AAGTTGCTCTACTTCAGTCC",0,0,"chrX:g.73963128T>G",31598,null,"predicted passenger",null,"FALSE",95,"FALSE",0,"FALSE"]
["G13376","KIAA2022","missense","X",73963128,"T","G","p.K422Q",0.0769,78,6,"unknown","NA",0,"NA",0,2.54,"het",8e-05,"ATGGCCCTGCTTTGGATTCT","AAGTTGCTCTACTTCAGTCC",0,0,"chrX:g.73963128T>G",31598,null,"predicted passenger",null,"FALSE",95,"FALSE",0,"FALSE"]
["G13373","NRK","missense","X",105190006,"A","C","p.K1402T",0.2308,52,12,"unknown","NA",0,"NA",0,25.9,"het",3e-05,"CCTTCATTTGCTGAAGCTCA","GGCAAGGAACTTGAAGACAG",0,0,"chrX:g.105190006A>C",31599,"CNH","predicted passenger",null,"FALSE",65,"FALSE",1,"FALSE"]
["G13375","NRK","missense","X",105190006,"A","C","p.K1402T",0.1875,64,12,"unknown","NA",0,"NA",0,25.9,"het",0.00015,"CCTTCATTTGCTGAAGCTCA","GGCAAGGAACTTGAAGACAG",0,0,"chrX:g.105190006A>C",31783,"CNH","predicted passenger",null,"FALSE",65,"FALSE",1,"FALSE"]
["G13376","NRK","missense","X",105190006,"A","C","p.K1402T",0.1186,59,7,"unknown","NA",0,"NA",0,25.9,"het",0.00509,"CCTTCATTTGCTGAAGCTCA","GGCAAGGAACTTGAAGACAG",0,0,"chrX:g.105190006A>C",31893,"CNH","predicted passenger",null,"FALSE",65,"FALSE",1,"FALSE"]
["G13373","RBMXL3","missense","X",114424624,"C","T","p.A207V",0.1613,31,5,"unknown","NA",0,"NA",0,4.415,"het",0.08019,"CGGCCCACCCCACAAGAGGG","TGTGCCCCGGTCAAGCCTGG",0,0,"chrX:g.114424624C>T",31600,null,"predicted passenger",null,"FALSE",20,"FALSE",0,"FALSE"]
["G13375","RBMXL3","missense","X",114424624,"C","T","p.A207V",0.0571,35,2,"unknown","NA",0,"NA",0,4.415,"het",0.08019,"CGGCCCACCCCACAAGAGGG","TGTGCCCCGGTCAAGCCTGG",0,0,"chrX:g.114424624C>T",31600,null,"predicted passenger",null,"FALSE",20,"FALSE",0,"FALSE"]
["G13376","RBMXL3","missense","X",114424624,"C","T","p.A207V",0.222222222222222,33,6,"unknown","NA",0,"NA",0,4.415,"het",0.08019,"CGGCCCACCCCACAAGAGGG","TGTGCCCCGGTCAAGCCTGG",0,0,"chrX:g.114424624C>T",31600,null,"predicted passenger",null,"FALSE",20,"FALSE",0,"FALSE"]
["G13374","MTOR",".",1,11273455,"C","A",".",0.1081,37,4,"unknown","NA",0,"NA",0,26.6,"het",0.0642,"AGGATGACGTAGGCTACTCA","CTTGATAGAGACAATGCGGC",0,1,"chr1:g.11273455C>A",31601,null,"predicted passenger","Act","FALSE",37,"TRUE",1,"TRUE"]
["G13374","GLB1L","missense",2,220108036,"C","A","p.A25S",0.1304,23,3,"unknown","NA",0,"NA",0,19.12,"het",0.0714,"TACGAACGACCGAGTGTCTG","CTATAAAGAGAAAGAGACGC",0,0,"chr2:g.220108036C>A",31613,null,"predicted passenger",null,"FALSE",31,"FALSE",0,"FALSE"]
["G13374","ZBTB47","frameshift",3,42700910,"GCT","G","p.A355Gfs*37",0.1667,12,2,"unknown","NA",0,"NA",0,18.68,"het",0.1746,"AGGAGGGGGAGGAGGGGGAG","GGGGGCAAGCAGGGGCCACG",0,0,"chr3:g.42700911_42700912del",31615,null,"predicted passenger",null,"FALSE",17,"FALSE",0,"FALSE"]
["G13374","HNRNPDL","missense",4,83347616,"C","A","p.G398C",0.1176,17,2,"unknown","NA",0,"NA",0,29.7,"het",0.24242,"ATTAAGTTAAATATTCTTAC","ACTGTAGTCTGCATATCCCT",0,0,"chr4:g.83347616C>A",31618,null,"predicted driver: tier 1","LoF","FALSE",17,"FALSE",2,"TRUE"]
["G13374","FOXC1","missense",6,1611429,"G","A","p.S250N",0.0531,245,13,"unknown","NA",0,"NA",0,2.056,"het",0.0002,"CGCCGCCCTGGGCAGCGGCA","CGCCGCCGCGGTGCCCAAGA",0,0,"chr6:g.1611429G>A",31626,null,"predicted passenger","LoF","FALSE",253,"FALSE",0,"FALSE"]
["G13374","TRRAP","frameshift",7,98507845,"CACCTCCA","C","p.P508Rfs*10",0.2778,36,10,"unknown","NA",0,"NA",0,25.9,"het",0.00041,"CCCAGCCCCTGTCCCTGCCC","CCCCCGCCCCCACCCCCACC",0,1,"chr7:g.98507846_98507852del",31633,null,"predicted driver: tier 2","ambiguous","FALSE",43,"TRUE",0,"TRUE"]
["G13372","TRRAP","frameshift",7,98507845,"CACCTCCA","C","p.P508Rfs*10",0.491071428571429,34,11,"unknown","NA",0,"NA",0,25.9,"het",0.00041,"CCCAGCCCCTGTCCCTGCCC","CCCCCGCCCCCACCCCCACC",0,1,"chr7:g.98507846_98507852del",31633,null,"predicted driver: tier 2","ambiguous","FALSE",43,"TRUE",0,"TRUE"]
["G13373","TRRAP","frameshift",7,98507845,"CACCTCCA","C","p.P508Rfs*10",0.210046923204818,41,6.8,"unknown","NA",0,"NA",0,25.9,"het",0.00041,"CCCAGCCCCTGTCCCTGCCC","CCCCCGCCCCCACCCCCACC",0,1,"chr7:g.98507846_98507852del",31633,null,"predicted driver: tier 2","ambiguous","FALSE",43,"TRUE",0,"TRUE"]
["G13375","TRRAP","frameshift",7,98507845,"CACCTCCA","C","p.P508Rfs*10",0.484824353574354,45,14.125,"unknown","NA",0,"NA",0,25.9,"het",0.00041,"CCCAGCCCCTGTCCCTGCCC","CCCCCGCCCCCACCCCCACC",0,1,"chr7:g.98507846_98507852del",31633,null,"predicted driver: tier 2","ambiguous","FALSE",43,"TRUE",0,"TRUE"]
["G13376","TRRAP","frameshift",7,98507845,"CACCTCCA","C","p.P508Rfs*10",0.324602179749239,42,9.625,"unknown","NA",0,"NA",0,25.9,"het",0.00041,"CCCAGCCCCTGTCCCTGCCC","CCCCCGCCCCCACCCCCACC",0,1,"chr7:g.98507846_98507852del",31633,null,"predicted driver: tier 2","ambiguous","FALSE",43,"TRUE",0,"TRUE"]
["G13374","ATG2A","missense",11,64665390,"C","A","p.V1639L",0.1333,15,2,"unknown","NA",0,"NA",0,0.017,"het",0.19886,"CTGCGAACCAGTGGTCTCTA","GCCTTCGGCCTGCCCTTCCA",0,0,"chr11:g.64665390C>A",31642,null,"predicted passenger",null,"FALSE",18,"FALSE",0,"FALSE"]
["G13374","NPIPB6","missense",16,28354365,"G","A","p.L281F",0.2,20,4,"unknown","NA",0,"NA",0,19.97,"het",0.20463,"ACACTCAGTAGGTGTCTTGA","GCTCAGGGAGTTATCAGTTA",0,0,"chr16:g.28354365G>A",31654,"NPIP","predicted passenger",null,"FALSE",18,"FALSE",1,"FALSE"]
["G13376","NPIPB6","missense",16,28354365,"G","A","p.L281F",0.1765,17,3,"unknown","NA",0,"NA",0,19.97,"het",0.20463,"ACACTCAGTAGGTGTCTTGA","GCTCAGGGAGTTATCAGTTA",0,0,"chr16:g.28354365G>A",31654,"NPIP","predicted passenger",null,"FALSE",18,"FALSE",1,"FALSE"]
["G13372","NPIPB6","missense",16,28354365,"G","A","p.L281F",0.4,7,2,"unknown","NA",0,"NA",0,19.97,"het",0.20463,"ACACTCAGTAGGTGTCTTGA","GCTCAGGGAGTTATCAGTTA",0,0,"chr16:g.28354365G>A",31654,"NPIP","predicted passenger",null,"FALSE",18,"FALSE",1,"FALSE"]
["G13374","APOBR","missense",16,28507069,"C","A","p.T236N",0.1,20,2,"unknown","NA",0,"NA",0,0.226,"het",0.22067,"GGAGGCAGATGCAGGGGAAA","TGAGGAGCCTGGGGCCGAAG",0,0,"chr16:g.28507069C>A",31655,null,"predicted passenger",null,"FALSE",22,"FALSE",0,"FALSE"]
["G13374","GPR179","missense",17,36486033,"T","C","p.K1140R",0.125,16,2,"unknown","NA",0,"NA",0,19.46,"het",0.20168,"AGGGGATAAGAGCGGCCTGC","TACTCACCGCCTTGGGCCGG",0,0,"chr17:g.36486033T>C",31657,null,"predicted passenger",null,"FALSE",19,"FALSE",0,"FALSE"]
["G13374","PTPRS","frameshift",19,5222730,"C","CG","p.V1025Rfs*34",0.0781,64,5,"unknown","NA",0,"NA",0,34,"het",0.02284,"CAGGAACGTCCGGTAGCGGA","GGGGGGGCTGAAGGGGCCAG",0,0,"chr19:g.5222730_5222731insG",31661,null,"predicted passenger",null,"FALSE",76,"TRUE",0,"FALSE"]
["G13373","PTPRS","frameshift",19,5222730,"C","CG","p.V1025Rfs*34",0.0188679245283019,54,1,"unknown","NA",0,"NA",0,34,"het",0.02284,"CAGGAACGTCCGGTAGCGGA","GGGGGGGCTGAAGGGGCCAG",0,0,"chr19:g.5222730_5222731insG",31661,null,"predicted passenger",null,"FALSE",76,"TRUE",0,"FALSE"]
["G13376","PTPRS","frameshift",19,5222730,"C","CG","p.V1025Rfs*34",0.0138888888888889,73,1,"unknown","NA",0,"NA",0,34,"het",0.02284,"CAGGAACGTCCGGTAGCGGA","GGGGGGGCTGAAGGGGCCAG",0,0,"chr19:g.5222730_5222731insG",31661,null,"predicted passenger",null,"FALSE",76,"TRUE",0,"FALSE"]
["G13374","DCAF15","missense",19,14070706,"A","G","p.E480G",0.1045,67,7,"unknown","NA",0,"NA",0,26.6,"het",0.0046,"CTATGACATCGTCATTCTGG","GGTGGGCCCAGGGCGGGCAG",0,0,"chr19:g.14070706A>G",31662,null,"predicted passenger",null,"FALSE",97,"FALSE",1,"FALSE"]
["G13372","DCAF15","missense",19,14070706,"A","G","p.E480G",0.0645161290322581,77,4,"unknown","NA",0,"NA",0,26.6,"het",0.0046,"CTATGACATCGTCATTCTGG","GGTGGGCCCAGGGCGGGCAG",0,0,"chr19:g.14070706A>G",31662,null,"predicted passenger",null,"FALSE",97,"FALSE",1,"FALSE"]
["G13373","DCAF15","missense",19,14070706,"A","G","p.E480G",0.0645161290322581,83,4,"unknown","NA",0,"NA",0,26.6,"het",0.0046,"CTATGACATCGTCATTCTGG","GGTGGGCCCAGGGCGGGCAG",0,0,"chr19:g.14070706A>G",31662,null,"predicted passenger",null,"FALSE",97,"FALSE",1,"FALSE"]
["G13376","DCAF15","missense",19,14070706,"A","G","p.E480G",0.111111111111111,86,7,"unknown","NA",0,"NA",0,26.6,"het",0.0046,"CTATGACATCGTCATTCTGG","GGTGGGCCCAGGGCGGGCAG",0,0,"chr19:g.14070706A>G",31662,null,"predicted passenger",null,"FALSE",97,"FALSE",1,"FALSE"]
["G13374","FFAR2","missense",19,35940628,"C","A","p.D4E",0.12,25,3,"unknown","NA",0,"NA",0,0.771,"het",0.15152,"CCCTCCAGGATGCTGCCGGA","TGGAAGAGCTCCTTGATCCT",0,0,"chr19:g.35940628C>A",31663,null,"predicted passenger",null,"FALSE",22,"FALSE",0,"FALSE"]
["G13374","SIRT2","missense",19,39371356,"C","A","p.R282L",0.1429,14,2,"unknown","NA",0,"NA",0,34,"het",0.25926,"TCTCCTTGTTGATGAGCAGG","GAGGGGTGGAGAGGGGTGCC",0,0,"chr19:g.39371356C>A",31664,null,"predicted passenger","LoF","FALSE",13,"TRUE",3,"FALSE"]
["G13374","TTC28","missense",22,28504339,"C","A","p.K498N",0.1176,17,2,"unknown","NA",0,"NA",0,24,"het",0.16585,"TGGGCAATGCACAGGTGGGT","TTGTGGAGTTTCAGTGCAGT",0,0,"chr22:g.28504339C>A",31669,"TPR_12","predicted passenger",null,"FALSE",24,"FALSE",0,"FALSE"]
["G13375","VPS13D","missense",1,12416055,"G","A","p.R3260Q",0.1,80,8,"unknown","NA",0,"NA",0,33,"het",1.98E-3,"ACTCTATGACGTCAACCGTC","GCAGCTGAACCTCACCATCC",0,0,"chr1:g.12416055G>A",31671,null,"predicted passenger",null,"FALSE",113,"FALSE",1,"FALSE"]
["G13373","VPS13D","missense",1,12416055,"G","A","p.R3260Q",0.0515,97,5,"unknown","NA",0,"NA",0,33,"het",1.98E-3,"ACTCTATGACGTCAACCGTC","GCAGCTGAACCTCACCATCC",0,0,"chr1:g.12416055G>A",31671,null,"predicted passenger",null,"FALSE",113,"FALSE",1,"FALSE"]
["G13376","VPS13D","missense",1,12416055,"G","A","p.R3260Q",0.05,80,4,"unknown","NA",0,"NA",0,33,"het",1.98E-3,"ACTCTATGACGTCAACCGTC","GCAGCTGAACCTCACCATCC",0,0,"chr1:g.12416055G>A",31671,null,"predicted passenger",null,"FALSE",113,"FALSE",1,"FALSE"]
["G13375","KIF17","frameshift",1,20991193,"T","GG","p.T992Pfs*5",0.0841,107,9,"unknown","NA",0,"NA",0,24.1,"het",0.00026,"GGGCATTTCAGGGGCCTGGG","GGGTGGGATGGCAGAGTTGT",0,0,"chr1:g.20991193delinsGG",31672,null,"predicted passenger",null,"FALSE",148,"FALSE",0,"FALSE"]
["G13374","KIF17","frameshift",1,20991193,"T","GG","p.T992Pfs*5",0.040650406504065,128,5,"unknown","NA",0,"NA",0,24.1,"het",0.01149,"GGGCATTTCAGGGGCCTGGG","GGGTGGGATGGCAGAGTTGT",0,0,"chr1:g.20991193delinsGG",31044,null,"predicted passenger",null,"FALSE",148,"FALSE",0,"FALSE"]
["G13375","MACF1","missense",1,39889851,"G","A","p.S3372N",0.093,43,4,"unknown","NA",0,"NA",0,15.9,"het",0.03023,"TAGATGGACTGAACTACTCA","TAAGGCAGCAGCCAGGTAAG",0,1,"chr1:g.39889851G>A",31673,"Spectrin","predicted passenger","Act","FALSE",60,"FALSE",0,"FALSE"]
["G13375","KDM5B","missense",1,202710528,"C","A","p.W971L",0.1333,15,2,"unknown","NA",0,"NA",0,24.4,"het",0.32308,"GACTCTTGGCTTTGTCGTCC","AGTGCTCTGACACTGTGAGC",0,0,"chr1:g.202710528C>A",31679,"PLU-1","predicted passenger",null,"FALSE",11,"FALSE",1,"FALSE"]
["G13375","HEATR5B","missense",2,37276985,"C","A","p.G836V",0.1,30,3,"unknown","NA",0,"NA",0,22.5,"het",0.09745,"TACTTTTGTTTTCAGCTAAG","CCTACATTAAAAAAAAAAAA",0,0,"chr2:g.37276985C>A",31684,null,"predicted passenger",null,"FALSE",34,"FALSE",1,"FALSE"]
["G13374","HEATR5B","missense",2,37276985,"C","A","p.G836V",0.0666666666666667,32,2,"unknown","NA",0,"NA",0,22.5,"het",0.09745,"TACTTTTGTTTTCAGCTAAG","CCTACATTAAAAAAAAAAAA",0,0,"chr2:g.37276985C>A",31684,null,"predicted passenger",null,"FALSE",34,"FALSE",1,"FALSE"]
["G13375","PROM2","missense",2,95944891,"A","G","p.R425G",0.1176,17,2,"unknown","NA",0,"NA",0,23.4,"het",0.14376,"TGCAGAGATACGAGACCTAC","GGTGCTGGGCACCGCAGGGT",0,0,"chr2:g.95944891A>G",31686,"Prominin","predicted passenger",null,"FALSE",28,"FALSE",1,"FALSE"]
["G13375","EPB41L5","missense",2,120776838,"C","A","p.P60T",0.1,20,2,"unknown","NA",0,"NA",0,29.1,"het",0.18357,"CTGATGTTAGTGTGGACTTG","CAGTAAGTAGGTCTTGCTGA",0,0,"chr2:g.120776838C>A",31687,"FERM_N","predicted passenger",null,"FALSE",26,"FALSE",2,"FALSE"]
["G13375","UVSSA","missense",4,1343636,"C","A","p.N141K",0.1364,22,3,"unknown","NA",0,"NA",0,19.16,"het",0.14447,"TACCACTTCTTAAGACACAA","AAAAAGGTAGGTGGGCCTGG",0,0,"chr4:g.1343636C>A",31697,null,"predicted passenger",null,"FALSE",19,"FALSE",0,"FALSE"]
["G13375","HTT","missense",4,3215860,"C","A","p.A2317D",0.1053,19,2,"unknown","NA",0,"NA",0,23.6,"het",0.21923,"TGTGCACTTCATCCTGGAGG","CGGTGAGTCCCCGTCCATGA",0,0,"chr4:g.3215860C>A",31698,null,"predicted passenger",null,"FALSE",21,"FALSE",0,"FALSE"]
["G13375","SEPSECS",".",4,25153580,"A","C",".",0.0522,134,7,"unknown","NA",0,"NA",0,25.1,"het",0.0034,"ATATCATTTTAAACTCTCTT","CCTGCTGAATGAGATGCATA",0,0,"chr4:g.25153580A>C",31700,null,"predicted passenger",null,"FALSE",181,"TRUE",1,"FALSE"]
["G13375","SLC4A4","missense",4,72433505,"T","G","p.S1060R",0.0641,78,5,"unknown","NA",0,"NA",0,14.94,"het",0.03692,"TTTTTTTCCTTTTTCTCTAG","CCTCCTAGAACTCCAGTAAA",0,0,"chr4:g.72433505T>G",31701,null,"predicted passenger",null,"FALSE",72,"FALSE",2,"FALSE"]
["G13373","SLC4A4","missense",4,72433505,"T","G","p.S1060R",0.05,80,4,"unknown","NA",0,"NA",0,14.94,"het",0.03692,"TTTTTTTCCTTTTTCTCTAG","CCTCCTAGAACTCCAGTAAA",0,0,"chr4:g.72433505T>G",31701,null,"predicted passenger",null,"FALSE",72,"FALSE",2,"FALSE"]
["G13374","SLC4A4","missense",4,72433505,"T","G","p.S1060R",0.0194,103,2,"unknown","NA",0,"NA",0,14.94,"het",0.03692,"TTTTTTTCCTTTTTCTCTAG","CCTCCTAGAACTCCAGTAAA",0,0,"chr4:g.72433505T>G",31701,null,"predicted passenger",null,"FALSE",72,"FALSE",2,"FALSE"]
["G13376","SLC4A4","missense",4,72433505,"T","G","p.S1060R",0.0353,85,3,"unknown","NA",0,"NA",0,14.94,"het",0.03692,"TTTTTTTCCTTTTTCTCTAG","CCTCCTAGAACTCCAGTAAA",0,0,"chr4:g.72433505T>G",31701,null,"predicted passenger",null,"FALSE",72,"FALSE",2,"FALSE"]
["G13375","DNAH8","missense",6,38828344,"A","C","p.I2012L",0.0556,144,8,"unknown","NA",0,"NA",0,12.58,"het",0.01763,"CTATTACAGATGTTGATTTT","TTTACCAAAATGAATTTCTG",0,0,"chr6:g.38828344A>C",31712,null,"predicted passenger",null,"FALSE",161,"FALSE",0,"FALSE"]
["G13376","DNAH8","missense",6,38828344,"A","C","p.I2012L",0.0851,141,12,"unknown","NA",0,"NA",0,12.58,"het",0.00118,"CTATTACAGATGTTGATTTT","TTTACCAAAATGAATTTCTG",0,0,"chr6:g.38828344A>C",31816,null,"predicted passenger",null,"FALSE",161,"FALSE",0,"FALSE"]
["G13373","DNAH8","missense",6,38828344,"A","C","p.I2012L",0.0216,139,3,"unknown","NA",0,"NA",0,12.58,"het",0.01763,"CTATTACAGATGTTGATTTT","TTTACCAAAATGAATTTCTG",0,0,"chr6:g.38828344A>C",31712,null,"predicted passenger",null,"FALSE",161,"FALSE",0,"FALSE"]
["G13374","DNAH8","missense",6,38828344,"A","C","p.I2012L",0.0123,162,2,"unknown","NA",0,"NA",0,12.58,"het",0.01763,"CTATTACAGATGTTGATTTT","TTTACCAAAATGAATTTCTG",0,0,"chr6:g.38828344A>C",31712,null,"predicted passenger",null,"FALSE",161,"FALSE",0,"FALSE"]
["G13375","FAM26F","missense",6,116784855,"C","A","p.T312N",0.1,20,2,"unknown","NA",0,"NA",0,5.987,"het",0.10048,"TTCATCTGGTATAAACAGCA","TCCTGAGTTATGACCTTTTG",0,0,"chr6:g.116784855C>A",31716,null,"predicted passenger",null,"FALSE",42,"FALSE",0,"FALSE"]
["G13375","ARID1B","missense",6,157528795,"C","A","p.Q2174K",0.0588,68,4,"unknown","NA",0,"NA",0,27.3,"het",0.0402,"TCACGATGGCCCAGTACCAG","AGAGCCAGCACAACCTCATG",0,1,"chr6:g.157528795C>A",31717,"DUF3518","predicted driver: tier 1","LoF","FALSE",83,"FALSE",2,"TRUE"]
["G13374","ARID1B","missense",6,157528795,"C","A","p.Q2174K",0.0208,96,2,"unknown","NA",0,"NA",0,27.3,"het",0.0402,"TCACGATGGCCCAGTACCAG","AGAGCCAGCACAACCTCATG",0,1,"chr6:g.157528795C>A",31717,"DUF3518","predicted driver: tier 1","LoF","FALSE",83,"FALSE",2,"TRUE"]
["G13375","THBS2","missense",6,169641889,"C","T","p.V287M",0.0746,67,5,"unknown","NA",0,"NA",0,32,"het",0.0365,"GTTCTCGCTGAGCTGGTTCA","GAGGACGTGGAGCCCCGAGA",0,0,"chr6:g.169641889C>T",31718,null,"predicted passenger",null,"FALSE",77,"FALSE",1,"FALSE"]
["G13373","THBS2","missense",6,169641889,"C","T","p.V287M",0.0536,56,3,"unknown","NA",0,"NA",0,32,"het",0.0365,"GTTCTCGCTGAGCTGGTTCA","GAGGACGTGGAGCCCCGAGA",0,0,"chr6:g.169641889C>T",31718,null,"predicted passenger",null,"FALSE",77,"FALSE",1,"FALSE"]
["G13374","THBS2","missense",6,169641889,"C","T","p.V287M",0.027,74,2,"unknown","NA",0,"NA",0,32,"het",0.0365,"GTTCTCGCTGAGCTGGTTCA","GAGGACGTGGAGCCCCGAGA",0,0,"chr6:g.169641889C>T",31718,null,"predicted passenger",null,"FALSE",77,"FALSE",1,"FALSE"]
["G13376","THBS2","missense",6,169641889,"C","T","p.V287M",0.0536,56,3,"unknown","NA",0,"NA",0,32,"het",0.0365,"GTTCTCGCTGAGCTGGTTCA","GAGGACGTGGAGCCCCGAGA",0,0,"chr6:g.169641889C>T",31718,null,"predicted passenger",null,"FALSE",77,"FALSE",1,"FALSE"]
["G13375","ZNF679","missense",7,63726732,"A","G","p.R241G",0.0699,143,10,"unknown","NA",0,"NA",0,21.1,"het",0.0007,"ATACTGGAGAGAAACCCTAC","GATGTGAGGAATGTGGCAAA",0,0,"chr7:g.63726732A>G",31720,"zf-H2C2_2","predicted passenger",null,"FALSE",155,"FALSE",0,"FALSE"]
["G13373","ZNF679","missense",7,63726732,"A","G","p.R241G",0.0288,104,3,"unknown","NA",0,"NA",0,21.1,"het",0.0007,"ATACTGGAGAGAAACCCTAC","GATGTGAGGAATGTGGCAAA",0,0,"chr7:g.63726732A>G",31720,"zf-H2C2_2","predicted passenger",null,"FALSE",155,"FALSE",0,"FALSE"]
["G13376","ZNF679","missense",7,63726732,"A","G","p.R241G",0.0254,118,3,"unknown","NA",0,"NA",0,21.1,"het",0.0007,"ATACTGGAGAGAAACCCTAC","GATGTGAGGAATGTGGCAAA",0,0,"chr7:g.63726732A>G",31720,"zf-H2C2_2","predicted passenger",null,"FALSE",155,"FALSE",0,"FALSE"]
["G13375","RNF122","missense",8,33408900,"G","A","p.R64W",0.0625,112,7,"unknown","NA",0,"NA",0,34,"het",0.00179,"CTCACTCTGTGCCTGGTTCC","CAGTTTGCTGGGAGAAAGAG",0,0,"chr8:g.33408900G>A",31722,null,"predicted passenger",null,"FALSE",181,"FALSE",2,"FALSE"]
["G13376","RNF122","missense",8,33408900,"G","A","p.R64W",0.0606,132,8,"unknown","NA",0,"NA",0,34,"het",0.00155,"CTCACTCTGTGCCTGGTTCC","CAGTTTGCTGGGAGAAAGAG",0,0,"chr8:g.33408900G>A",31826,null,"predicted passenger",null,"FALSE",181,"FALSE",2,"FALSE"]
["G13373","RNF122","missense",8,33408900,"G","A","p.R64W",0.0234,171,4,"unknown","NA",0,"NA",0,34,"het",0.00179,"CTCACTCTGTGCCTGGTTCC","CAGTTTGCTGGGAGAAAGAG",0,0,"chr8:g.33408900G>A",31722,null,"predicted passenger",null,"FALSE",181,"FALSE",2,"FALSE"]
["G13375","RIMS2","missense",8,104897723,"G","A","p.R299K",0.0738,122,9,"unknown","NA",0,"NA",0,23.2,"het",0.00277,"TTATAGGGACTCCAACAGGA","AAGTCATAGGCATTCCAAAG",0,0,"chr8:g.104897723G>A",31726,null,"predicted passenger",null,"FALSE",110,"FALSE",1,"FALSE"]
["G13372","RIMS2","missense",8,104897723,"G","A","p.R299K",0.026,77,2,"unknown","NA",0,"NA",0,23.2,"het",0.00277,"TTATAGGGACTCCAACAGGA","AAGTCATAGGCATTCCAAAG",0,0,"chr8:g.104897723G>A",31726,null,"predicted passenger",null,"FALSE",110,"FALSE",1,"FALSE"]
["G13373","RIMS2","missense",8,104897723,"G","A","p.R299K",0.028,107,3,"unknown","NA",0,"NA",0,23.2,"het",0.00277,"TTATAGGGACTCCAACAGGA","AAGTCATAGGCATTCCAAAG",0,0,"chr8:g.104897723G>A",31726,null,"predicted passenger",null,"FALSE",110,"FALSE",1,"FALSE"]
["G13376","RIMS2","missense",8,104897723,"G","A","p.R299K",0.0275,109,3,"unknown","NA",0,"NA",0,23.2,"het",0.00277,"TTATAGGGACTCCAACAGGA","AAGTCATAGGCATTCCAAAG",0,0,"chr8:g.104897723G>A",31726,null,"predicted passenger",null,"FALSE",110,"FALSE",1,"FALSE"]
["G13375","PARP11","missense",12,3921310,"C","A","p.E332D",0.0556,72,4,"unknown","NA",0,"NA",0,27.3,"het",0.04013,"CAATGAAAGTCTATCAAGTA","TCAGGATAGATTTGGTTGGC",0,0,"chr12:g.3921310C>A",31741,"PARP","predicted passenger",null,"FALSE",88,"FALSE",2,"FALSE"]
["G13375","CSRNP2","missense",12,51457576,"C","A","p.D529Y",0.125,16,2,"unknown","NA",0,"NA",0,24,"het",0.18018,"AGAATCTTCAGGGGGCCGAT","CTCATTCTGCTGGGAGGTCT",0,0,"chr12:g.51457576C>A",31744,null,"predicted passenger",null,"FALSE",22,"FALSE",1,"FALSE"]
["G13375","EP400","frameshift",12,132537945,"CAGCCGCAG","C","p.Q2511Pfs*68",0.1053,19,2,"unknown","NA",0,"NA",0,35,"het",0.13412,"TGGCCCAGCCACCCCCGCCC","CCCCCACCACCCCCGCAGCA",0,0,"chr12:g.132537946_132537953del",31745,null,"predicted passenger",null,"FALSE",39,"TRUE",0,"FALSE"]
["G13372","EP400","frameshift",12,132537945,"CAGCCGCAG","C","p.Q2511Pfs*68",0.20347532952575,24,4,"unknown","NA",0,"NA",0,35,"het",0.13412,"TGGCCCAGCCACCCCCGCCC","CCCCCACCACCCCCGCAGCA",0,0,"chr12:g.132537946_132537953del",31745,null,"predicted passenger",null,"FALSE",39,"TRUE",0,"FALSE"]
["G13374","EP400","frameshift",12,132537945,"CAGCCGCAG","C","p.Q2511Pfs*68",0.0676708948317926,32,2,"unknown","NA",0,"NA",0,35,"het",0.13412,"TGGCCCAGCCACCCCCGCCC","CCCCCACCACCCCCGCAGCA",0,0,"chr12:g.132537946_132537953del",31745,null,"predicted passenger",null,"FALSE",39,"TRUE",0,"FALSE"]
["G13375","WDFY2","missense",13,52330547,"A","G","p.E338G",0.05,100,5,"unknown","NA",0,"NA",0,33,"het",0.01316,"CATCCCCCTGATGGGCTTCG","GTTTGAAGTGAGGGTCTGTG",0,0,"chr13:g.52330547A>G",31748,"FYVE","predicted passenger",null,"FALSE",170,"FALSE",3,"FALSE"]
["G13373","WDFY2","missense",13,52330547,"A","G","p.E338G",0.0202,99,2,"unknown","NA",0,"NA",0,33,"het",0.01316,"CATCCCCCTGATGGGCTTCG","GTTTGAAGTGAGGGTCTGTG",0,0,"chr13:g.52330547A>G",31748,"FYVE","predicted passenger",null,"FALSE",170,"FALSE",3,"FALSE"]
["G13375","ADCY4","missense",14,24795311,"C","A","p.Q543H",0.1304,23,3,"unknown","NA",0,"NA",0,19.65,"het",0.10239,"GAGTTGAGCTGCTCAATGAC","TGGAAGAACTTGGCATCCCC",0,0,"chr14:g.24795311C>A",31750,"DUF1053","predicted passenger",null,"FALSE",28,"FALSE",0,"FALSE"]
["G13375","RALGAPA1","missense",14,36096454,"C","A","p.K1727N",0.0538,93,5,"unknown","NA",0,"NA",0,23.3,"het",0.01765,"TCTTTTTCTTCTGTATGTTG","TTAAGGATAGCATTAATAAC",0,0,"chr14:g.36096454C>A",31751,null,"predicted passenger",null,"FALSE",117,"FALSE",1,"FALSE"]
["G13375","CCNK","frameshift",14,99976592,"CACCCGGCCCCTGTGCACCAGCCACCGCCGCTGCCACACCGG","C","p.H406Pfs*164",0.16,75,12,"unknown","NA",0,"NA",0,34,"het",0.00037,"TCCAGATTCCCCCTCCGGCC","CCCCCGCCCCCACCCCCCTC",0,0,"chr14:g.99976593_99976633del",31753,null,"predicted passenger",null,"FALSE",101,"TRUE",0,"FALSE"]
["G13372","CCNK","frameshift",14,99976592,"CACCCGGCCCCTGTGCACCAGCCACCGCCGCTGCCACACCGG","C","p.H406Pfs*164",0.101068274014351,56,5,"unknown","NA",0,"NA",0,34,"het",0.00014,"TCCAGATTCCCCCTCCGGCC","CCCCCGCCCCCACCCCCCTC",0,0,"chr14:g.99976593_99976633del",30116,null,"predicted passenger",null,"FALSE",101,"TRUE",0,"FALSE"]
["G13374","CCNK","frameshift",14,99976592,"CACCCGGCCCCTGTGCACCAGCCACCGCCGCTGCCACACCGG","C","p.H406Pfs*164",0.0851265054845243,110,8.52380952380952,"unknown","NA",0,"NA",0,34,"het",0.00014,"TCCAGATTCCCCCTCCGGCC","CCCCCGCCCCCACCCCCCTC",0,0,"chr14:g.99976593_99976633del",30116,null,"predicted passenger",null,"FALSE",101,"TRUE",0,"FALSE"]
["G13376","CCNK","frameshift",14,99976592,"CACCCGGCCCCTGTGCACCAGCCACCGCCGCTGCCACACCGG","C","p.H406Pfs*164",0.0936420058931458,94,7.88095238095238,"unknown","NA",0,"NA",0,34,"het",0.00014,"TCCAGATTCCCCCTCCGGCC","CCCCCGCCCCCACCCCCCTC",0,0,"chr14:g.99976593_99976633del",30116,null,"predicted passenger",null,"FALSE",101,"TRUE",0,"FALSE"]
["G13375","RBL2","missense",16,53496538,"C","A","p.Q511K",0.093,86,8,"unknown","NA",0,"NA",0,16.03,"het",0.03907,"AATCTGTTATTGAGCAGGAA","AAAAAAGACTAGGAGACATG",0,0,"chr16:g.53496538C>A",31758,"RB_A","predicted passenger","LoF","FALSE",133,"FALSE",0,"FALSE"]
["G13373","RBL2","missense",16,53496538,"C","A","p.Q511K",0.0218978102189781,141,3,"unknown","NA",0,"NA",0,16.03,"het",0.02043,"AATCTGTTATTGAGCAGGAA","AAAAAAGACTAGGAGACATG",0,0,"chr16:g.53496538C>A",30663,"RB_A","predicted passenger","LoF","FALSE",133,"FALSE",0,"FALSE"]
["G13374","RBL2","missense",16,53496538,"C","A","p.Q511K",0.0510948905109489,147,7,"unknown","NA",0,"NA",0,16.03,"het",0.02043,"AATCTGTTATTGAGCAGGAA","AAAAAAGACTAGGAGACATG",0,0,"chr16:g.53496538C>A",30663,"RB_A","predicted passenger","LoF","FALSE",133,"FALSE",0,"FALSE"]
["G13376","RBL2","missense",16,53496538,"C","A","p.Q511K",0.0610687022900763,139,8,"unknown","NA",0,"NA",0,16.03,"het",0.02043,"AATCTGTTATTGAGCAGGAA","AAAAAAGACTAGGAGACATG",0,0,"chr16:g.53496538C>A",30663,"RB_A","predicted passenger","LoF","FALSE",133,"FALSE",0,"FALSE"]
["G13375","ATAD5","missense",17,29221721,"C","A","p.Q1813K",0.0625,80,5,"unknown","NA",0,"NA",0,29.5,"het",0.02508,"AGACTGAGAAGCTAAAAGAA","AAGGAAAAAGTAAAAGAAGG",0,0,"chr17:g.29221721C>A",31761,null,"predicted passenger",null,"FALSE",91,"FALSE",2,"FALSE"]
["G13372","ATAD5","missense",17,29221721,"C","A","p.Q1813K",0.028169014084507,73,2,"unknown","NA",0,"NA",0,29.5,"het",0.02508,"AGACTGAGAAGCTAAAAGAA","AAGGAAAAAGTAAAAGAAGG",0,0,"chr17:g.29221721C>A",31761,null,"predicted passenger",null,"FALSE",91,"FALSE",2,"FALSE"]
["G13375","ZPBP2","missense",17,38028705,"C","A","p.H197N",0.0521,96,5,"unknown","NA",0,"NA",0,6.275,"het",0.0193,"ATTCTGTTGAAATTCCAGAA","ATGGCCTCATACATGAGCTA",0,0,"chr17:g.38028705C>A",31763,"Sp38","predicted passenger",null,"FALSE",119,"FALSE",0,"FALSE"]
["G13375","KCNH4","missense",17,40312123,"C","A","p.A997S",0.1053,19,2,"unknown","NA",0,"NA",0,20.9,"het",0.17273,"GCTTGGGGTTGGGGGTGAGG","CTCTGGCACTGGAGAGGGTC",0,0,"chr17:g.40312123C>A",31764,null,"predicted passenger",null,"FALSE",29,"FALSE",0,"FALSE"]
["G13375","CD209","missense",19,7810593,"A","C","p.S187A",0.0522,134,7,"unknown","NA",0,"NA",0,0.356,"het",0.00325,"GTAGATCTCCTGCTGCTTAG","TTTCTCTGGAAGCTCACCCA",0,1,"chr19:g.7810593A>C",31769,null,"predicted passenger",null,"FALSE",175,"FALSE",1,"FALSE"]
["G13376","CD209","missense",19,7810593,"A","C","p.S187A",0.0382,157,6,"unknown","NA",0,"NA",0,0.356,"het",0.01231,"GTAGATCTCCTGCTGCTTAG","TTTCTCTGGAAGCTCACCCA",0,1,"chr19:g.7810593A>C",31877,null,"predicted passenger",null,"FALSE",175,"FALSE",1,"FALSE"]
["G13375","KRTAP26-1","missense",21,31692328,"C","A","p.G9V",0.1,20,2,"unknown","NA",0,"NA",0,23.3,"het",0.17576,"GAGATCCTGAGTTGGAGTTT","CCGAGCAGTAGTTGGGGCAA",0,0,"chr21:g.31692328C>A",31776,"PMG","predicted passenger",null,"FALSE",27,"FALSE",0,"FALSE"]
["G13375","SLC19A1","missense",21,46950796,"C","A","p.A347S",0.1053,19,2,"unknown","NA",0,"NA",0,23.9,"het",0.18937,"CAGAAGGAAGACCAGCCCCG","CTGCGTGGCCGTGACGCCCG",0,0,"chr21:g.46950796C>A",31777,"Folate_carrier","predicted passenger",null,"FALSE",25,"FALSE",1,"FALSE"]
["G13375","PRICKLE3","missense","X",49040362,"C","A","p.C46F",0.1053,19,2,"unknown","NA",0,"NA",0,26.4,"het",0.36774,"GCGGGCATTTGCAATGCTGG","AGATCTTTCTGAGGGGGCCG",0,0,"chrX:g.49040362C>A",31779,null,"predicted passenger",null,"FALSE",12,"FALSE",3,"FALSE"]
["G13375","RPS6KA6","missense","X",83357203,"C","A","p.V540F",0.1034,29,3,"unknown","NA",0,"NA",0,33,"het",0.11842,"AGGTTTAAGATCACGATGAA","AACCTTGAATATAAAGGAAA",0,0,"chrX:g.83357203C>A",31782,"Pkinase","predicted passenger","LoF","FALSE",30,"FALSE",3,"FALSE"]
["G13376","FAM129A","missense",1,184801004,"T","C","p.M232V",0.125,88,11,"unknown","NA",0,"NA",0,15.87,"het",0.00017,"GATTTCATCCCCAGTGATCA","TTCCCAGGAACCATAGTGAC",0,0,"chr1:g.184801004T>C",31785,null,"predicted passenger",null,"FALSE",114,"FALSE",0,"FALSE"]
["G13376","KIF14",".",1,200587967,"CT","AA",".",0.1818,11,2,"unknown","NA",0,"NA",0,8.744,"het",0.43478,"TTCTGAAAGTATCTGCTAAA","AAAAGAAAAAAAAAAGATTT",0,0,"chr1:g.200587967_200587968delinsAA",31786,null,"predicted passenger",null,"FALSE",14,"FALSE",0,"FALSE"]
["G13376","ZNF638","missense",2,71658506,"G","T","p.K1900N",0.0881,159,14,"unknown","NA",0,"NA",0,26.1,"het",3e-05,"GAACCAGAGCGAAAACGCAA","AAGACTGAAGACTCTTCTTC",0,0,"chr2:g.71658506G>T",31788,null,"predicted driver: tier 1","ambiguous","FALSE",182,"FALSE",1,"TRUE"]
["G13376","SLC9B1","missense",4,103911019,"G","T","p.T50K",0.0564,195,11,"unknown","NA",0,"NA",0,1E-3,"het",0.0002,"AAATGTATGTCTCCTTTTTT","TCTGTGGTTTTATTTCTTCT",0,0,"chr4:g.103911019G>T",31803,null,"predicted passenger",null,"FALSE",248,"FALSE",0,"FALSE"]
["G13372","SLC9B1","missense",4,103911019,"G","T","p.T50K",0.0306122448979592,202,6,"unknown","NA",0,"NA",0,1E-3,"het",0.01485,"AAATGTATGTCTCCTTTTTT","TCTGTGGTTTTATTTCTTCT",0,0,"chr4:g.103911019G>T",31064,null,"predicted passenger",null,"FALSE",248,"FALSE",0,"FALSE"]
["G13373","SLC9B1","missense",4,103911019,"G","T","p.T50K",0.0163934426229508,248,4,"unknown","NA",0,"NA",0,1E-3,"het",0.01485,"AAATGTATGTCTCCTTTTTT","TCTGTGGTTTTATTTCTTCT",0,0,"chr4:g.103911019G>T",31064,null,"predicted passenger",null,"FALSE",248,"FALSE",0,"FALSE"]
["G13375","SLC9B1","missense",4,103911019,"G","T","p.T50K",0.0372093023255814,223,8,"unknown","NA",0,"NA",0,1E-3,"het",0.01485,"AAATGTATGTCTCCTTTTTT","TCTGTGGTTTTATTTCTTCT",0,0,"chr4:g.103911019G>T",31064,null,"predicted passenger",null,"FALSE",248,"FALSE",0,"FALSE"]
["G13376","FAT4","missense",4,126369637,"C","A","p.T2489K",0.0533,75,4,"unknown","NA",0,"NA",0,23.7,"het",0.04288,"TTCCTTTGTCTTTGCGGTTA","AGTCACAGATGCTGATATTG",0,1,"chr4:g.126369637C>A",31805,"Cadherin","predicted passenger","LoF","FALSE",88,"FALSE",2,"TRUE"]
["G13376","GRIA2","missense",4,158284068,"G","A","p.E842K",0.086,93,8,"unknown","NA",0,"NA",0,25.5,"het",0.00103,"TCTGTTACAAGTCAAGGGCC","AGGCGAAACGAATGAAGGTG",0,0,"chr4:g.158284068G>A",31806,null,"predicted passenger",null,"FALSE",136,"FALSE",2,"FALSE"]
["G13373","GRIA2","missense",4,158284068,"G","A","p.E842K",0.0339,118,4,"unknown","NA",0,"NA",0,25.5,"het",0.00103,"TCTGTTACAAGTCAAGGGCC","AGGCGAAACGAATGAAGGTG",0,0,"chr4:g.158284068G>A",31806,null,"predicted passenger",null,"FALSE",136,"FALSE",2,"FALSE"]
["G13376","GEMIN5","missense",5,154278006,"A","C","p.S1113R",0.0583,103,6,"unknown","NA",0,"NA",0,25.1,"het",0.01218,"AATAACAGACTGACCTGTAG","CTTTCATGCAGCTGCAGGGC",0,0,"chr5:g.154278006A>C",31809,null,"predicted passenger",null,"FALSE",115,"FALSE",0,"FALSE"]
["G13376","ZBTB22","missense",6,33284072,"A","G","p.Y208H",0.071,169,12,"unknown","NA",0,"NA",0,23.2,"het",0.00053,"GGACTCCCTGGGGCTGAAGT","GTTGCTGCTGCTGGGAGATT",0,0,"chr6:g.33284072A>G",31815,null,"predicted passenger",null,"FALSE",183,"FALSE",1,"FALSE"]
["G13376","FAM162B","missense",6,117073795,"C","T","p.E152K",0.05,100,5,"unknown","NA",0,"NA",0,24.2,"het",0.01753,"CTGTGCAGCCAATGCAGCTT","TTCACGCCACTTAGCTTTCT",0,0,"chr6:g.117073795C>T",31818,"DUF1075","predicted passenger",null,"FALSE",157,"FALSE",1,"FALSE"]
["G13373","FAM162B","missense",6,117073795,"C","T","p.E152K",0.0336,119,4,"unknown","NA",0,"NA",0,24.2,"het",0.01753,"CTGTGCAGCCAATGCAGCTT","TTCACGCCACTTAGCTTTCT",0,0,"chr6:g.117073795C>T",31818,"DUF1075","predicted passenger",null,"FALSE",157,"FALSE",1,"FALSE"]
["G13372","FAM162B","missense",6,117073795,"C","T","p.E152K",0.0161290322580645,126,2,"unknown","NA",0,"NA",0,24.2,"het",0.01753,"CTGTGCAGCCAATGCAGCTT","TTCACGCCACTTAGCTTTCT",0,0,"chr6:g.117073795C>T",31818,"DUF1075","predicted passenger",null,"FALSE",157,"FALSE",1,"FALSE"]
["G13376","NHSL1","missense",6,138754805,"C","A","p.G230V",0.1429,14,2,"unknown","NA",0,"NA",0,25.2,"het",0.24074,"GGCCATCAGCATCATCTTGG","CAGTGCCTGATGCTGGAGAT",0,0,"chr6:g.138754805C>A",31820,null,"predicted passenger",null,"FALSE",14,"FALSE",2,"FALSE"]
["G13376","PLOD3","missense",7,100860470,"C","G","p.R29P",0.1176,17,2,"unknown","NA",0,"NA",0,23.2,"het",0.18354,"GGTTGACCGGGTCTCGGCCC","GGGGCCGGTCGGAGGCTGAG",0,0,"chr7:g.100860470C>G",31824,null,"predicted passenger",null,"FALSE",24,"FALSE",1,"FALSE"]
["G13376","UBE3C","missense",7,156979583,"A","G","p.D400G",0.0714,70,5,"unknown","NA",0,"NA",0,11.83,"het",0.01913,"GGAATGCCTGAAGAAGCTGG","CACAAAGCAGCAGACCAACA",0,0,"chr7:g.156979583A>G",31825,null,"predicted passenger",null,"FALSE",105,"FALSE",1,"FALSE"]
["G13376","TONSL","missense",8,145661634,"C","A","p.A728S",0.1333,15,2,"unknown","NA",0,"NA",0,9.989,"het",0.22581,"CCTGCTCCTCCGAGGCCTGG","CATGGCTGGTGCCGCCTGCC",0,0,"chr8:g.145661634C>A",31827,null,"predicted passenger",null,"FALSE",17,"FALSE",0,"FALSE"]
["G13376","COMMD5","missense",8,146076339,"C","T","p.V129M",0.1017,118,12,"unknown","NA",0,"NA",0,24.3,"het",0.00028,"CCGCTGGCTCCCAAATACCA","GCTGGCCAAGTCCCCGACCA",0,0,"chr8:g.146076339C>T",31828,"HCaRG","predicted passenger",null,"FALSE",110,"FALSE",0,"FALSE"]
["G13376","RANBP6","missense",9,6014951,"G","T","p.F219L",0.0537,149,8,"unknown","NA",0,"NA",0,10.85,"het",0.00495,"AGCAAGTCTGCAAAGTCTTT","AAAAGAGCAATATTATTCTC",0,0,"chr9:g.6014951G>T",31829,null,"predicted passenger",null,"FALSE",147,"FALSE",0,"FALSE"]
["G13376","CNTLN","missense",9,17135074,"G","A","p.R4H",0.0595,84,5,"unknown","NA",0,"NA",0,24,"het",0.01578,"AGCCGCAGCCATGGCGGCGC","TTCGCCTCCCTCACCGCACC",0,0,"chr9:g.17135074G>A",31830,null,"predicted passenger",null,"FALSE",117,"FALSE",2,"FALSE"]
["G13376","RUSC2","missense",9,35560733,"G","A","p.A1366T",0.1111,18,2,"unknown","NA",0,"NA",0,1E-3,"het",0.16944,"GTCGGGAGAGGGAAGGGCCC","CTGCCTCGCCAGCAGAAAAT",0,0,"chr9:g.35560733G>A",31831,null,"predicted passenger",null,"FALSE",27,"FALSE",0,"FALSE"]
["G13376","MAP4K2","missense",11,64569928,"C","A","p.E91D",0.1111,18,2,"unknown","NA",0,"NA",0,27.7,"het",0.16173,"AGGGAGCCCCCTCCGCAGAA","TCCATGCAGATCCACAAGCG",0,0,"chr11:g.64569928C>A",31841,"Pkinase","predicted passenger",null,"FALSE",27,"FALSE",2,"FALSE"]
["G13376","KMT5B",".",11,67941382,"T","TA",".",0.0583,103,6,"unknown","NA",0,"NA",0,10.26,"het",0.04374,"TTCGCAAATAAATAAATACC","AAAACAGGAAAAAAAAATTG",0,0,"chr11:g.67941382_67941383insA",31842,null,"predicted passenger",null,"FALSE",124,"FALSE",0,"FALSE"]
["G13372","KMT5B",".",11,67941382,"T","TA",".",0.025,80,2,"unknown","NA",0,"NA",0,10.26,"het",0.04374,"TTCGCAAATAAATAAATACC","AAAACAGGAAAAAAAAATTG",0,0,"chr11:g.67941382_67941383insA",31842,null,"predicted passenger",null,"FALSE",124,"FALSE",0,"FALSE"]
["G13373","KMT5B",".",11,67941382,"T","TA",".",0.0179,112,2,"unknown","NA",0,"NA",0,10.26,"het",0.04374,"TTCGCAAATAAATAAATACC","AAAACAGGAAAAAAAAATTG",0,0,"chr11:g.67941382_67941383insA",31842,null,"predicted passenger",null,"FALSE",124,"FALSE",0,"FALSE"]
["G13374","KMT5B",".",11,67941382,"T","TA",".",0.0155,129,2,"unknown","NA",0,"NA",0,10.26,"het",0.04374,"TTCGCAAATAAATAAATACC","AAAACAGGAAAAAAAAATTG",0,0,"chr11:g.67941382_67941383insA",31842,null,"predicted passenger",null,"FALSE",124,"FALSE",0,"FALSE"]
["G13376","SETD1B","frameshift",12,122261237,"A","AC","p.L1543Pfs*22",0.1758,91,16,"unknown","NA",0,"NA",0,31,"het",1e-05,"GGGATCCCAGCCCCTCCACC","CCCCTTCCCCCCCAGCCACC",0,1,"chr12:g.122261237_122261238insC",31848,null,"predicted passenger",null,"FALSE",94,"TRUE",0,"TRUE"]
["G13372","SETD1B","frameshift",12,122261237,"A","AC","p.L1543Pfs*22",0.0441176470588235,71,3,"unknown","NA",0,"NA",0,31,"het",1e-05,"GGGATCCCAGCCCCTCCACC","CCCCTTCCCCCCCAGCCACC",0,1,"chr12:g.122261237_122261238insC",31848,null,"predicted passenger",null,"FALSE",94,"TRUE",0,"TRUE"]
["G13373","SETD1B","frameshift",12,122261237,"A","AC","p.L1543Pfs*22",0.0285714285714286,72,2,"unknown","NA",0,"NA",0,31,"het",1e-05,"GGGATCCCAGCCCCTCCACC","CCCCTTCCCCCCCAGCCACC",0,1,"chr12:g.122261237_122261238insC",31848,null,"predicted passenger",null,"FALSE",94,"TRUE",0,"TRUE"]
["G13374","SETD1B","frameshift",12,122261237,"A","AC","p.L1543Pfs*22",0.154929577464789,82,11,"unknown","NA",0,"NA",0,31,"het",1e-05,"GGGATCCCAGCCCCTCCACC","CCCCTTCCCCCCCAGCCACC",0,1,"chr12:g.122261237_122261238insC",31848,null,"predicted passenger",null,"FALSE",94,"TRUE",0,"TRUE"]
["G13375","SETD1B","frameshift",12,122261237,"A","AC","p.L1543Pfs*22",0.0666666666666667,96,6,"unknown","NA",0,"NA",0,31,"het",1e-05,"GGGATCCCAGCCCCTCCACC","CCCCTTCCCCCCCAGCCACC",0,1,"chr12:g.122261237_122261238insC",31848,null,"predicted passenger",null,"FALSE",94,"TRUE",0,"TRUE"]
["G13376","DACT1","missense",14,59105241,"C","A","p.N107K",0.1,20,2,"unknown","NA",0,"NA",0,24.3,"het",0.23171,"GAGAAGTTCTTGGAGGAGAA","ATCTTGCTGCTAAGAAAGCA",0,0,"chr14:g.59105241C>A",31853,"Dapper","predicted passenger",null,"FALSE",26,"FALSE",2,"FALSE"]
["G13376","CCNK","frameshift",14,99976593,"A","CC","p.H406Pfs*178",0.1048,105,11,"unknown","NA",0,"NA",0,33,"het",0.00017,"CCAGATTCCCCCTCCGGCCC","CCCGGCCCCTGTGCACCAGC",0,0,"chr14:g.99976593delinsCC",31856,null,"predicted passenger",null,"FALSE",114,"FALSE",0,"FALSE"]
["G13376","GOLGA8M","missense",15,28951794,"G","A","p.R215W",0.0581,86,5,"unknown","NA",0,"NA",0,17.92,"het",0.02093,"TTTCAGTAGTGCCTCCTCCC","CATGGACTGCTCTAACTTCC",0,0,"chr15:g.28951794G>A",31857,null,"predicted passenger",null,"FALSE",98,"FALSE",1,"FALSE"]
["G13376","KDM6B","frameshift",17,7751147,"CTG","C","p.A515Pfs*39",0.1111,99,11,"unknown","NA",0,"NA",0,17.79,"het",1.07E-3,"GACTGAGGGACCCCCCCGCC","CCCCACCACCCCTCCCCCAT",0,0,"chr17:g.7751148_7751149del",31865,null,"predicted passenger",null,"FALSE",100,"TRUE",0,"FALSE"]
["G13372","KDM6B","frameshift",17,7751147,"CTG","C","p.A515Pfs*39",0.064049764049764,101,6,"unknown","NA",0,"NA",0,17.79,"het",1.07E-3,"GACTGAGGGACCCCCCCGCC","CCCCACCACCCCTCCCCCAT",0,0,"chr17:g.7751148_7751149del",31865,null,"predicted passenger",null,"FALSE",100,"TRUE",0,"FALSE"]
["G13373","KDM6B","frameshift",17,7751147,"CTG","C","p.A515Pfs*39",0.0893278301886792,110,9,"unknown","NA",0,"NA",0,17.79,"het",1.07E-3,"GACTGAGGGACCCCCCCGCC","CCCCACCACCCCTCCCCCAT",0,0,"chr17:g.7751148_7751149del",31865,null,"predicted passenger",null,"FALSE",100,"TRUE",0,"FALSE"]
["G13374","KDM6B","frameshift",17,7751147,"CTG","C","p.A515Pfs*39",0.0373000193208118,166,5.66666666666667,"unknown","NA",0,"NA",0,17.79,"het",1.07E-3,"GACTGAGGGACCCCCCCGCC","CCCCACCACCCCTCCCCCAT",0,0,"chr17:g.7751148_7751149del",31865,null,"predicted passenger",null,"FALSE",100,"TRUE",0,"FALSE"]
["G13375","KDM6B","frameshift",17,7751147,"CTG","C","p.A515Pfs*39",0.0551691891226775,142,7.33333333333333,"unknown","NA",0,"NA",0,17.79,"het",1.07E-3,"GACTGAGGGACCCCCCCGCC","CCCCACCACCCCTCCCCCAT",0,0,"chr17:g.7751148_7751149del",31865,null,"predicted passenger",null,"FALSE",100,"TRUE",0,"FALSE"]
["G13376","ARHGAP23","missense",17,36622429,"C","A","p.L169M",0.1333,15,2,"unknown","NA",0,"NA",0,24.1,"het",0.4298,"CCTACTCCCAGGATGCCTAC","TGAAAGGGAACGAGCCGTAT",0,0,"chr17:g.36622429C>A",31867,null,"predicted passenger",null,"FALSE",18,"FALSE",1,"FALSE"]
["G13376","ZNRF4","missense",19,5455948,"G","C","p.R149P",0.0547,128,7,"unknown","NA",0,"NA",0,2E-3,"het",0.00781,"CCATCCCATCGAGGCCCCGC","ACTGGGCAACCGCTCTCTGG",0,0,"chr19:g.5455948G>C",31876,null,"predicted passenger",null,"FALSE",138,"FALSE",0,"FALSE"]
["G13373","ZNRF4","missense",19,5455948,"G","C","p.R149P",0.0235,85,2,"unknown","NA",0,"NA",0,2E-3,"het",0.00781,"CCATCCCATCGAGGCCCCGC","ACTGGGCAACCGCTCTCTGG",0,0,"chr19:g.5455948G>C",31876,null,"predicted passenger",null,"FALSE",138,"FALSE",0,"FALSE"]
["G13375","ZNRF4","missense",19,5455948,"G","C","p.R149P",0.0294,102,3,"unknown","NA",0,"NA",0,2E-3,"het",0.00781,"CCATCCCATCGAGGCCCCGC","ACTGGGCAACCGCTCTCTGG",0,0,"chr19:g.5455948G>C",31876,null,"predicted passenger",null,"FALSE",138,"FALSE",0,"FALSE"]
["G13374","ZNRF4","missense",19,5455948,"G","C","p.R149P",0.0149253731343284,136,2,"unknown","NA",0,"NA",0,2E-3,"het",0.00781,"CCATCCCATCGAGGCCCCGC","ACTGGGCAACCGCTCTCTGG",0,0,"chr19:g.5455948G>C",31876,null,"predicted passenger",null,"FALSE",138,"FALSE",0,"FALSE"]
["G13376","ZNF831","missense",20,57769799,"C","A","p.A1242E",0.1667,12,2,"unknown","NA",0,"NA",0,8.719,"het",0.08907,"CCCTGGAGAAGGAGGGCCGG","GCAGATGTCCAAGGTAAAGC",0,0,"chr20:g.57769799C>A",31886,null,"predicted passenger",null,"FALSE",27,"FALSE",0,"FALSE"]
["G13376","SCARF2","frameshift",22,20780026,"GCGG","CGCGGC","p.A750_A751delinsPR",0.2222,45,10,"unknown","NA",0,"NA",0,26.8,"het",0.00385,"GGGCTCCAAGAGGCCGGGGC","CGCGCGCTCGGGCCCTGGGC",0,0,"chr22:g.20780026_20780031delinsCGCGGC",31887,null,"predicted passenger",null,"FALSE",35,"FALSE",0,"FALSE"]
["G13372","SCARF2","frameshift",22,20780026,"GCGG","CGCGGC","p.A750_A751delinsPR",1,32,16,"unknown","NA",0,"NA",0,26.8,"het",8.43E-3,"GGGCTCCAAGAGGCCGGGGC","CGCGCGCTCGGGCCCTGGGC",0,0,"chr22:g.20780026_20780031delinsCGCGGC",28680,null,"predicted passenger",null,"FALSE",35,"FALSE",0,"FALSE"]
["G13373","SCARF2","frameshift",22,20780026,"GCGG","CGCGGC","p.A750_A751delinsPR",1,38,19,"unknown","NA",0,"NA",0,26.8,"het",8.43E-3,"GGGCTCCAAGAGGCCGGGGC","CGCGCGCTCGGGCCCTGGGC",0,0,"chr22:g.20780026_20780031delinsCGCGGC",28680,null,"predicted passenger",null,"FALSE",35,"FALSE",0,"FALSE"]
["G13374","SCARF2","frameshift",22,20780026,"GCGG","CGCGGC","p.A750_A751delinsPR",0.486554096310194,59,19,"unknown","NA",0,"NA",0,26.8,"het",8.43E-3,"GGGCTCCAAGAGGCCGGGGC","CGCGCGCTCGGGCCCTGGGC",0,0,"chr22:g.20780026_20780031delinsCGCGGC",28680,null,"predicted passenger",null,"FALSE",35,"FALSE",0,"FALSE"]
["G13375","SCARF2","frameshift",22,20780026,"GCGG","CGCGGC","p.A750_A751delinsPR",1,54,27,"unknown","NA",0,"NA",0,26.8,"het",8.43E-3,"GGGCTCCAAGAGGCCGGGGC","CGCGCGCTCGGGCCCTGGGC",0,0,"chr22:g.20780026_20780031delinsCGCGGC",28680,null,"predicted passenger",null,"FALSE",35,"FALSE",0,"FALSE"]
["G13376","RTL6","missense",22,44892731,"C","A","p.A236S",0.1429,14,2,"unknown","NA",0,"NA",0,23.1,"het",0.1957,"GGATTCTTAAAGATTCCGTG","TCGGGCAGGCAGGGCTGGCG",0,0,"chr22:g.44892731C>A",31891,null,"predicted passenger",null,"FALSE",18,"FALSE",0,"FALSE"]
["G13376","TKTL1","missense","X",153539188,"T","C","p.Y118H",0.1111,18,2,"unknown","NA",0,"NA",0,25.6,"het",0.28977,"CTCTCTTGTCTTGCTCCAGC","ACCGGGTGTTCTGCCTCATG",0,0,"chrX:g.153539188T>C",31894,"Transketolase_N","predicted passenger",null,"FALSE",16,"FALSE",1,"FALSE"]